{"text_format":"3","workbook":"xlsx","n_sheets":8,"sheets":["Prioritization Algorithm","Demonstration_Backup","Metadata_core","Metadata_Catalogue","Lists","MS-1 Domain 1 Weights","MS-8,9,10 Domain 3 Weights","list of QSs and Quality Statem"],"not_rendered":{"external_links":2,"defined_names":20,"comments":2},"read":"whole","date_system":"1900"}

{"sheet":"Prioritization Algorithm","index":0,"n_rows":518,"n_cols":46,"rows_kept":518,"merged":[[7,13,7,19],[7,20,7,27],[7,28,7,29],[7,30,7,34],[7,39,7,41]]}
[{"$nulls":16},"Mininumm Score for all criteria",16,{"$nulls":4},"scores 1-5 (1 lowest, 5 highest)"]
[{"$nulls":16},"Mininumm Score for D1 Inputs",4,{"$nulls":27},true]
[{"$nulls":16},"Mininumm Score for D1 Processes",13,{"$nulls":27},false]
[{"$nulls":16},"Mininumm Score for Dom 1 outcomes",4]
[{"$nulls":16},"Mininumm Score for Dom 2",5]
[{"$nulls":16},"Mininumm Score for Dom 3",2.5]
[{"$nulls":16},"Minimum Score Common Core",13]
[{"$nulls":13},"Criteria for all measures",{"$nulls":6},"Criteria for  Domain 1",{"$nulls":7},"Criterion for Domain 2",null,"Criteria for Domain 3",{"$nulls":4},"Additional Criteria Common Core",{"$nulls":3},"Prioretization results",null,null,"Additional features",null,"Comment"]
[null,"Statement","Standard","N","Subdomain",null,"Measures","Measurement Domain","Measurement Scope","Measurement Domain","System categories","Service Settings","Clinical Areas","Relevant","Actionable","Feasible","Valid","Accurate/Reliable","Clear","TotalScore","Importance (inputs)","TotalScore Inputs","Importance","Coverage","EB/Impactful","TotalScore Processes","Importance (Outcomes)","TotalScore Outcomes","Importance","TotalScore Dom2","Participation","Patient Reported","No Harm","Patient's Right","TotalScore Dom3","Useful","Impactful","Comparable","TotalScore Common Core","Prioretized based on additional criteria","Selected for catalogue Measures","Selected for Common Core",{"$f":"Lists!A52","v":"Preferred Data Source"},"Measurement Frequency","Comment"]
[null," 1.1","1",1,"MS-1",null,"1.     The health facility has written, up-to-date clinical protocols and procedures for emergency triage, assessment and management of common paediatric emergencies and trauma consistent with evidence-based and/or WHO guidelines. (92.71)",null,"Clinical condition-specific guidelines, protocols, job aides","Provision Of Care","Input ClinGuidelin","Both","1 ASB/ETAT/Asses/class/full",4,4,3,4,2,2,{"$f":"SUM(N10:$Q10)","v":15},4,{"$f":"IF(E10=\"MS-1\",U10*(VLOOKUP(K10,_tbl.MS1,3,FALSE)),U10)","v":1.2},{"$nulls":3},{"$f":"SUM(W10:Y10)","v":0},null,{"$f":"AA10","v":0},null,{"$f":"AC10","v":0},{"$nulls":4},{"$f":"(AE10*'MS-8,9,10 Domain 3 Weights'!$B$2)+(AF10*'MS-8,9,10 Domain 3 Weights'!$B$3)+(AG10*'MS-8,9,10 Domain 3 Weights'!$B$4)+(AH10*'MS-8,9,10 Domain 3 Weights'!$B$5)","v":0},3,2,2,{"$f":"SUM(AJ10:AL10)","v":7},{"$f":"IF(OR(V10>=$R$2,Z10>=$R$3,AB10>=$R$4,AD10>=$R$5,AI10>=$R$6),\"Yes\",\"No\")","v":"No"},{"$f":"IF(AND(T10>=$R$1,AN10=\"Yes\"),\"SELECTED\",\"NOT SELECTED\")","v":"NOT SELECTED"},{"$f":"IF(AND(AO10=\"SELECTED\",AM10>=$R$7),\"CORE\",\"NOT SELECTED\")","v":"NOT SELECTED"},"InR"]
[null," 1.1","1",2,"MS-1",null,"2.     The health facility has the essential equipment and supplies for assessing and monitoring paediatric emergencies (e.g. weighing scales, thermometer, blood pressure measuring device, blood glucose and oxygen saturation tests). (95.59)","Inputs: Clinical Guidelines, protocols, job aides","Clinical condition-specific medicines, supplies and equipment","Provision ","Input InfrastMedSupEquip","Both","1 ASB/ETAT/Asses/class/full",4,4,5,5,2,3,{"$f":"SUM(N11:$Q11)","v":18},5,5,{"$nulls":3},0,null,{"$f":"AA11","v":0},null,{"$f":"AC11","v":0},{"$nulls":4},{"$f":"(AE11*'MS-8,9,10 Domain 3 Weights'!$B$2)+(AF11*'MS-8,9,10 Domain 3 Weights'!$B$3)+(AG11*'MS-8,9,10 Domain 3 Weights'!$B$4)+(AH11*'MS-8,9,10 Domain 3 Weights'!$B$5)","v":0},3,3,4,{"$f":"SUM(AJ11:AL11)","v":10},{"$f":"IF(OR(V11>=$R$2,Z11>=$R$3,AB11>=$R$4,AD11>=$R$5,AI11>=$R$6),\"Yes\",\"No\")","v":"Yes"},{"$f":"IF(AND(T11>=$R$1,AN11=\"Yes\"),\"SELECTED\",\"NOT SELECTED\")","v":"SELECTED"},{"$f":"IF(AND(AO11=\"SELECTED\",AM11>=$R$7),\"CORE\",\"NOT SELECTED\")","v":"NOT SELECTED"},"InR"]
[null," 1.1","1",3,"MS-1",null,"3.     The health facility has a 24-h triage system for every sick child to ensure a rapid visual inspection within a few minutes of arrival that is not delayed by administrative or payment procedures. (88.72)","Inputs: Operational Guidelines","Operational guidelines, protocols related to care provision","Provision ","Input Over&Man","Both","1 ASB/ETAT/Asses/class/full",4,5,5,4,3,4,{"$f":"SUM(N12:$Q12)","v":18},5,{"$f":"IF(E12=\"MS-1\",U12*(VLOOKUP(K12,_tbl.MS1,3,FALSE)),U12)","v":2.5},{"$nulls":3},0,null,0,null,0,{"$nulls":4},{"$f":"(AE12*'MS-8,9,10 Domain 3 Weights'!$B$2)+(AF12*'MS-8,9,10 Domain 3 Weights'!$B$3)+(AG12*'MS-8,9,10 Domain 3 Weights'!$B$4)+(AH12*'MS-8,9,10 Domain 3 Weights'!$B$5)","v":0},3,3,2,8,"No","NOT SELECTED","NOT SELECTED","InR"]
[null," 1.1","1",4,"MS-1",null,"4.     The health facility receiving a referred paediatric patient with danger or emergency signs or injuries has a system for immediate emergency care, and a full initial assessment is made by suitably trained staff within 15 min of arrival. (88.30)","Inputs: Operational Guidelines","Operational guidelines, protocols related to care provision inpatient","Provision ","Input Over&Man","Inpatient","1 ASB/ETAT/Asses/class/full",5,5,3,4,3,3,{"$f":"SUM(N13:$Q13)","v":17},5,2.5,{"$nulls":3},0,null,0,null,0,{"$nulls":4},{"$f":"(AE13*'MS-8,9,10 Domain 3 Weights'!$B$2)+(AF13*'MS-8,9,10 Domain 3 Weights'!$B$3)+(AG13*'MS-8,9,10 Domain 3 Weights'!$B$4)+(AH13*'MS-8,9,10 Domain 3 Weights'!$B$5)","v":0},3,3,4,10,"No","NOT SELECTED","NOT SELECTED","InR"]
[null," 1.1","1",5,"MS-1",null,"5.     The health facility has a designated emergency care area, room or trolley in the outpatient area and wards equipped with appropriate paediatric equipment, supplies and essential medicines for emergency resuscitation and initial treatment. (94.19)","Inputs: infrastructure, equipment, supplies clinical condition-specific","Clinical condition-specific medicines, supplies and equipment","Provision ","Input InfrastMedSupEquip","Both","1 ASB/ETAT/Asses/class/full",4,4,4,4,3,4,{"$f":"SUM(N14:$Q14)","v":16},5,5,{"$nulls":3},0,null,0,null,0,{"$nulls":4},{"$f":"(AE14*'MS-8,9,10 Domain 3 Weights'!$B$2)+(AF14*'MS-8,9,10 Domain 3 Weights'!$B$3)+(AG14*'MS-8,9,10 Domain 3 Weights'!$B$4)+(AH14*'MS-8,9,10 Domain 3 Weights'!$B$5)","v":0},3,3,4,10,"Yes","SELECTED","NOT SELECTED","InR"]
[null," 1.1","1",6,"MS-1",null,"6.     The designated emergency care area, room or trolley in the outpatient area and wards has visible emergency care aids (e.g. standardized algorithms or protocols, medicines, fluids and treatment dosage wall charts). (90.49)","Inputs: infrastructure, equipment, supplies clinical condition-specific","Clinical condition-specific medicines, supplies and equipment","Provision ","Input ClinGuidelin","Both","1 ASB/ETAT/Asses/class/full",4,4,4,3,3,4,{"$f":"SUM(N15:$Q15)","v":15},4,1.2,{"$nulls":3},0,null,0,null,0,{"$nulls":4},{"$f":"(AE15*'MS-8,9,10 Domain 3 Weights'!$B$2)+(AF15*'MS-8,9,10 Domain 3 Weights'!$B$3)+(AG15*'MS-8,9,10 Domain 3 Weights'!$B$4)+(AH15*'MS-8,9,10 Domain 3 Weights'!$B$5)","v":0},3,3,2,8,"No","NOT SELECTED","NOT SELECTED","InR"]
[null," 1.1","1",7,"MS-1",null,"7.     The health facility professional staff organize emergency care drills at least once every 12 months for all staff working in paediatric emergency areas and on wards to which severely ill children are admitted. (85.39)","Inputs: Human resources","Human resources (specific clinincal training)","Provision ","Input HumRes","Both","1 ASB/ETAT/Asses/class/full",4,4,4,4,3,4,{"$f":"SUM(N16:$Q16)","v":16},5,3.5,{"$nulls":3},0,null,0,null,0,{"$nulls":4},{"$f":"(AE16*'MS-8,9,10 Domain 3 Weights'!$B$2)+(AF16*'MS-8,9,10 Domain 3 Weights'!$B$3)+(AG16*'MS-8,9,10 Domain 3 Weights'!$B$4)+(AH16*'MS-8,9,10 Domain 3 Weights'!$B$5)","v":0},3,3,3,9,"No","NOT SELECTED","NOT SELECTED","Prov",null,"1.1. #7 is similar to #12"]
[null," 1.1","1",8,"MS-1",null,"8.     The health facility maintains an update-to-date 24-h staff duty roster, with a functioning contact mechanism for finding additional support, which ensures that staff responsible for paediatric triage are available at all times. (88.95)","Inputs: management and oversight","Oversight and management  on care provision","Provision ","Input Over&Man","Inpatient","1 ASB/ETAT/Asses/class/full",4,5,3,4,3,3,{"$f":"SUM(N17:$Q17)","v":16},4,2,{"$nulls":3},0,null,0,null,0,{"$nulls":4},{"$f":"(AE17*'MS-8,9,10 Domain 3 Weights'!$B$2)+(AF17*'MS-8,9,10 Domain 3 Weights'!$B$3)+(AG17*'MS-8,9,10 Domain 3 Weights'!$B$4)+(AH17*'MS-8,9,10 Domain 3 Weights'!$B$5)","v":0},3,3,3,9,"No","NOT SELECTED","NOT SELECTED","InR"]
[null," 1.1","1",12,"MS-1",null,"4.     Proportion of all professional health staff who care for children in a health facility who received training or refresher courses in emergency triage, assessment and treatment or paediatric emergency care during the past 12 months. (89.59)","Inputs: Human resources","Human resources (specific clinincal training)","Provision ","Input HumRes","Both","1 ASB/ETAT/Asses/class/full",4,4,4,4,3,4,{"$f":"SUM(N18:$Q18)","v":16},4,2.8,{"$nulls":3},0,null,0,null,0,{"$nulls":4},{"$f":"(AE18*'MS-8,9,10 Domain 3 Weights'!$B$2)+(AF18*'MS-8,9,10 Domain 3 Weights'!$B$3)+(AG18*'MS-8,9,10 Domain 3 Weights'!$B$4)+(AH18*'MS-8,9,10 Domain 3 Weights'!$B$5)","v":0},3,3,3,9,"No","NOT SELECTED","NOT SELECTED","Prov",null,"1.1. #7 is similar to #12"]
[null," 1.1","1",13,"MS-1",null,"5.     Proportion of all professional health staff who care for children in a health facility who received training and/or refresher sessions in the management of common paediatric conditions during the past 12 months. (86.73)","Inputs: Human resources","Human resources (specific clinincal training)","Provision ","Input HumRes","Both","1 ASB/ETAT/Asses/class/full",4,4,4,4,3,4,{"$f":"SUM(N19:$Q19)","v":16},4,2.8,{"$nulls":3},0,null,0,null,0,{"$nulls":4},{"$f":"(AE19*'MS-8,9,10 Domain 3 Weights'!$B$2)+(AF19*'MS-8,9,10 Domain 3 Weights'!$B$3)+(AG19*'MS-8,9,10 Domain 3 Weights'!$B$4)+(AH19*'MS-8,9,10 Domain 3 Weights'!$B$5)","v":0},3,3,3,9,"No","NOT SELECTED","NOT SELECTED","Prov"]
[null," 1.1","1",9,"MS-2",null,"1.     Proportion of all children with general danger or emergency signs or injuries who were assessed within 15 min of arrival at the facility (86.78)","Processes: EB care, harmful practices, patient-centered practices","Compliance with EB care practices","Provision ","Process","Both","1 ASB/ETAT/Asses/class/full",4,4,3,4,3,3,{"$f":"SUM(N20:Q20)","v":15},null,0,5,3,3,11,null,0,null,0,{"$nulls":4},{"$f":"(AE20*'MS-8,9,10 Domain 3 Weights'!$B$2)+(AF20*'MS-8,9,10 Domain 3 Weights'!$B$3)+(AG20*'MS-8,9,10 Domain 3 Weights'!$B$4)+(AH20*'MS-8,9,10 Domain 3 Weights'!$B$5)","v":0},4,4,3,11,"No","NOT SELECTED","NOT SELECTED","RIS",null,"Difficult to cocalculate the denominator. I would suggest to measure index of integrated assessment by WHO indicator or assessment of vital and danger signs. "]
[null," 1.1","1",10,"MS-2",null,"2.     Proportion of all children with general danger or emergency signs who required referral who received correct emergency and/or prereferral treatment. (88.42)","Processes: EB care, harmful practices, patient-centered practices","Compliance with EB care practices","Provision ","Process","Both","1 ASB/ETAT/Asses/class/full",4,4,4,4,4,3,16,null,0,5,3,5,13,null,0,null,0,{"$nulls":4},{"$f":"(AE21*'MS-8,9,10 Domain 3 Weights'!$B$2)+(AF21*'MS-8,9,10 Domain 3 Weights'!$B$3)+(AG21*'MS-8,9,10 Domain 3 Weights'!$B$4)+(AH21*'MS-8,9,10 Domain 3 Weights'!$B$5)","v":0},4,4,3,11,"Yes","SELECTED","NOT SELECTED","RIS",null,"Note: in the column X, cells highlighted in yellow are the ones with no evidence. The scoring for these measures are done by expert"]
[null," 1.1","1",11,"MS-2",null,"3.     Proportion of all children under 5 years of age who did not require urgent referral or admission who were properly assessed according to WHO Integrated management of childhood and neonatal illnesses (IMNCI) guidelines. (84.66) ","Processes: EB care, harmful practices, patient-centered practices","Compliance with EB care practices","Provision ","Process","Both","1 ASB/ETAT/Asses/class/full",4,4,3,5,4,3,16,null,0,5,5,5,15,null,0,null,0,{"$nulls":4},{"$f":"(AE22*'MS-8,9,10 Domain 3 Weights'!$B$2)+(AF22*'MS-8,9,10 Domain 3 Weights'!$B$3)+(AG22*'MS-8,9,10 Domain 3 Weights'!$B$4)+(AH22*'MS-8,9,10 Domain 3 Weights'!$B$5)","v":0},4,5,4,13,"Yes","SELECTED","CORE","RIS","Monthly","This is similar to WHO's Index of Integrated Assessment indicator, which includes 10 assessment elements. "]
[null," 1.1","1",14,"MS-2",null,"6.     Proportion of all sick children who attended the health facility who were immediately triaged on arrival, before receiving definitive care or a full assessment by a health professional. (82.97)","Inputs: Organization and availability of health services","Organization of care processes (including information exchange, care coordination and referral)","Provision ","Process","Both","1 ASB/ETAT/Asses/class/full",4,4,3,4,4,3,15,null,0,5,5,3,13,null,0,null,0,{"$nulls":4},{"$f":"(AE23*'MS-8,9,10 Domain 3 Weights'!$B$2)+(AF23*'MS-8,9,10 Domain 3 Weights'!$B$3)+(AG23*'MS-8,9,10 Domain 3 Weights'!$B$4)+(AH23*'MS-8,9,10 Domain 3 Weights'!$B$5)","v":0},4,4,3,11,"Yes","NOT SELECTED","NOT SELECTED","RIS"]
[null," 1.1","1",15,"MS-2",null,"7.     Proportion of all children in shock who were adequately assessed for signs of shock and were appropriately resuscitated according to WHO guidelines. (87.51)","Processes: EB care, harmful practices, patient-centered practices","Compliance with EB care practices","Provision ","Process","Inpatient","1 ASB/ETAT/Asses/class/full",4,4,3,4,4,3,15,null,0,5,2,5,12,null,0,null,0,{"$nulls":4},{"$f":"(AE24*'MS-8,9,10 Domain 3 Weights'!$B$2)+(AF24*'MS-8,9,10 Domain 3 Weights'!$B$3)+(AG24*'MS-8,9,10 Domain 3 Weights'!$B$4)+(AH24*'MS-8,9,10 Domain 3 Weights'!$B$5)","v":0},4,4,3,11,"No","NOT SELECTED","NOT SELECTED","RIS"]
[null," 1.1","1",16,"MS-3",null,"1.     Proportion of all cases of children who died within 24 h of admission whose cases  were audited and reviewed as part of performance improvement. (91.49)",null,"Death notification, review","Provision ","Input QI","Both","18 Undefined",3,4,3,3,4,5,13,null,0,{"$nulls":3},0,null,0,null,0,{"$nulls":4},{"$f":"(AE25*'MS-8,9,10 Domain 3 Weights'!$B$2)+(AF25*'MS-8,9,10 Domain 3 Weights'!$B$3)+(AG25*'MS-8,9,10 Domain 3 Weights'!$B$4)+(AH25*'MS-8,9,10 Domain 3 Weights'!$B$5)","v":0},{"$nulls":3},0,"No","NOT SELECTED","NOT SELECTED","InR",null,"1.1. #16 is similar to 2.2. #7 indicator, it is more natural to leave it in standard 2.2"]
[null," 1.1","1",17,"MS-3",null,"2.     Proportion of sick children who attended the health facility who were triaged before seeing a doctor for treatment in either the outpatient department or the emergency unit. (77.57)",null,"Organization of care processes (including information exchange, care coordination and referral)","Provision ","Process","Both","1 ASB/ETAT/Asses/class/full",{"$nulls":6},0,null,0,{"$nulls":3},0,null,0,null,0,{"$nulls":4},{"$f":"(AE26*'MS-8,9,10 Domain 3 Weights'!$B$2)+(AF26*'MS-8,9,10 Domain 3 Weights'!$B$3)+(AG26*'MS-8,9,10 Domain 3 Weights'!$B$4)+(AH26*'MS-8,9,10 Domain 3 Weights'!$B$5)","v":0},{"$nulls":3},0,"No","NOT SELECTED","NOT SELECTED","RIS"]
[null," 1.1","1",18,"MS-3",null,"3.     The age-disaggregated child mortality rate in the health facility: number of child deaths in the total number of children who presented to the health facility). (93.10)","Impact/No disease-specific care outcomes","Impact inpatient (no clinical content-specific outcomes e.g institutional child mortality)","Provision ","Impact","Both","18 Undefined",5,5,4,5,4,3,{"$f":"SUM(N27:Q27)","v":19},null,0,{"$nulls":3},0,5,5,null,0,{"$nulls":4},{"$f":"(AE27*'MS-8,9,10 Domain 3 Weights'!$B$2)+(AF27*'MS-8,9,10 Domain 3 Weights'!$B$3)+(AG27*'MS-8,9,10 Domain 3 Weights'!$B$4)+(AH27*'MS-8,9,10 Domain 3 Weights'!$B$5)","v":0},5,4,5,14,"Yes","SELECTED","CORE","RIS","Monthly","disaggregate by age and cause"]
[null," 1.1","1",19,"MS-3",null,"4.     Proportion of all children with emergency signs who were resuscitated and received emergency care consistent with WHO emergency care protocols and guidelines. (84.96)","Processes: EB care, harmful practices, patient-centered practices","Compliance with EB care practices","Provision ","Process","Both","1 ASB/ETAT/Asses/class/full",{"$nulls":6},0,null,0,5,3,5,13,null,0,null,0,{"$nulls":4},{"$f":"(AE28*'MS-8,9,10 Domain 3 Weights'!$B$2)+(AF28*'MS-8,9,10 Domain 3 Weights'!$B$3)+(AG28*'MS-8,9,10 Domain 3 Weights'!$B$4)+(AH28*'MS-8,9,10 Domain 3 Weights'!$B$5)","v":0},{"$nulls":3},0,"Yes","NOT SELECTED","NOT SELECTED","RIS"]
[null," 1.2","1",1,"MS-1",null,"1.     The health facility has written, up-to-date clinical protocols for assessing, identifying and appropriately managing newborns and young infants with PSBI, local infections or jaundice, consistent with WHO guidelines. (93.16)","Inputs: Clinical Guidelines, protocols, job aides","Clinical condition-specific guidelines, protocols, job aides","Provision ","Input ClinGuidelin","Both","2 SickYI/Pret/Small",4,4,3,4,null,null,{"$f":"SUM(N29:$Q29)","v":15},4,1.2,{"$nulls":3},0,null,0,null,0,{"$nulls":4},{"$f":"(AE29*'MS-8,9,10 Domain 3 Weights'!$B$2)+(AF29*'MS-8,9,10 Domain 3 Weights'!$B$3)+(AG29*'MS-8,9,10 Domain 3 Weights'!$B$4)+(AH29*'MS-8,9,10 Domain 3 Weights'!$B$5)","v":0},3,3,2,8,"No","NOT SELECTED","NOT SELECTED","InR"]
[null," 1.2","1",2,"MS-1",null,"2.     The health facility has supplies of antibiotics (first- and second-line) for prereferral treatment and/or full treatment of neonatal sepsis and meningitis that are adequate for the expected case load without stock outs. (95.48)","Inputs: infrastructure, equipment, supplies clinical condition-specific","Clinical condition-specific medicines, supplies and equipment","Provision ","Input InfrastMedSupEquip","Both","2 SickYI/Pret/Small",4,4,4,4,3,4,{"$f":"SUM(N30:$Q30)","v":16},5,5,{"$nulls":3},0,null,0,null,0,{"$nulls":4},{"$f":"(AE30*'MS-8,9,10 Domain 3 Weights'!$B$2)+(AF30*'MS-8,9,10 Domain 3 Weights'!$B$3)+(AG30*'MS-8,9,10 Domain 3 Weights'!$B$4)+(AH30*'MS-8,9,10 Domain 3 Weights'!$B$5)","v":0},3,3,4,10,"Yes","SELECTED","NOT SELECTED","InR"]
[null," 1.2","1",3,"MS-1",null,"3.     The health facility clinical staff who care for newborn and young infants receive training or regular refresher sessions in recognizing and managing sick young infants at least once every 12 months. (89.30)","Inputs: Human resources","Human resources (specific clinincal training)","Provision ","Input HumRes","Both","2 SickYI/Pret/Small",4,4,4,4,3,4,{"$f":"SUM(N31:$Q31)","v":16},null,0,{"$nulls":3},0,null,0,null,0,{"$nulls":4},{"$f":"(AE31*'MS-8,9,10 Domain 3 Weights'!$B$2)+(AF31*'MS-8,9,10 Domain 3 Weights'!$B$3)+(AG31*'MS-8,9,10 Domain 3 Weights'!$B$4)+(AH31*'MS-8,9,10 Domain 3 Weights'!$B$5)","v":0},3,3,3,9,"No","NOT SELECTED","NOT SELECTED","Prov"]
[null," 1.2","1",4,"MS-1",null,"4.     The referral receiving facility for high-risk and severely ill newborn and young infants has appropriate diagnostic tests and medical devices for appropriate investigation and management. (93.40)","Inputs: infrastructure, equipment, supplies clinical condition-specific","Clinical condition-specific medicines, supplies and equipment inpatient","Provision ","Input InfrastMedSupEquip","Inpatient","2 SickYI/Pret/Small",4,4,4,4,3,4,{"$f":"SUM(N32:$Q32)","v":16},3,3,{"$nulls":3},0,null,0,null,0,{"$nulls":4},{"$f":"(AE32*'MS-8,9,10 Domain 3 Weights'!$B$2)+(AF32*'MS-8,9,10 Domain 3 Weights'!$B$3)+(AG32*'MS-8,9,10 Domain 3 Weights'!$B$4)+(AH32*'MS-8,9,10 Domain 3 Weights'!$B$5)","v":0},3,3,4,10,"No","NOT SELECTED","NOT SELECTED","InRInI"]
[null," 1.2","1",5,"MS-1",null,"5.     The referral receiving facility has adequate material to provide optimal thermal care to preterm and small infants, including facilities for Kangaroo mother care. (93.37)","Inputs: infrastructure, equipment, supplies clinical condition-specific","Clinical condition-specific medicines, supplies and equipment outpatient","Provision ","Input InfrastMedSupEquip","Inpatient","2 SickYI/Pret/Small",4,4,4,4,3,4,{"$f":"SUM(N33:$Q33)","v":16},5,5,{"$nulls":3},0,null,0,null,0,{"$nulls":4},{"$f":"(AE33*'MS-8,9,10 Domain 3 Weights'!$B$2)+(AF33*'MS-8,9,10 Domain 3 Weights'!$B$3)+(AG33*'MS-8,9,10 Domain 3 Weights'!$B$4)+(AH33*'MS-8,9,10 Domain 3 Weights'!$B$5)","v":0},3,3,4,10,"Yes","SELECTED","NOT SELECTED","InRInI"]
[null," 1.2","1",6,"MS-1",null,"6.     The referral receiving facility for newborns with severe jaundice has procedures in place to assess severity, check bilirubin and provide effective phototherapy. (94.83)",null,"Health Care Services (availability) inpatient","Provision ","Input OperGuide","Inpatient","2 SickYI/Pret/Small",4,4,4,4,4,3,{"$f":"SUM(N34:$Q34)","v":16},4,1.2,{"$nulls":3},0,null,0,null,0,{"$nulls":4},{"$f":"(AE34*'MS-8,9,10 Domain 3 Weights'!$B$2)+(AF34*'MS-8,9,10 Domain 3 Weights'!$B$3)+(AG34*'MS-8,9,10 Domain 3 Weights'!$B$4)+(AH34*'MS-8,9,10 Domain 3 Weights'!$B$5)","v":0},3,3,3,9,"No","NOT SELECTED","NOT SELECTED","InR"]
[null," 1.2","1",7,"MS-1",null,"7.     The referral facility has a separate area or room in which sick newborns and young infants are admitted and managed. (91.70)","Inputs: infrastructure, equipment, supplies clinical condition-specific","Clinical condition-specific infrastructure inpatient","Provision ","Input InfrastMedSupEquip","Inpatient","2 SickYI/Pret/Small",4,4,4,4,3,4,{"$f":"SUM(N35:$Q35)","v":16},3,3,{"$nulls":3},0,null,0,null,0,{"$nulls":4},{"$f":"(AE35*'MS-8,9,10 Domain 3 Weights'!$B$2)+(AF35*'MS-8,9,10 Domain 3 Weights'!$B$3)+(AG35*'MS-8,9,10 Domain 3 Weights'!$B$4)+(AH35*'MS-8,9,10 Domain 3 Weights'!$B$5)","v":0},3,3,4,10,"No","NOT SELECTED","NOT SELECTED","InR"]
[null," 1.2","1",8,"MS-1",null,"8.     The referral receiving health facility has facilities for Kangaroo mother care and practises rooming-in of parents with their sick infants. (88.83)","Inputs: infrastructure, equipment, supplies clinical condition-specific","Clinical condition-specific infrastructure inpatient","Provision ","Input InfrastMedSupEquip","Inpatient","2 SickYI/Pret/Small",4,4,4,4,3,4,{"$f":"SUM(N36:$Q36)","v":16},3,3,{"$nulls":3},0,null,0,null,0,{"$nulls":4},{"$f":"(AE36*'MS-8,9,10 Domain 3 Weights'!$B$2)+(AF36*'MS-8,9,10 Domain 3 Weights'!$B$3)+(AG36*'MS-8,9,10 Domain 3 Weights'!$B$4)+(AH36*'MS-8,9,10 Domain 3 Weights'!$B$5)","v":0},3,3,4,10,"No","NOT SELECTED","NOT SELECTED","InR"]
[null," 1.2","1",9,"MS-2",null,"1.     Proportion of all sick young infants admitted to the health facility with any signs of PSBI who were appropriately classified and managed for PSBI or sepsis. (87.94)","Processes: EB care, harmful practices, patient-centered practices","Compliance with EB care practices inpatient","Provision ","Process","Inpatient","2 SickYI/Pret/Small",4,3,3,4,4,3,14,null,0,5,3,3,11,null,0,null,0,{"$nulls":4},{"$f":"(AE37*'MS-8,9,10 Domain 3 Weights'!$B$2)+(AF37*'MS-8,9,10 Domain 3 Weights'!$B$3)+(AG37*'MS-8,9,10 Domain 3 Weights'!$B$4)+(AH37*'MS-8,9,10 Domain 3 Weights'!$B$5)","v":0},4,4,3,11,"No","NOT SELECTED","NOT SELECTED","Obs",null,"#9 and #10 are similar. Picking #10 measure since it assesses performance at both levels: do not we need to check this indicator at thre "]
[null," 1.2","1",10,"MS-2",null,"2.     Proportion of all sick young infants classified as having PSBI or sepsis who were prescribed appropriate antibiotics (correct choice, dose, frequency, route of administration and duration) according to WHO guidelines. (90.86)","Processes: EB care, harmful practices, patient-centered practices","Compliance with EB care practices","Provision ","Process","Both","2 SickYI/Pret/Small",4,4,3,5,4,3,16,null,0,5,4,4,13,null,0,null,0,{"$nulls":4},{"$f":"(AE38*'MS-8,9,10 Domain 3 Weights'!$B$2)+(AF38*'MS-8,9,10 Domain 3 Weights'!$B$3)+(AG38*'MS-8,9,10 Domain 3 Weights'!$B$4)+(AH38*'MS-8,9,10 Domain 3 Weights'!$B$5)","v":0},4,5,4,13,"Yes","SELECTED","CORE","RIS","Monthly"]
[null," 1.2","1",11,"MS-2",null,"3.     Proportion of all sick young infants admitted to the facility with PSBI or fast breathing who were appropriately assessed for oxygen requirements with a pulse oximeter and received the documented appropriate amount of oxygen. (85.75)","Processes: EB care, harmful practices, patient-centered practices","Compliance with EB care practices inpatient","Provision ","Process","Inpatient","2 SickYI/Pret/Small",4,4,3,5,4,3,16,null,0,5,4,3,12,null,0,null,0,{"$nulls":4},{"$f":"(AE39*'MS-8,9,10 Domain 3 Weights'!$B$2)+(AF39*'MS-8,9,10 Domain 3 Weights'!$B$3)+(AG39*'MS-8,9,10 Domain 3 Weights'!$B$4)+(AH39*'MS-8,9,10 Domain 3 Weights'!$B$5)","v":0},4,5,3,12,"No","NOT SELECTED","NOT SELECTED","RIS"]
[null," 1.2","1",13,"MS-2",null,"5.     Proportion of all sick young infants with severe jaundice whose bilirubin level was checked and who were appropriately managed according to WHO guidelines. (90.70)","Processes: EB care, harmful practices, patient-centered practices","Compliance with EB care practices","Provision ","Process","Inpatient","2 SickYI/Pret/Small",4,4,3,4,3,4,15,null,0,5,1,2,8,null,0,null,0,{"$nulls":4},{"$f":"(AE40*'MS-8,9,10 Domain 3 Weights'!$B$2)+(AF40*'MS-8,9,10 Domain 3 Weights'!$B$3)+(AG40*'MS-8,9,10 Domain 3 Weights'!$B$4)+(AH40*'MS-8,9,10 Domain 3 Weights'!$B$5)","v":0},4,4,4,12,"No","NOT SELECTED","NOT SELECTED","RIS"]
[null," 1.2","1",14,"MS-2",null,"6.     Proportion of pre-term and/or small infants weighing < 2000 g who received Kangaroo mother care as part of clinical management in the health facility. (87.11)","Processes: EB care, harmful practices, patient-centered practices","Compliance with EB care practices","Provision ","Process","Both","2 SickYI/Pret/Small",4,5,3,4,4,3,16,null,0,5,4,4,13,null,0,null,0,{"$nulls":4},{"$f":"(AE41*'MS-8,9,10 Domain 3 Weights'!$B$2)+(AF41*'MS-8,9,10 Domain 3 Weights'!$B$3)+(AG41*'MS-8,9,10 Domain 3 Weights'!$B$4)+(AH41*'MS-8,9,10 Domain 3 Weights'!$B$5)","v":0},4,5,4,13,"Yes","SELECTED","CORE","RIS","Monthly"]
[null," 1.2","1",15,"MS-3",null,"7.     Proportion of all sick young infants admitted to the facility who were maintained on exclusive breastfeeding and/or received only expressed breast milk during hospitalization, up to discharge. (84.05)","Impact/No disease-specific care outcomes","Children under 6 months exclusively breastfed inpatient","Provision ","Outcome","Inpatient","2 SickYI/Pret/Small",3,4,4,4,3,4,{"$f":"SUM(N42:Q42)","v":15},null,0,5,4,4,13,5,5,null,0,{"$nulls":4},{"$f":"(AE42*'MS-8,9,10 Domain 3 Weights'!$B$2)+(AF42*'MS-8,9,10 Domain 3 Weights'!$B$3)+(AG42*'MS-8,9,10 Domain 3 Weights'!$B$4)+(AH42*'MS-8,9,10 Domain 3 Weights'!$B$5)","v":0},4,4,4,12,"Yes","NOT SELECTED","NOT SELECTED","RIS",null,"Indicator # 10 of 5.5.; #6 of of 6.1., #7 of 1.6. and  #15 of 1.2. are the same; we have selected this in Standard 5.5."]
[null," 1.2","1",16,"MS-3",null,"1.     Proportion of all sick young infants treated for PSBI or sepsis who died in the health facility (case fatality rate). (94.20)","Outcomes: clinical condition-specific outcome","Clinical condition-specific outcome inpatient","Provision ","Outcome","Inpatient","2 SickYI/Pret/Small",4,4,4,4,3,4,16,null,0,{"$nulls":3},0,5,5,null,0,{"$nulls":4},{"$f":"(AE43*'MS-8,9,10 Domain 3 Weights'!$B$2)+(AF43*'MS-8,9,10 Domain 3 Weights'!$B$3)+(AG43*'MS-8,9,10 Domain 3 Weights'!$B$4)+(AH43*'MS-8,9,10 Domain 3 Weights'!$B$5)","v":0},4,4,4,12,"Yes","SELECTED","NOT SELECTED","RIS"]
[null," 1.2","1",17,"MS-3",null,"2.     Proportion of all sick young infants who were readmitted within 48 h of discharge. (85.16) ","Outcomes: clinical condition-specific outcome","Clinical condition-specific outcome inpatient","Provision ","Outcome","Inpatient","2 SickYI/Pret/Small",4,4,4,4,3,4,16,null,0,{"$nulls":3},0,3,3,null,0,{"$nulls":4},{"$f":"(AE44*'MS-8,9,10 Domain 3 Weights'!$B$2)+(AF44*'MS-8,9,10 Domain 3 Weights'!$B$3)+(AG44*'MS-8,9,10 Domain 3 Weights'!$B$4)+(AH44*'MS-8,9,10 Domain 3 Weights'!$B$5)","v":0},4,4,4,12,"No","NOT SELECTED","NOT SELECTED","RIS"]
[null," 1.2","1",18,"MS-3",null,"3.     Proportion of all newborns (0–28 days) managed in the health facility who died in the health facility. (96.96)","Outcomes: clinical condition-specific outcome","Clinical condition-specific outcome inpatient","Provision ","Impact","Inpatient","18 Undefined",{"$nulls":6},0,null,0,{"$nulls":3},0,5,5,null,0,{"$nulls":4},{"$f":"(AE45*'MS-8,9,10 Domain 3 Weights'!$B$2)+(AF45*'MS-8,9,10 Domain 3 Weights'!$B$3)+(AG45*'MS-8,9,10 Domain 3 Weights'!$B$4)+(AH45*'MS-8,9,10 Domain 3 Weights'!$B$5)","v":0},4,4,4,12,"Yes","NOT SELECTED","NOT SELECTED","RIS"]
[null," 1.2","1",19,"MS-3",null,"4.     The death rate of low-birth-weight infants in the health facility disaggregated by birth weight: 2000–2499 g, 1500–1999 g, < 1500 g. (90.80)","Outcomes: clinical condition-specific outcome","Clinical condition-specific outcome","Provision ","Outcome","Outpatient","2 SickYI/Pret/Small",4,4,4,4,4,4,16,null,0,{"$nulls":3},0,5,5,null,0,{"$nulls":4},{"$f":"(AE46*'MS-8,9,10 Domain 3 Weights'!$B$2)+(AF46*'MS-8,9,10 Domain 3 Weights'!$B$3)+(AG46*'MS-8,9,10 Domain 3 Weights'!$B$4)+(AH46*'MS-8,9,10 Domain 3 Weights'!$B$5)","v":0},4,4,4,12,"Yes","SELECTED","NOT SELECTED","RIS"]
[null," 1.3","1",1,"MS-1",null,"1.     The health facility has a written, up-to-date, evidence-based clinical protocol for identifying and managing children with cough or difficult breathing, consistent with IMCI and paediatric care guidelines. (93.52)","Inputs: Clinical Guidelines, protocols, job aides","Clinical condition-specific guidelines, protocols, job aides","Provision ","Input ClinGuidelin","Both","3 ASB/Cough/Breath",4,4,3,4,null,null,{"$f":"SUM(N47:$Q47)","v":15},4,1.2,{"$nulls":3},0,null,0,null,0,{"$nulls":4},{"$f":"(AE47*'MS-8,9,10 Domain 3 Weights'!$B$2)+(AF47*'MS-8,9,10 Domain 3 Weights'!$B$3)+(AG47*'MS-8,9,10 Domain 3 Weights'!$B$4)+(AH47*'MS-8,9,10 Domain 3 Weights'!$B$5)","v":0},3,3,2,8,"No","NOT SELECTED","NOT SELECTED","InR"]
[null," 1.3","1",2,"MS-1",null,"2.     The referral receiving health facility has basic laboratory and diagnostic tests (e.g. pulse oximetry, full blood count, culture, ultrasound and chest X-ray) available for appropriate investigation of children with severe pneumonia. (93.03)","Inputs: infrastructure, equipment, supplies clinical condition-specific","Clinical condition-specific medicines, supplies and equipment inpatient","Provision ","Input InfrastMedSupEquip","Inpatient","3 ASB/Cough/Breath",4,4,4,4,3,4,{"$f":"SUM(N48:$Q48)","v":16},3,3,{"$nulls":3},0,null,0,null,0,{"$nulls":4},{"$f":"(AE48*'MS-8,9,10 Domain 3 Weights'!$B$2)+(AF48*'MS-8,9,10 Domain 3 Weights'!$B$3)+(AG48*'MS-8,9,10 Domain 3 Weights'!$B$4)+(AH48*'MS-8,9,10 Domain 3 Weights'!$B$5)","v":0},{"$nulls":3},0,"No","NOT SELECTED","NOT SELECTED","InR"]
[null," 1.3","1",3,"MS-1",null,"3.     The health facility has adequate supplies of antibiotics (first- and second-line) for treatment of severe pneumonia and pneumonia for the expected case load with no stock outs. (94.94)","Inputs: infrastructure, equipment, supplies clinical condition-specific","Clinical condition-specific medicines, supplies and equipment","Provision ","Input InfrastMedSupEquip","Both","3 ASB/Cough/Breath",4,4,4,4,3,4,{"$f":"SUM(N49:$Q49)","v":16},5,5,{"$nulls":3},0,null,0,null,0,{"$nulls":4},{"$f":"(AE49*'MS-8,9,10 Domain 3 Weights'!$B$2)+(AF49*'MS-8,9,10 Domain 3 Weights'!$B$3)+(AG49*'MS-8,9,10 Domain 3 Weights'!$B$4)+(AH49*'MS-8,9,10 Domain 3 Weights'!$B$5)","v":0},{"$nulls":3},0,"Yes","SELECTED","NOT SELECTED","InR"]
[null," 1.3","1",4,"MS-1",null,"4.     The health facility has adequate supplies of inhalation bronchodilators and delivery devices for treatment of wheeze for the expected case load with no stock outs. (96.19)","Inputs: infrastructure, equipment, supplies clinical condition-specific","Clinical condition-specific medicines, supplies and equipment","Provision ","Input InfrastMedSupEquip","Both","3 ASB/Cough/Breath",4,4,4,4,3,4,{"$f":"SUM(N50:$Q50)","v":16},3,3,{"$nulls":3},0,null,0,null,0,{"$nulls":4},{"$f":"(AE50*'MS-8,9,10 Domain 3 Weights'!$B$2)+(AF50*'MS-8,9,10 Domain 3 Weights'!$B$3)+(AG50*'MS-8,9,10 Domain 3 Weights'!$B$4)+(AH50*'MS-8,9,10 Domain 3 Weights'!$B$5)","v":0},{"$nulls":3},0,"No","NOT SELECTED","NOT SELECTED","InR"]
[null," 1.3","1",5,"MS-1",null,"5.     The health facility has an adequate supply of pulse oximeters and a reliable, functioning oxygen supply at all times for the expected case load with no stock outs. (92.27)","Inputs: infrastructure, equipment, supplies clinical condition-specific","Clinical condition-specific medicines, supplies and equipment inpatient","Provision ","Input InfrastMedSupEquip","Both","3 ASB/Cough/Breath",4,4,4,4,3,4,{"$f":"SUM(N51:$Q51)","v":16},5,5,{"$nulls":3},0,null,0,null,0,{"$nulls":4},{"$f":"(AE51*'MS-8,9,10 Domain 3 Weights'!$B$2)+(AF51*'MS-8,9,10 Domain 3 Weights'!$B$3)+(AG51*'MS-8,9,10 Domain 3 Weights'!$B$4)+(AH51*'MS-8,9,10 Domain 3 Weights'!$B$5)","v":0},{"$nulls":3},0,"Yes","SELECTED","NOT SELECTED","InR"]
[null," 1.3","1",6,"MS-1",null,"6.     The health facility clinical staff who care for children receive training and regular refresher sessions in assessing and managing children with cough or wheeze at least once every 12 months. (89.49)","Inputs: Human resources","Human resources (specific clinincal training)","Provision ","Input HumRes","Both","3 ASB/Cough/Breath",4,4,4,4,3,4,{"$f":"SUM(N52:$Q52)","v":16},null,0,{"$nulls":3},0,null,0,null,0,{"$nulls":4},{"$f":"(AE52*'MS-8,9,10 Domain 3 Weights'!$B$2)+(AF52*'MS-8,9,10 Domain 3 Weights'!$B$3)+(AG52*'MS-8,9,10 Domain 3 Weights'!$B$4)+(AH52*'MS-8,9,10 Domain 3 Weights'!$B$5)","v":0},3,3,3,9,"No","NOT SELECTED","NOT SELECTED","Prov"]
[null," 1.3","1",7,"MS-2",null,"1.     Proportion of all children with cough or difficult breathing who are correctly assessed, investigated, classified and diagnosed according to the severity of pneumonia. 88.87)","Processes: EB care, harmful practices, patient-centered practices","Compliance with EB care practices","Provision ","Process","Both","3 ASB/Cough/Breath",4,5,3,4,3,3,16,null,0,5,4,4,13,null,0,null,0,{"$nulls":4},{"$f":"(AE53*'MS-8,9,10 Domain 3 Weights'!$B$2)+(AF53*'MS-8,9,10 Domain 3 Weights'!$B$3)+(AG53*'MS-8,9,10 Domain 3 Weights'!$B$4)+(AH53*'MS-8,9,10 Domain 3 Weights'!$B$5)","v":0},4,4,3,11,"Yes","SELECTED","NOT SELECTED","RIS",null,"#7 and #8 are similar indicators. I suggest to  chose one. Since #7 covers both levels, suggest to use #7 but avoid using  term \"according  to severity of pneumonia\" and instead use  term \"severity of disease\""]
[null," 1.3","1",8,"MS-2",null,"2.     Proportion of children < 5 years with cough or difficult breathing treated as outpatients who were correctly classified according to IMCI guidelines. (87.08)","Processes: EB care, harmful practices, patient-centered practices","Compliance with EB care practices outpatient","Provision ","Process","Outpatient","3 ASB/Cough/Breath",4,4,3,4,3,3,15,null,0,5,4,4,13,null,0,null,0,{"$nulls":4},{"$f":"(AE54*'MS-8,9,10 Domain 3 Weights'!$B$2)+(AF54*'MS-8,9,10 Domain 3 Weights'!$B$3)+(AG54*'MS-8,9,10 Domain 3 Weights'!$B$4)+(AH54*'MS-8,9,10 Domain 3 Weights'!$B$5)","v":0},4,4,4,12,"Yes","NOT SELECTED","NOT SELECTED","RIS"]
[null," 1.3","1",9,"MS-2",null,"3.     Proportion of all children with pneumonia or severe pneumonia who received correct antibiotic treatment (formulation, dose, frequency and duration) according to WHO guidelines. (92.74)","Processes: EB care, harmful practices, patient-centered practices","Compliance with EB care practices","Provision ","Process","Both","3 ASB/Cough/Breath",4,5,5,4,3,3,18,null,0,5,4,4,13,null,0,null,0,{"$nulls":4},{"$f":"(AE55*'MS-8,9,10 Domain 3 Weights'!$B$2)+(AF55*'MS-8,9,10 Domain 3 Weights'!$B$3)+(AG55*'MS-8,9,10 Domain 3 Weights'!$B$4)+(AH55*'MS-8,9,10 Domain 3 Weights'!$B$5)","v":0},5,5,5,15,"Yes","SELECTED","CORE","RIS","Monthly"]
[null," 1.3","1",10,"MS-2",null,"4.     Proportion of all children with asthma who were appropriately administered inhalation bronchodilator treatment. (89.87)","Processes: EB care, harmful practices, patient-centered practices","Compliance with EB care practices","Provision ","Process","Both","3 ASB/Cough/Breath",4,5,4,4,3,3,17,null,0,5,4,4,13,null,0,null,0,{"$nulls":4},{"$f":"(AE56*'MS-8,9,10 Domain 3 Weights'!$B$2)+(AF56*'MS-8,9,10 Domain 3 Weights'!$B$3)+(AG56*'MS-8,9,10 Domain 3 Weights'!$B$4)+(AH56*'MS-8,9,10 Domain 3 Weights'!$B$5)","v":0},4,4,3,11,"Yes","SELECTED","NOT SELECTED","RIS",null,"3 or 4: suggest to move this indicator under 1.10 (chronic conditions)"]
[null," 1.3","1",11,"MS-2",null,"5.     Proportion of all children with pneumonia to whom oxygen was appropriately administered for the clinical indication (signs of hypoxaemia or oxygen saturation < 90%). (86.98)","Processes: EB care, harmful practices, patient-centered practices","Compliance with EB care practices inpatient","Provision ","Process","Inpatient","3 ASB/Cough/Breath",4,4,4,4,3,3,16,null,0,5,4,4,13,null,0,null,0,{"$nulls":4},{"$f":"(AE57*'MS-8,9,10 Domain 3 Weights'!$B$2)+(AF57*'MS-8,9,10 Domain 3 Weights'!$B$3)+(AG57*'MS-8,9,10 Domain 3 Weights'!$B$4)+(AH57*'MS-8,9,10 Domain 3 Weights'!$B$5)","v":0},4,4,3,11,"Yes","SELECTED","NOT SELECTED","RIS"]
[null," 1.3","1",12,"MS-2",null,"6.     Proportion of all children admitted with severe pneumonia whose respiratory rate and oxygen saturation were appropriately monitored. (87.00)","Processes: EB care, harmful practices, patient-centered practices","Compliance with EB care practices inpatient","Provision ","Process","Inpatient","3 ASB/Cough/Breath",4,4,3,4,3,3,15,null,0,5,3,3,11,null,0,null,0,{"$nulls":4},{"$f":"(AE58*'MS-8,9,10 Domain 3 Weights'!$B$2)+(AF58*'MS-8,9,10 Domain 3 Weights'!$B$3)+(AG58*'MS-8,9,10 Domain 3 Weights'!$B$4)+(AH58*'MS-8,9,10 Domain 3 Weights'!$B$5)","v":0},4,4,3,11,"No","NOT SELECTED","NOT SELECTED","RIS"]
[null," 1.3","1",13,"MS-2",null,"7.     Proportion of all children with cough for ≥ 14 days who were referred or further assessed and investigated for TB or other causes of chronic infection. (87.28)","Processes: EB care, harmful practices, patient-centered practices","Compliance with EB care practices","Provision ","Process","Both","3 ASB/Cough/Breath",4,5,3,4,3,3,16,null,0,5,3,5,13,null,0,null,0,{"$nulls":4},{"$f":"(AE59*'MS-8,9,10 Domain 3 Weights'!$B$2)+(AF59*'MS-8,9,10 Domain 3 Weights'!$B$3)+(AG59*'MS-8,9,10 Domain 3 Weights'!$B$4)+(AH59*'MS-8,9,10 Domain 3 Weights'!$B$5)","v":0},4,3,3,10,"Yes","SELECTED","NOT SELECTED","RIS"]
[null," 1.3","1",14,"MS-2",null,"8.     Proportion of all children with only cough and cold (with no signs of pneumonia or severe pneumonia) who received antibiotics. (79.37)","Processes: EB care, harmful practices, patient-centered practices","Non-evidence-based, harmful practices","Provision ","Process","Both","3 ASB/Cough/Breath",4,5,4,4,3,3,17,null,0,5,5,4,14,null,0,null,0,{"$nulls":4},{"$f":"(AE60*'MS-8,9,10 Domain 3 Weights'!$B$2)+(AF60*'MS-8,9,10 Domain 3 Weights'!$B$3)+(AG60*'MS-8,9,10 Domain 3 Weights'!$B$4)+(AH60*'MS-8,9,10 Domain 3 Weights'!$B$5)","v":0},5,4,4,13,"Yes","SELECTED","CORE","RIS","Monthly"]
[null," 1.3","1",15,"MS-3",null,"1.     Proportion of all children managed for pneumonia in the health facility who died of pneumonia (case fatality rate). (94.14)","Outcomes: clinical condition-specific outcome","Clinical condition-specific outcome inpatient","Provision ","Outcome","Inpatient","3 ASB/Cough/Breath",4,4,4,5,3,3,{"$f":"SUM(N61:Q61)","v":17},null,0,5,null,null,5,5,5,null,0,{"$nulls":4},{"$f":"(AE61*'MS-8,9,10 Domain 3 Weights'!$B$2)+(AF61*'MS-8,9,10 Domain 3 Weights'!$B$3)+(AG61*'MS-8,9,10 Domain 3 Weights'!$B$4)+(AH61*'MS-8,9,10 Domain 3 Weights'!$B$5)","v":0},4,4,4,12,"Yes","SELECTED","NOT SELECTED","RIS"]
[null," 1.3","1",16,"MS-3",null,"2.     Proportion all children who died of pneumonia among all children admitted to the health facility. (85.30)","Outcomes: clinical condition-specific outcome","Clinical condition-specific outcome inpatient","Provision ","Outcome","Inpatient","3 ASB/Cough/Breath",4,4,4,3,3,3,{"$f":"SUM(N62:Q62)","v":15},null,0,4,null,null,4,5,5,null,0,{"$nulls":4},{"$f":"(AE62*'MS-8,9,10 Domain 3 Weights'!$B$2)+(AF62*'MS-8,9,10 Domain 3 Weights'!$B$3)+(AG62*'MS-8,9,10 Domain 3 Weights'!$B$4)+(AH62*'MS-8,9,10 Domain 3 Weights'!$B$5)","v":0},4,4,4,12,"Yes","NOT SELECTED","NOT SELECTED","RIS"]
[null," 1.3","1",17,"MS-3",null,"3.     Proportion of all children managed for pneumonia in the health facility who died of pneumonia within the initial 24 h of admission. (86.59)","Outcomes: clinical condition-specific outcome","Clinical condition-specific outcome inpatient","Provision ","Outcome","Inpatient","3 ASB/Cough/Breath",4,4,3,4,3,3,15,null,0,4,null,null,4,4,4,null,0,{"$nulls":4},{"$f":"(AE63*'MS-8,9,10 Domain 3 Weights'!$B$2)+(AF63*'MS-8,9,10 Domain 3 Weights'!$B$3)+(AG63*'MS-8,9,10 Domain 3 Weights'!$B$4)+(AH63*'MS-8,9,10 Domain 3 Weights'!$B$5)","v":0},4,4,4,12,"Yes","NOT SELECTED","NOT SELECTED","RIS"]
[null," 1.3","1",18,"MS-3",null,"4.     Proportion of all children managed for wheeze or asthma in the health facility who died of wheeze. (82.68)","Outcomes: clinical condition-specific outcome","Clinical condition-specific outcome inpatient","Provision ","Outcome","Inpatient","3 ASB/Cough/Breath",4,4,4,5,3,3,17,null,0,3,null,null,3,5,5,null,0,{"$nulls":4},{"$f":"(AE64*'MS-8,9,10 Domain 3 Weights'!$B$2)+(AF64*'MS-8,9,10 Domain 3 Weights'!$B$3)+(AG64*'MS-8,9,10 Domain 3 Weights'!$B$4)+(AH64*'MS-8,9,10 Domain 3 Weights'!$B$5)","v":0},4,4,4,12,"Yes","SELECTED","NOT SELECTED","RIS"]
[null," 1.4","1",1,"MS-1",null,"1.     The health facility has a written, up-to-date clinical protocol for identifying and managing children with diarrhoea, consistent with WHO guidelines. (95.23)","Inputs: Clinical Guidelines, protocols, job aides","Clinical condition-specific guidelines, protocols, job aides","Provision ","Input ClinGuidelin","Both","4 ASB/Diarrhoea",4,4,3,4,null,null,{"$f":"SUM(N65:$Q65)","v":15},4,1.2,{"$nulls":3},0,null,0,null,0,{"$nulls":4},{"$f":"(AE65*'MS-8,9,10 Domain 3 Weights'!$B$2)+(AF65*'MS-8,9,10 Domain 3 Weights'!$B$3)+(AG65*'MS-8,9,10 Domain 3 Weights'!$B$4)+(AH65*'MS-8,9,10 Domain 3 Weights'!$B$5)","v":0},3,3,2,8,"No","NOT SELECTED","NOT SELECTED","InR",null,"Indicator #1 and #2 are very similar"]
[null," 1.4","1",2,"MS-1",null,"2.     The health facility staff use standard guidelines to assess, document and appropriately manage children with diarrhoea and dehydration or dysentery, based on WHO guidelines. (91.08)","Inputs: Clinical Guidelines, protocols, job aides","Clinical condition-specific guidelines, protocols, job aides","Provision ","Input ClinGuidelin","Both","4 ASB/Diarrhoea",4,4,3,4,null,null,{"$f":"SUM(N66:$Q66)","v":15},4,1.2,{"$nulls":3},0,null,0,null,0,{"$nulls":4},{"$f":"(AE66*'MS-8,9,10 Domain 3 Weights'!$B$2)+(AF66*'MS-8,9,10 Domain 3 Weights'!$B$3)+(AG66*'MS-8,9,10 Domain 3 Weights'!$B$4)+(AH66*'MS-8,9,10 Domain 3 Weights'!$B$5)","v":0},3,3,2,8,"No","NOT SELECTED","NOT SELECTED","InR",null,"Indicator #1 and #2 are very similar"]
[null," 1.4","1",3,"MS-1",null,"3.     The health facility paediatric outpatient areas and inpatient wards have rehydration algorithms and plan A, B and C charts available and visibly displayed on the walls for use by health care workers and carers. (92.47)","Inputs: Clinical Guidelines, protocols, job aides","Clinical condition-specific guidelines, protocols, job aides","Provision ","Input ClinGuidelin","Both","4 ASB/Diarrhoea",4,4,3,4,null,null,{"$f":"SUM(N67:$Q67)","v":15},4,1.2,{"$nulls":3},0,null,0,null,0,{"$nulls":4},{"$f":"(AE67*'MS-8,9,10 Domain 3 Weights'!$B$2)+(AF67*'MS-8,9,10 Domain 3 Weights'!$B$3)+(AG67*'MS-8,9,10 Domain 3 Weights'!$B$4)+(AH67*'MS-8,9,10 Domain 3 Weights'!$B$5)","v":0},3,3,2,8,"No","NOT SELECTED","NOT SELECTED","InR"]
[null," 1.4","1",4,"MS-1",null,"4.     The health facility has adequate supplies for diarrhoea management (IV fluids, oral rehydration salts [ORS], zinc, antibiotics) for the expected case load without stock outs in the past 3 months. (94.72)","Inputs: infrastructure, equipment, supplies clinical condition-specific","Clinical condition-specific medicines, supplies and equipment","Provision ","Input InfrastMedSupEquip","both","4 ASB/Diarrhoea",4,3,4,4,4,3,{"$f":"SUM(N68:$Q68)","v":15},5,5,{"$nulls":3},0,null,0,null,0,{"$nulls":4},{"$f":"(AE68*'MS-8,9,10 Domain 3 Weights'!$B$2)+(AF68*'MS-8,9,10 Domain 3 Weights'!$B$3)+(AG68*'MS-8,9,10 Domain 3 Weights'!$B$4)+(AH68*'MS-8,9,10 Domain 3 Weights'!$B$5)","v":0},3,3,4,10,"Yes","NOT SELECTED","NOT SELECTED","InR"]
[null," 1.4","1",5,"MS-1",null,"5.     The health facility has an appropriate designated space with safe, clean water and adequate supplies for preparing ORS for children with diarroea and dehydration. (92.43)","Inputs: infrastructure, equipment, supplies clinical condition-specific","Clinical condition-specific medicines, supplies and equipment","Provision ","Input InfrastMedSupEquip","Both","4 ASB/Diarrhoea",4,4,4,4,3,4,{"$f":"SUM(N69:$Q69)","v":16},5,5,{"$nulls":3},0,null,0,null,0,{"$nulls":4},{"$f":"(AE69*'MS-8,9,10 Domain 3 Weights'!$B$2)+(AF69*'MS-8,9,10 Domain 3 Weights'!$B$3)+(AG69*'MS-8,9,10 Domain 3 Weights'!$B$4)+(AH69*'MS-8,9,10 Domain 3 Weights'!$B$5)","v":0},3,3,4,10,"Yes","SELECTED","NOT SELECTED","InR"]
[null," 1.4","1",16,"MS-1",null,"10.  Number of days on which the health facilities did not have medicines or supplies to treat diarrhoea (ORS, zinc, IV fluids and supplies, antibiotics) in the past 3 months. (86.38)","Inputs: infrastructure, equipment, supplies clinical condition-specific","Clinical condition-specific medicines, supplies and equipment","Provision ","Input InfrastMedSupEquip","Both","4 ASB/Diarrhoea",4,4,4,4,3,4,{"$f":"SUM(N70:$Q70)","v":16},5,5,{"$nulls":3},0,null,0,null,0,{"$nulls":4},{"$f":"(AE70*'MS-8,9,10 Domain 3 Weights'!$B$2)+(AF70*'MS-8,9,10 Domain 3 Weights'!$B$3)+(AG70*'MS-8,9,10 Domain 3 Weights'!$B$4)+(AH70*'MS-8,9,10 Domain 3 Weights'!$B$5)","v":0},3,3,4,10,"Yes","SELECTED","NOT SELECTED","InR"]
[null," 1.4","1",6,"MS-1",null,"6.     The health facility clinical staff who care for children receive IMCI training and regular refresher sessions in assessing and managing children with diarrhoea who are dehydrated or have dysentery at least once every 12 months. (90.85)","Inputs: Human resources","Human resources (specific clinincal training)","Provision ","Input HumRes","Both","17 IMNCI",4,4,4,4,3,4,{"$f":"SUM(N71:$Q71)","v":16},null,0,{"$nulls":3},0,null,0,null,0,{"$nulls":4},{"$f":"(AE71*'MS-8,9,10 Domain 3 Weights'!$B$2)+(AF71*'MS-8,9,10 Domain 3 Weights'!$B$3)+(AG71*'MS-8,9,10 Domain 3 Weights'!$B$4)+(AH71*'MS-8,9,10 Domain 3 Weights'!$B$5)","v":0},3,3,3,9,"No","NOT SELECTED","NOT SELECTED","Prov"]
[null," 1.4","1",7,"MS-2",null,"1.     Proportion of all children with appropriately classified diarrhoea who were documented as having received an appropriate rehydration treatment plan (A, B or C) according to WHO guidelines. (89.46)","Processes: EB care, harmful practices, patient-centered practices","Compliance with EB care practices","Provision ","Process","Both","4 ASB/Diarrhoea",4,5,3,4,3,3,16,null,0,4,4,5,13,null,0,null,0,{"$nulls":4},{"$f":"(AE72*'MS-8,9,10 Domain 3 Weights'!$B$2)+(AF72*'MS-8,9,10 Domain 3 Weights'!$B$3)+(AG72*'MS-8,9,10 Domain 3 Weights'!$B$4)+(AH72*'MS-8,9,10 Domain 3 Weights'!$B$5)","v":0},4,4,3,11,"Yes","SELECTED","NOT SELECTED","RIS",null,"Indicator #7 and #9 are similar. I suggest using #7 as it assesses treatment at both  at inpatient and outpatient; Indicator #7  of 1.4. is inclusive to indicator # 9 and #10. We can have one indicator  for inpatient level (Plan c) and #7 at outpatient level and remove ind #9 (Tit is part of ind#7)"]
[null," 1.4","1",8,"MS-2",null,"2.     Proportion of all children with dysentry who were correctly prescribed an appropriate course of antibiotics. (91.03)","Processes: EB care, harmful practices, patient-centered practices","Compliance with EB care practices","Provision ","Process","Both","4 ASB/Diarrhoea",4,5,3,4,3,3,16,null,0,4,3,3,10,null,0,null,0,{"$nulls":4},{"$f":"(AE73*'MS-8,9,10 Domain 3 Weights'!$B$2)+(AF73*'MS-8,9,10 Domain 3 Weights'!$B$3)+(AG73*'MS-8,9,10 Domain 3 Weights'!$B$4)+(AH73*'MS-8,9,10 Domain 3 Weights'!$B$5)","v":0},4,4,3,11,"No","NOT SELECTED","NOT SELECTED","RIS"]
[null," 1.4","1",9,"MS-2",null,"3.     Proportion of all children with diarrhoea and severe dehydration who were correctly administered IV fluids according to rehydration plan C. (90.60) ","Processes: EB care, harmful practices, patient-centered practices","Compliance with EB care practices inpatient","Provision ","Process","Inpatient","4 ASB/Diarrhoea",4,5,3,4,3,3,16,null,{"$f":"IF(E74=\"MS-1\",U74*(VLOOKUP(K74,_tbl.MS1,3,FALSE)),U74)","v":0},4,3,5,{"$f":"SUM(W74:Y74)","v":12},null,0,null,0,{"$nulls":4},{"$f":"(AE74*'MS-8,9,10 Domain 3 Weights'!$B$2)+(AF74*'MS-8,9,10 Domain 3 Weights'!$B$3)+(AG74*'MS-8,9,10 Domain 3 Weights'!$B$4)+(AH74*'MS-8,9,10 Domain 3 Weights'!$B$5)","v":0},4,4,3,11,"No","NOT SELECTED","NOT SELECTED","RIS",null,"Similar to indicator #7"]
[null," 1.4","1",10,"MS-2",null,"4.     Proportion of all children managed for diarrhoea and some or no dehydration who were correctly prescribed ORS and zinc supplementation. (88.16)","Processes: EB care, harmful practices, patient-centered practices","Compliance with EB care practices inpatient","Provision ","Process","Both","4 ASB/Diarrhoea",4,4,4,4,4,4,16,null,0,4,4,5,13,null,{"$f":"AA75","v":0},null,{"$f":"AC75","v":0},{"$nulls":4},{"$f":"(AE75*'MS-8,9,10 Domain 3 Weights'!$B$2)+(AF75*'MS-8,9,10 Domain 3 Weights'!$B$3)+(AG75*'MS-8,9,10 Domain 3 Weights'!$B$4)+(AH75*'MS-8,9,10 Domain 3 Weights'!$B$5)","v":0},4,4,5,{"$f":"SUM(AJ75:AL75)","v":13},{"$f":"IF(OR(V75>=$R$2,Z75>=$R$3,AB75>=$R$4,AD75>=$R$5,AI75>=$R$6),\"Yes\",\"No\")","v":"Yes"},{"$f":"IF(AND(T75>=$R$1,AN75=\"Yes\"),\"SELECTED\",\"NOT SELECTED\")","v":"SELECTED"},{"$f":"IF(AND(AO75=\"SELECTED\",AM75>=$R$7),\"CORE\",\"NOT SELECTED\")","v":"CORE"},"RIS","Monthly"]
[null," 1.4","1",11,"MS-2",null,"5.     Proportion all children treated for diarrhoea and dehydration who were not prescribed medicines to reduce stool frequency (anti-motility agents) (80.54)","Processes: EB care, harmful practices, patient-centered practices","Non-evidence-based, harmful practices","Provision ","Process","Both","4 ASB/Diarrhoea",4,4,3,4,3,3,15,null,0,5,5,3,13,null,0,null,0,{"$nulls":4},{"$f":"(AE76*'MS-8,9,10 Domain 3 Weights'!$B$2)+(AF76*'MS-8,9,10 Domain 3 Weights'!$B$3)+(AG76*'MS-8,9,10 Domain 3 Weights'!$B$4)+(AH76*'MS-8,9,10 Domain 3 Weights'!$B$5)","v":0},4,4,3,11,"Yes","NOT SELECTED","NOT SELECTED","RIS"]
[null," 1.4","1",12,"MS-2",null,"6.     Proportion of all children admitted with diarrhoea who were correctly monitored for their intake of fluids and foods (85.78)","Processes: EB care, harmful practices, patient-centered practices","Compliance with EB care practices inpatient","Provision ","Process","Inpatient","4 ASB/Diarrhoea",4,4,3,4,3,3,15,null,0,4,3,4,11,null,0,null,0,{"$nulls":4},{"$f":"(AE77*'MS-8,9,10 Domain 3 Weights'!$B$2)+(AF77*'MS-8,9,10 Domain 3 Weights'!$B$3)+(AG77*'MS-8,9,10 Domain 3 Weights'!$B$4)+(AH77*'MS-8,9,10 Domain 3 Weights'!$B$5)","v":0},4,4,3,11,"No","NOT SELECTED","NOT SELECTED","RIS",null,"Indicator #12 and #13 are similar. Suggest to use #8 as it has more complete definition"]
[null," 1.4","1",13,"MS-2",null,"7.     Proportion of all children admitted with diarrhoea and dehydration whose fluid intake and feeding were appropriately monitored and documented. (86.05)","Processes: EB care, harmful practices, patient-centered practices","Compliance with EB care practices inpatient","Provision ","Process","Inpatient","4 ASB/Diarrhoea",4,4,3,4,3,3,15,null,0,4,3,4,11,null,0,null,0,{"$nulls":4},{"$f":"(AE78*'MS-8,9,10 Domain 3 Weights'!$B$2)+(AF78*'MS-8,9,10 Domain 3 Weights'!$B$3)+(AG78*'MS-8,9,10 Domain 3 Weights'!$B$4)+(AH78*'MS-8,9,10 Domain 3 Weights'!$B$5)","v":0},4,4,3,11,"No","NOT SELECTED","NOT SELECTED","RIS",null,"This indicator is similar to indicator # 9. prefer definition of indicator #7 as it includes proper classification. I would siggest indicator #7 as it will come from routine documentation while this measure would require observation"]
[null," 1.4","1",14,"MS-2",null,"8.     Proportion of all children with diarrhoea and severe dehydration who could not be managed in the facility who were correctly referred after receiving appropriate prereferral treatment. (83.79)","Processes: EB care, harmful practices, patient-centered practices","Compliance with EB care practices outpatient","Provision ","Process","Outpatient","4 ASB/Diarrhoea",4,4,3,4,3,3,15,null,0,5,3,4,12,null,0,null,0,{"$nulls":4},{"$f":"(AE79*'MS-8,9,10 Domain 3 Weights'!$B$2)+(AF79*'MS-8,9,10 Domain 3 Weights'!$B$3)+(AG79*'MS-8,9,10 Domain 3 Weights'!$B$4)+(AH79*'MS-8,9,10 Domain 3 Weights'!$B$5)","v":0},4,4,3,11,"No","NOT SELECTED","NOT SELECTED","RIS",null,"There are few  indicators on proper treatment. Perhaps, it might be good to have one indicator on proper classification  of diarrhoea based on dehydration and nutrition status assessment and eliminate one or two treatment indicators."]
[null," 1.4","1",15,"MS-2",null,"9.     Proportion of all children with persistent diarrhoea who were correctly assessed for dehydration and nutritional status and correctly treated. (86.09)","Processes: EB care, harmful practices, patient-centered practices","Compliance with EB care practices outpatient","Provision ","Process","Both","4 ASB/Diarrhoea",4,4,4,4,3,3,16,null,0,4,4,5,13,null,0,null,0,{"$nulls":4},{"$f":"(AE80*'MS-8,9,10 Domain 3 Weights'!$B$2)+(AF80*'MS-8,9,10 Domain 3 Weights'!$B$3)+(AG80*'MS-8,9,10 Domain 3 Weights'!$B$4)+(AH80*'MS-8,9,10 Domain 3 Weights'!$B$5)","v":0},4,4,3,11,"Yes","SELECTED","NOT SELECTED","RIS",null,"This indicator is similar to indicator # 7. prefer definition of indicator #7 as it includes proper classification. I would siggest indicator #7 as it will come from routine documentation while this measure would require observation"]
[null," 1.4","1",17,"MS-3",null,"1.     Proportion of all children with some dehydration who were successfully rehydrated in the outpatient department and discharged for home treatment. (83.33)","Processes: EB care, harmful practices, patient-centered practices","Compliance with EB care practices outpatient","Provision ","Outcome","Both","4 ASB/Diarrhoea",4,4,4,4,3,4,16,null,0,4,4,null,8,5,5,null,0,{"$nulls":4},{"$f":"(AE81*'MS-8,9,10 Domain 3 Weights'!$B$2)+(AF81*'MS-8,9,10 Domain 3 Weights'!$B$3)+(AG81*'MS-8,9,10 Domain 3 Weights'!$B$4)+(AH81*'MS-8,9,10 Domain 3 Weights'!$B$5)","v":0},4,4,4,12,"Yes","SELECTED","NOT SELECTED","Obs",null,"Outcome; does not need evidence grade"]
[null," 1.4","1",18,"MS-3",null,"2.     Proportion of all children managed for diarrhoea with severe dehydration in the health facility who died of diarrhoea. (93.48)","Outcomes: clinical condition-specific outcome","Clinical condition-specific outcome inpatient","Provision ","Outcome","Inpatient","4 ASB/Diarrhoea",4,4,4,4,3,4,16,null,0,5,null,null,5,5,5,null,0,{"$nulls":4},{"$f":"(AE82*'MS-8,9,10 Domain 3 Weights'!$B$2)+(AF82*'MS-8,9,10 Domain 3 Weights'!$B$3)+(AG82*'MS-8,9,10 Domain 3 Weights'!$B$4)+(AH82*'MS-8,9,10 Domain 3 Weights'!$B$5)","v":0},4,4,4,12,"Yes","SELECTED","NOT SELECTED","RIS"]
[null," 1.5","1",1,"MS-1",null,"1.      The health facility has a written, up-to-date, evidence-based clinical protocol for identifying and managing children with fever that is consistent with WHO guidelines. (93.32)","Inputs: Clinical Guidelines, protocols, job aides","Clinical condition-specific guidelines, protocols, job aides","Provision ","Input ClinGuidelin","Both","5 ASB/Asses/Clas/Man/Fever",4,4,3,4,null,null,{"$f":"SUM(N83:$Q83)","v":15},4,1.2,{"$nulls":3},0,null,0,null,0,{"$nulls":4},{"$f":"(AE83*'MS-8,9,10 Domain 3 Weights'!$B$2)+(AF83*'MS-8,9,10 Domain 3 Weights'!$B$3)+(AG83*'MS-8,9,10 Domain 3 Weights'!$B$4)+(AH83*'MS-8,9,10 Domain 3 Weights'!$B$5)","v":0},3,3,2,8,"No","NOT SELECTED","NOT SELECTED","InR"]
[null," 1.5","1",2,"MS-1",null,"2.      The health facility has basic laboratory and diagnostic tests and supplies (e.g. otoscopes, blood glucose tests, malaria smear and/or rapid diagnostic tests, urine tests) available for appropriate assessment of children with fever. (92.68)","Inputs: infrastructure, equipment, supplies clinical condition-specific","Clinical condition-specific medicines, supplies and equipment","Provision ","Input InfrastMedSupEquip","Outpatient","5 ASB/Asses/Clas/Man/Fever",4,4,4,4,null,null,{"$f":"SUM(N84:$Q84)","v":16},5,5,{"$nulls":3},0,null,0,null,0,{"$nulls":4},{"$f":"(AE84*'MS-8,9,10 Domain 3 Weights'!$B$2)+(AF84*'MS-8,9,10 Domain 3 Weights'!$B$3)+(AG84*'MS-8,9,10 Domain 3 Weights'!$B$4)+(AH84*'MS-8,9,10 Domain 3 Weights'!$B$5)","v":0},3,3,4,10,"Yes","SELECTED","NOT SELECTED","InR"]
[null," 1.5","1",3,"MS-1",null,"3.      The referral receiving health facility for children with severe febrile illness has appropriate laboratory and diagnostic tests available for further investigation and management. (92.35)","Inputs: infrastructure, equipment, supplies clinical condition-specific","Clinical condition-specific medicines, supplies and equipment","Provision ","Input InfrastMedSupEquip","Inpatient","5 ASB/Asses/Clas/Man/Fever",4,3,4,4,null,null,{"$f":"SUM(N85:$Q85)","v":15},5,5,{"$nulls":3},0,null,0,null,0,{"$nulls":4},{"$f":"(AE85*'MS-8,9,10 Domain 3 Weights'!$B$2)+(AF85*'MS-8,9,10 Domain 3 Weights'!$B$3)+(AG85*'MS-8,9,10 Domain 3 Weights'!$B$4)+(AH85*'MS-8,9,10 Domain 3 Weights'!$B$5)","v":0},3,3,4,10,"Yes","NOT SELECTED","NOT SELECTED","InR"]
[null," 1.5","1",4,"MS-1",null,"4.      The health facility has adequate supplies of first- and second-line antibiotics for treatment of bacterial infections and antimalarial agents for treatment of malaria in sufficient quantities for the expected case load with no stock outs. (93.18)","Inputs: infrastructure, equipment, supplies clinical condition-specific","Clinical condition-specific medicines, supplies and equipment","Provision ","Input InfrastMedSupEquip","Both","5 ASB/Asses/Clas/Man/Fever",4,4,4,4,null,null,{"$f":"SUM(N86:$Q86)","v":16},5,5,{"$nulls":3},0,null,0,null,0,{"$nulls":4},{"$f":"(AE86*'MS-8,9,10 Domain 3 Weights'!$B$2)+(AF86*'MS-8,9,10 Domain 3 Weights'!$B$3)+(AG86*'MS-8,9,10 Domain 3 Weights'!$B$4)+(AH86*'MS-8,9,10 Domain 3 Weights'!$B$5)","v":0},3,3,4,10,"Yes","SELECTED","NOT SELECTED","InR"]
[null," 1.5","1",5,"MS-1",null,"5.      The health facility clinical staff that care for children receive training and regular refresher sessions in the assessment and management of children with fever at least once every 12 months. (89.71)","Inputs: Human resources","Human resources (specific clinincal training)","Provision ","Input HumRes","Both","5 ASB/Asses/Clas/Man/Fever",4,4,4,4,3,4,{"$f":"SUM(N87:$Q87)","v":16},null,0,{"$nulls":3},0,null,0,null,0,{"$nulls":4},{"$f":"(AE87*'MS-8,9,10 Domain 3 Weights'!$B$2)+(AF87*'MS-8,9,10 Domain 3 Weights'!$B$3)+(AG87*'MS-8,9,10 Domain 3 Weights'!$B$4)+(AH87*'MS-8,9,10 Domain 3 Weights'!$B$5)","v":0},3,3,3,9,"No","NOT SELECTED","NOT SELECTED","Prov"]
[null," 1.5","1",6,"MS-2",null,"1.      Proportion of all children seen in the health facility for whom a raised temperature was documented in their medical record. (88.57) ","Outcomes: clinical condition-specific outcome","Compliance with EB care practices","Provision ","Process","Both","5 ASB/Asses/Clas/Man/Fever",4,5,4,4,4,4,{"$f":"SUM(N88:Q88)","v":17},null,0,5,5,3,13,null,0,null,0,{"$nulls":4},{"$f":"(AE88*'MS-8,9,10 Domain 3 Weights'!$B$2)+(AF88*'MS-8,9,10 Domain 3 Weights'!$B$3)+(AG88*'MS-8,9,10 Domain 3 Weights'!$B$4)+(AH88*'MS-8,9,10 Domain 3 Weights'!$B$5)","v":0},4,4,3,11,"Yes","SELECTED","NOT SELECTED","RIS",null,"instead of raised temperature, I suggest to specify temperature was documented"]
[null," 1.5","1",7,"MS-2",null,"2.      Proportion of all children admitted to the health facility with fever for whom a documented differential diagnosis was appropriately investigated. (81.63)","Processes: EB care, harmful practices, patient-centered practices","Compliance with EB care practices","Provision ","Process","Both","5 ASB/Asses/Clas/Man/Fever",4,4,3,4,4,3,15,null,0,4,4,4,12,null,0,null,0,{"$nulls":4},{"$f":"(AE89*'MS-8,9,10 Domain 3 Weights'!$B$2)+(AF89*'MS-8,9,10 Domain 3 Weights'!$B$3)+(AG89*'MS-8,9,10 Domain 3 Weights'!$B$4)+(AH89*'MS-8,9,10 Domain 3 Weights'!$B$5)","v":0},4,4,3,11,"No","NOT SELECTED","NOT SELECTED","RIS"]
[null," 1.5","1",8,"MS-2",null,"3.      Proportion of all children treated for malaria for whom there is documented evidence of a positive malaria rapid diagnostic test or positive microscopy. (91.86)","Processes: EB care, harmful practices, patient-centered practices","Compliance with EB care practices","Provision ","Process","Both","5 ASB/Asses/Clas/Man/Fever",4,4,3,4,4,4,15,null,0,4,4,1,9,null,0,null,0,{"$nulls":4},{"$f":"(AE90*'MS-8,9,10 Domain 3 Weights'!$B$2)+(AF90*'MS-8,9,10 Domain 3 Weights'!$B$3)+(AG90*'MS-8,9,10 Domain 3 Weights'!$B$4)+(AH90*'MS-8,9,10 Domain 3 Weights'!$B$5)","v":0},4,4,3,11,"No","NOT SELECTED","NOT SELECTED","RIS"]
[null," 1.5","1",9,"MS-2",null,"4.      Proportion of all children treated for severe malaria who had documented confirmed malaria and evidence of severe disease. (88.52)","Processes: EB care, harmful practices, patient-centered practices","Non-evidence-based, harmful practices","Provision ","Process","Both","5 ASB/Asses/Clas/Man/Fever",4,4,4,4,4,4,16,null,0,5,4,3,12,null,0,null,0,{"$nulls":4},{"$f":"(AE91*'MS-8,9,10 Domain 3 Weights'!$B$2)+(AF91*'MS-8,9,10 Domain 3 Weights'!$B$3)+(AG91*'MS-8,9,10 Domain 3 Weights'!$B$4)+(AH91*'MS-8,9,10 Domain 3 Weights'!$B$5)","v":0},4,4,3,11,"No","NOT SELECTED","NOT SELECTED","RIS"]
[null," 1.5","1",10,"MS-2",null,"5.      Proportion of all children with severe malaria who received the correct treatment (drug, dose, frequency, route of administration and duration) and supportive care according to WHO guidelines. (90.77)","Processes: EB care, harmful practices, patient-centered practices","Compliance with EB care practices","Provision ","Process","Both","5 ASB/Asses/Clas/Man/Fever",4,5,3,4,4,4,16,null,0,5,4,4,13,null,0,null,0,{"$nulls":4},{"$f":"(AE92*'MS-8,9,10 Domain 3 Weights'!$B$2)+(AF92*'MS-8,9,10 Domain 3 Weights'!$B$3)+(AG92*'MS-8,9,10 Domain 3 Weights'!$B$4)+(AH92*'MS-8,9,10 Domain 3 Weights'!$B$5)","v":0},4,4,5,13,"Yes","SELECTED","CORE","RIS","Monthly","suggest to use the definition of 100 core indicator for Malaria treatment"]
[null," 1.5","1",11,"MS-2",null,"6.      Proportion of all children with severe febrile illness and suspected meningitis for whom there was documented evidence of lumbar puncture in the medical records. (90.34)","Processes: EB care, harmful practices, patient-centered practices","Compliance with EB care practices","Provision ","Process","Inpatient","5 ASB/Asses/Clas/Man/Fever",4,3,4,4,4,4,15,null,0,5,4,4,13,null,0,null,0,{"$nulls":4},{"$f":"(AE93*'MS-8,9,10 Domain 3 Weights'!$B$2)+(AF93*'MS-8,9,10 Domain 3 Weights'!$B$3)+(AG93*'MS-8,9,10 Domain 3 Weights'!$B$4)+(AH93*'MS-8,9,10 Domain 3 Weights'!$B$5)","v":0},4,4,3,11,"Yes","NOT SELECTED","NOT SELECTED","RIS"]
[null," 1.5","1",12,"MS-2",null,"7.      Proportion of all children with meningitis who received correct antibiotic treatment (choice of drug, dose frequency, route of administration and duration) and supportive care according to WHO guidelines. (91.37)","Processes: EB care, harmful practices, patient-centered practices","Compliance with EB care practices","Provision ","Process","Inpatient","5 ASB/Asses/Clas/Man/Fever",4,5,3,4,3,3,16,null,0,5,3,4,12,null,0,null,0,{"$nulls":4},{"$f":"(AE94*'MS-8,9,10 Domain 3 Weights'!$B$2)+(AF94*'MS-8,9,10 Domain 3 Weights'!$B$3)+(AG94*'MS-8,9,10 Domain 3 Weights'!$B$4)+(AH94*'MS-8,9,10 Domain 3 Weights'!$B$5)","v":0},4,4,3,11,"No","NOT SELECTED","NOT SELECTED","RIS"]
[null," 1.5","1",13,"MS-2",null,"8.      Proportion of all children with severe febrile illness (e.g. malaria, meningitis, septicaemia, dengue) who were monitored regularly for vital signs and level of consciousness until resolution of severe signs of illness. (88.36)","Processes: EB care, harmful practices, patient-centered practices","Compliance with EB care practices","Provision ","Process","Inpatient","5 ASB/Asses/Clas/Man/Fever",4,5,3,4,3,3,16,null,0,5,4,4,13,null,0,null,0,{"$nulls":4},{"$f":"(AE95*'MS-8,9,10 Domain 3 Weights'!$B$2)+(AF95*'MS-8,9,10 Domain 3 Weights'!$B$3)+(AG95*'MS-8,9,10 Domain 3 Weights'!$B$4)+(AH95*'MS-8,9,10 Domain 3 Weights'!$B$5)","v":0},4,4,3,11,"Yes","SELECTED","NOT SELECTED","RIS"]
[null," 1.5","1",14,"MS-2",null,"9.      Proportion of all children with severe febrile illness with suspected septicaemia who were appropriately investigated (e.g. full blood count, urine analysis, blood and urine bacteriology culture). (87.27) ","Processes: EB care, harmful practices, patient-centered practices","Compliance with EB care practices","Provision ","Process","Inpatient","5 ASB/Asses/Clas/Man/Fever",4,5,3,4,3,3,16,null,0,5,3,4,12,null,0,null,0,{"$nulls":4},{"$f":"(AE96*'MS-8,9,10 Domain 3 Weights'!$B$2)+(AF96*'MS-8,9,10 Domain 3 Weights'!$B$3)+(AG96*'MS-8,9,10 Domain 3 Weights'!$B$4)+(AH96*'MS-8,9,10 Domain 3 Weights'!$B$5)","v":0},4,4,3,11,"No","NOT SELECTED","NOT SELECTED","RIS"]
[null," 1.5","1",15,"MS-2",null,"10.  Proportion of all children treated for septic shock who received the correct antibiotic treatment (choice of drug, dose, frequency, route of administration and duration) and supportive care according to WHO guidelines. (89.74)","Processes: EB care, harmful practices, patient-centered practices","Compliance with EB care practices","Provision ","Process","Inpatient","5 ASB/Asses/Clas/Man/Fever",4,5,3,4,3,3,16,null,0,5,2,5,12,null,0,null,0,{"$nulls":4},{"$f":"(AE97*'MS-8,9,10 Domain 3 Weights'!$B$2)+(AF97*'MS-8,9,10 Domain 3 Weights'!$B$3)+(AG97*'MS-8,9,10 Domain 3 Weights'!$B$4)+(AH97*'MS-8,9,10 Domain 3 Weights'!$B$5)","v":0},4,4,3,11,"No","NOT SELECTED","NOT SELECTED","RIS"]
[null," 1.5","1",16,"MS-3",null,"1.      Proportion of all children treated for severe malaria and/or meningitis who had physical or neurological sequelae. (78.84)","Outcomes: clinical condition-specific outcome","Clinical condition-specific outcome","Provision ","Outcome","Inpatient","5 ASB/Asses/Clas/Man/Fever",4,4,4,4,3,4,16,null,0,{"$nulls":3},0,3,3,null,0,{"$nulls":4},{"$f":"(AE98*'MS-8,9,10 Domain 3 Weights'!$B$2)+(AF98*'MS-8,9,10 Domain 3 Weights'!$B$3)+(AG98*'MS-8,9,10 Domain 3 Weights'!$B$4)+(AH98*'MS-8,9,10 Domain 3 Weights'!$B$5)","v":0},4,4,4,12,"No","NOT SELECTED","NOT SELECTED","RIS"]
[null," 1.5","1",17,"MS-3",null,"2.      Severe malaria case fatality rate disaggregated by age (91.22)","Outcomes: clinical condition-specific outcome","Clinical condition-specific outcome","Provision ","Outcome","Inpatient","5 ASB/Asses/Clas/Man/Fever",4,4,4,4,3,4,16,null,0,{"$nulls":3},0,5,5,null,0,{"$nulls":4},{"$f":"(AE99*'MS-8,9,10 Domain 3 Weights'!$B$2)+(AF99*'MS-8,9,10 Domain 3 Weights'!$B$3)+(AG99*'MS-8,9,10 Domain 3 Weights'!$B$4)+(AH99*'MS-8,9,10 Domain 3 Weights'!$B$5)","v":0},4,3,2,9,"Yes","SELECTED","NOT SELECTED","RIS"]
[null," 1.5","1",18,"MS-3",null,"3.      Meningitis case fatality rate disaggregated by age. (89.56)","Outcomes: clinical condition-specific outcome","Clinical condition-specific outcome","Provision ","Outcome","Inpatient","5 ASB/Asses/Clas/Man/Fever",4,4,4,4,3,4,16,null,0,{"$nulls":3},0,3,3,null,0,{"$nulls":4},{"$f":"(AE100*'MS-8,9,10 Domain 3 Weights'!$B$2)+(AF100*'MS-8,9,10 Domain 3 Weights'!$B$3)+(AG100*'MS-8,9,10 Domain 3 Weights'!$B$4)+(AH100*'MS-8,9,10 Domain 3 Weights'!$B$5)","v":0},4,4,2,10,"No","NOT SELECTED","NOT SELECTED","RIS"]
[null," 1.5","1",19,"MS-3",null,"4.      Proportion of all children treated for septicaemia who died (septicaemia case fatality rate). (90.08)","Outcomes: clinical condition-specific outcome","Clinical condition-specific outcome","Provision ","Outcome","Inpatient","5 ASB/Asses/Clas/Man/Fever",4,4,4,4,3,4,16,null,0,{"$nulls":3},0,5,5,null,0,{"$nulls":4},{"$f":"(AE101*'MS-8,9,10 Domain 3 Weights'!$B$2)+(AF101*'MS-8,9,10 Domain 3 Weights'!$B$3)+(AG101*'MS-8,9,10 Domain 3 Weights'!$B$4)+(AH101*'MS-8,9,10 Domain 3 Weights'!$B$5)","v":0},4,4,4,12,"Yes","SELECTED","NOT SELECTED","RIS"]
[null," 1.6","1",1,"MS-1",null,"1.     The health facility has a written, up-to-date policy for exclusive breastfeeding and appropriate feeding, according to WHO guidelines. (93.37)","Inputs: Operational Guidelines","Operational guidelines, protocols related to client-centered practices","Provision ","Input OperGuide","Both","6 RCEB/Nutr/Growth ",4,4,4,4,4,3,{"$f":"SUM(N102:$Q102)","v":16},4,1.2,{"$nulls":3},0,null,0,null,0,{"$nulls":4},{"$f":"(AE102*'MS-8,9,10 Domain 3 Weights'!$B$2)+(AF102*'MS-8,9,10 Domain 3 Weights'!$B$3)+(AG102*'MS-8,9,10 Domain 3 Weights'!$B$4)+(AH102*'MS-8,9,10 Domain 3 Weights'!$B$5)","v":0},3,3,3,9,"No","NOT SELECTED","NOT SELECTED","InR"]
[null," 1.6","1",2,"MS-1",null,"2.     The health facility maintains a baby-friendly status that supports breastfeeding according to WHO guidelines. (89.03)","Inputs: management and oversight","Oversight and management on patient-centered practices","Provision ","Input OperGuide","Both","6 RCEB/Nutr/Growth ",4,4,4,4,4,3,{"$f":"SUM(N103:$Q103)","v":16},4,1.2,{"$nulls":3},0,null,0,null,0,{"$nulls":4},{"$f":"(AE103*'MS-8,9,10 Domain 3 Weights'!$B$2)+(AF103*'MS-8,9,10 Domain 3 Weights'!$B$3)+(AG103*'MS-8,9,10 Domain 3 Weights'!$B$4)+(AH103*'MS-8,9,10 Domain 3 Weights'!$B$5)","v":0},3,3,3,9,"No","NOT SELECTED","NOT SELECTED","InR"]
[null," 1.6","1",3,"MS-1",null,"3.     The health facility fully complies with the International Code of marketing of breast-milk substitutes and has systems in place to monitor compliance with the Code. (85.43)","Inputs: management and oversight","Oversight and management on patient-centered practices","Provision ","Input OperGuide","Both","6 RCEB/Nutr/Growth ",4,4,4,4,4,3,{"$f":"SUM(N104:$Q104)","v":16},4,1.2,{"$nulls":3},0,null,0,null,0,{"$nulls":4},{"$f":"(AE104*'MS-8,9,10 Domain 3 Weights'!$B$2)+(AF104*'MS-8,9,10 Domain 3 Weights'!$B$3)+(AG104*'MS-8,9,10 Domain 3 Weights'!$B$4)+(AH104*'MS-8,9,10 Domain 3 Weights'!$B$5)","v":0},3,3,3,9,"No","NOT SELECTED","NOT SELECTED","InR"]
[null," 1.6","1",4,"MS-1",null,"4.     The health facility has the necessary supplies and materials to support breastfeeding and, when appropriate, alternative feeding (feeding cups and spoons, infant formula, nasogastric tubes, syringe drivers, IV fluids and tubing). (89.92)","Inputs: infrastructure, equipment, supplies clinical condition-specific","Clinical condition-specific medicines, supplies and equipment","Provision ","Input InfrastMedSupEquip","Both","6 RCEB/Nutr/Growth ",4,4,4,4,3,4,{"$f":"SUM(N105:$Q105)","v":16},5,5,{"$nulls":3},0,null,0,null,0,{"$nulls":4},{"$f":"(AE105*'MS-8,9,10 Domain 3 Weights'!$B$2)+(AF105*'MS-8,9,10 Domain 3 Weights'!$B$3)+(AG105*'MS-8,9,10 Domain 3 Weights'!$B$4)+(AH105*'MS-8,9,10 Domain 3 Weights'!$B$5)","v":0},3,3,4,10,"Yes","SELECTED","NOT SELECTED","InR"]
[null," 1.6","1",5,"MS-1",null,"5.     The professional staff of the health facility who care for children receive training and regular refresher sessions in counselling on breastfeeding and optimal feeding and nutrition of infants and young children at least once every 12 months. (88.49)","Inputs: Human resources","Human resources (specific clinincal training)","Provision ","Input HumRes","Both","6 RCEB/Nutr/Growth ",4,4,4,4,3,4,{"$f":"SUM(N106:$Q106)","v":16},null,0,{"$nulls":3},0,null,0,null,0,{"$nulls":4},{"$f":"(AE106*'MS-8,9,10 Domain 3 Weights'!$B$2)+(AF106*'MS-8,9,10 Domain 3 Weights'!$B$3)+(AG106*'MS-8,9,10 Domain 3 Weights'!$B$4)+(AH106*'MS-8,9,10 Domain 3 Weights'!$B$5)","v":0},3,3,3,9,"No","NOT SELECTED","NOT SELECTED","Prov"]
[null," 1.6","1",6,"MS-1",null,"6.     The health facility can regularly assess the competence of staff for supporting carers in sustaining optimal infant and young child feeding and nutrition at least once every 12 months. (79.69)","Inputs: management and oversight","Oversight and management on patient-centered practices","Provision ","Input Over&Man","Both","6 RCEB/Nutr/Growth ",4,5,3,4,4,4,{"$f":"SUM(N107:$Q107)","v":16},4,2,{"$nulls":3},0,null,0,null,0,{"$nulls":4},{"$f":"(AE107*'MS-8,9,10 Domain 3 Weights'!$B$2)+(AF107*'MS-8,9,10 Domain 3 Weights'!$B$3)+(AG107*'MS-8,9,10 Domain 3 Weights'!$B$4)+(AH107*'MS-8,9,10 Domain 3 Weights'!$B$5)","v":0},3,3,3,9,"No","NOT SELECTED","NOT SELECTED","InR"]
[null," 1.6","1",8,"MS-2",null,"2.     Proportion of all children < 5 years in the health facility who have been assessed for routine growth and delayed development, as documented on their child health card or booklet. (90.55)","Processes: EB care, harmful practices, patient-centered practices","Compliance with EB care practices outpatient","Provision ","Process","Outpatient","6 RCEB/Nutr/Growth ",4,4,3,5,3,3,{"$f":"SUM(N108:Q108)","v":16},null,0,5,5,3,13,null,0,null,0,{"$nulls":4},{"$f":"(AE108*'MS-8,9,10 Domain 3 Weights'!$B$2)+(AF108*'MS-8,9,10 Domain 3 Weights'!$B$3)+(AG108*'MS-8,9,10 Domain 3 Weights'!$B$4)+(AH108*'MS-8,9,10 Domain 3 Weights'!$B$5)","v":0},5,4,3,12,"Yes","SELECTED","NOT SELECTED","Client"]
[null," 1.6","1",9,"MS-2",null,"3.     Proportion of children aged 6–23 months in the health facility who receive appropriate complementary foods according to WHO guidelines. (81.16)","Processes: EB care, harmful practices, patient-centered practices","Compliance with EB care practices","Provision ","Process","Outpatient","6 RCEB/Nutr/Growth ",4,4,3,5,3,3,{"$f":"SUM(N109:Q109)","v":16},null,0,4,5,3,12,null,0,null,0,{"$nulls":4},{"$f":"(AE109*'MS-8,9,10 Domain 3 Weights'!$B$2)+(AF109*'MS-8,9,10 Domain 3 Weights'!$B$3)+(AG109*'MS-8,9,10 Domain 3 Weights'!$B$4)+(AH109*'MS-8,9,10 Domain 3 Weights'!$B$5)","v":0},4,4,3,11,"No","NOT SELECTED","NOT SELECTED","RIS"]
[null," 1.6","1",10,"MS-2",null,"4.     Proportion of preterm or small sick infants who receive assisted feeding for whom a correctly prescribed feed volume appropriate for their weight and gestation age is documented. (86.84)","Processes: EB care, harmful practices, patient-centered practices","Compliance with EB care practices inpatient","Provision ","Process","Inpatient","2 SickYI/Pret/Small",4,4,3,5,3,3,16,null,0,5,3,4,12,null,0,null,0,{"$nulls":4},{"$f":"(AE110*'MS-8,9,10 Domain 3 Weights'!$B$2)+(AF110*'MS-8,9,10 Domain 3 Weights'!$B$3)+(AG110*'MS-8,9,10 Domain 3 Weights'!$B$4)+(AH110*'MS-8,9,10 Domain 3 Weights'!$B$5)","v":0},4,3,3,10,"No","NOT SELECTED","NOT SELECTED","RIS",null,"This indicator is more relevant to Standard #1.2. related to preterm/small young infants. It is also relevant to  assess feeding support under  standard 1.13 feeding support"]
[null," 1.6","1",12,"MS-2",null,"1.     Proportion of carers in the health facility who have received counselling on breastfeeding and nutrition to ensure continued, appropriate feeding of the children in their care. (82.94)","Processes: EB care, harmful practices, patient-centered practices","Compliance with EB care practices","Provision ","Process","Both","6 RCEB/Nutr/Growth ",4,5,3,5,3,3,17,null,0,4,5,4,13,null,0,null,0,{"$nulls":4},{"$f":"(AE111*'MS-8,9,10 Domain 3 Weights'!$B$2)+(AF111*'MS-8,9,10 Domain 3 Weights'!$B$3)+(AG111*'MS-8,9,10 Domain 3 Weights'!$B$4)+(AH111*'MS-8,9,10 Domain 3 Weights'!$B$5)","v":0},4,4,3,11,"Yes","SELECTED","NOT SELECTED","Pat"]
[null," 1.6","1",7,"MS-3",null,"1.     Proportion of all children aged < 6 months in the health facility who are exclusively breastfed or given only expressed breast milk. (87.18)","Impact/No disease-specific care outcomes","Children under 6 months exclusively breastfed ","Provision ","Outcome","Outpatient","6 RCEB/Nutr/Growth ",4,4,4,4,3,4,16,null,0,4,5,5,14,5,5,null,0,{"$nulls":4},{"$f":"(AE112*'MS-8,9,10 Domain 3 Weights'!$B$2)+(AF112*'MS-8,9,10 Domain 3 Weights'!$B$3)+(AG112*'MS-8,9,10 Domain 3 Weights'!$B$4)+(AH112*'MS-8,9,10 Domain 3 Weights'!$B$5)","v":0},5,5,5,15,"Yes","SELECTED","CORE","RIS","Monthly","Indicator # 10 of 5.5.; #6 of of 6.1., #7 of 1.6. and  #15 of 1.2. are the same. The only difference is that here, it also includes outpatient; maybe helpful to highlihjt to measure this indicator among babies who were excluseively breastfed before admission (continue exlusive breastfeeding  or expressed milk)"]
[null," 1.6","1",11,"MS-3",null,"5.     Proportion of all newborn infants in the health facility who receive fully established breastfeeding at the time of discharge. (85.22)","Impact/No disease-specific care outcomes","Children under 6 months exclusively breastfed inpatient","Provision ","Outcome","Inpatient","6 RCEB/Nutr/Growth ",4,4,4,4,3,4,16,null,0,4,5,5,14,5,5,null,0,{"$nulls":4},{"$f":"(AE113*'MS-8,9,10 Domain 3 Weights'!$B$2)+(AF113*'MS-8,9,10 Domain 3 Weights'!$B$3)+(AG113*'MS-8,9,10 Domain 3 Weights'!$B$4)+(AH113*'MS-8,9,10 Domain 3 Weights'!$B$5)","v":0},5,4,3,12,"Yes","SELECTED","NOT SELECTED","pat",null,"The way indicator is described now seems  relevant to childbirth services. We may want to further specify  or assess it among small/preterm young infans that stay in facility beyond immediate post-partum"]
[null," 1.7","1",1,"MS-1",null,"The health facility has written, up-to-date clinical protocols for assessment, identification and management of children with acute malnutrition and anaemia consistent with WHO guidelines. (94.07)","Inputs: Clinical Guidelines, protocols, job aides","Clinical condition-specific guidelines, protocols, job aides","Provision ","Input ClinGuidelin","Both","7 ASB/Malnut/Anem",4,4,3,4,null,null,{"$f":"SUM(N114:$Q114)","v":15},4,1.2,{"$nulls":3},0,null,0,null,0,{"$nulls":4},{"$f":"(AE114*'MS-8,9,10 Domain 3 Weights'!$B$2)+(AF114*'MS-8,9,10 Domain 3 Weights'!$B$3)+(AG114*'MS-8,9,10 Domain 3 Weights'!$B$4)+(AH114*'MS-8,9,10 Domain 3 Weights'!$B$5)","v":0},3,3,2,8,"No","NOT SELECTED","NOT SELECTED","InR"]
[null," 1.7","1",2,"MS-1",null,"The health facility has adequate, functioning equipment (e.g. weighing scales, length and height boards, mid-upper arm circumference tapes) and other supplies for assessing and managing acute malnutrition for the expected case load without stock outs. (94.31)","Inputs: infrastructure, equipment, supplies clinical condition-specific","Clinical condition-specific medicines, supplies and equipment","Provision ","Input InfrastMedSupEquip","Outpatient","7 ASB/Malnut/Anem",4,4,4,4,3,4,{"$f":"SUM(N115:$Q115)","v":16},5,5,{"$nulls":3},0,null,0,null,0,{"$nulls":4},{"$f":"(AE115*'MS-8,9,10 Domain 3 Weights'!$B$2)+(AF115*'MS-8,9,10 Domain 3 Weights'!$B$3)+(AG115*'MS-8,9,10 Domain 3 Weights'!$B$4)+(AH115*'MS-8,9,10 Domain 3 Weights'!$B$5)","v":0},3,3,4,10,"Yes","SELECTED","NOT SELECTED","InR"]
[null," 1.7","1",3,"MS-1",null,"The health facility has or is linked to an outpatient or community therapeutic feeding centre that provides nutritional support and counselling. (84.82)","Inputs: Organization and availability of health services","Health Care Services (availability)","Provision ","Input OrgCare","Both","7 ASB/Malnut/Anem",4,4,4,4,4,4,{"$f":"SUM(N116:$Q116)","v":16},5,3.5,{"$nulls":3},0,null,0,null,0,{"$nulls":4},{"$f":"(AE116*'MS-8,9,10 Domain 3 Weights'!$B$2)+(AF116*'MS-8,9,10 Domain 3 Weights'!$B$3)+(AG116*'MS-8,9,10 Domain 3 Weights'!$B$4)+(AH116*'MS-8,9,10 Domain 3 Weights'!$B$5)","v":0},{"$nulls":3},0,"No","NOT SELECTED","NOT SELECTED","InR"]
[null," 1.7","1",4,"MS-1",null,"The health facility that is managing children with complicated severe acute malnutrition has adequate medical and nutrition supplies (e.g. antibiotics, F75, F100, Resomal and ready-to-use therapeutic food) available for the expected case load without stocks-outs. (91.96)","Inputs: infrastructure, equipment, supplies clinical condition-specific","Clinical condition-specific medicines, supplies and equipment inpatient","Provision ","Input InfrastMedSupEquip","Inpatient","7 ASB/Malnut/Anem",4,4,4,4,3,4,{"$f":"SUM(N117:$Q117)","v":16},5,5,{"$nulls":3},0,null,0,null,0,{"$nulls":4},{"$f":"(AE117*'MS-8,9,10 Domain 3 Weights'!$B$2)+(AF117*'MS-8,9,10 Domain 3 Weights'!$B$3)+(AG117*'MS-8,9,10 Domain 3 Weights'!$B$4)+(AH117*'MS-8,9,10 Domain 3 Weights'!$B$5)","v":0},3,3,4,10,"Yes","SELECTED","NOT SELECTED","InR"]
[null," 1.7","1",5,"MS-1",null,"The health facility has a separate room for all children with complicated severe acute malnutrition, with facilities for keeping them warm (e.g. overhead heaters) and provisions for developmental stimulation. (86.64)","Inputs: infrastructure, equipment, supplies clinical condition-specific","Clinical condition-specific medicines, supplies and equipment inpatient","Provision ","Input InfrastMedSupEquip","Inpatient","7 ASB/Malnut/Anem",4,3,4,4,3,4,{"$f":"SUM(N118:$Q118)","v":15},4,4,{"$nulls":3},0,null,0,null,0,{"$nulls":4},{"$f":"(AE118*'MS-8,9,10 Domain 3 Weights'!$B$2)+(AF118*'MS-8,9,10 Domain 3 Weights'!$B$3)+(AG118*'MS-8,9,10 Domain 3 Weights'!$B$4)+(AH118*'MS-8,9,10 Domain 3 Weights'!$B$5)","v":0},3,3,4,10,"Yes","NOT SELECTED","NOT SELECTED","InR"]
[null," 1.7","1",6,"MS-1",null,"The professional staff at the health facility who care for children receive training and regular refresher sessions in assessment, identification, appropriate management and follow-up of children with acute malnutrition at least once every 12 months. (89.42)","Inputs: Human resources","Human resources (specific clinincal training)","Provision ","Input HumRes","Both","7 ASB/Malnut/Anem",4,4,4,4,3,4,{"$f":"SUM(N119:$Q119)","v":16},null,0,{"$nulls":3},0,null,0,null,0,{"$nulls":4},{"$f":"(AE119*'MS-8,9,10 Domain 3 Weights'!$B$2)+(AF119*'MS-8,9,10 Domain 3 Weights'!$B$3)+(AG119*'MS-8,9,10 Domain 3 Weights'!$B$4)+(AH119*'MS-8,9,10 Domain 3 Weights'!$B$5)","v":0},3,3,3,9,"No","NOT SELECTED","NOT SELECTED","Prov"]
[null," 1.7","1",7,"MS-1",null,"The health facility has basic laboratory and diagnostic tests (e.g. blood glucose, full blood count, blood culture, urinalysis, serum electrolytes, chest X-ray) for appropriate investigation and management of children with complicated severe acute malnutrition. (90.48)","Inputs: infrastructure, equipment, supplies clinical condition-specific","Clinical condition-specific medicines, supplies and equipment inpatient","Provision ","Input InfrastMedSupEquip","Inpatient","7 ASB/Malnut/Anem",4,3,4,4,3,4,{"$f":"SUM(N120:$Q120)","v":15},4,4,{"$nulls":3},0,null,0,null,0,{"$nulls":4},{"$f":"(AE120*'MS-8,9,10 Domain 3 Weights'!$B$2)+(AF120*'MS-8,9,10 Domain 3 Weights'!$B$3)+(AG120*'MS-8,9,10 Domain 3 Weights'!$B$4)+(AH120*'MS-8,9,10 Domain 3 Weights'!$B$5)","v":0},3,3,4,10,"Yes","NOT SELECTED","NOT SELECTED","InR"]
[null," 1.7","1",8,"MS-2",null,"Proportion of all sick children aged < 5 years seen in the health facility whose nutritional and anaemia status was assessed and classified according to the IMCI guidelines. (89.50)","Processes: EB care, harmful practices, patient-centered practices","Compliance with EB care practices outpatient","Provision ","Process","Outpatient","7 ASB/Malnut/Anem",4,4,3,5,3,3,{"$f":"SUM(N121:Q121)","v":16},null,0,4,5,4,13,null,0,null,0,{"$nulls":4},{"$f":"(AE121*'MS-8,9,10 Domain 3 Weights'!$B$2)+(AF121*'MS-8,9,10 Domain 3 Weights'!$B$3)+(AG121*'MS-8,9,10 Domain 3 Weights'!$B$4)+(AH121*'MS-8,9,10 Domain 3 Weights'!$B$5)","v":0},4,4,3,11,"Yes","SELECTED","NOT SELECTED","RIS"]
[null," 1.7","1",9,"MS-2",null,"Proportion of all sick children seen in the health facility whose weight and height were assessed and checked against the recommended WHO growth standards. (90.86)","Processes: EB care, harmful practices, patient-centered practices","Compliance with EB care practices outpatient","Provision ","Process","Outpatient","7 ASB/Malnut/Anem",4,4,3,5,3,3,16,null,0,4,5,3,12,null,0,null,0,{"$nulls":4},{"$f":"(AE122*'MS-8,9,10 Domain 3 Weights'!$B$2)+(AF122*'MS-8,9,10 Domain 3 Weights'!$B$3)+(AG122*'MS-8,9,10 Domain 3 Weights'!$B$4)+(AH122*'MS-8,9,10 Domain 3 Weights'!$B$5)","v":0},4,4,3,11,"No","NOT SELECTED","NOT SELECTED","RIS",null,"This indicator is similar to ind #8 under standard 1.6"]
[null," 1.7","1",10,"MS-2",null,"Proportion of all children seen in the health facility with uncomplicated severe acute malnutrition who received correct, appropriate outpatient care according to WHO guidelines. (87.21)","Processes: EB care, harmful practices, patient-centered practices","Clinical condition-specific outcome outpatient","Provision ","Process","Both","7 ASB/Malnut/Anem",4,4,3,5,3,3,16,null,0,5,4,4,13,null,0,null,0,{"$nulls":4},{"$f":"(AE123*'MS-8,9,10 Domain 3 Weights'!$B$2)+(AF123*'MS-8,9,10 Domain 3 Weights'!$B$3)+(AG123*'MS-8,9,10 Domain 3 Weights'!$B$4)+(AH123*'MS-8,9,10 Domain 3 Weights'!$B$5)","v":0},4,4,3,11,"Yes","SELECTED","NOT SELECTED","RIS"]
[null," 1.7","1",11,"MS-2",null,"Proportion of all children admitted to the health facility with complicated severe acute malnutrition whose temperature was measured and recorded on admission. (86.70)","Processes: EB care, harmful practices, patient-centered practices","Compliance with EB care practices inpatient","Provision ","Process","Inpatient","7 ASB/Malnut/Anem",4,4,3,5,3,3,16,null,0,5,3,3,11,null,0,null,0,{"$nulls":4},{"$f":"(AE124*'MS-8,9,10 Domain 3 Weights'!$B$2)+(AF124*'MS-8,9,10 Domain 3 Weights'!$B$3)+(AG124*'MS-8,9,10 Domain 3 Weights'!$B$4)+(AH124*'MS-8,9,10 Domain 3 Weights'!$B$5)","v":0},4,4,3,11,"No","NOT SELECTED","NOT SELECTED","RIS"]
[null," 1.7","1",12,"MS-2",null,"Proportion of all children admitted to the health facility with complicated severe acute malnutrition whose vital signs, feed intake and weight were regularly and adequately monitored during hospitalization. (88.83)","Processes: EB care, harmful practices, patient-centered practices","Compliance with EB care practices inpatient","Provision ","Process","Inpatient","7 ASB/Malnut/Anem",4,4,3,5,3,3,16,null,0,5,3,4,12,null,0,null,0,{"$nulls":4},{"$f":"(AE125*'MS-8,9,10 Domain 3 Weights'!$B$2)+(AF125*'MS-8,9,10 Domain 3 Weights'!$B$3)+(AG125*'MS-8,9,10 Domain 3 Weights'!$B$4)+(AH125*'MS-8,9,10 Domain 3 Weights'!$B$5)","v":0},4,4,3,11,"No","NOT SELECTED","NOT SELECTED","RIS"]
[null," 1.7","1",13,"MS-2",null,"Proportion of all children admitted with complicated severe acute malnutrition who received appropriate feeding at a correct frequency both day and night according to WHO guidelines. (86.80)","Processes: EB care, harmful practices, patient-centered practices","Compliance with EB care practices inpatient","Provision ","Process","Inpatient","7 ASB/Malnut/Anem",4,4,3,5,3,3,16,null,0,5,3,3,11,null,0,null,0,{"$nulls":4},{"$f":"(AE126*'MS-8,9,10 Domain 3 Weights'!$B$2)+(AF126*'MS-8,9,10 Domain 3 Weights'!$B$3)+(AG126*'MS-8,9,10 Domain 3 Weights'!$B$4)+(AH126*'MS-8,9,10 Domain 3 Weights'!$B$5)","v":0},4,4,3,11,"No","NOT SELECTED","NOT SELECTED","RIS"]
[null," 1.7","1",14,"MS-2",null,"Proportion of all children with acute malnutrition whose carers have been counselled and informed about age-appropriate feeding. (83.46)","Processes: EB care, harmful practices, patient-centered practices","Compliance with EB care practices","Provision ","Process","Inpatient","7 ASB/Malnut/Anem",4,4,3,5,3,3,16,null,0,4,4,2,10,null,0,null,0,{"$nulls":4},{"$f":"(AE127*'MS-8,9,10 Domain 3 Weights'!$B$2)+(AF127*'MS-8,9,10 Domain 3 Weights'!$B$3)+(AG127*'MS-8,9,10 Domain 3 Weights'!$B$4)+(AH127*'MS-8,9,10 Domain 3 Weights'!$B$5)","v":0},4,4,3,11,"No","NOT SELECTED","NOT SELECTED","Client"]
[null," 1.7","1",15,"MS-2",null,"Proportion of all children classified or diagnosed with anaemia who are appropriately investigated and prescribed treatment correctly according to WHO guidelines. (89.09","Processes: EB care, harmful practices, patient-centered practices","Compliance with EB care practices","Provision ","Process","Both","7 ASB/Malnut/Anem",4,4,3,5,3,3,16,null,0,4,5,4,13,null,0,null,0,{"$nulls":4},{"$f":"(AE128*'MS-8,9,10 Domain 3 Weights'!$B$2)+(AF128*'MS-8,9,10 Domain 3 Weights'!$B$3)+(AG128*'MS-8,9,10 Domain 3 Weights'!$B$4)+(AH128*'MS-8,9,10 Domain 3 Weights'!$B$5)","v":0},4,4,3,11,"Yes","SELECTED","NOT SELECTED","RIS"]
[null," 1.7","1",16,"MS-3",null,"Case fatality rate from complicated severe acute malnutrition (monthly or every 3 months depending on the number of cases managed). (92.54) ","Outcomes: clinical condition-specific outcome","Clinical condition-specific outcome inpatient","Provision ","Outcome","Inpatient","7 ASB/Malnut/Anem",4,4,4,4,3,4,16,null,0,{"$nulls":3},0,4,4,null,0,{"$nulls":4},{"$f":"(AE129*'MS-8,9,10 Domain 3 Weights'!$B$2)+(AF129*'MS-8,9,10 Domain 3 Weights'!$B$3)+(AG129*'MS-8,9,10 Domain 3 Weights'!$B$4)+(AH129*'MS-8,9,10 Domain 3 Weights'!$B$5)","v":0},3,3,3,9,"Yes","SELECTED","NOT SELECTED","RIS",null,"This indicator is inpatient. Do we want something on caregiver reported ouitcome?"]
[null," 1.8","1",1,"MS-1",null,"1.     The health facility has written, up-to-date guidance on assessing and managing children with suspected TB infection. (94.19)","Inputs: Clinical Guidelines, protocols, job aides","Clinical condition-specific guidelines, protocols, job aides","Provision ","Input ClinGuidelin","Both","8 ASB/TB/HIV",4,4,3,4,null,null,{"$f":"SUM(N130:$Q130)","v":15},4,1.2,{"$nulls":3},0,null,0,null,0,{"$nulls":4},{"$f":"(AE130*'MS-8,9,10 Domain 3 Weights'!$B$2)+(AF130*'MS-8,9,10 Domain 3 Weights'!$B$3)+(AG130*'MS-8,9,10 Domain 3 Weights'!$B$4)+(AH130*'MS-8,9,10 Domain 3 Weights'!$B$5)","v":0},3,3,2,8,"No","NOT SELECTED","NOT SELECTED","InR"]
[null," 1.8","1",2,"MS-1",null,"2.     The health facility offers routine screening for TB symptoms among children at risk (e.g. history of contact with a case of active TB, malnourished or with HIV/AIDS). (89.59)","Inputs: Organization and availability of health services","Health Care Services (availability)","Provision ","Input Ser Avail","Outpatient","8 ASB/TB/HIV",3,4,4,3,4,4,{"$f":"SUM(N131:$Q131)","v":14},5,5,{"$nulls":3},0,null,0,null,0,{"$nulls":4},{"$f":"(AE131*'MS-8,9,10 Domain 3 Weights'!$B$2)+(AF131*'MS-8,9,10 Domain 3 Weights'!$B$3)+(AG131*'MS-8,9,10 Domain 3 Weights'!$B$4)+(AH131*'MS-8,9,10 Domain 3 Weights'!$B$5)","v":0},{"$nulls":3},0,"Yes","NOT SELECTED","NOT SELECTED","InR"]
[null," 1.8","1",3,"MS-1",null,"3.     Health facilities in areas with a high prevalence of HIV infection routinely offer HIV counselling and testing to all children. (91.51)","Inputs: Organization and availability of health services","Health Care Services (availability)","Provision ","Input Ser Avail","Both","8 ASB/TB/HIV",3,4,4,3,4,4,{"$f":"SUM(N132:$Q132)","v":14},5,5,{"$nulls":3},0,null,0,null,0,{"$nulls":4},{"$f":"(AE132*'MS-8,9,10 Domain 3 Weights'!$B$2)+(AF132*'MS-8,9,10 Domain 3 Weights'!$B$3)+(AG132*'MS-8,9,10 Domain 3 Weights'!$B$4)+(AH132*'MS-8,9,10 Domain 3 Weights'!$B$5)","v":0},{"$nulls":3},0,"Yes","NOT SELECTED","NOT SELECTED","InR",null,"maybe better to reframe  the indicator to collect it form medical documentation\n"]
[null," 1.8","1",4,"MS-1",null,"4.     The health facility has child-friendly single or fixed-dose formulations of anti-TB medicines available at all times in adequate quantities without stock outs. (92.33)","Inputs: infrastructure, equipment, supplies clinical condition-specific","Clinical condition-specific medicines, supplies and equipment","Provision ","Input InfrastMedSupEquip","Both","8 ASB/TB/HIV",4,4,4,4,3,4,{"$f":"SUM(N133:$Q133)","v":16},5,5,{"$nulls":3},0,null,0,null,0,{"$nulls":4},{"$f":"(AE133*'MS-8,9,10 Domain 3 Weights'!$B$2)+(AF133*'MS-8,9,10 Domain 3 Weights'!$B$3)+(AG133*'MS-8,9,10 Domain 3 Weights'!$B$4)+(AH133*'MS-8,9,10 Domain 3 Weights'!$B$5)","v":0},3,3,4,10,"Yes","SELECTED","NOT SELECTED","InR"]
[null," 1.8","1",5,"MS-1",null,"5.     The health facility has adequate supplies of antiretroviral therapy and preventive therapy (co-trimoxazole) available at all times for infants and children exposed to and/or infected with HIV. (92.47)","Inputs: infrastructure, equipment, supplies clinical condition-specific","Clinical condition-specific medicines, supplies and equipment","Provision ","Input InfrastMedSupEquip","Both","8 ASB/TB/HIV",4,4,4,4,3,4,{"$f":"SUM(N134:$Q134)","v":16},5,5,{"$nulls":3},{"$f":"SUM(W134:Y134)","v":0},null,0,null,0,{"$nulls":4},{"$f":"(AE134*'MS-8,9,10 Domain 3 Weights'!$B$2)+(AF134*'MS-8,9,10 Domain 3 Weights'!$B$3)+(AG134*'MS-8,9,10 Domain 3 Weights'!$B$4)+(AH134*'MS-8,9,10 Domain 3 Weights'!$B$5)","v":0},3,3,4,10,"Yes","SELECTED","NOT SELECTED","InR"]
[null," 1.8","1",6,"MS-1",null,"6.     The professional staff at the health facility receive training and regular refresher sessions on TB prevention, case-finding and management at least once every 12 months. (88.00)","Inputs: Human resources","Human resources (specific clinincal training)","Provision ","Input HumRes","Both","8 ASB/TB/HIV",4,4,4,4,3,4,{"$f":"SUM(N135:$Q135)","v":16},null,0,{"$nulls":3},0,null,0,null,0,{"$nulls":4},{"$f":"(AE135*'MS-8,9,10 Domain 3 Weights'!$B$2)+(AF135*'MS-8,9,10 Domain 3 Weights'!$B$3)+(AG135*'MS-8,9,10 Domain 3 Weights'!$B$4)+(AH135*'MS-8,9,10 Domain 3 Weights'!$B$5)","v":0},3,3,3,9,"No","NOT SELECTED","NOT SELECTED","Prov"]
[null," 1.8","1",7,"MS-2",null,"1.     Proportion of all children with a household contact with active TB who received TB preventive treatment. (83.99)","Processes: EB care, harmful practices, patient-centered practices","Compliance with EB care practices","Provision ","Process","Both","8 ASB/TB/HIV",4,4,3,4,3,4,{"$f":"SUM(N136:Q136)","v":15},null,0,5,4,5,14,null,0,null,0,{"$nulls":4},{"$f":"(AE136*'MS-8,9,10 Domain 3 Weights'!$B$2)+(AF136*'MS-8,9,10 Domain 3 Weights'!$B$3)+(AG136*'MS-8,9,10 Domain 3 Weights'!$B$4)+(AH136*'MS-8,9,10 Domain 3 Weights'!$B$5)","v":0},4,4,3,11,"Yes","NOT SELECTED","NOT SELECTED","RIS"]
[null," 1.8","1",8,"MS-2",null,"2.     Proportion of all children with suspected TB who were investigated with an Xpert MTB/RIF for diagnosis of TB. (87.88)","Processes: EB care, harmful practices, patient-centered practices","Compliance with EB care practices","Provision ","Process","Outpatient","8 ASB/TB/HIV",4,4,3,4,3,4,{"$f":"SUM(N137:Q137)","v":15},null,0,5,4,1,10,null,0,null,0,{"$nulls":4},{"$f":"(AE137*'MS-8,9,10 Domain 3 Weights'!$B$2)+(AF137*'MS-8,9,10 Domain 3 Weights'!$B$3)+(AG137*'MS-8,9,10 Domain 3 Weights'!$B$4)+(AH137*'MS-8,9,10 Domain 3 Weights'!$B$5)","v":0},4,4,3,11,"No","NOT SELECTED","NOT SELECTED","RIS"]
[null," 1.8","1",9,"MS-2",null,"3.     Proportion of all children with diagnosed TB who received correct, appropriate treatment (i.e formulation, combination, dose and duration of treatment). (90.49)","Processes: EB care, harmful practices, patient-centered practices","Compliance with EB care practices","Provision ","Process","Both","8 ASB/TB/HIV",4,4,4,4,3,4,16,null,{"$f":"IF(E138=\"MS-1\",U138*(VLOOKUP(K138,_tbl.MS1,3,FALSE)),U138)","v":0},5,4,4,13,null,0,null,0,{"$nulls":4},{"$f":"(AE138*'MS-8,9,10 Domain 3 Weights'!$B$2)+(AF138*'MS-8,9,10 Domain 3 Weights'!$B$3)+(AG138*'MS-8,9,10 Domain 3 Weights'!$B$4)+(AH138*'MS-8,9,10 Domain 3 Weights'!$B$5)","v":0},4,4,3,11,"Yes","SELECTED","NOT SELECTED","RIS"]
[null," 1.8","1",10,"MS-2",null,"4.     Proportion of all children with diagnosed multi-drug-resistant TB who were appropriately referred. (89.00)","Inputs: Organization and availability of health services","Organization of care processes (including information exchange, care coordination and referral)","Provision ","Process","Outpatient","8 ASB/TB/HIV",4,4,3,4,3,4,15,null,0,4,4,3,11,null,{"$f":"AA139","v":0},null,{"$f":"AC139","v":0},{"$nulls":4},{"$f":"(AE139*'MS-8,9,10 Domain 3 Weights'!$B$2)+(AF139*'MS-8,9,10 Domain 3 Weights'!$B$3)+(AG139*'MS-8,9,10 Domain 3 Weights'!$B$4)+(AH139*'MS-8,9,10 Domain 3 Weights'!$B$5)","v":0},4,4,3,{"$f":"SUM(AJ139:AL139)","v":11},{"$f":"IF(OR(V139>=$R$2,Z139>=$R$3,AB139>=$R$4,AD139>=$R$5,AI139>=$R$6),\"Yes\",\"No\")","v":"No"},{"$f":"IF(AND(T139>=$R$1,AN139=\"Yes\"),\"SELECTED\",\"NOT SELECTED\")","v":"NOT SELECTED"},{"$f":"IF(AND(AO139=\"SELECTED\",AM139>=$R$7),\"CORE\",\"NOT SELECTED\")","v":"NOT SELECTED"},"RIS",null,"the same as #10 of Standard 1.7."]
[null," 1.8","1",11,"MS-2",null,"5.     Proportion of all children started on TB treatment in the health facility who successfully completed the full course. 89.96)","Outcomes: clinical condition-specific outcome","Clinical condition-specific outcome","Provision ","Process","Both","8 ASB/TB/HIV",4,5,3,4,3,4,{"$f":"SUM(N140:Q140)","v":16},null,0,4,4,5,13,null,0,null,0,{"$nulls":4},{"$f":"(AE140*'MS-8,9,10 Domain 3 Weights'!$B$2)+(AF140*'MS-8,9,10 Domain 3 Weights'!$B$3)+(AG140*'MS-8,9,10 Domain 3 Weights'!$B$4)+(AH140*'MS-8,9,10 Domain 3 Weights'!$B$5)","v":0},4,4,4,12,"Yes","SELECTED","NOT SELECTED","RIS",null,"Suggest to use standard WHO Indicator: TB treatment success rate"]
[null," 1.8","1",12,"MS-2",null,"6.     Proportion of all children who attend health facilities in settings with a high HIV prevalence whose HIV status is known and documented in their medical records. (90.75)","Processes: EB care, harmful practices, patient-centered practices","Compliance with EB care practices","Provision ","Process","Both","8 ASB/TB/HIV",4,5,4,4,4,4,{"$f":"SUM(N141:Q141)","v":17},null,0,5,4,4,13,null,0,null,0,{"$nulls":4},{"$f":"(AE141*'MS-8,9,10 Domain 3 Weights'!$B$2)+(AF141*'MS-8,9,10 Domain 3 Weights'!$B$3)+(AG141*'MS-8,9,10 Domain 3 Weights'!$B$4)+(AH141*'MS-8,9,10 Domain 3 Weights'!$B$5)","v":0},4,4,3,11,"Yes","SELECTED","NOT SELECTED","RIS",null,"Note: this measure will be important in high prevalence settings; The same as Standard #7"]
[null," 1.8","1",13,"MS-2",null,"7.     Proportion of all HIV-positive women who delivered in the health facility who receive appropriate prophylaxis to prevent mother-to-child transmission and antiretroviral therapy according to WHO guidelines. (94.86)","Processes: EB care, harmful practices, patient-centered practices","Compliance with EB care practices","Provision ","Process","Both","8 ASB/TB/HIV",3,5,3,3,4,4,{"$f":"SUM(N142:Q142)","v":14},null,0,5,4,4,13,null,0,null,0,{"$nulls":4},{"$f":"(AE142*'MS-8,9,10 Domain 3 Weights'!$B$2)+(AF142*'MS-8,9,10 Domain 3 Weights'!$B$3)+(AG142*'MS-8,9,10 Domain 3 Weights'!$B$4)+(AH142*'MS-8,9,10 Domain 3 Weights'!$B$5)","v":0},4,4,5,13,"Yes","NOT SELECTED","NOT SELECTED","RIS",null,"I think this goes bayond child health indicators. Maybe we focus on testing and treatment of exposed/infected infants? Should we measure Maternal prophylaxis or Infant prophylaxis"]
[null," 1.8","1",14,"MS-2",null,"8.     Proportion of all children born to HIV-infected mothers who were tested for HIV infection within 8 weeks of birth and received appropriate antiretroviral therapy according to WHO guidelines. (92.50)","Processes: EB care, harmful practices, patient-centered practices","Compliance with EB care practices","Provision ","Process","Outpatient","8 ASB/TB/HIV",4,5,3,4,4,4,16,null,0,5,4,4,13,null,0,null,0,{"$nulls":4},{"$f":"(AE143*'MS-8,9,10 Domain 3 Weights'!$B$2)+(AF143*'MS-8,9,10 Domain 3 Weights'!$B$3)+(AG143*'MS-8,9,10 Domain 3 Weights'!$B$4)+(AH143*'MS-8,9,10 Domain 3 Weights'!$B$5)","v":0},5,5,3,13,"Yes","SELECTED","CORE","RIS","Monthly","we just may split this on two (tested) and second below will be treated"]
[null," 1.8","1",15,"MS-2",null,"9.     Proportion of all children with confirmed HIV infection who have started antiretroviral therapy. (96.05)","Processes: EB care, harmful practices, patient-centered practices","Compliance with EB care practices","Provision ","Process","Outpatient","8 ASB/TB/HIV",4,5,4,4,4,4,17,null,0,5,4,4,13,null,0,null,0,{"$nulls":4},{"$f":"(AE144*'MS-8,9,10 Domain 3 Weights'!$B$2)+(AF144*'MS-8,9,10 Domain 3 Weights'!$B$3)+(AG144*'MS-8,9,10 Domain 3 Weights'!$B$4)+(AH144*'MS-8,9,10 Domain 3 Weights'!$B$5)","v":0},4,4,3,11,"Yes","SELECTED","NOT SELECTED","RIS",null,"Note: indicator #14 includes #15. therefore, it is not selected separately. Alternatively,  we can focus #14 on testing and #15 on treatment. Note: 100 core monitors AIDS related mortality and Viral load supression (3rd 95 target). This one focuses on 1st two targets, but may be difficult to measure"]
[null," 1.8","1",16,"MS-3",null,"1.     Cure rate for childhood TB infection in the health facility. (83.58)","Outcomes: clinical condition-specific outcome","Clinical condition-specific outcome","Provision ","Outcome","Outpatient","8 ASB/TB/HIV",4,4,4,4,4,4,{"$f":"SUM(N145:Q145)","v":16},null,0,{"$nulls":3},0,4,4,null,0,{"$nulls":4},{"$f":"(AE145*'MS-8,9,10 Domain 3 Weights'!$B$2)+(AF145*'MS-8,9,10 Domain 3 Weights'!$B$3)+(AG145*'MS-8,9,10 Domain 3 Weights'!$B$4)+(AH145*'MS-8,9,10 Domain 3 Weights'!$B$5)","v":0},4,4,5,13,"Yes","SELECTED","CORE","RIS","Monthly","Can be standardized as TB treatment success rate as standard 100 core measure"]
[null," 1.8","1",17,"MS-3",null,"2.     Case fatality rate among children with HIV infection in the facility. (88.71)","Outcomes: clinical condition-specific outcome","Clinical condition-specific outcome inpatient","Provision ","Outcome","Inpatient","8 ASB/TB/HIV",4,4,4,4,4,4,{"$f":"SUM(N146:Q146)","v":16},null,0,{"$nulls":3},0,4,4,null,0,{"$nulls":4},{"$f":"(AE146*'MS-8,9,10 Domain 3 Weights'!$B$2)+(AF146*'MS-8,9,10 Domain 3 Weights'!$B$3)+(AG146*'MS-8,9,10 Domain 3 Weights'!$B$4)+(AH146*'MS-8,9,10 Domain 3 Weights'!$B$5)","v":0},4,4,4,12,"Yes","SELECTED","NOT SELECTED","RIS",null,"do we need ART retention rate? It would be more impactful. As it is 100 core indicator; Or viral load suppression  as it is part of 90-90-90 target "]
[null," 1.9","1",1,"MS-1",null,"1.     The health facility has written, up-to-date protocols and guidelines for providing routine child immunization services that are consistent with WHO guidelines. (95.16)","Inputs: Clinical Guidelines, protocols, job aides","Clinical condition-specific guidelines, protocols, job aides","Provision ","Input ClinGuidelin","Outpatient","9 RCEB/Vaccin/VitA",4,4,3,4,null,null,{"$f":"SUM(N147:$Q147)","v":15},4,1.2,{"$nulls":3},0,null,0,null,0,{"$nulls":4},{"$f":"(AE147*'MS-8,9,10 Domain 3 Weights'!$B$2)+(AF147*'MS-8,9,10 Domain 3 Weights'!$B$3)+(AG147*'MS-8,9,10 Domain 3 Weights'!$B$4)+(AH147*'MS-8,9,10 Domain 3 Weights'!$B$5)","v":0},3,3,2,8,"No","NOT SELECTED","NOT SELECTED","InR"]
[null," 1.9","1",2,"MS-1",null,"2.     The health facility has a functioning refrigerator with a temperature monitoring device and sufficient storage capacity to accommodate all the vaccines required for the expected case load. (95.69)","Inputs: infrastructure, equipment, supplies clinical condition-specific","Clinical condition-specific medicines, supplies and equipment","Provision ","Input InfrastMedSupEquip","Outpatient","9 RCEB/Vaccin/VitA",4,4,4,4,4,4,{"$f":"SUM(N148:$Q148)","v":16},5,5,{"$nulls":3},0,null,0,null,0,{"$nulls":4},{"$f":"(AE148*'MS-8,9,10 Domain 3 Weights'!$B$2)+(AF148*'MS-8,9,10 Domain 3 Weights'!$B$3)+(AG148*'MS-8,9,10 Domain 3 Weights'!$B$4)+(AH148*'MS-8,9,10 Domain 3 Weights'!$B$5)","v":0},3,3,4,10,"Yes","SELECTED","NOT SELECTED","InR"]
[null," 1.9","1",3,"MS-1",null,"3.     The health facility has adequate supplies of immunization cards, tally sheets, ice packs and other supplies to provide daily immunization services at all times with no stock outs. (93.66)","Inputs: infrastructure, equipment, supplies clinical condition-specific","Clinical condition-specific medicines, supplies and equipment","Provision ","Input InfrastMedSupEquip","Both","9 RCEB/Vaccin/VitA",4,4,4,4,3,4,{"$f":"SUM(N149:$Q149)","v":16},3,3,{"$nulls":3},0,null,0,null,0,{"$nulls":4},{"$f":"(AE149*'MS-8,9,10 Domain 3 Weights'!$B$2)+(AF149*'MS-8,9,10 Domain 3 Weights'!$B$3)+(AG149*'MS-8,9,10 Domain 3 Weights'!$B$4)+(AH149*'MS-8,9,10 Domain 3 Weights'!$B$5)","v":0},3,3,4,10,"No","NOT SELECTED","NOT SELECTED","InR"]
[null," 1.9","1",4,"MS-1",null,"4.     The health facility has adequate supplies of all age-appropriate primary vaccines and human papillomavirus available to provide daily immunization services with no stock outs. (92.81)","Inputs: infrastructure, equipment, supplies clinical condition-specific","Clinical condition-specific medicines, supplies and equipment","Provision ","Input InfrastMedSupEquip","Both","9 RCEB/Vaccin/VitA",4,4,4,4,4,4,{"$f":"SUM(N150:$Q150)","v":16},5,5,{"$nulls":3},0,null,0,null,0,{"$nulls":4},{"$f":"(AE150*'MS-8,9,10 Domain 3 Weights'!$B$2)+(AF150*'MS-8,9,10 Domain 3 Weights'!$B$3)+(AG150*'MS-8,9,10 Domain 3 Weights'!$B$4)+(AH150*'MS-8,9,10 Domain 3 Weights'!$B$5)","v":0},3,3,4,10,"Yes","SELECTED","NOT SELECTED","InR"]
[null," 1.9","1",5,"MS-1",null,"5.     The health facility has adequate supplies of puncture-resistant, rigid, leak-resistant containers designed to hold used sharps safely during collection, disposal and destruction. (91.51)","Inputs: infrastructure, equipment, supplies clinical condition-specific","Clinical condition-specific medicines, supplies and equipment","Provision ","Input InfrastMedSupEquip","Both","9 RCEB/Vaccin/VitA",4,4,4,4,3,4,{"$f":"SUM(N151:$Q151)","v":16},3,3,{"$nulls":3},0,null,0,null,0,{"$nulls":4},{"$f":"(AE151*'MS-8,9,10 Domain 3 Weights'!$B$2)+(AF151*'MS-8,9,10 Domain 3 Weights'!$B$3)+(AG151*'MS-8,9,10 Domain 3 Weights'!$B$4)+(AH151*'MS-8,9,10 Domain 3 Weights'!$B$5)","v":0},3,3,4,10,"No","NOT SELECTED","NOT SELECTED","InR"]
[null," 1.9","1",6,"MS-1",null,"6.     The health facility has at least one health professional trained in immunization service delivery, who receives regular refresher sessions at least once every 24 months. (89.51)","Inputs: Human resources","Human resources (specific clinincal training)","Provision ","Input HumRes","Both","9 RCEB/Vaccin/VitA",4,4,4,4,3,4,{"$f":"SUM(N152:$Q152)","v":16},null,0,{"$nulls":3},0,null,0,null,0,{"$nulls":4},{"$f":"(AE152*'MS-8,9,10 Domain 3 Weights'!$B$2)+(AF152*'MS-8,9,10 Domain 3 Weights'!$B$3)+(AG152*'MS-8,9,10 Domain 3 Weights'!$B$4)+(AH152*'MS-8,9,10 Domain 3 Weights'!$B$5)","v":0},3,3,3,9,"No","NOT SELECTED","NOT SELECTED","InR"]
[null," 1.9","1",7,"MS-1",null,"1.     Proportion of days on which the refrigerator temperature, monitored twice daily, was not out of the range 2–8 ªC in the past month. (88.19)","Inputs: management and oversight","Oversight and management on  cross-cutting supporting  systems","Provision ","Input Over&Man","Both","9 RCEB/Vaccin/VitA",4,5,3,4,4,4,{"$f":"SUM(N153:$Q153)","v":16},4,2,{"$nulls":3},0,null,0,null,0,{"$nulls":4},{"$f":"(AE153*'MS-8,9,10 Domain 3 Weights'!$B$2)+(AF153*'MS-8,9,10 Domain 3 Weights'!$B$3)+(AG153*'MS-8,9,10 Domain 3 Weights'!$B$4)+(AH153*'MS-8,9,10 Domain 3 Weights'!$B$5)","v":0},3,3,3,9,"No","NOT SELECTED","NOT SELECTED","InR"]
[null," 1.9","1",8,"MS-2",null,"2.     Proportion of all children seen in the health facility whose vaccination and vitamin A status was checked. (88.46)","Processes: EB care, harmful practices, patient-centered practices","Compliance with EB care practices","Provision ","Process","Outpatient","9 RCEB/Vaccin/VitA",4,4,4,4,4,4,{"$f":"SUM(N154:Q154)","v":16},null,0,4,5,4,13,null,0,null,0,{"$nulls":4},{"$f":"(AE154*'MS-8,9,10 Domain 3 Weights'!$B$2)+(AF154*'MS-8,9,10 Domain 3 Weights'!$B$3)+(AG154*'MS-8,9,10 Domain 3 Weights'!$B$4)+(AH154*'MS-8,9,10 Domain 3 Weights'!$B$5)","v":0},4,4,4,12,"Yes","SELECTED","NOT SELECTED","RIS"]
[null," 1.9","1",9,"MS-2",null,"3.     Proportion of  children 6 months- under 5 years of age who attended the health facility and received vitamin A supplementation in the past 6 months. (86.33)","Processes: EB care, harmful practices, patient-centered practices","Compliance with EB care practices outpatient","Provision ","Process","Outpatient","9 RCEB/Vaccin/VitA",4,5,3,4,4,4,{"$f":"SUM(N155:Q155)","v":16},null,0,4,5,4,13,null,0,null,0,{"$nulls":4},{"$f":"(AE155*'MS-8,9,10 Domain 3 Weights'!$B$2)+(AF155*'MS-8,9,10 Domain 3 Weights'!$B$3)+(AG155*'MS-8,9,10 Domain 3 Weights'!$B$4)+(AH155*'MS-8,9,10 Domain 3 Weights'!$B$5)","v":0},4,4,3,11,"Yes","SELECTED","NOT SELECTED","RIS"]
[null," 1.9","1",10,"MS-2",null,"4.     Proportion of all carers whose children are eligible for the next dose of vaccine who were counselled and know when to return. (80.76)","Processes: EB care, harmful practices, patient-centered practices","Compliance with EB care practices outpatient","Provision ","Process","Outpatient","9 RCEB/Vaccin/VitA",4,4,2,4,3,3,14,null,0,4,5,4,13,null,0,null,0,{"$nulls":4},{"$f":"(AE156*'MS-8,9,10 Domain 3 Weights'!$B$2)+(AF156*'MS-8,9,10 Domain 3 Weights'!$B$3)+(AG156*'MS-8,9,10 Domain 3 Weights'!$B$4)+(AH156*'MS-8,9,10 Domain 3 Weights'!$B$5)","v":0},4,4,3,11,"Yes","NOT SELECTED","NOT SELECTED","Obs"]
[null," 1.9","1",11,"MS-3",null,"1.     Proportion of all children under 5 years of age who attended the health facility and left without receiving age-appropriate, up-to-date vaccination according to the guidelines of the WHO expanded programme on immunization. (81.62)","Impact/No disease-specific care outcomes","Impact  outpatient ( e.g full vaccination)","Provision ","Outcome","Both","9 RCEB/Vaccin/VitA",5,5,3,5,4,3,18,null,0,{"$nulls":3},0,5,5,null,0,{"$nulls":4},{"$f":"(AE157*'MS-8,9,10 Domain 3 Weights'!$B$2)+(AF157*'MS-8,9,10 Domain 3 Weights'!$B$3)+(AG157*'MS-8,9,10 Domain 3 Weights'!$B$4)+(AH157*'MS-8,9,10 Domain 3 Weights'!$B$5)","v":0},4,4,5,13,"Yes","SELECTED","CORE","Obs","Monthly","This indicator is similar to indicator #12 (that measures ony in inpatient).I would suggest to use positive measure: proportion of children visited health care facilities who were fully vaccinated at their age and use it both inpatient and outpatient"]
[null," 1.9","1",12,"MS-3",null,"2.     Proportion of all children admitted to the health facility for more than 24 h who were not fully vaccinated for their age. (84.73)","Impact/No disease-specific care outcomes","Impact inpatient (no clinical content-specific outcomes e.g institutional child mortality)","Provision ","Outcome","Both","9 RCEB/Vaccin/VitA",5,5,3,5,4,3,18,null,0,{"$nulls":3},0,5,5,null,0,{"$nulls":4},{"$f":"(AE158*'MS-8,9,10 Domain 3 Weights'!$B$2)+(AF158*'MS-8,9,10 Domain 3 Weights'!$B$3)+(AG158*'MS-8,9,10 Domain 3 Weights'!$B$4)+(AH158*'MS-8,9,10 Domain 3 Weights'!$B$5)","v":0},4,4,4,12,"Yes","SELECTED","NOT SELECTED","Client",null,"Similar to indicator #11. Suggest to use the measure #11 above with proposed modificaton"]
[null," 1.10","1",1,"MS-1",null,"1.     The health facility has written, up-to-date policies, protocols and guidelines for screening, managing and ensuring the continuity of care in the community for children with common chronic conditions. (89.32)","Inputs: Clinical Guidelines, protocols, job aides","Clinical condition-specific guidelines, protocols, job aides","Provision ","Input ClinGuidelin","Both","10 ASB/Chronic/Con",4,4,3,4,null,null,{"$f":"SUM(N159:$Q159)","v":15},4,1.2,{"$nulls":3},0,null,0,null,0,{"$nulls":4},{"$f":"(AE159*'MS-8,9,10 Domain 3 Weights'!$B$2)+(AF159*'MS-8,9,10 Domain 3 Weights'!$B$3)+(AG159*'MS-8,9,10 Domain 3 Weights'!$B$4)+(AH159*'MS-8,9,10 Domain 3 Weights'!$B$5)","v":0},3,3,2,8,"No","NOT SELECTED","NOT SELECTED","InR"]
[null," 1.10","1",2,"MS-1",null,"2.     The health facility has a model for chronic care that includes a coordinated, multidisciplinary team approach and the participation of children and their families. (81.32)","Inputs: Operational Guidelines","Operational guidelines, protocols related to care provision","Provision ","Input OperGuide","Outpatient","10 ASB/Chronic/Con",4,4,4,4,4,3,{"$f":"SUM(N160:$Q160)","v":16},4,1.2,{"$nulls":3},0,null,0,null,0,{"$nulls":4},{"$f":"(AE160*'MS-8,9,10 Domain 3 Weights'!$B$2)+(AF160*'MS-8,9,10 Domain 3 Weights'!$B$3)+(AG160*'MS-8,9,10 Domain 3 Weights'!$B$4)+(AH160*'MS-8,9,10 Domain 3 Weights'!$B$5)","v":0},3,3,3,9,"No","NOT SELECTED","NOT SELECTED","InR"]
[null," 1.10","1",3,"MS-1",null,"3.     The health facility has the facilities, supplies and materials necessary to provide optimal care during both acute episodes and routine follow-up of children with chronic conditions. (88.08)","Inputs: infrastructure, equipment, supplies clinical condition-specific","Clinical condition-specific medicines, supplies and equipment","Provision ","Input InfrastMedSupEquip","Outpatient","10 ASB/Chronic/Con",4,3,4,4,3,3,{"$f":"SUM(N161:$Q161)","v":15},5,5,{"$nulls":3},0,null,0,null,0,{"$nulls":4},{"$f":"(AE161*'MS-8,9,10 Domain 3 Weights'!$B$2)+(AF161*'MS-8,9,10 Domain 3 Weights'!$B$3)+(AG161*'MS-8,9,10 Domain 3 Weights'!$B$4)+(AH161*'MS-8,9,10 Domain 3 Weights'!$B$5)","v":0},3,3,4,10,"Yes","NOT SELECTED","NOT SELECTED","InR"]
[null," 1.10","1",4,"MS-1",null,"4.     Health professionals receive in-service training or refresher sessions in the appropriate care of common chronic childhood conditions (e.g. asthma, sickle-cell disease, diabetes, epilepsy and cardiac disease) at least once every 12 months. (87.81)","Inputs: Human resources","Human resources (specific clinincal training)","Provision ","Input HumRes","Outpatient","10 ASB/Chronic/Con",4,4,4,4,3,4,{"$f":"SUM(N162:$Q162)","v":16},null,0,{"$nulls":3},0,null,0,null,0,{"$nulls":4},{"$f":"(AE162*'MS-8,9,10 Domain 3 Weights'!$B$2)+(AF162*'MS-8,9,10 Domain 3 Weights'!$B$3)+(AG162*'MS-8,9,10 Domain 3 Weights'!$B$4)+(AH162*'MS-8,9,10 Domain 3 Weights'!$B$5)","v":0},3,3,3,9,"No","NOT SELECTED","NOT SELECTED","Prov"]
[null," 1.10","1",5,"MS-1",null,"5.     The health facility has an established system for age-appropriate education and counselling for children about their condition, self-management and prevention of complications. (81.45)","Inputs: Operational Guidelines","Operational guidelines, protocols related to client-centered practices","Provision ","Input OperGuide","Both","10 ASB/Chronic/Con",4,4,4,4,4,3,{"$f":"SUM(N163:$Q163)","v":16},4,1.2,{"$nulls":3},0,null,0,null,0,{"$nulls":4},{"$f":"(AE163*'MS-8,9,10 Domain 3 Weights'!$B$2)+(AF163*'MS-8,9,10 Domain 3 Weights'!$B$3)+(AG163*'MS-8,9,10 Domain 3 Weights'!$B$4)+(AH163*'MS-8,9,10 Domain 3 Weights'!$B$5)","v":0},3,3,3,9,"No","NOT SELECTED","NOT SELECTED","InR"]
[null," 1.10","1",9,"MS-1",null,"4.     Proportion of health professionals who care for children in the health facility who have received in-service training or refresher sessions in appropriate care of common chronic childhood conditions at least once every 12 months. (87.77)","Inputs: Human resources","Human resources (specific clinincal training)","Provision ","Input HumRes","Both","10 ASB/Chronic/Con",4,4,4,4,3,4,{"$f":"SUM(N164:$Q164)","v":16},null,0,{"$nulls":3},0,null,0,null,0,{"$nulls":4},{"$f":"(AE164*'MS-8,9,10 Domain 3 Weights'!$B$2)+(AF164*'MS-8,9,10 Domain 3 Weights'!$B$3)+(AG164*'MS-8,9,10 Domain 3 Weights'!$B$4)+(AH164*'MS-8,9,10 Domain 3 Weights'!$B$5)","v":0},3,3,3,9,"No","NOT SELECTED","NOT SELECTED","Prov",null,"The same as indicator #4 standard 1.10"]
[null," 1.10","1",8,"MS-2",null,"3.     Proportion of children who require palliative care, whose physical and emotional care, including pain, side-effects and other symptoms, is assessed and documented. (83.92)","Processes: EB care, harmful practices, patient-centered practices","Compliance with EB care practices","Provision ","Process","Both","10 ASB/Chronic/Con",4,4,3,4,3,3,{"$f":"SUM(N165:S165)","v":21},null,0,5,5,3,13,null,0,null,0,{"$nulls":4},{"$f":"(AE165*'MS-8,9,10 Domain 3 Weights'!$B$2)+(AF165*'MS-8,9,10 Domain 3 Weights'!$B$3)+(AG165*'MS-8,9,10 Domain 3 Weights'!$B$4)+(AH165*'MS-8,9,10 Domain 3 Weights'!$B$5)","v":0},4,3,3,10,"Yes","SELECTED","NOT SELECTED","RIS",null,"NCD preventive measures: physical activity, sugar intake are not included in the standards "]
[null," 1.10","1",10,"MS-3",null,"1.     Proportion of all children with asthma who are followed at the health facility who were admitted with a severe acute asthmatic attack in the past 3 months. (85.64)","Outcomes: clinical condition-specific outcome","Compliance with EB care practices outpatient","Provision ","Outcome","Both","10 ASB/Chronic/Con",4,4,3,5,3,3,16,null,0,5,3,null,8,4,4,null,0,{"$nulls":4},{"$f":"(AE166*'MS-8,9,10 Domain 3 Weights'!$B$2)+(AF166*'MS-8,9,10 Domain 3 Weights'!$B$3)+(AG166*'MS-8,9,10 Domain 3 Weights'!$B$4)+(AH166*'MS-8,9,10 Domain 3 Weights'!$B$5)","v":0},{"$nulls":3},0,"Yes","SELECTED","NOT SELECTED","Client",null,"This is outcome measure. NCD preventive measures: physical activity, sugar intake are not included in the standards; There are no process measures for chronic conditions: suggest to include 1-2 process measures for Asthma detection and management.  "]
[null," 1.10","1",11,"MS-3",null,"2.     Proportion of all children with chronic, repeated seizures (epilepsy) who are followed up at the health facility who were admitted with status epilepticus in the past 12 months. (85.55) ","Outcomes: clinical condition-specific outcome","Compliance with EB care practices outpatient","Provision ","Outcome","Both","10 ASB/Chronic/Con",4,4,3,4,3,3,15,null,0,5,3,null,8,4,4,null,0,{"$nulls":4},{"$f":"(AE167*'MS-8,9,10 Domain 3 Weights'!$B$2)+(AF167*'MS-8,9,10 Domain 3 Weights'!$B$3)+(AG167*'MS-8,9,10 Domain 3 Weights'!$B$4)+(AH167*'MS-8,9,10 Domain 3 Weights'!$B$5)","v":0},{"$nulls":3},0,"Yes","NOT SELECTED","NOT SELECTED","Client",null,"This is outcome measure NCD preventive measures: physical activity, sugar intake are not included in the standards;  "]
[null," 1.10","1",12,"MS-3",null,"3.     Proportion of children with a chronic condtion who know and can correctly describe the signs and symptoms that alert them to seek care for their condition. (80.52)","Outcomes: clinical condition-specific outcome","Clinical condition-specific outcome","Provision ","Outcome","Both","10 ASB/Chronic/Con",4,5,3,5,3,3,17,null,0,{"$nulls":3},0,4,4,null,0,{"$nulls":4},{"$f":"(AE168*'MS-8,9,10 Domain 3 Weights'!$B$2)+(AF168*'MS-8,9,10 Domain 3 Weights'!$B$3)+(AG168*'MS-8,9,10 Domain 3 Weights'!$B$4)+(AH168*'MS-8,9,10 Domain 3 Weights'!$B$5)","v":0},{"$nulls":3},0,"Yes","SELECTED","NOT SELECTED","Client"]
[null," 1.10","1",7,"MS-3",null,"2.     Proportion of children with a chronic condition and/or their carers who understand and are able to describe their condition and the treatment being received correctly. (78.31)","Outcomes: clinical condition-specific outcome","Clinical condition-specific outcome","Provision ","Outcome","Both","10 ASB/Chronic/Con",4,5,3,5,3,3,{"$f":"SUM(N169:Q169)","v":17},null,0,3,3,4,10,4,4,null,0,{"$nulls":4},{"$f":"(AE169*'MS-8,9,10 Domain 3 Weights'!$B$2)+(AF169*'MS-8,9,10 Domain 3 Weights'!$B$3)+(AG169*'MS-8,9,10 Domain 3 Weights'!$B$4)+(AH169*'MS-8,9,10 Domain 3 Weights'!$B$5)","v":0},{"$nulls":3},0,"Yes","SELECTED","NOT SELECTED","Client"]
[null," 1.11","1",1,"MS-1",null,"1.     The health facility has a comprehensive written protocol for identifying, assessing and managing children with suspected maltreatment. (90.57)","Inputs: Operational Guidelines","Operational guidelines, protocols related to client-centered practices","Provision ","Input OperGuide","Both",null,4,4,4,4,4,3,{"$f":"SUM(N170:$Q170)","v":16},4,1.2,{"$nulls":3},0,null,0,null,0,{"$nulls":4},{"$f":"(AE170*'MS-8,9,10 Domain 3 Weights'!$B$2)+(AF170*'MS-8,9,10 Domain 3 Weights'!$B$3)+(AG170*'MS-8,9,10 Domain 3 Weights'!$B$4)+(AH170*'MS-8,9,10 Domain 3 Weights'!$B$5)","v":0},3,3,3,9,"No","NOT SELECTED","NOT SELECTED","InR",null,"standard 1.11 can be inclrporated in  non-clinical specific standards, such as  standard 5"]
[null," 1.11","1",2,"MS-1",null,"2.     The health facility staff receive training and refresher sessions on screening, preventing, protecting and managing children with evidence of maltreatment, including neglect and violence. (88.56)","Inputs: Human resources","Human resources: specific non-clinical training","Provision ","Input HumRes","Both",null,4,4,4,4,3,4,{"$f":"SUM(N171:$Q171)","v":16},null,0,{"$nulls":3},0,null,0,null,0,{"$nulls":4},{"$f":"(AE171*'MS-8,9,10 Domain 3 Weights'!$B$2)+(AF171*'MS-8,9,10 Domain 3 Weights'!$B$3)+(AG171*'MS-8,9,10 Domain 3 Weights'!$B$4)+(AH171*'MS-8,9,10 Domain 3 Weights'!$B$5)","v":0},3,3,3,9,"No","NOT SELECTED","NOT SELECTED","Prov",null,"standard 1.11 can be inclrporated in  non-clinical specific standards, such as  standard 6"]
[null," 1.11","1",3,"MS-1",null,"3.The health facility has the facilities, supplies and materials to provide optimal, coordinated care to children with suspected maltreatment. (86.67","Inputs: Infrastructure, equipment client-centered","Infrastructure for client-centered practices","Provision ","Input InfrastMedSupEquip","Both",null,4,4,4,4,3,3,{"$f":"SUM(N172:$Q172)","v":16},5,5,{"$nulls":3},0,null,0,null,0,{"$nulls":4},{"$f":"(AE172*'MS-8,9,10 Domain 3 Weights'!$B$2)+(AF172*'MS-8,9,10 Domain 3 Weights'!$B$3)+(AG172*'MS-8,9,10 Domain 3 Weights'!$B$4)+(AH172*'MS-8,9,10 Domain 3 Weights'!$B$5)","v":0},3,3,4,10,"Yes","SELECTED","NOT SELECTED","InR",null,"standard 1.11 can be inclrporated in  non-clinical specific standards, such as  standard 7"]
[null," 1.11","1",4,"MS-2",null,"1.     Proportion of all children with suspected maltreatment who were managed according to established health facility procedures and protocols. (82.17)","Inputs: management and oversight","Oversight and management on patient-centered practices","Provision ","Process","Both",null,4,4,3,4,3,3,{"$f":"SUM(N173:Q173)","v":15},null,0,5,5,2,12,null,0,null,0,{"$nulls":4},{"$f":"(AE173*'MS-8,9,10 Domain 3 Weights'!$B$2)+(AF173*'MS-8,9,10 Domain 3 Weights'!$B$3)+(AG173*'MS-8,9,10 Domain 3 Weights'!$B$4)+(AH173*'MS-8,9,10 Domain 3 Weights'!$B$5)","v":0},4,3,3,10,"No","NOT SELECTED","NOT SELECTED","InR",null,"standard 1.11 can be incorporated in  non-clinical specific standards, such as  standard 8"]
[null," 1.11","1",5,"MS-2",null,"2.     Proportion of all children attending the health facility with suspected maltreatment who received psychological services (82.52)","Inputs: Organization and availability of health services","Health Care Services (availability)","Provision ","Process","Both",null,4,5,3,4,3,3,16,null,0,5,5,3,13,null,0,null,0,{"$nulls":4},{"$f":"(AE174*'MS-8,9,10 Domain 3 Weights'!$B$2)+(AF174*'MS-8,9,10 Domain 3 Weights'!$B$3)+(AG174*'MS-8,9,10 Domain 3 Weights'!$B$4)+(AH174*'MS-8,9,10 Domain 3 Weights'!$B$5)","v":0},4,4,3,11,"Yes","SELECTED","NOT SELECTED","InR",null,"standard 1.11 can be incorporated in  non-clinical specific standards, such as  standard 9"]
[null," 1.11","1",6,"MS-2",null,"1.     Proportion of children with maltreatment for whom a legal opinion was requested. (78.62)","Inputs: management and oversight","Oversight and management on patient-centered practices","Provision ","Process","Both",null,4,4,3,4,3,3,15,null,0,5,5,2,12,null,0,null,0,{"$nulls":4},{"$f":"(AE175*'MS-8,9,10 Domain 3 Weights'!$B$2)+(AF175*'MS-8,9,10 Domain 3 Weights'!$B$3)+(AG175*'MS-8,9,10 Domain 3 Weights'!$B$4)+(AH175*'MS-8,9,10 Domain 3 Weights'!$B$5)","v":0},4,3,3,10,"No","NOT SELECTED","NOT SELECTED","InR",null,"standard 1.11 can be incorporated in  non-clinical specific standards, such as  standard 10"]
[null," 1.11","1",7,"MS-2",null,"2. Proportion of maltreatment events in which coordination was sought with other agencies or organizations (e.g. social services, police, judiciary) according to national laws and policies. (82.21)","Inputs: Organization and availability of health services","Organization of care processes (including information exchange, care coordination and referral)","Provision ","Process","Both",null,4,5,3,4,3,3,16,null,0,5,5,3,13,null,0,null,0,{"$nulls":4},{"$f":"(AE176*'MS-8,9,10 Domain 3 Weights'!$B$2)+(AF176*'MS-8,9,10 Domain 3 Weights'!$B$3)+(AG176*'MS-8,9,10 Domain 3 Weights'!$B$4)+(AH176*'MS-8,9,10 Domain 3 Weights'!$B$5)","v":0},4,4,3,11,"Yes","SELECTED","NOT SELECTED","InR",null,"standard 1.11 can be incorporated in  non-clinical specific standards, such as  standard 11"]
[null," 1.12","1",1,"MS-1",null,"1.     The health facility has written, up-to-date clinical protocols for emergency triage and assessment and appropriate case management of paediatric trauma and surgical conditions, consistent with WHO guidelines. (94.31)","Inputs: Clinical Guidelines, protocols, job aides","Clinical condition-specific guidelines, protocols, job aides","Provision ","Input ClinGuidelin","Both","12 Surg/injur ",4,4,3,4,null,null,{"$f":"SUM(N177:$Q177)","v":15},4,1.2,{"$nulls":3},0,null,0,null,0,{"$nulls":4},{"$f":"(AE177*'MS-8,9,10 Domain 3 Weights'!$B$2)+(AF177*'MS-8,9,10 Domain 3 Weights'!$B$3)+(AG177*'MS-8,9,10 Domain 3 Weights'!$B$4)+(AH177*'MS-8,9,10 Domain 3 Weights'!$B$5)","v":0},3,3,2,8,"No","NOT SELECTED","NOT SELECTED","InR"]
[null," 1.12","1",2,"MS-1",null,"2.     The health facility that provides surgical care for children has a system to ensure a coordinated multidisciplinary team that includes a health professional with competence and skills in child surgery. (84.65)","Inputs: Operational Guidelines","Operational guidelines, protocols related to client-centered practices","Provision ","Input OperGuide","Both","12 Surg/injur ",4,4,4,4,4,3,{"$f":"SUM(N178:$Q178)","v":16},4,1.2,{"$nulls":3},0,null,0,null,0,{"$nulls":4},{"$f":"(AE178*'MS-8,9,10 Domain 3 Weights'!$B$2)+(AF178*'MS-8,9,10 Domain 3 Weights'!$B$3)+(AG178*'MS-8,9,10 Domain 3 Weights'!$B$4)+(AH178*'MS-8,9,10 Domain 3 Weights'!$B$5)","v":0},3,3,3,9,"No","NOT SELECTED","NOT SELECTED","InR"]
[null," 1.12","1",3,"MS-1",null,"3.     Health professionals receive in-service training and refresher sessions in appropriate care of child injuries, trauma and other common paediatric surgical conditions at least once every 12 months. (87.73)","Inputs: Human resources","Human resources (specific clinincal training)","Provision ","Input HumRes","Both","12 Surg/injur ",4,4,4,4,3,4,{"$f":"SUM(N179:$Q179)","v":16},null,0,{"$nulls":3},0,null,0,null,0,{"$nulls":4},{"$f":"(AE179*'MS-8,9,10 Domain 3 Weights'!$B$2)+(AF179*'MS-8,9,10 Domain 3 Weights'!$B$3)+(AG179*'MS-8,9,10 Domain 3 Weights'!$B$4)+(AH179*'MS-8,9,10 Domain 3 Weights'!$B$5)","v":0},3,3,3,9,"No","NOT SELECTED","NOT SELECTED","InR"]
[null," 1.12","1",4,"MS-1",null,"4.     The health facility has a designated area for the management of children with surgical problems by health professionals who are trained or who have knowledge and skills in child care. (89.07)","Inputs: infrastructure, equipment, supplies clinical condition-specific","Clinical condition-specific infrastructure inpatient","Provision ","Input InfrastMedSupEquip","Inpatient","12 Surg/injur ",4,4,4,4,3,3,{"$f":"SUM(N180:$Q180)","v":16},5,5,{"$nulls":3},0,null,0,null,0,{"$nulls":4},{"$f":"(AE180*'MS-8,9,10 Domain 3 Weights'!$B$2)+(AF180*'MS-8,9,10 Domain 3 Weights'!$B$3)+(AG180*'MS-8,9,10 Domain 3 Weights'!$B$4)+(AH180*'MS-8,9,10 Domain 3 Weights'!$B$5)","v":0},3,3,4,10,"Yes","SELECTED","NOT SELECTED","InR"]
[null," 1.12","1",5,"MS-1",null,"5.     All children who have undergone surgery are closely monitored, with careful documentation of intake (fluids and feeds) and output (e.g. urine, nasogastric drainage). (89.30)","Processes: EB care, harmful practices, patient-centered practices","Compliance with EB care practices inpatient","Provision ","Process","Inpatient","12 Surg/injur ",{"$nulls":6},{"$f":"SUM(N181:$Q181)","v":0},null,{"$error":"#N/A"},5,3,4,12,null,0,null,0,{"$nulls":4},{"$f":"(AE181*'MS-8,9,10 Domain 3 Weights'!$B$2)+(AF181*'MS-8,9,10 Domain 3 Weights'!$B$3)+(AG181*'MS-8,9,10 Domain 3 Weights'!$B$4)+(AH181*'MS-8,9,10 Domain 3 Weights'!$B$5)","v":0},{"$nulls":3},0,{"$error":"#N/A"},{"$error":"#N/A"},{"$error":"#N/A"},"RIS"]
[null," 1.12","1",6,"MS-2",null,"1.     Proportion of children undergoing major surgery who received appropriate perioperative antibiotic prophylaxis within 30 min of incision, when indicated. (86.23)","Processes: EB care, harmful practices, patient-centered practices","Compliance with EB care practices inpatient","Provision ","Process","Inpatient","12 Surg/injur ",4,5,3,4,3,3,{"$f":"SUM(N182:$Q182)","v":16},null,0,5,4,4,13,null,0,null,0,{"$nulls":4},{"$f":"(AE182*'MS-8,9,10 Domain 3 Weights'!$B$2)+(AF182*'MS-8,9,10 Domain 3 Weights'!$B$3)+(AG182*'MS-8,9,10 Domain 3 Weights'!$B$4)+(AH182*'MS-8,9,10 Domain 3 Weights'!$B$5)","v":0},4,4,3,11,"Yes","SELECTED","NOT SELECTED","RIS"]
[null," 1.12","1",7,"MS-1",null,"2.     Proportion of all children undergoing surgery who were admitted to a designated paediatric area staffed by health professionals trained in child care. (84.45)","Inputs: Human resources","Human resources (staff clinincal training) inpatient","Provision ","Input HumRes","Inpatient","12 Surg/injur ",4,4,3,4,3,4,{"$f":"SUM(N183:$Q183)","v":15},null,0,{"$nulls":3},0,null,0,null,0,{"$nulls":4},{"$f":"(AE183*'MS-8,9,10 Domain 3 Weights'!$B$2)+(AF183*'MS-8,9,10 Domain 3 Weights'!$B$3)+(AG183*'MS-8,9,10 Domain 3 Weights'!$B$4)+(AH183*'MS-8,9,10 Domain 3 Weights'!$B$5)","v":0},3,3,3,9,"No","NOT SELECTED","NOT SELECTED","InR"]
[null," 1.12","1",8,"MS-2",null,"3.     Proportion of all children with trauma or injuries who were assessed within 15 min of arrival at the health facility. (87.70)","Processes: EB care, harmful practices, patient-centered practices","Compliance with EB care practices","Provision ","Process","Both","12 Surg/injur ",4,5,3,4,3,3,16,null,0,5,4,5,14,null,0,null,0,{"$nulls":4},{"$f":"(AE184*'MS-8,9,10 Domain 3 Weights'!$B$2)+(AF184*'MS-8,9,10 Domain 3 Weights'!$B$3)+(AG184*'MS-8,9,10 Domain 3 Weights'!$B$4)+(AH184*'MS-8,9,10 Domain 3 Weights'!$B$5)","v":0},4,4,3,11,"Yes","SELECTED","NOT SELECTED","RIS",null,"This indicator is also relevant to Standard 1.1."]
[null," 1.12","1",9,"MS-2",null,"4.     Proportion all children with moderate or severe pain whose pain was relieved (where indicated) within 30 min of arrival at the health facility. (83.89)","Processes: EB care, harmful practices, patient-centered practices","Compliance with EB care practices inpatient","Provision ","Process","Inpatient","12 Surg/injur ",4,5,2,4,3,3,15,null,0,5,4,4,13,null,0,null,0,{"$nulls":4},{"$f":"(AE185*'MS-8,9,10 Domain 3 Weights'!$B$2)+(AF185*'MS-8,9,10 Domain 3 Weights'!$B$3)+(AG185*'MS-8,9,10 Domain 3 Weights'!$B$4)+(AH185*'MS-8,9,10 Domain 3 Weights'!$B$5)","v":0},4,4,3,11,"Yes","NOT SELECTED","NOT SELECTED","RIS"]
[null," 1.12","1",10,"MS-3",null,"1.     Health facility complication rates for patients who underwent surgery. (89.88)","Outcomes: clinical condition-specific outcome","Clinical condition-specific outcome inpatient","Provision ","Outcome","Inpatient","12 Surg/injur ",4,5,3,5,3,3,17,null,0,{"$nulls":3},0,4,4,null,0,{"$nulls":4},{"$f":"(AE186*'MS-8,9,10 Domain 3 Weights'!$B$2)+(AF186*'MS-8,9,10 Domain 3 Weights'!$B$3)+(AG186*'MS-8,9,10 Domain 3 Weights'!$B$4)+(AH186*'MS-8,9,10 Domain 3 Weights'!$B$5)","v":0},3,3,4,10,"Yes","SELECTED","NOT SELECTED","RIS"]
[null," 1.12","1",11,"MS-3",null,"2.     Health facility mortality rate for all children who underwent surgery. (95.70)","Outcomes: clinical condition-specific outcome","Clinical condition-specific outcome inpatient","Provision ","Outcome","Inpatient","12 Surg/injur ",4,5,3,4,3,3,16,null,0,{"$nulls":3},0,4,4,null,0,{"$nulls":4},{"$f":"(AE187*'MS-8,9,10 Domain 3 Weights'!$B$2)+(AF187*'MS-8,9,10 Domain 3 Weights'!$B$3)+(AG187*'MS-8,9,10 Domain 3 Weights'!$B$4)+(AH187*'MS-8,9,10 Domain 3 Weights'!$B$5)","v":0},4,4,5,13,"Yes","SELECTED","CORE","RIS","Monthly","In 100 core, there is a standardized indicator, which is named as Perioperative mortality. I suggest to use this term"]
[null," 1.12","1",12,"MS-3",null,"3.     Case fatality rate of children with trauma and/or injuries. (94.64)","Outcomes: clinical condition-specific outcome","Clinical condition-specific outcome inpatient","Provision ","Outcome","Inpatient","12 Surg/injur ",4,5,3,3,3,3,15,null,0,{"$nulls":3},0,4,4,null,0,{"$nulls":4},{"$f":"(AE188*'MS-8,9,10 Domain 3 Weights'!$B$2)+(AF188*'MS-8,9,10 Domain 3 Weights'!$B$3)+(AG188*'MS-8,9,10 Domain 3 Weights'!$B$4)+(AH188*'MS-8,9,10 Domain 3 Weights'!$B$5)","v":0},3,3,4,10,"Yes","NOT SELECTED","NOT SELECTED","RIS",null,"Trauma and injuries have not prioretized as some of these will be included in surgeries anyway"]
[null," 1.13","1",1,"MS-1",null,"1.     The health facility has written, up-to-date protocols for monitoring and providing supportive care for various conditions for all children admitted to the wards. (91.11)","Inputs: Operational Guidelines","Operational guidelines, protocols related to care provision inpatient","Provision ","Input OperGuide","Inpatient","13 Support/Sick",4,4,4,4,4,3,{"$f":"SUM(N189:$Q189)","v":16},4,1.2,{"$nulls":3},0,null,0,null,0,{"$nulls":4},{"$f":"(AE189*'MS-8,9,10 Domain 3 Weights'!$B$2)+(AF189*'MS-8,9,10 Domain 3 Weights'!$B$3)+(AG189*'MS-8,9,10 Domain 3 Weights'!$B$4)+(AH189*'MS-8,9,10 Domain 3 Weights'!$B$5)","v":0},3,3,3,9,"No","NOT SELECTED","NOT SELECTED","InR"]
[null," 1.13","1",2,"MS-1",null,"2.     The health facility has age-appropriate patient monitoring charts that include a provision for recording details of clinical progress and vital signs and of the treatment and supportive care provided. (92.60)","Input Heal&Sys","Standardized medical documentation and forms Inpatient","Provision ","Input Heal&Sys","Inpatient","13 Support/Sick",3,4,4,3,3,3,{"$f":"SUM(N190:$Q190)","v":14},null,0,{"$nulls":3},0,null,0,null,0,{"$nulls":4},{"$f":"(AE190*'MS-8,9,10 Domain 3 Weights'!$B$2)+(AF190*'MS-8,9,10 Domain 3 Weights'!$B$3)+(AG190*'MS-8,9,10 Domain 3 Weights'!$B$4)+(AH190*'MS-8,9,10 Domain 3 Weights'!$B$5)","v":0},{"$nulls":3},0,"No","NOT SELECTED","NOT SELECTED","InR",null,"also relevant for Standard #2"]
[null," 1.13","1",3,"MS-1",null,"3.     The health facility has a designated area for managing seriously sick children that is close and easily visible to the nursing staff on the ward. (93.03)","Inputs: infrastructure, equipment, supplies clinical condition-specific","Clinical condition-specific infrastructure inpatient","Provision ","Input InfrastMedSupEquip","Inpatient","13 Support/Sick",4,4,4,4,3,4,{"$f":"SUM(N191:$Q191)","v":16},5,5,{"$nulls":3},0,null,0,null,0,{"$nulls":4},{"$f":"(AE191*'MS-8,9,10 Domain 3 Weights'!$B$2)+(AF191*'MS-8,9,10 Domain 3 Weights'!$B$3)+(AG191*'MS-8,9,10 Domain 3 Weights'!$B$4)+(AH191*'MS-8,9,10 Domain 3 Weights'!$B$5)","v":0},3,3,4,10,"Yes","SELECTED","NOT SELECTED","InR"]
[null," 1.13","1",4,"MS-1",null,"4.     Health professionals receive in-service training and regular refresher sessions on patient monitoring and supportive care at least once every 12 months. (89.55)","Inputs: Human resources","Human resources (staff clinincal training) inpatient","Provision ","Input HumRes","Inpatient","13 Support/Sick",4,4,4,4,3,4,{"$f":"SUM(N192:$Q192)","v":16},null,0,{"$nulls":3},0,null,0,null,0,{"$nulls":4},{"$f":"(AE192*'MS-8,9,10 Domain 3 Weights'!$B$2)+(AF192*'MS-8,9,10 Domain 3 Weights'!$B$3)+(AG192*'MS-8,9,10 Domain 3 Weights'!$B$4)+(AH192*'MS-8,9,10 Domain 3 Weights'!$B$5)","v":0},3,3,3,9,"No","NOT SELECTED","NOT SELECTED","Prov"]
[null," 1.13","1",5,"MS-2",null,"5.     Proportion of all unconscious children admitted to the wards who received a nasogastric tube for feeding. (82.66)","Processes: EB care, harmful practices, patient-centered practices","Compliance with EB care practices inpatient","Provision ","Process","Inpatient","13 Support/Sick",4,5,3,4,3,3,16,null,0,5,3,4,12,null,0,null,0,{"$nulls":4},{"$f":"(AE193*'MS-8,9,10 Domain 3 Weights'!$B$2)+(AF193*'MS-8,9,10 Domain 3 Weights'!$B$3)+(AG193*'MS-8,9,10 Domain 3 Weights'!$B$4)+(AH193*'MS-8,9,10 Domain 3 Weights'!$B$5)","v":0},4,4,3,11,"No","NOT SELECTED","NOT SELECTED","RIS"]
[null," 1.13","1",6,"MS-2",null,"6.     Proportion of all severely ill children who cannot feed orally for whom blood glucose monitoring is documented on their observation chart. (88.78)","Processes: EB care, harmful practices, patient-centered practices","Compliance with EB care practices inpatient","Provision ","Process","Inpatient","13 Support/Sick",4,5,3,4,3,3,16,null,0,5,3,4,12,null,0,null,0,{"$nulls":4},{"$f":"(AE194*'MS-8,9,10 Domain 3 Weights'!$B$2)+(AF194*'MS-8,9,10 Domain 3 Weights'!$B$3)+(AG194*'MS-8,9,10 Domain 3 Weights'!$B$4)+(AH194*'MS-8,9,10 Domain 3 Weights'!$B$5)","v":0},4,4,3,11,"No","NOT SELECTED","NOT SELECTED","RIS"]
[null," 1.13","1",7,"MS-2",null,"7.     Proportion of all children who received oxygen for which the prescribed method and rate of delivery are documented. (87.47)","Processes: EB care, harmful practices, patient-centered practices","Compliance with EB care practices inpatient","Provision ","Process","Inpatient","13 Support/Sick",4,5,3,4,3,3,16,null,0,5,3,4,12,null,0,null,0,{"$nulls":4},{"$f":"(AE195*'MS-8,9,10 Domain 3 Weights'!$B$2)+(AF195*'MS-8,9,10 Domain 3 Weights'!$B$3)+(AG195*'MS-8,9,10 Domain 3 Weights'!$B$4)+(AH195*'MS-8,9,10 Domain 3 Weights'!$B$5)","v":0},4,4,3,11,"No","NOT SELECTED","NOT SELECTED","RIS"]
[null," 1.13","1",8,"MS-2",null,"8.     Proportion of all children admitted to the health facility who were appropriately monitored and for whom observations were recorded by a nurse according to the guidelines. (88.56)","Processes: EB care, harmful practices, patient-centered practices","Compliance with EB care practices inpatient","Provision ","Process","Inpatient","13 Support/Sick",4,4,3,4,3,3,15,null,0,5,4,4,13,null,0,null,0,{"$nulls":4},{"$f":"(AE196*'MS-8,9,10 Domain 3 Weights'!$B$2)+(AF196*'MS-8,9,10 Domain 3 Weights'!$B$3)+(AG196*'MS-8,9,10 Domain 3 Weights'!$B$4)+(AH196*'MS-8,9,10 Domain 3 Weights'!$B$5)","v":0},4,4,3,11,"Yes","NOT SELECTED","NOT SELECTED","RIS"]
[null," 1.13","1",9,"MS-2",null,"9.     Proportion of all children admitted to the health facility who are reassessed every working day by a clinician trained in child health care. (87.16)","Processes: EB care, harmful practices, patient-centered practices","Compliance with EB care practices inpatient","Provision ","Process","Inpatient","13 Support/Sick",4,5,2,4,3,3,15,null,0,5,5,3,{"$f":"SUM(W197:Y197)","v":13},null,0,null,0,{"$nulls":4},{"$f":"(AE197*'MS-8,9,10 Domain 3 Weights'!$B$2)+(AF197*'MS-8,9,10 Domain 3 Weights'!$B$3)+(AG197*'MS-8,9,10 Domain 3 Weights'!$B$4)+(AH197*'MS-8,9,10 Domain 3 Weights'!$B$5)","v":0},4,4,3,11,"Yes","NOT SELECTED","NOT SELECTED","RIS"]
[null," 1.13","1",10,"MS-2",null,"10.  Proportion of all children with convulsions who were appropriately investigated and correctly prescribed anticonvulsant treatment (appropriate choice, dose and frequency). (89.29)","Processes: EB care, harmful practices, patient-centered practices","Compliance with EB care practices inpatient","Provision ","Process","Inpatient","13 Support/Sick",4,5,3,4,3,3,16,null,0,5,3,5,13,null,0,null,0,{"$nulls":4},{"$f":"(AE198*'MS-8,9,10 Domain 3 Weights'!$B$2)+(AF198*'MS-8,9,10 Domain 3 Weights'!$B$3)+(AG198*'MS-8,9,10 Domain 3 Weights'!$B$4)+(AH198*'MS-8,9,10 Domain 3 Weights'!$B$5)","v":0},4,4,3,11,"Yes","SELECTED","NOT SELECTED","RIS"]
[null," 1.13","1",11,"MS-2",null,"11.  Proportion of all children who required antipyretics who were prescribed the correct treatment (appropriate choice, dose and frequency) to reduce their temperature. (86.15)","Processes: EB care, harmful practices, patient-centered practices","Compliance with EB care practices inpatient","Provision ","Process","Inpatient","13 Support/Sick",4,4,3,4,3,3,15,null,0,5,4,4,13,null,0,null,0,{"$nulls":4},{"$f":"(AE199*'MS-8,9,10 Domain 3 Weights'!$B$2)+(AF199*'MS-8,9,10 Domain 3 Weights'!$B$3)+(AG199*'MS-8,9,10 Domain 3 Weights'!$B$4)+(AH199*'MS-8,9,10 Domain 3 Weights'!$B$5)","v":0},4,4,3,11,"Yes","NOT SELECTED","NOT SELECTED","RIS"]
[null," 1.13","1",12,"MS-2",null,"12.  Proportion of all children in pain for whom analgesic treatment was correctly prescribed (appropriate choice, dose and frequency). (85.23)","Processes: EB care, harmful practices, patient-centered practices","Compliance with EB care practices inpatient","Provision ","Process","Inpatient","13 Support/Sick",4,5,3,4,3,3,{"$f":"SUM(N200:Q200)","v":16},null,0,5,4,4,13,null,0,null,0,{"$nulls":4},{"$f":"(AE200*'MS-8,9,10 Domain 3 Weights'!$B$2)+(AF200*'MS-8,9,10 Domain 3 Weights'!$B$3)+(AG200*'MS-8,9,10 Domain 3 Weights'!$B$4)+(AH200*'MS-8,9,10 Domain 3 Weights'!$B$5)","v":0},4,4,3,11,"Yes","SELECTED","NOT SELECTED","RIS"]
[null," 1.13","1",13,"MS-2",null,"13.  Proportion of all children who required a blood transfusion for severe anaemia who received the transfusion. (90.91)","Processes: EB care, harmful practices, patient-centered practices","Compliance with EB care practices inpatient","Provision ","Process","Inpatient","13 Support/Sick",4,4,4,4,3,3,{"$f":"SUM(N201:Q201)","v":16},null,0,5,2,3,10,null,0,null,0,{"$nulls":4},{"$f":"(AE201*'MS-8,9,10 Domain 3 Weights'!$B$2)+(AF201*'MS-8,9,10 Domain 3 Weights'!$B$3)+(AG201*'MS-8,9,10 Domain 3 Weights'!$B$4)+(AH201*'MS-8,9,10 Domain 3 Weights'!$B$5)","v":0},4,4,3,11,"No","NOT SELECTED","NOT SELECTED","RIS",null,"Important features, such as counselling and discharge from hospital would be good to address by this standard as part of supportive care provided to sick child"]
[null," 1.13","1",14,"MS-3",null,"5.     Proportion of all severely ill children who died in the health facility whose death was attributed to aspiration. (78.23)","Outcomes: clinical condition-specific outcome","Clinical condition-specific outcome inpatient","Provision ","Outcome","Inpatient","13 Support/Sick",4,4,3,5,3,3,{"$f":"SUM(N202:Q202)","v":16},null,{"$f":"IF(E202=\"MS-1\",U202*(VLOOKUP(K202,_tbl.MS1,3,FALSE)),U202)","v":0},{"$nulls":3},0,4,4,null,0,{"$nulls":4},{"$f":"(AE202*'MS-8,9,10 Domain 3 Weights'!$B$2)+(AF202*'MS-8,9,10 Domain 3 Weights'!$B$3)+(AG202*'MS-8,9,10 Domain 3 Weights'!$B$4)+(AH202*'MS-8,9,10 Domain 3 Weights'!$B$5)","v":0},{"$nulls":3},0,"Yes","SELECTED","NOT SELECTED","RIS"]
[null," 1.14","1",1,"MS-1",null,"1.     The health facility has written, up-to-date guidelines, protocols and standard operating procedures for the prevention and control of infection in the facility. (95.66)","Inputs: Operational Guidelines","Operational guidelines, protocols related to cross-cutting supporting systems (management, human resources, health information system, infrastructure, supplies and equipment, health financing, organization of health services)","Provision ","Input OperGuide","Both","14 IPC/WASH",4,4,4,4,4,3,{"$f":"SUM(N203:$Q203)","v":16},4,1.2,{"$nulls":3},0,null,{"$f":"AA203","v":0},null,{"$f":"AC203","v":0},{"$nulls":4},{"$f":"(AE203*'MS-8,9,10 Domain 3 Weights'!$B$2)+(AF203*'MS-8,9,10 Domain 3 Weights'!$B$3)+(AG203*'MS-8,9,10 Domain 3 Weights'!$B$4)+(AH203*'MS-8,9,10 Domain 3 Weights'!$B$5)","v":0},3,3,3,{"$f":"SUM(AJ203:AL203)","v":9},{"$f":"IF(OR(V203>=$R$2,Z203>=$R$3,AB203>=$R$4,AD203>=$R$5,AI203>=$R$6),\"Yes\",\"No\")","v":"No"},{"$f":"IF(AND(T203>=$R$1,AN203=\"Yes\"),\"SELECTED\",\"NOT SELECTED\")","v":"NOT SELECTED"},{"$f":"IF(AND(AO203=\"SELECTED\",AM203>=$R$7),\"CORE\",\"NOT SELECTED\")","v":"NOT SELECTED"},"InR",null,"1.14 statement can be incorporated in  quality statement 8.2."]
[null," 1.14","1",2,"MS-1",null,"2.     The health facility has specific guidelines and protocols on hand hygiene and aseptic technique and device management for clinical procedures (e.g. injection safety, use of indwelling catheters and other invasive procedures). (95.15)","Inputs: Operational Guidelines","Operational guidelines, protocols in place (WASH-related)","Provision ","Input OperGuide","Both","14 IPC/WASH",4,4,4,4,4,3,{"$f":"SUM(N204:$Q204)","v":16},4,1.2,{"$nulls":3},0,null,0,null,0,{"$nulls":4},{"$f":"(AE204*'MS-8,9,10 Domain 3 Weights'!$B$2)+(AF204*'MS-8,9,10 Domain 3 Weights'!$B$3)+(AG204*'MS-8,9,10 Domain 3 Weights'!$B$4)+(AH204*'MS-8,9,10 Domain 3 Weights'!$B$5)","v":0},3,3,3,9,"No","NOT SELECTED","NOT SELECTED","InR",null,"1.14 statement can be incorporated in  quality statement 8.2."]
[null," 1.14","1",3,"MS-1",null,"3.     The health facility has plans for infection prevention and control preparedness and response for public health emergencies due to communicable diseases (e.g. pandemics). (91.43)","Inputs: Operational Guidelines","Operational guidelines, protocols related to cross-cutting supporting systems (management, human resources, health information system, infrastructure, supplies and equipment, health financing, organization of health services)","Provision ","Input OperGuide","Both","14 IPC/WASH",4,4,4,4,4,3,{"$f":"SUM(N205:$Q205)","v":16},4,1.2,{"$nulls":3},0,null,0,null,0,{"$nulls":4},{"$f":"(AE205*'MS-8,9,10 Domain 3 Weights'!$B$2)+(AF205*'MS-8,9,10 Domain 3 Weights'!$B$3)+(AG205*'MS-8,9,10 Domain 3 Weights'!$B$4)+(AH205*'MS-8,9,10 Domain 3 Weights'!$B$5)","v":0},3,3,3,9,"No","NOT SELECTED","NOT SELECTED","InR",null,"1.14 statement can be incorporated in  quality statement 8.2."]
[null," 1.14","1",4,"MS-1",null,"4.     The health facility has a functioning improved water source and hand-washing stations with soap and single-use hand towels and/or alcohol-based hand rub in all wards and consulting rooms. (95.82)","Inputs: Infrastructure, equipment, supplies  cross-cutting","Infrastructure/equipment cross-cutting (e.g. WASH)","Provision ","Input InfrastMedSupEquip","Both","14 IPC/WASH",4,4,4,4,4,4,{"$f":"SUM(N206:$Q206)","v":16},5,5,{"$nulls":3},0,null,0,null,0,{"$nulls":4},{"$f":"(AE206*'MS-8,9,10 Domain 3 Weights'!$B$2)+(AF206*'MS-8,9,10 Domain 3 Weights'!$B$3)+(AG206*'MS-8,9,10 Domain 3 Weights'!$B$4)+(AH206*'MS-8,9,10 Domain 3 Weights'!$B$5)","v":0},3,3,4,10,"Yes","SELECTED","NOT SELECTED","InR",null,"Suggested revision from meg: The health facility has  a functioning improved water source and has functional hand-washing stations with soap and water or and  single-use hand towels and/or alcohol-based hand rub in all wards,  and consulting rooms and near toilets. (95.82) 1.14 statement can be incorporated in  quality statement 8.2. Inputs are not paediatric QoC relevant: they are cross-cutting"]
[null," 1.14","1",5,"MS-1",null,"5.     The health facility has appropriate sterilizing facilities and disinfectants for medical materials. (95.94)","Inputs: Infrastructure, equipment, supplies  cross-cutting","Supplies and  equipment cross-cutting (essential medicines) ","Provision ","Input InfrastMedSupEquip","Both","14 IPC/WASH",4,4,4,4,3,4,{"$f":"SUM(N207:$Q207)","v":16},5,5,{"$nulls":3},0,null,0,null,0,{"$nulls":4},{"$f":"(AE207*'MS-8,9,10 Domain 3 Weights'!$B$2)+(AF207*'MS-8,9,10 Domain 3 Weights'!$B$3)+(AG207*'MS-8,9,10 Domain 3 Weights'!$B$4)+(AH207*'MS-8,9,10 Domain 3 Weights'!$B$5)","v":0},3,3,4,10,"Yes","SELECTED","NOT SELECTED","InR",null,"1.14 statement can be in Inputs are not paediatric QoC relevant: they are cross-cuttingcorporated in  quality statement 8.2. "]
[null," 1.14","1",6,"MS-1",null,"6.     The health facility has a functioning incinerator or other appropriate method for treatment of infectious waste and used instruments. (95.73)","Inputs: Infrastructure, equipment, supplies  cross-cutting","Supplies and  equipment cross-cutting (essential medicines) ","Provision ","Input InfrastMedSupEquip","Both","14 IPC/WASH",4,4,4,4,3,4,{"$f":"SUM(N208:$Q208)","v":16},5,5,{"$nulls":3},0,null,0,null,0,{"$nulls":4},{"$f":"(AE208*'MS-8,9,10 Domain 3 Weights'!$B$2)+(AF208*'MS-8,9,10 Domain 3 Weights'!$B$3)+(AG208*'MS-8,9,10 Domain 3 Weights'!$B$4)+(AH208*'MS-8,9,10 Domain 3 Weights'!$B$5)","v":0},3,3,4,10,"Yes","SELECTED","NOT SELECTED","InR",null,"Suggested revision from Meg: The health facility has a functioning incinerator or other appropriate method for treatment of health care waste  1.14 statement can be incorporated in  quality statement 8.2. Inputs are not paediatric QoC relevant: they are cross-cutting"]
[null," 1.14","1",7,"MS-1",null,"7.     The health facility has a system to ensure safe handling, collection, storage (puncture resistant) and final disposal of infectious waste. (95.00)","Inputs: management and oversight","Oversight and management on  cross-cutting supporting  systems","Provision ","Input OperGuide","Both","14 IPC/WASH",4,4,4,4,4,3,{"$f":"SUM(N209:$Q209)","v":16},5,1.5,{"$nulls":3},0,null,0,null,0,{"$nulls":4},{"$f":"(AE209*'MS-8,9,10 Domain 3 Weights'!$B$2)+(AF209*'MS-8,9,10 Domain 3 Weights'!$B$3)+(AG209*'MS-8,9,10 Domain 3 Weights'!$B$4)+(AH209*'MS-8,9,10 Domain 3 Weights'!$B$5)","v":0},3,3,3,9,"No","NOT SELECTED","NOT SELECTED","InR",null,"Suggested revisin from Meg: The health facility has a system to ensure safe handling, collection, storage (puncture resistant) and final treatment and disposal of infectious waste. 1.14 statement can be incorporated in  quality statement 8.2."]
[null," 1.14","1",8,"MS-1",null,"8.     The health facility has at least one designated trained staff member and/or infection control team, with a sufficient budget to perform the tasks of the facility infection prevention and control programme. (89.97)","Inputs: financing","Financing of cross-cutting supporting systems (energy, fuel for vehicles)","Provision ","Input Financing","Both","14 IPC/WASH",4,3,4,4,4,4,{"$f":"SUM(N210:$Q210)","v":15},5,1.5,{"$nulls":3},0,null,0,null,0,{"$nulls":4},{"$f":"(AE210*'MS-8,9,10 Domain 3 Weights'!$B$2)+(AF210*'MS-8,9,10 Domain 3 Weights'!$B$3)+(AG210*'MS-8,9,10 Domain 3 Weights'!$B$4)+(AH210*'MS-8,9,10 Domain 3 Weights'!$B$5)","v":0},2,2,3,7,"No","NOT SELECTED","NOT SELECTED","InR",null,"1.14 statement can be incorporated in  quality statement 8.2."]
[null," 1.14","1",9,"MS-1",null,"9.     Health professionals who care for children receive training in standard infection prevention and control at least once every 12 months. (89.99)","Inputs: Human resources","Human resources (specific clinincal training)","Provision ","Input HumRes","Both","14 IPC/WASH",4,4,4,4,3,4,{"$f":"SUM(N211:$Q211)","v":16},null,0,{"$nulls":3},0,null,0,null,0,{"$nulls":4},{"$f":"(AE211*'MS-8,9,10 Domain 3 Weights'!$B$2)+(AF211*'MS-8,9,10 Domain 3 Weights'!$B$3)+(AG211*'MS-8,9,10 Domain 3 Weights'!$B$4)+(AH211*'MS-8,9,10 Domain 3 Weights'!$B$5)","v":0},3,3,3,9,"No","NOT SELECTED","NOT SELECTED","Prov",null,"1.14 statement can be incorporated in  quality statement 8.2."]
[null," 1.14","1",10,"MS-1",null,"1.     Proportion of health professionals in the health facility who have been trained in use of the WHO “5 moments for hand hygiene” audit tool. (89.57)","Inputs: Human resources","Human resources (specific clinincal training)","Provision ","Input HumRes","Both","14 IPC/WASH",4,4,4,4,3,4,{"$f":"SUM(N212:$Q212)","v":16},null,0,{"$nulls":3},0,null,0,null,0,{"$nulls":4},{"$f":"(AE212*'MS-8,9,10 Domain 3 Weights'!$B$2)+(AF212*'MS-8,9,10 Domain 3 Weights'!$B$3)+(AG212*'MS-8,9,10 Domain 3 Weights'!$B$4)+(AH212*'MS-8,9,10 Domain 3 Weights'!$B$5)","v":0},3,3,3,9,"No","NOT SELECTED","NOT SELECTED","Prov",null,"1.14 statement can be incorporated in  quality statement 8.2."]
[null," 1.14","1",11,"MS-1",null,"2.     Evidence that the facility staff member or team responsible for infection prevention and control regularly collects data on episodes of hospital-acquired infection and has conducted at least one assessment of infection prevention and control practices in the past 6 months. (90.35)","Inputs: QI structures and supporting processes","Routine monitoring of the quality of care inpatient","Provision ","Process","Inpatient","14 IPC/WASH",4,5,4,4,4,4,{"$f":"SUM(N213:$Q213)","v":17},{"$nulls":5},0,null,0,null,0,{"$nulls":4},{"$f":"(AE213*'MS-8,9,10 Domain 3 Weights'!$B$2)+(AF213*'MS-8,9,10 Domain 3 Weights'!$B$3)+(AG213*'MS-8,9,10 Domain 3 Weights'!$B$4)+(AH213*'MS-8,9,10 Domain 3 Weights'!$B$5)","v":0},3,3,3,9,"No","NOT SELECTED","NOT SELECTED","InR",null,"1.14 statement can be incorporated in  quality statement 8.2."]
[null," 1.14","1",13,"MS-2",null,"4.     Proportion of staff members in the health facility who meet biosafety standards when administering parenteral drugs. (82.16)","Processes: EB care, harmful practices, patient-centered practices","Compliance with EB care practices inpatient","Provision ","Process","Inpatient","14 IPC/WASH",4,4,3,4,3,3,{"$f":"SUM(N214:$Q214)","v":15},null,{"$f":"IF(E214=\"MS-1\",U214*(VLOOKUP(K214,_tbl.MS1,3,FALSE)),U214)","v":0},5,4,4,13,null,0,null,0,{"$nulls":4},{"$f":"(AE214*'MS-8,9,10 Domain 3 Weights'!$B$2)+(AF214*'MS-8,9,10 Domain 3 Weights'!$B$3)+(AG214*'MS-8,9,10 Domain 3 Weights'!$B$4)+(AH214*'MS-8,9,10 Domain 3 Weights'!$B$5)","v":0},3,3,3,9,"Yes","NOT SELECTED","NOT SELECTED","Obs",null,"1.14 statement can be incorporated in  quality statement 8.2."]
[null," 1.14","1",12,"MS-3",null,"3.     Proportion of all children who received IV infusions who had an episode of phlebitis. (81.00)",null,"Routine monitoring of the quality of care inpatient","Provision ","Outcome","Inpatient","14 IPC/WASH",4,4,3,5,4,3,{"$f":"SUM(N215:Q215)","v":16},null,0,{"$nulls":3},0,4,4,null,0,{"$nulls":4},{"$f":"(AE215*'MS-8,9,10 Domain 3 Weights'!$B$2)+(AF215*'MS-8,9,10 Domain 3 Weights'!$B$3)+(AG215*'MS-8,9,10 Domain 3 Weights'!$B$4)+(AH215*'MS-8,9,10 Domain 3 Weights'!$B$5)","v":0},3,3,3,9,"Yes","SELECTED","NOT SELECTED","RIS",null,"1.14 statement can be incorporated in  quality statement 8.2."]
[null," 1.14","1",14,"MS-3",null,"1.     Proportion of children admitted to the health facility who had proven hospital-acquired infections. (87.57)","Outcomes: clinical condition-specific outcome","Clinical condition-specific outcome inpatient","Provision ","Outcome","Inpatient","14 IPC/WASH",4,4,3,5,4,4,{"$f":"SUM(N216:Q216)","v":16},null,0,{"$nulls":3},0,4,4,null,0,{"$nulls":4},{"$f":"(AE216*'MS-8,9,10 Domain 3 Weights'!$B$2)+(AF216*'MS-8,9,10 Domain 3 Weights'!$B$3)+(AG216*'MS-8,9,10 Domain 3 Weights'!$B$4)+(AH216*'MS-8,9,10 Domain 3 Weights'!$B$5)","v":0},3,3,3,9,"Yes","SELECTED","NOT SELECTED","RIS",null,"1.14 statement can be incorporated in  quality statement 8.2."]
[null," 1.15","1",1,"MS-1",null,"1.     The health facility has written, up-to-date guidance on unnecessary procedures, harmful practices and unnecessary interventions for children. (84.11)","Inputs: Operational Guidelines","Operational guidelines, protocols related to client-centered practices","Provision ","Input ClinGuidelin","Both","15 Prev/unnes/harm",4,4,3,4,null,null,{"$f":"SUM(N217:$Q217)","v":15},4,1.2,{"$nulls":3},0,null,0,null,0,{"$nulls":4},{"$f":"(AE217*'MS-8,9,10 Domain 3 Weights'!$B$2)+(AF217*'MS-8,9,10 Domain 3 Weights'!$B$3)+(AG217*'MS-8,9,10 Domain 3 Weights'!$B$4)+(AH217*'MS-8,9,10 Domain 3 Weights'!$B$5)","v":0},3,3,2,8,"No","NOT SELECTED","NOT SELECTED","InR"]
[null," 1.15","1",2,"MS-1",null,"2.     The health facility does not promote infant formula on the wards, and samples are not distributed to mothers or staff. (86.46)","Inputs: management and oversight","Oversight and management on patient-centered practices","Provision ","Input Over&Man","Both","15 Prev/unnes/harm",4,5,4,4,4,4,{"$f":"SUM(N218:$Q218)","v":17},5,2.5,{"$nulls":3},0,null,0,null,0,{"$nulls":4},{"$f":"(AE218*'MS-8,9,10 Domain 3 Weights'!$B$2)+(AF218*'MS-8,9,10 Domain 3 Weights'!$B$3)+(AG218*'MS-8,9,10 Domain 3 Weights'!$B$4)+(AH218*'MS-8,9,10 Domain 3 Weights'!$B$5)","v":0},3,3,3,9,"No","NOT SELECTED","NOT SELECTED","InR"]
[null," 1.15","1",3,"MS-1",null,"3.     The health facility does not display infant formula or bottles and teats, including on posters or placards. (86.82)","Inputs: management and oversight","Oversight and management on patient-centered practices","Provision ","Input Over&Man","Both","15 Prev/unnes/harm",4,5,4,4,4,4,{"$f":"SUM(N219:$Q219)","v":17},5,2.5,{"$nulls":3},0,null,0,null,0,{"$nulls":4},{"$f":"(AE219*'MS-8,9,10 Domain 3 Weights'!$B$2)+(AF219*'MS-8,9,10 Domain 3 Weights'!$B$3)+(AG219*'MS-8,9,10 Domain 3 Weights'!$B$4)+(AH219*'MS-8,9,10 Domain 3 Weights'!$B$5)","v":0},3,3,3,9,"No","NOT SELECTED","NOT SELECTED","InR"]
[null," 1.15","1",4,"MS-1",null,"4.     Health care staff in the facility receive in-service training and regular refresher sessions on harmful practices and unnecessary interventions at least once every 12 months. (83.56)","Inputs: Human resources","Human resources (specific clinincal training)","Provision ","Input HumRes","Both","15 Prev/unnes/harm",4,4,4,4,3,4,{"$f":"SUM(N220:$Q220)","v":16},null,0,{"$nulls":3},0,null,0,null,0,{"$nulls":4},{"$f":"(AE220*'MS-8,9,10 Domain 3 Weights'!$B$2)+(AF220*'MS-8,9,10 Domain 3 Weights'!$B$3)+(AG220*'MS-8,9,10 Domain 3 Weights'!$B$4)+(AH220*'MS-8,9,10 Domain 3 Weights'!$B$5)","v":0},3,3,3,9,"No","NOT SELECTED","NOT SELECTED","Prov"]
[null," 1.15","1",5,"MS-2",null,"1.     Proportion of young infants on formula when this is not indicated for the health of the mother or the infant. (78.96)","Processes: EB care, harmful practices, patient-centered practices","Compliance with EB care practices","Provision ","Process","Both","15 Prev/unnes/harm",4,4,3,3,3,3,{"$f":"SUM(N221:Q221)","v":14},null,0,5,4,4,13,null,0,null,0,{"$nulls":4},{"$f":"(AE221*'MS-8,9,10 Domain 3 Weights'!$B$2)+(AF221*'MS-8,9,10 Domain 3 Weights'!$B$3)+(AG221*'MS-8,9,10 Domain 3 Weights'!$B$4)+(AH221*'MS-8,9,10 Domain 3 Weights'!$B$5)","v":0},4,4,3,11,"Yes","NOT SELECTED","NOT SELECTED","Obs"]
[null," 1.15","1",6,"MS-2",null,"2.     Proportion of children admitted to wards with no indication for hospital admission. (75.36)","Processes: EB care, harmful practices, patient-centered practices","Non-evidence-based, harmful practices inpatient","Provision ","Process","Inpatient","15 Prev/unnes/harm",4,4,3,4,3,3,{"$f":"SUM(N222:Q222)","v":15},null,0,4,4,3,11,null,0,null,0,{"$nulls":4},{"$f":"(AE222*'MS-8,9,10 Domain 3 Weights'!$B$2)+(AF222*'MS-8,9,10 Domain 3 Weights'!$B$3)+(AG222*'MS-8,9,10 Domain 3 Weights'!$B$4)+(AH222*'MS-8,9,10 Domain 3 Weights'!$B$5)","v":0},4,3,3,10,"No","NOT SELECTED","NOT SELECTED","RIS"]
[null," 1.15","1",7,"MS-2",null,"3.     Proportion of children admitted to the health facility who receive IV fluids with no clear indication. (76.96)","Processes: EB care, harmful practices, patient-centered practices","Non-evidence-based, harmful practices inpatient","Provision ","Process","Inpatient","15 Prev/unnes/harm",4,4,3,4,3,3,15,null,0,4,4,3,11,null,0,null,0,{"$nulls":4},{"$f":"(AE223*'MS-8,9,10 Domain 3 Weights'!$B$2)+(AF223*'MS-8,9,10 Domain 3 Weights'!$B$3)+(AG223*'MS-8,9,10 Domain 3 Weights'!$B$4)+(AH223*'MS-8,9,10 Domain 3 Weights'!$B$5)","v":0},4,4,3,11,"No","NOT SELECTED","NOT SELECTED","RIS"]
[null," 1.15","1",8,"MS-2",null,"4.     Proportion of children admitted to the health facility who receive blood when not indicated. (80.45)","Processes: EB care, harmful practices, patient-centered practices","Non-evidence-based, harmful practices inpatient","Provision ","Process","Inpatient","15 Prev/unnes/harm",4,4,3,3,3,3,14,null,0,4,4,3,11,null,0,null,0,{"$nulls":4},{"$f":"(AE224*'MS-8,9,10 Domain 3 Weights'!$B$2)+(AF224*'MS-8,9,10 Domain 3 Weights'!$B$3)+(AG224*'MS-8,9,10 Domain 3 Weights'!$B$4)+(AH224*'MS-8,9,10 Domain 3 Weights'!$B$5)","v":0},4,3,3,10,"No","NOT SELECTED","NOT SELECTED","RIS"]
[null," 1.15","1",9,"MS-2",null,"5.     Proportion of children up to 5 years seen at the health facility with cough who receive harmful cough remedies for respiratory tract infections. (78.56)","Processes: EB care, harmful practices, patient-centered practices","Non-evidence-based, harmful practices inpatient","Provision ","Process","Both","15 Prev/unnes/harm",4,4,4,4,4,4,16,null,0,4,5,4,13,null,0,null,0,{"$nulls":4},{"$f":"(AE225*'MS-8,9,10 Domain 3 Weights'!$B$2)+(AF225*'MS-8,9,10 Domain 3 Weights'!$B$3)+(AG225*'MS-8,9,10 Domain 3 Weights'!$B$4)+(AH225*'MS-8,9,10 Domain 3 Weights'!$B$5)","v":0},4,4,3,11,"Yes","SELECTED","NOT SELECTED","RIS"]
[null," 1.15","1",10,"MS-2",null,"6.     Proportion of children admitted to the health facility for whom there were proven medication errors or hospital-acquired infections. (81.92)","Processes: EB care, harmful practices, patient-centered practices","Non-evidence-based, harmful practices inpatient","Provision ","Process","Inpatient","15 Prev/unnes/harm",4,4,3,3,4,4,{"$f":"SUM(N226:S226)","v":22},null,0,4,3,5,12,null,0,null,0,{"$nulls":4},{"$f":"(AE226*'MS-8,9,10 Domain 3 Weights'!$B$2)+(AF226*'MS-8,9,10 Domain 3 Weights'!$B$3)+(AG226*'MS-8,9,10 Domain 3 Weights'!$B$4)+(AH226*'MS-8,9,10 Domain 3 Weights'!$B$5)","v":0},4,4,3,11,"No","NOT SELECTED","NOT SELECTED","RIS",null,"suggest to take out hospital ackquired infection and only measure errors. HAI is covered under standard 1.14"]
[null," 1.15","1",11,"MS-2",null,"7.     Proportion of children seen at the health facility who received unnecessary oral or parenteral medicines. (81.27)","Processes: EB care, harmful practices, patient-centered practices","Non-evidence-based, harmful practices inpatient","Provision ","Process","Both","15 Prev/unnes/harm",4,2,1,4,2,2,{"$f":"SUM(N227:S227)","v":15},null,0,4,5,4,13,null,0,null,0,{"$nulls":4},{"$f":"(AE227*'MS-8,9,10 Domain 3 Weights'!$B$2)+(AF227*'MS-8,9,10 Domain 3 Weights'!$B$3)+(AG227*'MS-8,9,10 Domain 3 Weights'!$B$4)+(AH227*'MS-8,9,10 Domain 3 Weights'!$B$5)","v":0},4,4,3,11,"Yes","NOT SELECTED","NOT SELECTED","RIS",null,"this indicator is very broad. Need very clear definition to be measurable. Otherwise it is good."]
[null," 1.15","1",12,"MS-2",null,"8.     Proportion of children admitted to the health facility who received antibiotics when not indicated. (83.54)","Processes: EB care, harmful practices, patient-centered practices","Non-evidence-based, harmful practices inpatient","Provision ","Process","Both","15 Prev/unnes/harm",4,5,3,4,3,3,16,null,0,4,4,5,13,null,0,null,0,{"$nulls":4},{"$f":"(AE228*'MS-8,9,10 Domain 3 Weights'!$B$2)+(AF228*'MS-8,9,10 Domain 3 Weights'!$B$3)+(AG228*'MS-8,9,10 Domain 3 Weights'!$B$4)+(AH228*'MS-8,9,10 Domain 3 Weights'!$B$5)","v":0},4,4,3,11,"Yes","SELECTED","NOT SELECTED","RIS",null,"I would suggest to revise this indicator both for inpatient and outpatient not only  for inpatient; I suggest to define 2-3 major key conditions at outpatient and inpatient settings and assess antibiotic administration for these conditions only. "]
[null," 2.1","2",1,"MS-4",null,"1.     The health facility has standardized, age-appropriate child care registers, clinical records, observation charts and patient cards in place at all times for recording and monitoring all care processes and outcomes. (93.71)","Input Heal&Sys","Standardized medical documentation and forms","Supporting systems","Input Heal&Sys","Both",null,4,5,3,4,3,4,{"$f":"SUM(N229:$Q229)","v":16},null,0,{"$nulls":3},0,null,0,5,5,{"$nulls":4},{"$f":"(AE229*'MS-8,9,10 Domain 3 Weights'!$B$2)+(AF229*'MS-8,9,10 Domain 3 Weights'!$B$3)+(AG229*'MS-8,9,10 Domain 3 Weights'!$B$4)+(AH229*'MS-8,9,10 Domain 3 Weights'!$B$5)","v":0},3,3,4,10,"Yes","SELECTED","NOT SELECTED","InR"]
[null," 2.1","2",2,"MS-4",null,"2.     The health facility has an established storage system for medical records that ensures confidentiality and safety and allows rapid retrieval, access and distribution of patients’ medical records. (93.31)","Input Heal&Sys","Health Information system (medical documentation)","Supporting systems","Input Heal&Sys","Both",null,4,5,3,4,3,4,{"$f":"SUM(N230:$Q230)","v":16},null,0,{"$nulls":3},0,null,0,3,3,{"$nulls":4},{"$f":"(AE230*'MS-8,9,10 Domain 3 Weights'!$B$2)+(AF230*'MS-8,9,10 Domain 3 Weights'!$B$3)+(AG230*'MS-8,9,10 Domain 3 Weights'!$B$4)+(AH230*'MS-8,9,10 Domain 3 Weights'!$B$5)","v":0},3,3,4,10,"No","NOT SELECTED","NOT SELECTED","InR"]
[null," 2.1","2",3,"MS-4",null,"3.     The health facility has a registration system for admissions, discharges, births and deaths that is linked to the national vital registration system at all times. (93.13)","Input Heal&Sys","Health Information system (medical documentation)","Supporting systems","Input Heal&Sys","Both",null,4,5,3,4,3,4,{"$f":"SUM(N231:$Q231)","v":16},null,0,{"$nulls":3},0,null,0,4,4,{"$nulls":4},{"$f":"(AE231*'MS-8,9,10 Domain 3 Weights'!$B$2)+(AF231*'MS-8,9,10 Domain 3 Weights'!$B$3)+(AG231*'MS-8,9,10 Domain 3 Weights'!$B$4)+(AH231*'MS-8,9,10 Domain 3 Weights'!$B$5)","v":0},3,3,4,10,"No","NOT SELECTED","NOT SELECTED","InR"]
[null," 2.1","2",4,"MS-4",null,"4.     The health facility has a standardized system for classifying clinical conditions, diseases and health outcomes, including births and deaths, which is aligned with the ICD. (92.48)","Input Heal&Sys","Health Information system (medical documentation)","Supporting systems","Input Heal&Sys","Both",null,4,5,3,4,3,4,{"$f":"SUM(N232:$Q232)","v":16},null,0,{"$nulls":3},0,null,0,4,4,{"$nulls":4},{"$f":"(AE232*'MS-8,9,10 Domain 3 Weights'!$B$2)+(AF232*'MS-8,9,10 Domain 3 Weights'!$B$3)+(AG232*'MS-8,9,10 Domain 3 Weights'!$B$4)+(AH232*'MS-8,9,10 Domain 3 Weights'!$B$5)","v":0},3,3,4,10,"No","NOT SELECTED","NOT SELECTED","InR"]
[null," 2.1","2",5,"MS-4",null,"5.     The health facility has a system for creating unique identifiers for new patients and locating pre-existing unique identifiers for returning patients. (90.59)","Input Heal&Sys","Health Information system (medical documentation)","Supporting systems","Input Heal&Sys","Both",null,4,5,4,4,3,4,{"$f":"SUM(N233:$Q233)","v":17},null,0,{"$nulls":3},0,null,0,4,4,{"$nulls":4},{"$f":"(AE233*'MS-8,9,10 Domain 3 Weights'!$B$2)+(AF233*'MS-8,9,10 Domain 3 Weights'!$B$3)+(AG233*'MS-8,9,10 Domain 3 Weights'!$B$4)+(AH233*'MS-8,9,10 Domain 3 Weights'!$B$5)","v":0},3,3,4,10,"No","NOT SELECTED","NOT SELECTED","InR"]
[null," 2.1","2",6,"MS-4",null,"6.     The health facility staff receive training and refresher sessions at least once every 12 months on the use of standardized medical records, including birth and death registration, and classification of conditions and diseases in accordance with the ICD. (86.28)","Inputs: Human resources","Human resources: specific non-clinical training","Supporting systems","Input HumRes","Both",null,4,5,3,4,3,4,{"$f":"SUM(N234:$Q234)","v":16},null,0,{"$nulls":3},0,null,0,3,3,{"$nulls":4},{"$f":"(AE234*'MS-8,9,10 Domain 3 Weights'!$B$2)+(AF234*'MS-8,9,10 Domain 3 Weights'!$B$3)+(AG234*'MS-8,9,10 Domain 3 Weights'!$B$4)+(AH234*'MS-8,9,10 Domain 3 Weights'!$B$5)","v":0},3,3,4,10,"No","NOT SELECTED","NOT SELECTED","Prov"]
[null," 2.1","2",7,"MS-4",null,"7.     The health facility has sufficient supplies of the necessary registers, patient medical forms, charts and patient cards (e.g. immunization cards) in stock at all times. (93.49)","Input Heal&Sys","Standardized medical documentation and forms","Supporting systems","Input Heal&Sys","Both",null,4,5,3,4,3,4,{"$f":"SUM(N235:$Q235)","v":16},null,0,{"$nulls":3},0,null,0,4,4,{"$nulls":4},{"$f":"(AE235*'MS-8,9,10 Domain 3 Weights'!$B$2)+(AF235*'MS-8,9,10 Domain 3 Weights'!$B$3)+(AG235*'MS-8,9,10 Domain 3 Weights'!$B$4)+(AH235*'MS-8,9,10 Domain 3 Weights'!$B$5)","v":0},3,3,4,10,"No","NOT SELECTED","NOT SELECTED","InR"]
[null," 2.1","2",8,"MS-4",null,"1.     Proportion of all children currently in the health facility who have a patient identifier and individual clinical medical record. (89.32)","Input Heal&Sys","Quality documentation","Supporting systems","Input Heal&Sys","Both",null,4,5,3,4,3,4,{"$f":"SUM(N236:$Q236)","v":16},null,0,{"$nulls":3},0,null,0,4,4,{"$nulls":4},{"$f":"(AE236*'MS-8,9,10 Domain 3 Weights'!$B$2)+(AF236*'MS-8,9,10 Domain 3 Weights'!$B$3)+(AG236*'MS-8,9,10 Domain 3 Weights'!$B$4)+(AH236*'MS-8,9,10 Domain 3 Weights'!$B$5)","v":0},3,3,4,10,"No","NOT SELECTED","NOT SELECTED","RIS"]
[null," 2.1","2",9,"MS-4",null,"2.     Proportion of medical records in which every entry is dated, timed (24-h clock), legible and signed by the person making the entry. (88.86)","Input Heal&Sys","Quality documentation","Supporting systems","Input Heal&Sys","Both",null,4,5,3,4,3,4,{"$f":"SUM(N237:$Q237)","v":16},null,0,{"$nulls":3},0,null,0,4,4,{"$nulls":4},{"$f":"(AE237*'MS-8,9,10 Domain 3 Weights'!$B$2)+(AF237*'MS-8,9,10 Domain 3 Weights'!$B$3)+(AG237*'MS-8,9,10 Domain 3 Weights'!$B$4)+(AH237*'MS-8,9,10 Domain 3 Weights'!$B$5)","v":0},3,3,4,10,"No","NOT SELECTED","NOT SELECTED","RIS"]
[null," 2.1","2",10,"MS-4",null,"3.     Proportion of all children discharged from the health facility within the past 24 h who had an accurately completed discharge summary of the care provided, outcomes and diagnoses (with ICD codes). (90.23) ","Input Heal&Sys","Quality documentation inpatient","Supporting systems","Input Heal&Sys","Inpatient",null,4,5,3,4,3,4,{"$f":"SUM(N238:$Q238)","v":16},null,0,{"$nulls":3},0,null,0,5,5,{"$nulls":4},{"$f":"(AE238*'MS-8,9,10 Domain 3 Weights'!$B$2)+(AF238*'MS-8,9,10 Domain 3 Weights'!$B$3)+(AG238*'MS-8,9,10 Domain 3 Weights'!$B$4)+(AH238*'MS-8,9,10 Domain 3 Weights'!$B$5)","v":0},3,3,4,10,"Yes","SELECTED","NOT SELECTED","RIS"]
[null," 2.1","2",11,"MS-4",null,"4.     Proportion of all births and deaths occurring in the health facility that were appropriately registered in the national vital registration system. (91.36)","Input Heal&Sys","Death notification, review","Supporting systems","Input Heal&Sys","Both",null,4,5,3,4,3,4,{"$f":"SUM(N239:$Q239)","v":16},null,0,{"$nulls":3},0,null,0,5,5,{"$nulls":4},{"$f":"(AE239*'MS-8,9,10 Domain 3 Weights'!$B$2)+(AF239*'MS-8,9,10 Domain 3 Weights'!$B$3)+(AG239*'MS-8,9,10 Domain 3 Weights'!$B$4)+(AH239*'MS-8,9,10 Domain 3 Weights'!$B$5)","v":0},5,4,4,13,"Yes","SELECTED","CORE","RIS","Quarterly","This is very good indicator, however, very hard to measure. "]
[null," 2.1","2",12,"MS-4",null,"1.     Proportion of all medical records that include legible documentation of relevant demographic and clinical information on the child and the process and outcomes of the care provided. (87.80)","Input Heal&Sys","Quality documentation","Supporting systems","Input Heal&Sys","Both",null,4,5,4,4,3,3,{"$f":"SUM(N240:$Q240)","v":17},null,0,{"$nulls":3},0,null,0,5,5,{"$nulls":4},{"$f":"(AE240*'MS-8,9,10 Domain 3 Weights'!$B$2)+(AF240*'MS-8,9,10 Domain 3 Weights'!$B$3)+(AG240*'MS-8,9,10 Domain 3 Weights'!$B$4)+(AH240*'MS-8,9,10 Domain 3 Weights'!$B$5)","v":0},3,3,4,10,"Yes","SELECTED","NOT SELECTED","RIS"]
[null," 2.1","2",13,"MS-4",null,"2.     Proportion of all deaths that occurred in the health facility in the past 3 months that were appropriately recorded, with a correct, complete death notification and the cause of death consistent with the ICD classification. (92.13)","Input Heal&Sys","Quality documentation inpatient","Supporting systems","Input Heal&Sys","Inpatient",null,4,5,3,4,3,4,{"$f":"SUM(N241:$Q241)","v":16},null,0,{"$nulls":3},0,null,0,4,4,{"$nulls":4},{"$f":"(AE241*'MS-8,9,10 Domain 3 Weights'!$B$2)+(AF241*'MS-8,9,10 Domain 3 Weights'!$B$3)+(AG241*'MS-8,9,10 Domain 3 Weights'!$B$4)+(AH241*'MS-8,9,10 Domain 3 Weights'!$B$5)","v":0},3,3,4,10,"No","NOT SELECTED","NOT SELECTED","RIS"]
[null," 2.2","2",1,"MS-4",null,"1.     The health facility has a system with standard operating procedures and protocols for data collection and for checking, validating and analysing relevant indicators to make timely reports and visual charts. (92.61)","Inputs: Operational Guidelines","Operational guidelines, protocols related to cross-cutting supporting systems (management, human resources, health information system, infrastructure, supplies and equipment, health financing, organization of health services)","Supporting systems","Input OperGuide","Both",null,4,3,4,4,4,4,{"$f":"SUM(N242:$Q242)","v":15},null,0,{"$nulls":3},0,null,0,3,3,{"$nulls":4},{"$f":"(AE242*'MS-8,9,10 Domain 3 Weights'!$B$2)+(AF242*'MS-8,9,10 Domain 3 Weights'!$B$3)+(AG242*'MS-8,9,10 Domain 3 Weights'!$B$4)+(AH242*'MS-8,9,10 Domain 3 Weights'!$B$5)","v":0},3,3,3,9,"No","NOT SELECTED","NOT SELECTED","InR"]
[null," 2.2","2",2,"MS-4",null,"2.     Managers, health professionals and support staff in the health facility meet regularly (at least once a month) to review patient care and outcomes for decision-making and monitoring performance. (90.92)","Inputs: QI structures and supporting processes","Routine monitoring of the quality of care","Supporting systems","Input QI","Both",null,4,4,4,4,4,4,{"$f":"SUM(N243:$Q243)","v":16},null,0,{"$nulls":3},0,null,0,5,5,{"$nulls":4},{"$f":"(AE243*'MS-8,9,10 Domain 3 Weights'!$B$2)+(AF243*'MS-8,9,10 Domain 3 Weights'!$B$3)+(AG243*'MS-8,9,10 Domain 3 Weights'!$B$4)+(AH243*'MS-8,9,10 Domain 3 Weights'!$B$5)","v":0},3,3,4,10,"Yes","SELECTED","NOT SELECTED","InR",null,"Statement 2.2. and Statement 7.3. have similar measures and can be optimyzed "]
[null," 2.2","2",3,"MS-4",null,"3.     The health facility managers and community representatives meet regularly (at least every 3 months) to review the health facility statistics and performance and use the recommendations for decision-making. (87.42)","Inputs: QI structures and supporting processes","Routine monitoring of the quality of care","Supporting systems","Input QI","Both",null,4,4,3,4,4,4,{"$f":"SUM(N244:$Q244)","v":15},null,0,{"$nulls":3},0,null,0,5,5,{"$nulls":4},{"$f":"(AE244*'MS-8,9,10 Domain 3 Weights'!$B$2)+(AF244*'MS-8,9,10 Domain 3 Weights'!$B$3)+(AG244*'MS-8,9,10 Domain 3 Weights'!$B$4)+(AH244*'MS-8,9,10 Domain 3 Weights'!$B$5)","v":0},3,3,4,10,"Yes","NOT SELECTED","NOT SELECTED","InR"]
[null," 2.2","2",4,"MS-4",null,"4.     The health facility regularly (at least once a month) reviews paediatric deaths and has mechanisms in place to implement the recommendations of the reviews. (93.46)","Input Heal&Sys","Death notification, review","Supporting systems","Input QI","Both",null,4,3,4,4,4,4,{"$f":"SUM(N245:$Q245)","v":15},null,0,{"$nulls":3},0,null,0,4,4,{"$nulls":4},{"$f":"(AE245*'MS-8,9,10 Domain 3 Weights'!$B$2)+(AF245*'MS-8,9,10 Domain 3 Weights'!$B$3)+(AG245*'MS-8,9,10 Domain 3 Weights'!$B$4)+(AH245*'MS-8,9,10 Domain 3 Weights'!$B$5)","v":0},3,3,4,10,"No","NOT SELECTED","NOT SELECTED","InR"]
[null," 2.2","2",5,"MS-4",null,"5.     Evidence that the health facility analyses and produces monthly visual charts and reports for monitoring performance. (86.67)","Inputs: QI structures and supporting processes","Routine monitoring of the quality of care","Supporting systems","Input Heal&Sys","Both",null,4,4,4,4,4,4,{"$f":"SUM(N246:$Q246)","v":16},null,0,{"$nulls":3},0,null,0,5,5,{"$nulls":4},{"$f":"(AE246*'MS-8,9,10 Domain 3 Weights'!$B$2)+(AF246*'MS-8,9,10 Domain 3 Weights'!$B$3)+(AG246*'MS-8,9,10 Domain 3 Weights'!$B$4)+(AH246*'MS-8,9,10 Domain 3 Weights'!$B$5)","v":0},3,3,4,10,"Yes","SELECTED","NOT SELECTED","InR"]
[null," 2.2","2",6,"MS-4",null,"1.     Number of meetings between health facility management and community representatives in the past 6 months. (82.72)","Inputs: QI structures and supporting processes","Structures, regular meetings and implementation plan for QI","Supporting systems","Input Over&Man","Both",null,4,4,4,4,3,4,{"$f":"SUM(N247:$Q247)","v":16},null,0,{"$nulls":3},0,null,0,4,4,{"$nulls":4},{"$f":"(AE247*'MS-8,9,10 Domain 3 Weights'!$B$2)+(AF247*'MS-8,9,10 Domain 3 Weights'!$B$3)+(AG247*'MS-8,9,10 Domain 3 Weights'!$B$4)+(AH247*'MS-8,9,10 Domain 3 Weights'!$B$5)","v":0},3,3,4,10,"No","NOT SELECTED","NOT SELECTED","InR"]
[null," 2.2","2",7,"MS-4",null,"2.     Proportion of all paediatric deaths that occurred in the health facility in the past 3 months that were reviewed with standard death audit tools. (91.42)","Input Heal&Sys","Death notification, review","Supporting systems","Input QI","Both",null,4,4,4,4,4,3,{"$f":"SUM(N248:$Q248)","v":16},null,0,{"$nulls":3},0,null,0,5,5,{"$nulls":4},{"$f":"(AE248*'MS-8,9,10 Domain 3 Weights'!$B$2)+(AF248*'MS-8,9,10 Domain 3 Weights'!$B$3)+(AG248*'MS-8,9,10 Domain 3 Weights'!$B$4)+(AH248*'MS-8,9,10 Domain 3 Weights'!$B$5)","v":0},4,4,5,13,"Yes","SELECTED","CORE","InR","Quarterly","1.1. #16 is similar to 2.2. #7 indicator, it is more natural to leave it in standard 2.2; suggest to add pieace on action: death reviewed and action steps with responcible parties defined"]
[null," 2.2","2",8,"MS-4",null,"1.     Proportion of all recommendations from paediatric death reviews conducted at the health facility in the past 6 months that were fully implemented. (86.95)","Inputs: QI structures and supporting processes","Adressing gaps in QoC","Supporting systems","Input QI","Both",null,5,5,3,4,4,3,{"$f":"SUM(N249:$Q249)","v":17},null,0,{"$nulls":3},0,null,0,5,5,{"$nulls":4},{"$f":"(AE249*'MS-8,9,10 Domain 3 Weights'!$B$2)+(AF249*'MS-8,9,10 Domain 3 Weights'!$B$3)+(AG249*'MS-8,9,10 Domain 3 Weights'!$B$4)+(AH249*'MS-8,9,10 Domain 3 Weights'!$B$5)","v":0},3,3,4,10,"Yes","SELECTED","NOT SELECTED","InR"]
[null," ","2",9,"MS-4",null,"2.     Proportion of monthly reports from the health facility received by the next highest level of administration in the past 6 months. (84.01)","Input Heal&Sys","Reporting","Supporting systems","Input Heal&Sys","Both",null,3,4,3,4,3,3,{"$f":"SUM(N250:$Q250)","v":14},null,0,{"$nulls":3},0,null,0,5,5,{"$nulls":4},{"$f":"(AE250*'MS-8,9,10 Domain 3 Weights'!$B$2)+(AF250*'MS-8,9,10 Domain 3 Weights'!$B$3)+(AG250*'MS-8,9,10 Domain 3 Weights'!$B$4)+(AH250*'MS-8,9,10 Domain 3 Weights'!$B$5)","v":0},3,3,4,10,"Yes","NOT SELECTED","NOT SELECTED","InR"]
[null," 2.3","2",1,"MS-4",null,"1.     The health facility has a functioning, age-appropriate system and procedures in place for collecting information and responding to the perceptions of children and their carers of the services provided. (87.97)","Inputs: Operational Guidelines","Operational guidelines, protocols related to client-centered practices","Supporting systems","Input OperGuide","Both",null,4,4,3,5,4,4,{"$f":"SUM(N251:$Q251)","v":16},null,0,{"$nulls":3},0,null,0,4,4,{"$nulls":4},{"$f":"(AE251*'MS-8,9,10 Domain 3 Weights'!$B$2)+(AF251*'MS-8,9,10 Domain 3 Weights'!$B$3)+(AG251*'MS-8,9,10 Domain 3 Weights'!$B$4)+(AH251*'MS-8,9,10 Domain 3 Weights'!$B$5)","v":0},3,3,4,10,"No","NOT SELECTED","NOT SELECTED","InR"]
[null," 2.3","2",2,"MS-4",null,"2.     The health facility has visual materials to inform children and their carers on how to make a complaint (e.g. a suggestion box) and provide feedback to the health facility. (89.40)","Inputs: Infrastructure, equipment client-centered","Infrastructure for client-centered practices","Supporting systems","Input InfrastMedSupEquip","Both",null,4,4,3,5,4,4,{"$f":"SUM(N252:$Q252)","v":16},null,0,{"$nulls":3},0,null,0,4,4,{"$nulls":4},{"$f":"(AE252*'MS-8,9,10 Domain 3 Weights'!$B$2)+(AF252*'MS-8,9,10 Domain 3 Weights'!$B$3)+(AG252*'MS-8,9,10 Domain 3 Weights'!$B$4)+(AH252*'MS-8,9,10 Domain 3 Weights'!$B$5)","v":0},3,3,4,10,"No","NOT SELECTED","NOT SELECTED","InR"]
[null," 2.3","2",3,"MS-4",null,"3.     Health facility staff (clinical and nonclinical) receive training or orientation in customer service and provision of child- and family-centred care at least once every 12 months. (86.29)","Inputs: Human resources","Human resources: specific non-clinical training","Supporting systems","Input HumRes","Both",null,4,4,3,5,4,4,{"$f":"SUM(N253:$Q253)","v":16},null,0,{"$nulls":3},0,null,0,4,4,{"$nulls":4},{"$f":"(AE253*'MS-8,9,10 Domain 3 Weights'!$B$2)+(AF253*'MS-8,9,10 Domain 3 Weights'!$B$3)+(AG253*'MS-8,9,10 Domain 3 Weights'!$B$4)+(AH253*'MS-8,9,10 Domain 3 Weights'!$B$5)","v":0},3,3,4,10,"No","NOT SELECTED","NOT SELECTED","Prov"]
[null," 2.3","2",4,"MS-4",null,"1.     Proportion of carers of children who are aware of the mechanism for patient complaints and feedback (e.g. suggestion box) in the health facility. (81.05)","Inputs: financing","Providers' awareness on the existing mechanisms for patient feedback","Supporting systems","Input Financing","Both",null,4,4,3,5,4,4,{"$f":"SUM(N254:$Q254)","v":16},null,0,{"$nulls":3},0,null,0,5,5,{"$nulls":4},{"$f":"(AE254*'MS-8,9,10 Domain 3 Weights'!$B$2)+(AF254*'MS-8,9,10 Domain 3 Weights'!$B$3)+(AG254*'MS-8,9,10 Domain 3 Weights'!$B$4)+(AH254*'MS-8,9,10 Domain 3 Weights'!$B$5)","v":0},3,3,4,10,"Yes","SELECTED","NOT SELECTED","Client"]
[null," 2.3","2",5,"MS-4",null,"2.     Proportion of children and/or their carers who participated in patient satisfaction surveys or provided feedback on the services received in the past 3 months. (82.28)","Inputs: management and oversight","Oversight and management on patient-centered practices","Supporting systems","Input Over&Man","Both",null,4,4,3,5,4,4,{"$f":"SUM(N255:$Q255)","v":16},null,0,{"$nulls":3},0,null,0,5,5,{"$nulls":4},{"$f":"(AE255*'MS-8,9,10 Domain 3 Weights'!$B$2)+(AF255*'MS-8,9,10 Domain 3 Weights'!$B$3)+(AG255*'MS-8,9,10 Domain 3 Weights'!$B$4)+(AH255*'MS-8,9,10 Domain 3 Weights'!$B$5)","v":0},3,3,4,10,"Yes","SELECTED","NOT SELECTED","Client"]
[null," 2.3","2",6,"MS-4",null,"1.     Proportion of children and/or their carers who are satisfied with the time they spent waiting for care, the procedures and other processes in the health facility. (84.23)","Outcomes: client/career satisfaction","Satisfaction (client/career) ","Supporting systems","Outcome","Both",null,4,4,3,2,4,4,{"$f":"SUM(N256:$Q256)","v":13},null,0,{"$nulls":3},0,null,0,4,4,{"$nulls":4},{"$f":"(AE256*'MS-8,9,10 Domain 3 Weights'!$B$2)+(AF256*'MS-8,9,10 Domain 3 Weights'!$B$3)+(AG256*'MS-8,9,10 Domain 3 Weights'!$B$4)+(AH256*'MS-8,9,10 Domain 3 Weights'!$B$5)","v":0},3,3,4,10,"No","NOT SELECTED","NOT SELECTED","Client"]
[null," 2.3","2",7,"MS-4",null,"2.     Proportion of all complaints from children and/or their carers received by the health facility in the past 6 months that were reviewed and acted upon. (85.38)","Inputs: management and oversight","Oversight and management on patient-centered practices","Supporting systems","Input Over&Man","Both",null,4,4,3,5,4,4,{"$f":"SUM(N257:$Q257)","v":16},null,0,{"$nulls":3},0,null,0,5,5,{"$nulls":4},{"$f":"(AE257*'MS-8,9,10 Domain 3 Weights'!$B$2)+(AF257*'MS-8,9,10 Domain 3 Weights'!$B$3)+(AG257*'MS-8,9,10 Domain 3 Weights'!$B$4)+(AH257*'MS-8,9,10 Domain 3 Weights'!$B$5)","v":0},3,3,4,10,"Yes","SELECTED","NOT SELECTED","InR"]
[null," 3.1","3",1,null,null,"1.     The health facility has written, up-to-date clinical protocols and guidelines for prereferral management of all infants, children who require referral. (94.13)","Inputs: Operational Guidelines","Operational guidelines, protocols related to care provision","Supporting systems","Input ClinGuidelin","Both",{"$nulls":7},0,null,0,{"$nulls":3},0,null,0,null,0,{"$nulls":4},{"$f":"(AE258*'MS-8,9,10 Domain 3 Weights'!$B$2)+(AF258*'MS-8,9,10 Domain 3 Weights'!$B$3)+(AG258*'MS-8,9,10 Domain 3 Weights'!$B$4)+(AH258*'MS-8,9,10 Domain 3 Weights'!$B$5)","v":0},{"$nulls":3},0,"No","NOT SELECTED","NOT SELECTED","InR"]
[null," 3.1","3",2,"MS-5",null,"2.     The health facility is equipped with age-appropriate medicines and other supplies for stabilization and prereferral treatment of critically ill children who require referral. (94.09)","Inputs: infrastructure, equipment, supplies clinical condition-specific","Clinical condition-specific medicines, supplies and equipment","Supporting systems","Input InfrastMedSupEquip","Both",null,4,3,3,4,3,3,{"$f":"SUM(N259:$Q259)","v":14},null,0,{"$nulls":3},{"$f":"SUM(W259:Y259)","v":0},null,0,4,4,{"$nulls":4},{"$f":"(AE259*'MS-8,9,10 Domain 3 Weights'!$B$2)+(AF259*'MS-8,9,10 Domain 3 Weights'!$B$3)+(AG259*'MS-8,9,10 Domain 3 Weights'!$B$4)+(AH259*'MS-8,9,10 Domain 3 Weights'!$B$5)","v":0},3,3,4,10,"No","NOT SELECTED","NOT SELECTED","InR"]
[null," 3.1","3",3,"MS-5",null,"3.     The health facility has at least one health professional on duty at all times who is trained and competent in first aid, emergency triage, assessment and treatment or basic paediatric life support. (92.90)","Inputs: Human resources","Human resources (specific clinincal training)","Supporting systems","Inputs: Human resources","Both","1 ASB/ETAT/Asses/class/full",4,5,3,5,3,3,{"$f":"SUM(N260:$Q260)","v":17},null,0,{"$nulls":3},0,null,0,5,5,{"$nulls":4},{"$f":"(AE260*'MS-8,9,10 Domain 3 Weights'!$B$2)+(AF260*'MS-8,9,10 Domain 3 Weights'!$B$3)+(AG260*'MS-8,9,10 Domain 3 Weights'!$B$4)+(AH260*'MS-8,9,10 Domain 3 Weights'!$B$5)","v":0},3,3,4,10,"Yes","SELECTED","NOT SELECTED","InR",null,"relevant to Standard 1.1. duplicate to Indicator #12"]
[null," 3.1","3",4,"MS-5",null,"4.     The professional staff communicate clearly with family members about the condition of their child and about why and where the child will be referred for further care. (82.19)",null,"Organization of care processes (including information exchange, care coordination and referral)","Supporting systems","Process","Both",null,4,5,2,4,4,4,{"$f":"SUM(N261:$Q261)","v":15},null,0,{"$nulls":3},0,null,0,5,5,{"$nulls":4},{"$f":"(AE261*'MS-8,9,10 Domain 3 Weights'!$B$2)+(AF261*'MS-8,9,10 Domain 3 Weights'!$B$3)+(AG261*'MS-8,9,10 Domain 3 Weights'!$B$4)+(AH261*'MS-8,9,10 Domain 3 Weights'!$B$5)","v":0},3,3,4,10,"Yes","NOT SELECTED","NOT SELECTED","Client"]
[null," 3.1","3",5,"MS-5",null,"1.     Proportion of all children who require referral who are given prereferral treatment and transferred within 2 h of arrival at the referring health facility. (88.13)",null,"Organization of care processes (including information exchange, care coordination and referral)","Supporting systems","Process","Both","1 ASB/ETAT/Asses/class/full",4,3,3,4,3,3,{"$f":"SUM(N262:$Q262)","v":14},null,0,{"$nulls":3},0,null,0,4,4,{"$nulls":4},{"$f":"(AE262*'MS-8,9,10 Domain 3 Weights'!$B$2)+(AF262*'MS-8,9,10 Domain 3 Weights'!$B$3)+(AG262*'MS-8,9,10 Domain 3 Weights'!$B$4)+(AH262*'MS-8,9,10 Domain 3 Weights'!$B$5)","v":0},3,3,4,10,"No","NOT SELECTED","NOT SELECTED","RIS",null,"Some measures of  3.1. statement are similar to  measures of Quality statement 1.1."]
[null," 3.1","3",6,"MS-5",null,"2.     Proportion of all children with surgical emergencies that require referral to a facility with surgical capacity who were transferred within 2 h of arrival at the referring health facility. (86.12)",null,"Organization of care processes (including information exchange, care coordination and referral)","Supporting systems","Process","Both","12 Surg/injur ",4,3,3,4,3,3,{"$f":"SUM(N263:$Q263)","v":14},null,0,{"$nulls":3},0,null,0,4,4,{"$nulls":4},{"$f":"(AE263*'MS-8,9,10 Domain 3 Weights'!$B$2)+(AF263*'MS-8,9,10 Domain 3 Weights'!$B$3)+(AG263*'MS-8,9,10 Domain 3 Weights'!$B$4)+(AH263*'MS-8,9,10 Domain 3 Weights'!$B$5)","v":0},3,3,4,10,"No","NOT SELECTED","NOT SELECTED","RIS"]
[null," 3.1","3",7,"MS-5",null,"3.     Proportion of all children who require referral who received appropriate prereferral treatment when indicated. (89.40)","Processes: EB care, harmful practices, patient-centered practices","Compliance with EB care practices outpatient","Supporting systems","Process","Outpatient","1 ASB/ETAT/Asses/class/full",4,5,3,5,3,3,{"$f":"SUM(N264:$Q264)","v":17},null,0,5,3,5,13,null,0,5,5,{"$nulls":4},{"$f":"(AE264*'MS-8,9,10 Domain 3 Weights'!$B$2)+(AF264*'MS-8,9,10 Domain 3 Weights'!$B$3)+(AG264*'MS-8,9,10 Domain 3 Weights'!$B$4)+(AH264*'MS-8,9,10 Domain 3 Weights'!$B$5)","v":0},3,3,4,10,"Yes","SELECTED","NOT SELECTED","RIS"]
[null," 3.1","3",8,"MS-5",null,"1.     Proportion of children seen in the health facility within the past 3 months who fulfilled the facility’s criteria for referral and who were actually transferred to a referral facility. (83.43)","Outcomes: referral","Outcome of the referral (Died before/during referral, reached referral facility, refused referral)","Supporting systems","Process","Both",null,4,3,3,4,3,3,{"$f":"SUM(N265:$Q265)","v":14},null,0,{"$nulls":3},0,4,4,4,4,{"$nulls":4},{"$f":"(AE265*'MS-8,9,10 Domain 3 Weights'!$B$2)+(AF265*'MS-8,9,10 Domain 3 Weights'!$B$3)+(AG265*'MS-8,9,10 Domain 3 Weights'!$B$4)+(AH265*'MS-8,9,10 Domain 3 Weights'!$B$5)","v":0},3,3,4,10,"Yes","NOT SELECTED","NOT SELECTED","RIS"]
[null," 3.1","3",9,"MS-5",null,"2.     Proportion of all children with an indication that requires referral who died at the health facility. (88.30)","Outcomes: referral","Outcome of the referral (Died before/during referral, reached referral facility, refused referral)","Supporting systems","Outcome","Both",null,4,5,3,5,3,3,{"$f":"SUM(N266:$Q266)","v":17},null,0,{"$nulls":3},0,null,0,5,5,{"$nulls":4},{"$f":"(AE266*'MS-8,9,10 Domain 3 Weights'!$B$2)+(AF266*'MS-8,9,10 Domain 3 Weights'!$B$3)+(AG266*'MS-8,9,10 Domain 3 Weights'!$B$4)+(AH266*'MS-8,9,10 Domain 3 Weights'!$B$5)","v":0},3,3,4,10,"Yes","SELECTED","NOT SELECTED","RIS",null,"Indicator #9 and #10 are similar. Suggesting #9 as it is difficult to determine the cause of death without further investigation"]
[null," 3.1","3",10,"MS-5",null,"3.     Number of children who died as a result of delayed referral. (83.81)","Outcomes: referral","Outcome of the referral (Died before/during referral, reached referral facility, refused referral)","Supporting systems","Outcome","Both",null,4,5,3,4,3,3,{"$f":"SUM(N267:$Q267)","v":16},null,0,{"$nulls":3},0,null,{"$f":"AA267","v":0},4,{"$f":"AC267","v":4},{"$nulls":4},{"$f":"(AE267*'MS-8,9,10 Domain 3 Weights'!$B$2)+(AF267*'MS-8,9,10 Domain 3 Weights'!$B$3)+(AG267*'MS-8,9,10 Domain 3 Weights'!$B$4)+(AH267*'MS-8,9,10 Domain 3 Weights'!$B$5)","v":0},3,3,4,{"$f":"SUM(AJ267:AL267)","v":10},{"$f":"IF(OR(V267>=$R$2,Z267>=$R$3,AB267>=$R$4,AD267>=$R$5,AI267>=$R$6),\"Yes\",\"No\")","v":"No"},{"$f":"IF(AND(T267>=$R$1,AN267=\"Yes\"),\"SELECTED\",\"NOT SELECTED\")","v":"NOT SELECTED"},{"$f":"IF(AND(AO267=\"SELECTED\",AM267>=$R$7),\"CORE\",\"NOT SELECTED\")","v":"NOT SELECTED"},"RIS"]
[null," 3.2","3",1,"MS-5",null,"1.     The health facility is part of a referral network of facilities in the same geographical area with agreed arrangements. (92.92)","Inputs: management and oversight","Oversight and management on  cross-cutting supporting  systems","Supporting systems","Input Over&Man","Both",null,4,4,4,4,3,4,{"$f":"SUM(N268:$Q268)","v":16},null,0,{"$nulls":3},0,null,0,3,3,{"$nulls":4},{"$f":"(AE268*'MS-8,9,10 Domain 3 Weights'!$B$2)+(AF268*'MS-8,9,10 Domain 3 Weights'!$B$3)+(AG268*'MS-8,9,10 Domain 3 Weights'!$B$4)+(AH268*'MS-8,9,10 Domain 3 Weights'!$B$5)","v":0},3,3,3,9,"No","NOT SELECTED","NOT SELECTED","InR"]
[null," 3.2","3",2,"MS-5",null,"2.     The health facility has local financial arrangements to ensure that children who cannot be managed at the health facility are referred and transferred with their parent or caregiver without delay, 24 h a day, 7 days a week. (86.82) ","Inputs: financing","Financing of cross-cutting supporting systems (energy, fuel for vehicles)","Supporting systems","Input Financing","Both",null,4,4,4,4,3,4,{"$f":"SUM(N269:$Q269)","v":16},null,0,{"$nulls":3},0,null,0,4,4,{"$nulls":4},{"$f":"(AE269*'MS-8,9,10 Domain 3 Weights'!$B$2)+(AF269*'MS-8,9,10 Domain 3 Weights'!$B$3)+(AG269*'MS-8,9,10 Domain 3 Weights'!$B$4)+(AH269*'MS-8,9,10 Domain 3 Weights'!$B$5)","v":0},3,3,3,9,"No","NOT SELECTED","NOT SELECTED","InR"]
[null," 3.2","3",3,"MS-5",null,"3.     The health facility has a functioning vehicle with fuel or proximate access to a vehicle that is routinely available for emergency transport to referral facilities. (92.78)","Inputs: Infrastructure, equipment, supplies  cross-cutting","Transport","Supporting systems","Input InfrastMedSupEquip","Both",null,4,4,3,4,3,4,{"$f":"SUM(N270:$Q270)","v":15},null,0,{"$nulls":3},0,null,0,4,4,{"$nulls":4},{"$f":"(AE270*'MS-8,9,10 Domain 3 Weights'!$B$2)+(AF270*'MS-8,9,10 Domain 3 Weights'!$B$3)+(AG270*'MS-8,9,10 Domain 3 Weights'!$B$4)+(AH270*'MS-8,9,10 Domain 3 Weights'!$B$5)","v":0},3,3,3,9,"No","NOT SELECTED","NOT SELECTED","InR"]
[null," 3.2","3",4,"MS-5",null,"4.     The health facility vehicle is regularly maintained, clean and carries basic consumables, medications and equipment suitable for resuscitation and supportive care of children of all ages. (88.68)","Inputs: Infrastructure, equipment, supplies  cross-cutting","Transport","Supporting systems","Input InfrastMedSupEquip","Both",null,4,4,3,4,3,4,{"$f":"SUM(N271:$Q271)","v":15},null,0,{"$nulls":3},0,null,0,4,4,{"$nulls":4},{"$f":"(AE271*'MS-8,9,10 Domain 3 Weights'!$B$2)+(AF271*'MS-8,9,10 Domain 3 Weights'!$B$3)+(AG271*'MS-8,9,10 Domain 3 Weights'!$B$4)+(AH271*'MS-8,9,10 Domain 3 Weights'!$B$5)","v":0},3,3,3,9,"No","NOT SELECTED","NOT SELECTED","InR"]
[null," 3.2","3",5,"MS-5",null,"1.     Proportion of children who were referred without appropriate emergency transport. (81.24)","Inputs: Infrastructure, equipment, supplies  cross-cutting","Transport","Supporting systems","Input InfrastMedSupEquip","Both",null,4,4,3,5,4,4,{"$f":"SUM(N272:$Q272)","v":16},null,0,{"$nulls":3},0,null,0,5,5,{"$nulls":4},{"$f":"(AE272*'MS-8,9,10 Domain 3 Weights'!$B$2)+(AF272*'MS-8,9,10 Domain 3 Weights'!$B$3)+(AG272*'MS-8,9,10 Domain 3 Weights'!$B$4)+(AH272*'MS-8,9,10 Domain 3 Weights'!$B$5)","v":0},3,3,3,9,"Yes","SELECTED","NOT SELECTED","Client"]
[null," 3.2","3",6,"MS-5",null,"2.     Proportion of children referred from the health facility whose families or carers contributed financially to their referral transport. (74.52)","Inputs: financing","Financing of cross-cutting supporting systems (energy, fuel for vehicles)","Supporting systems","Input Financing","Both",null,4,4,3,4,4,4,{"$f":"SUM(N273:$Q273)","v":15},null,0,{"$nulls":3},0,null,0,4,4,{"$nulls":4},{"$f":"(AE273*'MS-8,9,10 Domain 3 Weights'!$B$2)+(AF273*'MS-8,9,10 Domain 3 Weights'!$B$3)+(AG273*'MS-8,9,10 Domain 3 Weights'!$B$4)+(AH273*'MS-8,9,10 Domain 3 Weights'!$B$5)","v":0},3,3,3,9,"No","NOT SELECTED","NOT SELECTED","Client"]
[null," 3.2","3",7,"MS-5",null,"3.     Proportion of all severely ill children who required referral who were transferred to a receiving facility accompanied by a health care professional. (74.12)","Inputs: Organization and availability of health services","Organization of care processes (including information exchange, care coordination and referral)","Supporting systems","Process","Outpatient",null,4,4,3,4,3,4,{"$f":"SUM(N274:$Q274)","v":15},null,0,{"$nulls":3},0,null,0,4,4,{"$nulls":4},{"$f":"(AE274*'MS-8,9,10 Domain 3 Weights'!$B$2)+(AF274*'MS-8,9,10 Domain 3 Weights'!$B$3)+(AG274*'MS-8,9,10 Domain 3 Weights'!$B$4)+(AH274*'MS-8,9,10 Domain 3 Weights'!$B$5)","v":0},3,3,3,9,"No","NOT SELECTED","NOT SELECTED","InR"]
[null," 3.2","3",8,"MS-5",null,"4.     Proportion of children referred to a referral health facility or their carers who reported receiving immediate attention (within 15 min) on arrival at the referral health facility. (80.07)","Inputs: Organization and availability of health services","Organization of care processes inpatient (including information exchange, care coordination and referral)","Supporting systems","Process","Inpatient",null,4,4,3,5,3,4,{"$f":"SUM(N275:$Q275)","v":16},null,0,{"$nulls":3},0,null,0,5,5,{"$nulls":4},{"$f":"(AE275*'MS-8,9,10 Domain 3 Weights'!$B$2)+(AF275*'MS-8,9,10 Domain 3 Weights'!$B$3)+(AG275*'MS-8,9,10 Domain 3 Weights'!$B$4)+(AH275*'MS-8,9,10 Domain 3 Weights'!$B$5)","v":0},3,3,3,9,"Yes","SELECTED","NOT SELECTED","Client"]
[null," 3.2","3",9,"MS-5",null,"1.     Proportion of children who died before or during transfer to a higher-level facility for further management. (89.68)","Outcomes: referral","Outcome of the referral (Died before/during referral, reached referral facility, refused referral)","Supporting systems","Outcome","Both",null,4,4,3,5,3,4,{"$f":"SUM(N276:$Q276)","v":16},null,0,{"$nulls":3},0,null,0,4,4,{"$nulls":4},{"$f":"(AE276*'MS-8,9,10 Domain 3 Weights'!$B$2)+(AF276*'MS-8,9,10 Domain 3 Weights'!$B$3)+(AG276*'MS-8,9,10 Domain 3 Weights'!$B$4)+(AH276*'MS-8,9,10 Domain 3 Weights'!$B$5)","v":0},3,3,3,9,"No","NOT SELECTED","NOT SELECTED","RIS",null,"This indicator is similar to quality statement 3.1. indicator #9 and #10. suggest to optimyze accordingly"]
[null," 3.2","3",10,"MS-5",null,"2.     Proportion of newborns referred from the facility who reached the referral facility. (87.06)","Outcomes: referral","Outcome of the referral (Died before/during referral, reached referral facility, refused referral)","Supporting systems","Outcome","Both",null,4,4,3,5,3,4,{"$f":"SUM(N277:$Q277)","v":16},null,0,{"$nulls":3},0,null,0,5,5,{"$nulls":4},{"$f":"(AE277*'MS-8,9,10 Domain 3 Weights'!$B$2)+(AF277*'MS-8,9,10 Domain 3 Weights'!$B$3)+(AG277*'MS-8,9,10 Domain 3 Weights'!$B$4)+(AH277*'MS-8,9,10 Domain 3 Weights'!$B$5)","v":0},3,3,3,9,"Yes","SELECTED","NOT SELECTED","InR",null,"maybe we could add timinng: within 2 hours (if feasible)"]
[null," 3.2","3",11,"MS-5",null,"3.     Proportion of all children referred from the health facility who completed their referral. (86.23)","Outcomes: referral","Outcome of the referral (Died before/during referral, reached referral facility, refused referral)","Supporting systems","Outcome","Both",null,4,4,3,5,3,4,{"$f":"SUM(N278:$Q278)","v":16},null,{"$f":"IF(E278=\"MS-1\",U278*(VLOOKUP(K278,_tbl.MS1,3,FALSE)),U278)","v":0},{"$nulls":3},0,null,0,4,4,{"$nulls":4},{"$f":"(AE278*'MS-8,9,10 Domain 3 Weights'!$B$2)+(AF278*'MS-8,9,10 Domain 3 Weights'!$B$3)+(AG278*'MS-8,9,10 Domain 3 Weights'!$B$4)+(AH278*'MS-8,9,10 Domain 3 Weights'!$B$5)","v":0},3,3,3,9,"No","NOT SELECTED","NOT SELECTED","InR"]
[null," 3.2","3",12,"MS-5",null,"4.     Proportion of all children referred from the health facility whose families refused referral (80.77)","Outcomes: referral","Outcome of the referral (Died before/during referral, reached referral facility, refused referral)","Supporting systems","Outcome","Both",null,4,4,3,5,3,4,{"$f":"SUM(N279:$Q279)","v":16},null,0,{"$nulls":3},0,null,0,4,4,{"$nulls":4},{"$f":"(AE279*'MS-8,9,10 Domain 3 Weights'!$B$2)+(AF279*'MS-8,9,10 Domain 3 Weights'!$B$3)+(AG279*'MS-8,9,10 Domain 3 Weights'!$B$4)+(AH279*'MS-8,9,10 Domain 3 Weights'!$B$5)","v":0},3,3,3,9,"No","NOT SELECTED","NOT SELECTED","Client"]
[null," 3.3","3",1,"MS-5",null,"1.     The health facility has a standardized referral form to document relevant demographic and clinical information (summary of history, clinical findings, investigations, diagnosis and treatment given) and the reason for referral. (94.99)","Input Heal&Sys","Health Information system (referral note, communication)","Supporting systems","Input Heal&Sys","Both",null,4,3,4,3,4,4,{"$f":"SUM(N280:$Q280)","v":14},null,0,{"$nulls":3},0,null,0,4,4,{"$nulls":4},{"$f":"(AE280*'MS-8,9,10 Domain 3 Weights'!$B$2)+(AF280*'MS-8,9,10 Domain 3 Weights'!$B$3)+(AG280*'MS-8,9,10 Domain 3 Weights'!$B$4)+(AH280*'MS-8,9,10 Domain 3 Weights'!$B$5)","v":0},3,3,3,9,"No","NOT SELECTED","NOT SELECTED","InR"]
[null," 3.3","3",2,"MS-5",null,"2.     The health facility has reliable methods of communication (mobile phone, landline or radio) that are functioning at all times for facilitating referrals. (93.13)","Inputs: Infrastructure, equipment, supplies  cross-cutting","Supplies and  equipment cross-cutting (essential medicines) ","Supporting systems","Inputs: Infrastructure, equipment, supplies  cross-cutting","Both",null,4,3,4,3,4,4,{"$f":"SUM(N281:$Q281)","v":14},null,0,{"$nulls":3},0,null,0,4,4,{"$nulls":4},{"$f":"(AE281*'MS-8,9,10 Domain 3 Weights'!$B$2)+(AF281*'MS-8,9,10 Domain 3 Weights'!$B$3)+(AG281*'MS-8,9,10 Domain 3 Weights'!$B$4)+(AH281*'MS-8,9,10 Domain 3 Weights'!$B$5)","v":0},3,3,3,9,"No","NOT SELECTED","NOT SELECTED","InR"]
[null," 3.3","3",3,"MS-5",null,"3.     The health facility has formal agreements, communication arrangements and a feedback system with the network referral facilities. (88.25)","Inputs: Organization and availability of health services","Organization of care processes (including information exchange, care coordination and referral)","Supporting systems",null,"Both",null,4,3,4,3,4,4,{"$f":"SUM(N282:$Q282)","v":14},null,0,{"$nulls":3},0,null,0,4,4,{"$nulls":4},{"$f":"(AE282*'MS-8,9,10 Domain 3 Weights'!$B$2)+(AF282*'MS-8,9,10 Domain 3 Weights'!$B$3)+(AG282*'MS-8,9,10 Domain 3 Weights'!$B$4)+(AH282*'MS-8,9,10 Domain 3 Weights'!$B$5)","v":0},3,3,3,9,"No","NOT SELECTED","NOT SELECTED","InR"]
[null," 3.3","3",4,"MS-5",null,"1.     Proportion of all children referred by a health facility for whom written counter-referral feedback information was provided by the receiving facility. (84.60)","Input Heal&Sys","Health Information system (referral note, communication)","Supporting systems","Input Heal&Sys","Both",null,4,4,3,5,4,4,{"$f":"SUM(N283:$Q283)","v":16},null,0,{"$nulls":3},0,null,0,5,5,{"$nulls":4},{"$f":"(AE283*'MS-8,9,10 Domain 3 Weights'!$B$2)+(AF283*'MS-8,9,10 Domain 3 Weights'!$B$3)+(AG283*'MS-8,9,10 Domain 3 Weights'!$B$4)+(AH283*'MS-8,9,10 Domain 3 Weights'!$B$5)","v":0},3,3,3,9,"Yes","SELECTED","NOT SELECTED","RIS"]
[null," 3.3","3",5,"MS-5",null,"2.     Proportion of all children referred for whom there were documented prereferral communications (verbal, written) with the receiving facility. (85.63)","Input Heal&Sys","Health Information system (referral note, communication)","Supporting systems","Input Heal&Sys","Both",null,4,5,3,4,3,4,{"$f":"SUM(N284:$Q284)","v":16},null,0,{"$nulls":3},0,null,0,5,5,{"$nulls":4},{"$f":"(AE284*'MS-8,9,10 Domain 3 Weights'!$B$2)+(AF284*'MS-8,9,10 Domain 3 Weights'!$B$3)+(AG284*'MS-8,9,10 Domain 3 Weights'!$B$4)+(AH284*'MS-8,9,10 Domain 3 Weights'!$B$5)","v":0},3,3,3,9,"Yes","SELECTED","NOT SELECTED","RIS"]
[null," 3.3","3",6,"MS-5",null,"1.     Proportion of all children referred who had an appropriate referral note. (89.04)","Input Heal&Sys","Health Information system (referral note, communication)","Supporting systems","Input Heal&Sys","Both",null,4,5,3,4,4,3,{"$f":"SUM(N285:$Q285)","v":16},null,0,{"$nulls":3},0,null,0,5,5,{"$nulls":4},{"$f":"(AE285*'MS-8,9,10 Domain 3 Weights'!$B$2)+(AF285*'MS-8,9,10 Domain 3 Weights'!$B$3)+(AG285*'MS-8,9,10 Domain 3 Weights'!$B$4)+(AH285*'MS-8,9,10 Domain 3 Weights'!$B$5)","v":0},3,3,3,9,"Yes","SELECTED","NOT SELECTED","RIS",null,"define appropriateness based on presence/absence of following: demographic and clinical information (summary of history, clinical findings, investigations, diagnosis and treatment given) and the reason for referral. "]
[null," 4.1","4",1,"MS-8",null,"1.     The health facility has an up-to-date, written policy and provisions to ensure that all staff are identifiable, with name badges, and that they always introduce themselves to children and their carers, state their name and role and use the name of the child or carer when communicating with them. (90.31)","Inputs: Operational Guidelines","Operational guidelines, protocols related to client-centered practices","Experience","Input OperGuide","Both",null,3,4,4,3,4,4,{"$f":"SUM(N286:S286)","v":22},null,0,{"$nulls":3},0,null,0,null,0,0,0,0,5,{"$f":"(AE286*'MS-8,9,10 Domain 3 Weights'!$B$2)+(AF286*'MS-8,9,10 Domain 3 Weights'!$B$3)+(AG286*'MS-8,9,10 Domain 3 Weights'!$B$4)+(AH286*'MS-8,9,10 Domain 3 Weights'!$B$5)","v":1},3,3,3,9,"No","NOT SELECTED","NOT SELECTED","InR"]
[null," 4.1","4",2,"MS-8",null,"2.     Health facility policy provides that children and their families are entitled to receive appropriate information about the child’s care and other relevant aspects during their stay in the facility. (92.67)","Inputs: Operational Guidelines","Operational guidelines, protocols related to client-centered practices","Experience","Input OperGuide","Both",null,4,4,4,3,4,4,{"$f":"SUM(N287:Q287)","v":15},null,0,{"$nulls":3},0,null,0,null,0,5,0,0,5,{"$f":"(AE287*'MS-8,9,10 Domain 3 Weights'!$B$2)+(AF287*'MS-8,9,10 Domain 3 Weights'!$B$3)+(AG287*'MS-8,9,10 Domain 3 Weights'!$B$4)+(AH287*'MS-8,9,10 Domain 3 Weights'!$B$5)","v":2.5},3,3,3,9,"Yes","NOT SELECTED","NOT SELECTED","InR"]
[null," 4.1","4",3,"MS-8",null,"3.     The health facility provides information materials to children and their families to help them understand the opportunities for engagement, how to participate in their care and the roles of the different members of the health care team. (87.00)","Input Heal&Sys","Health Information system (informed consent, information materials)","Experience","Input Heal&Sys","Both",null,4,4,4,3,4,3,15,null,0,{"$nulls":3},0,null,0,null,0,5,0,0,5,{"$f":"(AE288*'MS-8,9,10 Domain 3 Weights'!$B$2)+(AF288*'MS-8,9,10 Domain 3 Weights'!$B$3)+(AG288*'MS-8,9,10 Domain 3 Weights'!$B$4)+(AH288*'MS-8,9,10 Domain 3 Weights'!$B$5)","v":2.5},3,3,3,9,"Yes","NOT SELECTED","NOT SELECTED","InR"]
[null," 4.1","4",4,"MS-8",null,"4.     The health facility makes available child-friendly, age-appropriate health information materials that are accessible, in the language(s) relevant to the population and in appropriate formats (e.g audiovisuall or visual material, diagrams, illustrations) to facilitate understanding by children and carers. (88.65)","Input Heal&Sys","Health Information system (informed consent, information materials)","Experience","Input Heal&Sys","Both",null,4,4,4,3,4,3,15,null,0,{"$nulls":3},0,null,0,null,0,5,0,0,5,{"$f":"(AE289*'MS-8,9,10 Domain 3 Weights'!$B$2)+(AF289*'MS-8,9,10 Domain 3 Weights'!$B$3)+(AG289*'MS-8,9,10 Domain 3 Weights'!$B$4)+(AH289*'MS-8,9,10 Domain 3 Weights'!$B$5)","v":2.5},3,3,3,9,"Yes","NOT SELECTED","NOT SELECTED","InR"]
[null," 4.1","4",5,"MS-8",null,"5.     The health facility has a system for providing information to patients about their medical conditions and their treatment care plan in a way that is understandable to them and allays their doubts and fears. (85.28)","Inputs: Organization and availability of health services","Organization of processes (including communication with patient/careers, ensuring privacy, education, counselling sessions)","Experience","Input OperGuide","Both",null,4,4,4,3,4,4,15,null,0,{"$nulls":3},0,null,0,null,0,5,0,0,5,{"$f":"(AE290*'MS-8,9,10 Domain 3 Weights'!$B$2)+(AF290*'MS-8,9,10 Domain 3 Weights'!$B$3)+(AG290*'MS-8,9,10 Domain 3 Weights'!$B$4)+(AH290*'MS-8,9,10 Domain 3 Weights'!$B$5)","v":2.5},3,3,3,9,"Yes","NOT SELECTED","NOT SELECTED","InR"]
[null," 4.1","4",6,"MS-8",null,"6.     Health care staff receive training and regular mentoring or refresher training at least every 12 months in fully explaining a condition to children and their carers, giving “bad news” and supporting children and parents in coping with the information given. (91.75)","Inputs: Human resources","Human resources: specific non-clinical training","Experience","Input HumRes","Both",null,4,4,4,3,4,4,15,null,0,{"$nulls":3},0,null,0,null,0,5,0,0,5,{"$f":"(AE291*'MS-8,9,10 Domain 3 Weights'!$B$2)+(AF291*'MS-8,9,10 Domain 3 Weights'!$B$3)+(AG291*'MS-8,9,10 Domain 3 Weights'!$B$4)+(AH291*'MS-8,9,10 Domain 3 Weights'!$B$5)","v":2.5},3,3,3,9,"Yes","NOT SELECTED","NOT SELECTED","Prov"]
[null," 4.1","4",7,"MS-8",null,"1.     Proportion of health care staff in the health facility wearing identification badges. (84.94)","Inputs: Organization and availability of health services","Organization of processes (including communication with patient/careers, ensuring privacy, education, counselling sessions)","Experience","Input Over&Man","Both",null,3,4,4,3,4,4,14,null,0,{"$nulls":3},0,null,0,null,0,5,0,0,5,{"$f":"(AE292*'MS-8,9,10 Domain 3 Weights'!$B$2)+(AF292*'MS-8,9,10 Domain 3 Weights'!$B$3)+(AG292*'MS-8,9,10 Domain 3 Weights'!$B$4)+(AH292*'MS-8,9,10 Domain 3 Weights'!$B$5)","v":2.5},3,3,3,9,"Yes","NOT SELECTED","NOT SELECTED","Obs"]
[null," 4.1","4",8,"MS-8",null,"2.     Proportion of health care staff, by cadre and social professionals who received proper continuous training in communication and counselling. (86.84)","Inputs: Human resources","Human resources: specific non-clinical training","Experience","Input HumRes","Both",null,4,4,4,3,4,4,15,null,0,{"$nulls":3},0,null,0,null,0,5,0,0,5,{"$f":"(AE293*'MS-8,9,10 Domain 3 Weights'!$B$2)+(AF293*'MS-8,9,10 Domain 3 Weights'!$B$3)+(AG293*'MS-8,9,10 Domain 3 Weights'!$B$4)+(AH293*'MS-8,9,10 Domain 3 Weights'!$B$5)","v":2.5},3,3,3,9,"Yes","NOT SELECTED","NOT SELECTED","Prov"]
[null," 4.1","4",9,"MS-8",null,"3.     Proportion of health care staff in the health facility who demonstrate good communication skills: asking and listening to children and carers, enabling them to ask questions, explaining with examples to ensure understanding and verifying their understanding. (85.16)","Inputs: Organization and availability of health services","Organization of processes (including communication with patient/careers, ensuring privacy, education, counselling sessions)","Experience","Process","Both",null,4,4,4,4,4,4,16,null,0,{"$nulls":3},0,null,0,null,0,5,0,0,0,{"$f":"(AE294*'MS-8,9,10 Domain 3 Weights'!$B$2)+(AF294*'MS-8,9,10 Domain 3 Weights'!$B$3)+(AG294*'MS-8,9,10 Domain 3 Weights'!$B$4)+(AH294*'MS-8,9,10 Domain 3 Weights'!$B$5)","v":1.5},3,3,3,9,"No","NOT SELECTED","NOT SELECTED","Obs"]
[null," 4.1","4",10,"MS-8",null,"4.     Proportion of children and their carers who consider that they were given the information they required in a timely, respectful manner. (85.55)","Outcomes: client/career satisfaction","Satisfaction (client/career) ","Experience","Outcome","Both",null,4,4,3,4,4,4,15,null,0,{"$nulls":3},0,null,0,null,0,5,5,0,0,{"$f":"(AE295*'MS-8,9,10 Domain 3 Weights'!$B$2)+(AF295*'MS-8,9,10 Domain 3 Weights'!$B$3)+(AG295*'MS-8,9,10 Domain 3 Weights'!$B$4)+(AH295*'MS-8,9,10 Domain 3 Weights'!$B$5)","v":2.5},3,3,3,9,"Yes","NOT SELECTED","NOT SELECTED","Client"]
[null," 4.1","4",11,"MS-8",null,"1.     Proportion of children and/or carers seen in the outpatient department of the health facility who can correctly state the reason that a particular treatment was given, when to return and how to take the treatment at home. (92.04)","Outcomes: client-centered practices","Knowledge of care provider's name, condition or treatment given outpatient","Experience","Outcome","Outpatient",null,4,4,3,5,4,4,16,null,0,{"$nulls":3},0,null,0,null,0,5,5,0,5,{"$f":"(AE296*'MS-8,9,10 Domain 3 Weights'!$B$2)+(AF296*'MS-8,9,10 Domain 3 Weights'!$B$3)+(AG296*'MS-8,9,10 Domain 3 Weights'!$B$4)+(AH296*'MS-8,9,10 Domain 3 Weights'!$B$5)","v":3.5},5,5,3,13,"Yes","SELECTED","CORE","Client","Quarterly"]
[null," 4.1","4",12,"MS-8",null,"2.     Proportion of children discharged from the health facility or their carers who were given written instructions about treatment and care at home and can describe correctly how to take or give the discharge treatment at home. (94.02)","Outcomes: client-centered practices","Written/verbal instructions to discharged patients, transfer forms given, consent forms signed inpatient","Experience","Process","Inpatient",null,4,4,3,5,4,4,16,null,0,{"$nulls":3},0,null,0,null,0,5,5,0,5,{"$f":"(AE297*'MS-8,9,10 Domain 3 Weights'!$B$2)+(AF297*'MS-8,9,10 Domain 3 Weights'!$B$3)+(AG297*'MS-8,9,10 Domain 3 Weights'!$B$4)+(AH297*'MS-8,9,10 Domain 3 Weights'!$B$5)","v":3.5},5,5,3,13,"Yes","SELECTED","CORE","Client","Quarterly"]
[null," 4.1","4",13,"MS-8",null,"3.     Proportion of children and/or their carers who reported that they were satisfied with the quality of the health information and support they received from health care staff during their care. (87.79)","Outcomes: client/career satisfaction","Satisfaction (client/career) ","Experience","Outcome","Both",null,4,4,3,5,4,4,16,null,0,{"$nulls":3},0,null,0,null,0,5,5,0,5,{"$f":"(AE298*'MS-8,9,10 Domain 3 Weights'!$B$2)+(AF298*'MS-8,9,10 Domain 3 Weights'!$B$3)+(AG298*'MS-8,9,10 Domain 3 Weights'!$B$4)+(AH298*'MS-8,9,10 Domain 3 Weights'!$B$5)","v":3.5},3,3,3,9,"Yes","SELECTED","NOT SELECTED","Client"]
[null," 4.2","4",1,"MS-8",null,"1.     The health facility has a written, up-to-date, structured, standard form to facilitate written hand-over of patients among caring teams at shift changes or during transfer among facilities. (94.89)",null,"Operational guidelines, protocols related to care provision inpatient","Experience","Input Heal&Sys","Inpatient",null,4,4,3,4,4,3,15,null,0,{"$nulls":3},0,null,0,null,0,5,0,0,0,{"$f":"(AE299*'MS-8,9,10 Domain 3 Weights'!$B$2)+(AF299*'MS-8,9,10 Domain 3 Weights'!$B$3)+(AG299*'MS-8,9,10 Domain 3 Weights'!$B$4)+(AH299*'MS-8,9,10 Domain 3 Weights'!$B$5)","v":1.5},3,3,3,9,"No","NOT SELECTED","NOT SELECTED","InR"]
[null," 4.2","4",2,"MS-8",null,"2.     The health facility has a functioning communication system for exchanging information among relevant service providers that reaches all critical staff 24 h a day, 7 days a week. (93.20)","Input Heal&Sys","Health Information system (referral note, communication) inpatient","Experience","Input Heal&Sys","Inpatient",null,4,4,3,4,4,3,15,null,0,{"$nulls":3},0,null,0,null,0,5,0,0,0,{"$f":"(AE300*'MS-8,9,10 Domain 3 Weights'!$B$2)+(AF300*'MS-8,9,10 Domain 3 Weights'!$B$3)+(AG300*'MS-8,9,10 Domain 3 Weights'!$B$4)+(AH300*'MS-8,9,10 Domain 3 Weights'!$B$5)","v":1.5},3,3,3,9,"No","NOT SELECTED","NOT SELECTED","Prov"]
[null," 4.2","4",3,"MS-8",null,"3.     Staff who care for children receive orientation or refresher sessions in clinical hand-over policy and communication at least once every 12 months. (93.73)","Inputs: Human resources","Human resources: specific non-clinical training","Experience","Input HumRes","Both",null,4,4,3,4,4,3,15,null,0,{"$nulls":3},0,null,0,null,0,5,0,0,0,{"$f":"(AE301*'MS-8,9,10 Domain 3 Weights'!$B$2)+(AF301*'MS-8,9,10 Domain 3 Weights'!$B$3)+(AG301*'MS-8,9,10 Domain 3 Weights'!$B$4)+(AH301*'MS-8,9,10 Domain 3 Weights'!$B$5)","v":1.5},3,3,3,9,"No","NOT SELECTED","NOT SELECTED","InR"]
[null," 4.2","4",4,"MS-8",null,"1.     Proportion of clinical records that demonstrate that all correspondence about investigations and clinical interventions received were reviewed by health care staff, signed and acted upon in a timely manner. (89.00)","Input Heal&Sys","Health Information system (referral note, communication) inpatient","Experience","Input Heal&Sys","Inpatient",null,4,4,3,4,4,3,15,null,0,{"$nulls":3},0,null,0,null,0,5,0,0,0,{"$f":"(AE302*'MS-8,9,10 Domain 3 Weights'!$B$2)+(AF302*'MS-8,9,10 Domain 3 Weights'!$B$3)+(AG302*'MS-8,9,10 Domain 3 Weights'!$B$4)+(AH302*'MS-8,9,10 Domain 3 Weights'!$B$5)","v":1.5},3,3,3,9,"No","NOT SELECTED","NOT SELECTED","RIS"]
[null," 4.2","4",5,"MS-8",null,"2.     Proportion of children admitted to the health facility for whom there is an up-to-date, appropriately completed monitoring chart that indicates that vital signs were monitored regularly. (97.97)","Input Heal&Sys","Quality documentation inpatient","Experience","Input Heal&Sys","Inpatient","13 Support/Sick",4,4,3,5,4,3,16,null,0,{"$nulls":3},0,null,0,null,0,0,0,5,5,{"$f":"(AE303*'MS-8,9,10 Domain 3 Weights'!$B$2)+(AF303*'MS-8,9,10 Domain 3 Weights'!$B$3)+(AG303*'MS-8,9,10 Domain 3 Weights'!$B$4)+(AH303*'MS-8,9,10 Domain 3 Weights'!$B$5)","v":2.5},3,3,3,9,"Yes","SELECTED","NOT SELECTED","RIS",null,"This indicator is also relevant to standard 1.13 routine monitoring of the sick children in hospital"]
[null," 4.2","4",6,"MS-8",null,"3.     Proportion of all children admitted to the health facility or their carers who know their primary health care provider by name. (80.33)","Outcomes: client/career knowledge","Knowledge of care provider's name, condition or treatment given inpatient","Experience","Outcome","Both",null,4,4,3,4,4,3,15,null,0,{"$nulls":3},0,null,0,null,0,0,5,0,5,{"$f":"(AE304*'MS-8,9,10 Domain 3 Weights'!$B$2)+(AF304*'MS-8,9,10 Domain 3 Weights'!$B$3)+(AG304*'MS-8,9,10 Domain 3 Weights'!$B$4)+(AH304*'MS-8,9,10 Domain 3 Weights'!$B$5)","v":2},3,3,3,9,"No","NOT SELECTED","NOT SELECTED","Client"]
[null," 4.2","4",7,"MS-8",null,"1.     Proportion of children or their carers who express satisfaction with the information shared and the continuity of care received from different health care providers. (92.19)","Outcomes: client/career satisfaction","Satisfaction (client/career) inpatient","Experience","Outcome","Both",null,4,4,3,4,4,4,{"$f":"SUM(N305:S305)","v":23},null,0,{"$nulls":3},0,null,0,null,0,5,5,0,0,{"$f":"(AE305*'MS-8,9,10 Domain 3 Weights'!$B$2)+(AF305*'MS-8,9,10 Domain 3 Weights'!$B$3)+(AG305*'MS-8,9,10 Domain 3 Weights'!$B$4)+(AH305*'MS-8,9,10 Domain 3 Weights'!$B$5)","v":2.5},3,3,3,9,"Yes","SELECTED","NOT SELECTED","Client"]
[null," 4.2","4",8,"MS-8",null,"2.     Proportion of health care staff, by cadre, who are satisfied that the information in daily patient notes ensures understanding of current diagnoses, the treatment plan and planned or pending investigations. (86.84)","Inputs: Human resources","Satisfaction (staff/providers) inpatient","Experience","Input HumRes","Inpatient",null,4,4,3,5,3,4,{"$f":"SUM(N306:S306)","v":23},null,0,{"$nulls":3},0,null,0,null,0,0,0,5,5,{"$f":"(AE306*'MS-8,9,10 Domain 3 Weights'!$B$2)+(AF306*'MS-8,9,10 Domain 3 Weights'!$B$3)+(AG306*'MS-8,9,10 Domain 3 Weights'!$B$4)+(AH306*'MS-8,9,10 Domain 3 Weights'!$B$5)","v":2.5},3,3,3,9,"Yes","SELECTED","NOT SELECTED","Prov"]
[null," 4.2","4",9,"MS-8",null,"3.     Proportion of paediatric transfers within the facility for which there is a complete transfer form with clinical notes, including timely reception of diagnostic test results for transferred patients. (91.40)","Input Heal&Sys","Health Information system (informed consent, information materials) inpatient","Experience","Input Heal&Sys","Inpatient",null,4,4,3,5,3,4,{"$f":"SUM(N307:S307)","v":23},null,0,{"$nulls":3},0,null,0,null,0,0,0,5,5,{"$f":"(AE307*'MS-8,9,10 Domain 3 Weights'!$B$2)+(AF307*'MS-8,9,10 Domain 3 Weights'!$B$3)+(AG307*'MS-8,9,10 Domain 3 Weights'!$B$4)+(AH307*'MS-8,9,10 Domain 3 Weights'!$B$5)","v":2.5},3,3,3,9,"Yes","SELECTED","NOT SELECTED","RIS"]
[null," 4.3","4",1,"MS-8",null,"1.       The health facility has up-to-date protocols, guidelines and job aides for providing information to children and their carers about the purpose, importance, benefits, risks and possible costs of proposed investigations, referrals or treatments. (88.32)","Inputs: Operational Guidelines","Operational guidelines, protocols related to client-centered practices","Experience","Input OperGuide","Both",null,4,4,4,3,4,4,15,null,0,{"$nulls":3},0,null,0,null,0,5,0,0,0,{"$f":"(AE308*'MS-8,9,10 Domain 3 Weights'!$B$2)+(AF308*'MS-8,9,10 Domain 3 Weights'!$B$3)+(AG308*'MS-8,9,10 Domain 3 Weights'!$B$4)+(AH308*'MS-8,9,10 Domain 3 Weights'!$B$5)","v":1.5},3,3,3,9,"No","NOT SELECTED","NOT SELECTED","InR"]
[null," 4.3","4",2,"MS-8",null,"2.       The health facility has an up-to-date “clients’ charter” that states the policies for child- and family-centred care, guidance on confidentiality and the practice and culture of family presence during clinical examinations, procedures and treatment of children. (91.37)","Inputs: Operational Guidelines","Operational guidelines, protocols related to client-centered practices","Experience","Input OperGuide","Both",null,4,4,4,3,4,4,15,null,0,{"$nulls":3},0,null,0,null,0,0,0,0,5,{"$f":"(AE309*'MS-8,9,10 Domain 3 Weights'!$B$2)+(AF309*'MS-8,9,10 Domain 3 Weights'!$B$3)+(AG309*'MS-8,9,10 Domain 3 Weights'!$B$4)+(AH309*'MS-8,9,10 Domain 3 Weights'!$B$5)","v":1},3,3,3,9,"No","NOT SELECTED","NOT SELECTED","InR"]
[null," 4.3","4",3,"MS-8",null,"3.       The health facility has appropriate forms for patients, parents or carers to sign in order to give their consent to procedures, investigations and treatment. When consent is given orally, this is registered on the patient’s chart. (92.16)","Input Heal&Sys","Health Information system (informed consent, information materials)","Experience","Input Heal&Sys","Both",null,4,4,4,3,4,4,15,null,0,{"$nulls":3},0,null,0,null,0,5,0,0,5,{"$f":"(AE310*'MS-8,9,10 Domain 3 Weights'!$B$2)+(AF310*'MS-8,9,10 Domain 3 Weights'!$B$3)+(AG310*'MS-8,9,10 Domain 3 Weights'!$B$4)+(AH310*'MS-8,9,10 Domain 3 Weights'!$B$5)","v":2.5},3,3,3,9,"Yes","NOT SELECTED","NOT SELECTED","InR"]
[null," 4.3","4",4,"MS-8",null,"4.       The health facility has various visual resources (e.g. models, charts, posters, videos, electronic material) in the consulting room for use by clinical staff and other health professionals to provide explanations to children and their carers. (88.22)","Input Heal&Sys","Health Information system (informed consent, information materials)","Experience","Input Heal&Sys","Both",null,4,4,4,3,4,4,15,null,0,{"$nulls":3},0,null,0,null,0,5,0,0,5,{"$f":"(AE311*'MS-8,9,10 Domain 3 Weights'!$B$2)+(AF311*'MS-8,9,10 Domain 3 Weights'!$B$3)+(AG311*'MS-8,9,10 Domain 3 Weights'!$B$4)+(AH311*'MS-8,9,10 Domain 3 Weights'!$B$5)","v":2.5},3,3,3,9,"Yes","NOT SELECTED","NOT SELECTED","InR"]
[null," 4.3","4",5,"MS-8",null,"5.       Staff who care for children receive orientation or training in patient-centred care and legal and medical ethical principles of autonomy, informed consent, confidentiality and privacy at least once every 12 months. (88.70)","Inputs: Human resources","Human resources: specific non-clinical training","Experience","Input HumRes","Both",null,4,4,4,3,4,4,15,null,0,{"$nulls":3},0,null,0,null,0,0,0,5,5,{"$f":"(AE312*'MS-8,9,10 Domain 3 Weights'!$B$2)+(AF312*'MS-8,9,10 Domain 3 Weights'!$B$3)+(AG312*'MS-8,9,10 Domain 3 Weights'!$B$4)+(AH312*'MS-8,9,10 Domain 3 Weights'!$B$5)","v":2.5},3,3,3,9,"Yes","NOT SELECTED","NOT SELECTED","Prov"]
[null," 4.3","4",6,"MS-8",null,"1.     Proportion of children or their carers who were informed about their right to express their views and participate in making decisions about their care. (87.20)","Inputs: Organization and availability of health services","Organization of processes (including communication with patient/careers, ensuring privacy, education, counselling sessions)","Experience","Process","Both",null,4,4,4,3,4,4,15,null,0,{"$nulls":3},0,null,0,null,0,0,5,0,5,{"$f":"(AE313*'MS-8,9,10 Domain 3 Weights'!$B$2)+(AF313*'MS-8,9,10 Domain 3 Weights'!$B$3)+(AG313*'MS-8,9,10 Domain 3 Weights'!$B$4)+(AH313*'MS-8,9,10 Domain 3 Weights'!$B$5)","v":2},3,3,3,9,"No","NOT SELECTED","NOT SELECTED","Client"]
[null," 4.3","4",7,"MS-8",null,"2.     Proportion of parents or carers in the health facility who were offered the option and were present with their child during medical procedures. (88.63)","Inputs: Organization and availability of health services","Written/verbal instructions to discharged patients, transfer forms given, consent forms signed","Experience","Process","Inpatient",null,4,4,4,3,4,4,15,null,0,{"$nulls":3},0,null,0,null,0,0,5,0,5,{"$f":"(AE314*'MS-8,9,10 Domain 3 Weights'!$B$2)+(AF314*'MS-8,9,10 Domain 3 Weights'!$B$3)+(AG314*'MS-8,9,10 Domain 3 Weights'!$B$4)+(AH314*'MS-8,9,10 Domain 3 Weights'!$B$5)","v":2},3,3,3,9,"No","NOT SELECTED","NOT SELECTED","RIS",null,"This indicator can be combined together with Ind #10 "]
[null," 4.3","4",8,"MS-8",null,"1.     Proportion of children and/or their carers who considered that their views had been taken into consideration or sought in making decisions about their care. (83.21) ",null,"Written/verbal instructions to discharged patients, transfer forms given, consent forms signed","Experience","Outcome","Both",null,4,4,4,4,4,4,16,null,0,{"$nulls":3},0,null,0,null,0,5,5,0,5,{"$f":"(AE315*'MS-8,9,10 Domain 3 Weights'!$B$2)+(AF315*'MS-8,9,10 Domain 3 Weights'!$B$3)+(AG315*'MS-8,9,10 Domain 3 Weights'!$B$4)+(AH315*'MS-8,9,10 Domain 3 Weights'!$B$5)","v":3.5},4,3,3,10,"Yes","SELECTED","NOT SELECTED","Client"]
[null," 4.3","4",9,"MS-8",null,"2.     Proportion of children of legal age in the health facility who gave documented informed consent for procedures or treatment provided. (88.30)","Outcomes: client/career satisfaction","Satisfaction (client/career) ","Experience","Outcome","Inpatient",null,4,3,4,5,3,3,16,null,0,{"$nulls":3},0,null,0,null,0,5,5,0,5,{"$f":"(AE316*'MS-8,9,10 Domain 3 Weights'!$B$2)+(AF316*'MS-8,9,10 Domain 3 Weights'!$B$3)+(AG316*'MS-8,9,10 Domain 3 Weights'!$B$4)+(AH316*'MS-8,9,10 Domain 3 Weights'!$B$5)","v":3.5},4,3,3,10,"Yes","SELECTED","NOT SELECTED","Client"]
[null," 4.3","4",10,"MS-8",null,"3.     Proportion of parents or caregivers who gave their informed, documented consent for procedures and treatment of their children. (91.15)","Inputs: Organization and availability of health services","Written/verbal instructions to discharged patients, transfer forms given, consent forms signed","Experience","Outcome","Both",null,4,4,4,4,4,4,16,null,0,{"$nulls":3},0,null,0,null,0,5,5,0,5,{"$f":"(AE317*'MS-8,9,10 Domain 3 Weights'!$B$2)+(AF317*'MS-8,9,10 Domain 3 Weights'!$B$3)+(AG317*'MS-8,9,10 Domain 3 Weights'!$B$4)+(AH317*'MS-8,9,10 Domain 3 Weights'!$B$5)","v":3.5},4,3,3,10,"Yes","SELECTED","NOT SELECTED","RIS",null,"This indicator can be combined together with Ind #7 "]
[null," 4.4","4",1,"MS-8",null,"1.     The health facility has information materials for distribution to children and carers about common conditions, promoting and supporting appropriate feeding and nutrition and promoting disease prevention, including hygiene and sanitation practices. (90.54)","Input Heal&Sys","Health Information system (informed consent, information materials)","Experience","Input Heal&Sys","Both",null,4,3,4,4,3,3,15,null,0,{"$nulls":3},0,null,0,null,0,5,0,0,0,{"$f":"(AE318*'MS-8,9,10 Domain 3 Weights'!$B$2)+(AF318*'MS-8,9,10 Domain 3 Weights'!$B$3)+(AG318*'MS-8,9,10 Domain 3 Weights'!$B$4)+(AH318*'MS-8,9,10 Domain 3 Weights'!$B$5)","v":1.5},4,3,3,10,"No","NOT SELECTED","NOT SELECTED"]
[null," 4.4","4",2,"MS-8",null,"2.     The health facility provides a booklet for the health record of each child at birth or at the first visit to the health facility, which is kept by a parent or carer and used by health providers to document relevant information. (95.29)","Input Heal&Sys","Health Information system (informed consent, information materials)","Experience","Input Heal&Sys","Both",null,4,3,4,4,3,4,15,null,0,{"$nulls":3},0,null,0,null,0,5,0,0,0,{"$f":"(AE319*'MS-8,9,10 Domain 3 Weights'!$B$2)+(AF319*'MS-8,9,10 Domain 3 Weights'!$B$3)+(AG319*'MS-8,9,10 Domain 3 Weights'!$B$4)+(AH319*'MS-8,9,10 Domain 3 Weights'!$B$5)","v":1.5},4,3,3,10,"No","NOT SELECTED","NOT SELECTED","Client"]
[null," 4.4","4",3,"MS-8",null,"3.     The health facility holds regular “well-being clinics” (e.g. well-child and immunization clinics, counselling services, growth and development monitoring clinics, adolescent clinics), which are used as opportunities for health promotion and preventive care. (94.18)","Inputs: Organization and availability of health services","Organization of processes (including communication with patient/careers, ensuring privacy, education, counselling sessions)","Experience","Input OrgCare","Both",null,4,3,4,4,3,4,15,null,0,{"$nulls":3},0,null,0,null,0,{"$nulls":4},{"$f":"(AE320*'MS-8,9,10 Domain 3 Weights'!$B$2)+(AF320*'MS-8,9,10 Domain 3 Weights'!$B$3)+(AG320*'MS-8,9,10 Domain 3 Weights'!$B$4)+(AH320*'MS-8,9,10 Domain 3 Weights'!$B$5)","v":0},4,3,3,10,"No","NOT SELECTED","NOT SELECTED","InR"]
[null," 4.4","4",4,"MS-8",null,"4.     The health facility has a system for detecting whether a child has missed a vaccination and offers “catch-up” vaccination within the national immunization programme, according to WHO guidelines. (91.26)","Inputs: Organization and availability of health services","Organization of care processes  outpatient (including information exchange, care coordination and referral)","Experience","Input OrgCare","Outpatient",null,4,3,4,4,3,4,15,null,0,{"$nulls":3},0,null,0,null,0,{"$nulls":4},{"$f":"(AE321*'MS-8,9,10 Domain 3 Weights'!$B$2)+(AF321*'MS-8,9,10 Domain 3 Weights'!$B$3)+(AG321*'MS-8,9,10 Domain 3 Weights'!$B$4)+(AH321*'MS-8,9,10 Domain 3 Weights'!$B$5)","v":0},4,3,3,10,"No","NOT SELECTED","NOT SELECTED","RIS"]
[null," 4.4","4",5,"MS-8",null,"5.     The health facility has an effective system for implementing community-based activities to promote children’s health and well-being. (85.86)","Inputs: management and oversight","Oversight and management on  cross-cutting supporting  systems outpatient","Experience","Input Over&Man","Outpatient",null,4,3,4,4,3,3,15,null,0,{"$nulls":3},0,null,0,null,0,{"$nulls":4},{"$f":"(AE322*'MS-8,9,10 Domain 3 Weights'!$B$2)+(AF322*'MS-8,9,10 Domain 3 Weights'!$B$3)+(AG322*'MS-8,9,10 Domain 3 Weights'!$B$4)+(AH322*'MS-8,9,10 Domain 3 Weights'!$B$5)","v":0},4,3,3,10,"No","NOT SELECTED","NOT SELECTED","InR"]
[null," 4.4","4",6,"MS-8",null,"1.     Proportion of children or their parents or carers who attended at least one health education or promotion session at the health facility. (82.46)","Inputs: Organization and availability of health services","Organization of processes  outpatient (including communication with patient/careers, ensuring privacy, education, counselling sessions)","Experience","Process","Outpatient",null,4,3,4,4,4,4,15,null,0,{"$nulls":3},{"$f":"SUM(W323:Y323)","v":0},null,0,null,0,{"$nulls":4},{"$f":"(AE323*'MS-8,9,10 Domain 3 Weights'!$B$2)+(AF323*'MS-8,9,10 Domain 3 Weights'!$B$3)+(AG323*'MS-8,9,10 Domain 3 Weights'!$B$4)+(AH323*'MS-8,9,10 Domain 3 Weights'!$B$5)","v":0},4,3,3,10,"No","NOT SELECTED","NOT SELECTED","InR"]
[null," 4.4","4",7,"MS-8",null,"2.     Proportion of children under 2 years of age whose parents or carers were counselled and received information about breastfeeding, complementary foods and feeding practices during the current illness. (91.48)","Inputs: Organization and availability of health services","Organization of processes (including communication with patient/careers, ensuring privacy, education, counselling sessions)","Experience","Process","Both",null,4,4,3,4,3,4,15,null,0,{"$nulls":3},0,null,0,null,0,5,5,0,0,{"$f":"(AE324*'MS-8,9,10 Domain 3 Weights'!$B$2)+(AF324*'MS-8,9,10 Domain 3 Weights'!$B$3)+(AG324*'MS-8,9,10 Domain 3 Weights'!$B$4)+(AH324*'MS-8,9,10 Domain 3 Weights'!$B$5)","v":2.5},4,3,3,10,"Yes","NOT SELECTED","NOT SELECTED","Client"]
[null," 4.4","4",8,"MS-8",null,"3.     Proportion of children with chronic diseases for whom regular follow-up is routinely scheduled and documented in the health facility records. (90.29)","Inputs: Organization and availability of health services","Organization of processes  outpatient (including communication with patient/careers, ensuring privacy, education, counselling sessions)","Experience","Process","Both","6 RCEB/Nutr/Growth ",3,5,4,4,3,4,16,null,0,{"$nulls":3},0,null,0,null,0,5,0,0,5,{"$f":"(AE325*'MS-8,9,10 Domain 3 Weights'!$B$2)+(AF325*'MS-8,9,10 Domain 3 Weights'!$B$3)+(AG325*'MS-8,9,10 Domain 3 Weights'!$B$4)+(AH325*'MS-8,9,10 Domain 3 Weights'!$B$5)","v":2.5},4,3,3,10,"Yes","SELECTED","NOT SELECTED","Client"]
[null," 4.4","4",9,"MS-8",null,"4.     Proportion of adolescents seen individually by a health professional without the presence of a parent. (80.13)","Inputs: Organization and availability of health services","Organization of processes (including communication with patient/careers, ensuring privacy, education, counselling sessions)","Experience","Process","Outpatient","10 ASB/Chronic/Con",4,4,3,4,4,4,15,null,0,{"$nulls":3},0,null,0,null,0,0,0,0,5,{"$f":"(AE326*'MS-8,9,10 Domain 3 Weights'!$B$2)+(AF326*'MS-8,9,10 Domain 3 Weights'!$B$3)+(AG326*'MS-8,9,10 Domain 3 Weights'!$B$4)+(AH326*'MS-8,9,10 Domain 3 Weights'!$B$5)","v":1},4,3,3,10,"No","NOT SELECTED","NOT SELECTED","Client"]
[null," 4.4","4",10,"MS-8",null,"1.     Proportion of all children whose vaccination card or history indicates that their vaccination is not complete who leave the health facility with all the necessary vaccinations. (92.64)","Impact/No disease-specific care outcomes","Impact  outpatient ( e.g full vaccination)","Experience","Outcome","Both",null,4,4,3,4,4,3,15,null,0,{"$nulls":3},0,null,0,null,0,5,5,0,0,{"$f":"(AE327*'MS-8,9,10 Domain 3 Weights'!$B$2)+(AF327*'MS-8,9,10 Domain 3 Weights'!$B$3)+(AG327*'MS-8,9,10 Domain 3 Weights'!$B$4)+(AH327*'MS-8,9,10 Domain 3 Weights'!$B$5)","v":2.5},5,5,3,13,"Yes","NOT SELECTED","NOT SELECTED","Client",null,"let's see if there is any other way to monitor up-to-date on vaccination "]
[null," 4.4","4",11,"MS-8",null,"2.     Proportion of children under 5 years whose carers are advised to give them extra fluid and to continue feeding. (80.15)","Processes: EB care, harmful practices, patient-centered practices","Compliance with EB care practices","Experience","Process","Both","6 RCEB/Nutr/Growth ",4,4,3,4,3,3,15,null,0,5,5,3,13,null,0,null,0,5,5,0,0,{"$f":"(AE328*'MS-8,9,10 Domain 3 Weights'!$B$2)+(AF328*'MS-8,9,10 Domain 3 Weights'!$B$3)+(AG328*'MS-8,9,10 Domain 3 Weights'!$B$4)+(AH328*'MS-8,9,10 Domain 3 Weights'!$B$5)","v":2.5},4,4,3,11,"Yes","NOT SELECTED","NOT SELECTED","Obs"]
[null," 4.4","4",12,"MS-8",null,"3.     Proportion of children or carers who received targeted health information or counselling for the condition of their child, including malnutrition, obesity, mental health or substance abuse. (85.68)","Inputs: Organization and availability of health services","Written/verbal instructions to discharged patients, transfer forms given, consent forms signed","Experience","Process","Both",null,4,4,3,5,3,3,{"$f":"SUM(N329:Q329)","v":16},null,0,{"$nulls":3},0,null,0,null,0,5,5,0,0,{"$f":"(AE329*'MS-8,9,10 Domain 3 Weights'!$B$2)+(AF329*'MS-8,9,10 Domain 3 Weights'!$B$3)+(AG329*'MS-8,9,10 Domain 3 Weights'!$B$4)+(AH329*'MS-8,9,10 Domain 3 Weights'!$B$5)","v":2.5},4,4,3,11,"Yes","SELECTED","NOT SELECTED","Client"]
[null," 4.4","4",13,"MS-8",null,"4.     Proportion of all children with diarrhoea whose carers know how to prepare and administer ORS, give extra fluids, continue feeding and recognize danger signs. ","Outcomes: client/career knowledge"," Knowledge to prepare ORS, danger signs etc","Experience","Outcome","Both",null,4,4,3,5,3,3,{"$f":"SUM(N330:Q330)","v":16},null,0,{"$nulls":3},0,null,0,null,0,5,5,0,0,{"$f":"(AE330*'MS-8,9,10 Domain 3 Weights'!$B$2)+(AF330*'MS-8,9,10 Domain 3 Weights'!$B$3)+(AG330*'MS-8,9,10 Domain 3 Weights'!$B$4)+(AH330*'MS-8,9,10 Domain 3 Weights'!$B$5)","v":2.5},4,4,3,11,"Yes","SELECTED","NOT SELECTED","Client",null,"Content-specific patient-centered outcome"]
[null," 5.1","5",1,"MS-9",null,"1.       The health facility has adopted and implements a policy that guarantees free or affordable health care for all children, in accordance with and as defined by national legal or regulatory frameworks. (94.87)","Inputs: management and oversight","Oversight and management on patient-centered practices","Experience","Input Over&Man","Both",null,3,4,4,3,4,4,{"$f":"SUM(N331:Q331)","v":14},null,0,{"$nulls":3},0,null,{"$f":"AA331","v":0},null,{"$f":"AC331","v":0},0,0,0,5,{"$f":"(AE331*'MS-8,9,10 Domain 3 Weights'!$B$2)+(AF331*'MS-8,9,10 Domain 3 Weights'!$B$3)+(AG331*'MS-8,9,10 Domain 3 Weights'!$B$4)+(AH331*'MS-8,9,10 Domain 3 Weights'!$B$5)","v":1},3,3,3,{"$f":"SUM(AJ331:AL331)","v":9},{"$f":"IF(OR(V331>=$R$2,Z331>=$R$3,AB331>=$R$4,AD331>=$R$5,AI331>=$R$6),\"Yes\",\"No\")","v":"No"},{"$f":"IF(AND(T331>=$R$1,AN331=\"Yes\"),\"SELECTED\",\"NOT SELECTED\")","v":"NOT SELECTED"},{"$f":"IF(AND(AO331=\"SELECTED\",AM331>=$R$7),\"CORE\",\"NOT SELECTED\")","v":"NOT SELECTED"},"InR"]
[null," 5.1","5",2,"MS-9",null,"2.       The health facility has adopted and implements a policy that guarantees nondiscrimination of any kind against children or their carers in the provision of care, including poor, vulnerable and disabled children. (90.44)","Inputs: management and oversight","Oversight and management on patient-centered practices","Experience","Input Over&Man","Both",null,3,4,4,3,4,4,14,null,0,{"$nulls":3},0,null,0,null,0,0,0,5,5,{"$f":"(AE332*'MS-8,9,10 Domain 3 Weights'!$B$2)+(AF332*'MS-8,9,10 Domain 3 Weights'!$B$3)+(AG332*'MS-8,9,10 Domain 3 Weights'!$B$4)+(AH332*'MS-8,9,10 Domain 3 Weights'!$B$5)","v":2.5},3,3,3,9,"Yes","NOT SELECTED","NOT SELECTED","InR"]
[null," 5.1","5",3,"MS-9",null,"3.       The health facility has measures and facilities in place to ensure that children with disabilities or developmental delay have full physical access to all the facilities and services they require, including sanitation and recreation facilities. (93.40)","Inputs: Infrastructure, equipment client-centered","Infrastructure for client-centered practices","Experience","Input InfrastMedSupEquip","Both",null,4,4,3,5,4,4,16,null,0,{"$nulls":3},0,null,0,null,0,0,0,5,5,{"$f":"(AE333*'MS-8,9,10 Domain 3 Weights'!$B$2)+(AF333*'MS-8,9,10 Domain 3 Weights'!$B$3)+(AG333*'MS-8,9,10 Domain 3 Weights'!$B$4)+(AH333*'MS-8,9,10 Domain 3 Weights'!$B$5)","v":2.5},3,3,3,9,"Yes","SELECTED","NOT SELECTED","InR",null,"similar to indicator # 6"]
[null," 5.1","5",4,"MS-9",null,"4.       The health facility staff receive training and periodic refresher courses on nondiscrimination practices, promoting equity and cultural competence. (87.38)","Inputs: Human resources","Human resources: specific non-clinical training","Experience","Input HumRes","Both",null,4,4,4,3,4,4,15,null,0,{"$nulls":3},0,null,0,null,0,0,0,5,5,{"$f":"(AE334*'MS-8,9,10 Domain 3 Weights'!$B$2)+(AF334*'MS-8,9,10 Domain 3 Weights'!$B$3)+(AG334*'MS-8,9,10 Domain 3 Weights'!$B$4)+(AH334*'MS-8,9,10 Domain 3 Weights'!$B$5)","v":2.5},3,3,3,9,"Yes","NOT SELECTED","NOT SELECTED","Prov"]
[null," 5.1","5",5,"MS-9",null,"1.       Proportion of children and their parents or carers who were exempted from out-of-pocket payment for treatment, medicines, interventions and other health care-related costs. (91.41)","Outomes: Access to medicines,  services and facilities, financial access to services","Financial access to services","Experience","Outcome","Both",null,4,4,4,3,4,4,15,null,0,{"$nulls":3},0,null,0,null,0,0,0,0,5,{"$f":"(AE335*'MS-8,9,10 Domain 3 Weights'!$B$2)+(AF335*'MS-8,9,10 Domain 3 Weights'!$B$3)+(AG335*'MS-8,9,10 Domain 3 Weights'!$B$4)+(AH335*'MS-8,9,10 Domain 3 Weights'!$B$5)","v":1},3,3,3,9,"No","NOT SELECTED","NOT SELECTED","Client",null,"Outomes: Access to medicines,  services and facilities, financial access to services"]
[null," 5.1","5",6,"MS-9",null,"2.       Proportion of children with a disability or their carers who report no physical barriers to accessing services and facilities in the health facility. (90.88)","Inputs: Infrastructure, equipment client-centered","Phisical access to facilities by patients with disabilities","Experience","Input InfrastMedSupEquip","Both",null,4,4,4,4,4,4,16,null,0,{"$nulls":3},0,null,0,null,0,0,5,0,5,{"$f":"(AE336*'MS-8,9,10 Domain 3 Weights'!$B$2)+(AF336*'MS-8,9,10 Domain 3 Weights'!$B$3)+(AG336*'MS-8,9,10 Domain 3 Weights'!$B$4)+(AH336*'MS-8,9,10 Domain 3 Weights'!$B$5)","v":2},3,3,3,9,"No","NOT SELECTED","NOT SELECTED","Client",null,"similar to indicator # 3"]
[null," 5.1","5",7,"MS-9",null,"1.       Proportion of children and their carers who report any form of discrimination or refusal of care because of their economic, social, religious, linguistic or other status. (88.85)","Outcomes: client-centered practices","Experienced maltreatment, receiving appropriate support and referral for maltreatment","Experience","Outcome","Both",null,4,4,4,4,4,4,16,null,0,{"$nulls":3},0,null,0,null,0,0,5,5,5,{"$f":"(AE337*'MS-8,9,10 Domain 3 Weights'!$B$2)+(AF337*'MS-8,9,10 Domain 3 Weights'!$B$3)+(AG337*'MS-8,9,10 Domain 3 Weights'!$B$4)+(AH337*'MS-8,9,10 Domain 3 Weights'!$B$5)","v":3.5},5,5,3,13,"Yes","SELECTED","CORE","Client","Quarterly"]
[null," 5.1","5",8,"MS-9",null,"2.       Proportion of children in a minority, migrant or other vulnerable group who were satisfied with the services provided. (83.63)","Outcomes: client/career satisfaction","Satisfaction (client/career) ","Experience","Outcome","Both",null,4,4,4,4,4,4,16,null,0,{"$nulls":3},0,null,0,null,0,0,5,0,5,{"$f":"(AE338*'MS-8,9,10 Domain 3 Weights'!$B$2)+(AF338*'MS-8,9,10 Domain 3 Weights'!$B$3)+(AG338*'MS-8,9,10 Domain 3 Weights'!$B$4)+(AH338*'MS-8,9,10 Domain 3 Weights'!$B$5)","v":2},3,3,3,9,"No","NOT SELECTED","NOT SELECTED","Client"]
[null," 5.1","5",9,"MS-9",null,"3.       Proportion of children who receive care in the health facility whose financial access is mitigated or covered by health insurance. (88.86)","Outomes: Access to medicines,  services and facilities, financial access to services","Financial access to services","Experience","Outcome","Both",null,4,3,4,4,4,4,15,null,0,{"$nulls":3},0,null,0,null,0,0,0,0,5,{"$f":"(AE339*'MS-8,9,10 Domain 3 Weights'!$B$2)+(AF339*'MS-8,9,10 Domain 3 Weights'!$B$3)+(AG339*'MS-8,9,10 Domain 3 Weights'!$B$4)+(AH339*'MS-8,9,10 Domain 3 Weights'!$B$5)","v":1},3,3,3,9,"No","NOT SELECTED","NOT SELECTED","Client",null,"does not measure the quality of care"]
[null," 5.2","5",1,"MS-9",null,"1.     The health facility has an up-to-date charter of children’s rights, in line with the United Nations Convention on the Rights of the Child. (93.49)","Inputs: Operational Guidelines","Operational guidelines, protocols related to client-centered practices","Experience","Input OperGuide","Both",null,4,3,4,4,4,4,{"$f":"SUM(N340:Q340)","v":15},null,0,{"$nulls":3},0,null,0,null,0,0,0,0,5,{"$f":"(AE340*'MS-8,9,10 Domain 3 Weights'!$B$2)+(AF340*'MS-8,9,10 Domain 3 Weights'!$B$3)+(AG340*'MS-8,9,10 Domain 3 Weights'!$B$4)+(AH340*'MS-8,9,10 Domain 3 Weights'!$B$5)","v":1},3,3,3,9,"No","NOT SELECTED","NOT SELECTED","InR"]
[null," 5.2","5",2,"MS-9",null,"2.     The health facility visibly displays and makes available information about the charter in leaflets and posters, including child-friendly formats, in all areas in which children are cared for (wards, waiting rooms and play areas). (89.91)","Inputs: management and oversight","Oversight and management on patient-centered practices","Experience","Input Over&Man","Both",null,4,4,4,4,4,4,16,null,0,{"$nulls":3},0,null,0,null,0,0,0,5,5,{"$f":"(AE341*'MS-8,9,10 Domain 3 Weights'!$B$2)+(AF341*'MS-8,9,10 Domain 3 Weights'!$B$3)+(AG341*'MS-8,9,10 Domain 3 Weights'!$B$4)+(AH341*'MS-8,9,10 Domain 3 Weights'!$B$5)","v":2.5},4,3,3,10,"Yes","SELECTED","NOT SELECTED","InR"]
[null," 5.2","5",3,"MS-9",null,"3.     The health facility promotes awareness-raising events about children’s rights, such as celebrating a children’s day. (82.80)","Inputs: management and oversight","Oversight and management on patient-centered practices","Experience","Input Over&Man","Both",null,3,3,4,4,4,4,14,null,{"$f":"IF(E342=\"MS-1\",U342*(VLOOKUP(K342,_tbl.MS1,3,FALSE)),U342)","v":0},{"$nulls":3},0,null,0,null,0,0,0,0,5,{"$f":"(AE342*'MS-8,9,10 Domain 3 Weights'!$B$2)+(AF342*'MS-8,9,10 Domain 3 Weights'!$B$3)+(AG342*'MS-8,9,10 Domain 3 Weights'!$B$4)+(AH342*'MS-8,9,10 Domain 3 Weights'!$B$5)","v":1},3,3,3,9,"No","NOT SELECTED","NOT SELECTED","InR"]
[null," 5.2","5",4,"MS-9",null,"4.     The charter on children’s rights is integrated into the system for improving the quality of care in the health facility. (83.42)","Inputs: management and oversight","Oversight and management on patient-centered practices","Experience","Input Over&Man","Both",null,4,4,4,3,4,4,15,null,0,{"$nulls":3},0,null,0,null,0,0,0,5,5,{"$f":"(AE343*'MS-8,9,10 Domain 3 Weights'!$B$2)+(AF343*'MS-8,9,10 Domain 3 Weights'!$B$3)+(AG343*'MS-8,9,10 Domain 3 Weights'!$B$4)+(AH343*'MS-8,9,10 Domain 3 Weights'!$B$5)","v":2.5},4,3,3,10,"Yes","NOT SELECTED","NOT SELECTED","InR"]
[null," 5.2","5",5,"MS-9",null,"5.     The health facility has a team or focal person responsible for overseeing observance of the charter on children’s rights in the health facility. (85.47)","Inputs: management and oversight","Oversight and management on patient-centered practices","Experience","Input Over&Man","Both",null,4,4,4,4,4,4,16,null,0,{"$nulls":3},0,null,0,null,0,0,0,5,5,{"$f":"(AE344*'MS-8,9,10 Domain 3 Weights'!$B$2)+(AF344*'MS-8,9,10 Domain 3 Weights'!$B$3)+(AG344*'MS-8,9,10 Domain 3 Weights'!$B$4)+(AH344*'MS-8,9,10 Domain 3 Weights'!$B$5)","v":2.5},4,3,3,10,"Yes","SELECTED","NOT SELECTED","InR"]
[null," 5.2","5",6,"MS-9",null,"1.     Proportion of staff in the health facility who care for children who understand the charter on children’s rights and how to apply it in practice. (84.83)","Inputs: Human resources","Human resources: specific non-clinical training","Experience","Input HumRes","Both",null,4,3,4,4,4,4,15,null,0,{"$nulls":3},0,null,0,null,0,0,0,5,5,{"$f":"(AE345*'MS-8,9,10 Domain 3 Weights'!$B$2)+(AF345*'MS-8,9,10 Domain 3 Weights'!$B$3)+(AG345*'MS-8,9,10 Domain 3 Weights'!$B$4)+(AH345*'MS-8,9,10 Domain 3 Weights'!$B$5)","v":2.5},4,3,3,10,"Yes","NOT SELECTED","NOT SELECTED","Prov"]
[null," 5.2","5",7,"MS-9",null,"2.     Proportion of children or their carers who are told about the charter on children's rights as it pertains to the right to care in an appropriate local language at admission. (82.01)","Inputs: Organization and availability of health services","Provision of regular, safe, nutritious meals, educating mothers how to express breast milk, informing about childrens' rights","Experience","Process","Inpatient",null,3,4,4,4,3,3,15,null,0,{"$nulls":3},0,null,0,null,0,0,0,5,5,{"$f":"(AE346*'MS-8,9,10 Domain 3 Weights'!$B$2)+(AF346*'MS-8,9,10 Domain 3 Weights'!$B$3)+(AG346*'MS-8,9,10 Domain 3 Weights'!$B$4)+(AH346*'MS-8,9,10 Domain 3 Weights'!$B$5)","v":2.5},4,3,3,10,"Yes","NOT SELECTED","NOT SELECTED","Client",null,"Indicator 7 and 9 are similar. Best to  measure client-reported outcome"]
[null," 5.2","5",9,"MS-9",null,"2.     Proportion of children in the health facility who were admitted appropriately on the basis of clinical findings, diagnosis or the severity of the condition. (85.49)","Outcomes: client-centered practices","Experienced maltreatment, receiving appropriate support and referral for maltreatment  inpatient","Experience","Process","Inpatient",null,3,4,3,3,3,3,13,null,0,{"$nulls":3},0,null,0,null,0,0,0,5,5,{"$f":"(AE347*'MS-8,9,10 Domain 3 Weights'!$B$2)+(AF347*'MS-8,9,10 Domain 3 Weights'!$B$3)+(AG347*'MS-8,9,10 Domain 3 Weights'!$B$4)+(AH347*'MS-8,9,10 Domain 3 Weights'!$B$5)","v":2.5},4,3,3,10,"Yes","NOT SELECTED","NOT SELECTED","RIS"]
[null," 5.2","5",8,"MS-9",null,"1.     Proportion of children and their parents or caregivers who consider that they were adequately informed about their rights to care. (85.23)",null,"Provision of regular, safe, nutritious meals, educating mothers how to express breast milk, informing about childrens' rights","Experience","Outcome","Both",null,4,4,4,4,3,3,16,null,0,{"$nulls":3},0,null,0,null,0,0,5,5,5,{"$f":"(AE348*'MS-8,9,10 Domain 3 Weights'!$B$2)+(AF348*'MS-8,9,10 Domain 3 Weights'!$B$3)+(AG348*'MS-8,9,10 Domain 3 Weights'!$B$4)+(AH348*'MS-8,9,10 Domain 3 Weights'!$B$5)","v":3.5},4,3,3,10,"Yes","SELECTED","NOT SELECTED","Client"]
[null," 5.3","5",1,"MS-9",null,"1.       The health facility has written, up-to-date policies, guidelines and mechanisms to ensure written and verbal confidentiality. (93.00)","Inputs: Operational Guidelines","Operational guidelines, protocols related to client-centered practices","Experience","Input OperGuide","Both",null,4,4,4,3,3,4,15,null,0,{"$nulls":3},0,null,0,null,0,0,0,5,5,{"$f":"(AE349*'MS-8,9,10 Domain 3 Weights'!$B$2)+(AF349*'MS-8,9,10 Domain 3 Weights'!$B$3)+(AG349*'MS-8,9,10 Domain 3 Weights'!$B$4)+(AH349*'MS-8,9,10 Domain 3 Weights'!$B$5)","v":2.5},3,3,3,9,"Yes","NOT SELECTED","NOT SELECTED","InR"]
[null," 5.3","5",2,"MS-9",null,"2.       The health facility has a policy on children’s right to confidential advice and counselling services without the presence of a parent or carer. (89.91)","Inputs: Operational Guidelines","Operational guidelines, protocols related to client-centered practices","Experience","Input OperGuide","Both",null,4,4,4,3,3,4,15,null,0,{"$nulls":3},0,null,0,null,0,5,0,0,5,{"$f":"(AE350*'MS-8,9,10 Domain 3 Weights'!$B$2)+(AF350*'MS-8,9,10 Domain 3 Weights'!$B$3)+(AG350*'MS-8,9,10 Domain 3 Weights'!$B$4)+(AH350*'MS-8,9,10 Domain 3 Weights'!$B$5)","v":2.5},3,3,3,9,"Yes","NOT SELECTED","NOT SELECTED","InR"]
[null," 5.3","5",3,"MS-9",null,"3.       The health facility has facilities in which children can be examined with both visual and auditory privacy when required. (93.94)","Inputs: Infrastructure, equipment client-centered","Infrastructure for client-centered practices","Experience","Input InfrastMedSupEquip","Both",null,4,4,4,4,3,4,{"$f":"SUM(N351:S351)","v":23},null,0,{"$nulls":3},0,null,0,null,0,0,0,5,5,{"$f":"(AE351*'MS-8,9,10 Domain 3 Weights'!$B$2)+(AF351*'MS-8,9,10 Domain 3 Weights'!$B$3)+(AG351*'MS-8,9,10 Domain 3 Weights'!$B$4)+(AH351*'MS-8,9,10 Domain 3 Weights'!$B$5)","v":2.5},3,3,3,9,"Yes","SELECTED","NOT SELECTED","InR"]
[null," 5.3","5",4,"MS-9",null,"4.       Health facility staff are trained in providing care with respect for dignity and for maintaining confidentiality during the care of children and have received refresher training at least once in the past 12 months. (87.36) ","Inputs: Human resources","Human resources: specific non-clinical training","Experience","Input HumRes","Both",null,4,4,4,3,4,4,15,null,0,{"$nulls":3},0,null,0,null,0,0,0,5,5,{"$f":"(AE352*'MS-8,9,10 Domain 3 Weights'!$B$2)+(AF352*'MS-8,9,10 Domain 3 Weights'!$B$3)+(AG352*'MS-8,9,10 Domain 3 Weights'!$B$4)+(AH352*'MS-8,9,10 Domain 3 Weights'!$B$5)","v":2.5},3,3,3,9,"Yes","NOT SELECTED","NOT SELECTED","Prov"]
[null," 5.3","5",5,"MS-9",null,"1.       Proportion of health facility health care providers who have attended training or received orientation in respecting and protecting the dignity of children and their carers. (90.73)","Inputs: Human resources","Human resources: specific non-clinical training","Experience","Input HumRes","Both",null,4,4,4,3,4,4,{"$f":"SUM(N353:Q353)","v":15},null,0,{"$nulls":3},0,null,0,null,0,0,0,5,5,{"$f":"(AE353*'MS-8,9,10 Domain 3 Weights'!$B$2)+(AF353*'MS-8,9,10 Domain 3 Weights'!$B$3)+(AG353*'MS-8,9,10 Domain 3 Weights'!$B$4)+(AH353*'MS-8,9,10 Domain 3 Weights'!$B$5)","v":2.5},3,3,3,9,"Yes","NOT SELECTED","NOT SELECTED","Prov"]
[null," 5.3","5",6,"MS-9",null,"1.       Proportion of older children cared for in the health facility who were satisfied with the privacy they enjoyed during care. (89.12)","Outcomes: client/career satisfaction","Satisfaction (client/career) ","Experience","Outcome","Both",null,4,4,4,4,4,4,{"$f":"SUM(N354:Q354)","v":16},null,0,{"$nulls":3},0,null,0,null,0,0,5,5,5,{"$f":"(AE354*'MS-8,9,10 Domain 3 Weights'!$B$2)+(AF354*'MS-8,9,10 Domain 3 Weights'!$B$3)+(AG354*'MS-8,9,10 Domain 3 Weights'!$B$4)+(AH354*'MS-8,9,10 Domain 3 Weights'!$B$5)","v":3.5},4,4,4,12,"Yes","SELECTED","NOT SELECTED","Client"]
[null," 5.3","5",7,"MS-9",null,"2.       Proportion of children and their carers in the health facility who perceived that they were treated with compassion and respect and their dignity was preserved. (90.20)","Outcomes: client/career satisfaction","Satisfaction (client/career) ","Experience","Outcome","Both",null,4,4,4,4,4,4,16,null,0,{"$nulls":3},0,null,0,null,0,0,5,5,5,{"$f":"(AE355*'MS-8,9,10 Domain 3 Weights'!$B$2)+(AF355*'MS-8,9,10 Domain 3 Weights'!$B$3)+(AG355*'MS-8,9,10 Domain 3 Weights'!$B$4)+(AH355*'MS-8,9,10 Domain 3 Weights'!$B$5)","v":3.5},4,5,4,13,"Yes","SELECTED","CORE","Client","Quarterly"]
[null," 5.4","5",1,"MS-9",null,"1.       The health facility has clear mechanisms, procedures and up-to-date national protocols that comply and are consistent with the Convention on the Rights of the Child and legal requirements for protecting children subject to suspected maltreatment. (94.88)","Inputs: Operational Guidelines","Operational guidelines, protocols related to client-centered practices","Experience","Input OperGuide","Both",null,4,3,3,4,3,3,{"$f":"SUM(N356:Q356)","v":14},null,0,{"$nulls":3},0,null,0,null,0,0,0,5,5,{"$f":"(AE356*'MS-8,9,10 Domain 3 Weights'!$B$2)+(AF356*'MS-8,9,10 Domain 3 Weights'!$B$3)+(AG356*'MS-8,9,10 Domain 3 Weights'!$B$4)+(AH356*'MS-8,9,10 Domain 3 Weights'!$B$5)","v":2.5},3,3,3,9,"Yes","NOT SELECTED","NOT SELECTED","InR"]
[null," 5.4","5",2,"MS-9",null,"2.       The health facility has protocols, job aides or checklists that provide guidance for staff on detecting, documenting (taking forensic samples, photographs when allowed and forensic examination) and caring for child victims of maltreatment. (95.12)","Inputs: Operational Guidelines","Operational guidelines, protocols related to client-centered practices","Experience","Input OperGuide","Both",null,4,4,4,4,3,3,{"$f":"SUM(N357:Q357)","v":16},null,0,{"$nulls":3},0,null,0,null,0,0,0,5,5,{"$f":"(AE357*'MS-8,9,10 Domain 3 Weights'!$B$2)+(AF357*'MS-8,9,10 Domain 3 Weights'!$B$3)+(AG357*'MS-8,9,10 Domain 3 Weights'!$B$4)+(AH357*'MS-8,9,10 Domain 3 Weights'!$B$5)","v":2.5},3,3,3,9,"Yes","SELECTED","NOT SELECTED","InR"]
[null," 5.4","5",3,"MS-9",null,"3.       The health facility has a system for registering and/or monitoring children who have been or are victims of any kind of suspected maltreatment. (92.32)","Input Heal&Sys","Health Information system (registering victims of maltreatment)","Experience","Input Heal&Sys","Both",null,4,3,4,4,3,3,{"$f":"SUM(N358:Q358)","v":15},null,0,{"$nulls":3},0,null,0,null,0,0,0,5,5,{"$f":"(AE358*'MS-8,9,10 Domain 3 Weights'!$B$2)+(AF358*'MS-8,9,10 Domain 3 Weights'!$B$3)+(AG358*'MS-8,9,10 Domain 3 Weights'!$B$4)+(AH358*'MS-8,9,10 Domain 3 Weights'!$B$5)","v":2.5},3,3,3,9,"Yes","NOT SELECTED","NOT SELECTED","InR"]
[null," 5.4","5",4,"MS-9",null,"4.       The health facility has clear mechanisms and protocols for sharing appropriate information and concerns with relevant agencies. (92.78)","Inputs: Operational Guidelines","Operational guidelines, protocols related to client-centered practices","Experience","Input OperGuide","Both",null,4,3,4,4,3,3,15,null,0,{"$nulls":3},0,null,0,null,0,0,0,5,5,{"$f":"(AE359*'MS-8,9,10 Domain 3 Weights'!$B$2)+(AF359*'MS-8,9,10 Domain 3 Weights'!$B$3)+(AG359*'MS-8,9,10 Domain 3 Weights'!$B$4)+(AH359*'MS-8,9,10 Domain 3 Weights'!$B$5)","v":2.5},3,3,3,9,"Yes","NOT SELECTED","NOT SELECTED","InR"]
[null," 5.4","5",5,"MS-9",null,"5.       The health facility has an effective multidisciplinary team and/or responsible person to investigate, care for and provide the necessary appropriate support to children with suspected maltreatment. (90.67) ","Inputs: management and oversight","Oversight and management on patient-centered practices","Experience","Input Over&Man","Both",null,4,4,4,4,null,null,16,null,0,{"$nulls":3},0,null,0,null,0,0,0,5,5,{"$f":"(AE360*'MS-8,9,10 Domain 3 Weights'!$B$2)+(AF360*'MS-8,9,10 Domain 3 Weights'!$B$3)+(AG360*'MS-8,9,10 Domain 3 Weights'!$B$4)+(AH360*'MS-8,9,10 Domain 3 Weights'!$B$5)","v":2.5},3,3,3,9,"Yes","SELECTED","NOT SELECTED","InR"]
[null," 5.4","5",6,"MS-9",null,"6.       The health facility staff receive training and orientation in identifying, assessing, communicating with and providing care and support for child victims of any form of maltreatment and on child protection procedures. (92.12)","Inputs: Human resources","Human resources: specific non-clinical training","Experience","Input HumRes","Both",null,4,3,4,4,3,3,15,null,0,{"$nulls":3},0,null,0,null,0,0,0,5,5,{"$f":"(AE361*'MS-8,9,10 Domain 3 Weights'!$B$2)+(AF361*'MS-8,9,10 Domain 3 Weights'!$B$3)+(AG361*'MS-8,9,10 Domain 3 Weights'!$B$4)+(AH361*'MS-8,9,10 Domain 3 Weights'!$B$5)","v":2.5},3,3,3,9,"Yes","NOT SELECTED","NOT SELECTED","Prov",null,"this MEASURE IS SIMILAR TO MEASURE #8. THEREFORE, SELECTING JUST ONE, MORE INCLUSIVE"]
[null," 5.4","5",7,"MS-9",null,"1.       Number of cases of suspected child maltreatment identified in the health facility in the past 12 months. (90.68)","Outcomes: client-centered practices","Experienced maltreatment, receiving appropriate support and referral for maltreatment","Experience","Process","Both",null,4,3,4,4,4,4,{"$f":"SUM(N362:Q362)","v":15},null,0,{"$nulls":3},0,null,0,null,0,0,0,5,5,{"$f":"(AE362*'MS-8,9,10 Domain 3 Weights'!$B$2)+(AF362*'MS-8,9,10 Domain 3 Weights'!$B$3)+(AG362*'MS-8,9,10 Domain 3 Weights'!$B$4)+(AH362*'MS-8,9,10 Domain 3 Weights'!$B$5)","v":2.5},3,3,3,9,"Yes","NOT SELECTED","NOT SELECTED","RIS"]
[null," 5.4","5",8,"MS-9",null,"2.       Proportion of staff who care for children at the health facility who are trained in child protection, care and support. (92.29)","Inputs: Human resources","Human resources: specific non-clinical training","Experience","Input HumRes","Both",null,4,4,4,4,3,3,{"$f":"SUM(N363:Q363)","v":16},null,0,{"$nulls":3},0,null,0,null,0,0,0,5,5,{"$f":"(AE363*'MS-8,9,10 Domain 3 Weights'!$B$2)+(AF363*'MS-8,9,10 Domain 3 Weights'!$B$3)+(AG363*'MS-8,9,10 Domain 3 Weights'!$B$4)+(AH363*'MS-8,9,10 Domain 3 Weights'!$B$5)","v":2.5},3,3,3,9,"Yes","SELECTED","NOT SELECTED","Prov"]
[null," 5.4","5",9,"MS-9",null,"1.       Proportion of children identified as victims of maltreatment who received protection, psychological support and appropriate referral. (90.56)","Outcomes: client-centered practices","Experienced maltreatment, receiving appropriate support and referral for maltreatment","Experience","Process","Both",null,4,5,3,4,3,3,{"$f":"SUM(N364:Q364)","v":16},null,0,{"$nulls":3},0,null,0,null,0,0,0,5,5,{"$f":"(AE364*'MS-8,9,10 Domain 3 Weights'!$B$2)+(AF364*'MS-8,9,10 Domain 3 Weights'!$B$3)+(AG364*'MS-8,9,10 Domain 3 Weights'!$B$4)+(AH364*'MS-8,9,10 Domain 3 Weights'!$B$5)","v":2.5},4,3,3,10,"Yes","SELECTED","NOT SELECTED","RIS"]
[null," 5.5","5",1,"MS-9",null,"1.     The health facility has a food and nutrition policy and guidelines to meet children’s nutritional needs, including special needs, consistent with dietary requirements. (94.64)","Inputs: Operational Guidelines","Operational guidelines, protocols related to client-centered practices","Experience","Input OperGuide","Inpatient",null,4,4,4,3,3,3,15,null,0,{"$nulls":3},0,null,0,null,0,0,0,5,5,{"$f":"(AE365*'MS-8,9,10 Domain 3 Weights'!$B$2)+(AF365*'MS-8,9,10 Domain 3 Weights'!$B$3)+(AG365*'MS-8,9,10 Domain 3 Weights'!$B$4)+(AH365*'MS-8,9,10 Domain 3 Weights'!$B$5)","v":2.5},3,3,3,9,"Yes","NOT SELECTED","NOT SELECTED","InR"]
[null," 5.5","5",2,"MS-9",null,"2.     The health facility has an up-to-date, written policy on breastfeeding that adheres  to the International Code of Marketing of Breast-milk Substitutes and is routinely communicated to all health care staff. (93.66)","Inputs: Operational Guidelines","Operational guidelines, protocols related to client-centered practices","Experience","Input OperGuide","Inpatient",null,4,4,4,3,3,3,15,null,0,{"$nulls":3},0,null,0,null,0,0,0,5,5,{"$f":"(AE366*'MS-8,9,10 Domain 3 Weights'!$B$2)+(AF366*'MS-8,9,10 Domain 3 Weights'!$B$3)+(AG366*'MS-8,9,10 Domain 3 Weights'!$B$4)+(AH366*'MS-8,9,10 Domain 3 Weights'!$B$5)","v":2.5},3,3,3,9,"Yes","NOT SELECTED","NOT SELECTED","InR"]
[null," 5.5","5",3,"MS-9",null,"3.     The health facility has an adequately equipped, designated kitchen (area or room) with facilities for food preparation. (92.64)","Inputs: Infrastructure, equipment client-centered","Infrastructure for client-centered practices inpatient","Experience","Input InfrastMedSupEquip","Inpatient",null,4,4,4,3,3,3,15,null,0,{"$nulls":3},0,null,0,null,0,0,0,5,5,{"$f":"(AE367*'MS-8,9,10 Domain 3 Weights'!$B$2)+(AF367*'MS-8,9,10 Domain 3 Weights'!$B$3)+(AG367*'MS-8,9,10 Domain 3 Weights'!$B$4)+(AH367*'MS-8,9,10 Domain 3 Weights'!$B$5)","v":2.5},3,3,3,9,"Yes","NOT SELECTED","NOT SELECTED","InR"]
[null," 5.5","5",4,"MS-9",null,"4.     The health facility has a dedicated staff (or nutrition specialist) responsible for preparing children’s menus. (91.70)","Inputs: Human resources","Human resources (staff availability) inpatient","Experience","Input HumRes","Inpatient",null,5,4,4,3,3,3,16,null,0,{"$nulls":3},0,null,0,null,0,0,0,5,5,{"$f":"(AE368*'MS-8,9,10 Domain 3 Weights'!$B$2)+(AF368*'MS-8,9,10 Domain 3 Weights'!$B$3)+(AG368*'MS-8,9,10 Domain 3 Weights'!$B$4)+(AH368*'MS-8,9,10 Domain 3 Weights'!$B$5)","v":2.5},3,3,3,9,"Yes","SELECTED","NOT SELECTED","InR"]
[null," 5.5","5",5,"MS-9",null,"5.     The health facility provides regular, safe, nutritious, appetizing, high-quality meals of sufficient variety to meet the needs of paediatric patients. (87.59)","Inputs: Organization and availability of health services","Provision of regular, safe, nutritious meals inpatient","Experience","Input OrgCare","Inpatient",null,4,4,4,3,3,3,15,null,0,{"$nulls":3},0,null,0,null,0,0,0,5,5,{"$f":"(AE369*'MS-8,9,10 Domain 3 Weights'!$B$2)+(AF369*'MS-8,9,10 Domain 3 Weights'!$B$3)+(AG369*'MS-8,9,10 Domain 3 Weights'!$B$4)+(AH369*'MS-8,9,10 Domain 3 Weights'!$B$5)","v":2.5},3,3,3,9,"Yes","NOT SELECTED","NOT SELECTED","InR"]
[null," 5.5","5",6,"MS-9",null,"1.     Proportion of health facility staff who received training or orientation on child nutrition, including counselling on breastfeeding, at least once in the past 12 months. (92.02)","Inputs: Human resources","Human resources: specific non-clinical training","Experience","Input HumRes","Both","6 RCEB/Nutr/Growth ",4,4,4,3,3,3,15,null,0,{"$nulls":3},0,null,0,null,0,0,0,5,5,{"$f":"(AE370*'MS-8,9,10 Domain 3 Weights'!$B$2)+(AF370*'MS-8,9,10 Domain 3 Weights'!$B$3)+(AG370*'MS-8,9,10 Domain 3 Weights'!$B$4)+(AH370*'MS-8,9,10 Domain 3 Weights'!$B$5)","v":2.5},3,3,3,9,"Yes","NOT SELECTED","NOT SELECTED","Prov"]
[null," 5.5","5",7,"MS-9",null,"2.     Proportion of breastfeeding mothers who report that they were shown how to express breast milk or who were given written information about expressing breast milk. (91.69)","Inputs: Organization and availability of health services","Provision of regular, safe, nutritious meals, educating mothers how to express breast milk, informing about childrens' rights","Experience","Input OrgCare","Both","13 Support/Sick",4,4,4,4,4,4,16,null,0,{"$nulls":3},0,null,0,null,0,0,0,5,5,{"$f":"(AE371*'MS-8,9,10 Domain 3 Weights'!$B$2)+(AF371*'MS-8,9,10 Domain 3 Weights'!$B$3)+(AG371*'MS-8,9,10 Domain 3 Weights'!$B$4)+(AH371*'MS-8,9,10 Domain 3 Weights'!$B$5)","v":2.5},3,3,3,9,"Yes","SELECTED","NOT SELECTED","Client"]
[null," 5.5","5",9,"MS-9",null,"1.     Proportion of children admitted to the health facility who were given food appropriate to their dietary requirements. (87.66)","Inputs: Organization and availability of health services","Provision of regular, safe, nutritious meals inpatient","Experience","Process","Inpatient","13 Support/Sick",4,4,3,4,4,3,15,null,0,{"$nulls":3},0,null,0,null,0,0,0,5,5,{"$f":"(AE372*'MS-8,9,10 Domain 3 Weights'!$B$2)+(AF372*'MS-8,9,10 Domain 3 Weights'!$B$3)+(AG372*'MS-8,9,10 Domain 3 Weights'!$B$4)+(AH372*'MS-8,9,10 Domain 3 Weights'!$B$5)","v":2.5},3,3,3,9,"Yes","NOT SELECTED","NOT SELECTED","RIS"]
[null," 5.5","5",8,"MS-9",null,"3.     Proportion of children and their carers in the health facility who are satisfied with the facility meal service in terms of choice, quantity and number of servings per day. (84.92)","Outcomes: client/career satisfaction","Satisfaction (client/career) inpatient","Experience","Outcome","Inpatient",null,4,4,4,4,4,3,16,null,0,{"$nulls":3},0,null,0,null,0,0,0,5,5,{"$f":"(AE373*'MS-8,9,10 Domain 3 Weights'!$B$2)+(AF373*'MS-8,9,10 Domain 3 Weights'!$B$3)+(AG373*'MS-8,9,10 Domain 3 Weights'!$B$4)+(AH373*'MS-8,9,10 Domain 3 Weights'!$B$5)","v":2.5},3,3,3,9,"Yes","SELECTED","NOT SELECTED","Client"]
[null," 5.5","5",10,"MS-9",null,"2.     Proportion of young infants under 6 months of age who are exclusively breastfed at discharge from the health facility. (87.53)","Impact/No disease-specific care outcomes","Children under 6 months exclusively breastfed inpatient","Experience","Outcome","Inpatient","13 Support/Sick",4,4,4,3,4,3,{"$f":"SUM(N374:S374)","v":22},null,0,{"$nulls":3},0,null,0,null,0,0,0,5,5,{"$f":"(AE374*'MS-8,9,10 Domain 3 Weights'!$B$2)+(AF374*'MS-8,9,10 Domain 3 Weights'!$B$3)+(AG374*'MS-8,9,10 Domain 3 Weights'!$B$4)+(AH374*'MS-8,9,10 Domain 3 Weights'!$B$5)","v":2.5},4,4,4,12,"Yes","SELECTED","NOT SELECTED","RIS",null,"This can be an impotant measure if we measure it among the babies who were born in the health facility (not discharged yet) or were exclusively breastfed upon admission Indicator # 10 of 5.5.; #6 of of 6.1., #7 of 1.6. and  #15 of 1.2. are the same"]
[null," 6.1","6",1,"MS-10",null,"1.     The health facility has an up-to-date, family-centred policy on parents’ and carers’ right to stay with their children at all times, including during medical procedures. (90.75)","Inputs: Operational Guidelines","Operational guidelines, protocols related to client-centered practices","Experience","Input OperGuide","Both","15 Prev/unnes/harm",4,4,4,3,4,4,15,null,0,{"$nulls":3},0,null,0,null,0,5,0,0,5,{"$f":"(AE375*'MS-8,9,10 Domain 3 Weights'!$B$2)+(AF375*'MS-8,9,10 Domain 3 Weights'!$B$3)+(AG375*'MS-8,9,10 Domain 3 Weights'!$B$4)+(AH375*'MS-8,9,10 Domain 3 Weights'!$B$5)","v":2.5},3,3,3,9,"Yes","NOT SELECTED","NOT SELECTED","InR",null,"similar to indicator #2"]
[null," 6.1","6",2,"MS-10",null,"2.     The health facility has a rooming-in policy so that parents or carers can stay with their children and provides accommodation close to the child’s bed. (93.06)","Inputs: Operational Guidelines","Operational guidelines, protocols related to client-centered practices inpatient","Experience","Input OperGuide","Both","15 Prev/unnes/harm",4,4,4,3,4,4,15,null,0,{"$nulls":3},0,null,0,null,0,5,0,0,5,{"$f":"(AE376*'MS-8,9,10 Domain 3 Weights'!$B$2)+(AF376*'MS-8,9,10 Domain 3 Weights'!$B$3)+(AG376*'MS-8,9,10 Domain 3 Weights'!$B$4)+(AH376*'MS-8,9,10 Domain 3 Weights'!$B$5)","v":2.5},3,3,3,9,"Yes","NOT SELECTED","NOT SELECTED","InR",null,"similar to indicator #1"]
[null," 6.1","6",3,"MS-10",null,"3.     The health facility has areas where parents or carers can breastfeed, prepare special meals for their children or for themselves and meet family and friends. (90.60)","Inputs: Infrastructure, equipment client-centered","Infrastructure for client-centered practices inpatient","Experience","Input InfrastMedSupEquip","Inpatient",null,4,3,4,4,4,4,15,null,0,{"$nulls":3},0,null,0,null,0,5,0,0,5,{"$f":"(AE377*'MS-8,9,10 Domain 3 Weights'!$B$2)+(AF377*'MS-8,9,10 Domain 3 Weights'!$B$3)+(AG377*'MS-8,9,10 Domain 3 Weights'!$B$4)+(AH377*'MS-8,9,10 Domain 3 Weights'!$B$5)","v":2.5},3,3,3,9,"Yes","NOT SELECTED","NOT SELECTED","InR"]
[null," 6.1","6",4,"MS-10",null,"4.     The health facility staff receive training and regular mentoring or refresher training in children’s rights, including the right not be separated from their parents, and also in parents' rights and responsibilities. (88.62)","Inputs: Human resources","Human resources: specific non-clinical training","Experience","Input HumRes","Inpatient",null,4,4,4,3,4,4,15,null,0,{"$nulls":3},0,null,0,null,0,5,0,0,5,{"$f":"(AE378*'MS-8,9,10 Domain 3 Weights'!$B$2)+(AF378*'MS-8,9,10 Domain 3 Weights'!$B$3)+(AG378*'MS-8,9,10 Domain 3 Weights'!$B$4)+(AH378*'MS-8,9,10 Domain 3 Weights'!$B$5)","v":2.5},3,3,3,9,"Yes","NOT SELECTED","NOT SELECTED","Prov"]
[null," 6.1","6",5,"MS-10",null,"1.     Proportion of parents and/or carers who were given the opportunity to room-in with their children. (88.78)","Outcomes: client-centered practices","Room-in or staying with child during medical procedures inpatient","Experience","Outcome","Inpatient",null,4,3,4,4,4,4,{"$f":"SUM(N379:Q379)","v":15},null,0,{"$nulls":3},0,null,0,null,0,5,0,0,5,{"$f":"(AE379*'MS-8,9,10 Domain 3 Weights'!$B$2)+(AF379*'MS-8,9,10 Domain 3 Weights'!$B$3)+(AG379*'MS-8,9,10 Domain 3 Weights'!$B$4)+(AH379*'MS-8,9,10 Domain 3 Weights'!$B$5)","v":2.5},3,3,3,9,"Yes","NOT SELECTED","NOT SELECTED","Client",null,"Similar to indicator #8, which was selected and is more flexible"]
[null," 6.1","6",6,"MS-10",null,"2.     Proportion of infants under 6 months of age admitted to the facility who are exclusively breastfeeding or given only expressed breast milk by cup and spoon. (86.42)","Impact/No disease-specific care outcomes","Children under 6 months exclusively breastfed inpatient","Experience","Outcome","Inpatient","13 Support/Sick",3,4,4,4,3,4,{"$f":"SUM(N380:Q380)","v":15},null,0,{"$nulls":3},0,null,0,null,0,5,0,0,5,{"$f":"(AE380*'MS-8,9,10 Domain 3 Weights'!$B$2)+(AF380*'MS-8,9,10 Domain 3 Weights'!$B$3)+(AG380*'MS-8,9,10 Domain 3 Weights'!$B$4)+(AH380*'MS-8,9,10 Domain 3 Weights'!$B$5)","v":2.5},4,3,3,10,"Yes","NOT SELECTED","NOT SELECTED","RIS",null,"Indicator # 10 of 5.5.; #6 of of 6.1., #7 of 1.6. and  #15 of 1.2. are the same; I have selected it for Standard 5.5. "]
[null," 6.1","6",7,"MS-10",null,"1.     Proportion of children in the health facility whose parents or carers stayed with them during medical procedures. (86.57)","Outcomes: client-centered practices","Room-in or staying with child during medical procedures","Experience","Outcome","Both",null,4,4,4,4,3,4,16,null,0,{"$nulls":3},0,null,0,null,0,5,5,0,5,{"$f":"(AE381*'MS-8,9,10 Domain 3 Weights'!$B$2)+(AF381*'MS-8,9,10 Domain 3 Weights'!$B$3)+(AG381*'MS-8,9,10 Domain 3 Weights'!$B$4)+(AH381*'MS-8,9,10 Domain 3 Weights'!$B$5)","v":3.5},3,3,3,9,"Yes","SELECTED","NOT SELECTED","Client"]
[null," 6.1","6",8,"MS-10",null,"2.     Proportion of children admitted to the health facility whose parents or carers were allowed to room-in or were provided with nearby accommodation at night. (88.54)","Outcomes: client-centered practices","Room-in or staying with child during medical procedures inpatient","Experience","Outcome","Inpatient","13 Support/Sick",4,4,4,4,3,4,16,null,0,{"$nulls":3},0,null,0,null,0,5,5,0,5,{"$f":"(AE382*'MS-8,9,10 Domain 3 Weights'!$B$2)+(AF382*'MS-8,9,10 Domain 3 Weights'!$B$3)+(AG382*'MS-8,9,10 Domain 3 Weights'!$B$4)+(AH382*'MS-8,9,10 Domain 3 Weights'!$B$5)","v":3.5},3,3,3,9,"Yes","SELECTED","NOT SELECTED","Client"]
[null," 6.1","6",9,"MS-10",null,"3.     Proportion of children admitted to the health facility whose parents or carers were provided with food or had access to facilities to prepare food. (88.16)","Outcomes: client-centered practices","Room-in or staying with child during medical procedures inpatient","Experience","Outcome","Inpatient",null,4,4,4,4,3,4,16,null,0,{"$nulls":3},0,null,0,null,0,5,5,0,5,{"$f":"(AE383*'MS-8,9,10 Domain 3 Weights'!$B$2)+(AF383*'MS-8,9,10 Domain 3 Weights'!$B$3)+(AG383*'MS-8,9,10 Domain 3 Weights'!$B$4)+(AH383*'MS-8,9,10 Domain 3 Weights'!$B$5)","v":3.5},3,3,3,9,"Yes","SELECTED","NOT SELECTED","Client"]
[null," 6.2","6",1,"MS-10",null,"1.     The health facility has a written, up-to-date policy to protect children’s right to play and learn while at the facility. (93.51)","Inputs: Operational Guidelines","Operational guidelines, protocols related to client-centered practices inpatient","Experience","Input OperGuide","Both",null,3,4,4,4,4,4,15,null,0,{"$nulls":3},0,null,0,null,0,0,0,0,5,{"$f":"(AE384*'MS-8,9,10 Domain 3 Weights'!$B$2)+(AF384*'MS-8,9,10 Domain 3 Weights'!$B$3)+(AG384*'MS-8,9,10 Domain 3 Weights'!$B$4)+(AH384*'MS-8,9,10 Domain 3 Weights'!$B$5)","v":1},3,3,3,9,"No","NOT SELECTED","NOT SELECTED","InR"]
[null," 6.2","6",2,"MS-10",null,"2.     The health facility has a system for meeting the educational and learning needs of school-aged children. (87.95)","Inputs: Operational Guidelines","Operational guidelines, protocols related to client-centered practices inpatient","Experience","Input OperGuide","Inpatient",null,3,4,4,4,4,4,15,null,0,{"$nulls":3},0,null,0,null,0,0,0,0,5,{"$f":"(AE385*'MS-8,9,10 Domain 3 Weights'!$B$2)+(AF385*'MS-8,9,10 Domain 3 Weights'!$B$3)+(AG385*'MS-8,9,10 Domain 3 Weights'!$B$4)+(AH385*'MS-8,9,10 Domain 3 Weights'!$B$5)","v":1},3,3,3,9,"No","NOT SELECTED","NOT SELECTED","InR"]
[null," 6.2","6",3,"MS-10",null,"3.     The health facility has dedicated spaces for age-appropriate play, which are accessible to all children, including those with a disability. (93.82)","Inputs: Infrastructure, equipment client-centered","Infrastructure for client-centered practices","Experience","Input InfrastMedSupEquip","Inpatient",null,4,4,4,4,3,4,16,null,0,{"$nulls":3},0,null,0,null,0,5,0,0,5,{"$f":"(AE386*'MS-8,9,10 Domain 3 Weights'!$B$2)+(AF386*'MS-8,9,10 Domain 3 Weights'!$B$3)+(AG386*'MS-8,9,10 Domain 3 Weights'!$B$4)+(AH386*'MS-8,9,10 Domain 3 Weights'!$B$5)","v":2.5},3,3,3,9,"Yes","SELECTED","NOT SELECTED","InR"]
[null," 6.2","6",4,"MS-10",null,"4.     The health facility staff are trained in using various forms of play, including sensory stimulation for young infants. (86.53)","Inputs: Human resources","Human resources: specific non-clinical training","Experience","Input HumRes","Inpatient",null,3,4,4,4,4,4,15,null,0,{"$nulls":3},{"$f":"SUM(W387:Y387)","v":0},null,0,null,0,5,0,0,5,{"$f":"(AE387*'MS-8,9,10 Domain 3 Weights'!$B$2)+(AF387*'MS-8,9,10 Domain 3 Weights'!$B$3)+(AG387*'MS-8,9,10 Domain 3 Weights'!$B$4)+(AH387*'MS-8,9,10 Domain 3 Weights'!$B$5)","v":2.5},3,3,3,9,"Yes","NOT SELECTED","NOT SELECTED","Prov"]
[null," 6.2","6",5,"MS-10",null,"1.     Proportion of children in the health facility who were involved in play and recreation provided by the facility within the past 24 h. (75.85)","Inputs: Organization and availability of health services","Organization of processes inpatient (given opportunity to room-in, excluseively reastfeeding/given expressed milk by cup), kids involved in play and recreation","Experience","Process","Inpatient",null,3,4,4,4,3,4,15,null,0,{"$nulls":3},0,null,0,null,0,5,0,0,5,{"$f":"(AE388*'MS-8,9,10 Domain 3 Weights'!$B$2)+(AF388*'MS-8,9,10 Domain 3 Weights'!$B$3)+(AG388*'MS-8,9,10 Domain 3 Weights'!$B$4)+(AH388*'MS-8,9,10 Domain 3 Weights'!$B$5)","v":2.5},3,3,3,9,"Yes","NOT SELECTED","NOT SELECTED","Obs"]
[null," 6.2","6",6,"MS-10",null,"2.     Proportion of health providers who routinely use play techniques during medical procedures as part of therapeutic care. (78.72)","Processes: EB care, harmful practices, patient-centered practices","Provision of patient-centered practices","Experience","Process","Inpatient",null,3,4,4,4,3,4,15,null,0,{"$nulls":3},0,null,0,null,0,5,0,0,5,{"$f":"(AE389*'MS-8,9,10 Domain 3 Weights'!$B$2)+(AF389*'MS-8,9,10 Domain 3 Weights'!$B$3)+(AG389*'MS-8,9,10 Domain 3 Weights'!$B$4)+(AH389*'MS-8,9,10 Domain 3 Weights'!$B$5)","v":2.5},3,3,3,9,"Yes","NOT SELECTED","NOT SELECTED","Prov"]
[null," 6.2","6",9,"MS-10",null,"3.     Proportion of children who received play therapy during their most recent medical procedure or treatment. (81.91)","Outomes: Access to medicines,  services and facilities","Access to playroom, access to facility's educational program, received play therapy","Experience","Process","Both",null,4,4,4,4,3,4,16,null,0,{"$nulls":3},0,null,0,null,0,5,0,0,5,{"$f":"(AE390*'MS-8,9,10 Domain 3 Weights'!$B$2)+(AF390*'MS-8,9,10 Domain 3 Weights'!$B$3)+(AG390*'MS-8,9,10 Domain 3 Weights'!$B$4)+(AH390*'MS-8,9,10 Domain 3 Weights'!$B$5)","v":2.5},3,3,3,9,"Yes","SELECTED","NOT SELECTED","Obs"]
[null," 6.2","6",7,"MS-10",null,"1.     Proportion of children who accessed the playroom during their stay in the health facility. (81.00)","Outomes: Access to medicines,  services and facilities","Access to playroom, access to facility's educational program, received play therapy inpatient","Experience","Outcome","Inpatient",null,4,4,4,4,3,4,16,null,0,{"$nulls":3},0,null,0,null,0,5,5,0,5,{"$f":"(AE391*'MS-8,9,10 Domain 3 Weights'!$B$2)+(AF391*'MS-8,9,10 Domain 3 Weights'!$B$3)+(AG391*'MS-8,9,10 Domain 3 Weights'!$B$4)+(AH391*'MS-8,9,10 Domain 3 Weights'!$B$5)","v":3.5},3,3,3,9,"Yes","SELECTED","NOT SELECTED","Client"]
[null," 6.2","6",8,"MS-10",null,"2.     Proportion of children who cannot leave their room who had access to some form of play provided by the health facility or a play therapist. (85.46)","Outomes: Access to medicines,  services and facilities","Access to playroom, access to facility's educational program, received play therapy inpatient","Experience","Outcome","Inpatient",null,4,3,4,4,3,4,15,null,0,{"$nulls":3},0,null,0,null,0,5,5,0,5,{"$f":"(AE392*'MS-8,9,10 Domain 3 Weights'!$B$2)+(AF392*'MS-8,9,10 Domain 3 Weights'!$B$3)+(AG392*'MS-8,9,10 Domain 3 Weights'!$B$4)+(AH392*'MS-8,9,10 Domain 3 Weights'!$B$5)","v":3.5},3,3,3,9,"Yes","NOT SELECTED","NOT SELECTED","Client"]
[null," 6.2","6",10,"MS-10",null,"4.     Proportion of school-aged children who accessed and used the facility’s educational programme during their hospitalization. (85.49)","Outomes: Access to medicines,  services and facilities","Access to playroom, access to facility's educational program, received play therapy inpatient","Experience","Outcome","Inpatient",null,4,4,4,4,3,4,16,null,0,{"$nulls":3},0,null,0,null,0,5,5,0,5,{"$f":"(AE393*'MS-8,9,10 Domain 3 Weights'!$B$2)+(AF393*'MS-8,9,10 Domain 3 Weights'!$B$3)+(AG393*'MS-8,9,10 Domain 3 Weights'!$B$4)+(AH393*'MS-8,9,10 Domain 3 Weights'!$B$5)","v":3.5},3,3,3,9,"Yes","SELECTED","NOT SELECTED","Client"]
[null," 6.3","6",1,"MS-10",null,"1.     The health facility has an up-to-date policy and protocols for the assessment, recognition, prevention and management of pain in infants, children and young adolescents. (94.38)","Inputs: Operational Guidelines","Operational guidelines, protocols related to client-centered practices","Experience","Input OperGuide","Both","13 Support/Sick",3,4,4,4,3,3,15,null,0,{"$nulls":3},0,null,0,null,0,0,0,5,5,{"$f":"(AE394*'MS-8,9,10 Domain 3 Weights'!$B$2)+(AF394*'MS-8,9,10 Domain 3 Weights'!$B$3)+(AG394*'MS-8,9,10 Domain 3 Weights'!$B$4)+(AH394*'MS-8,9,10 Domain 3 Weights'!$B$5)","v":2.5},3,3,3,9,"Yes","NOT SELECTED","NOT SELECTED","InR"]
[null," 6.3","6",2,"MS-10",null,"2.     The health facility has guidelines and tools used by clinical staff in assessing and managing pain in infants, children and young adolescents. (91.91)","Inputs: Clinical Guidelines, protocols, job aides","Clinical condition-specific guidelines, protocols, job aides","Experience","Input ClinGuidelin","Both","13 Support/Sick",3,4,3,4,3,3,14,null,0,{"$nulls":3},0,null,{"$f":"AA395","v":0},null,{"$f":"AC395","v":0},0,0,5,5,{"$f":"(AE395*'MS-8,9,10 Domain 3 Weights'!$B$2)+(AF395*'MS-8,9,10 Domain 3 Weights'!$B$3)+(AG395*'MS-8,9,10 Domain 3 Weights'!$B$4)+(AH395*'MS-8,9,10 Domain 3 Weights'!$B$5)","v":2.5},3,3,3,{"$f":"SUM(AJ395:AL395)","v":9},{"$f":"IF(OR(V395>=$R$2,Z395>=$R$3,AB395>=$R$4,AD395>=$R$5,AI395>=$R$6),\"Yes\",\"No\")","v":"Yes"},{"$f":"IF(AND(T395>=$R$1,AN395=\"Yes\"),\"SELECTED\",\"NOT SELECTED\")","v":"NOT SELECTED"},{"$f":"IF(AND(AO395=\"SELECTED\",AM395>=$R$7),\"CORE\",\"NOT SELECTED\")","v":"NOT SELECTED"},"InR"]
[null," 6.3","6",3,"MS-10",null,"3.     The health facility uses individual plans for pain treatment or non-pharmacological strategies to reduce pain and relieve distressing symptoms, with the active involvement of children. (87.95)",null,"Provision of patient-centered practices","Experience","Input OperGuide","Both","13 Support/Sick",3,4,3,4,3,3,14,null,0,{"$nulls":3},0,null,0,null,0,0,0,5,5,{"$f":"(AE396*'MS-8,9,10 Domain 3 Weights'!$B$2)+(AF396*'MS-8,9,10 Domain 3 Weights'!$B$3)+(AG396*'MS-8,9,10 Domain 3 Weights'!$B$4)+(AH396*'MS-8,9,10 Domain 3 Weights'!$B$5)","v":2.5},3,3,3,9,"Yes","NOT SELECTED","NOT SELECTED","Doc"]
[null," 6.3","6",4,"MS-10",null,"4.     The health facility has facilities for providing psychological and spiritual support to children who require palliative care and to their families. (88.83)","Inputs: Infrastructure, equipment client-centered","Infrastructure for client-centered practices inpatient","Experience","Input InfrastMedSupEquip","Inpatient","10 ASB/Chronic/Con",3,4,3,4,3,3,14,null,0,{"$nulls":3},0,null,0,null,0,0,0,5,5,{"$f":"(AE397*'MS-8,9,10 Domain 3 Weights'!$B$2)+(AF397*'MS-8,9,10 Domain 3 Weights'!$B$3)+(AG397*'MS-8,9,10 Domain 3 Weights'!$B$4)+(AH397*'MS-8,9,10 Domain 3 Weights'!$B$5)","v":2.5},3,3,3,9,"Yes","NOT SELECTED","NOT SELECTED","InR"]
[null," 6.3","6",5,"MS-10",null,"5.     The health staff receive training and regular refresher courses in assessing, preventing and controlling children’s pain at least once every 12 months. (89.48)","Inputs: Human resources","Human resources (specific clinincal training)","Experience","Input HumRes","Inpatient","13 Support/Sick",3,4,3,4,3,3,14,null,0,{"$nulls":3},0,null,0,null,0,0,0,5,5,{"$f":"(AE398*'MS-8,9,10 Domain 3 Weights'!$B$2)+(AF398*'MS-8,9,10 Domain 3 Weights'!$B$3)+(AG398*'MS-8,9,10 Domain 3 Weights'!$B$4)+(AH398*'MS-8,9,10 Domain 3 Weights'!$B$5)","v":2.5},3,3,3,9,"Yes","NOT SELECTED","NOT SELECTED","Prov"]
[null," 6.3","6",6,"MS-10",null,"6.     The health facility has protocols and procedures in place to support the safe storage and use of pain-control medicines and conducts regular audits of pain management. (91.63)","Inputs: management and oversight","Oversight and management on patient-centered practices","Experience","Input Over&Man","Inpatient","13 Support/Sick",3,4,3,4,3,3,14,null,0,{"$nulls":3},0,null,0,null,0,0,0,5,5,{"$f":"(AE399*'MS-8,9,10 Domain 3 Weights'!$B$2)+(AF399*'MS-8,9,10 Domain 3 Weights'!$B$3)+(AG399*'MS-8,9,10 Domain 3 Weights'!$B$4)+(AH399*'MS-8,9,10 Domain 3 Weights'!$B$5)","v":2.5},3,3,3,9,"Yes","NOT SELECTED","NOT SELECTED","InR"]
[null," 6.3","6",7,"MS-10",null,"1.     Proportion of health professionals in the facility who are aware of the facility’s protocols and procedures for pain management. (90.09)","Inputs: Human resources","Knowledge on  pain management in children, inclusion of pain scorecards in the medical records, referred to palliative care","Experience","Input HumRes","Inpatient","13 Support/Sick",3,4,3,4,3,3,14,null,0,{"$nulls":3},0,null,0,null,0,0,0,5,5,{"$f":"(AE400*'MS-8,9,10 Domain 3 Weights'!$B$2)+(AF400*'MS-8,9,10 Domain 3 Weights'!$B$3)+(AG400*'MS-8,9,10 Domain 3 Weights'!$B$4)+(AH400*'MS-8,9,10 Domain 3 Weights'!$B$5)","v":2.5},3,3,3,9,"Yes","NOT SELECTED","NOT SELECTED","Prov"]
[null," 6.3","6",8,"MS-10",null,"2.     Proportion of staff who have received training or refresher training in children’s pain management and palliative care within the past 12 months. (89.57)","Inputs: Human resources","Human resources (specific clinincal training)","Experience","Input HumRes","Inpatient","13 Support/Sick",3,4,3,4,3,3,14,null,0,{"$nulls":3},0,null,0,null,0,0,0,5,5,{"$f":"(AE401*'MS-8,9,10 Domain 3 Weights'!$B$2)+(AF401*'MS-8,9,10 Domain 3 Weights'!$B$3)+(AG401*'MS-8,9,10 Domain 3 Weights'!$B$4)+(AH401*'MS-8,9,10 Domain 3 Weights'!$B$5)","v":2.5},3,3,3,9,"Yes","NOT SELECTED","NOT SELECTED","Prov"]
[null," 6.3","6",9,"MS-10",null,"3.     Proportion of health professionals who know how to perform both pharmacological and non-pharmacological interventions to manage pain in children. (86.26)","Inputs: Human resources","Knowledge on  pain management in children, inclusion of pain scorecards in the medical records, referred to palliative care","Experience","Input HumRes","Inpatient","13 Support/Sick",3,4,3,4,3,3,14,null,0,{"$nulls":3},0,null,0,null,0,0,0,5,5,{"$f":"(AE402*'MS-8,9,10 Domain 3 Weights'!$B$2)+(AF402*'MS-8,9,10 Domain 3 Weights'!$B$3)+(AG402*'MS-8,9,10 Domain 3 Weights'!$B$4)+(AH402*'MS-8,9,10 Domain 3 Weights'!$B$5)","v":2.5},3,3,3,9,"Yes","NOT SELECTED","NOT SELECTED","Prov"]
[null," 6.3","6",10,"MS-10",null,"4.     Proportion of children’s clinical records reviewed that include an assessment or a pain score card. (90.92) ","Inputs: Human resources","Knowledge on  pain management in children, inclusion of pain scorecards in the medical records, referred to palliative care inpatient","Experience","Input HumRes","Both","13 Support/Sick",4,4,4,4,4,4,16,null,0,{"$nulls":3},0,null,0,null,0,0,0,5,5,{"$f":"(AE403*'MS-8,9,10 Domain 3 Weights'!$B$2)+(AF403*'MS-8,9,10 Domain 3 Weights'!$B$3)+(AG403*'MS-8,9,10 Domain 3 Weights'!$B$4)+(AH403*'MS-8,9,10 Domain 3 Weights'!$B$5)","v":2.5},3,3,3,9,"Yes","SELECTED","NOT SELECTED","RIS"]
[null," 6.3","6",11,"MS-10",null,"5.     Proportion of children seen in the health facility in the past 6 months who required palliative care and who received it or were referred to an appropriate centre. (88.10)","Inputs: Human resources","Knowledge on  pain management in children, inclusion of pain scorecards in the medical records, referred to palliative care","Experience","Input HumRes","Both","10 ASB/Chronic/Con",4,4,4,4,4,4,16,null,0,{"$nulls":3},0,null,0,null,0,0,0,5,5,{"$f":"(AE404*'MS-8,9,10 Domain 3 Weights'!$B$2)+(AF404*'MS-8,9,10 Domain 3 Weights'!$B$3)+(AG404*'MS-8,9,10 Domain 3 Weights'!$B$4)+(AH404*'MS-8,9,10 Domain 3 Weights'!$B$5)","v":2.5},3,3,3,9,"Yes","SELECTED","NOT SELECTED","RIS"]
[null," 6.3","6",12,"MS-10",null,"1.     Proportion of children who received adequate analgesia after surgery or a painful medical procedure. (90.48)","Processes: EB care, harmful practices, patient-centered practices","Received analgesia after surgery/medical procedure, % carers reported pain management by health workers","Experience","Process","Inpatient","13 Support/Sick",4,4,4,4,4,3,16,null,0,{"$nulls":3},0,null,0,null,0,0,5,5,5,{"$f":"(AE405*'MS-8,9,10 Domain 3 Weights'!$B$2)+(AF405*'MS-8,9,10 Domain 3 Weights'!$B$3)+(AG405*'MS-8,9,10 Domain 3 Weights'!$B$4)+(AH405*'MS-8,9,10 Domain 3 Weights'!$B$5)","v":3.5},3,3,3,9,"Yes","SELECTED","NOT SELECTED","RIS"]
[null," 6.3","6",13,"MS-10",null,"2.     Proportion of parents or carers who reported that their child's pain or symptoms of distress were alleviated by the action of health workers. (84.67)","Patient-centered outcome","Received analgesia after surgery/medical procedure, % carers reported pain management by health workers","Experience","Outcome","Both","13 Support/Sick",4,4,4,4,3,4,16,null,{"$f":"IF(E406=\"MS-1\",U406*(VLOOKUP(K406,_tbl.MS1,3,FALSE)),U406)","v":0},{"$nulls":3},0,null,0,null,0,0,5,5,5,{"$f":"(AE406*'MS-8,9,10 Domain 3 Weights'!$B$2)+(AF406*'MS-8,9,10 Domain 3 Weights'!$B$3)+(AG406*'MS-8,9,10 Domain 3 Weights'!$B$4)+(AH406*'MS-8,9,10 Domain 3 Weights'!$B$5)","v":3.5},3,3,3,9,"Yes","SELECTED","NOT SELECTED","Client",null,"Most of the indicators under 6.3. can be covered under Supportive care of sick babies (standard #1.13) and Standard # 1.10  Chronic conditions (Cancer)"]
[null," 7.1","7",1,"MS-6",null,"1.     The health facility has a written, up-to-date staffing policy that defines the staffing criteria and standards, lists the numbers, types and competence (job description) of each staff member and is reviewed regularly according to the work load. (92.50)","Inputs: Operational Guidelines","Operational guidelines, protocols related to cross-cutting supporting systems (management, human resources, health information system, infrastructure, supplies and equipment, health financing, organization of health services)","Supporting systems","Input OperGuide","Both",null,4,4,3,3,3,3,{"$f":"SUM(N407:$Q407)","v":14},null,0,{"$nulls":3},0,null,0,4,4,{"$nulls":4},{"$f":"(AE407*'MS-8,9,10 Domain 3 Weights'!$B$2)+(AF407*'MS-8,9,10 Domain 3 Weights'!$B$3)+(AG407*'MS-8,9,10 Domain 3 Weights'!$B$4)+(AH407*'MS-8,9,10 Domain 3 Weights'!$B$5)","v":0},3,3,3,9,"No","NOT SELECTED","NOT SELECTED","InR"]
[null," 7.1","7",2,"MS-6",null,"2.     The health facility has standard procedures and plans for recruitment, deployment, motivation (recognition and reward scheme) and retention of all staff. (91.42) ","Inputs: Operational Guidelines","Operational guidelines, protocols related to cross-cutting supporting systems (management, human resources, health information system, infrastructure, supplies and equipment, health financing, organization of health services)","Supporting systems","Input OperGuide","Both",null,4,4,3,3,3,3,{"$f":"SUM(N408:$Q408)","v":14},null,0,{"$nulls":3},0,null,0,4,4,{"$nulls":4},{"$f":"(AE408*'MS-8,9,10 Domain 3 Weights'!$B$2)+(AF408*'MS-8,9,10 Domain 3 Weights'!$B$3)+(AG408*'MS-8,9,10 Domain 3 Weights'!$B$4)+(AH408*'MS-8,9,10 Domain 3 Weights'!$B$5)","v":0},3,3,3,9,"No","NOT SELECTED","NOT SELECTED","InR"]
[null," 7.1","7",3,"MS-6",null,"3.     The health facility has a written, up-to-date policy on triage and waiting times for emergency and non-emergency consultations and treatment. (91.80)","Inputs: Operational Guidelines","Operational guidelines, protocols related to care provision","Supporting systems","Input OperGuide","Both","1 ASB/ETAT/Asses/class/full",3,4,4,3,4,4,{"$f":"SUM(N409:$Q409)","v":14},null,0,{"$nulls":3},0,null,0,4,4,{"$nulls":4},{"$f":"(AE409*'MS-8,9,10 Domain 3 Weights'!$B$2)+(AF409*'MS-8,9,10 Domain 3 Weights'!$B$3)+(AG409*'MS-8,9,10 Domain 3 Weights'!$B$4)+(AH409*'MS-8,9,10 Domain 3 Weights'!$B$5)","v":0},3,3,3,9,"No","NOT SELECTED","NOT SELECTED","InR"]
[null," 7.1","7",4,"MS-6",null,"4.     The health facility has a roster displayed in all areas with the names of staff on duty, the times of their shifts and their specific roles and responsibilities. (91.92)","Input Heal&Sys","Health Information system (crosscutting e.g. duty roster displayed)","Supporting systems","Input Heal&Sys","Both",null,4,5,3,4,3,3,{"$f":"SUM(N410:$Q410)","v":16},null,0,{"$nulls":3},0,null,0,4,4,{"$nulls":4},{"$f":"(AE410*'MS-8,9,10 Domain 3 Weights'!$B$2)+(AF410*'MS-8,9,10 Domain 3 Weights'!$B$3)+(AG410*'MS-8,9,10 Domain 3 Weights'!$B$4)+(AH410*'MS-8,9,10 Domain 3 Weights'!$B$5)","v":0},3,3,3,9,"No","NOT SELECTED","NOT SELECTED","InR"]
[null," 7.1","7",5,"MS-6",null,"5.     The health facility has competent child health care providers available at all times, in sufficient numbers to meet the anticipated work load. (90.60)","Inputs: Human resources","Human resources (staff availability)","Supporting systems","Input HumRes","Both",null,4,5,3,4,3,null,{"$f":"SUM(N411:$Q411)","v":16},null,0,{"$nulls":3},0,null,0,4,4,{"$nulls":4},{"$f":"(AE411*'MS-8,9,10 Domain 3 Weights'!$B$2)+(AF411*'MS-8,9,10 Domain 3 Weights'!$B$3)+(AG411*'MS-8,9,10 Domain 3 Weights'!$B$4)+(AH411*'MS-8,9,10 Domain 3 Weights'!$B$5)","v":0},3,3,3,9,"No","NOT SELECTED","NOT SELECTED","InR"]
[null," 7.1","7",6,"MS-6",null,"6.     The health facility has a system for access to the staff necessary for the psychosocial, developmental, communication and cultural needs of children at all times. (84.37)","Inputs: management and oversight","Oversight and management  on care provision","Supporting systems","Input Over&Man","Both",null,4,5,3,4,3,3,{"$f":"SUM(N412:$Q412)","v":16},null,0,{"$nulls":3},0,null,0,4,4,{"$nulls":4},{"$f":"(AE412*'MS-8,9,10 Domain 3 Weights'!$B$2)+(AF412*'MS-8,9,10 Domain 3 Weights'!$B$3)+(AG412*'MS-8,9,10 Domain 3 Weights'!$B$4)+(AH412*'MS-8,9,10 Domain 3 Weights'!$B$5)","v":0},3,3,3,9,"No","NOT SELECTED","NOT SELECTED","InR"]
[null," 7.1","7",7,"MS-6",null,"7.     The health facility has a clear structure and communication channels to reach staff on duty at all times. (92.01)","Inputs: management and oversight","Oversight and management  on care provision","Supporting systems","Input Over&Man","Both",null,4,5,3,4,3,3,{"$f":"SUM(N413:$Q413)","v":16},null,0,{"$nulls":3},0,null,0,4,4,{"$nulls":4},{"$f":"(AE413*'MS-8,9,10 Domain 3 Weights'!$B$2)+(AF413*'MS-8,9,10 Domain 3 Weights'!$B$3)+(AG413*'MS-8,9,10 Domain 3 Weights'!$B$4)+(AH413*'MS-8,9,10 Domain 3 Weights'!$B$5)","v":0},3,3,3,9,"No","NOT SELECTED","NOT SELECTED","InR"]
[null," 7.1","7",8,"MS-6",null,"1.     Proportion of available posts in the health facility that were filled by staff with the necessary competence for the job description to ensure that the facility can provide 24-h service. (88.86)","Inputs: Human resources","Available  posts filled, staff oriented,  received written job description, mechanism to receive feedback from staff, including performance assessment feedback","Supporting systems","Input HumRes","Both",null,4,5,3,4,3,3,{"$f":"SUM(N414:$Q414)","v":16},null,0,{"$nulls":3},0,null,0,4,4,{"$nulls":4},{"$f":"(AE414*'MS-8,9,10 Domain 3 Weights'!$B$2)+(AF414*'MS-8,9,10 Domain 3 Weights'!$B$3)+(AG414*'MS-8,9,10 Domain 3 Weights'!$B$4)+(AH414*'MS-8,9,10 Domain 3 Weights'!$B$5)","v":0},3,3,3,9,"No","NOT SELECTED","NOT SELECTED","InR"]
[null," 7.1","7",9,"MS-6",null,"2.     Proportion of staff who have been oriented to their functions, roles and responsibilities in the facility or unit to which they are assigned. (87.90)","Inputs: Human resources","Available  posts filled, staff oriented,  received written job description, mechanism to receive feedback from staff, including performance assessment feedback","Supporting systems","Input HumRes","Both",null,4,4,3,4,3,3,{"$f":"SUM(N415:$Q415)","v":15},null,0,{"$nulls":3},0,null,0,4,4,{"$nulls":4},{"$f":"(AE415*'MS-8,9,10 Domain 3 Weights'!$B$2)+(AF415*'MS-8,9,10 Domain 3 Weights'!$B$3)+(AG415*'MS-8,9,10 Domain 3 Weights'!$B$4)+(AH415*'MS-8,9,10 Domain 3 Weights'!$B$5)","v":0},3,3,3,9,"No","NOT SELECTED","NOT SELECTED","Prov"]
[null," 7.1","7",10,"MS-6",null,"3.     Proportion of children or carers who attended the health facility who reported being attended to within the appropriate time for their condition as per facility policy on triage and waiting times. (82.65)","Outomes: Access to medicines,  services and facilities","Clients reported prompt access to staff","Supporting systems","Outcome","Both","1 ASB/ETAT/Asses/class/full",4,5,3,5,3,4,{"$f":"SUM(N416:$Q416)","v":17},null,0,{"$nulls":3},0,null,0,5,5,{"$nulls":4},{"$f":"(AE416*'MS-8,9,10 Domain 3 Weights'!$B$2)+(AF416*'MS-8,9,10 Domain 3 Weights'!$B$3)+(AG416*'MS-8,9,10 Domain 3 Weights'!$B$4)+(AH416*'MS-8,9,10 Domain 3 Weights'!$B$5)","v":0},4,3,3,10,"Yes","SELECTED","NOT SELECTED","Client",null,"Similar to indicator #13"]
[null," 7.1","7",11,"MS-6",null,"4.     Proportion of nurses who care for children admitted to the facility who have had paediatric training or in-service medical education in child care. (92.07)","Inputs: Human resources","Human resources (staff clinincal training) inpatient","Supporting systems","Input HumRes","Inpatient",null,4,4,3,4,3,3,{"$f":"SUM(N417:$Q417)","v":15},null,0,{"$nulls":3},0,null,0,4,4,{"$nulls":4},{"$f":"(AE417*'MS-8,9,10 Domain 3 Weights'!$B$2)+(AF417*'MS-8,9,10 Domain 3 Weights'!$B$3)+(AG417*'MS-8,9,10 Domain 3 Weights'!$B$4)+(AH417*'MS-8,9,10 Domain 3 Weights'!$B$5)","v":0},3,3,3,9,"No","NOT SELECTED","NOT SELECTED","Prov"]
[null," 7.1","7",12,"MS-6",null,"1.     Proportion of children in the health facility who were attended by health professionals specifically trained in child health care. (85.84)","Inputs: Human resources","Attended by trained professionals","Supporting systems","Input HumRes","Both",null,4,5,3,5,3,4,{"$f":"SUM(N418:$Q418)","v":17},null,0,{"$nulls":3},0,null,0,5,5,{"$nulls":4},{"$f":"(AE418*'MS-8,9,10 Domain 3 Weights'!$B$2)+(AF418*'MS-8,9,10 Domain 3 Weights'!$B$3)+(AG418*'MS-8,9,10 Domain 3 Weights'!$B$4)+(AH418*'MS-8,9,10 Domain 3 Weights'!$B$5)","v":0},4,3,3,10,"Yes","SELECTED","NOT SELECTED","Obs",null,"In this indicator, we could unite all nesessary clinical trainings required  for provision of  QoC. We need to think where/how to unite non-clinical trainings"]
[null," 7.1","7",13,"MS-6",null,"2.     Proportion of children and their families who attended the health facility who reported satisfactory, prompt access to appropriate medical and support staff when required. (86.48)","Outomes: Access to medicines,  services and facilities","Clients reported prompt access to staff","Supporting systems","Outcome","Both",null,4,4,3,4,3,3,{"$f":"SUM(N419:$Q419)","v":15},null,0,{"$nulls":3},0,null,0,4,4,{"$nulls":4},{"$f":"(AE419*'MS-8,9,10 Domain 3 Weights'!$B$2)+(AF419*'MS-8,9,10 Domain 3 Weights'!$B$3)+(AG419*'MS-8,9,10 Domain 3 Weights'!$B$4)+(AH419*'MS-8,9,10 Domain 3 Weights'!$B$5)","v":0},3,3,3,9,"No","NOT SELECTED","NOT SELECTED","Client",null,"Similar to indicator #10"]
[null," 7.1","7",14,"MS-6",null,"3.     Proportion of health professional and support staff in the health facility who are satisfied with their workload in terms of their roles and responsibilities in the facility or the unit to which they are assigned. (85.06)","Inputs: Human resources","Satisfaction (staff/providers)","Supporting systems","Input HumRes","Both",null,4,5,3,5,3,4,{"$f":"SUM(N420:$Q420)","v":17},null,0,{"$nulls":3},0,null,0,5,5,{"$nulls":4},{"$f":"(AE420*'MS-8,9,10 Domain 3 Weights'!$B$2)+(AF420*'MS-8,9,10 Domain 3 Weights'!$B$3)+(AG420*'MS-8,9,10 Domain 3 Weights'!$B$4)+(AH420*'MS-8,9,10 Domain 3 Weights'!$B$5)","v":0},4,3,3,10,"Yes","SELECTED","NOT SELECTED","Prov"]
[null," 7.1","7",15,"MS-6",null,"4.     Proportion of all health professional staff who care for children in the health facility who left the facility or were transferred during the past 12 months. (80.97)","Inputs: Human resources","Staff retention","Supporting systems","Input HumRes","Both",null,4,4,2,4,null,null,{"$f":"SUM(N421:$Q421)","v":14},null,0,{"$nulls":3},0,null,0,4,4,{"$nulls":4},{"$f":"(AE421*'MS-8,9,10 Domain 3 Weights'!$B$2)+(AF421*'MS-8,9,10 Domain 3 Weights'!$B$3)+(AG421*'MS-8,9,10 Domain 3 Weights'!$B$4)+(AH421*'MS-8,9,10 Domain 3 Weights'!$B$5)","v":0},3,3,3,9,"No","NOT SELECTED","NOT SELECTED","InR"]
[null," 7.2","7",1,"MS-6",null,"1.     The health facility has a programme for continuing professional education and attitude and skills development for all child health care professionals and support staff. (91.01)","Inputs: Operational Guidelines","Operational guidelines, protocols related to cross-cutting supporting systems (management, human resources, health information system, infrastructure, supplies and equipment, health financing, organization of health services)","Supporting systems","Input OperGuide","Both",null,4,4,3,4,3,3,{"$f":"SUM(N422:$Q422)","v":15},null,0,{"$nulls":3},0,null,0,4,4,{"$nulls":4},{"$f":"(AE422*'MS-8,9,10 Domain 3 Weights'!$B$2)+(AF422*'MS-8,9,10 Domain 3 Weights'!$B$3)+(AG422*'MS-8,9,10 Domain 3 Weights'!$B$4)+(AH422*'MS-8,9,10 Domain 3 Weights'!$B$5)","v":0},4,3,3,10,"No","NOT SELECTED","NOT SELECTED","InR"]
[null," 7.2","7",2,"MS-6",null,"2.     The health facility periodically appraises all staff, has a mechanism for recognizing good performance and has protocols for staff feedback. (88.91)","Inputs: Human resources","Available  posts filled, staff oriented,  received written job description, mechanism to receive feedback from staff, including performance assessment feedback","Supporting systems","Input HumRes","Both",null,4,4,3,4,3,3,{"$f":"SUM(N423:$Q423)","v":15},null,0,{"$nulls":3},0,null,0,null,0,{"$nulls":4},{"$f":"(AE423*'MS-8,9,10 Domain 3 Weights'!$B$2)+(AF423*'MS-8,9,10 Domain 3 Weights'!$B$3)+(AG423*'MS-8,9,10 Domain 3 Weights'!$B$4)+(AH423*'MS-8,9,10 Domain 3 Weights'!$B$5)","v":0},4,3,3,10,"No","NOT SELECTED","NOT SELECTED","Prov"]
[null," 7.2","7",3,"MS-6",null,"3.     The health facility has sufficient numbers of competent, licensed, motivated, regulated child health professionals, with an appropriate skills mix, working in multidisciplinary teams. (88.22)","Inputs: Human resources","Human resources (staff availability)","Supporting systems","Input HumRes","Both",null,3,4,3,3,2,2,{"$f":"SUM(N424:$Q424)","v":13},null,0,{"$nulls":3},0,null,0,4,4,{"$nulls":4},{"$f":"(AE424*'MS-8,9,10 Domain 3 Weights'!$B$2)+(AF424*'MS-8,9,10 Domain 3 Weights'!$B$3)+(AG424*'MS-8,9,10 Domain 3 Weights'!$B$4)+(AH424*'MS-8,9,10 Domain 3 Weights'!$B$5)","v":0},4,3,3,10,"No","NOT SELECTED","NOT SELECTED","InR"]
[null," 7.2","7",4,"MS-6",null,"4.     Health professionals and staff who care for children in the health facility receive in-service training and supportive supervision with regard to the legal entitlements and rights of children in relation to health care. (87.34)","Inputs: Human resources","Human resources: specific non-clinical training","Supporting systems","Input HumRes","Both",null,4,4,3,4,3,3,{"$f":"SUM(N425:$Q425)","v":15},null,0,{"$nulls":3},0,null,0,4,4,{"$nulls":4},{"$f":"(AE425*'MS-8,9,10 Domain 3 Weights'!$B$2)+(AF425*'MS-8,9,10 Domain 3 Weights'!$B$3)+(AG425*'MS-8,9,10 Domain 3 Weights'!$B$4)+(AH425*'MS-8,9,10 Domain 3 Weights'!$B$5)","v":0},4,3,3,10,"No","NOT SELECTED","NOT SELECTED","Prov",null,"This indicator is repeating"]
[null," 7.2","7",5,"MS-6",null,"5.     The health facility provides an enabling, supportive environment for professional staff development, with regular supervision and mentoring. (86.75)","Inputs: QI structures and supporting processes","Clinical supervision","Supporting systems","Input Over&Man","Both",null,4,4,3,4,3,3,{"$f":"SUM(N426:$Q426)","v":15},null,0,{"$nulls":3},0,null,0,4,4,{"$nulls":4},{"$f":"(AE426*'MS-8,9,10 Domain 3 Weights'!$B$2)+(AF426*'MS-8,9,10 Domain 3 Weights'!$B$3)+(AG426*'MS-8,9,10 Domain 3 Weights'!$B$4)+(AH426*'MS-8,9,10 Domain 3 Weights'!$B$5)","v":0},4,3,3,10,"No","NOT SELECTED","NOT SELECTED","Prov"]
[null," 7.2","7",6,"MS-6",null,"6.     The health facility facilitates interprofessional collaborative practice, with clear roles and responsibilities for quality improvement according to the professional scope of practice and the needs for child health care. (81.69)","Inputs: QI structures and supporting processes","Structures, regular meetings and implementation plan for QI","Supporting systems","Input QI","Both",null,4,4,4,3,4,4,{"$f":"SUM(N427:$Q427)","v":15},null,0,{"$nulls":3},0,null,0,4,4,{"$nulls":4},{"$f":"(AE427*'MS-8,9,10 Domain 3 Weights'!$B$2)+(AF427*'MS-8,9,10 Domain 3 Weights'!$B$3)+(AG427*'MS-8,9,10 Domain 3 Weights'!$B$4)+(AH427*'MS-8,9,10 Domain 3 Weights'!$B$5)","v":0},4,3,3,10,"No","NOT SELECTED","NOT SELECTED","InR"]
[null," 7.2","7",7,"MS-6",null,"1.     Proportion of clinical and nonclinical health care staff at the health facility who received a written job description on deployment to the facility. (88.99)","Inputs: Human resources","Available  posts filled, staff oriented,  received written job description, mechanism to receive feedback from staff, including performance assessment feedback","Supporting systems","Input HumRes","Both",null,4,4,3,4,4,4,4,null,0,{"$nulls":3},0,null,0,4,4,{"$nulls":4},{"$f":"(AE428*'MS-8,9,10 Domain 3 Weights'!$B$2)+(AF428*'MS-8,9,10 Domain 3 Weights'!$B$3)+(AG428*'MS-8,9,10 Domain 3 Weights'!$B$4)+(AH428*'MS-8,9,10 Domain 3 Weights'!$B$5)","v":0},4,3,3,10,"No","NOT SELECTED","NOT SELECTED","Prov"]
[null," 7.2","7",8,"MS-6",null,"2.     Evidence that the health facility has a mechanism in place for soliciting feedback from staff on issues that might affect or improve staff performance. (87.28)","Inputs: Human resources","Available  posts filled, staff oriented,  received written job description, mechanism to receive feedback from staff, including performance assessment feedback","Supporting systems","Input HumRes","Both",null,4,4,3,4,3,3,{"$f":"SUM(N429:$Q429)","v":15},null,0,{"$nulls":3},0,null,0,4,4,{"$nulls":4},{"$f":"(AE429*'MS-8,9,10 Domain 3 Weights'!$B$2)+(AF429*'MS-8,9,10 Domain 3 Weights'!$B$3)+(AG429*'MS-8,9,10 Domain 3 Weights'!$B$4)+(AH429*'MS-8,9,10 Domain 3 Weights'!$B$5)","v":0},4,3,3,10,"No","NOT SELECTED","NOT SELECTED","InR"]
[null," 7.2","7",9,"MS-6",null,"3.     Proportion of health professionals who care for children who received in-service training and/or refresher sessions within the past 12 months. (90.93)","Inputs: Human resources","Human resources (specific clinincal training)","Supporting systems","Input HumRes","Both",null,4,5,3,5,3,3,{"$f":"SUM(N430:$Q430)","v":17},null,0,{"$nulls":3},0,null,0,5,5,{"$nulls":4},{"$f":"(AE430*'MS-8,9,10 Domain 3 Weights'!$B$2)+(AF430*'MS-8,9,10 Domain 3 Weights'!$B$3)+(AG430*'MS-8,9,10 Domain 3 Weights'!$B$4)+(AH430*'MS-8,9,10 Domain 3 Weights'!$B$5)","v":0},4,3,3,10,"Yes","SELECTED","NOT SELECTED","Prov",null,"This should be non-clinical training  on all respective components highlighted throughout the standards (classified as staff non-clinical training). Clinical training will be in standard 7.1. non-clinical in Standard 7.2"]
[null," 7.2","7",10,"MS-6",null,"4.     Number of supervisory visits to the health facility to improve clinical competence and performance in the past 12 months. (89.89)","Inputs: QI structures and supporting processes","Clinical supervision","Supporting systems","Input QI","Both",null,4,5,4,4,4,4,{"$f":"SUM(N431:$Q431)","v":17},null,0,{"$nulls":3},0,null,0,5,5,{"$nulls":4},{"$f":"(AE431*'MS-8,9,10 Domain 3 Weights'!$B$2)+(AF431*'MS-8,9,10 Domain 3 Weights'!$B$3)+(AG431*'MS-8,9,10 Domain 3 Weights'!$B$4)+(AH431*'MS-8,9,10 Domain 3 Weights'!$B$5)","v":0},4,3,3,10,"Yes","SELECTED","NOT SELECTED","InR",null,"we could specify that we speak here on on-site clinical mentorship and coaching"]
[null," 7.2","7",11,"MS-6",null,"5.     Proportion of staff at the health facility who had a performance assessment with feedback at least once in the past 12 months.","Inputs: QI structures and supporting processes","Clinical supervision","Supporting systems","Input Over&Man","Both",null,4,4,3,4,3,3,{"$f":"SUM(N432:$Q432)","v":15},null,0,{"$nulls":3},0,null,0,4,4,{"$nulls":4},{"$f":"(AE432*'MS-8,9,10 Domain 3 Weights'!$B$2)+(AF432*'MS-8,9,10 Domain 3 Weights'!$B$3)+(AG432*'MS-8,9,10 Domain 3 Weights'!$B$4)+(AH432*'MS-8,9,10 Domain 3 Weights'!$B$5)","v":0},4,3,3,10,"No","NOT SELECTED","NOT SELECTED","Prov"]
[null," 7.2","7",12,"MS-6",null,"6.     Proportion of staff who had interactions with professional mentors to ensure clinical competence and improve performance in the past 3 months. (89.94)","Inputs: QI structures and supporting processes","Clinical supervision","Supporting systems","Input QI","Both",null,4,5,4,4,4,4,{"$f":"SUM(N433:$Q433)","v":17},null,0,{"$nulls":3},0,null,0,5,5,{"$nulls":4},{"$f":"(AE433*'MS-8,9,10 Domain 3 Weights'!$B$2)+(AF433*'MS-8,9,10 Domain 3 Weights'!$B$3)+(AG433*'MS-8,9,10 Domain 3 Weights'!$B$4)+(AH433*'MS-8,9,10 Domain 3 Weights'!$B$5)","v":0},4,3,3,10,"Yes","SELECTED","NOT SELECTED","Prov"]
[null," 7.2","7",13,"MS-6",null,"1.     Proportion of all staff at the health facility who could identify and report on at least one activity for improving clinical quality in which they were personally involved in the past 6 months. (82.80)","Inputs: QI structures and supporting processes","Adressing gaps in QoC","Supporting systems","Process","Both",null,4,4,3,4,4,4,{"$f":"SUM(N434:$Q434)","v":15},null,0,{"$nulls":3},0,null,0,4,4,{"$nulls":4},{"$f":"(AE434*'MS-8,9,10 Domain 3 Weights'!$B$2)+(AF434*'MS-8,9,10 Domain 3 Weights'!$B$3)+(AG434*'MS-8,9,10 Domain 3 Weights'!$B$4)+(AH434*'MS-8,9,10 Domain 3 Weights'!$B$5)","v":0},4,3,3,10,"No","NOT SELECTED","NOT SELECTED","Prov",null,"This is the same as  indicator #7.3. # 12"]
[null," 7.2","7",14,"MS-6",null,"2.     Proportion of health professionals and support staff who care for children at the health facility whose preceding performance appraisal was satisfactory. (82.44)","Inputs: QI structures and supporting processes","Staff's satisfactory performance","Supporting systems","Outcome","Both",null,4,4,3,4,4,4,{"$f":"SUM(N435:$Q435)","v":15},null,0,{"$nulls":3},0,null,0,4,4,{"$nulls":4},{"$f":"(AE435*'MS-8,9,10 Domain 3 Weights'!$B$2)+(AF435*'MS-8,9,10 Domain 3 Weights'!$B$3)+(AG435*'MS-8,9,10 Domain 3 Weights'!$B$4)+(AH435*'MS-8,9,10 Domain 3 Weights'!$B$5)","v":0},3,3,3,9,"No","NOT SELECTED","NOT SELECTED","InR"]
[null," 7.2","7",15,"MS-6",null,"3.     Proportion of all children and their carers at the health facility who were satisfied with the care and support they received from facility staff. (86.62)","Outcomes: client/career satisfaction","Satisfaction (client/career) ","Supporting systems","Outcome","Both",null,3,5,4,3,4,4,{"$f":"SUM(N436:$Q436)","v":15},null,0,{"$nulls":3},0,null,0,4,4,{"$nulls":4},{"$f":"(AE436*'MS-8,9,10 Domain 3 Weights'!$B$2)+(AF436*'MS-8,9,10 Domain 3 Weights'!$B$3)+(AG436*'MS-8,9,10 Domain 3 Weights'!$B$4)+(AH436*'MS-8,9,10 Domain 3 Weights'!$B$5)","v":0},3,3,3,9,"No","NOT SELECTED","NOT SELECTED","InR",null,"The same as indicator 7.3. #10"]
[null," 7.2","7",16,"MS-6",null,"4.     Proportion of all staff at the health facility who reported that they were “highly satisfied” with their job. (84.80)","Inputs: Human resources","Satisfaction (staff/providers)","Supporting systems","Input HumRes","Both",null,4,4,3,4,4,4,{"$f":"SUM(N437:$Q437)","v":15},null,0,{"$nulls":3},0,null,0,4,4,{"$nulls":4},{"$f":"(AE437*'MS-8,9,10 Domain 3 Weights'!$B$2)+(AF437*'MS-8,9,10 Domain 3 Weights'!$B$3)+(AG437*'MS-8,9,10 Domain 3 Weights'!$B$4)+(AH437*'MS-8,9,10 Domain 3 Weights'!$B$5)","v":0},3,3,3,9,"No","NOT SELECTED","NOT SELECTED","Prov"]
[null," 7.2","7",17,"MS-6",null,"5.     Number of improvement projects completed in the past 6 months. (82.39)","Inputs: QI structures and supporting processes","Adressing gaps in QoC","Supporting systems","Input QI","Both",null,3,3,4,3,3,4,{"$f":"SUM(N438:$Q438)","v":13},null,0,{"$nulls":3},0,null,0,4,4,{"$nulls":4},{"$f":"(AE438*'MS-8,9,10 Domain 3 Weights'!$B$2)+(AF438*'MS-8,9,10 Domain 3 Weights'!$B$3)+(AG438*'MS-8,9,10 Domain 3 Weights'!$B$4)+(AH438*'MS-8,9,10 Domain 3 Weights'!$B$5)","v":0},3,3,3,9,"No","NOT SELECTED","NOT SELECTED","InR"]
[null," 7.3","7",1,"MS-6",null,"1.     The health facility has a written, up-to-date leadership structure, with defined roles and responsibilities, standard governing policies and protocols and lines for reporting and accountability. (92.86)","Inputs: Operational Guidelines","Operational guidelines, protocols related to cross-cutting supporting systems (management, human resources, health information system, infrastructure, supplies and equipment, health financing, organization of health services)","Supporting systems","Input OperGuide","Both",null,4,4,4,3,3,4,{"$f":"SUM(N439:$Q439)","v":15},null,0,{"$nulls":3},0,null,0,4,4,{"$nulls":4},{"$f":"(AE439*'MS-8,9,10 Domain 3 Weights'!$B$2)+(AF439*'MS-8,9,10 Domain 3 Weights'!$B$3)+(AG439*'MS-8,9,10 Domain 3 Weights'!$B$4)+(AH439*'MS-8,9,10 Domain 3 Weights'!$B$5)","v":0},3,3,3,9,"No","NOT SELECTED","NOT SELECTED","InR"]
[null," 7.3","7",2,"MS-6",null,"2.     The health facility has a written, up-to-date plan for ensuring patient safety and improvement of the quality of care. (91.91)","Inputs: QI structures and supporting processes","Structures, regular meetings and implementation plan for QI","Supporting systems","Input QI","Both",null,4,4,4,3,3,4,{"$f":"SUM(N440:$Q440)","v":15},null,0,{"$nulls":3},0,null,0,4,4,{"$nulls":4},{"$f":"(AE440*'MS-8,9,10 Domain 3 Weights'!$B$2)+(AF440*'MS-8,9,10 Domain 3 Weights'!$B$3)+(AG440*'MS-8,9,10 Domain 3 Weights'!$B$4)+(AH440*'MS-8,9,10 Domain 3 Weights'!$B$5)","v":0},3,3,3,9,"No","NOT SELECTED","NOT SELECTED","InR"]
[null," 7.3","7",3,"MS-6",null,"3.     The health facility has a system of regular meetings between administrators and health professionals to exchange feedback on the performance of staff and of the facility leadership to ensure quality improvement. (90.44)","Inputs: QI structures and supporting processes","Structures, regular meetings and implementation plan for QI","Supporting systems","Input Over&Man","Both",null,4,4,4,3,3,4,{"$f":"SUM(N441:$Q441)","v":15},null,0,{"$nulls":3},0,null,0,4,4,{"$nulls":4},{"$f":"(AE441*'MS-8,9,10 Domain 3 Weights'!$B$2)+(AF441*'MS-8,9,10 Domain 3 Weights'!$B$3)+(AG441*'MS-8,9,10 Domain 3 Weights'!$B$4)+(AH441*'MS-8,9,10 Domain 3 Weights'!$B$5)","v":0},3,3,3,9,"No","NOT SELECTED","NOT SELECTED","InR"]
[null," 7.3","7",4,"MS-6",null,"4.     The health facility has a team or at least one person designated to champion or lead initiatives for improving the quality of care in the facility. (89.30)","Inputs: QI structures and supporting processes","Structures, regular meetings and implementation plan for QI","Supporting systems","Input QI","Both",null,4,4,4,3,3,4,{"$f":"SUM(N442:$Q442)","v":15},null,0,{"$nulls":3},0,null,0,4,4,{"$nulls":4},{"$f":"(AE442*'MS-8,9,10 Domain 3 Weights'!$B$2)+(AF442*'MS-8,9,10 Domain 3 Weights'!$B$3)+(AG442*'MS-8,9,10 Domain 3 Weights'!$B$4)+(AH442*'MS-8,9,10 Domain 3 Weights'!$B$5)","v":0},3,3,3,9,"No","NOT SELECTED","NOT SELECTED","InR"]
[null," 7.3","7",5,"MS-6",null,"5.     The health facility has a costed, budgeted plan and established mechanisms to support identified activities for quality improvement. (90.88)","Inputs: QI structures and supporting processes","Structures, regular meetings and implementation plan for QI","Supporting systems","Input Over&Man","Both",null,4,4,4,3,3,4,{"$f":"SUM(N443:$Q443)","v":15},null,0,{"$nulls":3},0,null,0,4,4,{"$nulls":4},{"$f":"(AE443*'MS-8,9,10 Domain 3 Weights'!$B$2)+(AF443*'MS-8,9,10 Domain 3 Weights'!$B$3)+(AG443*'MS-8,9,10 Domain 3 Weights'!$B$4)+(AH443*'MS-8,9,10 Domain 3 Weights'!$B$5)","v":0},3,3,3,9,"No","NOT SELECTED","NOT SELECTED","InR"]
[null," 7.3","7",8,"MS-6",null,"1.     Proportion of health facility leaders trained in quality improvement leadership and management, data use and leading change (use of information, enabling behaviour, continuous learning). (89.35)","Inputs: Human resources","Human resources: specific non-clinical training","Supporting systems","Input HumRes","Both",null,4,4,4,3,3,3,{"$f":"SUM(N444:$Q444)","v":15},null,0,{"$nulls":3},0,null,0,4,4,{"$nulls":4},{"$f":"(AE444*'MS-8,9,10 Domain 3 Weights'!$B$2)+(AF444*'MS-8,9,10 Domain 3 Weights'!$B$3)+(AG444*'MS-8,9,10 Domain 3 Weights'!$B$4)+(AH444*'MS-8,9,10 Domain 3 Weights'!$B$5)","v":0},3,3,3,9,"No","NOT SELECTED","NOT SELECTED","InR",null,"This is above-sote indicator. Would not work at facility level"]
[null," 7.3","7",6,"MS-6",null,"6.     The health facility holds at least one meeting a month to review data, monitor performance, make recommendations to address any problems, honour good performance and encourage staff or teams who are struggling to improve quality. (91.36)","Inputs: QI structures and supporting processes","Structures, regular meetings and implementation plan for QI","Supporting systems","Process","Both",null,4,5,3,5,3,3,{"$f":"SUM(N445:$Q445)","v":17},null,0,{"$nulls":3},0,null,0,5,5,{"$nulls":4},{"$f":"(AE445*'MS-8,9,10 Domain 3 Weights'!$B$2)+(AF445*'MS-8,9,10 Domain 3 Weights'!$B$3)+(AG445*'MS-8,9,10 Domain 3 Weights'!$B$4)+(AH445*'MS-8,9,10 Domain 3 Weights'!$B$5)","v":0},4,3,3,10,"Yes","SELECTED","NOT SELECTED","InR"]
[null," 7.3","7",7,"MS-6",null,"7.     The health facility holds at least two meetings a year with stakeholders (e.g. the community, service users, partners) to review its performance, identify problems and make recommendations for joint actions to improve quality. (89.06)","Inputs: QI structures and supporting processes","Structures, regular meetings and implementation plan for QI","Supporting systems","Process","Both",null,4,4,4,3,3,3,{"$f":"SUM(N446:$Q446)","v":15},null,0,{"$nulls":3},{"$f":"SUM(W446:Y446)","v":0},null,0,4,4,{"$nulls":4},{"$f":"(AE446*'MS-8,9,10 Domain 3 Weights'!$B$2)+(AF446*'MS-8,9,10 Domain 3 Weights'!$B$3)+(AG446*'MS-8,9,10 Domain 3 Weights'!$B$4)+(AH446*'MS-8,9,10 Domain 3 Weights'!$B$5)","v":0},4,3,3,10,"No","NOT SELECTED","NOT SELECTED","InR"]
[null," 7.3","7",9,"MS-6",null,"2.     Evidence that the health facility regularly tracks and monitors performance to improve the quality of care from up-to-date dashboards or performance charts. (91.45)","Inputs: QI structures and supporting processes","Routine monitoring of the quality of care","Supporting systems","Process","Both",null,4,4,4,5,3,3,{"$f":"SUM(N447:$Q447)","v":17},null,0,{"$nulls":3},0,null,0,5,5,{"$nulls":4},{"$f":"(AE447*'MS-8,9,10 Domain 3 Weights'!$B$2)+(AF447*'MS-8,9,10 Domain 3 Weights'!$B$3)+(AG447*'MS-8,9,10 Domain 3 Weights'!$B$4)+(AH447*'MS-8,9,10 Domain 3 Weights'!$B$5)","v":0},4,3,3,10,"Yes","SELECTED","NOT SELECTED","InR"]
[null," 7.3","7",12,"MS-6",null,"3.     Proportion of health professionals who actively participated in a quality improvement activity (meeting, audit, project) in the health facility in the past 12 months (88.59)","Inputs: QI structures and supporting processes","Adressing gaps in QoC","Supporting systems","Process","Both",null,4,4,4,5,3,3,{"$f":"SUM(N448:$Q448)","v":17},null,0,{"$nulls":3},0,null,0,5,5,{"$nulls":4},{"$f":"(AE448*'MS-8,9,10 Domain 3 Weights'!$B$2)+(AF448*'MS-8,9,10 Domain 3 Weights'!$B$3)+(AG448*'MS-8,9,10 Domain 3 Weights'!$B$4)+(AH448*'MS-8,9,10 Domain 3 Weights'!$B$5)","v":0},4,3,3,10,"Yes","SELECTED","NOT SELECTED","Prov",null,"This is the same as  indicator #7.2. # 13"]
[null," 7.3","7",10,"MS-6",null,"1.     Proportion of all children and their families who were satisfied with the care and support received from facility staff. (86.53)","Outcomes: client/career satisfaction","Satisfaction (client/career) ","Supporting systems","Outcome","Both",null,4,4,4,3,3,3,{"$f":"SUM(N449:$Q449)","v":15},null,0,{"$nulls":3},0,null,0,4,4,{"$nulls":4},{"$f":"(AE449*'MS-8,9,10 Domain 3 Weights'!$B$2)+(AF449*'MS-8,9,10 Domain 3 Weights'!$B$3)+(AG449*'MS-8,9,10 Domain 3 Weights'!$B$4)+(AH449*'MS-8,9,10 Domain 3 Weights'!$B$5)","v":0},3,3,4,10,"No","NOT SELECTED","NOT SELECTED","Client",null,"The same as indicator 7.2 #15"]
[null," 7.3","7",11,"MS-6",null,"2.     Proportion of staff members who gave positive feedback about internal policies and activities for continuous quality improvement, including on-the-job training and personal mentoring. (83.45)","Inputs: Human resources","Satisfaction (staff/providers)","Supporting systems","Outcome","Both",null,4,4,4,3,3,3,{"$f":"SUM(N450:$Q450)","v":15},null,0,{"$nulls":3},0,null,0,4,4,{"$nulls":4},{"$f":"(AE450*'MS-8,9,10 Domain 3 Weights'!$B$2)+(AF450*'MS-8,9,10 Domain 3 Weights'!$B$3)+(AG450*'MS-8,9,10 Domain 3 Weights'!$B$4)+(AH450*'MS-8,9,10 Domain 3 Weights'!$B$5)","v":0},3,3,3,9,"No","NOT SELECTED","NOT SELECTED","Prov"]
[null," 8.1","8",1,"MS-7",null,"1.     The health facility is designed to provide child-friendly, seamless access to dedicated areas for the care of children (neonates, children and young adolescents), which are separate from reception, emergency care, outpatient and inpatient areas or wards. (91.27) ","Inputs: Infrastructure, equipment client-centered","Infrastructure for client-centered practices inpatient","Supporting systems","Input InfrastMedSupEquip","Both",null,4,4,4,4,3,4,{"$f":"SUM(N451:Q451)","v":16},null,0,{"$nulls":3},0,null,0,4,4,{"$nulls":4},{"$f":"(AE451*'MS-8,9,10 Domain 3 Weights'!$B$2)+(AF451*'MS-8,9,10 Domain 3 Weights'!$B$3)+(AG451*'MS-8,9,10 Domain 3 Weights'!$B$4)+(AH451*'MS-8,9,10 Domain 3 Weights'!$B$5)","v":0},3,3,3,9,"No","NOT SELECTED","NOT SELECTED","InR"]
[null," 8.1","8",2,"MS-7",null,"2.     The health facility areas dedicated for children (outpatients and inpatients) are furnished and decorated appropriately for the children’s age and educational and play needs. (91.43) ","Inputs: Infrastructure, equipment client-centered","Infrastructure for client-centered practices","Supporting systems","Input InfrastMedSupEquip","Both",null,4,4,4,4,3,4,{"$f":"SUM(N452:Q452)","v":16},null,0,{"$nulls":3},0,null,0,4,4,{"$nulls":4},{"$f":"(AE452*'MS-8,9,10 Domain 3 Weights'!$B$2)+(AF452*'MS-8,9,10 Domain 3 Weights'!$B$3)+(AG452*'MS-8,9,10 Domain 3 Weights'!$B$4)+(AH452*'MS-8,9,10 Domain 3 Weights'!$B$5)","v":0},3,3,3,9,"No","NOT SELECTED","NOT SELECTED","InR"]
[null," 8.1","8",3,"MS-7",null,"3.     The health facility has a room or a screened-off area in the outpatient department and on wards that is sufficient to ensure normal conversation without being overheard and for examination of children unobserved by other patients. (90.23)","Inputs: Infrastructure, equipment client-centered","Infrastructure for client-centered practices","Supporting systems","Input InfrastMedSupEquip","Both",null,4,4,4,4,3,4,16,null,0,{"$nulls":3},0,null,0,4,4,{"$nulls":4},{"$f":"(AE453*'MS-8,9,10 Domain 3 Weights'!$B$2)+(AF453*'MS-8,9,10 Domain 3 Weights'!$B$3)+(AG453*'MS-8,9,10 Domain 3 Weights'!$B$4)+(AH453*'MS-8,9,10 Domain 3 Weights'!$B$5)","v":0},3,3,3,9,"No","NOT SELECTED","NOT SELECTED","InR"]
[null," 8.1","8",4,"MS-7",null,"4.     The surgical services of the health facility have dedicated recovery and hospitalization areas for children located close to the children’s ward. (89.57)","Inputs: infrastructure, equipment, supplies clinical condition-specific","Clinical condition-specific infrastructure","Supporting systems","Input InfrastMedSupEquip","Inpatient",null,4,4,4,4,3,4,16,null,0,{"$nulls":3},0,null,0,4,4,{"$nulls":4},{"$f":"(AE454*'MS-8,9,10 Domain 3 Weights'!$B$2)+(AF454*'MS-8,9,10 Domain 3 Weights'!$B$3)+(AG454*'MS-8,9,10 Domain 3 Weights'!$B$4)+(AH454*'MS-8,9,10 Domain 3 Weights'!$B$5)","v":0},3,3,3,9,"No","NOT SELECTED","NOT SELECTED","InR"]
[null," 8.1","8",5,"MS-7",null,"5.     The health facility practises and has facilities for rooming-in for mothers or carers with their children 24 h a day. (94.88)","Inputs: Infrastructure, equipment client-centered","Infrastructure for client-centered practices","Supporting systems","Input InfrastMedSupEquip","Inpatient",null,3,4,4,4,3,4,15,null,0,{"$nulls":3},0,null,0,5,5,{"$nulls":4},{"$f":"(AE455*'MS-8,9,10 Domain 3 Weights'!$B$2)+(AF455*'MS-8,9,10 Domain 3 Weights'!$B$3)+(AG455*'MS-8,9,10 Domain 3 Weights'!$B$4)+(AH455*'MS-8,9,10 Domain 3 Weights'!$B$5)","v":0},4,4,4,12,"Yes","NOT SELECTED","NOT SELECTED","InR",null,"This indicator is being reflected in Standard 6.1. as it is more relevant there"]
[null," 8.1","8",6,"MS-7",null,"6.     The health facility is adequately maintained, safe, clean, appropriately lit and well ventilated and ensures privacy for children and their families when required. (93.57)","Inputs: Infrastructure, equipment client-centered","Infrastructure for client-centered practices","Supporting systems","Input InfrastMedSupEquip","Both",null,4,4,4,4,3,4,16,null,0,{"$nulls":3},0,null,0,4,4,{"$nulls":4},{"$f":"(AE456*'MS-8,9,10 Domain 3 Weights'!$B$2)+(AF456*'MS-8,9,10 Domain 3 Weights'!$B$3)+(AG456*'MS-8,9,10 Domain 3 Weights'!$B$4)+(AH456*'MS-8,9,10 Domain 3 Weights'!$B$5)","v":0},3,3,3,9,"No","NOT SELECTED","NOT SELECTED","InR"]
[null," 8.1","8",7,"MS-7",null,"7.     The health facility has a power source (e.g. solar, generator, grid) that can meet all the demands of the facility and associated infrastructure for electricity at all times, with a back-up power source. (95.16)","Inputs: Infrastructure, equipment, supplies  cross-cutting","Infrastructure cross-cutting (power source)","Supporting systems","Input InfrastMedSupEquip","both",null,4,3,4,5,3,4,16,null,0,{"$nulls":3},0,null,0,5,5,{"$nulls":4},{"$f":"(AE457*'MS-8,9,10 Domain 3 Weights'!$B$2)+(AF457*'MS-8,9,10 Domain 3 Weights'!$B$3)+(AG457*'MS-8,9,10 Domain 3 Weights'!$B$4)+(AH457*'MS-8,9,10 Domain 3 Weights'!$B$5)","v":0},3,3,3,9,"Yes","SELECTED","NOT SELECTED","InR"]
[null," 8.1","8",8,"MS-7",null,"8.     The heath facility has an energy management plan supported by an adequate budget, maintained by appropriately trained staff and regulated by a competent authority. (86.97)","Inputs: Operational Guidelines","Operational guidelines, protocols related to cross-cutting supporting systems (management, human resources, health information system, infrastructure, supplies and equipment, health financing, organization of health services)","Supporting systems","Input OperGuide","both",null,4,4,4,4,3,4,16,null,0,{"$nulls":3},0,null,0,4,4,{"$nulls":4},{"$f":"(AE458*'MS-8,9,10 Domain 3 Weights'!$B$2)+(AF458*'MS-8,9,10 Domain 3 Weights'!$B$3)+(AG458*'MS-8,9,10 Domain 3 Weights'!$B$4)+(AH458*'MS-8,9,10 Domain 3 Weights'!$B$5)","v":0},3,3,3,9,"No","NOT SELECTED","NOT SELECTED","InR"]
[null," 8.1","8",9,"MS-7",null,"9.     The heath facility has a fuel management plan and a local buffer stock, supported by an adequate budget for all the fuel needs for vehicles, cooking and heating, as relevant and as required, at all times. (88.95)","Inputs: Operational Guidelines","Operational guidelines, protocols related to cross-cutting supporting systems (management, human resources, health information system, infrastructure, supplies and equipment, health financing, organization of health services)","Supporting systems","Input OperGuide","both",null,4,4,4,4,3,4,16,null,0,{"$nulls":3},0,null,{"$f":"AA459","v":0},4,{"$f":"AC459","v":4},{"$nulls":4},{"$f":"(AE459*'MS-8,9,10 Domain 3 Weights'!$B$2)+(AF459*'MS-8,9,10 Domain 3 Weights'!$B$3)+(AG459*'MS-8,9,10 Domain 3 Weights'!$B$4)+(AH459*'MS-8,9,10 Domain 3 Weights'!$B$5)","v":0},3,3,3,{"$f":"SUM(AJ459:AL459)","v":9},{"$f":"IF(OR(V459>=$R$2,Z459>=$R$3,AB459>=$R$4,AD459>=$R$5,AI459>=$R$6),\"Yes\",\"No\")","v":"No"},{"$f":"IF(AND(T459>=$R$1,AN459=\"Yes\"),\"SELECTED\",\"NOT SELECTED\")","v":"NOT SELECTED"},{"$f":"IF(AND(AO459=\"SELECTED\",AM459>=$R$7),\"CORE\",\"NOT SELECTED\")","v":"NOT SELECTED"},"InR"]
[null," 8.1","8",10,"MS-7",null,"10.  The health facility has sufficient funds and staff for rehabilitation, improvement and continuous operation and maintenance of the facility infrastructure. (88.76)","Inputs: financing","Financing of cross-cutting supporting systems (energy, fuel for vehicles)","Supporting systems","Input Financing","both",null,4,4,4,4,3,4,16,null,0,{"$nulls":3},0,null,0,4,4,{"$nulls":4},{"$f":"(AE460*'MS-8,9,10 Domain 3 Weights'!$B$2)+(AF460*'MS-8,9,10 Domain 3 Weights'!$B$3)+(AG460*'MS-8,9,10 Domain 3 Weights'!$B$4)+(AH460*'MS-8,9,10 Domain 3 Weights'!$B$5)","v":0},3,3,3,9,"No","NOT SELECTED","NOT SELECTED","InR"]
[null," 8.1","8",11,"MS-7",null,"11.  The health facility has sufficient safety measures, including safe windows and doors, operational fire extinguishers for each area and floor, a clearly designed plan of evacuation in case of emergency and sufficient external barriers. (92.21)","Inputs: Infrastructure, equipment, supplies  cross-cutting","Infrastructure cross-cutting (power source)","Supporting systems","Input InfrastMedSupEquip","both",null,4,4,4,4,3,4,16,null,0,{"$nulls":3},0,null,0,4,4,{"$nulls":4},{"$f":"(AE461*'MS-8,9,10 Domain 3 Weights'!$B$2)+(AF461*'MS-8,9,10 Domain 3 Weights'!$B$3)+(AG461*'MS-8,9,10 Domain 3 Weights'!$B$4)+(AH461*'MS-8,9,10 Domain 3 Weights'!$B$5)","v":0},3,3,3,9,"No","NOT SELECTED","NOT SELECTED","InR"]
[null," 8.1","8",12,"MS-7",null,"1.     Number of power failures lasting > 2 h during the past month. (86.03)","Inputs: Infrastructure, equipment, supplies  cross-cutting","Availability of essential medicines, equipment, power, water and WASH supplies ","Supporting systems","Outcome","both",null,4,4,4,4,3,4,16,null,0,{"$nulls":3},0,null,0,4,4,{"$nulls":4},{"$f":"(AE462*'MS-8,9,10 Domain 3 Weights'!$B$2)+(AF462*'MS-8,9,10 Domain 3 Weights'!$B$3)+(AG462*'MS-8,9,10 Domain 3 Weights'!$B$4)+(AH462*'MS-8,9,10 Domain 3 Weights'!$B$5)","v":0},3,3,3,9,"No","NOT SELECTED","NOT SELECTED","InR"]
[null," 8.1","8",13,"MS-7",null,"1.     Proportion of all children and their families who attended the health facility who were satisfied with its cleanliness. (85.85)","",null,"Supporting systems","Outcome","both",null,4,4,4,4,3,4,16,null,0,{"$nulls":3},0,null,0,4,4,{"$nulls":4},{"$f":"(AE463*'MS-8,9,10 Domain 3 Weights'!$B$2)+(AF463*'MS-8,9,10 Domain 3 Weights'!$B$3)+(AG463*'MS-8,9,10 Domain 3 Weights'!$B$4)+(AH463*'MS-8,9,10 Domain 3 Weights'!$B$5)","v":0},3,3,3,9,"No","NOT SELECTED","NOT SELECTED","Client"]
[null," 8.1","8",14,"MS-7",null,"2.     Proportion of all children and their families who attended the health facility who were satisfied with the availability of child-friendly amenities for education and play. (84.64)","Outcomes: client/career satisfaction","Clients's satisfaction with WASH, cleanliness, child-friendliness, reccomends  the facility to others","Supporting systems","Outcome","both",null,3,4,4,3,4,4,14,null,0,{"$nulls":3},0,null,0,5,5,{"$nulls":4},{"$f":"(AE464*'MS-8,9,10 Domain 3 Weights'!$B$2)+(AF464*'MS-8,9,10 Domain 3 Weights'!$B$3)+(AG464*'MS-8,9,10 Domain 3 Weights'!$B$4)+(AH464*'MS-8,9,10 Domain 3 Weights'!$B$5)","v":0},3,3,3,9,"Yes","NOT SELECTED","NOT SELECTED","Client"]
[null," 8.1","8",15,"MS-7",null,"3.     Proportion of children and their families who attended the health facility who would recommend the health facility to friends and family. (82.79)","Outcomes: client/career satisfaction","Clients's satisfaction with WASH, cleanliness, child-friendliness, reccomends  the facility to others","Supporting systems","Outcome","both",null,4,4,4,4,4,4,16,null,0,{"$nulls":3},0,null,0,5,5,{"$nulls":4},{"$f":"(AE465*'MS-8,9,10 Domain 3 Weights'!$B$2)+(AF465*'MS-8,9,10 Domain 3 Weights'!$B$3)+(AG465*'MS-8,9,10 Domain 3 Weights'!$B$4)+(AH465*'MS-8,9,10 Domain 3 Weights'!$B$5)","v":0},3,3,3,9,"Yes","SELECTED","NOT SELECTED","Client"]
[null," 8.2","8",1,"MS-7",null,"1.     The health facility has written, up-to-date protocols and awareness-raising materials (e.g. posters) on cleaning, disinfection, hand hygiene, maintenance of water, sanitation and hygiene facilities and safe waste management. (93.65)","Inputs: Operational Guidelines","Operational guidelines, protocols related to cross-cutting supporting systems (management, human resources, health information system, infrastructure, supplies and equipment, health financing, organization of health services)","Supporting systems","Input OperGuide","both","14 IPC/WASH",4,4,4,3,3,4,{"$f":"SUM(N466:Q466)","v":15},null,0,{"$nulls":3},0,null,0,4,4,{"$nulls":4},{"$f":"(AE466*'MS-8,9,10 Domain 3 Weights'!$B$2)+(AF466*'MS-8,9,10 Domain 3 Weights'!$B$3)+(AG466*'MS-8,9,10 Domain 3 Weights'!$B$4)+(AH466*'MS-8,9,10 Domain 3 Weights'!$B$5)","v":0},3,3,3,9,"No","NOT SELECTED","NOT SELECTED","Client"]
[null," 8.2","8",2,"MS-7",null,"2.     The health facility has a functioning source of safe water located on the premises that is adequate to meet all demands (according to WHO standards), for drinking, personal hygiene, medical interventions (formula, ORS, nutritional supplements and medicines), cleaning, laundry and cooking for use by staff, children and their families. (94.47)","Inputs: Infrastructure, equipment, supplies  cross-cutting","Infrastructure/equipment cross-cutting (e.g. WASH)","Supporting systems","Input InfrastMedSupEquip","both","14 IPC/WASH",4,4,4,4,3,4,{"$f":"SUM(N467:Q467)","v":16},null,0,{"$nulls":3},0,null,0,5,5,{"$nulls":4},{"$f":"(AE467*'MS-8,9,10 Domain 3 Weights'!$B$2)+(AF467*'MS-8,9,10 Domain 3 Weights'!$B$3)+(AG467*'MS-8,9,10 Domain 3 Weights'!$B$4)+(AH467*'MS-8,9,10 Domain 3 Weights'!$B$5)","v":0},3,3,3,9,"Yes","SELECTED","NOT SELECTED","InR",null,"Note: Meg Suggested following revisions: The health facility has a functioning source of improvedsafe water located on the premises that is adequate to meet all demands needs (according to WHO standards), for drinking, personal hygiene, medical interventions (formula, ORS, nutritional supplements and medicines), cleaning, laundry and cooking for use by staff, children and their families. (94.47)"]
[null," 8.2","8",3,"MS-7",null,"3.     The health facility has drinking-water stations that are either low or have a stool for easy reach, and small cups are available for children. (87.25)","Inputs: Infrastructure, equipment client-centered","Infrastructure for client-centered practices","Supporting systems","Input InfrastMedSupEquip","both","14 IPC/WASH",4,4,4,3,3,4,15,null,0,{"$nulls":3},0,null,0,4,4,{"$nulls":4},{"$f":"(AE468*'MS-8,9,10 Domain 3 Weights'!$B$2)+(AF468*'MS-8,9,10 Domain 3 Weights'!$B$3)+(AG468*'MS-8,9,10 Domain 3 Weights'!$B$4)+(AH468*'MS-8,9,10 Domain 3 Weights'!$B$5)","v":0},3,3,3,9,"No","NOT SELECTED","NOT SELECTED","InR"]
[null," 8.2","8",4,"MS-7",null,"4.     The health facility has leak-proof, covered, labelled waste bins and impermeable sharps containers in every treatment area to allow segregation of waste into three categories: sharps, non-sharps infectious waste and general non-infectious waste. (93.39)","Inputs: Infrastructure, equipment, supplies  cross-cutting","Infrastructure/equipment cross-cutting (e.g. WASH)","Supporting systems","Input InfrastMedSupEquip","both","14 IPC/WASH",4,4,4,3,3,4,15,null,0,{"$nulls":3},0,null,0,4,4,{"$nulls":4},{"$f":"(AE469*'MS-8,9,10 Domain 3 Weights'!$B$2)+(AF469*'MS-8,9,10 Domain 3 Weights'!$B$3)+(AG469*'MS-8,9,10 Domain 3 Weights'!$B$4)+(AH469*'MS-8,9,10 Domain 3 Weights'!$B$5)","v":0},3,3,3,9,"No","NOT SELECTED","NOT SELECTED","InR"]
[null," 8.2","8",5,"MS-7",null,"5.     The health facility has at least one functioning hand hygiene station per 10 beds, with soap and water or alcohol-based hand rubs, in all wards, at least one of which is accessible to children (i.e. lower or with a stool to reach taps). (92.70)","Inputs: Infrastructure, equipment, supplies  cross-cutting","Infrastructure/equipment cross-cutting (e.g. WASH)","Supporting systems","Input InfrastMedSupEquip","Inpatient","14 IPC/WASH",4,4,4,3,4,4,{"$f":"SUM(N470:S470)","v":23},null,{"$f":"IF(E470=\"MS-1\",U470*(VLOOKUP(K470,_tbl.MS1,3,FALSE)),U470)","v":0},{"$nulls":3},0,null,0,5,5,{"$nulls":4},{"$f":"(AE470*'MS-8,9,10 Domain 3 Weights'!$B$2)+(AF470*'MS-8,9,10 Domain 3 Weights'!$B$3)+(AG470*'MS-8,9,10 Domain 3 Weights'!$B$4)+(AH470*'MS-8,9,10 Domain 3 Weights'!$B$5)","v":0},3,3,3,9,"Yes","SELECTED","NOT SELECTED","InR",null,"reflected in standard 1.14"]
[null," 8.2","8",6,"MS-7",null,"6.     The health facility has baths and other hygiene facilities on the premises that are appropriately lit, accessible to people with limited mobility, adapted for use by young children and segregated by sex for older children and carers. (92.01)","Inputs: Infrastructure, equipment client-centered","Infrastructure for client-centered practices","Supporting systems","Input InfrastMedSupEquip","both","14 IPC/WASH",4,4,4,4,3,4,16,null,0,{"$nulls":3},0,null,0,4,4,{"$nulls":4},{"$f":"(AE471*'MS-8,9,10 Domain 3 Weights'!$B$2)+(AF471*'MS-8,9,10 Domain 3 Weights'!$B$3)+(AG471*'MS-8,9,10 Domain 3 Weights'!$B$4)+(AH471*'MS-8,9,10 Domain 3 Weights'!$B$5)","v":0},3,3,3,9,"No","NOT SELECTED","NOT SELECTED","InR"]
[null," 8.2","8",7,"MS-7",null,"7.     The health facility has sanitation facilities (e.g. pans, toilets, latrines) on the premises for infants, children and young adolescents that are adapted for their use (with, e.g. smaller seats or latrines, child-sized bed pans), segregated by sex for older children, appropriately lit and accessible to people with limited mobility. (91.44)","Inputs: Infrastructure, equipment client-centered","Infrastructure for client-centered practices","Supporting systems","Input InfrastMedSupEquip","both","14 IPC/WASH",4,4,4,4,3,4,16,null,0,{"$nulls":3},0,null,0,5,5,{"$nulls":4},{"$f":"(AE472*'MS-8,9,10 Domain 3 Weights'!$B$2)+(AF472*'MS-8,9,10 Domain 3 Weights'!$B$3)+(AG472*'MS-8,9,10 Domain 3 Weights'!$B$4)+(AH472*'MS-8,9,10 Domain 3 Weights'!$B$5)","v":0},3,3,3,9,"Yes","SELECTED","NOT SELECTED","InR",null,"Note: Meg suggested following revision of the measure: The health facility has usable sanitation facilities (e.g. pans, toilets, latrines) on the premises for infants, children and young adolescents that are adapted for their use (with, e.g. smaller seats and step stools to reach seat or latrines with smaller drop hole, child-sized bed pans), segregated by sex for older children, appropriately lit and accessible to people with limited mobility. (91.44)"]
[null," 8.2","8",8,"MS-7",null,"8.     The health facility that offers surgery has a designated station for preoperative hand scrubbing and adequate supplies of appropriate surgical scrub materials. (95.35)","Inputs: Infrastructure, equipment, supplies  cross-cutting","Infrastructure/equipment cross-cutting inpatient (e.g. WASH)","Supporting systems","Input InfrastMedSupEquip","Inpatient","14 IPC/WASH",4,4,4,3,3,4,15,null,0,{"$nulls":3},0,null,0,4,4,{"$nulls":4},{"$f":"(AE473*'MS-8,9,10 Domain 3 Weights'!$B$2)+(AF473*'MS-8,9,10 Domain 3 Weights'!$B$3)+(AG473*'MS-8,9,10 Domain 3 Weights'!$B$4)+(AH473*'MS-8,9,10 Domain 3 Weights'!$B$5)","v":0},3,3,3,9,"No","NOT SELECTED","NOT SELECTED","InR"]
[null," 8.2","8",9,"MS-7",null,"9.     The health facility has a dedicated nappy-changing station, with appropriate waste disposal and hand-washing facilities nearby. (88.93)","Inputs: Infrastructure, equipment, supplies  cross-cutting","Infrastructure/equipment cross-cutting (e.g. WASH)","Supporting systems","Input InfrastMedSupEquip","both","14 IPC/WASH",4,4,4,3,3,4,15,null,0,{"$nulls":3},0,null,0,4,4,{"$nulls":4},{"$f":"(AE474*'MS-8,9,10 Domain 3 Weights'!$B$2)+(AF474*'MS-8,9,10 Domain 3 Weights'!$B$3)+(AG474*'MS-8,9,10 Domain 3 Weights'!$B$4)+(AH474*'MS-8,9,10 Domain 3 Weights'!$B$5)","v":0},3,3,3,9,"No","NOT SELECTED","NOT SELECTED","InR"]
[null," 8.2","8",10,"MS-7",null,"10.  The health facility has sufficient trained, competent staff for cleaning, operating and maintaining water, sanitation, hygiene and health care waste facilities, on site when needed, and clear descriptions of their responsibilities. (91.96)","Inputs: Human resources","Human resources: specific non-clinical training","Supporting systems","Input HumRes","both","14 IPC/WASH",4,4,4,3,3,4,15,null,0,{"$nulls":3},0,null,0,4,4,{"$nulls":4},{"$f":"(AE475*'MS-8,9,10 Domain 3 Weights'!$B$2)+(AF475*'MS-8,9,10 Domain 3 Weights'!$B$3)+(AG475*'MS-8,9,10 Domain 3 Weights'!$B$4)+(AH475*'MS-8,9,10 Domain 3 Weights'!$B$5)","v":0},3,3,3,9,"No","NOT SELECTED","NOT SELECTED","InR"]
[null," 8.2","8",11,"MS-7",null,"11.  The health facility has sufficient funds for rehabilitation, improvement and continuous operation and maintenance of water, sanitation, hygiene and waste management infrastructure. (87.86)","Inputs: financing","Financing of cross-cutting supporting systems (energy, fuel for vehicles)","Supporting systems","Input Financing","Both","14 IPC/WASH",4,4,4,3,3,4,15,null,0,{"$nulls":3},0,null,0,4,4,{"$nulls":4},{"$f":"(AE476*'MS-8,9,10 Domain 3 Weights'!$B$2)+(AF476*'MS-8,9,10 Domain 3 Weights'!$B$3)+(AG476*'MS-8,9,10 Domain 3 Weights'!$B$4)+(AH476*'MS-8,9,10 Domain 3 Weights'!$B$5)","v":0},3,3,3,9,"No","NOT SELECTED","NOT SELECTED","InR"]
[null," 8.2","8",12,"MS-7",null,"12.  The health facility has adequate laundry facilities, including water, detergent and space for drying. (91.70) ","Inputs: Infrastructure, equipment, supplies  cross-cutting","Infrastructure/equipment cross-cutting (e.g. WASH)","Supporting systems","Input InfrastMedSupEquip","Both","14 IPC/WASH",4,4,4,3,3,4,15,null,0,{"$nulls":3},0,null,0,4,4,{"$nulls":4},{"$f":"(AE477*'MS-8,9,10 Domain 3 Weights'!$B$2)+(AF477*'MS-8,9,10 Domain 3 Weights'!$B$3)+(AG477*'MS-8,9,10 Domain 3 Weights'!$B$4)+(AH477*'MS-8,9,10 Domain 3 Weights'!$B$5)","v":0},3,3,3,9,"No","NOT SELECTED","NOT SELECTED","InR"]
[null," 8.2","8",13,"MS-7",null,"13.  Health facility professionals and support staff and carers are educated and trained in good hygiene, including regular hand-washing after changing nappies, before feeding and after using toilets. (90.87) ","Inputs: Human resources","Human resources: specific non-clinical training","Supporting systems","Input HumRes","Both","14 IPC/WASH",4,4,4,3,3,4,15,null,0,{"$nulls":3},0,null,0,4,4,{"$nulls":4},{"$f":"(AE478*'MS-8,9,10 Domain 3 Weights'!$B$2)+(AF478*'MS-8,9,10 Domain 3 Weights'!$B$3)+(AG478*'MS-8,9,10 Domain 3 Weights'!$B$4)+(AH478*'MS-8,9,10 Domain 3 Weights'!$B$5)","v":0},3,3,3,9,"No","NOT SELECTED","NOT SELECTED","Prov"]
[null," 8.2","8",14,"MS-7",null,"14.  The health facility has an environmental health management risk plan, with an adequate budget, for managing and improving water, sanitation, hygiene and waste management services, including infection prevention and control. (89.53)","Inputs: Operational Guidelines","Operational guidelines, protocols related to cross-cutting supporting systems (management, human resources, health information system, infrastructure, supplies and equipment, health financing, organization of health services)","Supporting systems","Input OperGuide","Both","14 IPC/WASH",4,4,4,3,3,4,15,null,0,{"$nulls":3},0,null,0,4,4,{"$nulls":4},{"$f":"(AE479*'MS-8,9,10 Domain 3 Weights'!$B$2)+(AF479*'MS-8,9,10 Domain 3 Weights'!$B$3)+(AG479*'MS-8,9,10 Domain 3 Weights'!$B$4)+(AH479*'MS-8,9,10 Domain 3 Weights'!$B$5)","v":0},3,3,3,9,"No","NOT SELECTED","NOT SELECTED","InR"]
[null," 8.2","8",15,"MS-7",null,"15.  Health facility staff promote safe hygiene practices in caring for infants, children and young adolescents, including safe disposal and management of children’s faeces (88.40)","Inputs: Infrastructure, equipment, supplies  cross-cutting","Availability of essential medicines, equipment, power, water and WASH supplies ","Supporting systems","Input InfrastMedSupEquip","Both","14 IPC/WASH",4,4,4,3,3,4,15,null,0,{"$nulls":3},0,null,0,4,4,{"$nulls":4},{"$f":"(AE480*'MS-8,9,10 Domain 3 Weights'!$B$2)+(AF480*'MS-8,9,10 Domain 3 Weights'!$B$3)+(AG480*'MS-8,9,10 Domain 3 Weights'!$B$4)+(AH480*'MS-8,9,10 Domain 3 Weights'!$B$5)","v":0},3,3,3,9,"No","NOT SELECTED","NOT SELECTED","Obs"]
[null," 8.2","8",16,"MS-7",null,"1.     Proportion of days in the past 3 months when water from an improved source was not available on the premises. (87.27)","Inputs: Infrastructure, equipment, supplies  cross-cutting","Availability of essential medicines, equipment, power, water and WASH supplies ","Supporting systems","Input InfrastMedSupEquip","Both","14 IPC/WASH",4,4,3,4,3,4,15,null,0,{"$nulls":3},0,null,0,4,4,{"$nulls":4},{"$f":"(AE481*'MS-8,9,10 Domain 3 Weights'!$B$2)+(AF481*'MS-8,9,10 Domain 3 Weights'!$B$3)+(AG481*'MS-8,9,10 Domain 3 Weights'!$B$4)+(AH481*'MS-8,9,10 Domain 3 Weights'!$B$5)","v":0},3,3,3,9,"No","NOT SELECTED","NOT SELECTED","InR"]
[null," 8.2","8",17,"MS-7",null,"2.     Proportion of days in the past 3 months when soap or hand disinfectant were not available. (86.82)","Inputs: Infrastructure, equipment, supplies  cross-cutting","Availability of essential medicines, equipment, power, water and WASH supplies ","Supporting systems","Input InfrastMedSupEquip","Both","14 IPC/WASH",4,4,3,4,3,4,15,null,0,{"$nulls":3},0,null,0,4,4,{"$nulls":4},{"$f":"(AE482*'MS-8,9,10 Domain 3 Weights'!$B$2)+(AF482*'MS-8,9,10 Domain 3 Weights'!$B$3)+(AG482*'MS-8,9,10 Domain 3 Weights'!$B$4)+(AH482*'MS-8,9,10 Domain 3 Weights'!$B$5)","v":0},3,3,3,9,"No","NOT SELECTED","NOT SELECTED","InR"]
[null," 8.2","8",18,"MS-7",null,"3.     Proportion of days per calendar year on which wastes were not safely segregated into at least three bins in the consultation area and sharps and infectious wastes were not treated and disposed of safely. (77.53)","Inputs: Infrastructure, equipment, supplies  cross-cutting","Availability of essential medicines, equipment, power, water and WASH supplies ","Supporting systems","Input InfrastMedSupEquip","Both","14 IPC/WASH",4,4,3,4,3,4,15,null,0,{"$nulls":3},0,null,0,4,4,{"$nulls":4},{"$f":"(AE483*'MS-8,9,10 Domain 3 Weights'!$B$2)+(AF483*'MS-8,9,10 Domain 3 Weights'!$B$3)+(AG483*'MS-8,9,10 Domain 3 Weights'!$B$4)+(AH483*'MS-8,9,10 Domain 3 Weights'!$B$5)","v":0},3,3,3,9,"No","NOT SELECTED","NOT SELECTED","InR"]
[null," 8.2","8",19,"MS-7",null,"4.     Proportion of health facility health professionals and support staff who received training or mentoring in sanitation, hand hygiene and infection prevention and control in the past 6 months. (89.66)","Inputs: Human resources","Human resources: specific non-clinical training","Supporting systems","Input HumRes","Both","14 IPC/WASH",4,4,3,4,3,4,15,null,0,{"$nulls":3},0,null,0,4,4,{"$nulls":4},{"$f":"(AE484*'MS-8,9,10 Domain 3 Weights'!$B$2)+(AF484*'MS-8,9,10 Domain 3 Weights'!$B$3)+(AG484*'MS-8,9,10 Domain 3 Weights'!$B$4)+(AH484*'MS-8,9,10 Domain 3 Weights'!$B$5)","v":0},3,3,3,9,"No","NOT SELECTED","NOT SELECTED","Prov"]
[null," 8.2","8",21,"MS-7",null,"2.     Proportion of all health care staff at the health facility who are satisfied with the water, sanitation and waste management services. (86.02)","Inputs: Human resources","Satisfaction (staff/providers)","Supporting systems","Input HumRes","Both","14 IPC/WASH",4,4,4,3,3,4,15,null,0,{"$nulls":3},0,null,0,4,4,{"$nulls":4},{"$f":"(AE485*'MS-8,9,10 Domain 3 Weights'!$B$2)+(AF485*'MS-8,9,10 Domain 3 Weights'!$B$3)+(AG485*'MS-8,9,10 Domain 3 Weights'!$B$4)+(AH485*'MS-8,9,10 Domain 3 Weights'!$B$5)","v":0},3,3,3,9,"No","NOT SELECTED","NOT SELECTED","Prov"]
[null," 8.2","8",22,"MS-7",null,"3.     Proportion of children and their families who attended the health facility who observed that the health providers washed their hands or used an alcohol rub before examining them. (77.06)","Outcomes: client-centered practices","Care providers washed hands confirmed by observation from careers","Supporting systems","Process","Both","14 IPC/WASH",4,4,4,4,3,4,16,null,0,{"$nulls":3},0,null,0,5,5,{"$nulls":4},{"$f":"(AE486*'MS-8,9,10 Domain 3 Weights'!$B$2)+(AF486*'MS-8,9,10 Domain 3 Weights'!$B$3)+(AG486*'MS-8,9,10 Domain 3 Weights'!$B$4)+(AH486*'MS-8,9,10 Domain 3 Weights'!$B$5)","v":0},3,3,3,9,"Yes","SELECTED","NOT SELECTED","Client"]
[null," 8.2","8",20,"MS-7",null,"1.     Proportion of children and their families at the health facility who are satisfied with the water, sanitation and waste management services. (83.67)","Outcomes: client/career satisfaction","Clients's satisfaction with WASH, cleanliness, child-friendliness, reccomends  the facility to others","Supporting systems","Outcome","Both","14 IPC/WASH",4,4,4,3,3,4,15,null,0,{"$nulls":3},0,null,0,4,4,{"$nulls":4},{"$f":"(AE487*'MS-8,9,10 Domain 3 Weights'!$B$2)+(AF487*'MS-8,9,10 Domain 3 Weights'!$B$3)+(AG487*'MS-8,9,10 Domain 3 Weights'!$B$4)+(AH487*'MS-8,9,10 Domain 3 Weights'!$B$5)","v":0},3,3,3,9,"No","NOT SELECTED","NOT SELECTED","Client"]
[null," 8.3","8",1,"MS-7",null,"1.     The health facility has functioning, clean, age-appropriate essential equipment and supplies for routine care and management of complications at all times in all areas for child care. (94.01)","Inputs: Infrastructure, equipment, supplies  cross-cutting","Supplies and  equipment cross-cutting (essential medicines) ","Supporting systems","Input InfrastMedSupEquip","Both",null,4,4,3,5,3,3,{"$f":"SUM(N488:Q488)","v":16},null,0,{"$nulls":3},0,null,0,5,5,{"$nulls":4},{"$f":"(AE488*'MS-8,9,10 Domain 3 Weights'!$B$2)+(AF488*'MS-8,9,10 Domain 3 Weights'!$B$3)+(AG488*'MS-8,9,10 Domain 3 Weights'!$B$4)+(AH488*'MS-8,9,10 Domain 3 Weights'!$B$5)","v":0},4,3,3,10,"Yes","SELECTED","NOT SELECTED","InR",null,"shell we include laboratory here as well. This is similar to indicator #5 in the same standard"]
[null," 8.3","8",2,"MS-7",null,"2.     Equipment user manuals and instructions are available, with laminated job aids on how to operate and use the equipment. (89.57)","Inputs: Operational Guidelines","Operational guidelines, protocols related to care provision","Supporting systems","Input OperGuide","Both",null,4,4,3,5,3,null,{"$f":"SUM(N489:Q489)","v":16},null,0,{"$nulls":3},0,null,0,4,4,{"$nulls":4},{"$f":"(AE489*'MS-8,9,10 Domain 3 Weights'!$B$2)+(AF489*'MS-8,9,10 Domain 3 Weights'!$B$3)+(AG489*'MS-8,9,10 Domain 3 Weights'!$B$4)+(AH489*'MS-8,9,10 Domain 3 Weights'!$B$5)","v":0},4,3,3,10,"No","NOT SELECTED","NOT SELECTED","InR"]
[null," 8.3","8",3,"MS-7",null,"3.     The health facility has a functioning, well-equipped resuscitation trolley for paediatric emergency resuscitation and care with readily accessible and identifiable age-appropriate medicines, resuscitation equipment and supplies (e.g. suction device, pulse oximeter, laryngoscope, endotracheal tubes, bag valve masks, infusion sets) available at all times in areas designated for emergency care in outpatient areas and inpatient wards. (89.57)","Inputs: Infrastructure, equipment, supplies  cross-cutting","Supplies and  equipment cross-cutting (essential medicines) ","Supporting systems","Input InfrastMedSupEquip","Both",null,4,3,5,4,3,null,16,null,0,{"$nulls":3},0,null,0,5,5,{"$nulls":4},{"$f":"(AE490*'MS-8,9,10 Domain 3 Weights'!$B$2)+(AF490*'MS-8,9,10 Domain 3 Weights'!$B$3)+(AG490*'MS-8,9,10 Domain 3 Weights'!$B$4)+(AH490*'MS-8,9,10 Domain 3 Weights'!$B$5)","v":0},4,3,3,10,"Yes","SELECTED","NOT SELECTED","InR",null,"this is similar to Standard 1.1. "]
[null," 8.3","8",4,"MS-7",null,"4.     The health facility has a safe, uninterrupted source of oxygen and equipment for delivery (age-appropriate nasal prongs, catheters and face masks) available at all times in children’s wards and emergency areas. (95.72)","Inputs: Infrastructure, equipment, supplies  cross-cutting","Supplies and  equipment cross-cutting (essential medicines) inpatient","Supporting systems","Input InfrastMedSupEquip","Inpatient",null,4,4,3,5,3,4,16,null,0,{"$nulls":3},0,null,0,4,4,{"$nulls":4},{"$f":"(AE491*'MS-8,9,10 Domain 3 Weights'!$B$2)+(AF491*'MS-8,9,10 Domain 3 Weights'!$B$3)+(AG491*'MS-8,9,10 Domain 3 Weights'!$B$4)+(AH491*'MS-8,9,10 Domain 3 Weights'!$B$5)","v":0},4,3,3,10,"No","NOT SELECTED","NOT SELECTED","InR"]
[null," 8.3","8",5,"MS-7",null,"5.     The health facility has basic equipment (X-ray, ultrasound and basic laboratory equipment) for diagnosis and management of common childhood illnesses and conditions. (94.30)","Inputs: Infrastructure, equipment, supplies  cross-cutting","Supplies and  equipment cross-cutting (essential medicines) ","Supporting systems","Input InfrastMedSupEquip","Both",null,4,4,3,5,3,3,16,null,0,{"$nulls":3},0,null,0,4,4,{"$nulls":4},{"$f":"(AE492*'MS-8,9,10 Domain 3 Weights'!$B$2)+(AF492*'MS-8,9,10 Domain 3 Weights'!$B$3)+(AG492*'MS-8,9,10 Domain 3 Weights'!$B$4)+(AH492*'MS-8,9,10 Domain 3 Weights'!$B$5)","v":0},4,3,3,10,"No","NOT SELECTED","NOT SELECTED","InR"]
[null," 8.3","8",6,"MS-7",null,"6.     The health facility has culturally and age-appropriate toys, games, books and facilities for play and entertainment of children on wards and in play and recreational areas. 85.25)","Inputs: Infrastructure, equipment client-centered","Supplies and  equipment for client-centered practices inpatient","Supporting systems","Input InfrastMedSupEquip","Inpatient",null,4,4,4,5,3,3,17,null,0,{"$nulls":3},0,null,0,4,4,{"$nulls":4},{"$f":"(AE493*'MS-8,9,10 Domain 3 Weights'!$B$2)+(AF493*'MS-8,9,10 Domain 3 Weights'!$B$3)+(AG493*'MS-8,9,10 Domain 3 Weights'!$B$4)+(AH493*'MS-8,9,10 Domain 3 Weights'!$B$5)","v":0},4,3,3,10,"No","NOT SELECTED","NOT SELECTED","InR"]
[null," 8.3","8",7,"MS-7",null,"7.     The health facility has a dedicated budget for essential equipment and its maintenance. (89.19)","Inputs: financing","Financing of cross-cutting supporting systems (energy, fuel for vehicles)","Supporting systems","Input Financing","Both",null,4,4,3,5,3,3,16,null,0,{"$nulls":3},0,null,0,4,4,{"$nulls":4},{"$f":"(AE494*'MS-8,9,10 Domain 3 Weights'!$B$2)+(AF494*'MS-8,9,10 Domain 3 Weights'!$B$3)+(AG494*'MS-8,9,10 Domain 3 Weights'!$B$4)+(AH494*'MS-8,9,10 Domain 3 Weights'!$B$5)","v":0},4,3,3,10,"No","NOT SELECTED","NOT SELECTED","InR"]
[null," 8.3","8",8,"MS-7",null,"8.     The health facility has the minimum requirements for an adequate cold chain, with a functioning refrigerator and a temperature monitoring device, and the temperature has been maintained between 2 and 8 ªC for the past 30 days. (95.09)","Inputs: management and oversight","Oversight and management on  cross-cutting supporting  systems","Supporting systems","Input Over&Man","Both",null,4,4,2,4,3,3,14,null,0,{"$nulls":3},0,null,0,4,4,{"$nulls":4},{"$f":"(AE495*'MS-8,9,10 Domain 3 Weights'!$B$2)+(AF495*'MS-8,9,10 Domain 3 Weights'!$B$3)+(AG495*'MS-8,9,10 Domain 3 Weights'!$B$4)+(AH495*'MS-8,9,10 Domain 3 Weights'!$B$5)","v":0},4,3,3,10,"No","NOT SELECTED","NOT SELECTED","InR"]
[null," 8.3","8",9,"MS-7",null,"9.     The health facility has an updated inventory of medical equipment, with documentation of breakage or malfunction and dates of repair or replacement. (91.18)","Inputs: management and oversight","Oversight and management on  cross-cutting supporting  systems","Supporting systems","Input Over&Man","Both",null,4,4,3,5,3,3,16,null,0,{"$nulls":3},0,null,0,5,5,{"$nulls":4},{"$f":"(AE496*'MS-8,9,10 Domain 3 Weights'!$B$2)+(AF496*'MS-8,9,10 Domain 3 Weights'!$B$3)+(AG496*'MS-8,9,10 Domain 3 Weights'!$B$4)+(AH496*'MS-8,9,10 Domain 3 Weights'!$B$5)","v":0},4,3,3,10,"Yes","SELECTED","NOT SELECTED","InR"]
[null," 8.3","8",10,"MS-7",null,"10.  The health facility has functioning age- and size-appropriate beds and furnishings (chairs, tables) on paediatric wards or areas designated for child care. (90.81)","Inputs: Infrastructure, equipment client-centered","Supplies and  equipment for client-centered practices","Supporting systems","Input InfrastMedSupEquip","Inpatient",null,4,4,3,4,3,3,15,null,0,{"$nulls":3},0,null,0,4,4,{"$nulls":4},{"$f":"(AE497*'MS-8,9,10 Domain 3 Weights'!$B$2)+(AF497*'MS-8,9,10 Domain 3 Weights'!$B$3)+(AG497*'MS-8,9,10 Domain 3 Weights'!$B$4)+(AH497*'MS-8,9,10 Domain 3 Weights'!$B$5)","v":0},4,3,3,10,"No","NOT SELECTED","NOT SELECTED","InR"]
[null," 8.3","8",11,"MS-7",null,"1.     Proportion of all children admitted to the health facility who received age-appropriate play and entertainment materials during the last 3 days of their stay. (78.23)","Inputs: Infrastructure, equipment client-centered","Supplies and  equipment for client-centered practices inpatient","Supporting systems","Process","Inpatient",null,4,4,3,4,3,3,15,null,0,{"$nulls":3},0,null,0,4,4,{"$nulls":4},{"$f":"(AE498*'MS-8,9,10 Domain 3 Weights'!$B$2)+(AF498*'MS-8,9,10 Domain 3 Weights'!$B$3)+(AG498*'MS-8,9,10 Domain 3 Weights'!$B$4)+(AH498*'MS-8,9,10 Domain 3 Weights'!$B$5)","v":0},4,3,3,10,"No","NOT SELECTED","NOT SELECTED","Client",null,"Similar indicator exist in Standard #6"]
[null," 8.3","8",12,"MS-7",null,"2.     Proportion of days per calendar year during which one or more essential item of equipment was not available. (81.28)","Inputs: Infrastructure, equipment, supplies  cross-cutting","Availability of essential medicines, equipment, power, water and WASH supplies ","Supporting systems","Input InfrastMedSupEquip","Inpatient","1 ASB/ETAT/Asses/class/full",4,4,3,5,3,3,16,null,0,{"$nulls":3},0,null,0,4,4,{"$nulls":4},{"$f":"(AE499*'MS-8,9,10 Domain 3 Weights'!$B$2)+(AF499*'MS-8,9,10 Domain 3 Weights'!$B$3)+(AG499*'MS-8,9,10 Domain 3 Weights'!$B$4)+(AH499*'MS-8,9,10 Domain 3 Weights'!$B$5)","v":0},4,3,3,10,"No","NOT SELECTED","NOT SELECTED","InR"]
[null," 8.3","8",13,"MS-7",null,"1.     Proportion of days per calendar year during which an oxygen source and delivery were not available. (87.19)","Inputs: Organization and availability of health services","Availability of essential medicines, equipment, power, water and WASH supplies inpatient","Supporting systems","Input InfrastMedSupEquip","Inpatient",null,4,4,3,5,3,3,16,null,0,{"$nulls":3},0,null,0,5,5,{"$nulls":4},{"$f":"(AE500*'MS-8,9,10 Domain 3 Weights'!$B$2)+(AF500*'MS-8,9,10 Domain 3 Weights'!$B$3)+(AG500*'MS-8,9,10 Domain 3 Weights'!$B$4)+(AH500*'MS-8,9,10 Domain 3 Weights'!$B$5)","v":0},4,3,3,10,"Yes","SELECTED","NOT SELECTED","InR",null,"similar indicator exist in Standard 8.4"]
[null," 8.3","8",14,"MS-7",null,"2.     Proportion of patients who did not receive essential care to the normal standard because one or more items of essential equipment was unavailable. (81.82)","Outomes: Access to medicines,  services and facilities, financial access to services","Access to medications and supplies in the  health facility","Supporting systems","Input InfrastMedSupEquip","Both",null,4,4,2,5,3,3,15,null,0,{"$nulls":3},0,null,0,4,4,{"$nulls":4},{"$f":"(AE501*'MS-8,9,10 Domain 3 Weights'!$B$2)+(AF501*'MS-8,9,10 Domain 3 Weights'!$B$3)+(AG501*'MS-8,9,10 Domain 3 Weights'!$B$4)+(AH501*'MS-8,9,10 Domain 3 Weights'!$B$5)","v":0},4,3,3,10,"No","NOT SELECTED","NOT SELECTED","InR"]
[null," 8.3","8",15,"MS-7",null,"3.     Proportion of reviewed child deaths in which the child did not receive appropriate care because of lack of essential age-appropriate equipment. (90.28)","Outomes: Access to medicines,  services and facilities, financial access to services","Access to supplies, medicines, equipment inpatient","Supporting systems","Input InfrastMedSupEquip","Inpatient",null,4,4,3,5,3,3,16,null,0,{"$nulls":3},0,null,0,4,4,{"$nulls":4},{"$f":"(AE502*'MS-8,9,10 Domain 3 Weights'!$B$2)+(AF502*'MS-8,9,10 Domain 3 Weights'!$B$3)+(AG502*'MS-8,9,10 Domain 3 Weights'!$B$4)+(AH502*'MS-8,9,10 Domain 3 Weights'!$B$5)","v":0},4,3,3,10,"No","NOT SELECTED","NOT SELECTED","RIS"]
[null," 8.4","8",1,"MS-7",null,"1.     The health facility has up-to-date, written protocols and guidance for safe storage of medicines in designated pharmacy cupboards or stores and for safe administration. (93.00)","Inputs: Operational Guidelines","Operational guidelines, protocols related to cross-cutting supporting systems (management, human resources, health information system, infrastructure, supplies and equipment, health financing, organization of health services)","Supporting systems","Input OperGuide","Both",null,4,4,4,4,3,3,16,null,0,{"$nulls":3},0,null,0,4,4,{"$nulls":4},{"$f":"(AE503*'MS-8,9,10 Domain 3 Weights'!$B$2)+(AF503*'MS-8,9,10 Domain 3 Weights'!$B$3)+(AG503*'MS-8,9,10 Domain 3 Weights'!$B$4)+(AH503*'MS-8,9,10 Domain 3 Weights'!$B$5)","v":0},3,3,3,9,"No","NOT SELECTED","NOT SELECTED","InR"]
[null," 8.4","8",2,"MS-7",null,"2.     The health facility has an on-site pharmacy with trained pharmacists or dispensers available during all facility operating hours, who maintain an essential list of child-appropriate medicines and supplies, adequate stocks and an efficient stock management system. (95.08)","Inputs: Organization and availability of health services","Health Care Services (availability)","Supporting systems","Input Ser Avail","Both",null,4,4,4,4,3,3,16,null,0,{"$nulls":3},0,null,0,5,5,{"$nulls":4},{"$f":"(AE504*'MS-8,9,10 Domain 3 Weights'!$B$2)+(AF504*'MS-8,9,10 Domain 3 Weights'!$B$3)+(AG504*'MS-8,9,10 Domain 3 Weights'!$B$4)+(AH504*'MS-8,9,10 Domain 3 Weights'!$B$5)","v":0},4,3,3,10,"Yes","SELECTED","NOT SELECTED","InR"]
[null," 8.4","8",3,"MS-7",null,"3.     The health facility has supplies of emergency and prereferral medicines that are readily accessible for severely ill children. (94.22)","Inputs: Infrastructure, equipment, supplies  cross-cutting","Availability of essential medicines, equipment, power, water and WASH supplies ","Supporting systems","Input InfrastMedSupEquip","Both",null,4,4,3,5,3,3,16,null,0,{"$nulls":3},0,null,0,5,5,{"$nulls":4},{"$f":"(AE505*'MS-8,9,10 Domain 3 Weights'!$B$2)+(AF505*'MS-8,9,10 Domain 3 Weights'!$B$3)+(AG505*'MS-8,9,10 Domain 3 Weights'!$B$4)+(AH505*'MS-8,9,10 Domain 3 Weights'!$B$5)","v":0},4,3,3,10,"Yes","SELECTED","NOT SELECTED","InR"]
[null," 8.4","8",4,"MS-7",null,"4.     The health facility has supplies of first- and second-line injectable antibiotics, antimalarial agents and other essential medicines available at all times for the management of children. (94.70)","Inputs: Infrastructure, equipment, supplies  cross-cutting","Availability of essential medicines, equipment, power, water and WASH supplies ","Supporting systems","Input InfrastMedSupEquip","Both",null,4,4,3,5,3,3,16,null,0,{"$nulls":3},0,null,0,4,4,{"$nulls":4},{"$f":"(AE506*'MS-8,9,10 Domain 3 Weights'!$B$2)+(AF506*'MS-8,9,10 Domain 3 Weights'!$B$3)+(AG506*'MS-8,9,10 Domain 3 Weights'!$B$4)+(AH506*'MS-8,9,10 Domain 3 Weights'!$B$5)","v":0},3,3,3,9,"No","NOT SELECTED","NOT SELECTED","InR"]
[null," 8.4","8",5,"MS-7",null,"5.     The health facility has supplies of essential vaccines available at all times for vaccination of children and young adolescents. (94.52)","Inputs: Infrastructure, equipment, supplies  cross-cutting","Availability of essential medicines, equipment, power, water and WASH supplies ","Supporting systems","Input InfrastMedSupEquip","Both",null,3,4,4,3,3,3,14,null,0,{"$nulls":3},0,null,0,4,4,{"$nulls":4},{"$f":"(AE507*'MS-8,9,10 Domain 3 Weights'!$B$2)+(AF507*'MS-8,9,10 Domain 3 Weights'!$B$3)+(AG507*'MS-8,9,10 Domain 3 Weights'!$B$4)+(AH507*'MS-8,9,10 Domain 3 Weights'!$B$5)","v":0},3,3,3,9,"No","NOT SELECTED","NOT SELECTED","InR",null,"This is reflected in standard  1.9"]
[null," 8.4","8",6,"MS-7",null,"6.     The health facility has supplies of thermometers, age-appropriate weighing scales and wooden boards or metal beams with a mounted rule that permit measurement of crown-to-heel length (infants < 2 years lying down) or height (older children standing up) in centimetres. (95.36)","Inputs: Infrastructure, equipment, supplies  cross-cutting","Availability of essential medicines, equipment, power, water and WASH supplies ","Supporting systems","Input InfrastMedSupEquip","Both",null,3,4,3,3,3,3,13,null,0,{"$nulls":3},0,null,0,4,4,{"$nulls":4},{"$f":"(AE508*'MS-8,9,10 Domain 3 Weights'!$B$2)+(AF508*'MS-8,9,10 Domain 3 Weights'!$B$3)+(AG508*'MS-8,9,10 Domain 3 Weights'!$B$4)+(AH508*'MS-8,9,10 Domain 3 Weights'!$B$5)","v":0},3,3,3,9,"No","NOT SELECTED","NOT SELECTED","InR",null,"This belongs to Standard 8.3. "]
[null," 8.4","8",7,"MS-7",null,"7.     The health facility has adequate essential child-friendly equipment and medical supplies, including an oxygen source, to support routine and emergency management of children. (94.04)","Inputs: Infrastructure, equipment, supplies  cross-cutting","Availability of essential medicines, equipment, power, water and WASH supplies ","Supporting systems","Input InfrastMedSupEquip","Both",null,3,4,3,3,3,3,13,null,0,{"$nulls":3},{"$f":"SUM(W509:Y509)","v":0},null,0,4,4,{"$nulls":4},{"$f":"(AE509*'MS-8,9,10 Domain 3 Weights'!$B$2)+(AF509*'MS-8,9,10 Domain 3 Weights'!$B$3)+(AG509*'MS-8,9,10 Domain 3 Weights'!$B$4)+(AH509*'MS-8,9,10 Domain 3 Weights'!$B$5)","v":0},3,3,3,9,"No","NOT SELECTED","NOT SELECTED","InR"]
[null," 8.4","8",8,"MS-7",null,"8.     The health facility has essential laboratory supplies (e.g. needles, reagents, specimen bottles) to support routine and emergency management of children. (94.88)","Inputs: Infrastructure, equipment, supplies  cross-cutting","Availability of essential medicines, equipment, power, water and WASH supplies ","Supporting systems","Input InfrastMedSupEquip","Both",null,4,4,3,5,3,3,16,null,0,{"$nulls":3},0,null,0,5,5,{"$nulls":4},{"$f":"(AE510*'MS-8,9,10 Domain 3 Weights'!$B$2)+(AF510*'MS-8,9,10 Domain 3 Weights'!$B$3)+(AG510*'MS-8,9,10 Domain 3 Weights'!$B$4)+(AH510*'MS-8,9,10 Domain 3 Weights'!$B$5)","v":0},4,3,3,10,"Yes","SELECTED","NOT SELECTED","InR",null,"need consistency. Supplies is noted in standard 8.3. We need to agree whether we want laboratory in Standar 8.3 or 8.4. "]
[null," 8.4","8",9,"MS-7",null,"9.     The facility has a system for the storage and distribution of all vaccines and their diluents in a cold-chain system maintained in the WHO-recommended temperature ranges at all times. (95.87)","Inputs: management and oversight","Oversight and management on  cross-cutting supporting  systems","Supporting systems","Input Over&Man","Both",null,4,4,3,5,3,3,16,null,0,{"$nulls":3},0,null,0,4,4,{"$nulls":4},{"$f":"(AE511*'MS-8,9,10 Domain 3 Weights'!$B$2)+(AF511*'MS-8,9,10 Domain 3 Weights'!$B$3)+(AG511*'MS-8,9,10 Domain 3 Weights'!$B$4)+(AH511*'MS-8,9,10 Domain 3 Weights'!$B$5)","v":0},3,3,3,9,"No","NOT SELECTED","NOT SELECTED","InR"]
[null," 8.4","8",10,"MS-7",null,"1.     Proportion of health professionals who provide child health services who have received training in appropriate child medication. (88.67)","Inputs: Human resources","Human resources (specific clinincal training)","Supporting systems","Input HumRes","Both",null,4,4,3,5,3,3,16,null,0,{"$nulls":3},0,null,0,4,4,{"$nulls":4},{"$f":"(AE512*'MS-8,9,10 Domain 3 Weights'!$B$2)+(AF512*'MS-8,9,10 Domain 3 Weights'!$B$3)+(AG512*'MS-8,9,10 Domain 3 Weights'!$B$4)+(AH512*'MS-8,9,10 Domain 3 Weights'!$B$5)","v":0},3,3,3,9,"No","NOT SELECTED","NOT SELECTED","Prov"]
[null," 8.4","8",11,"MS-7",null,"1.     Proportion of days in the past 3 months when there were stock outs of one or more essential medicines. (90.74)","Inputs: Infrastructure, equipment, supplies  cross-cutting","Availability of essential medicines, equipment, power, water and WASH supplies ","Supporting systems","Input InfrastMedSupEquip","Both",null,4,4,3,5,3,3,16,null,0,{"$nulls":3},0,null,0,5,5,{"$nulls":4},{"$f":"(AE513*'MS-8,9,10 Domain 3 Weights'!$B$2)+(AF513*'MS-8,9,10 Domain 3 Weights'!$B$3)+(AG513*'MS-8,9,10 Domain 3 Weights'!$B$4)+(AH513*'MS-8,9,10 Domain 3 Weights'!$B$5)","v":0},4,3,3,10,"Yes","SELECTED","NOT SELECTED","InR"]
[null," 8.4","8",12,"MS-7",null,"2.     Proportion of days in the past 3 months when there was a stock out of blood. (90.98)","Inputs: Organization and availability of health services","Availability of essential medicines, equipment, power, water and WASH supplies inpatient","Supporting systems","Input InfrastMedSupEquip","Inpatient",null,4,4,3,5,4,4,16,null,0,{"$nulls":3},0,null,0,5,5,{"$nulls":4},{"$f":"(AE514*'MS-8,9,10 Domain 3 Weights'!$B$2)+(AF514*'MS-8,9,10 Domain 3 Weights'!$B$3)+(AG514*'MS-8,9,10 Domain 3 Weights'!$B$4)+(AH514*'MS-8,9,10 Domain 3 Weights'!$B$5)","v":0},4,3,3,10,"Yes","SELECTED","NOT SELECTED","InR"]
[null," 8.4","8",13,"MS-7",null,"3.     Proportion of days in the past 3 months when oxygen was not available in the health facility in areas in which children are cared for. (91.40)","Inputs: Organization and availability of health services","Availability of essential medicines, equipment, power, water and WASH supplies inpatient","Supporting systems","Input InfrastMedSupEquip","Inpatient",null,4,4,3,5,4,4,16,null,0,{"$nulls":3},0,null,0,4,4,{"$nulls":4},{"$f":"(AE515*'MS-8,9,10 Domain 3 Weights'!$B$2)+(AF515*'MS-8,9,10 Domain 3 Weights'!$B$3)+(AG515*'MS-8,9,10 Domain 3 Weights'!$B$4)+(AH515*'MS-8,9,10 Domain 3 Weights'!$B$5)","v":0},3,3,3,9,"No","NOT SELECTED","NOT SELECTED","InR"]
[null," 8.4","8",14,"MS-7",null,"4.     Proportion of reviewed child deaths in which the child did not receive appropriate care due to lack of essential medicines or supplies. (91.23)","Outomes: Access to medicines,  services and facilities, financial access to services","Access to supplies, medicines, equipment inpatient","Supporting systems","Input InfrastMedSupEquip","Inpatient",null,4,4,3,5,3,3,16,null,0,{"$nulls":3},0,null,0,4,4,{"$nulls":4},{"$f":"(AE516*'MS-8,9,10 Domain 3 Weights'!$B$2)+(AF516*'MS-8,9,10 Domain 3 Weights'!$B$3)+(AG516*'MS-8,9,10 Domain 3 Weights'!$B$4)+(AH516*'MS-8,9,10 Domain 3 Weights'!$B$5)","v":0},3,3,3,9,"No","NOT SELECTED","NOT SELECTED","Doc"]
[{"$nulls":3},15,"MS-7",null,"The health facility has all clinical guidelines nesessary for care of newborns, children and young adolescents relevant to the level of care (inpatient and/or outpaitnet)","Inputs: Clinical Guidelines, protocols, job aides","All clinical guidelines","Supporting systems","Input ClinGuidelin","Both",null,4,4,3,5,3,3,16,null,0,{"$nulls":3},0,null,0,5,5,{"$nulls":4},{"$f":"(AE517*'MS-8,9,10 Domain 3 Weights'!$B$2)+(AF517*'MS-8,9,10 Domain 3 Weights'!$B$3)+(AG517*'MS-8,9,10 Domain 3 Weights'!$B$4)+(AH517*'MS-8,9,10 Domain 3 Weights'!$B$5)","v":0},4,3,3,10,"Yes","SELECTED","NOT SELECTED","InR",null,"as discussed, we need  to have one measure that collectively describes all relevant paediatric  clinical guidelines to be available in health facilities. Therefore, adding this measure was proposed. "]
[{"$nulls":3},16,"MS-7",null,"The health facility has all operational guidelines to provide care of newborns, children and young adolescents relevant to the level of care","Inputs: Operational Guidelines","All operational guidelines","Supporting systems","Input OperGuide","Both",null,4,4,3,5,3,3,16,null,{"$f":"IF(E518=\"MS-1\",U518*(VLOOKUP(K518,_tbl.MS1,3,FALSE)),U518)","v":0},{"$nulls":3},0,null,0,5,5,{"$nulls":4},{"$f":"(AE518*'MS-8,9,10 Domain 3 Weights'!$B$2)+(AF518*'MS-8,9,10 Domain 3 Weights'!$B$3)+(AG518*'MS-8,9,10 Domain 3 Weights'!$B$4)+(AH518*'MS-8,9,10 Domain 3 Weights'!$B$5)","v":0},4,3,3,10,"Yes","SELECTED","NOT SELECTED","InR",null,"as discussed, we need  to have one measure that collectively describes all relevant paediatric  non-clinical guidelines to be available in health facilities. Therefore, adding this measure was proposed. "]

{"sheet":"Demonstration_Backup","index":1,"n_rows":518,"n_cols":45,"rows_kept":518,"hidden":true,"merged":[[7,12,7,18],[7,19,7,26],[7,27,7,28],[7,29,7,33],[7,38,7,40]]}
[{"$nulls":15},"Mininumm Score for all criteria",16,{"$nulls":4},"scores 1-5 (1 lowest, 5 highest)"]
[{"$nulls":15},"Mininumm Score for D1 Inputs",4,{"$nulls":27},true]
[{"$nulls":15},"Mininumm Score for D1 Processes",13,{"$nulls":27},false]
[{"$nulls":15},"Mininumm Score for Dom 1 outcomes",4]
[{"$nulls":15},"Mininumm Score for Dom 2",5]
[{"$nulls":15},"Mininumm Score for Dom 3",2.5]
[{"$nulls":15},"Minimum Score Common Core",13]
[{"$nulls":12},"Criteria for all measures",{"$nulls":6},"Criteria for  Domain 1",{"$nulls":7},"Criterion for Domain 2",null,"Criteria for Domain 3",{"$nulls":4},"Additional Criteria Common Core",{"$nulls":3},"Prioretization results",null,null,"Additional features",null,"Comment"]
["Stat","St","N","Subdomain",null,"Measures","Measurement Domain","Measurement Scope","Measurement Domain","System categories","Service Settings","Clinical Areas","Relevant","Actionable","Feasible","Valid","Accurate/Reliable","Clear","TotalScore","Importance (inputs)","TotalScore Inputs","Importance","Coverage","EB/Impactful","TotalScore Processes","Importance (Outcomes)","TotalScore Outcomes","Importance","TotalScore Dom2","Participation","Patient Reported","No Harm","Patient's Right","TotalScore Dom3","Useful","Impactful","Comparable","TotalScore Common Core","Prioretized based on additional criteria","Selected for catalogue Measures","Selected for Common Core",{"$f":"Lists!A52","v":"Preferred Data Source"},"Measurement Frequency","Comment"]
[" 1.1","1",1,"MS-1",null,"1.     The health facility has written, up-to-date clinical protocols and procedures for emergency triage, assessment and management of common paediatric emergencies and trauma consistent with evidence-based and/or WHO guidelines. (92.71)",null,"Clinical condition-specific guidelines, protocols, job aides","Provision Of Care","Input ClinGuidelin","Both","1 ASB/ETAT/Asses/class/full",4,4,3,4,2,2,{"$f":"SUM(M10:$P10)","v":15},4,{"$f":"IF(D10=\"MS-1\",T10*(VLOOKUP(J10,_tbl.MS1,3,FALSE)),T10)","v":1.2},{"$nulls":3},{"$f":"SUM(V10:X10)","v":0},null,{"$f":"Z10","v":0},null,{"$f":"AB10","v":0},{"$nulls":4},{"$f":"(AD10*'MS-8,9,10 Domain 3 Weights'!$B$2)+(AE10*'MS-8,9,10 Domain 3 Weights'!$B$3)+(AF10*'MS-8,9,10 Domain 3 Weights'!$B$4)+(AG10*'MS-8,9,10 Domain 3 Weights'!$B$5)","v":0},3,2,2,{"$f":"SUM(AI10:AK10)","v":7},{"$f":"IF(OR(U10>=$Q$2,Y10>=$Q$3,AA10>=$Q$4,AC10>=$Q$5,AH10>=$Q$6),\"Yes\",\"No\")","v":"No"},{"$f":"IF(AND(S10>=$Q$1,AM10=\"Yes\"),\"SELECTED\",\"NOT SELECTED\")","v":"NOT SELECTED"},{"$f":"IF(AND(AN10=\"SELECTED\",AL10>=$Q$7),\"CORE\",\"NOT SELECTED\")","v":"NOT SELECTED"},"InR"]
[" 1.1","1",2,"MS-1",null,"2.     The health facility has the essential equipment and supplies for assessing and monitoring paediatric emergencies (e.g. weighing scales, thermometer, blood pressure measuring device, blood glucose and oxygen saturation tests). (95.59)","Inputs: Clinical Guidelines, protocols, job aides","Clinical condition-specific medicines, supplies and equipment","Provision ","Input InfrastMedSupEquip","Both","1 ASB/ETAT/Asses/class/full",4,4,5,5,2,3,{"$f":"SUM(M11:$P11)","v":18},5,5,{"$nulls":3},0,null,{"$f":"Z11","v":0},null,{"$f":"AB11","v":0},{"$nulls":4},{"$f":"(AD11*'MS-8,9,10 Domain 3 Weights'!$B$2)+(AE11*'MS-8,9,10 Domain 3 Weights'!$B$3)+(AF11*'MS-8,9,10 Domain 3 Weights'!$B$4)+(AG11*'MS-8,9,10 Domain 3 Weights'!$B$5)","v":0},3,3,4,{"$f":"SUM(AI11:AK11)","v":10},{"$f":"IF(OR(U11>=$Q$2,Y11>=$Q$3,AA11>=$Q$4,AC11>=$Q$5,AH11>=$Q$6),\"Yes\",\"No\")","v":"Yes"},{"$f":"IF(AND(S11>=$Q$1,AM11=\"Yes\"),\"SELECTED\",\"NOT SELECTED\")","v":"SELECTED"},{"$f":"IF(AND(AN11=\"SELECTED\",AL11>=$Q$7),\"CORE\",\"NOT SELECTED\")","v":"NOT SELECTED"},"InR"]
[" 1.1","1",3,"MS-1",null,"3.     The health facility has a 24-h triage system for every sick child to ensure a rapid visual inspection within a few minutes of arrival that is not delayed by administrative or payment procedures. (88.72)","Inputs: Operational Guidelines","Operational guidelines, protocols related to care provision","Provision ","Input Over&Man","Both","1 ASB/ETAT/Asses/class/full",4,5,5,4,3,4,{"$f":"SUM(M12:$P12)","v":18},5,2.5,{"$nulls":3},0,null,0,null,0,{"$nulls":4},{"$f":"(AD12*'MS-8,9,10 Domain 3 Weights'!$B$2)+(AE12*'MS-8,9,10 Domain 3 Weights'!$B$3)+(AF12*'MS-8,9,10 Domain 3 Weights'!$B$4)+(AG12*'MS-8,9,10 Domain 3 Weights'!$B$5)","v":0},3,3,2,8,{"$f":"IF(OR(U12>=$Q$2,Y12>=$Q$3,AA12>=$Q$4,AC12>=$Q$5,AH12>=$Q$6),\"Yes\",\"No\")","v":"No"},{"$f":"IF(AND(S12>=$Q$1,AM12=\"Yes\"),\"SELECTED\",\"NOT SELECTED\")","v":"NOT SELECTED"},{"$f":"IF(AND(AN12=\"SELECTED\",AL12>=$Q$7),\"CORE\",\"NOT SELECTED\")","v":"NOT SELECTED"},"InR","semiannual"]
[" 1.1","1",4,"MS-1",null,"4.     The health facility receiving a referred paediatric patient with danger or emergency signs or injuries has a system for immediate emergency care, and a full initial assessment is made by suitably trained staff within 15 min of arrival. (88.30)","Inputs: Operational Guidelines","Operational guidelines, protocols related to care provision inpatient","Provision ","Input Over&Man","Inpatient","1 ASB/ETAT/Asses/class/full",5,5,3,4,3,3,{"$f":"SUM(M13:$P13)","v":17},5,2.5,{"$nulls":3},0,null,0,null,0,{"$nulls":4},{"$f":"(AD13*'MS-8,9,10 Domain 3 Weights'!$B$2)+(AE13*'MS-8,9,10 Domain 3 Weights'!$B$3)+(AF13*'MS-8,9,10 Domain 3 Weights'!$B$4)+(AG13*'MS-8,9,10 Domain 3 Weights'!$B$5)","v":0},3,3,4,10,"No","NOT SELECTED","NOT SELECTED","InR"]
[" 1.1","1",5,"MS-1",null,"5.     The health facility has a designated emergency care area, room or trolley in the outpatient area and wards equipped with appropriate paediatric equipment, supplies and essential medicines for emergency resuscitation and initial treatment. (94.19)","Inputs: infrastructure, equipment, supplies clinical condition-specific","Clinical condition-specific medicines, supplies and equipment","Provision ","Input InfrastMedSupEquip","Both","1 ASB/ETAT/Asses/class/full",4,4,4,4,3,4,{"$f":"SUM(M14:$P14)","v":16},5,5,{"$nulls":3},0,null,0,null,0,{"$nulls":4},{"$f":"(AD14*'MS-8,9,10 Domain 3 Weights'!$B$2)+(AE14*'MS-8,9,10 Domain 3 Weights'!$B$3)+(AF14*'MS-8,9,10 Domain 3 Weights'!$B$4)+(AG14*'MS-8,9,10 Domain 3 Weights'!$B$5)","v":0},3,3,4,10,"Yes","SELECTED","NOT SELECTED","InR"]
[" 1.1","1",6,"MS-1",null,"6.     The designated emergency care area, room or trolley in the outpatient area and wards has visible emergency care aids (e.g. standardized algorithms or protocols, medicines, fluids and treatment dosage wall charts). (90.49)","Inputs: infrastructure, equipment, supplies clinical condition-specific","Clinical condition-specific medicines, supplies and equipment","Provision ","Input ClinGuidelin","Both","1 ASB/ETAT/Asses/class/full",4,4,4,3,3,4,{"$f":"SUM(M15:$P15)","v":15},4,1.2,{"$nulls":3},0,null,0,null,0,{"$nulls":4},{"$f":"(AD15*'MS-8,9,10 Domain 3 Weights'!$B$2)+(AE15*'MS-8,9,10 Domain 3 Weights'!$B$3)+(AF15*'MS-8,9,10 Domain 3 Weights'!$B$4)+(AG15*'MS-8,9,10 Domain 3 Weights'!$B$5)","v":0},3,3,2,8,"No","NOT SELECTED","NOT SELECTED","InR"]
[" 1.1","1",7,"MS-1",null,"7.     The health facility professional staff organize emergency care drills at least once every 12 months for all staff working in paediatric emergency areas and on wards to which severely ill children are admitted. (85.39)","Inputs: Human resources","Human resources (specific clinincal training)","Provision ","Input HumRes","Both","1 ASB/ETAT/Asses/class/full",4,4,4,4,3,4,{"$f":"SUM(M16:$P16)","v":16},5,3.5,{"$nulls":3},0,null,0,null,0,{"$nulls":4},{"$f":"(AD16*'MS-8,9,10 Domain 3 Weights'!$B$2)+(AE16*'MS-8,9,10 Domain 3 Weights'!$B$3)+(AF16*'MS-8,9,10 Domain 3 Weights'!$B$4)+(AG16*'MS-8,9,10 Domain 3 Weights'!$B$5)","v":0},3,3,3,9,"No","NOT SELECTED","NOT SELECTED","Prov",null,"1.1. #7 is similar to #12"]
[" 1.1","1",8,"MS-1",null,"8.     The health facility maintains an update-to-date 24-h staff duty roster, with a functioning contact mechanism for finding additional support, which ensures that staff responsible for paediatric triage are available at all times. (88.95)","Inputs: management and oversight","Oversight and management  on care provision","Provision ","Input Over&Man","Inpatient","1 ASB/ETAT/Asses/class/full",4,5,3,4,3,3,{"$f":"SUM(M17:$P17)","v":16},4,2,{"$nulls":3},0,null,0,null,0,{"$nulls":4},{"$f":"(AD17*'MS-8,9,10 Domain 3 Weights'!$B$2)+(AE17*'MS-8,9,10 Domain 3 Weights'!$B$3)+(AF17*'MS-8,9,10 Domain 3 Weights'!$B$4)+(AG17*'MS-8,9,10 Domain 3 Weights'!$B$5)","v":0},3,3,3,9,"No","NOT SELECTED","NOT SELECTED","InR"]
[" 1.1","1",12,"MS-1",null,"4.     Proportion of all professional health staff who care for children in a health facility who received training or refresher courses in emergency triage, assessment and treatment or paediatric emergency care during the past 12 months. (89.59)","Inputs: Human resources","Human resources (specific clinincal training)","Provision ","Input HumRes","Both","1 ASB/ETAT/Asses/class/full",4,4,4,4,3,4,{"$f":"SUM(M18:$P18)","v":16},4,2.8,{"$nulls":3},0,null,0,null,0,{"$nulls":4},{"$f":"(AD18*'MS-8,9,10 Domain 3 Weights'!$B$2)+(AE18*'MS-8,9,10 Domain 3 Weights'!$B$3)+(AF18*'MS-8,9,10 Domain 3 Weights'!$B$4)+(AG18*'MS-8,9,10 Domain 3 Weights'!$B$5)","v":0},3,3,3,9,"No","NOT SELECTED","NOT SELECTED","Prov",null,"1.1. #7 is similar to #12"]
[" 1.1","1",13,"MS-1",null,"5.     Proportion of all professional health staff who care for children in a health facility who received training and/or refresher sessions in the management of common paediatric conditions during the past 12 months. (86.73)","Inputs: Human resources","Human resources (specific clinincal training)","Provision ","Input HumRes","Both","1 ASB/ETAT/Asses/class/full",4,4,4,4,3,4,{"$f":"SUM(M19:$P19)","v":16},4,2.8,{"$nulls":3},0,null,0,null,0,{"$nulls":4},{"$f":"(AD19*'MS-8,9,10 Domain 3 Weights'!$B$2)+(AE19*'MS-8,9,10 Domain 3 Weights'!$B$3)+(AF19*'MS-8,9,10 Domain 3 Weights'!$B$4)+(AG19*'MS-8,9,10 Domain 3 Weights'!$B$5)","v":0},3,3,3,9,"No","NOT SELECTED","NOT SELECTED","Prov"]
[" 1.1","1",9,"MS-2",null,"1.     Proportion of all children with general danger or emergency signs or injuries who were assessed within 15 min of arrival at the facility (86.78)","Processes: EB care, harmful practices, patient-centered practices","Compliance with EB care practices","Provision ","Process","Both","1 ASB/ETAT/Asses/class/full",4,4,3,4,3,3,{"$f":"SUM(M20:P20)","v":15},null,0,5,3,3,11,null,0,null,0,{"$nulls":4},{"$f":"(AD20*'MS-8,9,10 Domain 3 Weights'!$B$2)+(AE20*'MS-8,9,10 Domain 3 Weights'!$B$3)+(AF20*'MS-8,9,10 Domain 3 Weights'!$B$4)+(AG20*'MS-8,9,10 Domain 3 Weights'!$B$5)","v":0},4,4,3,11,"No","NOT SELECTED","NOT SELECTED","RIS",null,"Difficult to cocalculate the denominator. I would suggest to measure index of integrated assessment by WHO indicator or assessment of vital and danger signs. "]
[" 1.1","1",10,"MS-2",null,"2.     Proportion of all children with general danger or emergency signs who required referral who received correct emergency and/or prereferral treatment. (88.42)","Processes: EB care, harmful practices, patient-centered practices","Compliance with EB care practices","Provision ","Process","Both","1 ASB/ETAT/Asses/class/full",4,4,4,4,4,3,16,null,0,5,3,5,13,null,0,null,0,{"$nulls":4},{"$f":"(AD21*'MS-8,9,10 Domain 3 Weights'!$B$2)+(AE21*'MS-8,9,10 Domain 3 Weights'!$B$3)+(AF21*'MS-8,9,10 Domain 3 Weights'!$B$4)+(AG21*'MS-8,9,10 Domain 3 Weights'!$B$5)","v":0},4,4,3,11,"Yes","SELECTED","NOT SELECTED","RIS",null,"Note: in the column X, cells highlighted in yellow are the ones with no evidence. The scoring for these measures are done by expert"]
[" 1.1","1",11,"MS-2",null,"3.     Proportion of all children under 5 years of age who did not require urgent referral or admission who were properly assessed according to WHO Integrated management of childhood and neonatal illnesses (IMNCI) guidelines. (84.66) ","Processes: EB care, harmful practices, patient-centered practices","Compliance with EB care practices","Provision ","Process","Both","1 ASB/ETAT/Asses/class/full",4,4,3,5,4,3,16,null,0,5,5,5,15,null,0,null,0,{"$nulls":4},{"$f":"(AD22*'MS-8,9,10 Domain 3 Weights'!$B$2)+(AE22*'MS-8,9,10 Domain 3 Weights'!$B$3)+(AF22*'MS-8,9,10 Domain 3 Weights'!$B$4)+(AG22*'MS-8,9,10 Domain 3 Weights'!$B$5)","v":0},4,5,4,13,"Yes","SELECTED","CORE","RIS","Monthly","This is similar to WHO's Index of Integrated Assessment indicator, which includes 10 assessment elements. "]
[" 1.1","1",14,"MS-2",null,"6.     Proportion of all sick children who attended the health facility who were immediately triaged on arrival, before receiving definitive care or a full assessment by a health professional. (82.97)","Inputs: Organization and availability of health services","Organization of care processes (including information exchange, care coordination and referral)","Provision ","Process","Both","1 ASB/ETAT/Asses/class/full",4,4,3,4,4,3,15,null,0,5,5,3,13,null,0,null,0,{"$nulls":4},{"$f":"(AD23*'MS-8,9,10 Domain 3 Weights'!$B$2)+(AE23*'MS-8,9,10 Domain 3 Weights'!$B$3)+(AF23*'MS-8,9,10 Domain 3 Weights'!$B$4)+(AG23*'MS-8,9,10 Domain 3 Weights'!$B$5)","v":0},4,4,3,11,"Yes","NOT SELECTED","NOT SELECTED","RIS"]
[" 1.1","1",15,"MS-2",null,"7.     Proportion of all children in shock who were adequately assessed for signs of shock and were appropriately resuscitated according to WHO guidelines. (87.51)","Processes: EB care, harmful practices, patient-centered practices","Compliance with EB care practices","Provision ","Process","Inpatient","1 ASB/ETAT/Asses/class/full",4,4,3,4,4,3,15,null,0,5,2,5,12,null,0,null,0,{"$nulls":4},{"$f":"(AD24*'MS-8,9,10 Domain 3 Weights'!$B$2)+(AE24*'MS-8,9,10 Domain 3 Weights'!$B$3)+(AF24*'MS-8,9,10 Domain 3 Weights'!$B$4)+(AG24*'MS-8,9,10 Domain 3 Weights'!$B$5)","v":0},4,4,3,11,"No","NOT SELECTED","NOT SELECTED","RIS"]
[" 1.1","1",16,"MS-3",null,"1.     Proportion of all cases of children who died within 24 h of admission whose cases  were audited and reviewed as part of performance improvement. (91.49)",null,"Death notification, review","Provision ","Input QI","Both","18 Undefined",3,4,3,3,4,5,13,null,0,{"$nulls":3},0,null,0,null,0,{"$nulls":4},{"$f":"(AD25*'MS-8,9,10 Domain 3 Weights'!$B$2)+(AE25*'MS-8,9,10 Domain 3 Weights'!$B$3)+(AF25*'MS-8,9,10 Domain 3 Weights'!$B$4)+(AG25*'MS-8,9,10 Domain 3 Weights'!$B$5)","v":0},{"$nulls":3},0,"No","NOT SELECTED","NOT SELECTED","InR",null,"1.1. #16 is similar to 2.2. #7 indicator, it is more natural to leave it in standard 2.2"]
[" 1.1","1",17,"MS-3",null,"2.     Proportion of sick children who attended the health facility who were triaged before seeing a doctor for treatment in either the outpatient department or the emergency unit. (77.57)",null,"Organization of care processes (including information exchange, care coordination and referral)","Provision ","Process","Both","1 ASB/ETAT/Asses/class/full",{"$nulls":6},0,null,0,{"$nulls":3},0,null,0,null,0,{"$nulls":4},{"$f":"(AD26*'MS-8,9,10 Domain 3 Weights'!$B$2)+(AE26*'MS-8,9,10 Domain 3 Weights'!$B$3)+(AF26*'MS-8,9,10 Domain 3 Weights'!$B$4)+(AG26*'MS-8,9,10 Domain 3 Weights'!$B$5)","v":0},{"$nulls":3},0,"No","NOT SELECTED","NOT SELECTED","RIS"]
[" 1.1","1",18,"MS-3",null,"3.     The age-disaggregated child mortality rate in the health facility: number of child deaths in the total number of children who presented to the health facility). (93.10)","Impact/No disease-specific care outcomes","Impact inpatient (no clinical content-specific outcomes e.g institutional child mortality)","Provision ","Impact","Both","18 Undefined",5,5,4,5,4,3,{"$f":"SUM(M27:P27)","v":19},null,0,{"$nulls":3},0,5,5,null,0,{"$nulls":4},{"$f":"(AD27*'MS-8,9,10 Domain 3 Weights'!$B$2)+(AE27*'MS-8,9,10 Domain 3 Weights'!$B$3)+(AF27*'MS-8,9,10 Domain 3 Weights'!$B$4)+(AG27*'MS-8,9,10 Domain 3 Weights'!$B$5)","v":0},5,4,5,14,"Yes","SELECTED","CORE","RIS","Monthly","disaggregate by age and cause"]
[" 1.1","1",19,"MS-3",null,"4.     Proportion of all children with emergency signs who were resuscitated and received emergency care consistent with WHO emergency care protocols and guidelines. (84.96)","Processes: EB care, harmful practices, patient-centered practices","Compliance with EB care practices","Provision ","Process","Both","1 ASB/ETAT/Asses/class/full",{"$nulls":6},0,null,0,5,3,5,13,null,0,null,0,{"$nulls":4},{"$f":"(AD28*'MS-8,9,10 Domain 3 Weights'!$B$2)+(AE28*'MS-8,9,10 Domain 3 Weights'!$B$3)+(AF28*'MS-8,9,10 Domain 3 Weights'!$B$4)+(AG28*'MS-8,9,10 Domain 3 Weights'!$B$5)","v":0},{"$nulls":3},0,"Yes","NOT SELECTED","NOT SELECTED","RIS"]
[" 1.2","1",1,"MS-1",null,"1.     The health facility has written, up-to-date clinical protocols for assessing, identifying and appropriately managing newborns and young infants with PSBI, local infections or jaundice, consistent with WHO guidelines. (93.16)","Inputs: Clinical Guidelines, protocols, job aides","Clinical condition-specific guidelines, protocols, job aides","Provision ","Input ClinGuidelin","Both","2 SickYI/Pret/Small",4,4,3,4,null,null,{"$f":"SUM(M29:$P29)","v":15},4,1.2,{"$nulls":3},0,null,0,null,0,{"$nulls":4},{"$f":"(AD29*'MS-8,9,10 Domain 3 Weights'!$B$2)+(AE29*'MS-8,9,10 Domain 3 Weights'!$B$3)+(AF29*'MS-8,9,10 Domain 3 Weights'!$B$4)+(AG29*'MS-8,9,10 Domain 3 Weights'!$B$5)","v":0},3,3,2,8,"No","NOT SELECTED","NOT SELECTED","InR"]
[" 1.2","1",2,"MS-1",null,"2.     The health facility has supplies of antibiotics (first- and second-line) for prereferral treatment and/or full treatment of neonatal sepsis and meningitis that are adequate for the expected case load without stock outs. (95.48)","Inputs: infrastructure, equipment, supplies clinical condition-specific","Clinical condition-specific medicines, supplies and equipment","Provision ","Input InfrastMedSupEquip","Both","2 SickYI/Pret/Small",4,4,4,4,3,4,{"$f":"SUM(M30:$P30)","v":16},5,5,{"$nulls":3},0,null,0,null,0,{"$nulls":4},{"$f":"(AD30*'MS-8,9,10 Domain 3 Weights'!$B$2)+(AE30*'MS-8,9,10 Domain 3 Weights'!$B$3)+(AF30*'MS-8,9,10 Domain 3 Weights'!$B$4)+(AG30*'MS-8,9,10 Domain 3 Weights'!$B$5)","v":0},3,3,4,10,"Yes","SELECTED","NOT SELECTED","InR"]
[" 1.2","1",3,"MS-1",null,"3.     The health facility clinical staff who care for newborn and young infants receive training or regular refresher sessions in recognizing and managing sick young infants at least once every 12 months. (89.30)","Inputs: Human resources","Human resources (specific clinincal training)","Provision ","Input HumRes","Both","2 SickYI/Pret/Small",4,4,4,4,3,4,{"$f":"SUM(M31:$P31)","v":16},null,0,{"$nulls":3},0,null,0,null,0,{"$nulls":4},{"$f":"(AD31*'MS-8,9,10 Domain 3 Weights'!$B$2)+(AE31*'MS-8,9,10 Domain 3 Weights'!$B$3)+(AF31*'MS-8,9,10 Domain 3 Weights'!$B$4)+(AG31*'MS-8,9,10 Domain 3 Weights'!$B$5)","v":0},3,3,3,9,"No","NOT SELECTED","NOT SELECTED","Prov"]
[" 1.2","1",4,"MS-1",null,"4.     The referral receiving facility for high-risk and severely ill newborn and young infants has appropriate diagnostic tests and medical devices for appropriate investigation and management. (93.40)","Inputs: infrastructure, equipment, supplies clinical condition-specific","Clinical condition-specific medicines, supplies and equipment inpatient","Provision ","Input InfrastMedSupEquip","Inpatient","2 SickYI/Pret/Small",4,4,4,4,3,4,{"$f":"SUM(M32:$P32)","v":16},3,3,{"$nulls":3},0,null,0,null,0,{"$nulls":4},{"$f":"(AD32*'MS-8,9,10 Domain 3 Weights'!$B$2)+(AE32*'MS-8,9,10 Domain 3 Weights'!$B$3)+(AF32*'MS-8,9,10 Domain 3 Weights'!$B$4)+(AG32*'MS-8,9,10 Domain 3 Weights'!$B$5)","v":0},3,3,4,10,"No","NOT SELECTED","NOT SELECTED","InRInI"]
[" 1.2","1",5,"MS-1",null,"5.     The referral receiving facility has adequate material to provide optimal thermal care to preterm and small infants, including facilities for Kangaroo mother care. (93.37)","Inputs: infrastructure, equipment, supplies clinical condition-specific","Clinical condition-specific medicines, supplies and equipment outpatient","Provision ","Input InfrastMedSupEquip","Inpatient","2 SickYI/Pret/Small",4,4,4,4,3,4,{"$f":"SUM(M33:$P33)","v":16},5,5,{"$nulls":3},0,null,0,null,0,{"$nulls":4},{"$f":"(AD33*'MS-8,9,10 Domain 3 Weights'!$B$2)+(AE33*'MS-8,9,10 Domain 3 Weights'!$B$3)+(AF33*'MS-8,9,10 Domain 3 Weights'!$B$4)+(AG33*'MS-8,9,10 Domain 3 Weights'!$B$5)","v":0},3,3,4,10,"Yes","SELECTED","NOT SELECTED","InRInI"]
[" 1.2","1",6,"MS-1",null,"6.     The referral receiving facility for newborns with severe jaundice has procedures in place to assess severity, check bilirubin and provide effective phototherapy. (94.83)",null,"Health Care Services (availability) inpatient","Provision ","Input OperGuide","Inpatient","2 SickYI/Pret/Small",4,4,4,4,4,3,{"$f":"SUM(M34:$P34)","v":16},4,1.2,{"$nulls":3},0,null,0,null,0,{"$nulls":4},{"$f":"(AD34*'MS-8,9,10 Domain 3 Weights'!$B$2)+(AE34*'MS-8,9,10 Domain 3 Weights'!$B$3)+(AF34*'MS-8,9,10 Domain 3 Weights'!$B$4)+(AG34*'MS-8,9,10 Domain 3 Weights'!$B$5)","v":0},3,3,3,9,"No","NOT SELECTED","NOT SELECTED","InR"]
[" 1.2","1",7,"MS-1",null,"7.     The referral facility has a separate area or room in which sick newborns and young infants are admitted and managed. (91.70)","Inputs: infrastructure, equipment, supplies clinical condition-specific","Clinical condition-specific infrastructure inpatient","Provision ","Input InfrastMedSupEquip","Inpatient","2 SickYI/Pret/Small",4,4,4,4,3,4,{"$f":"SUM(M35:$P35)","v":16},3,3,{"$nulls":3},0,null,0,null,0,{"$nulls":4},{"$f":"(AD35*'MS-8,9,10 Domain 3 Weights'!$B$2)+(AE35*'MS-8,9,10 Domain 3 Weights'!$B$3)+(AF35*'MS-8,9,10 Domain 3 Weights'!$B$4)+(AG35*'MS-8,9,10 Domain 3 Weights'!$B$5)","v":0},3,3,4,10,"No","NOT SELECTED","NOT SELECTED","InR"]
[" 1.2","1",8,"MS-1",null,"8.     The referral receiving health facility has facilities for Kangaroo mother care and practises rooming-in of parents with their sick infants. (88.83)","Inputs: infrastructure, equipment, supplies clinical condition-specific","Clinical condition-specific infrastructure inpatient","Provision ","Input InfrastMedSupEquip","Inpatient","2 SickYI/Pret/Small",4,4,4,4,3,4,{"$f":"SUM(M36:$P36)","v":16},3,3,{"$nulls":3},0,null,0,null,0,{"$nulls":4},{"$f":"(AD36*'MS-8,9,10 Domain 3 Weights'!$B$2)+(AE36*'MS-8,9,10 Domain 3 Weights'!$B$3)+(AF36*'MS-8,9,10 Domain 3 Weights'!$B$4)+(AG36*'MS-8,9,10 Domain 3 Weights'!$B$5)","v":0},3,3,4,10,"No","NOT SELECTED","NOT SELECTED","InR"]
[" 1.2","1",9,"MS-2",null,"1.     Proportion of all sick young infants admitted to the health facility with any signs of PSBI who were appropriately classified and managed for PSBI or sepsis. (87.94)","Processes: EB care, harmful practices, patient-centered practices","Compliance with EB care practices inpatient","Provision ","Process","Inpatient","2 SickYI/Pret/Small",4,3,3,4,4,3,14,null,0,5,3,3,11,null,0,null,0,{"$nulls":4},{"$f":"(AD37*'MS-8,9,10 Domain 3 Weights'!$B$2)+(AE37*'MS-8,9,10 Domain 3 Weights'!$B$3)+(AF37*'MS-8,9,10 Domain 3 Weights'!$B$4)+(AG37*'MS-8,9,10 Domain 3 Weights'!$B$5)","v":0},4,4,3,11,"No","NOT SELECTED","NOT SELECTED","Obs",null,"#9 and #10 are similar. Picking #10 measure since it assesses performance at both levels: do not we need to check this indicator at thre "]
[" 1.2","1",10,"MS-2",null,"2.     Proportion of all sick young infants classified as having PSBI or sepsis who were prescribed appropriate antibiotics (correct choice, dose, frequency, route of administration and duration) according to WHO guidelines. (90.86)","Processes: EB care, harmful practices, patient-centered practices","Compliance with EB care practices","Provision ","Process","Both","2 SickYI/Pret/Small",4,4,3,5,4,3,16,null,0,5,4,4,13,null,0,null,0,{"$nulls":4},{"$f":"(AD38*'MS-8,9,10 Domain 3 Weights'!$B$2)+(AE38*'MS-8,9,10 Domain 3 Weights'!$B$3)+(AF38*'MS-8,9,10 Domain 3 Weights'!$B$4)+(AG38*'MS-8,9,10 Domain 3 Weights'!$B$5)","v":0},4,5,4,13,"Yes","SELECTED","CORE","RIS","Monthly"]
[" 1.2","1",11,"MS-2",null,"3.     Proportion of all sick young infants admitted to the facility with PSBI or fast breathing who were appropriately assessed for oxygen requirements with a pulse oximeter and received the documented appropriate amount of oxygen. (85.75)","Processes: EB care, harmful practices, patient-centered practices","Compliance with EB care practices inpatient","Provision ","Process","Inpatient","2 SickYI/Pret/Small",4,4,3,5,4,3,16,null,0,5,4,3,12,null,0,null,0,{"$nulls":4},{"$f":"(AD39*'MS-8,9,10 Domain 3 Weights'!$B$2)+(AE39*'MS-8,9,10 Domain 3 Weights'!$B$3)+(AF39*'MS-8,9,10 Domain 3 Weights'!$B$4)+(AG39*'MS-8,9,10 Domain 3 Weights'!$B$5)","v":0},4,5,3,12,"No","NOT SELECTED","NOT SELECTED","RIS"]
[" 1.2","1",13,"MS-2",null,"5.     Proportion of all sick young infants with severe jaundice whose bilirubin level was checked and who were appropriately managed according to WHO guidelines. (90.70)","Processes: EB care, harmful practices, patient-centered practices","Compliance with EB care practices","Provision ","Process","Inpatient","2 SickYI/Pret/Small",4,4,3,4,3,4,15,null,0,5,1,2,8,null,0,null,0,{"$nulls":4},{"$f":"(AD40*'MS-8,9,10 Domain 3 Weights'!$B$2)+(AE40*'MS-8,9,10 Domain 3 Weights'!$B$3)+(AF40*'MS-8,9,10 Domain 3 Weights'!$B$4)+(AG40*'MS-8,9,10 Domain 3 Weights'!$B$5)","v":0},4,4,4,12,"No","NOT SELECTED","NOT SELECTED","RIS"]
[" 1.2","1",14,"MS-2",null,"6.     Proportion of pre-term and/or small infants weighing < 2000 g who received Kangaroo mother care as part of clinical management in the health facility. (87.11)","Processes: EB care, harmful practices, patient-centered practices","Compliance with EB care practices","Provision ","Process","Both","2 SickYI/Pret/Small",4,5,3,4,4,3,16,null,0,5,4,4,13,null,0,null,0,{"$nulls":4},{"$f":"(AD41*'MS-8,9,10 Domain 3 Weights'!$B$2)+(AE41*'MS-8,9,10 Domain 3 Weights'!$B$3)+(AF41*'MS-8,9,10 Domain 3 Weights'!$B$4)+(AG41*'MS-8,9,10 Domain 3 Weights'!$B$5)","v":0},4,5,4,13,"Yes","SELECTED","CORE","RIS","Monthly"]
[" 1.2","1",15,"MS-3",null,"7.     Proportion of all sick young infants admitted to the facility who were maintained on exclusive breastfeeding and/or received only expressed breast milk during hospitalization, up to discharge. (84.05)","Impact/No disease-specific care outcomes","Children under 6 months exclusively breastfed inpatient","Provision ","Outcome","Inpatient","2 SickYI/Pret/Small",3,4,4,4,3,4,{"$f":"SUM(M42:P42)","v":15},null,0,5,4,4,13,5,5,null,0,{"$nulls":4},{"$f":"(AD42*'MS-8,9,10 Domain 3 Weights'!$B$2)+(AE42*'MS-8,9,10 Domain 3 Weights'!$B$3)+(AF42*'MS-8,9,10 Domain 3 Weights'!$B$4)+(AG42*'MS-8,9,10 Domain 3 Weights'!$B$5)","v":0},4,4,4,12,"Yes","NOT SELECTED","NOT SELECTED","RIS",null,"Indicator # 10 of 5.5.; #6 of of 6.1., #7 of 1.6. and  #15 of 1.2. are the same; we have selected this in Standard 5.5."]
[" 1.2","1",16,"MS-3",null,"1.     Proportion of all sick young infants treated for PSBI or sepsis who died in the health facility (case fatality rate). (94.20)","Outcomes: clinical condition-specific outcome","Clinical condition-specific outcome inpatient","Provision ","Outcome","Inpatient","2 SickYI/Pret/Small",4,4,4,4,3,4,16,null,0,{"$nulls":3},0,5,5,null,0,{"$nulls":4},{"$f":"(AD43*'MS-8,9,10 Domain 3 Weights'!$B$2)+(AE43*'MS-8,9,10 Domain 3 Weights'!$B$3)+(AF43*'MS-8,9,10 Domain 3 Weights'!$B$4)+(AG43*'MS-8,9,10 Domain 3 Weights'!$B$5)","v":0},4,4,4,12,"Yes","SELECTED","NOT SELECTED","RIS"]
[" 1.2","1",17,"MS-3",null,"2.     Proportion of all sick young infants who were readmitted within 48 h of discharge. (85.16) ","Outcomes: clinical condition-specific outcome","Clinical condition-specific outcome inpatient","Provision ","Outcome","Inpatient","2 SickYI/Pret/Small",4,4,4,4,3,4,16,null,0,{"$nulls":3},0,3,3,null,0,{"$nulls":4},{"$f":"(AD44*'MS-8,9,10 Domain 3 Weights'!$B$2)+(AE44*'MS-8,9,10 Domain 3 Weights'!$B$3)+(AF44*'MS-8,9,10 Domain 3 Weights'!$B$4)+(AG44*'MS-8,9,10 Domain 3 Weights'!$B$5)","v":0},4,4,4,12,"No","NOT SELECTED","NOT SELECTED","RIS"]
[" 1.2","1",18,"MS-3",null,"3.     Proportion of all newborns (0–28 days) managed in the health facility who died in the health facility. (96.96)","Outcomes: clinical condition-specific outcome","Clinical condition-specific outcome inpatient","Provision ","Impact","Inpatient","18 Undefined",{"$nulls":6},0,null,0,{"$nulls":3},0,5,5,null,0,{"$nulls":4},{"$f":"(AD45*'MS-8,9,10 Domain 3 Weights'!$B$2)+(AE45*'MS-8,9,10 Domain 3 Weights'!$B$3)+(AF45*'MS-8,9,10 Domain 3 Weights'!$B$4)+(AG45*'MS-8,9,10 Domain 3 Weights'!$B$5)","v":0},4,4,4,12,"Yes","NOT SELECTED","NOT SELECTED","RIS"]
[" 1.2","1",19,"MS-3",null,"4.     The death rate of low-birth-weight infants in the health facility disaggregated by birth weight: 2000–2499 g, 1500–1999 g, < 1500 g. (90.80)","Outcomes: clinical condition-specific outcome","Clinical condition-specific outcome","Provision ","Outcome","Outpatient","2 SickYI/Pret/Small",4,4,4,4,4,4,16,null,0,{"$nulls":3},0,5,5,null,0,{"$nulls":4},{"$f":"(AD46*'MS-8,9,10 Domain 3 Weights'!$B$2)+(AE46*'MS-8,9,10 Domain 3 Weights'!$B$3)+(AF46*'MS-8,9,10 Domain 3 Weights'!$B$4)+(AG46*'MS-8,9,10 Domain 3 Weights'!$B$5)","v":0},4,4,4,12,"Yes","SELECTED","NOT SELECTED","RIS"]
[" 1.3","1",1,"MS-1",null,"1.     The health facility has a written, up-to-date, evidence-based clinical protocol for identifying and managing children with cough or difficult breathing, consistent with IMCI and paediatric care guidelines. (93.52)","Inputs: Clinical Guidelines, protocols, job aides","Clinical condition-specific guidelines, protocols, job aides","Provision ","Input ClinGuidelin","Both","3 ASB/Cough/Breath",4,4,3,4,null,null,{"$f":"SUM(M47:$P47)","v":15},4,1.2,{"$nulls":3},0,null,0,null,0,{"$nulls":4},{"$f":"(AD47*'MS-8,9,10 Domain 3 Weights'!$B$2)+(AE47*'MS-8,9,10 Domain 3 Weights'!$B$3)+(AF47*'MS-8,9,10 Domain 3 Weights'!$B$4)+(AG47*'MS-8,9,10 Domain 3 Weights'!$B$5)","v":0},3,3,2,8,"No","NOT SELECTED","NOT SELECTED","InR"]
[" 1.3","1",2,"MS-1",null,"2.     The referral receiving health facility has basic laboratory and diagnostic tests (e.g. pulse oximetry, full blood count, culture, ultrasound and chest X-ray) available for appropriate investigation of children with severe pneumonia. (93.03)","Inputs: infrastructure, equipment, supplies clinical condition-specific","Clinical condition-specific medicines, supplies and equipment inpatient","Provision ","Input InfrastMedSupEquip","Inpatient","3 ASB/Cough/Breath",4,4,4,4,3,4,{"$f":"SUM(M48:$P48)","v":16},3,3,{"$nulls":3},0,null,0,null,0,{"$nulls":4},{"$f":"(AD48*'MS-8,9,10 Domain 3 Weights'!$B$2)+(AE48*'MS-8,9,10 Domain 3 Weights'!$B$3)+(AF48*'MS-8,9,10 Domain 3 Weights'!$B$4)+(AG48*'MS-8,9,10 Domain 3 Weights'!$B$5)","v":0},{"$nulls":3},0,"No","NOT SELECTED","NOT SELECTED","InR"]
[" 1.3","1",3,"MS-1",null,"3.     The health facility has adequate supplies of antibiotics (first- and second-line) for treatment of severe pneumonia and pneumonia for the expected case load with no stock outs. (94.94)","Inputs: infrastructure, equipment, supplies clinical condition-specific","Clinical condition-specific medicines, supplies and equipment","Provision ","Input InfrastMedSupEquip","Both","3 ASB/Cough/Breath",4,4,4,4,3,4,{"$f":"SUM(M49:$P49)","v":16},5,5,{"$nulls":3},0,null,0,null,0,{"$nulls":4},{"$f":"(AD49*'MS-8,9,10 Domain 3 Weights'!$B$2)+(AE49*'MS-8,9,10 Domain 3 Weights'!$B$3)+(AF49*'MS-8,9,10 Domain 3 Weights'!$B$4)+(AG49*'MS-8,9,10 Domain 3 Weights'!$B$5)","v":0},{"$nulls":3},0,"Yes","SELECTED","NOT SELECTED","InR"]
[" 1.3","1",4,"MS-1",null,"4.     The health facility has adequate supplies of inhalation bronchodilators and delivery devices for treatment of wheeze for the expected case load with no stock outs. (96.19)","Inputs: infrastructure, equipment, supplies clinical condition-specific","Clinical condition-specific medicines, supplies and equipment","Provision ","Input InfrastMedSupEquip","Both","3 ASB/Cough/Breath",4,4,4,4,3,4,{"$f":"SUM(M50:$P50)","v":16},3,3,{"$nulls":3},0,null,0,null,0,{"$nulls":4},{"$f":"(AD50*'MS-8,9,10 Domain 3 Weights'!$B$2)+(AE50*'MS-8,9,10 Domain 3 Weights'!$B$3)+(AF50*'MS-8,9,10 Domain 3 Weights'!$B$4)+(AG50*'MS-8,9,10 Domain 3 Weights'!$B$5)","v":0},{"$nulls":3},0,"No","NOT SELECTED","NOT SELECTED","InR"]
[" 1.3","1",5,"MS-1",null,"5.     The health facility has an adequate supply of pulse oximeters and a reliable, functioning oxygen supply at all times for the expected case load with no stock outs. (92.27)","Inputs: infrastructure, equipment, supplies clinical condition-specific","Clinical condition-specific medicines, supplies and equipment inpatient","Provision ","Input InfrastMedSupEquip","Both","3 ASB/Cough/Breath",4,4,4,4,3,4,{"$f":"SUM(M51:$P51)","v":16},5,5,{"$nulls":3},0,null,0,null,0,{"$nulls":4},{"$f":"(AD51*'MS-8,9,10 Domain 3 Weights'!$B$2)+(AE51*'MS-8,9,10 Domain 3 Weights'!$B$3)+(AF51*'MS-8,9,10 Domain 3 Weights'!$B$4)+(AG51*'MS-8,9,10 Domain 3 Weights'!$B$5)","v":0},{"$nulls":3},0,"Yes","SELECTED","NOT SELECTED","InR"]
[" 1.3","1",6,"MS-1",null,"6.     The health facility clinical staff who care for children receive training and regular refresher sessions in assessing and managing children with cough or wheeze at least once every 12 months. (89.49)","Inputs: Human resources","Human resources (specific clinincal training)","Provision ","Input HumRes","Both","3 ASB/Cough/Breath",4,4,4,4,3,4,{"$f":"SUM(M52:$P52)","v":16},null,0,{"$nulls":3},0,null,0,null,0,{"$nulls":4},{"$f":"(AD52*'MS-8,9,10 Domain 3 Weights'!$B$2)+(AE52*'MS-8,9,10 Domain 3 Weights'!$B$3)+(AF52*'MS-8,9,10 Domain 3 Weights'!$B$4)+(AG52*'MS-8,9,10 Domain 3 Weights'!$B$5)","v":0},3,3,3,9,"No","NOT SELECTED","NOT SELECTED","Prov"]
[" 1.3","1",7,"MS-2",null,"1.     Proportion of all children with cough or difficult breathing who are correctly assessed, investigated, classified and diagnosed according to the severity of pneumonia. 88.87)","Processes: EB care, harmful practices, patient-centered practices","Compliance with EB care practices","Provision ","Process","Both","3 ASB/Cough/Breath",4,5,3,4,3,3,16,null,0,5,4,4,13,null,0,null,0,{"$nulls":4},{"$f":"(AD53*'MS-8,9,10 Domain 3 Weights'!$B$2)+(AE53*'MS-8,9,10 Domain 3 Weights'!$B$3)+(AF53*'MS-8,9,10 Domain 3 Weights'!$B$4)+(AG53*'MS-8,9,10 Domain 3 Weights'!$B$5)","v":0},4,4,3,11,"Yes","SELECTED","NOT SELECTED","RIS","Monthly","#7 and #8 are similar indicators. I suggest to  chose one. Since #7 covers both levels, suggest to use #7 but avoid using  term \"according  to severity of pneumonia\" and instead use  term \"severity of disease\""]
[" 1.3","1",8,"MS-2",null,"2.     Proportion of children < 5 years with cough or difficult breathing treated as outpatients who were correctly classified according to IMCI guidelines. (87.08)","Processes: EB care, harmful practices, patient-centered practices","Compliance with EB care practices outpatient","Provision ","Process","Outpatient","3 ASB/Cough/Breath",4,4,3,4,3,3,15,null,0,5,4,4,13,null,0,null,0,{"$nulls":4},{"$f":"(AD54*'MS-8,9,10 Domain 3 Weights'!$B$2)+(AE54*'MS-8,9,10 Domain 3 Weights'!$B$3)+(AF54*'MS-8,9,10 Domain 3 Weights'!$B$4)+(AG54*'MS-8,9,10 Domain 3 Weights'!$B$5)","v":0},4,4,4,12,"Yes","NOT SELECTED","NOT SELECTED","RIS","Monthly"]
[" 1.3","1",9,"MS-2",null,"3.     Proportion of all children with pneumonia or severe pneumonia who received correct antibiotic treatment (formulation, dose, frequency and duration) according to WHO guidelines. (92.74)","Processes: EB care, harmful practices, patient-centered practices","Compliance with EB care practices","Provision ","Process","Both","3 ASB/Cough/Breath",4,5,5,4,3,3,18,null,0,5,4,4,13,null,0,null,0,{"$nulls":4},{"$f":"(AD55*'MS-8,9,10 Domain 3 Weights'!$B$2)+(AE55*'MS-8,9,10 Domain 3 Weights'!$B$3)+(AF55*'MS-8,9,10 Domain 3 Weights'!$B$4)+(AG55*'MS-8,9,10 Domain 3 Weights'!$B$5)","v":0},5,5,5,15,"Yes","SELECTED","CORE","RIS","Monthly"]
[" 1.3","1",10,"MS-2",null,"4.     Proportion of all children with asthma who were appropriately administered inhalation bronchodilator treatment. (89.87)","Processes: EB care, harmful practices, patient-centered practices","Compliance with EB care practices","Provision ","Process","Both","3 ASB/Cough/Breath",4,5,4,4,3,3,17,null,0,5,4,4,13,null,0,null,0,{"$nulls":4},{"$f":"(AD56*'MS-8,9,10 Domain 3 Weights'!$B$2)+(AE56*'MS-8,9,10 Domain 3 Weights'!$B$3)+(AF56*'MS-8,9,10 Domain 3 Weights'!$B$4)+(AG56*'MS-8,9,10 Domain 3 Weights'!$B$5)","v":0},4,4,3,11,"Yes","SELECTED","NOT SELECTED","RIS","Monthly","3 or 4: suggest to move this indicator under 1.10 (chronic conditions)"]
[" 1.3","1",11,"MS-2",null,"5.     Proportion of all children with pneumonia to whom oxygen was appropriately administered for the clinical indication (signs of hypoxaemia or oxygen saturation < 90%). (86.98)","Processes: EB care, harmful practices, patient-centered practices","Compliance with EB care practices inpatient","Provision ","Process","Inpatient","3 ASB/Cough/Breath",4,4,4,4,3,3,16,null,0,5,4,4,13,null,0,null,0,{"$nulls":4},{"$f":"(AD57*'MS-8,9,10 Domain 3 Weights'!$B$2)+(AE57*'MS-8,9,10 Domain 3 Weights'!$B$3)+(AF57*'MS-8,9,10 Domain 3 Weights'!$B$4)+(AG57*'MS-8,9,10 Domain 3 Weights'!$B$5)","v":0},4,4,3,11,"Yes","SELECTED","NOT SELECTED","RIS","Monthly"]
[" 1.3","1",12,"MS-2",null,"6.     Proportion of all children admitted with severe pneumonia whose respiratory rate and oxygen saturation were appropriately monitored. (87.00)","Processes: EB care, harmful practices, patient-centered practices","Compliance with EB care practices inpatient","Provision ","Process","Inpatient","3 ASB/Cough/Breath",4,4,3,4,3,3,15,null,0,5,3,3,11,null,0,null,0,{"$nulls":4},{"$f":"(AD58*'MS-8,9,10 Domain 3 Weights'!$B$2)+(AE58*'MS-8,9,10 Domain 3 Weights'!$B$3)+(AF58*'MS-8,9,10 Domain 3 Weights'!$B$4)+(AG58*'MS-8,9,10 Domain 3 Weights'!$B$5)","v":0},4,4,3,11,"No","NOT SELECTED","NOT SELECTED","RIS","Monthly"]
[" 1.3","1",13,"MS-2",null,"7.     Proportion of all children with cough for ≥ 14 days who were referred or further assessed and investigated for TB or other causes of chronic infection. (87.28)","Processes: EB care, harmful practices, patient-centered practices","Compliance with EB care practices","Provision ","Process","Both","3 ASB/Cough/Breath",4,5,3,4,3,3,16,null,0,5,3,5,13,null,0,null,0,{"$nulls":4},{"$f":"(AD59*'MS-8,9,10 Domain 3 Weights'!$B$2)+(AE59*'MS-8,9,10 Domain 3 Weights'!$B$3)+(AF59*'MS-8,9,10 Domain 3 Weights'!$B$4)+(AG59*'MS-8,9,10 Domain 3 Weights'!$B$5)","v":0},4,3,3,10,"Yes","SELECTED","NOT SELECTED","RIS","Monthly"]
[" 1.3","1",14,"MS-2",null,"8.     Proportion of all children with only cough and cold (with no signs of pneumonia or severe pneumonia) who received antibiotics. (79.37)","Processes: EB care, harmful practices, patient-centered practices","Non-evidence-based, harmful practices","Provision ","Process","Both","3 ASB/Cough/Breath",4,5,4,4,3,3,17,null,0,5,5,4,14,null,0,null,0,{"$nulls":4},{"$f":"(AD60*'MS-8,9,10 Domain 3 Weights'!$B$2)+(AE60*'MS-8,9,10 Domain 3 Weights'!$B$3)+(AF60*'MS-8,9,10 Domain 3 Weights'!$B$4)+(AG60*'MS-8,9,10 Domain 3 Weights'!$B$5)","v":0},5,4,4,13,"Yes","SELECTED","CORE","RIS","Monthly"]
[" 1.3","1",15,"MS-3",null,"1.     Proportion of all children managed for pneumonia in the health facility who died of pneumonia (case fatality rate). (94.14)","Outcomes: clinical condition-specific outcome","Clinical condition-specific outcome inpatient","Provision ","Outcome","Inpatient","3 ASB/Cough/Breath",4,4,4,5,3,3,{"$f":"SUM(M61:P61)","v":17},null,0,5,null,null,5,5,5,null,0,{"$nulls":4},{"$f":"(AD61*'MS-8,9,10 Domain 3 Weights'!$B$2)+(AE61*'MS-8,9,10 Domain 3 Weights'!$B$3)+(AF61*'MS-8,9,10 Domain 3 Weights'!$B$4)+(AG61*'MS-8,9,10 Domain 3 Weights'!$B$5)","v":0},4,4,4,12,"Yes","SELECTED","NOT SELECTED","RIS"]
[" 1.3","1",16,"MS-3",null,"2.     Proportion all children who died of pneumonia among all children admitted to the health facility. (85.30)","Outcomes: clinical condition-specific outcome","Clinical condition-specific outcome inpatient","Provision ","Outcome","Inpatient","3 ASB/Cough/Breath",4,4,4,3,3,3,{"$f":"SUM(M62:P62)","v":15},null,0,4,null,null,4,5,5,null,0,{"$nulls":4},{"$f":"(AD62*'MS-8,9,10 Domain 3 Weights'!$B$2)+(AE62*'MS-8,9,10 Domain 3 Weights'!$B$3)+(AF62*'MS-8,9,10 Domain 3 Weights'!$B$4)+(AG62*'MS-8,9,10 Domain 3 Weights'!$B$5)","v":0},4,4,4,12,"Yes","NOT SELECTED","NOT SELECTED","RIS"]
[" 1.3","1",17,"MS-3",null,"3.     Proportion of all children managed for pneumonia in the health facility who died of pneumonia within the initial 24 h of admission. (86.59)","Outcomes: clinical condition-specific outcome","Clinical condition-specific outcome inpatient","Provision ","Outcome","Inpatient","3 ASB/Cough/Breath",4,4,3,4,3,3,15,null,0,4,null,null,4,4,4,null,0,{"$nulls":4},{"$f":"(AD63*'MS-8,9,10 Domain 3 Weights'!$B$2)+(AE63*'MS-8,9,10 Domain 3 Weights'!$B$3)+(AF63*'MS-8,9,10 Domain 3 Weights'!$B$4)+(AG63*'MS-8,9,10 Domain 3 Weights'!$B$5)","v":0},4,4,4,12,"Yes","NOT SELECTED","NOT SELECTED","RIS"]
[" 1.3","1",18,"MS-3",null,"4.     Proportion of all children managed for wheeze or asthma in the health facility who died of wheeze. (82.68)","Outcomes: clinical condition-specific outcome","Clinical condition-specific outcome inpatient","Provision ","Outcome","Inpatient","3 ASB/Cough/Breath",4,4,4,5,3,3,17,null,0,3,null,null,3,5,5,null,0,{"$nulls":4},{"$f":"(AD64*'MS-8,9,10 Domain 3 Weights'!$B$2)+(AE64*'MS-8,9,10 Domain 3 Weights'!$B$3)+(AF64*'MS-8,9,10 Domain 3 Weights'!$B$4)+(AG64*'MS-8,9,10 Domain 3 Weights'!$B$5)","v":0},4,4,4,12,"Yes","SELECTED","NOT SELECTED","RIS"]
[" 1.4","1",1,"MS-1",null,"1.     The health facility has a written, up-to-date clinical protocol for identifying and managing children with diarrhoea, consistent with WHO guidelines. (95.23)","Inputs: Clinical Guidelines, protocols, job aides","Clinical condition-specific guidelines, protocols, job aides","Provision ","Input ClinGuidelin","Both","4 ASB/Diarrhoea",4,4,3,4,null,null,{"$f":"SUM(M65:$P65)","v":15},4,1.2,{"$nulls":3},0,null,0,null,0,{"$nulls":4},{"$f":"(AD65*'MS-8,9,10 Domain 3 Weights'!$B$2)+(AE65*'MS-8,9,10 Domain 3 Weights'!$B$3)+(AF65*'MS-8,9,10 Domain 3 Weights'!$B$4)+(AG65*'MS-8,9,10 Domain 3 Weights'!$B$5)","v":0},3,3,2,8,"No","NOT SELECTED","NOT SELECTED","InR",null,"Indicator #1 and #2 are very similar"]
[" 1.4","1",2,"MS-1",null,"2.     The health facility staff use standard guidelines to assess, document and appropriately manage children with diarrhoea and dehydration or dysentery, based on WHO guidelines. (91.08)","Inputs: Clinical Guidelines, protocols, job aides","Clinical condition-specific guidelines, protocols, job aides","Provision ","Input ClinGuidelin","Both","4 ASB/Diarrhoea",4,4,3,4,null,null,{"$f":"SUM(M66:$P66)","v":15},4,1.2,{"$nulls":3},0,null,0,null,0,{"$nulls":4},{"$f":"(AD66*'MS-8,9,10 Domain 3 Weights'!$B$2)+(AE66*'MS-8,9,10 Domain 3 Weights'!$B$3)+(AF66*'MS-8,9,10 Domain 3 Weights'!$B$4)+(AG66*'MS-8,9,10 Domain 3 Weights'!$B$5)","v":0},3,3,2,8,"No","NOT SELECTED","NOT SELECTED","InR",null,"Indicator #1 and #2 are very similar"]
[" 1.4","1",3,"MS-1",null,"3.     The health facility paediatric outpatient areas and inpatient wards have rehydration algorithms and plan A, B and C charts available and visibly displayed on the walls for use by health care workers and carers. (92.47)","Inputs: Clinical Guidelines, protocols, job aides","Clinical condition-specific guidelines, protocols, job aides","Provision ","Input ClinGuidelin","Both","4 ASB/Diarrhoea",4,4,3,4,null,null,{"$f":"SUM(M67:$P67)","v":15},4,1.2,{"$nulls":3},0,null,0,null,0,{"$nulls":4},{"$f":"(AD67*'MS-8,9,10 Domain 3 Weights'!$B$2)+(AE67*'MS-8,9,10 Domain 3 Weights'!$B$3)+(AF67*'MS-8,9,10 Domain 3 Weights'!$B$4)+(AG67*'MS-8,9,10 Domain 3 Weights'!$B$5)","v":0},3,3,2,8,"No","NOT SELECTED","NOT SELECTED","InR"]
[" 1.4","1",4,"MS-1",null,"4.     The health facility has adequate supplies for diarrhoea management (IV fluids, oral rehydration salts [ORS], zinc, antibiotics) for the expected case load without stock outs in the past 3 months. (94.72)","Inputs: infrastructure, equipment, supplies clinical condition-specific","Clinical condition-specific medicines, supplies and equipment","Provision ","Input InfrastMedSupEquip","both","4 ASB/Diarrhoea",4,3,4,4,4,3,{"$f":"SUM(M68:$P68)","v":15},5,5,{"$nulls":3},0,null,0,null,0,{"$nulls":4},{"$f":"(AD68*'MS-8,9,10 Domain 3 Weights'!$B$2)+(AE68*'MS-8,9,10 Domain 3 Weights'!$B$3)+(AF68*'MS-8,9,10 Domain 3 Weights'!$B$4)+(AG68*'MS-8,9,10 Domain 3 Weights'!$B$5)","v":0},3,3,4,10,"Yes","NOT SELECTED","NOT SELECTED","InR"]
[" 1.4","1",5,"MS-1",null,"5.     The health facility has an appropriate designated space with safe, clean water and adequate supplies for preparing ORS for children with diarroea and dehydration. (92.43)","Inputs: infrastructure, equipment, supplies clinical condition-specific","Clinical condition-specific medicines, supplies and equipment","Provision ","Input InfrastMedSupEquip","Both","4 ASB/Diarrhoea",4,4,4,4,3,4,{"$f":"SUM(M69:$P69)","v":16},5,5,{"$nulls":3},0,null,0,null,0,{"$nulls":4},{"$f":"(AD69*'MS-8,9,10 Domain 3 Weights'!$B$2)+(AE69*'MS-8,9,10 Domain 3 Weights'!$B$3)+(AF69*'MS-8,9,10 Domain 3 Weights'!$B$4)+(AG69*'MS-8,9,10 Domain 3 Weights'!$B$5)","v":0},3,3,4,10,"Yes","SELECTED","NOT SELECTED","InR"]
[" 1.4","1",16,"MS-1",null,"10.  Number of days on which the health facilities did not have medicines or supplies to treat diarrhoea (ORS, zinc, IV fluids and supplies, antibiotics) in the past 3 months. (86.38)","Inputs: infrastructure, equipment, supplies clinical condition-specific","Clinical condition-specific medicines, supplies and equipment","Provision ","Input InfrastMedSupEquip","Both","4 ASB/Diarrhoea",4,4,4,4,3,4,{"$f":"SUM(M70:$P70)","v":16},5,5,{"$nulls":3},0,null,0,null,0,{"$nulls":4},{"$f":"(AD70*'MS-8,9,10 Domain 3 Weights'!$B$2)+(AE70*'MS-8,9,10 Domain 3 Weights'!$B$3)+(AF70*'MS-8,9,10 Domain 3 Weights'!$B$4)+(AG70*'MS-8,9,10 Domain 3 Weights'!$B$5)","v":0},3,3,4,10,"Yes","SELECTED","NOT SELECTED","InR"]
[" 1.4","1",6,"MS-1",null,"6.     The health facility clinical staff who care for children receive IMCI training and regular refresher sessions in assessing and managing children with diarrhoea who are dehydrated or have dysentery at least once every 12 months. (90.85)","Inputs: Human resources","Human resources (specific clinincal training)","Provision ","Input HumRes","Both","17 IMNCI",4,4,4,4,3,4,{"$f":"SUM(M71:$P71)","v":16},null,0,{"$nulls":3},0,null,0,null,0,{"$nulls":4},{"$f":"(AD71*'MS-8,9,10 Domain 3 Weights'!$B$2)+(AE71*'MS-8,9,10 Domain 3 Weights'!$B$3)+(AF71*'MS-8,9,10 Domain 3 Weights'!$B$4)+(AG71*'MS-8,9,10 Domain 3 Weights'!$B$5)","v":0},3,3,3,9,"No","NOT SELECTED","NOT SELECTED","Prov"]
[" 1.4","1",7,"MS-2",null,"1.     Proportion of all children with appropriately classified diarrhoea who were documented as having received an appropriate rehydration treatment plan (A, B or C) according to WHO guidelines. (89.46)","Processes: EB care, harmful practices, patient-centered practices","Compliance with EB care practices","Provision ","Process","Both","4 ASB/Diarrhoea",4,5,3,4,3,3,16,null,0,4,4,5,13,null,0,null,0,{"$nulls":4},{"$f":"(AD72*'MS-8,9,10 Domain 3 Weights'!$B$2)+(AE72*'MS-8,9,10 Domain 3 Weights'!$B$3)+(AF72*'MS-8,9,10 Domain 3 Weights'!$B$4)+(AG72*'MS-8,9,10 Domain 3 Weights'!$B$5)","v":0},4,4,3,11,"Yes","SELECTED","NOT SELECTED","RIS","Monthly","Indicator #7 and #9 are similar. I suggest using #7 as it assesses treatment at both  at inpatient and outpatient; Indicator #7  of 1.4. is inclusive to indicator # 9 and #10. We can have one indicator  for inpatient level (Plan c) and #7 at outpatient level and remove ind #9 (Tit is part of ind#7)"]
[" 1.4","1",8,"MS-2",null,"2.     Proportion of all children with dysentry who were correctly prescribed an appropriate course of antibiotics. (91.03)","Processes: EB care, harmful practices, patient-centered practices","Compliance with EB care practices","Provision ","Process","Both","4 ASB/Diarrhoea",4,5,3,4,3,3,16,null,0,4,3,3,10,null,0,null,0,{"$nulls":4},{"$f":"(AD73*'MS-8,9,10 Domain 3 Weights'!$B$2)+(AE73*'MS-8,9,10 Domain 3 Weights'!$B$3)+(AF73*'MS-8,9,10 Domain 3 Weights'!$B$4)+(AG73*'MS-8,9,10 Domain 3 Weights'!$B$5)","v":0},4,4,3,11,"No","NOT SELECTED","NOT SELECTED","RIS","Monthly"]
[" 1.4","1",9,"MS-2",null,"3.     Proportion of all children with diarrhoea and severe dehydration who were correctly administered IV fluids according to rehydration plan C. (90.60) ","Processes: EB care, harmful practices, patient-centered practices","Compliance with EB care practices inpatient","Provision ","Process","Inpatient","4 ASB/Diarrhoea",4,5,3,4,3,3,16,null,{"$f":"IF(D74=\"MS-1\",T74*(VLOOKUP(J74,_tbl.MS1,3,FALSE)),T74)","v":0},4,3,5,{"$f":"SUM(V74:X74)","v":12},null,0,null,0,{"$nulls":4},{"$f":"(AD74*'MS-8,9,10 Domain 3 Weights'!$B$2)+(AE74*'MS-8,9,10 Domain 3 Weights'!$B$3)+(AF74*'MS-8,9,10 Domain 3 Weights'!$B$4)+(AG74*'MS-8,9,10 Domain 3 Weights'!$B$5)","v":0},4,4,3,11,"No","NOT SELECTED","NOT SELECTED","RIS","Monthly","Similar to indicator #7"]
[" 1.4","1",10,"MS-2",null,"4.     Proportion of all children managed for diarrhoea and some or no dehydration who were correctly prescribed ORS and zinc supplementation. (88.16)","Processes: EB care, harmful practices, patient-centered practices","Compliance with EB care practices inpatient","Provision ","Process","Both","4 ASB/Diarrhoea",4,4,4,4,4,4,16,null,0,4,4,5,13,null,{"$f":"Z75","v":0},null,{"$f":"AB75","v":0},{"$nulls":4},{"$f":"(AD75*'MS-8,9,10 Domain 3 Weights'!$B$2)+(AE75*'MS-8,9,10 Domain 3 Weights'!$B$3)+(AF75*'MS-8,9,10 Domain 3 Weights'!$B$4)+(AG75*'MS-8,9,10 Domain 3 Weights'!$B$5)","v":0},4,4,5,{"$f":"SUM(AI75:AK75)","v":13},"Yes","SELECTED","CORE","RIS","Monthly"]
[" 1.4","1",11,"MS-2",null,"5.     Proportion all children treated for diarrhoea and dehydration who were not prescribed medicines to reduce stool frequency (anti-motility agents) (80.54)","Processes: EB care, harmful practices, patient-centered practices","Non-evidence-based, harmful practices","Provision ","Process","Both","4 ASB/Diarrhoea",4,4,3,4,3,3,15,null,0,5,5,3,13,null,0,null,0,{"$nulls":4},{"$f":"(AD76*'MS-8,9,10 Domain 3 Weights'!$B$2)+(AE76*'MS-8,9,10 Domain 3 Weights'!$B$3)+(AF76*'MS-8,9,10 Domain 3 Weights'!$B$4)+(AG76*'MS-8,9,10 Domain 3 Weights'!$B$5)","v":0},4,4,3,11,{"$f":"IF(OR(U76>=$Q$2,Y76>=$Q$3,AA76>=$Q$4,AC76>=$Q$5,AH76>=$Q$6),\"Yes\",\"No\")","v":"Yes"},{"$f":"IF(AND(S76>=$Q$1,AM76=\"Yes\"),\"SELECTED\",\"NOT SELECTED\")","v":"NOT SELECTED"},{"$f":"IF(AND(AN76=\"SELECTED\",AL76>=$Q$7),\"CORE\",\"NOT SELECTED\")","v":"NOT SELECTED"},"RIS","Monthly"]
[" 1.4","1",12,"MS-2",null,"6.     Proportion of all children admitted with diarrhoea who were correctly monitored for their intake of fluids and foods (85.78)","Processes: EB care, harmful practices, patient-centered practices","Compliance with EB care practices inpatient","Provision ","Process","Inpatient","4 ASB/Diarrhoea",4,4,3,4,3,3,15,null,0,4,3,4,11,null,0,null,0,{"$nulls":4},{"$f":"(AD77*'MS-8,9,10 Domain 3 Weights'!$B$2)+(AE77*'MS-8,9,10 Domain 3 Weights'!$B$3)+(AF77*'MS-8,9,10 Domain 3 Weights'!$B$4)+(AG77*'MS-8,9,10 Domain 3 Weights'!$B$5)","v":0},4,4,3,11,"No","NOT SELECTED","NOT SELECTED","RIS","Monthly","Indicator #12 and #13 are similar. Suggest to use #8 as it has more complete definition"]
[" 1.4","1",13,"MS-2",null,"7.     Proportion of all children admitted with diarrhoea and dehydration whose fluid intake and feeding were appropriately monitored and documented. (86.05)","Processes: EB care, harmful practices, patient-centered practices","Compliance with EB care practices inpatient","Provision ","Process","Inpatient","4 ASB/Diarrhoea",4,4,3,4,3,3,15,null,0,4,3,4,11,null,0,null,0,{"$nulls":4},{"$f":"(AD78*'MS-8,9,10 Domain 3 Weights'!$B$2)+(AE78*'MS-8,9,10 Domain 3 Weights'!$B$3)+(AF78*'MS-8,9,10 Domain 3 Weights'!$B$4)+(AG78*'MS-8,9,10 Domain 3 Weights'!$B$5)","v":0},4,4,3,11,"No","NOT SELECTED","NOT SELECTED","RIS","Monthly","This indicator is similar to indicator # 9. prefer definition of indicator #7 as it includes proper classification. I would siggest indicator #7 as it will come from routine documentation while this measure would require observation"]
[" 1.4","1",14,"MS-2",null,"8.     Proportion of all children with diarrhoea and severe dehydration who could not be managed in the facility who were correctly referred after receiving appropriate prereferral treatment. (83.79)","Processes: EB care, harmful practices, patient-centered practices","Compliance with EB care practices outpatient","Provision ","Process","Outpatient","4 ASB/Diarrhoea",4,4,3,4,3,3,15,null,0,5,3,4,12,null,0,null,0,{"$nulls":4},{"$f":"(AD79*'MS-8,9,10 Domain 3 Weights'!$B$2)+(AE79*'MS-8,9,10 Domain 3 Weights'!$B$3)+(AF79*'MS-8,9,10 Domain 3 Weights'!$B$4)+(AG79*'MS-8,9,10 Domain 3 Weights'!$B$5)","v":0},4,4,3,11,"No","NOT SELECTED","NOT SELECTED","RIS","Monthly","There are few  indicators on proper treatment. Perhaps, it might be good to have one indicator on proper classification  of diarrhoea based on dehydration and nutrition status assessment and eliminate one or two treatment indicators."]
[" 1.4","1",15,"MS-2",null,"9.     Proportion of all children with persistent diarrhoea who were correctly assessed for dehydration and nutritional status and correctly treated. (86.09)","Processes: EB care, harmful practices, patient-centered practices","Compliance with EB care practices outpatient","Provision ","Process","Both","4 ASB/Diarrhoea",4,4,4,4,3,3,16,null,0,4,4,5,13,null,0,null,0,{"$nulls":4},{"$f":"(AD80*'MS-8,9,10 Domain 3 Weights'!$B$2)+(AE80*'MS-8,9,10 Domain 3 Weights'!$B$3)+(AF80*'MS-8,9,10 Domain 3 Weights'!$B$4)+(AG80*'MS-8,9,10 Domain 3 Weights'!$B$5)","v":0},4,4,3,11,"Yes","SELECTED","NOT SELECTED","RIS","Monthly","This indicator is similar to indicator # 7. prefer definition of indicator #7 as it includes proper classification. I would siggest indicator #7 as it will come from routine documentation while this measure would require observation"]
[" 1.4","1",17,"MS-3",null,"1.     Proportion of all children with some dehydration who were successfully rehydrated in the outpatient department and discharged for home treatment. (83.33)","Processes: EB care, harmful practices, patient-centered practices","Compliance with EB care practices outpatient","Provision ","Outcome","Both","4 ASB/Diarrhoea",4,4,4,4,3,4,{"$f":"SUM(M81:P81)","v":16},null,0,4,4,null,8,5,5,null,0,{"$nulls":4},{"$f":"(AD81*'MS-8,9,10 Domain 3 Weights'!$B$2)+(AE81*'MS-8,9,10 Domain 3 Weights'!$B$3)+(AF81*'MS-8,9,10 Domain 3 Weights'!$B$4)+(AG81*'MS-8,9,10 Domain 3 Weights'!$B$5)","v":0},4,4,4,12,"Yes","SELECTED","NOT SELECTED","Obs",null,"Outcome; does not need evidence grade"]
[" 1.4","1",18,"MS-3",null,"2.     Proportion of all children managed for diarrhoea with severe dehydration in the health facility who died of diarrhoea. (93.48)","Outcomes: clinical condition-specific outcome","Clinical condition-specific outcome inpatient","Provision ","Outcome","Inpatient","4 ASB/Diarrhoea",4,4,4,4,3,4,16,null,0,5,null,null,5,5,5,null,0,{"$nulls":4},{"$f":"(AD82*'MS-8,9,10 Domain 3 Weights'!$B$2)+(AE82*'MS-8,9,10 Domain 3 Weights'!$B$3)+(AF82*'MS-8,9,10 Domain 3 Weights'!$B$4)+(AG82*'MS-8,9,10 Domain 3 Weights'!$B$5)","v":0},4,4,4,12,"Yes","SELECTED","NOT SELECTED","RIS"]
[" 1.5","1",1,"MS-1",null,"1.      The health facility has a written, up-to-date, evidence-based clinical protocol for identifying and managing children with fever that is consistent with WHO guidelines. (93.32)","Inputs: Clinical Guidelines, protocols, job aides","Clinical condition-specific guidelines, protocols, job aides","Provision ","Input ClinGuidelin","Both","5 ASB/Asses/Clas/Man/Fever",4,4,3,4,null,null,{"$f":"SUM(M83:$P83)","v":15},4,1.2,{"$nulls":3},0,null,0,null,0,{"$nulls":4},{"$f":"(AD83*'MS-8,9,10 Domain 3 Weights'!$B$2)+(AE83*'MS-8,9,10 Domain 3 Weights'!$B$3)+(AF83*'MS-8,9,10 Domain 3 Weights'!$B$4)+(AG83*'MS-8,9,10 Domain 3 Weights'!$B$5)","v":0},3,3,2,8,"No","NOT SELECTED","NOT SELECTED","InR"]
[" 1.5","1",2,"MS-1",null,"2.      The health facility has basic laboratory and diagnostic tests and supplies (e.g. otoscopes, blood glucose tests, malaria smear and/or rapid diagnostic tests, urine tests) available for appropriate assessment of children with fever. (92.68)","Inputs: infrastructure, equipment, supplies clinical condition-specific","Clinical condition-specific medicines, supplies and equipment","Provision ","Input InfrastMedSupEquip","Outpatient","5 ASB/Asses/Clas/Man/Fever",4,4,4,4,null,null,{"$f":"SUM(M84:$P84)","v":16},5,5,{"$nulls":3},0,null,0,null,0,{"$nulls":4},{"$f":"(AD84*'MS-8,9,10 Domain 3 Weights'!$B$2)+(AE84*'MS-8,9,10 Domain 3 Weights'!$B$3)+(AF84*'MS-8,9,10 Domain 3 Weights'!$B$4)+(AG84*'MS-8,9,10 Domain 3 Weights'!$B$5)","v":0},3,3,4,10,"Yes","SELECTED","NOT SELECTED","InR"]
[" 1.5","1",3,"MS-1",null,"3.      The referral receiving health facility for children with severe febrile illness has appropriate laboratory and diagnostic tests available for further investigation and management. (92.35)","Inputs: infrastructure, equipment, supplies clinical condition-specific","Clinical condition-specific medicines, supplies and equipment","Provision ","Input InfrastMedSupEquip","Inpatient","5 ASB/Asses/Clas/Man/Fever",4,3,4,4,null,null,{"$f":"SUM(M85:$P85)","v":15},5,5,{"$nulls":3},0,null,0,null,0,{"$nulls":4},{"$f":"(AD85*'MS-8,9,10 Domain 3 Weights'!$B$2)+(AE85*'MS-8,9,10 Domain 3 Weights'!$B$3)+(AF85*'MS-8,9,10 Domain 3 Weights'!$B$4)+(AG85*'MS-8,9,10 Domain 3 Weights'!$B$5)","v":0},3,3,4,10,"Yes","NOT SELECTED","NOT SELECTED","InR"]
[" 1.5","1",4,"MS-1",null,"4.      The health facility has adequate supplies of first- and second-line antibiotics for treatment of bacterial infections and antimalarial agents for treatment of malaria in sufficient quantities for the expected case load with no stock outs. (93.18)","Inputs: infrastructure, equipment, supplies clinical condition-specific","Clinical condition-specific medicines, supplies and equipment","Provision ","Input InfrastMedSupEquip","Both","5 ASB/Asses/Clas/Man/Fever",4,4,4,4,null,null,{"$f":"SUM(M86:$P86)","v":16},5,5,{"$nulls":3},0,null,0,null,0,{"$nulls":4},{"$f":"(AD86*'MS-8,9,10 Domain 3 Weights'!$B$2)+(AE86*'MS-8,9,10 Domain 3 Weights'!$B$3)+(AF86*'MS-8,9,10 Domain 3 Weights'!$B$4)+(AG86*'MS-8,9,10 Domain 3 Weights'!$B$5)","v":0},3,3,4,10,"Yes","SELECTED","NOT SELECTED","InR"]
[" 1.5","1",5,"MS-1",null,"5.      The health facility clinical staff that care for children receive training and regular refresher sessions in the assessment and management of children with fever at least once every 12 months. (89.71)","Inputs: Human resources","Human resources (specific clinincal training)","Provision ","Input HumRes","Both","5 ASB/Asses/Clas/Man/Fever",4,4,4,4,3,4,{"$f":"SUM(M87:$P87)","v":16},null,0,{"$nulls":3},0,null,0,null,0,{"$nulls":4},{"$f":"(AD87*'MS-8,9,10 Domain 3 Weights'!$B$2)+(AE87*'MS-8,9,10 Domain 3 Weights'!$B$3)+(AF87*'MS-8,9,10 Domain 3 Weights'!$B$4)+(AG87*'MS-8,9,10 Domain 3 Weights'!$B$5)","v":0},3,3,3,9,"No","NOT SELECTED","NOT SELECTED","Prov"]
[" 1.5","1",6,"MS-2",null,"1.      Proportion of all children seen in the health facility for whom a raised temperature was documented in their medical record. (88.57) ","Outcomes: clinical condition-specific outcome","Compliance with EB care practices","Provision ","Process","Both","5 ASB/Asses/Clas/Man/Fever",4,5,4,4,4,4,17,null,0,5,5,3,13,null,0,null,0,{"$nulls":4},{"$f":"(AD88*'MS-8,9,10 Domain 3 Weights'!$B$2)+(AE88*'MS-8,9,10 Domain 3 Weights'!$B$3)+(AF88*'MS-8,9,10 Domain 3 Weights'!$B$4)+(AG88*'MS-8,9,10 Domain 3 Weights'!$B$5)","v":0},4,4,3,11,"Yes","SELECTED","NOT SELECTED","RIS","Monthly","instead of raised temperature, I suggest to specify temperature was documented"]
[" 1.5","1",7,"MS-2",null,"2.      Proportion of all children admitted to the health facility with fever for whom a documented differential diagnosis was appropriately investigated. (81.63)","Processes: EB care, harmful practices, patient-centered practices","Compliance with EB care practices","Provision ","Process","Both","5 ASB/Asses/Clas/Man/Fever",4,4,3,4,4,3,15,null,0,4,4,4,12,null,0,null,0,{"$nulls":4},{"$f":"(AD89*'MS-8,9,10 Domain 3 Weights'!$B$2)+(AE89*'MS-8,9,10 Domain 3 Weights'!$B$3)+(AF89*'MS-8,9,10 Domain 3 Weights'!$B$4)+(AG89*'MS-8,9,10 Domain 3 Weights'!$B$5)","v":0},4,4,3,11,"No","NOT SELECTED","NOT SELECTED","RIS","Monthly"]
[" 1.5","1",8,"MS-2",null,"3.      Proportion of all children treated for malaria for whom there is documented evidence of a positive malaria rapid diagnostic test or positive microscopy. (91.86)","Processes: EB care, harmful practices, patient-centered practices","Compliance with EB care practices","Provision ","Process","Both","5 ASB/Asses/Clas/Man/Fever",4,4,3,4,4,4,15,null,0,4,4,1,9,null,0,null,0,{"$nulls":4},{"$f":"(AD90*'MS-8,9,10 Domain 3 Weights'!$B$2)+(AE90*'MS-8,9,10 Domain 3 Weights'!$B$3)+(AF90*'MS-8,9,10 Domain 3 Weights'!$B$4)+(AG90*'MS-8,9,10 Domain 3 Weights'!$B$5)","v":0},4,4,3,11,"No","NOT SELECTED","NOT SELECTED","RIS","Monthly"]
[" 1.5","1",9,"MS-2",null,"4.      Proportion of all children treated for severe malaria who had documented confirmed malaria and evidence of severe disease. (88.52)","Processes: EB care, harmful practices, patient-centered practices","Non-evidence-based, harmful practices","Provision ","Process","Both","5 ASB/Asses/Clas/Man/Fever",4,4,4,4,4,4,16,null,0,5,4,3,12,null,0,null,0,{"$nulls":4},{"$f":"(AD91*'MS-8,9,10 Domain 3 Weights'!$B$2)+(AE91*'MS-8,9,10 Domain 3 Weights'!$B$3)+(AF91*'MS-8,9,10 Domain 3 Weights'!$B$4)+(AG91*'MS-8,9,10 Domain 3 Weights'!$B$5)","v":0},4,4,3,11,"No","NOT SELECTED","NOT SELECTED","RIS","Monthly"]
[" 1.5","1",10,"MS-2",null,"5.      Proportion of all children with severe malaria who received the correct treatment (drug, dose, frequency, route of administration and duration) and supportive care according to WHO guidelines. (90.77)","Processes: EB care, harmful practices, patient-centered practices","Compliance with EB care practices","Provision ","Process","Both","5 ASB/Asses/Clas/Man/Fever",4,5,3,4,4,4,16,null,0,5,4,4,13,null,0,null,0,{"$nulls":4},{"$f":"(AD92*'MS-8,9,10 Domain 3 Weights'!$B$2)+(AE92*'MS-8,9,10 Domain 3 Weights'!$B$3)+(AF92*'MS-8,9,10 Domain 3 Weights'!$B$4)+(AG92*'MS-8,9,10 Domain 3 Weights'!$B$5)","v":0},4,4,5,13,"Yes","SELECTED","CORE","RIS","Monthly","suggest to use the definition of 100 core indicator for Malaria treatment"]
[" 1.5","1",11,"MS-2",null,"6.      Proportion of all children with severe febrile illness and suspected meningitis for whom there was documented evidence of lumbar puncture in the medical records. (90.34)","Processes: EB care, harmful practices, patient-centered practices","Compliance with EB care practices","Provision ","Process","Inpatient","5 ASB/Asses/Clas/Man/Fever",4,3,4,4,4,4,15,null,0,5,4,4,13,null,0,null,0,{"$nulls":4},{"$f":"(AD93*'MS-8,9,10 Domain 3 Weights'!$B$2)+(AE93*'MS-8,9,10 Domain 3 Weights'!$B$3)+(AF93*'MS-8,9,10 Domain 3 Weights'!$B$4)+(AG93*'MS-8,9,10 Domain 3 Weights'!$B$5)","v":0},4,4,3,11,"Yes","NOT SELECTED","NOT SELECTED","RIS","Monthly"]
[" 1.5","1",12,"MS-2",null,"7.      Proportion of all children with meningitis who received correct antibiotic treatment (choice of drug, dose frequency, route of administration and duration) and supportive care according to WHO guidelines. (91.37)","Processes: EB care, harmful practices, patient-centered practices","Compliance with EB care practices","Provision ","Process","Inpatient","5 ASB/Asses/Clas/Man/Fever",4,5,3,4,3,3,16,null,0,5,3,4,12,null,0,null,0,{"$nulls":4},{"$f":"(AD94*'MS-8,9,10 Domain 3 Weights'!$B$2)+(AE94*'MS-8,9,10 Domain 3 Weights'!$B$3)+(AF94*'MS-8,9,10 Domain 3 Weights'!$B$4)+(AG94*'MS-8,9,10 Domain 3 Weights'!$B$5)","v":0},4,4,3,11,"No","NOT SELECTED","NOT SELECTED","RIS","Monthly"]
[" 1.5","1",13,"MS-2",null,"8.      Proportion of all children with severe febrile illness (e.g. malaria, meningitis, septicaemia, dengue) who were monitored regularly for vital signs and level of consciousness until resolution of severe signs of illness. (88.36)","Processes: EB care, harmful practices, patient-centered practices","Compliance with EB care practices","Provision ","Process","Inpatient","5 ASB/Asses/Clas/Man/Fever",4,5,3,4,3,3,16,null,0,5,4,4,13,null,0,null,0,{"$nulls":4},{"$f":"(AD95*'MS-8,9,10 Domain 3 Weights'!$B$2)+(AE95*'MS-8,9,10 Domain 3 Weights'!$B$3)+(AF95*'MS-8,9,10 Domain 3 Weights'!$B$4)+(AG95*'MS-8,9,10 Domain 3 Weights'!$B$5)","v":0},4,4,3,11,"Yes","SELECTED","NOT SELECTED","RIS","Monthly"]
[" 1.5","1",14,"MS-2",null,"9.      Proportion of all children with severe febrile illness with suspected septicaemia who were appropriately investigated (e.g. full blood count, urine analysis, blood and urine bacteriology culture). (87.27) ","Processes: EB care, harmful practices, patient-centered practices","Compliance with EB care practices","Provision ","Process","Inpatient","5 ASB/Asses/Clas/Man/Fever",4,5,3,4,3,3,16,null,0,5,3,4,12,null,0,null,0,{"$nulls":4},{"$f":"(AD96*'MS-8,9,10 Domain 3 Weights'!$B$2)+(AE96*'MS-8,9,10 Domain 3 Weights'!$B$3)+(AF96*'MS-8,9,10 Domain 3 Weights'!$B$4)+(AG96*'MS-8,9,10 Domain 3 Weights'!$B$5)","v":0},4,4,3,11,"No","NOT SELECTED","NOT SELECTED","RIS","Monthly"]
[" 1.5","1",15,"MS-2",null,"10.  Proportion of all children treated for septic shock who received the correct antibiotic treatment (choice of drug, dose, frequency, route of administration and duration) and supportive care according to WHO guidelines. (89.74)","Processes: EB care, harmful practices, patient-centered practices","Compliance with EB care practices","Provision ","Process","Inpatient","5 ASB/Asses/Clas/Man/Fever",4,5,3,4,3,3,16,null,0,5,2,5,12,null,0,null,0,{"$nulls":4},{"$f":"(AD97*'MS-8,9,10 Domain 3 Weights'!$B$2)+(AE97*'MS-8,9,10 Domain 3 Weights'!$B$3)+(AF97*'MS-8,9,10 Domain 3 Weights'!$B$4)+(AG97*'MS-8,9,10 Domain 3 Weights'!$B$5)","v":0},4,4,3,11,"No","NOT SELECTED","NOT SELECTED","RIS","Monthly"]
[" 1.5","1",16,"MS-3",null,"1.      Proportion of all children treated for severe malaria and/or meningitis who had physical or neurological sequelae. (78.84)","Outcomes: clinical condition-specific outcome","Clinical condition-specific outcome","Provision ","Outcome","Inpatient","5 ASB/Asses/Clas/Man/Fever",4,4,4,4,3,4,16,null,0,{"$nulls":3},0,3,3,null,0,{"$nulls":4},{"$f":"(AD98*'MS-8,9,10 Domain 3 Weights'!$B$2)+(AE98*'MS-8,9,10 Domain 3 Weights'!$B$3)+(AF98*'MS-8,9,10 Domain 3 Weights'!$B$4)+(AG98*'MS-8,9,10 Domain 3 Weights'!$B$5)","v":0},4,4,4,12,"No","NOT SELECTED","NOT SELECTED","RIS"]
[" 1.5","1",17,"MS-3",null,"2.      Severe malaria case fatality rate disaggregated by age (91.22)","Outcomes: clinical condition-specific outcome","Clinical condition-specific outcome","Provision ","Outcome","Inpatient","5 ASB/Asses/Clas/Man/Fever",4,4,4,4,3,4,16,null,0,{"$nulls":3},0,5,5,null,0,{"$nulls":4},{"$f":"(AD99*'MS-8,9,10 Domain 3 Weights'!$B$2)+(AE99*'MS-8,9,10 Domain 3 Weights'!$B$3)+(AF99*'MS-8,9,10 Domain 3 Weights'!$B$4)+(AG99*'MS-8,9,10 Domain 3 Weights'!$B$5)","v":0},4,3,2,9,"Yes","SELECTED","NOT SELECTED","RIS"]
[" 1.5","1",18,"MS-3",null,"3.      Meningitis case fatality rate disaggregated by age. (89.56)","Outcomes: clinical condition-specific outcome","Clinical condition-specific outcome","Provision ","Outcome","Inpatient","5 ASB/Asses/Clas/Man/Fever",4,4,4,4,3,4,16,null,0,{"$nulls":3},0,3,3,null,0,{"$nulls":4},{"$f":"(AD100*'MS-8,9,10 Domain 3 Weights'!$B$2)+(AE100*'MS-8,9,10 Domain 3 Weights'!$B$3)+(AF100*'MS-8,9,10 Domain 3 Weights'!$B$4)+(AG100*'MS-8,9,10 Domain 3 Weights'!$B$5)","v":0},4,4,2,10,"No","NOT SELECTED","NOT SELECTED","RIS"]
[" 1.5","1",19,"MS-3",null,"4.      Proportion of all children treated for septicaemia who died (septicaemia case fatality rate). (90.08)","Outcomes: clinical condition-specific outcome","Clinical condition-specific outcome","Provision ","Outcome","Inpatient","5 ASB/Asses/Clas/Man/Fever",4,4,4,4,3,4,16,null,0,{"$nulls":3},0,5,5,null,0,{"$nulls":4},{"$f":"(AD101*'MS-8,9,10 Domain 3 Weights'!$B$2)+(AE101*'MS-8,9,10 Domain 3 Weights'!$B$3)+(AF101*'MS-8,9,10 Domain 3 Weights'!$B$4)+(AG101*'MS-8,9,10 Domain 3 Weights'!$B$5)","v":0},4,4,4,12,"Yes","SELECTED","NOT SELECTED","RIS"]
[" 1.6","1",1,"MS-1",null,"1.     The health facility has a written, up-to-date policy for exclusive breastfeeding and appropriate feeding, according to WHO guidelines. (93.37)","Inputs: Operational Guidelines","Operational guidelines, protocols related to client-centered practices","Provision ","Input OperGuide","Both","6 RCEB/Nutr/Growth ",4,4,4,4,4,3,{"$f":"SUM(M102:$P102)","v":16},4,1.2,{"$nulls":3},0,null,0,null,0,{"$nulls":4},{"$f":"(AD102*'MS-8,9,10 Domain 3 Weights'!$B$2)+(AE102*'MS-8,9,10 Domain 3 Weights'!$B$3)+(AF102*'MS-8,9,10 Domain 3 Weights'!$B$4)+(AG102*'MS-8,9,10 Domain 3 Weights'!$B$5)","v":0},3,3,3,9,"No","NOT SELECTED","NOT SELECTED","InR"]
[" 1.6","1",2,"MS-1",null,"2.     The health facility maintains a baby-friendly status that supports breastfeeding according to WHO guidelines. (89.03)","Inputs: management and oversight","Oversight and management on patient-centered practices","Provision ","Input OperGuide","Both","6 RCEB/Nutr/Growth ",4,4,4,4,4,3,{"$f":"SUM(M103:$P103)","v":16},4,1.2,{"$nulls":3},0,null,0,null,0,{"$nulls":4},{"$f":"(AD103*'MS-8,9,10 Domain 3 Weights'!$B$2)+(AE103*'MS-8,9,10 Domain 3 Weights'!$B$3)+(AF103*'MS-8,9,10 Domain 3 Weights'!$B$4)+(AG103*'MS-8,9,10 Domain 3 Weights'!$B$5)","v":0},3,3,3,9,"No","NOT SELECTED","NOT SELECTED","InR"]
[" 1.6","1",3,"MS-1",null,"3.     The health facility fully complies with the International Code of marketing of breast-milk substitutes and has systems in place to monitor compliance with the Code. (85.43)","Inputs: management and oversight","Oversight and management on patient-centered practices","Provision ","Input OperGuide","Both","6 RCEB/Nutr/Growth ",4,4,4,4,4,3,{"$f":"SUM(M104:$P104)","v":16},4,1.2,{"$nulls":3},0,null,0,null,0,{"$nulls":4},{"$f":"(AD104*'MS-8,9,10 Domain 3 Weights'!$B$2)+(AE104*'MS-8,9,10 Domain 3 Weights'!$B$3)+(AF104*'MS-8,9,10 Domain 3 Weights'!$B$4)+(AG104*'MS-8,9,10 Domain 3 Weights'!$B$5)","v":0},3,3,3,9,"No","NOT SELECTED","NOT SELECTED","InR"]
[" 1.6","1",4,"MS-1",null,"4.     The health facility has the necessary supplies and materials to support breastfeeding and, when appropriate, alternative feeding (feeding cups and spoons, infant formula, nasogastric tubes, syringe drivers, IV fluids and tubing). (89.92)","Inputs: infrastructure, equipment, supplies clinical condition-specific","Clinical condition-specific medicines, supplies and equipment","Provision ","Input InfrastMedSupEquip","Both","6 RCEB/Nutr/Growth ",4,4,4,4,3,4,{"$f":"SUM(M105:$P105)","v":16},5,5,{"$nulls":3},0,null,0,null,0,{"$nulls":4},{"$f":"(AD105*'MS-8,9,10 Domain 3 Weights'!$B$2)+(AE105*'MS-8,9,10 Domain 3 Weights'!$B$3)+(AF105*'MS-8,9,10 Domain 3 Weights'!$B$4)+(AG105*'MS-8,9,10 Domain 3 Weights'!$B$5)","v":0},3,3,4,10,"Yes","SELECTED","NOT SELECTED","InR"]
[" 1.6","1",5,"MS-1",null,"5.     The professional staff of the health facility who care for children receive training and regular refresher sessions in counselling on breastfeeding and optimal feeding and nutrition of infants and young children at least once every 12 months. (88.49)","Inputs: Human resources","Human resources (specific clinincal training)","Provision ","Input HumRes","Both","6 RCEB/Nutr/Growth ",4,4,4,4,3,4,{"$f":"SUM(M106:$P106)","v":16},null,0,{"$nulls":3},0,null,0,null,0,{"$nulls":4},{"$f":"(AD106*'MS-8,9,10 Domain 3 Weights'!$B$2)+(AE106*'MS-8,9,10 Domain 3 Weights'!$B$3)+(AF106*'MS-8,9,10 Domain 3 Weights'!$B$4)+(AG106*'MS-8,9,10 Domain 3 Weights'!$B$5)","v":0},3,3,3,9,"No","NOT SELECTED","NOT SELECTED","Prov"]
[" 1.6","1",6,"MS-1",null,"6.     The health facility can regularly assess the competence of staff for supporting carers in sustaining optimal infant and young child feeding and nutrition at least once every 12 months. (79.69)","Inputs: management and oversight","Oversight and management on patient-centered practices","Provision ","Input Over&Man","Both","6 RCEB/Nutr/Growth ",4,5,3,4,4,4,{"$f":"SUM(M107:$P107)","v":16},4,2,{"$nulls":3},0,null,0,null,0,{"$nulls":4},{"$f":"(AD107*'MS-8,9,10 Domain 3 Weights'!$B$2)+(AE107*'MS-8,9,10 Domain 3 Weights'!$B$3)+(AF107*'MS-8,9,10 Domain 3 Weights'!$B$4)+(AG107*'MS-8,9,10 Domain 3 Weights'!$B$5)","v":0},3,3,3,9,"No","NOT SELECTED","NOT SELECTED","InR"]
[" 1.6","1",8,"MS-2",null,"2.     Proportion of all children < 5 years in the health facility who have been assessed for routine growth and delayed development, as documented on their child health card or booklet. (90.55)","Processes: EB care, harmful practices, patient-centered practices","Compliance with EB care practices outpatient","Provision ","Process","Outpatient","6 RCEB/Nutr/Growth ",4,4,3,5,3,3,{"$f":"SUM(M108:P108)","v":16},null,0,5,5,3,13,null,0,null,0,{"$nulls":4},{"$f":"(AD108*'MS-8,9,10 Domain 3 Weights'!$B$2)+(AE108*'MS-8,9,10 Domain 3 Weights'!$B$3)+(AF108*'MS-8,9,10 Domain 3 Weights'!$B$4)+(AG108*'MS-8,9,10 Domain 3 Weights'!$B$5)","v":0},5,4,3,12,"Yes","SELECTED","NOT SELECTED","Client","Monthly"]
[" 1.6","1",9,"MS-2",null,"3.     Proportion of children aged 6–23 months in the health facility who receive appropriate complementary foods according to WHO guidelines. (81.16)","Processes: EB care, harmful practices, patient-centered practices","Compliance with EB care practices","Provision ","Process","Outpatient","6 RCEB/Nutr/Growth ",4,4,3,5,3,3,{"$f":"SUM(M109:P109)","v":16},null,0,4,5,3,12,null,0,null,0,{"$nulls":4},{"$f":"(AD109*'MS-8,9,10 Domain 3 Weights'!$B$2)+(AE109*'MS-8,9,10 Domain 3 Weights'!$B$3)+(AF109*'MS-8,9,10 Domain 3 Weights'!$B$4)+(AG109*'MS-8,9,10 Domain 3 Weights'!$B$5)","v":0},4,4,3,11,"No","NOT SELECTED","NOT SELECTED","RIS","Monthly"]
[" 1.6","1",10,"MS-2",null,"4.     Proportion of preterm or small sick infants who receive assisted feeding for whom a correctly prescribed feed volume appropriate for their weight and gestation age is documented. (86.84)","Processes: EB care, harmful practices, patient-centered practices","Compliance with EB care practices inpatient","Provision ","Process","Inpatient","2 SickYI/Pret/Small",4,4,3,5,3,3,16,null,0,5,3,4,12,null,0,null,0,{"$nulls":4},{"$f":"(AD110*'MS-8,9,10 Domain 3 Weights'!$B$2)+(AE110*'MS-8,9,10 Domain 3 Weights'!$B$3)+(AF110*'MS-8,9,10 Domain 3 Weights'!$B$4)+(AG110*'MS-8,9,10 Domain 3 Weights'!$B$5)","v":0},4,3,3,10,"No","NOT SELECTED","NOT SELECTED","RIS","Monthly","This indicator is more relevant to Standard #1.2. related to preterm/small young infants. It is also relevant to  assess feeding support under  standard 1.13 feeding support"]
[" 1.6","1",12,"MS-2",null,"1.     Proportion of carers in the health facility who have received counselling on breastfeeding and nutrition to ensure continued, appropriate feeding of the children in their care. (82.94)","Processes: EB care, harmful practices, patient-centered practices","Compliance with EB care practices","Provision ","Process","Both","6 RCEB/Nutr/Growth ",4,5,3,5,3,3,17,null,0,4,5,4,13,null,0,null,0,{"$nulls":4},{"$f":"(AD111*'MS-8,9,10 Domain 3 Weights'!$B$2)+(AE111*'MS-8,9,10 Domain 3 Weights'!$B$3)+(AF111*'MS-8,9,10 Domain 3 Weights'!$B$4)+(AG111*'MS-8,9,10 Domain 3 Weights'!$B$5)","v":0},4,4,3,11,"Yes","SELECTED","NOT SELECTED","Pat","Monthly"]
[" 1.6","1",7,"MS-3",null,"1.     Proportion of all children aged < 6 months in the health facility who are exclusively breastfed or given only expressed breast milk. (87.18)","Impact/No disease-specific care outcomes","Children under 6 months exclusively breastfed ","Provision ","Outcome","Outpatient","6 RCEB/Nutr/Growth ",4,4,4,4,3,4,16,null,0,4,5,5,14,5,5,null,0,{"$nulls":4},{"$f":"(AD112*'MS-8,9,10 Domain 3 Weights'!$B$2)+(AE112*'MS-8,9,10 Domain 3 Weights'!$B$3)+(AF112*'MS-8,9,10 Domain 3 Weights'!$B$4)+(AG112*'MS-8,9,10 Domain 3 Weights'!$B$5)","v":0},5,5,5,15,"Yes","SELECTED","CORE","RIS","Monthly","Indicator # 10 of 5.5.; #6 of of 6.1., #7 of 1.6. and  #15 of 1.2. are the same. The only difference is that here, it also includes outpatient; maybe helpful to highlihjt to measure this indicator among babies who were excluseively breastfed before admission (continue exlusive breastfeeding  or expressed milk)"]
[" 1.6","1",11,"MS-3",null,"5.     Proportion of all newborn infants in the health facility who receive fully established breastfeeding at the time of discharge. (85.22)","Impact/No disease-specific care outcomes","Children under 6 months exclusively breastfed inpatient","Provision ","Outcome","Inpatient","6 RCEB/Nutr/Growth ",4,4,4,4,3,4,16,null,0,4,5,5,14,5,5,null,0,{"$nulls":4},{"$f":"(AD113*'MS-8,9,10 Domain 3 Weights'!$B$2)+(AE113*'MS-8,9,10 Domain 3 Weights'!$B$3)+(AF113*'MS-8,9,10 Domain 3 Weights'!$B$4)+(AG113*'MS-8,9,10 Domain 3 Weights'!$B$5)","v":0},5,4,3,12,"Yes","SELECTED","NOT SELECTED","pat","Monthly","The way indicator is described now seems  relevant to childbirth services. We may want to further specify  or assess it among small/preterm young infans that stay in facility beyond immediate post-partum"]
[" 1.7","1",1,"MS-1",null,"The health facility has written, up-to-date clinical protocols for assessment, identification and management of children with acute malnutrition and anaemia consistent with WHO guidelines. (94.07)","Inputs: Clinical Guidelines, protocols, job aides","Clinical condition-specific guidelines, protocols, job aides","Provision ","Input ClinGuidelin","Both","7 ASB/Malnut/Anem",4,4,3,4,null,null,{"$f":"SUM(M114:$P114)","v":15},4,1.2,{"$nulls":3},0,null,0,null,0,{"$nulls":4},{"$f":"(AD114*'MS-8,9,10 Domain 3 Weights'!$B$2)+(AE114*'MS-8,9,10 Domain 3 Weights'!$B$3)+(AF114*'MS-8,9,10 Domain 3 Weights'!$B$4)+(AG114*'MS-8,9,10 Domain 3 Weights'!$B$5)","v":0},3,3,2,8,"No","NOT SELECTED","NOT SELECTED","InR"]
[" 1.7","1",2,"MS-1",null,"The health facility has adequate, functioning equipment (e.g. weighing scales, length and height boards, mid-upper arm circumference tapes) and other supplies for assessing and managing acute malnutrition for the expected case load without stock outs. (94.31)","Inputs: infrastructure, equipment, supplies clinical condition-specific","Clinical condition-specific medicines, supplies and equipment","Provision ","Input InfrastMedSupEquip","Outpatient","7 ASB/Malnut/Anem",4,4,4,4,3,4,{"$f":"SUM(M115:$P115)","v":16},5,5,{"$nulls":3},0,null,0,null,0,{"$nulls":4},{"$f":"(AD115*'MS-8,9,10 Domain 3 Weights'!$B$2)+(AE115*'MS-8,9,10 Domain 3 Weights'!$B$3)+(AF115*'MS-8,9,10 Domain 3 Weights'!$B$4)+(AG115*'MS-8,9,10 Domain 3 Weights'!$B$5)","v":0},3,3,4,10,"Yes","SELECTED","NOT SELECTED","InR"]
[" 1.7","1",3,"MS-1",null,"The health facility has or is linked to an outpatient or community therapeutic feeding centre that provides nutritional support and counselling. (84.82)","Inputs: Organization and availability of health services","Health Care Services (availability)","Provision ","Input OrgCare","Both","7 ASB/Malnut/Anem",4,4,4,4,4,4,{"$f":"SUM(M116:$P116)","v":16},5,3.5,{"$nulls":3},0,null,0,null,0,{"$nulls":4},{"$f":"(AD116*'MS-8,9,10 Domain 3 Weights'!$B$2)+(AE116*'MS-8,9,10 Domain 3 Weights'!$B$3)+(AF116*'MS-8,9,10 Domain 3 Weights'!$B$4)+(AG116*'MS-8,9,10 Domain 3 Weights'!$B$5)","v":0},{"$nulls":3},0,"No","NOT SELECTED","NOT SELECTED","InR"]
[" 1.7","1",4,"MS-1",null,"The health facility that is managing children with complicated severe acute malnutrition has adequate medical and nutrition supplies (e.g. antibiotics, F75, F100, Resomal and ready-to-use therapeutic food) available for the expected case load without stocks-outs. (91.96)","Inputs: infrastructure, equipment, supplies clinical condition-specific","Clinical condition-specific medicines, supplies and equipment inpatient","Provision ","Input InfrastMedSupEquip","Inpatient","7 ASB/Malnut/Anem",4,4,4,4,3,4,{"$f":"SUM(M117:$P117)","v":16},5,5,{"$nulls":3},0,null,0,null,0,{"$nulls":4},{"$f":"(AD117*'MS-8,9,10 Domain 3 Weights'!$B$2)+(AE117*'MS-8,9,10 Domain 3 Weights'!$B$3)+(AF117*'MS-8,9,10 Domain 3 Weights'!$B$4)+(AG117*'MS-8,9,10 Domain 3 Weights'!$B$5)","v":0},3,3,4,10,"Yes","SELECTED","NOT SELECTED","InR"]
[" 1.7","1",5,"MS-1",null,"The health facility has a separate room for all children with complicated severe acute malnutrition, with facilities for keeping them warm (e.g. overhead heaters) and provisions for developmental stimulation. (86.64)","Inputs: infrastructure, equipment, supplies clinical condition-specific","Clinical condition-specific medicines, supplies and equipment inpatient","Provision ","Input InfrastMedSupEquip","Inpatient","7 ASB/Malnut/Anem",4,3,4,4,3,4,{"$f":"SUM(M118:$P118)","v":15},4,4,{"$nulls":3},0,null,0,null,0,{"$nulls":4},{"$f":"(AD118*'MS-8,9,10 Domain 3 Weights'!$B$2)+(AE118*'MS-8,9,10 Domain 3 Weights'!$B$3)+(AF118*'MS-8,9,10 Domain 3 Weights'!$B$4)+(AG118*'MS-8,9,10 Domain 3 Weights'!$B$5)","v":0},3,3,4,10,"Yes","NOT SELECTED","NOT SELECTED","InR"]
[" 1.7","1",6,"MS-1",null,"The professional staff at the health facility who care for children receive training and regular refresher sessions in assessment, identification, appropriate management and follow-up of children with acute malnutrition at least once every 12 months. (89.42)","Inputs: Human resources","Human resources (specific clinincal training)","Provision ","Input HumRes","Both","7 ASB/Malnut/Anem",4,4,4,4,3,4,{"$f":"SUM(M119:$P119)","v":16},null,0,{"$nulls":3},0,null,0,null,0,{"$nulls":4},{"$f":"(AD119*'MS-8,9,10 Domain 3 Weights'!$B$2)+(AE119*'MS-8,9,10 Domain 3 Weights'!$B$3)+(AF119*'MS-8,9,10 Domain 3 Weights'!$B$4)+(AG119*'MS-8,9,10 Domain 3 Weights'!$B$5)","v":0},3,3,3,9,"No","NOT SELECTED","NOT SELECTED","Prov"]
[" 1.7","1",7,"MS-1",null,"The health facility has basic laboratory and diagnostic tests (e.g. blood glucose, full blood count, blood culture, urinalysis, serum electrolytes, chest X-ray) for appropriate investigation and management of children with complicated severe acute malnutrition. (90.48)","Inputs: infrastructure, equipment, supplies clinical condition-specific","Clinical condition-specific medicines, supplies and equipment inpatient","Provision ","Input InfrastMedSupEquip","Inpatient","7 ASB/Malnut/Anem",4,3,4,4,3,4,{"$f":"SUM(M120:$P120)","v":15},4,4,{"$nulls":3},0,null,0,null,0,{"$nulls":4},{"$f":"(AD120*'MS-8,9,10 Domain 3 Weights'!$B$2)+(AE120*'MS-8,9,10 Domain 3 Weights'!$B$3)+(AF120*'MS-8,9,10 Domain 3 Weights'!$B$4)+(AG120*'MS-8,9,10 Domain 3 Weights'!$B$5)","v":0},3,3,4,10,"Yes","NOT SELECTED","NOT SELECTED","InR"]
[" 1.7","1",8,"MS-2",null,"Proportion of all sick children aged < 5 years seen in the health facility whose nutritional and anaemia status was assessed and classified according to the IMCI guidelines. (89.50)","Processes: EB care, harmful practices, patient-centered practices","Compliance with EB care practices outpatient","Provision ","Process","Outpatient","7 ASB/Malnut/Anem",4,4,3,5,3,3,{"$f":"SUM(M121:P121)","v":16},null,0,4,5,4,13,null,0,null,0,{"$nulls":4},{"$f":"(AD121*'MS-8,9,10 Domain 3 Weights'!$B$2)+(AE121*'MS-8,9,10 Domain 3 Weights'!$B$3)+(AF121*'MS-8,9,10 Domain 3 Weights'!$B$4)+(AG121*'MS-8,9,10 Domain 3 Weights'!$B$5)","v":0},4,4,3,11,"Yes","SELECTED","NOT SELECTED","RIS","Monthly"]
[" 1.7","1",9,"MS-2",null,"Proportion of all sick children seen in the health facility whose weight and height were assessed and checked against the recommended WHO growth standards. (90.86)","Processes: EB care, harmful practices, patient-centered practices","Compliance with EB care practices outpatient","Provision ","Process","Outpatient","7 ASB/Malnut/Anem",4,4,3,5,3,3,16,null,0,4,5,3,12,null,0,null,0,{"$nulls":4},{"$f":"(AD122*'MS-8,9,10 Domain 3 Weights'!$B$2)+(AE122*'MS-8,9,10 Domain 3 Weights'!$B$3)+(AF122*'MS-8,9,10 Domain 3 Weights'!$B$4)+(AG122*'MS-8,9,10 Domain 3 Weights'!$B$5)","v":0},4,4,3,11,"No","NOT SELECTED","NOT SELECTED","RIS","Monthly","This indicator is similar to ind #8 under standard 1.6"]
[" 1.7","1",10,"MS-2",null,"Proportion of all children seen in the health facility with uncomplicated severe acute malnutrition who received correct, appropriate outpatient care according to WHO guidelines. (87.21)","Processes: EB care, harmful practices, patient-centered practices","Clinical condition-specific outcome outpatient","Provision ","Process","Both","7 ASB/Malnut/Anem",4,4,3,5,3,3,16,null,0,5,4,4,13,null,0,null,0,{"$nulls":4},{"$f":"(AD123*'MS-8,9,10 Domain 3 Weights'!$B$2)+(AE123*'MS-8,9,10 Domain 3 Weights'!$B$3)+(AF123*'MS-8,9,10 Domain 3 Weights'!$B$4)+(AG123*'MS-8,9,10 Domain 3 Weights'!$B$5)","v":0},4,4,3,11,"Yes","SELECTED","NOT SELECTED","RIS","Monthly"]
[" 1.7","1",11,"MS-2",null,"Proportion of all children admitted to the health facility with complicated severe acute malnutrition whose temperature was measured and recorded on admission. (86.70)","Processes: EB care, harmful practices, patient-centered practices","Compliance with EB care practices inpatient","Provision ","Process","Inpatient","7 ASB/Malnut/Anem",4,4,3,5,3,3,16,null,0,5,3,3,11,null,0,null,0,{"$nulls":4},{"$f":"(AD124*'MS-8,9,10 Domain 3 Weights'!$B$2)+(AE124*'MS-8,9,10 Domain 3 Weights'!$B$3)+(AF124*'MS-8,9,10 Domain 3 Weights'!$B$4)+(AG124*'MS-8,9,10 Domain 3 Weights'!$B$5)","v":0},4,4,3,11,"No","NOT SELECTED","NOT SELECTED","RIS","Monthly"]
[" 1.7","1",12,"MS-2",null,"Proportion of all children admitted to the health facility with complicated severe acute malnutrition whose vital signs, feed intake and weight were regularly and adequately monitored during hospitalization. (88.83)","Processes: EB care, harmful practices, patient-centered practices","Compliance with EB care practices inpatient","Provision ","Process","Inpatient","7 ASB/Malnut/Anem",4,4,3,5,3,3,16,null,0,5,3,4,12,null,0,null,0,{"$nulls":4},{"$f":"(AD125*'MS-8,9,10 Domain 3 Weights'!$B$2)+(AE125*'MS-8,9,10 Domain 3 Weights'!$B$3)+(AF125*'MS-8,9,10 Domain 3 Weights'!$B$4)+(AG125*'MS-8,9,10 Domain 3 Weights'!$B$5)","v":0},4,4,3,11,"No","NOT SELECTED","NOT SELECTED","RIS","Monthly"]
[" 1.7","1",13,"MS-2",null,"Proportion of all children admitted with complicated severe acute malnutrition who received appropriate feeding at a correct frequency both day and night according to WHO guidelines. (86.80)","Processes: EB care, harmful practices, patient-centered practices","Compliance with EB care practices inpatient","Provision ","Process","Inpatient","7 ASB/Malnut/Anem",4,4,3,5,3,3,16,null,0,5,3,3,11,null,0,null,0,{"$nulls":4},{"$f":"(AD126*'MS-8,9,10 Domain 3 Weights'!$B$2)+(AE126*'MS-8,9,10 Domain 3 Weights'!$B$3)+(AF126*'MS-8,9,10 Domain 3 Weights'!$B$4)+(AG126*'MS-8,9,10 Domain 3 Weights'!$B$5)","v":0},4,4,3,11,"No","NOT SELECTED","NOT SELECTED","RIS","Monthly"]
[" 1.7","1",14,"MS-2",null,"Proportion of all children with acute malnutrition whose carers have been counselled and informed about age-appropriate feeding. (83.46)","Processes: EB care, harmful practices, patient-centered practices","Compliance with EB care practices","Provision ","Process","Inpatient","7 ASB/Malnut/Anem",4,4,3,5,3,3,16,null,0,4,4,2,10,null,0,null,0,{"$nulls":4},{"$f":"(AD127*'MS-8,9,10 Domain 3 Weights'!$B$2)+(AE127*'MS-8,9,10 Domain 3 Weights'!$B$3)+(AF127*'MS-8,9,10 Domain 3 Weights'!$B$4)+(AG127*'MS-8,9,10 Domain 3 Weights'!$B$5)","v":0},4,4,3,11,"No","NOT SELECTED","NOT SELECTED","Client","Monthly"]
[" 1.7","1",15,"MS-2",null,"Proportion of all children classified or diagnosed with anaemia who are appropriately investigated and prescribed treatment correctly according to WHO guidelines. (89.09","Processes: EB care, harmful practices, patient-centered practices","Compliance with EB care practices","Provision ","Process","Both","7 ASB/Malnut/Anem",4,4,3,5,3,3,16,null,0,4,5,4,13,null,0,null,0,{"$nulls":4},{"$f":"(AD128*'MS-8,9,10 Domain 3 Weights'!$B$2)+(AE128*'MS-8,9,10 Domain 3 Weights'!$B$3)+(AF128*'MS-8,9,10 Domain 3 Weights'!$B$4)+(AG128*'MS-8,9,10 Domain 3 Weights'!$B$5)","v":0},4,4,3,11,"Yes","SELECTED","NOT SELECTED","RIS","Monthly"]
[" 1.7","1",16,"MS-3",null,"Case fatality rate from complicated severe acute malnutrition (monthly or every 3 months depending on the number of cases managed). (92.54) ","Outcomes: clinical condition-specific outcome","Clinical condition-specific outcome inpatient","Provision ","Outcome","Inpatient","7 ASB/Malnut/Anem",4,4,4,4,3,4,16,null,0,{"$nulls":3},0,4,4,null,0,{"$nulls":4},{"$f":"(AD129*'MS-8,9,10 Domain 3 Weights'!$B$2)+(AE129*'MS-8,9,10 Domain 3 Weights'!$B$3)+(AF129*'MS-8,9,10 Domain 3 Weights'!$B$4)+(AG129*'MS-8,9,10 Domain 3 Weights'!$B$5)","v":0},3,3,3,9,"Yes","SELECTED","NOT SELECTED","RIS",null,"This indicator is inpatient. Do we want something on caregiver reported ouitcome?"]
[" 1.8","1",1,"MS-1",null,"1.     The health facility has written, up-to-date guidance on assessing and managing children with suspected TB infection. (94.19)","Inputs: Clinical Guidelines, protocols, job aides","Clinical condition-specific guidelines, protocols, job aides","Provision ","Input ClinGuidelin","Both","8 ASB/TB/HIV",4,4,3,4,null,null,{"$f":"SUM(M130:$P130)","v":15},4,1.2,{"$nulls":3},0,null,0,null,0,{"$nulls":4},{"$f":"(AD130*'MS-8,9,10 Domain 3 Weights'!$B$2)+(AE130*'MS-8,9,10 Domain 3 Weights'!$B$3)+(AF130*'MS-8,9,10 Domain 3 Weights'!$B$4)+(AG130*'MS-8,9,10 Domain 3 Weights'!$B$5)","v":0},3,3,2,8,"No","NOT SELECTED","NOT SELECTED","InR"]
[" 1.8","1",2,"MS-1",null,"2.     The health facility offers routine screening for TB symptoms among children at risk (e.g. history of contact with a case of active TB, malnourished or with HIV/AIDS). (89.59)","Inputs: Organization and availability of health services","Health Care Services (availability)","Provision ","Input Ser Avail","Outpatient","8 ASB/TB/HIV",3,4,4,3,4,4,{"$f":"SUM(M131:$P131)","v":14},5,5,{"$nulls":3},0,null,0,null,0,{"$nulls":4},{"$f":"(AD131*'MS-8,9,10 Domain 3 Weights'!$B$2)+(AE131*'MS-8,9,10 Domain 3 Weights'!$B$3)+(AF131*'MS-8,9,10 Domain 3 Weights'!$B$4)+(AG131*'MS-8,9,10 Domain 3 Weights'!$B$5)","v":0},{"$nulls":3},0,"Yes","NOT SELECTED","NOT SELECTED","InR"]
[" 1.8","1",3,"MS-1",null,"3.     Health facilities in areas with a high prevalence of HIV infection routinely offer HIV counselling and testing to all children. (91.51)","Inputs: Organization and availability of health services","Health Care Services (availability)","Provision ","Input Ser Avail","Both","8 ASB/TB/HIV",3,4,4,3,4,4,{"$f":"SUM(M132:$P132)","v":14},5,5,{"$nulls":3},0,null,0,null,0,{"$nulls":4},{"$f":"(AD132*'MS-8,9,10 Domain 3 Weights'!$B$2)+(AE132*'MS-8,9,10 Domain 3 Weights'!$B$3)+(AF132*'MS-8,9,10 Domain 3 Weights'!$B$4)+(AG132*'MS-8,9,10 Domain 3 Weights'!$B$5)","v":0},{"$nulls":3},0,"Yes","NOT SELECTED","NOT SELECTED","InR",null,"maybe better to reframe  the indicator to collect it form medical documentation\n"]
[" 1.8","1",4,"MS-1",null,"4.     The health facility has child-friendly single or fixed-dose formulations of anti-TB medicines available at all times in adequate quantities without stock outs. (92.33)","Inputs: infrastructure, equipment, supplies clinical condition-specific","Clinical condition-specific medicines, supplies and equipment","Provision ","Input InfrastMedSupEquip","Both","8 ASB/TB/HIV",4,4,4,4,3,4,{"$f":"SUM(M133:$P133)","v":16},5,5,{"$nulls":3},0,null,0,null,0,{"$nulls":4},{"$f":"(AD133*'MS-8,9,10 Domain 3 Weights'!$B$2)+(AE133*'MS-8,9,10 Domain 3 Weights'!$B$3)+(AF133*'MS-8,9,10 Domain 3 Weights'!$B$4)+(AG133*'MS-8,9,10 Domain 3 Weights'!$B$5)","v":0},3,3,4,10,"Yes","SELECTED","NOT SELECTED","InR"]
[" 1.8","1",5,"MS-1",null,"5.     The health facility has adequate supplies of antiretroviral therapy and preventive therapy (co-trimoxazole) available at all times for infants and children exposed to and/or infected with HIV. (92.47)","Inputs: infrastructure, equipment, supplies clinical condition-specific","Clinical condition-specific medicines, supplies and equipment","Provision ","Input InfrastMedSupEquip","Both","8 ASB/TB/HIV",4,4,4,4,3,4,{"$f":"SUM(M134:$P134)","v":16},5,5,{"$nulls":3},{"$f":"SUM(V134:X134)","v":0},null,0,null,0,{"$nulls":4},{"$f":"(AD134*'MS-8,9,10 Domain 3 Weights'!$B$2)+(AE134*'MS-8,9,10 Domain 3 Weights'!$B$3)+(AF134*'MS-8,9,10 Domain 3 Weights'!$B$4)+(AG134*'MS-8,9,10 Domain 3 Weights'!$B$5)","v":0},3,3,4,10,"Yes","SELECTED","NOT SELECTED","InR"]
[" 1.8","1",6,"MS-1",null,"6.     The professional staff at the health facility receive training and regular refresher sessions on TB prevention, case-finding and management at least once every 12 months. (88.00)","Inputs: Human resources","Human resources (specific clinincal training)","Provision ","Input HumRes","Both","8 ASB/TB/HIV",4,4,4,4,3,4,{"$f":"SUM(M135:$P135)","v":16},null,0,{"$nulls":3},0,null,{"$f":"Z135","v":0},null,{"$f":"AB135","v":0},{"$nulls":4},{"$f":"(AD135*'MS-8,9,10 Domain 3 Weights'!$B$2)+(AE135*'MS-8,9,10 Domain 3 Weights'!$B$3)+(AF135*'MS-8,9,10 Domain 3 Weights'!$B$4)+(AG135*'MS-8,9,10 Domain 3 Weights'!$B$5)","v":0},3,3,3,{"$f":"SUM(AI135:AK135)","v":9},"No","NOT SELECTED","NOT SELECTED","Prov"]
[" 1.8","1",7,"MS-2",null,"1.     Proportion of all children with a household contact with active TB who received TB preventive treatment. (83.99)","Processes: EB care, harmful practices, patient-centered practices","Compliance with EB care practices","Provision ","Process","Both","8 ASB/TB/HIV",4,4,3,4,3,4,{"$f":"SUM(M136:P136)","v":15},null,0,5,4,5,14,null,0,null,0,{"$nulls":4},{"$f":"(AD136*'MS-8,9,10 Domain 3 Weights'!$B$2)+(AE136*'MS-8,9,10 Domain 3 Weights'!$B$3)+(AF136*'MS-8,9,10 Domain 3 Weights'!$B$4)+(AG136*'MS-8,9,10 Domain 3 Weights'!$B$5)","v":0},4,4,3,11,{"$f":"IF(OR(U136>=$Q$2,Y136>=$Q$3,AA136>=$Q$4,AC136>=$Q$5,AH136>=$Q$6),\"Yes\",\"No\")","v":"Yes"},{"$f":"IF(AND(S136>=$Q$1,AM136=\"Yes\"),\"SELECTED\",\"NOT SELECTED\")","v":"NOT SELECTED"},{"$f":"IF(AND(AN136=\"SELECTED\",AL136>=$Q$7),\"CORE\",\"NOT SELECTED\")","v":"NOT SELECTED"},"RIS","Monthly"]
[" 1.8","1",8,"MS-2",null,"2.     Proportion of all children with suspected TB who were investigated with an Xpert MTB/RIF for diagnosis of TB. (87.88)","Processes: EB care, harmful practices, patient-centered practices","Compliance with EB care practices","Provision ","Process","Outpatient","8 ASB/TB/HIV",4,4,3,4,3,4,{"$f":"SUM(M137:P137)","v":15},null,0,5,4,1,10,null,0,null,0,{"$nulls":4},{"$f":"(AD137*'MS-8,9,10 Domain 3 Weights'!$B$2)+(AE137*'MS-8,9,10 Domain 3 Weights'!$B$3)+(AF137*'MS-8,9,10 Domain 3 Weights'!$B$4)+(AG137*'MS-8,9,10 Domain 3 Weights'!$B$5)","v":0},4,4,3,11,"No","NOT SELECTED","NOT SELECTED","RIS","Monthly"]
[" 1.8","1",9,"MS-2",null,"3.     Proportion of all children with diagnosed TB who received correct, appropriate treatment (i.e formulation, combination, dose and duration of treatment). (90.49)","Processes: EB care, harmful practices, patient-centered practices","Compliance with EB care practices","Provision ","Process","Both","8 ASB/TB/HIV",4,4,4,4,3,4,16,null,{"$f":"IF(D138=\"MS-1\",T138*(VLOOKUP(J138,_tbl.MS1,3,FALSE)),T138)","v":0},5,4,4,13,null,0,null,0,{"$nulls":4},{"$f":"(AD138*'MS-8,9,10 Domain 3 Weights'!$B$2)+(AE138*'MS-8,9,10 Domain 3 Weights'!$B$3)+(AF138*'MS-8,9,10 Domain 3 Weights'!$B$4)+(AG138*'MS-8,9,10 Domain 3 Weights'!$B$5)","v":0},4,4,3,11,"Yes","SELECTED","NOT SELECTED","RIS","Monthly"]
[" 1.8","1",10,"MS-2",null,"4.     Proportion of all children with diagnosed multi-drug-resistant TB who were appropriately referred. (89.00)","Inputs: Organization and availability of health services","Organization of care processes (including information exchange, care coordination and referral)","Provision ","Process","Outpatient","8 ASB/TB/HIV",4,4,3,4,3,4,15,null,0,4,4,3,11,null,0,null,0,{"$nulls":4},{"$f":"(AD139*'MS-8,9,10 Domain 3 Weights'!$B$2)+(AE139*'MS-8,9,10 Domain 3 Weights'!$B$3)+(AF139*'MS-8,9,10 Domain 3 Weights'!$B$4)+(AG139*'MS-8,9,10 Domain 3 Weights'!$B$5)","v":0},4,4,3,11,"No","NOT SELECTED","NOT SELECTED","RIS","Monthly","the same as #10 of Standard 1.7."]
[" 1.8","1",11,"MS-2",null,"5.     Proportion of all children started on TB treatment in the health facility who successfully completed the full course. 89.96)","Outcomes: clinical condition-specific outcome","Clinical condition-specific outcome","Provision ","Process","Both","8 ASB/TB/HIV",4,5,3,4,3,4,{"$f":"SUM(M140:P140)","v":16},null,0,4,4,5,13,null,0,null,0,{"$nulls":4},{"$f":"(AD140*'MS-8,9,10 Domain 3 Weights'!$B$2)+(AE140*'MS-8,9,10 Domain 3 Weights'!$B$3)+(AF140*'MS-8,9,10 Domain 3 Weights'!$B$4)+(AG140*'MS-8,9,10 Domain 3 Weights'!$B$5)","v":0},4,4,4,12,"Yes","SELECTED","NOT SELECTED","RIS","Monthly","Suggest to use standard WHO Indicator: TB treatment success rate"]
[" 1.8","1",12,"MS-2",null,"6.     Proportion of all children who attend health facilities in settings with a high HIV prevalence whose HIV status is known and documented in their medical records. (90.75)","Processes: EB care, harmful practices, patient-centered practices","Compliance with EB care practices","Provision ","Process","Both","8 ASB/TB/HIV",4,5,4,4,4,4,{"$f":"SUM(M141:P141)","v":17},null,0,5,4,4,13,null,0,null,0,{"$nulls":4},{"$f":"(AD141*'MS-8,9,10 Domain 3 Weights'!$B$2)+(AE141*'MS-8,9,10 Domain 3 Weights'!$B$3)+(AF141*'MS-8,9,10 Domain 3 Weights'!$B$4)+(AG141*'MS-8,9,10 Domain 3 Weights'!$B$5)","v":0},4,4,3,11,"Yes","SELECTED","NOT SELECTED","RIS","Monthly","Note: this measure will be important in high prevalence settings; The same as Standard #7"]
[" 1.8","1",13,"MS-2",null,"7.     Proportion of all HIV-positive women who delivered in the health facility who receive appropriate prophylaxis to prevent mother-to-child transmission and antiretroviral therapy according to WHO guidelines. (94.86)","Processes: EB care, harmful practices, patient-centered practices","Compliance with EB care practices","Provision ","Process","Both","8 ASB/TB/HIV",3,5,3,3,4,4,{"$f":"SUM(M142:P142)","v":14},null,0,5,4,4,13,null,0,null,0,{"$nulls":4},{"$f":"(AD142*'MS-8,9,10 Domain 3 Weights'!$B$2)+(AE142*'MS-8,9,10 Domain 3 Weights'!$B$3)+(AF142*'MS-8,9,10 Domain 3 Weights'!$B$4)+(AG142*'MS-8,9,10 Domain 3 Weights'!$B$5)","v":0},4,4,5,13,"Yes","NOT SELECTED","NOT SELECTED","RIS","Monthly","I think this goes bayond child health indicators. Maybe we focus on testing and treatment of exposed/infected infants? Should we measure Maternal prophylaxis or Infant prophylaxis"]
[" 1.8","1",14,"MS-2",null,"8.     Proportion of all children born to HIV-infected mothers who were tested for HIV infection within 8 weeks of birth and received appropriate antiretroviral therapy according to WHO guidelines. (92.50)","Processes: EB care, harmful practices, patient-centered practices","Compliance with EB care practices","Provision ","Process","Outpatient","8 ASB/TB/HIV",4,5,3,4,4,4,16,null,0,5,4,4,13,null,0,null,0,{"$nulls":4},{"$f":"(AD143*'MS-8,9,10 Domain 3 Weights'!$B$2)+(AE143*'MS-8,9,10 Domain 3 Weights'!$B$3)+(AF143*'MS-8,9,10 Domain 3 Weights'!$B$4)+(AG143*'MS-8,9,10 Domain 3 Weights'!$B$5)","v":0},5,5,3,13,"Yes","SELECTED","CORE","RIS","Monthly","we just may split this on two (tested) and second below will be treated"]
[" 1.8","1",15,"MS-2",null,"9.     Proportion of all children with confirmed HIV infection who have started antiretroviral therapy. (96.05)","Processes: EB care, harmful practices, patient-centered practices","Compliance with EB care practices","Provision ","Process","Outpatient","8 ASB/TB/HIV",4,5,4,4,4,4,17,null,0,5,4,4,13,null,0,null,0,{"$nulls":4},{"$f":"(AD144*'MS-8,9,10 Domain 3 Weights'!$B$2)+(AE144*'MS-8,9,10 Domain 3 Weights'!$B$3)+(AF144*'MS-8,9,10 Domain 3 Weights'!$B$4)+(AG144*'MS-8,9,10 Domain 3 Weights'!$B$5)","v":0},4,4,3,11,"Yes","SELECTED","NOT SELECTED","RIS","Monthly","Note: indicator #14 includes #15. therefore, it is not selected separately. Alternatively,  we can focus #14 on testing and #15 on treatment. Note: 100 core monitors AIDS related mortality and Viral load supression (3rd 95 target). This one focuses on 1st two targets, but may be difficult to measure"]
[" 1.8","1",16,"MS-3",null,"1.     Cure rate for childhood TB infection in the health facility. (83.58)","Outcomes: clinical condition-specific outcome","Clinical condition-specific outcome","Provision ","Outcome","Outpatient","8 ASB/TB/HIV",4,4,4,4,4,4,{"$f":"SUM(M145:P145)","v":16},null,0,{"$nulls":3},0,4,4,null,0,{"$nulls":4},{"$f":"(AD145*'MS-8,9,10 Domain 3 Weights'!$B$2)+(AE145*'MS-8,9,10 Domain 3 Weights'!$B$3)+(AF145*'MS-8,9,10 Domain 3 Weights'!$B$4)+(AG145*'MS-8,9,10 Domain 3 Weights'!$B$5)","v":0},4,4,5,13,"Yes","SELECTED","CORE","RIS","Monthly","Can be standardized as TB treatment success rate as standard 100 core measure"]
[" 1.8","1",17,"MS-3",null,"2.     Case fatality rate among children with HIV infection in the facility. (88.71)","Outcomes: clinical condition-specific outcome","Clinical condition-specific outcome inpatient","Provision ","Outcome","Inpatient","8 ASB/TB/HIV",4,4,4,4,4,4,{"$f":"SUM(M146:P146)","v":16},null,0,{"$nulls":3},0,4,4,null,0,{"$nulls":4},{"$f":"(AD146*'MS-8,9,10 Domain 3 Weights'!$B$2)+(AE146*'MS-8,9,10 Domain 3 Weights'!$B$3)+(AF146*'MS-8,9,10 Domain 3 Weights'!$B$4)+(AG146*'MS-8,9,10 Domain 3 Weights'!$B$5)","v":0},4,4,4,12,"Yes","SELECTED","NOT SELECTED","RIS",null,"do we need ART retention rate? It would be more impactful. As it is 100 core indicator; Or viral load suppression  as it is part of 90-90-90 target "]
[" 1.9","1",1,"MS-1",null,"1.     The health facility has written, up-to-date protocols and guidelines for providing routine child immunization services that are consistent with WHO guidelines. (95.16)","Inputs: Clinical Guidelines, protocols, job aides","Clinical condition-specific guidelines, protocols, job aides","Provision ","Input ClinGuidelin","Outpatient","9 RCEB/Vaccin/VitA",4,4,3,4,null,null,{"$f":"SUM(M147:$P147)","v":15},4,1.2,{"$nulls":3},0,null,0,null,0,{"$nulls":4},{"$f":"(AD147*'MS-8,9,10 Domain 3 Weights'!$B$2)+(AE147*'MS-8,9,10 Domain 3 Weights'!$B$3)+(AF147*'MS-8,9,10 Domain 3 Weights'!$B$4)+(AG147*'MS-8,9,10 Domain 3 Weights'!$B$5)","v":0},3,3,2,8,"No","NOT SELECTED","NOT SELECTED","InR"]
[" 1.9","1",2,"MS-1",null,"2.     The health facility has a functioning refrigerator with a temperature monitoring device and sufficient storage capacity to accommodate all the vaccines required for the expected case load. (95.69)","Inputs: infrastructure, equipment, supplies clinical condition-specific","Clinical condition-specific medicines, supplies and equipment","Provision ","Input InfrastMedSupEquip","Outpatient","9 RCEB/Vaccin/VitA",4,4,4,4,4,4,{"$f":"SUM(M148:$P148)","v":16},5,5,{"$nulls":3},0,null,0,null,0,{"$nulls":4},{"$f":"(AD148*'MS-8,9,10 Domain 3 Weights'!$B$2)+(AE148*'MS-8,9,10 Domain 3 Weights'!$B$3)+(AF148*'MS-8,9,10 Domain 3 Weights'!$B$4)+(AG148*'MS-8,9,10 Domain 3 Weights'!$B$5)","v":0},3,3,4,10,"Yes","SELECTED","NOT SELECTED","InR"]
[" 1.9","1",3,"MS-1",null,"3.     The health facility has adequate supplies of immunization cards, tally sheets, ice packs and other supplies to provide daily immunization services at all times with no stock outs. (93.66)","Inputs: infrastructure, equipment, supplies clinical condition-specific","Clinical condition-specific medicines, supplies and equipment","Provision ","Input InfrastMedSupEquip","Both","9 RCEB/Vaccin/VitA",4,4,4,4,3,4,{"$f":"SUM(M149:$P149)","v":16},3,3,{"$nulls":3},0,null,0,null,0,{"$nulls":4},{"$f":"(AD149*'MS-8,9,10 Domain 3 Weights'!$B$2)+(AE149*'MS-8,9,10 Domain 3 Weights'!$B$3)+(AF149*'MS-8,9,10 Domain 3 Weights'!$B$4)+(AG149*'MS-8,9,10 Domain 3 Weights'!$B$5)","v":0},3,3,4,10,"No","NOT SELECTED","NOT SELECTED","InR"]
[" 1.9","1",4,"MS-1",null,"4.     The health facility has adequate supplies of all age-appropriate primary vaccines and human papillomavirus available to provide daily immunization services with no stock outs. (92.81)","Inputs: infrastructure, equipment, supplies clinical condition-specific","Clinical condition-specific medicines, supplies and equipment","Provision ","Input InfrastMedSupEquip","Both","9 RCEB/Vaccin/VitA",4,4,4,4,4,4,{"$f":"SUM(M150:$P150)","v":16},5,5,{"$nulls":3},0,null,0,null,0,{"$nulls":4},{"$f":"(AD150*'MS-8,9,10 Domain 3 Weights'!$B$2)+(AE150*'MS-8,9,10 Domain 3 Weights'!$B$3)+(AF150*'MS-8,9,10 Domain 3 Weights'!$B$4)+(AG150*'MS-8,9,10 Domain 3 Weights'!$B$5)","v":0},3,3,4,10,"Yes","SELECTED","NOT SELECTED","InR"]
[" 1.9","1",5,"MS-1",null,"5.     The health facility has adequate supplies of puncture-resistant, rigid, leak-resistant containers designed to hold used sharps safely during collection, disposal and destruction. (91.51)","Inputs: infrastructure, equipment, supplies clinical condition-specific","Clinical condition-specific medicines, supplies and equipment","Provision ","Input InfrastMedSupEquip","Both","9 RCEB/Vaccin/VitA",4,4,4,4,3,4,{"$f":"SUM(M151:$P151)","v":16},3,3,{"$nulls":3},0,null,0,null,0,{"$nulls":4},{"$f":"(AD151*'MS-8,9,10 Domain 3 Weights'!$B$2)+(AE151*'MS-8,9,10 Domain 3 Weights'!$B$3)+(AF151*'MS-8,9,10 Domain 3 Weights'!$B$4)+(AG151*'MS-8,9,10 Domain 3 Weights'!$B$5)","v":0},3,3,4,10,"No","NOT SELECTED","NOT SELECTED","InR"]
[" 1.9","1",6,"MS-1",null,"6.     The health facility has at least one health professional trained in immunization service delivery, who receives regular refresher sessions at least once every 24 months. (89.51)","Inputs: Human resources","Human resources (specific clinincal training)","Provision ","Input HumRes","Both","9 RCEB/Vaccin/VitA",4,4,4,4,3,4,{"$f":"SUM(M152:$P152)","v":16},null,0,{"$nulls":3},0,null,0,null,0,{"$nulls":4},{"$f":"(AD152*'MS-8,9,10 Domain 3 Weights'!$B$2)+(AE152*'MS-8,9,10 Domain 3 Weights'!$B$3)+(AF152*'MS-8,9,10 Domain 3 Weights'!$B$4)+(AG152*'MS-8,9,10 Domain 3 Weights'!$B$5)","v":0},3,3,3,9,"No","NOT SELECTED","NOT SELECTED","InR"]
[" 1.9","1",7,"MS-1",null,"1.     Proportion of days on which the refrigerator temperature, monitored twice daily, was not out of the range 2–8 ªC in the past month. (88.19)","Inputs: management and oversight","Oversight and management on  cross-cutting supporting  systems","Provision ","Input Over&Man","Both","9 RCEB/Vaccin/VitA",4,5,3,4,4,4,{"$f":"SUM(M153:$P153)","v":16},4,2,{"$nulls":3},0,null,0,null,0,{"$nulls":4},{"$f":"(AD153*'MS-8,9,10 Domain 3 Weights'!$B$2)+(AE153*'MS-8,9,10 Domain 3 Weights'!$B$3)+(AF153*'MS-8,9,10 Domain 3 Weights'!$B$4)+(AG153*'MS-8,9,10 Domain 3 Weights'!$B$5)","v":0},3,3,3,9,"No","NOT SELECTED","NOT SELECTED","InR"]
[" 1.9","1",8,"MS-2",null,"2.     Proportion of all children seen in the health facility whose vaccination and vitamin A status was checked. (88.46)","Processes: EB care, harmful practices, patient-centered practices","Compliance with EB care practices","Provision ","Process","Outpatient","9 RCEB/Vaccin/VitA",4,4,4,4,4,4,{"$f":"SUM(M154:P154)","v":16},null,0,4,5,4,13,null,0,null,0,{"$nulls":4},{"$f":"(AD154*'MS-8,9,10 Domain 3 Weights'!$B$2)+(AE154*'MS-8,9,10 Domain 3 Weights'!$B$3)+(AF154*'MS-8,9,10 Domain 3 Weights'!$B$4)+(AG154*'MS-8,9,10 Domain 3 Weights'!$B$5)","v":0},4,4,4,12,"Yes","SELECTED","NOT SELECTED","RIS","Monthly"]
[" 1.9","1",9,"MS-2",null,"3.     Proportion of all children under 5 years of age who attended the health facility and received vitamin A supplementation in the past 6 months. (86.33)","Processes: EB care, harmful practices, patient-centered practices","Compliance with EB care practices outpatient","Provision ","Process","Outpatient","9 RCEB/Vaccin/VitA",4,5,3,4,4,4,{"$f":"SUM(M155:P155)","v":16},null,0,4,5,4,13,null,0,null,0,{"$nulls":4},{"$f":"(AD155*'MS-8,9,10 Domain 3 Weights'!$B$2)+(AE155*'MS-8,9,10 Domain 3 Weights'!$B$3)+(AF155*'MS-8,9,10 Domain 3 Weights'!$B$4)+(AG155*'MS-8,9,10 Domain 3 Weights'!$B$5)","v":0},4,4,3,11,"Yes","SELECTED","NOT SELECTED","RIS","Monthly"]
[" 1.9","1",10,"MS-2",null,"4.     Proportion of all carers whose children are eligible for the next dose of vaccine who were counselled and know when to return. (80.76)","Processes: EB care, harmful practices, patient-centered practices","Compliance with EB care practices outpatient","Provision ","Process","Outpatient","9 RCEB/Vaccin/VitA",4,4,2,4,3,3,14,null,0,4,5,4,13,null,0,null,0,{"$nulls":4},{"$f":"(AD156*'MS-8,9,10 Domain 3 Weights'!$B$2)+(AE156*'MS-8,9,10 Domain 3 Weights'!$B$3)+(AF156*'MS-8,9,10 Domain 3 Weights'!$B$4)+(AG156*'MS-8,9,10 Domain 3 Weights'!$B$5)","v":0},4,4,3,11,"Yes","NOT SELECTED","NOT SELECTED","Obs","Monthly"]
[" 1.9","1",11,"MS-3",null,"1.     Proportion of all children under 5 years of age who attended the health facility and left without receiving age-appropriate, up-to-date vaccination according to the guidelines of the WHO expanded programme on immunization. (81.62)","Impact/No disease-specific care outcomes","Impact  outpatient ( e.g full vaccination)","Provision ","Outcome","Both","9 RCEB/Vaccin/VitA",5,5,3,5,4,3,18,null,0,{"$nulls":3},0,5,5,null,0,{"$nulls":4},{"$f":"(AD157*'MS-8,9,10 Domain 3 Weights'!$B$2)+(AE157*'MS-8,9,10 Domain 3 Weights'!$B$3)+(AF157*'MS-8,9,10 Domain 3 Weights'!$B$4)+(AG157*'MS-8,9,10 Domain 3 Weights'!$B$5)","v":0},4,4,5,13,"Yes","SELECTED","CORE","Obs","Monthly","This indicator is similar to indicator #12 (that measures ony in inpatient).I would suggest to use positive measure: proportion of children visited health care facilities who were fully vaccinated at their age and use it both inpatient and outpatient"]
[" 1.9","1",12,"MS-3",null,"2.     Proportion of all children admitted to the health facility for more than 24 h who were not fully vaccinated for their age. (84.73)","Impact/No disease-specific care outcomes","Impact inpatient (no clinical content-specific outcomes e.g institutional child mortality)","Provision ","Outcome","Both","9 RCEB/Vaccin/VitA",5,5,3,5,4,3,18,null,0,{"$nulls":3},0,5,5,null,0,{"$nulls":4},{"$f":"(AD158*'MS-8,9,10 Domain 3 Weights'!$B$2)+(AE158*'MS-8,9,10 Domain 3 Weights'!$B$3)+(AF158*'MS-8,9,10 Domain 3 Weights'!$B$4)+(AG158*'MS-8,9,10 Domain 3 Weights'!$B$5)","v":0},4,4,4,12,"Yes","SELECTED","NOT SELECTED","Client",null,"Similar to indicator #11. Suggest to use the measure #11 above with proposed modificaton"]
[" 1.10","1",1,"MS-1",null,"1.     The health facility has written, up-to-date policies, protocols and guidelines for screening, managing and ensuring the continuity of care in the community for children with common chronic conditions. (89.32)","Inputs: Clinical Guidelines, protocols, job aides","Clinical condition-specific guidelines, protocols, job aides","Provision ","Input ClinGuidelin","Both","10 ASB/Chronic/Con",4,4,3,4,null,null,{"$f":"SUM(M159:$P159)","v":15},4,1.2,{"$nulls":3},0,null,0,null,0,{"$nulls":4},{"$f":"(AD159*'MS-8,9,10 Domain 3 Weights'!$B$2)+(AE159*'MS-8,9,10 Domain 3 Weights'!$B$3)+(AF159*'MS-8,9,10 Domain 3 Weights'!$B$4)+(AG159*'MS-8,9,10 Domain 3 Weights'!$B$5)","v":0},3,3,2,8,"No","NOT SELECTED","NOT SELECTED","InR"]
[" 1.10","1",2,"MS-1",null,"2.     The health facility has a model for chronic care that includes a coordinated, multidisciplinary team approach and the participation of children and their families. (81.32)","Inputs: Operational Guidelines","Operational guidelines, protocols related to care provision","Provision ","Input OperGuide","Outpatient","10 ASB/Chronic/Con",4,4,4,4,4,3,{"$f":"SUM(M160:$P160)","v":16},4,1.2,{"$nulls":3},0,null,0,null,0,{"$nulls":4},{"$f":"(AD160*'MS-8,9,10 Domain 3 Weights'!$B$2)+(AE160*'MS-8,9,10 Domain 3 Weights'!$B$3)+(AF160*'MS-8,9,10 Domain 3 Weights'!$B$4)+(AG160*'MS-8,9,10 Domain 3 Weights'!$B$5)","v":0},3,3,3,9,"No","NOT SELECTED","NOT SELECTED","InR"]
[" 1.10","1",3,"MS-1",null,"3.     The health facility has the facilities, supplies and materials necessary to provide optimal care during both acute episodes and routine follow-up of children with chronic conditions. (88.08)","Inputs: infrastructure, equipment, supplies clinical condition-specific","Clinical condition-specific medicines, supplies and equipment","Provision ","Input InfrastMedSupEquip","Outpatient","10 ASB/Chronic/Con",4,4,4,4,3,3,{"$f":"SUM(M161:$P161)","v":16},5,5,{"$nulls":3},0,null,0,null,0,{"$nulls":4},{"$f":"(AD161*'MS-8,9,10 Domain 3 Weights'!$B$2)+(AE161*'MS-8,9,10 Domain 3 Weights'!$B$3)+(AF161*'MS-8,9,10 Domain 3 Weights'!$B$4)+(AG161*'MS-8,9,10 Domain 3 Weights'!$B$5)","v":0},3,3,4,10,"Yes","SELECTED","NOT SELECTED","InR"]
[" 1.10","1",4,"MS-1",null,"4.     Health professionals receive in-service training or refresher sessions in the appropriate care of common chronic childhood conditions (e.g. asthma, sickle-cell disease, diabetes, epilepsy and cardiac disease) at least once every 12 months. (87.81)","Inputs: Human resources","Human resources (specific clinincal training)","Provision ","Input HumRes","Outpatient","10 ASB/Chronic/Con",4,4,4,4,3,4,{"$f":"SUM(M162:$P162)","v":16},null,0,{"$nulls":3},0,null,0,null,0,{"$nulls":4},{"$f":"(AD162*'MS-8,9,10 Domain 3 Weights'!$B$2)+(AE162*'MS-8,9,10 Domain 3 Weights'!$B$3)+(AF162*'MS-8,9,10 Domain 3 Weights'!$B$4)+(AG162*'MS-8,9,10 Domain 3 Weights'!$B$5)","v":0},3,3,3,9,"No","NOT SELECTED","NOT SELECTED","Prov"]
[" 1.10","1",5,"MS-1",null,"5.     The health facility has an established system for age-appropriate education and counselling for children about their condition, self-management and prevention of complications. (81.45)","Inputs: Operational Guidelines","Operational guidelines, protocols related to client-centered practices","Provision ","Input OperGuide","Both","10 ASB/Chronic/Con",4,4,4,4,4,3,{"$f":"SUM(M163:$P163)","v":16},4,1.2,{"$nulls":3},0,null,0,null,0,{"$nulls":4},{"$f":"(AD163*'MS-8,9,10 Domain 3 Weights'!$B$2)+(AE163*'MS-8,9,10 Domain 3 Weights'!$B$3)+(AF163*'MS-8,9,10 Domain 3 Weights'!$B$4)+(AG163*'MS-8,9,10 Domain 3 Weights'!$B$5)","v":0},3,3,3,9,"No","NOT SELECTED","NOT SELECTED","InR"]
[" 1.10","1",9,"MS-1",null,"4.     Proportion of health professionals who care for children in the health facility who have received in-service training or refresher sessions in appropriate care of common chronic childhood conditions at least once every 12 months. (87.77)","Inputs: Human resources","Human resources (specific clinincal training)","Provision ","Input HumRes","Both","10 ASB/Chronic/Con",4,4,4,4,3,4,{"$f":"SUM(M164:$P164)","v":16},null,0,{"$nulls":3},0,null,0,null,0,{"$nulls":4},{"$f":"(AD164*'MS-8,9,10 Domain 3 Weights'!$B$2)+(AE164*'MS-8,9,10 Domain 3 Weights'!$B$3)+(AF164*'MS-8,9,10 Domain 3 Weights'!$B$4)+(AG164*'MS-8,9,10 Domain 3 Weights'!$B$5)","v":0},3,3,3,9,"No","NOT SELECTED","NOT SELECTED","Prov",null,"The same as indicator #4 standard 1.10"]
[" 1.10","1",8,"MS-2",null,"3.     Proportion of children who require palliative care, whose physical and emotional care, including pain, side-effects and other symptoms, is assessed and documented. (83.92)","Processes: EB care, harmful practices, patient-centered practices","Compliance with EB care practices","Provision ","Process","Both","10 ASB/Chronic/Con",4,4,3,4,3,3,{"$f":"SUM(M165:R165)","v":21},null,0,5,5,3,13,null,0,null,0,{"$nulls":4},{"$f":"(AD165*'MS-8,9,10 Domain 3 Weights'!$B$2)+(AE165*'MS-8,9,10 Domain 3 Weights'!$B$3)+(AF165*'MS-8,9,10 Domain 3 Weights'!$B$4)+(AG165*'MS-8,9,10 Domain 3 Weights'!$B$5)","v":0},4,3,3,10,"Yes","SELECTED","NOT SELECTED","RIS","Monthly","NCD preventive measures: physical activity, sugar intake are not included in the standards "]
[" 1.10","1",10,"MS-3",null,"1.     Proportion of all children with asthma who are followed at the health facility who were admitted with a severe acute asthmatic attack in the past 3 months. (85.64)","Outcomes: clinical condition-specific outcome","Compliance with EB care practices outpatient","Provision ","Outcome","Both","10 ASB/Chronic/Con",4,4,3,5,3,3,16,null,0,5,3,null,8,4,4,null,0,{"$nulls":4},{"$f":"(AD166*'MS-8,9,10 Domain 3 Weights'!$B$2)+(AE166*'MS-8,9,10 Domain 3 Weights'!$B$3)+(AF166*'MS-8,9,10 Domain 3 Weights'!$B$4)+(AG166*'MS-8,9,10 Domain 3 Weights'!$B$5)","v":0},{"$nulls":3},0,"Yes","SELECTED","NOT SELECTED","Client",null,"This is outcome measure. NCD preventive measures: physical activity, sugar intake are not included in the standards; There are no process measures for chronic conditions: suggest to include 1-2 process measures for Asthma detection and management.  "]
[" 1.10","1",11,"MS-3",null,"2.     Proportion of all children with chronic, repeated seizures (epilepsy) who are followed up at the health facility who were admitted with status epilepticus in the past 12 months. (85.55) ","Outcomes: clinical condition-specific outcome","Compliance with EB care practices outpatient","Provision ","Outcome","Both","10 ASB/Chronic/Con",4,4,3,4,3,3,15,null,0,5,3,null,8,4,4,null,0,{"$nulls":4},{"$f":"(AD167*'MS-8,9,10 Domain 3 Weights'!$B$2)+(AE167*'MS-8,9,10 Domain 3 Weights'!$B$3)+(AF167*'MS-8,9,10 Domain 3 Weights'!$B$4)+(AG167*'MS-8,9,10 Domain 3 Weights'!$B$5)","v":0},{"$nulls":3},0,"Yes","NOT SELECTED","NOT SELECTED","Client",null,"This is outcome measure NCD preventive measures: physical activity, sugar intake are not included in the standards;  "]
[" 1.10","1",12,"MS-3",null,"3.     Proportion of children with a chronic condtion who know and can correctly describe the signs and symptoms that alert them to seek care for their condition. (80.52)","Outcomes: clinical condition-specific outcome","Clinical condition-specific outcome","Provision ","Outcome","Both","10 ASB/Chronic/Con",4,5,3,5,3,3,17,null,0,{"$nulls":3},0,4,4,null,0,{"$nulls":4},{"$f":"(AD168*'MS-8,9,10 Domain 3 Weights'!$B$2)+(AE168*'MS-8,9,10 Domain 3 Weights'!$B$3)+(AF168*'MS-8,9,10 Domain 3 Weights'!$B$4)+(AG168*'MS-8,9,10 Domain 3 Weights'!$B$5)","v":0},{"$nulls":3},0,"Yes","SELECTED","NOT SELECTED","Client"]
[" 1.10","1",7,"MS-3",null,"2.     Proportion of children with a chronic condition and/or their carers who understand and are able to describe their condition and the treatment being received correctly. (78.31)","Outcomes: clinical condition-specific outcome","Clinical condition-specific outcome","Provision ","Outcome","Both","10 ASB/Chronic/Con",4,5,3,5,3,3,{"$f":"SUM(M169:P169)","v":17},null,0,3,3,4,10,4,4,null,0,{"$nulls":4},{"$f":"(AD169*'MS-8,9,10 Domain 3 Weights'!$B$2)+(AE169*'MS-8,9,10 Domain 3 Weights'!$B$3)+(AF169*'MS-8,9,10 Domain 3 Weights'!$B$4)+(AG169*'MS-8,9,10 Domain 3 Weights'!$B$5)","v":0},{"$nulls":3},0,"Yes","SELECTED","NOT SELECTED","Client"]
[" 1.11","1",1,"MS-1",null,"1.     The health facility has a comprehensive written protocol for identifying, assessing and managing children with suspected maltreatment. (90.57)","Inputs: Operational Guidelines","Operational guidelines, protocols related to client-centered practices","Provision ","Input OperGuide","Both",null,4,4,4,4,4,3,{"$f":"SUM(M170:$P170)","v":16},4,1.2,{"$nulls":3},0,null,0,null,0,{"$nulls":4},{"$f":"(AD170*'MS-8,9,10 Domain 3 Weights'!$B$2)+(AE170*'MS-8,9,10 Domain 3 Weights'!$B$3)+(AF170*'MS-8,9,10 Domain 3 Weights'!$B$4)+(AG170*'MS-8,9,10 Domain 3 Weights'!$B$5)","v":0},3,3,3,9,"No","NOT SELECTED","NOT SELECTED","InR",null,"standard 1.11 can be inclrporated in  non-clinical specific standards, such as  standard 5"]
[" 1.11","1",2,"MS-1",null,"2.     The health facility staff receive training and refresher sessions on screening, preventing, protecting and managing children with evidence of maltreatment, including neglect and violence. (88.56)","Inputs: Human resources","Human resources: specific non-clinical training","Provision ","Input HumRes","Both",null,4,4,4,4,3,4,{"$f":"SUM(M171:$P171)","v":16},null,0,{"$nulls":3},0,null,0,null,0,{"$nulls":4},{"$f":"(AD171*'MS-8,9,10 Domain 3 Weights'!$B$2)+(AE171*'MS-8,9,10 Domain 3 Weights'!$B$3)+(AF171*'MS-8,9,10 Domain 3 Weights'!$B$4)+(AG171*'MS-8,9,10 Domain 3 Weights'!$B$5)","v":0},3,3,3,9,"No","NOT SELECTED","NOT SELECTED","Prov",null,"standard 1.11 can be inclrporated in  non-clinical specific standards, such as  standard 6"]
[" 1.11","1",3,"MS-1",null,"3.The health facility has the facilities, supplies and materials to provide optimal, coordinated care to children with suspected maltreatment. (86.67","Inputs: Infrastructure, equipment client-centered","Infrastructure for client-centered practices","Provision ","Input InfrastMedSupEquip","Both",null,4,4,4,4,3,3,{"$f":"SUM(M172:$P172)","v":16},5,5,{"$nulls":3},0,null,0,null,0,{"$nulls":4},{"$f":"(AD172*'MS-8,9,10 Domain 3 Weights'!$B$2)+(AE172*'MS-8,9,10 Domain 3 Weights'!$B$3)+(AF172*'MS-8,9,10 Domain 3 Weights'!$B$4)+(AG172*'MS-8,9,10 Domain 3 Weights'!$B$5)","v":0},3,3,4,10,"Yes","SELECTED","NOT SELECTED","InR",null,"standard 1.11 can be inclrporated in  non-clinical specific standards, such as  standard 7"]
[" 1.11","1",4,"MS-2",null,"1.     Proportion of all children with suspected maltreatment who were managed according to established health facility procedures and protocols. (82.17)","Inputs: management and oversight","Oversight and management on patient-centered practices","Provision ","Process","Both",null,4,4,3,4,3,3,{"$f":"SUM(M173:P173)","v":15},null,0,5,5,2,12,null,0,null,0,{"$nulls":4},{"$f":"(AD173*'MS-8,9,10 Domain 3 Weights'!$B$2)+(AE173*'MS-8,9,10 Domain 3 Weights'!$B$3)+(AF173*'MS-8,9,10 Domain 3 Weights'!$B$4)+(AG173*'MS-8,9,10 Domain 3 Weights'!$B$5)","v":0},4,3,3,10,"No","NOT SELECTED","NOT SELECTED","InR","Monthly","standard 1.11 can be incorporated in  non-clinical specific standards, such as  standard 8"]
[" 1.11","1",5,"MS-2",null,"2.     Proportion of all children attending the health facility with suspected maltreatment who received psychological services (82.52)","Inputs: Organization and availability of health services","Health Care Services (availability)","Provision ","Process","Both",null,4,5,3,4,3,3,16,null,0,5,5,3,13,null,0,null,0,{"$nulls":4},{"$f":"(AD174*'MS-8,9,10 Domain 3 Weights'!$B$2)+(AE174*'MS-8,9,10 Domain 3 Weights'!$B$3)+(AF174*'MS-8,9,10 Domain 3 Weights'!$B$4)+(AG174*'MS-8,9,10 Domain 3 Weights'!$B$5)","v":0},4,4,3,11,"Yes","SELECTED","NOT SELECTED","InR","Monthly","standard 1.11 can be incorporated in  non-clinical specific standards, such as  standard 9"]
[" 1.11","1",6,"MS-2",null,"1.     Proportion of children with maltreatment for whom a legal opinion was requested. (78.62)","Inputs: management and oversight","Oversight and management on patient-centered practices","Provision ","Process","Both",null,4,4,3,4,3,3,15,null,0,5,5,2,12,null,0,null,0,{"$nulls":4},{"$f":"(AD175*'MS-8,9,10 Domain 3 Weights'!$B$2)+(AE175*'MS-8,9,10 Domain 3 Weights'!$B$3)+(AF175*'MS-8,9,10 Domain 3 Weights'!$B$4)+(AG175*'MS-8,9,10 Domain 3 Weights'!$B$5)","v":0},4,3,3,10,"No","NOT SELECTED","NOT SELECTED","InR","Monthly","standard 1.11 can be incorporated in  non-clinical specific standards, such as  standard 10"]
[" 1.11","1",7,"MS-2",null,"2. Proportion of maltreatment events in which coordination was sought with other agencies or organizations (e.g. social services, police, judiciary) according to national laws and policies. (82.21)","Inputs: Organization and availability of health services","Organization of care processes (including information exchange, care coordination and referral)","Provision ","Process","Both",null,4,5,3,4,3,3,16,null,0,5,5,3,13,null,0,null,0,{"$nulls":4},{"$f":"(AD176*'MS-8,9,10 Domain 3 Weights'!$B$2)+(AE176*'MS-8,9,10 Domain 3 Weights'!$B$3)+(AF176*'MS-8,9,10 Domain 3 Weights'!$B$4)+(AG176*'MS-8,9,10 Domain 3 Weights'!$B$5)","v":0},4,4,3,11,"Yes","SELECTED","NOT SELECTED","InR","Monthly","standard 1.11 can be incorporated in  non-clinical specific standards, such as  standard 11"]
[" 1.12","1",1,"MS-1",null,"1.     The health facility has written, up-to-date clinical protocols for emergency triage and assessment and appropriate case management of paediatric trauma and surgical conditions, consistent with WHO guidelines. (94.31)","Inputs: Clinical Guidelines, protocols, job aides","Clinical condition-specific guidelines, protocols, job aides","Provision ","Input ClinGuidelin","Both","12 Surg/injur ",4,4,3,4,null,null,{"$f":"SUM(M177:$P177)","v":15},4,1.2,{"$nulls":3},0,null,0,null,0,{"$nulls":4},{"$f":"(AD177*'MS-8,9,10 Domain 3 Weights'!$B$2)+(AE177*'MS-8,9,10 Domain 3 Weights'!$B$3)+(AF177*'MS-8,9,10 Domain 3 Weights'!$B$4)+(AG177*'MS-8,9,10 Domain 3 Weights'!$B$5)","v":0},3,3,2,8,"No","NOT SELECTED","NOT SELECTED","InR"]
[" 1.12","1",2,"MS-1",null,"2.     The health facility that provides surgical care for children has a system to ensure a coordinated multidisciplinary team that includes a health professional with competence and skills in child surgery. (84.65)","Inputs: Operational Guidelines","Operational guidelines, protocols related to client-centered practices","Provision ","Input OperGuide","Both","12 Surg/injur ",4,4,4,4,4,3,{"$f":"SUM(M178:$P178)","v":16},4,1.2,{"$nulls":3},0,null,0,null,0,{"$nulls":4},{"$f":"(AD178*'MS-8,9,10 Domain 3 Weights'!$B$2)+(AE178*'MS-8,9,10 Domain 3 Weights'!$B$3)+(AF178*'MS-8,9,10 Domain 3 Weights'!$B$4)+(AG178*'MS-8,9,10 Domain 3 Weights'!$B$5)","v":0},3,3,3,9,"No","NOT SELECTED","NOT SELECTED","InR"]
[" 1.12","1",3,"MS-1",null,"3.     Health professionals receive in-service training and refresher sessions in appropriate care of child injuries, trauma and other common paediatric surgical conditions at least once every 12 months. (87.73)","Inputs: Human resources","Human resources (specific clinincal training)","Provision ","Input HumRes","Both","12 Surg/injur ",4,4,4,4,3,4,{"$f":"SUM(M179:$P179)","v":16},null,0,{"$nulls":3},0,null,0,null,0,{"$nulls":4},{"$f":"(AD179*'MS-8,9,10 Domain 3 Weights'!$B$2)+(AE179*'MS-8,9,10 Domain 3 Weights'!$B$3)+(AF179*'MS-8,9,10 Domain 3 Weights'!$B$4)+(AG179*'MS-8,9,10 Domain 3 Weights'!$B$5)","v":0},3,3,3,9,"No","NOT SELECTED","NOT SELECTED","InR"]
[" 1.12","1",4,"MS-1",null,"4.     The health facility has a designated area for the management of children with surgical problems by health professionals who are trained or who have knowledge and skills in child care. (89.07)","Inputs: infrastructure, equipment, supplies clinical condition-specific","Clinical condition-specific infrastructure inpatient","Provision ","Input InfrastMedSupEquip","Inpatient","12 Surg/injur ",4,4,4,4,3,3,{"$f":"SUM(M180:$P180)","v":16},5,5,{"$nulls":3},0,null,0,null,0,{"$nulls":4},{"$f":"(AD180*'MS-8,9,10 Domain 3 Weights'!$B$2)+(AE180*'MS-8,9,10 Domain 3 Weights'!$B$3)+(AF180*'MS-8,9,10 Domain 3 Weights'!$B$4)+(AG180*'MS-8,9,10 Domain 3 Weights'!$B$5)","v":0},3,3,4,10,"Yes","SELECTED","NOT SELECTED","InR"]
[" 1.12","1",5,"MS-1",null,"5.     All children who have undergone surgery are closely monitored, with careful documentation of intake (fluids and feeds) and output (e.g. urine, nasogastric drainage). (89.30)","Processes: EB care, harmful practices, patient-centered practices","Compliance with EB care practices inpatient","Provision ","Process","Inpatient","12 Surg/injur ",{"$nulls":6},{"$f":"SUM(M181:$P181)","v":0},null,{"$error":"#N/A"},5,3,4,12,null,0,null,0,{"$nulls":4},{"$f":"(AD181*'MS-8,9,10 Domain 3 Weights'!$B$2)+(AE181*'MS-8,9,10 Domain 3 Weights'!$B$3)+(AF181*'MS-8,9,10 Domain 3 Weights'!$B$4)+(AG181*'MS-8,9,10 Domain 3 Weights'!$B$5)","v":0},{"$nulls":3},0,{"$error":"#N/A"},{"$error":"#N/A"},{"$error":"#N/A"},"RIS"]
[" 1.12","1",6,"MS-2",null,"1.     Proportion of children undergoing major surgery who received appropriate perioperative antibiotic prophylaxis within 30 min of incision, when indicated. (86.23)","Processes: EB care, harmful practices, patient-centered practices","Compliance with EB care practices inpatient","Provision ","Process","Inpatient","12 Surg/injur ",4,5,3,4,3,3,{"$f":"SUM(M182:$P182)","v":16},null,0,5,4,4,13,null,0,null,0,{"$nulls":4},{"$f":"(AD182*'MS-8,9,10 Domain 3 Weights'!$B$2)+(AE182*'MS-8,9,10 Domain 3 Weights'!$B$3)+(AF182*'MS-8,9,10 Domain 3 Weights'!$B$4)+(AG182*'MS-8,9,10 Domain 3 Weights'!$B$5)","v":0},4,4,3,11,"Yes","SELECTED","NOT SELECTED","RIS","Monthly"]
[" 1.12","1",7,"MS-1",null,"2.     Proportion of all children undergoing surgery who were admitted to a designated paediatric area staffed by health professionals trained in child care. (84.45)","Inputs: Human resources","Human resources (staff clinincal training) inpatient","Provision ","Input HumRes","Inpatient","12 Surg/injur ",4,4,3,4,3,4,{"$f":"SUM(M183:$P183)","v":15},null,0,{"$nulls":3},0,null,0,null,0,{"$nulls":4},{"$f":"(AD183*'MS-8,9,10 Domain 3 Weights'!$B$2)+(AE183*'MS-8,9,10 Domain 3 Weights'!$B$3)+(AF183*'MS-8,9,10 Domain 3 Weights'!$B$4)+(AG183*'MS-8,9,10 Domain 3 Weights'!$B$5)","v":0},3,3,3,9,"No","NOT SELECTED","NOT SELECTED","InR"]
[" 1.12","1",8,"MS-2",null,"3.     Proportion of all children with trauma or injuries who were assessed within 15 min of arrival at the health facility. (87.70)","Processes: EB care, harmful practices, patient-centered practices","Compliance with EB care practices","Provision ","Process","Both","12 Surg/injur ",4,5,3,4,3,3,16,null,0,5,4,5,14,null,0,null,0,{"$nulls":4},{"$f":"(AD184*'MS-8,9,10 Domain 3 Weights'!$B$2)+(AE184*'MS-8,9,10 Domain 3 Weights'!$B$3)+(AF184*'MS-8,9,10 Domain 3 Weights'!$B$4)+(AG184*'MS-8,9,10 Domain 3 Weights'!$B$5)","v":0},4,4,3,11,"Yes","SELECTED","NOT SELECTED","RIS","Monthly","This indicator is also relevant to Standard 1.1."]
[" 1.12","1",9,"MS-2",null,"4.     Proportion all children with moderate or severe pain whose pain was relieved (where indicated) within 30 min of arrival at the health facility. (83.89)","Processes: EB care, harmful practices, patient-centered practices","Compliance with EB care practices inpatient","Provision ","Process","Inpatient","12 Surg/injur ",4,5,2,4,3,3,15,null,0,5,4,4,13,null,0,null,0,{"$nulls":4},{"$f":"(AD185*'MS-8,9,10 Domain 3 Weights'!$B$2)+(AE185*'MS-8,9,10 Domain 3 Weights'!$B$3)+(AF185*'MS-8,9,10 Domain 3 Weights'!$B$4)+(AG185*'MS-8,9,10 Domain 3 Weights'!$B$5)","v":0},4,4,3,11,"Yes","NOT SELECTED","NOT SELECTED","RIS","Monthly"]
[" 1.12","1",10,"MS-3",null,"1.     Health facility complication rates for patients who underwent surgery. (89.88)","Outcomes: clinical condition-specific outcome","Clinical condition-specific outcome inpatient","Provision ","Outcome","Inpatient","12 Surg/injur ",4,5,3,5,3,3,17,null,0,{"$nulls":3},0,4,4,null,0,{"$nulls":4},{"$f":"(AD186*'MS-8,9,10 Domain 3 Weights'!$B$2)+(AE186*'MS-8,9,10 Domain 3 Weights'!$B$3)+(AF186*'MS-8,9,10 Domain 3 Weights'!$B$4)+(AG186*'MS-8,9,10 Domain 3 Weights'!$B$5)","v":0},3,3,4,10,"Yes","SELECTED","NOT SELECTED","RIS"]
[" 1.12","1",11,"MS-3",null,"2.     Health facility mortality rate for all children who underwent surgery. (95.70)","Outcomes: clinical condition-specific outcome","Clinical condition-specific outcome inpatient","Provision ","Outcome","Inpatient","12 Surg/injur ",4,5,3,4,3,3,16,null,0,{"$nulls":3},0,4,4,null,0,{"$nulls":4},{"$f":"(AD187*'MS-8,9,10 Domain 3 Weights'!$B$2)+(AE187*'MS-8,9,10 Domain 3 Weights'!$B$3)+(AF187*'MS-8,9,10 Domain 3 Weights'!$B$4)+(AG187*'MS-8,9,10 Domain 3 Weights'!$B$5)","v":0},4,4,5,13,"Yes","SELECTED","CORE","RIS","Monthly","In 100 core, there is a standardized indicator, which is named as Perioperative mortality. I suggest to use this term"]
[" 1.12","1",12,"MS-3",null,"3.     Case fatality rate of children with trauma and/or injuries. (94.64)","Outcomes: clinical condition-specific outcome","Clinical condition-specific outcome inpatient","Provision ","Outcome","Inpatient","12 Surg/injur ",4,5,3,3,3,3,15,null,0,{"$nulls":3},0,4,4,null,0,{"$nulls":4},{"$f":"(AD188*'MS-8,9,10 Domain 3 Weights'!$B$2)+(AE188*'MS-8,9,10 Domain 3 Weights'!$B$3)+(AF188*'MS-8,9,10 Domain 3 Weights'!$B$4)+(AG188*'MS-8,9,10 Domain 3 Weights'!$B$5)","v":0},3,3,4,10,"Yes","NOT SELECTED","NOT SELECTED","RIS",null,"Trauma and injuries have not prioretized as some of these will be included in surgeries anyway"]
[" 1.13","1",1,"MS-1",null,"1.     The health facility has written, up-to-date protocols for monitoring and providing supportive care for various conditions for all children admitted to the wards. (91.11)","Inputs: Operational Guidelines","Operational guidelines, protocols related to care provision inpatient","Provision ","Input OperGuide","Inpatient","13 Support/Sick",4,4,4,4,4,3,{"$f":"SUM(M189:$P189)","v":16},4,1.2,{"$nulls":3},0,null,0,null,0,{"$nulls":4},{"$f":"(AD189*'MS-8,9,10 Domain 3 Weights'!$B$2)+(AE189*'MS-8,9,10 Domain 3 Weights'!$B$3)+(AF189*'MS-8,9,10 Domain 3 Weights'!$B$4)+(AG189*'MS-8,9,10 Domain 3 Weights'!$B$5)","v":0},3,3,3,9,"No","NOT SELECTED","NOT SELECTED","InR"]
[" 1.13","1",2,"MS-1",null,"2.     The health facility has age-appropriate patient monitoring charts that include a provision for recording details of clinical progress and vital signs and of the treatment and supportive care provided. (92.60)","Input Heal&Sys","Standardized medical documentation and forms Inpatient","Provision ","Input Heal&Sys","Inpatient","13 Support/Sick",3,4,4,3,3,3,{"$f":"SUM(M190:$P190)","v":14},null,0,{"$nulls":3},0,null,0,null,0,{"$nulls":4},{"$f":"(AD190*'MS-8,9,10 Domain 3 Weights'!$B$2)+(AE190*'MS-8,9,10 Domain 3 Weights'!$B$3)+(AF190*'MS-8,9,10 Domain 3 Weights'!$B$4)+(AG190*'MS-8,9,10 Domain 3 Weights'!$B$5)","v":0},{"$nulls":3},0,"No","NOT SELECTED","NOT SELECTED","InR",null,"also relevant for Standard #2"]
[" 1.13","1",3,"MS-1",null,"3.     The health facility has a designated area for managing seriously sick children that is close and easily visible to the nursing staff on the ward. (93.03)","Inputs: infrastructure, equipment, supplies clinical condition-specific","Clinical condition-specific infrastructure inpatient","Provision ","Input InfrastMedSupEquip","Inpatient","13 Support/Sick",4,4,4,4,3,4,{"$f":"SUM(M191:$P191)","v":16},5,5,{"$nulls":3},0,null,0,null,0,{"$nulls":4},{"$f":"(AD191*'MS-8,9,10 Domain 3 Weights'!$B$2)+(AE191*'MS-8,9,10 Domain 3 Weights'!$B$3)+(AF191*'MS-8,9,10 Domain 3 Weights'!$B$4)+(AG191*'MS-8,9,10 Domain 3 Weights'!$B$5)","v":0},3,3,4,10,"Yes","SELECTED","NOT SELECTED","InR"]
[" 1.13","1",4,"MS-1",null,"4.     Health professionals receive in-service training and regular refresher sessions on patient monitoring and supportive care at least once every 12 months. (89.55)","Inputs: Human resources","Human resources (staff clinincal training) inpatient","Provision ","Input HumRes","Inpatient","13 Support/Sick",4,4,4,4,3,4,{"$f":"SUM(M192:$P192)","v":16},null,0,{"$nulls":3},0,null,0,null,0,{"$nulls":4},{"$f":"(AD192*'MS-8,9,10 Domain 3 Weights'!$B$2)+(AE192*'MS-8,9,10 Domain 3 Weights'!$B$3)+(AF192*'MS-8,9,10 Domain 3 Weights'!$B$4)+(AG192*'MS-8,9,10 Domain 3 Weights'!$B$5)","v":0},3,3,3,9,"No","NOT SELECTED","NOT SELECTED","Prov"]
[" 1.13","1",5,"MS-2",null,"5.     Proportion of all unconscious children admitted to the wards who received a nasogastric tube for feeding. (82.66)","Processes: EB care, harmful practices, patient-centered practices","Compliance with EB care practices inpatient","Provision ","Process","Inpatient","13 Support/Sick",4,5,3,4,3,3,16,null,0,5,3,4,12,null,0,null,0,{"$nulls":4},{"$f":"(AD193*'MS-8,9,10 Domain 3 Weights'!$B$2)+(AE193*'MS-8,9,10 Domain 3 Weights'!$B$3)+(AF193*'MS-8,9,10 Domain 3 Weights'!$B$4)+(AG193*'MS-8,9,10 Domain 3 Weights'!$B$5)","v":0},4,4,3,11,"No","NOT SELECTED","NOT SELECTED","RIS","Monthly"]
[" 1.13","1",6,"MS-2",null,"6.     Proportion of all severely ill children who cannot feed orally for whom blood glucose monitoring is documented on their observation chart. (88.78)","Processes: EB care, harmful practices, patient-centered practices","Compliance with EB care practices inpatient","Provision ","Process","Inpatient","13 Support/Sick",4,5,3,4,3,3,16,null,0,5,3,4,12,null,0,null,0,{"$nulls":4},{"$f":"(AD194*'MS-8,9,10 Domain 3 Weights'!$B$2)+(AE194*'MS-8,9,10 Domain 3 Weights'!$B$3)+(AF194*'MS-8,9,10 Domain 3 Weights'!$B$4)+(AG194*'MS-8,9,10 Domain 3 Weights'!$B$5)","v":0},4,4,3,11,"No","NOT SELECTED","NOT SELECTED","RIS","Monthly"]
[" 1.13","1",7,"MS-2",null,"7.     Proportion of all children who received oxygen for which the prescribed method and rate of delivery are documented. (87.47)","Processes: EB care, harmful practices, patient-centered practices","Compliance with EB care practices inpatient","Provision ","Process","Inpatient","13 Support/Sick",4,5,3,4,3,3,16,null,0,5,3,4,12,null,0,null,0,{"$nulls":4},{"$f":"(AD195*'MS-8,9,10 Domain 3 Weights'!$B$2)+(AE195*'MS-8,9,10 Domain 3 Weights'!$B$3)+(AF195*'MS-8,9,10 Domain 3 Weights'!$B$4)+(AG195*'MS-8,9,10 Domain 3 Weights'!$B$5)","v":0},4,4,3,11,"No","NOT SELECTED","NOT SELECTED","RIS","Monthly"]
[" 1.13","1",8,"MS-2",null,"8.     Proportion of all children admitted to the health facility who were appropriately monitored and for whom observations were recorded by a nurse according to the guidelines. (88.56)","Processes: EB care, harmful practices, patient-centered practices","Compliance with EB care practices inpatient","Provision ","Process","Inpatient","13 Support/Sick",4,4,3,4,3,3,15,null,0,5,4,4,13,null,0,null,0,{"$nulls":4},{"$f":"(AD196*'MS-8,9,10 Domain 3 Weights'!$B$2)+(AE196*'MS-8,9,10 Domain 3 Weights'!$B$3)+(AF196*'MS-8,9,10 Domain 3 Weights'!$B$4)+(AG196*'MS-8,9,10 Domain 3 Weights'!$B$5)","v":0},4,4,3,11,"Yes","NOT SELECTED","NOT SELECTED","RIS","Monthly"]
[" 1.13","1",9,"MS-2",null,"9.     Proportion of all children admitted to the health facility who are reassessed every working day by a clinician trained in child health care. (87.16)","Processes: EB care, harmful practices, patient-centered practices","Compliance with EB care practices inpatient","Provision ","Process","Inpatient","13 Support/Sick",4,5,2,4,3,3,15,null,0,5,5,3,{"$f":"SUM(V197:X197)","v":13},null,0,null,0,{"$nulls":4},{"$f":"(AD197*'MS-8,9,10 Domain 3 Weights'!$B$2)+(AE197*'MS-8,9,10 Domain 3 Weights'!$B$3)+(AF197*'MS-8,9,10 Domain 3 Weights'!$B$4)+(AG197*'MS-8,9,10 Domain 3 Weights'!$B$5)","v":0},4,4,3,11,"Yes","NOT SELECTED","NOT SELECTED","RIS","Monthly"]
[" 1.13","1",10,"MS-2",null,"10.  Proportion of all children with convulsions who were appropriately investigated and correctly prescribed anticonvulsant treatment (appropriate choice, dose and frequency). (89.29)","Processes: EB care, harmful practices, patient-centered practices","Compliance with EB care practices inpatient","Provision ","Process","Inpatient","13 Support/Sick",4,5,3,4,3,3,16,null,0,5,3,5,13,null,{"$f":"Z198","v":0},null,{"$f":"AB198","v":0},{"$nulls":4},{"$f":"(AD198*'MS-8,9,10 Domain 3 Weights'!$B$2)+(AE198*'MS-8,9,10 Domain 3 Weights'!$B$3)+(AF198*'MS-8,9,10 Domain 3 Weights'!$B$4)+(AG198*'MS-8,9,10 Domain 3 Weights'!$B$5)","v":0},4,4,3,{"$f":"SUM(AI198:AK198)","v":11},"Yes","SELECTED","NOT SELECTED","RIS","Monthly"]
[" 1.13","1",11,"MS-2",null,"11.  Proportion of all children who required antipyretics who were prescribed the correct treatment (appropriate choice, dose and frequency) to reduce their temperature. (86.15)","Processes: EB care, harmful practices, patient-centered practices","Compliance with EB care practices inpatient","Provision ","Process","Inpatient","13 Support/Sick",4,4,3,4,3,3,15,null,0,5,4,4,13,null,0,null,0,{"$nulls":4},{"$f":"(AD199*'MS-8,9,10 Domain 3 Weights'!$B$2)+(AE199*'MS-8,9,10 Domain 3 Weights'!$B$3)+(AF199*'MS-8,9,10 Domain 3 Weights'!$B$4)+(AG199*'MS-8,9,10 Domain 3 Weights'!$B$5)","v":0},4,4,3,11,{"$f":"IF(OR(U199>=$Q$2,Y199>=$Q$3,AA199>=$Q$4,AC199>=$Q$5,AH199>=$Q$6),\"Yes\",\"No\")","v":"Yes"},{"$f":"IF(AND(S199>=$Q$1,AM199=\"Yes\"),\"SELECTED\",\"NOT SELECTED\")","v":"NOT SELECTED"},{"$f":"IF(AND(AN199=\"SELECTED\",AL199>=$Q$7),\"CORE\",\"NOT SELECTED\")","v":"NOT SELECTED"},"RIS","Monthly"]
[" 1.13","1",12,"MS-2",null,"12.  Proportion of all children in pain for whom analgesic treatment was correctly prescribed (appropriate choice, dose and frequency). (85.23)","Processes: EB care, harmful practices, patient-centered practices","Compliance with EB care practices inpatient","Provision ","Process","Inpatient","13 Support/Sick",4,5,3,4,3,3,{"$f":"SUM(M200:P200)","v":16},null,0,5,4,4,13,null,0,null,0,{"$nulls":4},{"$f":"(AD200*'MS-8,9,10 Domain 3 Weights'!$B$2)+(AE200*'MS-8,9,10 Domain 3 Weights'!$B$3)+(AF200*'MS-8,9,10 Domain 3 Weights'!$B$4)+(AG200*'MS-8,9,10 Domain 3 Weights'!$B$5)","v":0},4,4,3,11,"Yes","SELECTED","NOT SELECTED","RIS","Monthly"]
[" 1.13","1",13,"MS-2",null,"13.  Proportion of all children who required a blood transfusion for severe anaemia who received the transfusion. (90.91)","Processes: EB care, harmful practices, patient-centered practices","Compliance with EB care practices inpatient","Provision ","Process","Inpatient","13 Support/Sick",4,4,4,4,3,3,{"$f":"SUM(M201:P201)","v":16},null,0,5,2,3,10,null,0,null,0,{"$nulls":4},{"$f":"(AD201*'MS-8,9,10 Domain 3 Weights'!$B$2)+(AE201*'MS-8,9,10 Domain 3 Weights'!$B$3)+(AF201*'MS-8,9,10 Domain 3 Weights'!$B$4)+(AG201*'MS-8,9,10 Domain 3 Weights'!$B$5)","v":0},4,4,3,11,"No","NOT SELECTED","NOT SELECTED","RIS","Monthly","Important features, such as counselling and discharge from hospital would be good to address by this standard as part of supportive care provided to sick child"]
[" 1.13","1",14,"MS-3",null,"5.     Proportion of all severely ill children who died in the health facility whose death was attributed to aspiration. (78.23)","Outcomes: clinical condition-specific outcome","Clinical condition-specific outcome inpatient","Provision ","Outcome","Inpatient","13 Support/Sick",4,4,3,5,3,3,{"$f":"SUM(M202:P202)","v":16},null,{"$f":"IF(D202=\"MS-1\",T202*(VLOOKUP(J202,_tbl.MS1,3,FALSE)),T202)","v":0},{"$nulls":3},0,4,4,null,0,{"$nulls":4},{"$f":"(AD202*'MS-8,9,10 Domain 3 Weights'!$B$2)+(AE202*'MS-8,9,10 Domain 3 Weights'!$B$3)+(AF202*'MS-8,9,10 Domain 3 Weights'!$B$4)+(AG202*'MS-8,9,10 Domain 3 Weights'!$B$5)","v":0},{"$nulls":3},0,"Yes","SELECTED","NOT SELECTED","RIS"]
[" 1.14","1",1,"MS-1",null,"1.     The health facility has written, up-to-date guidelines, protocols and standard operating procedures for the prevention and control of infection in the facility. (95.66)","Inputs: Operational Guidelines","Operational guidelines, protocols related to cross-cutting supporting systems (management, human resources, health information system, infrastructure, supplies and equipment, health financing, organization of health services)","Provision ","Input OperGuide","Both","14 IPC/WASH",4,4,4,4,4,3,{"$f":"SUM(M203:$P203)","v":16},4,1.2,{"$nulls":3},0,null,0,null,0,{"$nulls":4},{"$f":"(AD203*'MS-8,9,10 Domain 3 Weights'!$B$2)+(AE203*'MS-8,9,10 Domain 3 Weights'!$B$3)+(AF203*'MS-8,9,10 Domain 3 Weights'!$B$4)+(AG203*'MS-8,9,10 Domain 3 Weights'!$B$5)","v":0},3,3,3,9,"No","NOT SELECTED","NOT SELECTED","InR",null,"1.14 statement can be incorporated in  quality statement 8.2."]
[" 1.14","1",2,"MS-1",null,"2.     The health facility has specific guidelines and protocols on hand hygiene and aseptic technique and device management for clinical procedures (e.g. injection safety, use of indwelling catheters and other invasive procedures). (95.15)","Inputs: Operational Guidelines","Operational guidelines, protocols in place (WASH-related)","Provision ","Input OperGuide","Both","14 IPC/WASH",4,4,4,4,4,3,{"$f":"SUM(M204:$P204)","v":16},4,1.2,{"$nulls":3},0,null,0,null,0,{"$nulls":4},{"$f":"(AD204*'MS-8,9,10 Domain 3 Weights'!$B$2)+(AE204*'MS-8,9,10 Domain 3 Weights'!$B$3)+(AF204*'MS-8,9,10 Domain 3 Weights'!$B$4)+(AG204*'MS-8,9,10 Domain 3 Weights'!$B$5)","v":0},3,3,3,9,"No","NOT SELECTED","NOT SELECTED","InR",null,"1.14 statement can be incorporated in  quality statement 8.2."]
[" 1.14","1",3,"MS-1",null,"3.     The health facility has plans for infection prevention and control preparedness and response for public health emergencies due to communicable diseases (e.g. pandemics). (91.43)","Inputs: Operational Guidelines","Operational guidelines, protocols related to cross-cutting supporting systems (management, human resources, health information system, infrastructure, supplies and equipment, health financing, organization of health services)","Provision ","Input OperGuide","Both","14 IPC/WASH",4,4,4,4,4,3,{"$f":"SUM(M205:$P205)","v":16},4,1.2,{"$nulls":3},0,null,0,null,0,{"$nulls":4},{"$f":"(AD205*'MS-8,9,10 Domain 3 Weights'!$B$2)+(AE205*'MS-8,9,10 Domain 3 Weights'!$B$3)+(AF205*'MS-8,9,10 Domain 3 Weights'!$B$4)+(AG205*'MS-8,9,10 Domain 3 Weights'!$B$5)","v":0},3,3,3,9,"No","NOT SELECTED","NOT SELECTED","InR",null,"1.14 statement can be incorporated in  quality statement 8.2."]
[" 1.14","1",4,"MS-1",null,"4.     The health facility has a functioning improved water source and hand-washing stations with soap and single-use hand towels and/or alcohol-based hand rub in all wards and consulting rooms. (95.82)","Inputs: Infrastructure, equipment, supplies  cross-cutting","Infrastructure/equipment cross-cutting (e.g. WASH)","Provision ","Input InfrastMedSupEquip","Both","14 IPC/WASH",4,4,4,4,4,4,{"$f":"SUM(M206:$P206)","v":16},5,5,{"$nulls":3},0,null,0,null,0,{"$nulls":4},{"$f":"(AD206*'MS-8,9,10 Domain 3 Weights'!$B$2)+(AE206*'MS-8,9,10 Domain 3 Weights'!$B$3)+(AF206*'MS-8,9,10 Domain 3 Weights'!$B$4)+(AG206*'MS-8,9,10 Domain 3 Weights'!$B$5)","v":0},3,3,4,10,"Yes","SELECTED","NOT SELECTED","InR",null,"Suggested revision from meg: The health facility has  a functioning improved water source and has functional hand-washing stations with soap and water or and  single-use hand towels and/or alcohol-based hand rub in all wards,  and consulting rooms and near toilets. (95.82) 1.14 statement can be incorporated in  quality statement 8.2. Inputs are not paediatric QoC relevant: they are cross-cutting"]
[" 1.14","1",5,"MS-1",null,"5.     The health facility has appropriate sterilizing facilities and disinfectants for medical materials. (95.94)","Inputs: Infrastructure, equipment, supplies  cross-cutting","Supplies and  equipment cross-cutting (essential medicines) ","Provision ","Input InfrastMedSupEquip","Both","14 IPC/WASH",4,4,4,4,3,4,{"$f":"SUM(M207:$P207)","v":16},5,5,{"$nulls":3},0,null,0,null,0,{"$nulls":4},{"$f":"(AD207*'MS-8,9,10 Domain 3 Weights'!$B$2)+(AE207*'MS-8,9,10 Domain 3 Weights'!$B$3)+(AF207*'MS-8,9,10 Domain 3 Weights'!$B$4)+(AG207*'MS-8,9,10 Domain 3 Weights'!$B$5)","v":0},3,3,4,10,"Yes","SELECTED","NOT SELECTED","InR",null,"1.14 statement can be in Inputs are not paediatric QoC relevant: they are cross-cuttingcorporated in  quality statement 8.2. "]
[" 1.14","1",6,"MS-1",null,"6.     The health facility has a functioning incinerator or other appropriate method for treatment of infectious waste and used instruments. (95.73)","Inputs: Infrastructure, equipment, supplies  cross-cutting","Supplies and  equipment cross-cutting (essential medicines) ","Provision ","Input InfrastMedSupEquip","Both","14 IPC/WASH",4,4,4,4,3,4,{"$f":"SUM(M208:$P208)","v":16},5,5,{"$nulls":3},0,null,0,null,0,{"$nulls":4},{"$f":"(AD208*'MS-8,9,10 Domain 3 Weights'!$B$2)+(AE208*'MS-8,9,10 Domain 3 Weights'!$B$3)+(AF208*'MS-8,9,10 Domain 3 Weights'!$B$4)+(AG208*'MS-8,9,10 Domain 3 Weights'!$B$5)","v":0},3,3,4,10,"Yes","SELECTED","NOT SELECTED","InR",null,"Suggested revision from Meg: The health facility has a functioning incinerator or other appropriate method for treatment of health care waste  1.14 statement can be incorporated in  quality statement 8.2. Inputs are not paediatric QoC relevant: they are cross-cutting"]
[" 1.14","1",7,"MS-1",null,"7.     The health facility has a system to ensure safe handling, collection, storage (puncture resistant) and final disposal of infectious waste. (95.00)","Inputs: management and oversight","Oversight and management on  cross-cutting supporting  systems","Provision ","Input OperGuide","Both","14 IPC/WASH",4,4,4,4,4,3,{"$f":"SUM(M209:$P209)","v":16},5,1.5,{"$nulls":3},0,null,0,null,0,{"$nulls":4},{"$f":"(AD209*'MS-8,9,10 Domain 3 Weights'!$B$2)+(AE209*'MS-8,9,10 Domain 3 Weights'!$B$3)+(AF209*'MS-8,9,10 Domain 3 Weights'!$B$4)+(AG209*'MS-8,9,10 Domain 3 Weights'!$B$5)","v":0},3,3,3,9,"No","NOT SELECTED","NOT SELECTED","InR",null,"Suggested revisin from Meg: The health facility has a system to ensure safe handling, collection, storage (puncture resistant) and final treatment and disposal of infectious waste. 1.14 statement can be incorporated in  quality statement 8.2."]
[" 1.14","1",8,"MS-1",null,"8.     The health facility has at least one designated trained staff member and/or infection control team, with a sufficient budget to perform the tasks of the facility infection prevention and control programme. (89.97)","Inputs: financing","Financing of cross-cutting supporting systems (energy, fuel for vehicles)","Provision ","Input Financing","Both","14 IPC/WASH",4,3,4,4,4,4,{"$f":"SUM(M210:$P210)","v":15},5,1.5,{"$nulls":3},0,null,0,null,0,{"$nulls":4},{"$f":"(AD210*'MS-8,9,10 Domain 3 Weights'!$B$2)+(AE210*'MS-8,9,10 Domain 3 Weights'!$B$3)+(AF210*'MS-8,9,10 Domain 3 Weights'!$B$4)+(AG210*'MS-8,9,10 Domain 3 Weights'!$B$5)","v":0},2,2,3,7,"No","NOT SELECTED","NOT SELECTED","InR",null,"1.14 statement can be incorporated in  quality statement 8.2."]
[" 1.14","1",9,"MS-1",null,"9.     Health professionals who care for children receive training in standard infection prevention and control at least once every 12 months. (89.99)","Inputs: Human resources","Human resources (specific clinincal training)","Provision ","Input HumRes","Both","14 IPC/WASH",4,4,4,4,3,4,{"$f":"SUM(M211:$P211)","v":16},null,0,{"$nulls":3},0,null,0,null,0,{"$nulls":4},{"$f":"(AD211*'MS-8,9,10 Domain 3 Weights'!$B$2)+(AE211*'MS-8,9,10 Domain 3 Weights'!$B$3)+(AF211*'MS-8,9,10 Domain 3 Weights'!$B$4)+(AG211*'MS-8,9,10 Domain 3 Weights'!$B$5)","v":0},3,3,3,9,"No","NOT SELECTED","NOT SELECTED","Prov",null,"1.14 statement can be incorporated in  quality statement 8.2."]
[" 1.14","1",10,"MS-1",null,"1.     Proportion of health professionals in the health facility who have been trained in use of the WHO “5 moments for hand hygiene” audit tool. (89.57)","Inputs: Human resources","Human resources (specific clinincal training)","Provision ","Input HumRes","Both","14 IPC/WASH",4,4,4,4,3,4,{"$f":"SUM(M212:$P212)","v":16},null,0,{"$nulls":3},0,null,0,null,0,{"$nulls":4},{"$f":"(AD212*'MS-8,9,10 Domain 3 Weights'!$B$2)+(AE212*'MS-8,9,10 Domain 3 Weights'!$B$3)+(AF212*'MS-8,9,10 Domain 3 Weights'!$B$4)+(AG212*'MS-8,9,10 Domain 3 Weights'!$B$5)","v":0},3,3,3,9,"No","NOT SELECTED","NOT SELECTED","Prov",null,"1.14 statement can be incorporated in  quality statement 8.2."]
[" 1.14","1",11,"MS-1",null,"2.     Evidence that the facility staff member or team responsible for infection prevention and control regularly collects data on episodes of hospital-acquired infection and has conducted at least one assessment of infection prevention and control practices in the past 6 months. (90.35)","Inputs: QI structures and supporting processes","Routine monitoring of the quality of care inpatient","Provision ","Process","Inpatient","14 IPC/WASH",4,5,4,4,4,4,{"$f":"SUM(M213:$P213)","v":17},{"$nulls":5},0,null,0,null,0,{"$nulls":4},{"$f":"(AD213*'MS-8,9,10 Domain 3 Weights'!$B$2)+(AE213*'MS-8,9,10 Domain 3 Weights'!$B$3)+(AF213*'MS-8,9,10 Domain 3 Weights'!$B$4)+(AG213*'MS-8,9,10 Domain 3 Weights'!$B$5)","v":0},3,3,3,9,"No","NOT SELECTED","NOT SELECTED","InR",null,"1.14 statement can be incorporated in  quality statement 8.2."]
[" 1.14","1",13,"MS-2",null,"4.     Proportion of staff members in the health facility who meet biosafety standards when administering parenteral drugs. (82.16)","Processes: EB care, harmful practices, patient-centered practices","Compliance with EB care practices inpatient","Provision ","Process","Inpatient","14 IPC/WASH",4,4,3,4,3,3,{"$f":"SUM(M214:R214)","v":21},null,{"$f":"IF(D214=\"MS-1\",T214*(VLOOKUP(J214,_tbl.MS1,3,FALSE)),T214)","v":0},5,4,4,13,null,0,null,0,{"$nulls":4},{"$f":"(AD214*'MS-8,9,10 Domain 3 Weights'!$B$2)+(AE214*'MS-8,9,10 Domain 3 Weights'!$B$3)+(AF214*'MS-8,9,10 Domain 3 Weights'!$B$4)+(AG214*'MS-8,9,10 Domain 3 Weights'!$B$5)","v":0},3,3,3,9,"Yes","SELECTED","NOT SELECTED","Obs","Monthly","1.14 statement can be incorporated in  quality statement 8.2."]
[" 1.14","1",12,"MS-3",null,"3.     Proportion of all children who received IV infusions who had an episode of phlebitis. (81.00)",null,"Routine monitoring of the quality of care inpatient","Provision ","Outcome","Inpatient","14 IPC/WASH",4,4,3,5,4,3,{"$f":"SUM(M215:P215)","v":16},null,0,{"$nulls":3},0,4,4,null,0,{"$nulls":4},{"$f":"(AD215*'MS-8,9,10 Domain 3 Weights'!$B$2)+(AE215*'MS-8,9,10 Domain 3 Weights'!$B$3)+(AF215*'MS-8,9,10 Domain 3 Weights'!$B$4)+(AG215*'MS-8,9,10 Domain 3 Weights'!$B$5)","v":0},3,3,3,9,"Yes","SELECTED","NOT SELECTED","RIS",null,"1.14 statement can be incorporated in  quality statement 8.2."]
[" 1.14","1",14,"MS-3",null,"1.     Proportion of children admitted to the health facility who had proven hospital-acquired infections. (87.57)","Outcomes: clinical condition-specific outcome","Clinical condition-specific outcome inpatient","Provision ","Outcome","Inpatient","14 IPC/WASH",4,4,3,5,4,4,{"$f":"SUM(M216:P216)","v":16},null,0,{"$nulls":3},0,4,4,null,0,{"$nulls":4},{"$f":"(AD216*'MS-8,9,10 Domain 3 Weights'!$B$2)+(AE216*'MS-8,9,10 Domain 3 Weights'!$B$3)+(AF216*'MS-8,9,10 Domain 3 Weights'!$B$4)+(AG216*'MS-8,9,10 Domain 3 Weights'!$B$5)","v":0},3,3,3,9,"Yes","SELECTED","NOT SELECTED","RIS",null,"1.14 statement can be incorporated in  quality statement 8.2."]
[" 1.15","1",1,"MS-1",null,"1.     The health facility has written, up-to-date guidance on unnecessary procedures, harmful practices and unnecessary interventions for children. (84.11)","Inputs: Operational Guidelines","Operational guidelines, protocols related to client-centered practices","Provision ","Input ClinGuidelin","Both","15 Prev/unnes/harm",4,4,3,4,null,null,{"$f":"SUM(M217:$P217)","v":15},4,1.2,{"$nulls":3},0,null,0,null,0,{"$nulls":4},{"$f":"(AD217*'MS-8,9,10 Domain 3 Weights'!$B$2)+(AE217*'MS-8,9,10 Domain 3 Weights'!$B$3)+(AF217*'MS-8,9,10 Domain 3 Weights'!$B$4)+(AG217*'MS-8,9,10 Domain 3 Weights'!$B$5)","v":0},3,3,2,8,"No","NOT SELECTED","NOT SELECTED","InR"]
[" 1.15","1",2,"MS-1",null,"2.     The health facility does not promote infant formula on the wards, and samples are not distributed to mothers or staff. (86.46)","Inputs: management and oversight","Oversight and management on patient-centered practices","Provision ","Input Over&Man","Both","15 Prev/unnes/harm",4,5,4,4,4,4,{"$f":"SUM(M218:$P218)","v":17},5,2.5,{"$nulls":3},0,null,0,null,0,{"$nulls":4},{"$f":"(AD218*'MS-8,9,10 Domain 3 Weights'!$B$2)+(AE218*'MS-8,9,10 Domain 3 Weights'!$B$3)+(AF218*'MS-8,9,10 Domain 3 Weights'!$B$4)+(AG218*'MS-8,9,10 Domain 3 Weights'!$B$5)","v":0},3,3,3,9,"No","NOT SELECTED","NOT SELECTED","InR"]
[" 1.15","1",3,"MS-1",null,"3.     The health facility does not display infant formula or bottles and teats, including on posters or placards. (86.82)","Inputs: management and oversight","Oversight and management on patient-centered practices","Provision ","Input Over&Man","Both","15 Prev/unnes/harm",4,5,4,4,4,4,{"$f":"SUM(M219:$P219)","v":17},5,2.5,{"$nulls":3},0,null,0,null,0,{"$nulls":4},{"$f":"(AD219*'MS-8,9,10 Domain 3 Weights'!$B$2)+(AE219*'MS-8,9,10 Domain 3 Weights'!$B$3)+(AF219*'MS-8,9,10 Domain 3 Weights'!$B$4)+(AG219*'MS-8,9,10 Domain 3 Weights'!$B$5)","v":0},3,3,3,9,"No","NOT SELECTED","NOT SELECTED","InR"]
[" 1.15","1",4,"MS-1",null,"4.     Health care staff in the facility receive in-service training and regular refresher sessions on harmful practices and unnecessary interventions at least once every 12 months. (83.56)","Inputs: Human resources","Human resources (specific clinincal training)","Provision ","Input HumRes","Both","15 Prev/unnes/harm",4,4,4,4,3,4,{"$f":"SUM(M220:$P220)","v":16},null,0,{"$nulls":3},0,null,0,null,0,{"$nulls":4},{"$f":"(AD220*'MS-8,9,10 Domain 3 Weights'!$B$2)+(AE220*'MS-8,9,10 Domain 3 Weights'!$B$3)+(AF220*'MS-8,9,10 Domain 3 Weights'!$B$4)+(AG220*'MS-8,9,10 Domain 3 Weights'!$B$5)","v":0},3,3,3,9,"No","NOT SELECTED","NOT SELECTED","Prov"]
[" 1.15","1",5,"MS-2",null,"1.     Proportion of young infants on formula when this is not indicated for the health of the mother or the infant. (78.96)","Processes: EB care, harmful practices, patient-centered practices","Compliance with EB care practices","Provision ","Process","Both","15 Prev/unnes/harm",4,4,3,3,3,3,{"$f":"SUM(M221:P221)","v":14},null,0,5,4,4,13,null,0,null,0,{"$nulls":4},{"$f":"(AD221*'MS-8,9,10 Domain 3 Weights'!$B$2)+(AE221*'MS-8,9,10 Domain 3 Weights'!$B$3)+(AF221*'MS-8,9,10 Domain 3 Weights'!$B$4)+(AG221*'MS-8,9,10 Domain 3 Weights'!$B$5)","v":0},4,4,3,11,"Yes","NOT SELECTED","NOT SELECTED","Obs","Monthly"]
[" 1.15","1",6,"MS-2",null,"2.     Proportion of children admitted to wards with no indication for hospital admission. (75.36)","Processes: EB care, harmful practices, patient-centered practices","Non-evidence-based, harmful practices inpatient","Provision ","Process","Inpatient","15 Prev/unnes/harm",4,4,3,4,3,3,{"$f":"SUM(M222:P222)","v":15},null,0,4,4,3,11,null,0,null,0,{"$nulls":4},{"$f":"(AD222*'MS-8,9,10 Domain 3 Weights'!$B$2)+(AE222*'MS-8,9,10 Domain 3 Weights'!$B$3)+(AF222*'MS-8,9,10 Domain 3 Weights'!$B$4)+(AG222*'MS-8,9,10 Domain 3 Weights'!$B$5)","v":0},4,3,3,10,"No","NOT SELECTED","NOT SELECTED","RIS","Monthly"]
[" 1.15","1",7,"MS-2",null,"3.     Proportion of children admitted to the health facility who receive IV fluids with no clear indication. (76.96)","Processes: EB care, harmful practices, patient-centered practices","Non-evidence-based, harmful practices inpatient","Provision ","Process","Inpatient","15 Prev/unnes/harm",4,4,3,4,3,3,15,null,0,4,4,3,11,null,0,null,0,{"$nulls":4},{"$f":"(AD223*'MS-8,9,10 Domain 3 Weights'!$B$2)+(AE223*'MS-8,9,10 Domain 3 Weights'!$B$3)+(AF223*'MS-8,9,10 Domain 3 Weights'!$B$4)+(AG223*'MS-8,9,10 Domain 3 Weights'!$B$5)","v":0},4,4,3,11,"No","NOT SELECTED","NOT SELECTED","RIS","Monthly"]
[" 1.15","1",8,"MS-2",null,"4.     Proportion of children admitted to the health facility who receive blood when not indicated. (80.45)","Processes: EB care, harmful practices, patient-centered practices","Non-evidence-based, harmful practices inpatient","Provision ","Process","Inpatient","15 Prev/unnes/harm",4,4,3,3,3,3,14,null,0,4,4,3,11,null,0,null,0,{"$nulls":4},{"$f":"(AD224*'MS-8,9,10 Domain 3 Weights'!$B$2)+(AE224*'MS-8,9,10 Domain 3 Weights'!$B$3)+(AF224*'MS-8,9,10 Domain 3 Weights'!$B$4)+(AG224*'MS-8,9,10 Domain 3 Weights'!$B$5)","v":0},4,3,3,10,"No","NOT SELECTED","NOT SELECTED","RIS","Monthly"]
[" 1.15","1",9,"MS-2",null,"5.     Proportion of children up to 5 years seen at the health facility with cough who receive harmful cough remedies for respiratory tract infections. (78.56)","Processes: EB care, harmful practices, patient-centered practices","Non-evidence-based, harmful practices inpatient","Provision ","Process","Both","15 Prev/unnes/harm",4,4,4,4,4,4,16,null,0,4,5,4,13,null,0,null,0,{"$nulls":4},{"$f":"(AD225*'MS-8,9,10 Domain 3 Weights'!$B$2)+(AE225*'MS-8,9,10 Domain 3 Weights'!$B$3)+(AF225*'MS-8,9,10 Domain 3 Weights'!$B$4)+(AG225*'MS-8,9,10 Domain 3 Weights'!$B$5)","v":0},4,4,3,11,"Yes","SELECTED","NOT SELECTED","RIS","Monthly"]
[" 1.15","1",10,"MS-2",null,"6.     Proportion of children admitted to the health facility for whom there were proven medication errors or hospital-acquired infections. (81.92)","Processes: EB care, harmful practices, patient-centered practices","Non-evidence-based, harmful practices inpatient","Provision ","Process","Inpatient","15 Prev/unnes/harm",4,4,3,3,4,4,{"$f":"SUM(M226:R226)","v":22},null,0,4,3,5,12,null,0,null,0,{"$nulls":4},{"$f":"(AD226*'MS-8,9,10 Domain 3 Weights'!$B$2)+(AE226*'MS-8,9,10 Domain 3 Weights'!$B$3)+(AF226*'MS-8,9,10 Domain 3 Weights'!$B$4)+(AG226*'MS-8,9,10 Domain 3 Weights'!$B$5)","v":0},4,4,3,11,"No","NOT SELECTED","NOT SELECTED","RIS","Monthly","suggest to take out hospital ackquired infection and only measure errors. HAI is covered under standard 1.14"]
[" 1.15","1",11,"MS-2",null,"7.     Proportion of children seen at the health facility who received unnecessary oral or parenteral medicines. (81.27)","Processes: EB care, harmful practices, patient-centered practices","Non-evidence-based, harmful practices inpatient","Provision ","Process","Both","15 Prev/unnes/harm",4,2,1,4,2,2,{"$f":"SUM(M227:R227)","v":15},null,0,4,5,4,13,null,0,null,0,{"$nulls":4},{"$f":"(AD227*'MS-8,9,10 Domain 3 Weights'!$B$2)+(AE227*'MS-8,9,10 Domain 3 Weights'!$B$3)+(AF227*'MS-8,9,10 Domain 3 Weights'!$B$4)+(AG227*'MS-8,9,10 Domain 3 Weights'!$B$5)","v":0},4,4,3,11,"Yes","NOT SELECTED","NOT SELECTED","RIS","Monthly","this indicator is very broad. Need very clear definition to be measurable. Otherwise it is good."]
[" 1.15","1",12,"MS-2",null,"8.     Proportion of children admitted to the health facility who received antibiotics when not indicated. (83.54)","Processes: EB care, harmful practices, patient-centered practices","Non-evidence-based, harmful practices inpatient","Provision ","Process","Both","15 Prev/unnes/harm",4,5,3,4,3,3,16,null,0,4,4,5,13,null,0,null,0,{"$nulls":4},{"$f":"(AD228*'MS-8,9,10 Domain 3 Weights'!$B$2)+(AE228*'MS-8,9,10 Domain 3 Weights'!$B$3)+(AF228*'MS-8,9,10 Domain 3 Weights'!$B$4)+(AG228*'MS-8,9,10 Domain 3 Weights'!$B$5)","v":0},4,4,3,11,"Yes","SELECTED","NOT SELECTED","RIS","Monthly","I would suggest to revise this indicator both for inpatient and outpatient not only  for inpatient; I suggest to define 2-3 major key conditions at outpatient and inpatient settings and assess antibiotic administration for these conditions only. "]
[" 2.1","2",1,"MS-4",null,"1.     The health facility has standardized, age-appropriate child care registers, clinical records, observation charts and patient cards in place at all times for recording and monitoring all care processes and outcomes. (93.71)","Input Heal&Sys","Standardized medical documentation and forms","Supporting systems","Input Heal&Sys","Both",null,4,5,3,4,3,4,{"$f":"SUM(M229:$P229)","v":16},null,0,{"$nulls":3},0,null,0,5,{"$f":"AB229","v":5},{"$nulls":4},{"$f":"(AD229*'MS-8,9,10 Domain 3 Weights'!$B$2)+(AE229*'MS-8,9,10 Domain 3 Weights'!$B$3)+(AF229*'MS-8,9,10 Domain 3 Weights'!$B$4)+(AG229*'MS-8,9,10 Domain 3 Weights'!$B$5)","v":0},3,3,4,10,"Yes","SELECTED","NOT SELECTED","InR"]
[" 2.1","2",2,"MS-4",null,"2.     The health facility has an established storage system for medical records that ensures confidentiality and safety and allows rapid retrieval, access and distribution of patients’ medical records. (93.31)","Input Heal&Sys","Health Information system (medical documentation)","Supporting systems","Input Heal&Sys","Both",null,4,5,3,4,3,4,{"$f":"SUM(M230:$P230)","v":16},null,0,{"$nulls":3},0,null,0,3,3,{"$nulls":4},{"$f":"(AD230*'MS-8,9,10 Domain 3 Weights'!$B$2)+(AE230*'MS-8,9,10 Domain 3 Weights'!$B$3)+(AF230*'MS-8,9,10 Domain 3 Weights'!$B$4)+(AG230*'MS-8,9,10 Domain 3 Weights'!$B$5)","v":0},3,3,4,10,"No","NOT SELECTED","NOT SELECTED","InR"]
[" 2.1","2",3,"MS-4",null,"3.     The health facility has a registration system for admissions, discharges, births and deaths that is linked to the national vital registration system at all times. (93.13)","Input Heal&Sys","Health Information system (medical documentation)","Supporting systems","Input Heal&Sys","Both",null,4,5,3,4,3,4,{"$f":"SUM(M231:$P231)","v":16},null,0,{"$nulls":3},0,null,0,4,4,{"$nulls":4},{"$f":"(AD231*'MS-8,9,10 Domain 3 Weights'!$B$2)+(AE231*'MS-8,9,10 Domain 3 Weights'!$B$3)+(AF231*'MS-8,9,10 Domain 3 Weights'!$B$4)+(AG231*'MS-8,9,10 Domain 3 Weights'!$B$5)","v":0},3,3,4,10,"No","NOT SELECTED","NOT SELECTED","InR"]
[" 2.1","2",4,"MS-4",null,"4.     The health facility has a standardized system for classifying clinical conditions, diseases and health outcomes, including births and deaths, which is aligned with the ICD. (92.48)","Input Heal&Sys","Health Information system (medical documentation)","Supporting systems","Input Heal&Sys","Both",null,4,5,3,4,3,4,{"$f":"SUM(M232:$P232)","v":16},null,0,{"$nulls":3},0,null,0,4,4,{"$nulls":4},{"$f":"(AD232*'MS-8,9,10 Domain 3 Weights'!$B$2)+(AE232*'MS-8,9,10 Domain 3 Weights'!$B$3)+(AF232*'MS-8,9,10 Domain 3 Weights'!$B$4)+(AG232*'MS-8,9,10 Domain 3 Weights'!$B$5)","v":0},3,3,4,10,"No","NOT SELECTED","NOT SELECTED","InR"]
[" 2.1","2",5,"MS-4",null,"5.     The health facility has a system for creating unique identifiers for new patients and locating pre-existing unique identifiers for returning patients. (90.59)","Input Heal&Sys","Health Information system (medical documentation)","Supporting systems","Input Heal&Sys","Both",null,4,5,4,4,3,4,{"$f":"SUM(M233:$P233)","v":17},null,0,{"$nulls":3},0,null,0,4,4,{"$nulls":4},{"$f":"(AD233*'MS-8,9,10 Domain 3 Weights'!$B$2)+(AE233*'MS-8,9,10 Domain 3 Weights'!$B$3)+(AF233*'MS-8,9,10 Domain 3 Weights'!$B$4)+(AG233*'MS-8,9,10 Domain 3 Weights'!$B$5)","v":0},3,3,4,10,"No","NOT SELECTED","NOT SELECTED","InR"]
[" 2.1","2",6,"MS-4",null,"6.     The health facility staff receive training and refresher sessions at least once every 12 months on the use of standardized medical records, including birth and death registration, and classification of conditions and diseases in accordance with the ICD. (86.28)","Inputs: Human resources","Human resources: specific non-clinical training","Supporting systems","Input HumRes","Both",null,4,5,3,4,3,4,{"$f":"SUM(M234:$P234)","v":16},null,0,{"$nulls":3},0,null,0,3,3,{"$nulls":4},{"$f":"(AD234*'MS-8,9,10 Domain 3 Weights'!$B$2)+(AE234*'MS-8,9,10 Domain 3 Weights'!$B$3)+(AF234*'MS-8,9,10 Domain 3 Weights'!$B$4)+(AG234*'MS-8,9,10 Domain 3 Weights'!$B$5)","v":0},3,3,4,10,"No","NOT SELECTED","NOT SELECTED","Prov"]
[" 2.1","2",7,"MS-4",null,"7.     The health facility has sufficient supplies of the necessary registers, patient medical forms, charts and patient cards (e.g. immunization cards) in stock at all times. (93.49)","Input Heal&Sys","Standardized medical documentation and forms","Supporting systems","Input Heal&Sys","Both",null,4,5,3,4,3,4,{"$f":"SUM(M235:$P235)","v":16},null,0,{"$nulls":3},0,null,0,4,4,{"$nulls":4},{"$f":"(AD235*'MS-8,9,10 Domain 3 Weights'!$B$2)+(AE235*'MS-8,9,10 Domain 3 Weights'!$B$3)+(AF235*'MS-8,9,10 Domain 3 Weights'!$B$4)+(AG235*'MS-8,9,10 Domain 3 Weights'!$B$5)","v":0},3,3,4,10,"No","NOT SELECTED","NOT SELECTED","InR"]
[" 2.1","2",8,"MS-4",null,"1.     Proportion of all children currently in the health facility who have a patient identifier and individual clinical medical record. (89.32)","Input Heal&Sys","Quality documentation","Supporting systems","Input Heal&Sys","Both",null,4,5,3,4,3,4,{"$f":"SUM(M236:$P236)","v":16},null,0,{"$nulls":3},0,null,0,4,4,{"$nulls":4},{"$f":"(AD236*'MS-8,9,10 Domain 3 Weights'!$B$2)+(AE236*'MS-8,9,10 Domain 3 Weights'!$B$3)+(AF236*'MS-8,9,10 Domain 3 Weights'!$B$4)+(AG236*'MS-8,9,10 Domain 3 Weights'!$B$5)","v":0},3,3,4,10,"No","NOT SELECTED","NOT SELECTED","RIS"]
[" 2.1","2",9,"MS-4",null,"2.     Proportion of medical records in which every entry is dated, timed (24-h clock), legible and signed by the person making the entry. (88.86)","Input Heal&Sys","Quality documentation","Supporting systems","Input Heal&Sys","Both",null,4,5,3,4,3,4,{"$f":"SUM(M237:$P237)","v":16},null,0,{"$nulls":3},0,null,0,4,4,{"$nulls":4},{"$f":"(AD237*'MS-8,9,10 Domain 3 Weights'!$B$2)+(AE237*'MS-8,9,10 Domain 3 Weights'!$B$3)+(AF237*'MS-8,9,10 Domain 3 Weights'!$B$4)+(AG237*'MS-8,9,10 Domain 3 Weights'!$B$5)","v":0},3,3,4,10,"No","NOT SELECTED","NOT SELECTED","RIS"]
[" 2.1","2",10,"MS-4",null,"3.     Proportion of all children discharged from the health facility within the past 24 h who had an accurately completed discharge summary of the care provided, outcomes and diagnoses (with ICD codes). (90.23) ","Input Heal&Sys","Quality documentation inpatient","Supporting systems","Input Heal&Sys","Inpatient",null,4,5,3,4,3,4,{"$f":"SUM(M238:$P238)","v":16},null,0,{"$nulls":3},0,null,0,5,5,{"$nulls":4},{"$f":"(AD238*'MS-8,9,10 Domain 3 Weights'!$B$2)+(AE238*'MS-8,9,10 Domain 3 Weights'!$B$3)+(AF238*'MS-8,9,10 Domain 3 Weights'!$B$4)+(AG238*'MS-8,9,10 Domain 3 Weights'!$B$5)","v":0},3,3,4,10,"Yes","SELECTED","NOT SELECTED","RIS"]
[" 2.1","2",11,"MS-4",null,"4.     Proportion of all births and deaths occurring in the health facility that were appropriately registered in the national vital registration system. (91.36)","Input Heal&Sys","Death notification, review","Supporting systems","Input Heal&Sys","Both",null,4,5,3,4,3,4,{"$f":"SUM(M239:$P239)","v":16},null,0,{"$nulls":3},0,null,0,5,5,{"$nulls":4},{"$f":"(AD239*'MS-8,9,10 Domain 3 Weights'!$B$2)+(AE239*'MS-8,9,10 Domain 3 Weights'!$B$3)+(AF239*'MS-8,9,10 Domain 3 Weights'!$B$4)+(AG239*'MS-8,9,10 Domain 3 Weights'!$B$5)","v":0},5,4,4,13,"Yes","SELECTED","CORE","RIS","Quarterly","This is very good indicator, however, very hard to measure. "]
[" 2.1","2",12,"MS-4",null,"1.     Proportion of all medical records that include legible documentation of relevant demographic and clinical information on the child and the process and outcomes of the care provided. (87.80)","Input Heal&Sys","Quality documentation","Supporting systems","Input Heal&Sys","Both",null,4,5,4,4,3,3,{"$f":"SUM(M240:$P240)","v":17},null,0,{"$nulls":3},0,null,0,5,5,{"$nulls":4},{"$f":"(AD240*'MS-8,9,10 Domain 3 Weights'!$B$2)+(AE240*'MS-8,9,10 Domain 3 Weights'!$B$3)+(AF240*'MS-8,9,10 Domain 3 Weights'!$B$4)+(AG240*'MS-8,9,10 Domain 3 Weights'!$B$5)","v":0},3,3,4,10,"Yes","SELECTED","NOT SELECTED","RIS"]
[" 2.1","2",13,"MS-4",null,"2.     Proportion of all deaths that occurred in the health facility in the past 3 months that were appropriately recorded, with a correct, complete death notification and the cause of death consistent with the ICD classification. (92.13)","Input Heal&Sys","Quality documentation inpatient","Supporting systems","Input Heal&Sys","Inpatient",null,4,5,3,4,3,4,{"$f":"SUM(M241:$P241)","v":16},null,0,{"$nulls":3},0,null,0,4,4,{"$nulls":4},{"$f":"(AD241*'MS-8,9,10 Domain 3 Weights'!$B$2)+(AE241*'MS-8,9,10 Domain 3 Weights'!$B$3)+(AF241*'MS-8,9,10 Domain 3 Weights'!$B$4)+(AG241*'MS-8,9,10 Domain 3 Weights'!$B$5)","v":0},3,3,4,10,"No","NOT SELECTED","NOT SELECTED","RIS"]
[" 2.2","2",1,"MS-4",null,"1.     The health facility has a system with standard operating procedures and protocols for data collection and for checking, validating and analysing relevant indicators to make timely reports and visual charts. (92.61)","Inputs: Operational Guidelines","Operational guidelines, protocols related to cross-cutting supporting systems (management, human resources, health information system, infrastructure, supplies and equipment, health financing, organization of health services)","Supporting systems","Input OperGuide","Both",null,4,3,4,4,4,4,{"$f":"SUM(M242:$P242)","v":15},null,0,{"$nulls":3},0,null,0,3,3,{"$nulls":4},{"$f":"(AD242*'MS-8,9,10 Domain 3 Weights'!$B$2)+(AE242*'MS-8,9,10 Domain 3 Weights'!$B$3)+(AF242*'MS-8,9,10 Domain 3 Weights'!$B$4)+(AG242*'MS-8,9,10 Domain 3 Weights'!$B$5)","v":0},3,3,3,9,"No","NOT SELECTED","NOT SELECTED","InR"]
[" 2.2","2",2,"MS-4",null,"2.     Managers, health professionals and support staff in the health facility meet regularly (at least once a month) to review patient care and outcomes for decision-making and monitoring performance. (90.92)","Inputs: QI structures and supporting processes","Routine monitoring of the quality of care","Supporting systems","Input QI","Both",null,4,4,4,4,4,4,{"$f":"SUM(M243:$P243)","v":16},null,0,{"$nulls":3},0,null,0,5,5,{"$nulls":4},{"$f":"(AD243*'MS-8,9,10 Domain 3 Weights'!$B$2)+(AE243*'MS-8,9,10 Domain 3 Weights'!$B$3)+(AF243*'MS-8,9,10 Domain 3 Weights'!$B$4)+(AG243*'MS-8,9,10 Domain 3 Weights'!$B$5)","v":0},3,3,4,10,"Yes","SELECTED","NOT SELECTED","InR",null,"Statement 2.2. and Statement 7.3. have similar measures and can be optimyzed "]
[" 2.2","2",3,"MS-4",null,"3.     The health facility managers and community representatives meet regularly (at least every 3 months) to review the health facility statistics and performance and use the recommendations for decision-making. (87.42)","Inputs: QI structures and supporting processes","Routine monitoring of the quality of care","Supporting systems","Input QI","Both",null,4,4,3,4,4,4,{"$f":"SUM(M244:$P244)","v":15},null,0,{"$nulls":3},0,null,0,5,5,{"$nulls":4},{"$f":"(AD244*'MS-8,9,10 Domain 3 Weights'!$B$2)+(AE244*'MS-8,9,10 Domain 3 Weights'!$B$3)+(AF244*'MS-8,9,10 Domain 3 Weights'!$B$4)+(AG244*'MS-8,9,10 Domain 3 Weights'!$B$5)","v":0},3,3,4,10,"Yes","NOT SELECTED","NOT SELECTED","InR"]
[" 2.2","2",4,"MS-4",null,"4.     The health facility regularly (at least once a month) reviews paediatric deaths and has mechanisms in place to implement the recommendations of the reviews. (93.46)","Input Heal&Sys","Death notification, review","Supporting systems","Input QI","Both",null,4,3,4,4,4,4,{"$f":"SUM(M245:$P245)","v":15},null,0,{"$nulls":3},0,null,0,4,4,{"$nulls":4},{"$f":"(AD245*'MS-8,9,10 Domain 3 Weights'!$B$2)+(AE245*'MS-8,9,10 Domain 3 Weights'!$B$3)+(AF245*'MS-8,9,10 Domain 3 Weights'!$B$4)+(AG245*'MS-8,9,10 Domain 3 Weights'!$B$5)","v":0},3,3,4,10,"No","NOT SELECTED","NOT SELECTED","InR"]
[" 2.2","2",5,"MS-4",null,"5.     Evidence that the health facility analyses and produces monthly visual charts and reports for monitoring performance. (86.67)","Inputs: QI structures and supporting processes","Routine monitoring of the quality of care","Supporting systems","Input Heal&Sys","Both",null,4,4,4,4,4,4,{"$f":"SUM(M246:$P246)","v":16},null,0,{"$nulls":3},0,null,0,5,5,{"$nulls":4},{"$f":"(AD246*'MS-8,9,10 Domain 3 Weights'!$B$2)+(AE246*'MS-8,9,10 Domain 3 Weights'!$B$3)+(AF246*'MS-8,9,10 Domain 3 Weights'!$B$4)+(AG246*'MS-8,9,10 Domain 3 Weights'!$B$5)","v":0},3,3,4,10,"Yes","SELECTED","NOT SELECTED","InR"]
[" 2.2","2",6,"MS-4",null,"1.     Number of meetings between health facility management and community representatives in the past 6 months. (82.72)","Inputs: QI structures and supporting processes","Structures, regular meetings and implementation plan for QI","Supporting systems","Input Over&Man","Both",null,4,4,4,4,3,4,{"$f":"SUM(M247:$P247)","v":16},null,0,{"$nulls":3},0,null,0,4,4,{"$nulls":4},{"$f":"(AD247*'MS-8,9,10 Domain 3 Weights'!$B$2)+(AE247*'MS-8,9,10 Domain 3 Weights'!$B$3)+(AF247*'MS-8,9,10 Domain 3 Weights'!$B$4)+(AG247*'MS-8,9,10 Domain 3 Weights'!$B$5)","v":0},3,3,4,10,"No","NOT SELECTED","NOT SELECTED","InR"]
[" 2.2","2",7,"MS-4",null,"2.     Proportion of all paediatric deaths that occurred in the health facility in the past 3 months that were reviewed with standard death audit tools. (91.42)","Input Heal&Sys","Death notification, review","Supporting systems","Input QI","Both",null,4,4,4,4,4,3,{"$f":"SUM(M248:$P248)","v":16},null,0,{"$nulls":3},0,null,0,5,5,{"$nulls":4},{"$f":"(AD248*'MS-8,9,10 Domain 3 Weights'!$B$2)+(AE248*'MS-8,9,10 Domain 3 Weights'!$B$3)+(AF248*'MS-8,9,10 Domain 3 Weights'!$B$4)+(AG248*'MS-8,9,10 Domain 3 Weights'!$B$5)","v":0},4,4,5,13,"Yes","SELECTED","CORE","InR","Quarterly","1.1. #16 is similar to 2.2. #7 indicator, it is more natural to leave it in standard 2.2; suggest to add pieace on action: death reviewed and action steps with responcible parties defined"]
[" 2.2","2",8,"MS-4",null,"1.     Proportion of all recommendations from paediatric death reviews conducted at the health facility in the past 6 months that were fully implemented. (86.95)","Inputs: QI structures and supporting processes","Adressing gaps in QoC","Supporting systems","Input QI","Both",null,5,5,3,4,4,3,{"$f":"SUM(M249:$P249)","v":17},null,0,{"$nulls":3},0,null,0,5,5,{"$nulls":4},{"$f":"(AD249*'MS-8,9,10 Domain 3 Weights'!$B$2)+(AE249*'MS-8,9,10 Domain 3 Weights'!$B$3)+(AF249*'MS-8,9,10 Domain 3 Weights'!$B$4)+(AG249*'MS-8,9,10 Domain 3 Weights'!$B$5)","v":0},3,3,4,10,"Yes","SELECTED","NOT SELECTED","InR"]
[" ","2",9,"MS-4",null,"2.     Proportion of monthly reports from the health facility received by the next highest level of administration in the past 6 months. (84.01)","Input Heal&Sys","Reporting","Supporting systems","Input Heal&Sys","Both",null,3,4,3,4,3,3,{"$f":"SUM(M250:$P250)","v":14},null,0,{"$nulls":3},0,null,0,5,5,{"$nulls":4},{"$f":"(AD250*'MS-8,9,10 Domain 3 Weights'!$B$2)+(AE250*'MS-8,9,10 Domain 3 Weights'!$B$3)+(AF250*'MS-8,9,10 Domain 3 Weights'!$B$4)+(AG250*'MS-8,9,10 Domain 3 Weights'!$B$5)","v":0},3,3,4,10,"Yes","NOT SELECTED","NOT SELECTED","InR"]
[" 2.3","2",1,"MS-4",null,"1.     The health facility has a functioning, age-appropriate system and procedures in place for collecting information and responding to the perceptions of children and their carers of the services provided. (87.97)","Inputs: Operational Guidelines","Operational guidelines, protocols related to client-centered practices","Supporting systems","Input OperGuide","Both",null,4,4,3,5,4,4,{"$f":"SUM(M251:$P251)","v":16},null,0,{"$nulls":3},0,null,0,4,4,{"$nulls":4},{"$f":"(AD251*'MS-8,9,10 Domain 3 Weights'!$B$2)+(AE251*'MS-8,9,10 Domain 3 Weights'!$B$3)+(AF251*'MS-8,9,10 Domain 3 Weights'!$B$4)+(AG251*'MS-8,9,10 Domain 3 Weights'!$B$5)","v":0},3,3,4,10,"No","NOT SELECTED","NOT SELECTED","InR"]
[" 2.3","2",2,"MS-4",null,"2.     The health facility has visual materials to inform children and their carers on how to make a complaint (e.g. a suggestion box) and provide feedback to the health facility. (89.40)","Inputs: Infrastructure, equipment client-centered","Infrastructure for client-centered practices","Supporting systems","Input InfrastMedSupEquip","Both",null,4,4,3,5,4,4,{"$f":"SUM(M252:$P252)","v":16},null,0,{"$nulls":3},0,null,0,4,4,{"$nulls":4},{"$f":"(AD252*'MS-8,9,10 Domain 3 Weights'!$B$2)+(AE252*'MS-8,9,10 Domain 3 Weights'!$B$3)+(AF252*'MS-8,9,10 Domain 3 Weights'!$B$4)+(AG252*'MS-8,9,10 Domain 3 Weights'!$B$5)","v":0},3,3,4,10,"No","NOT SELECTED","NOT SELECTED","InR"]
[" 2.3","2",3,"MS-4",null,"3.     Health facility staff (clinical and nonclinical) receive training or orientation in customer service and provision of child- and family-centred care at least once every 12 months. (86.29)","Inputs: Human resources","Human resources: specific non-clinical training","Supporting systems","Input HumRes","Both",null,4,4,3,5,4,4,{"$f":"SUM(M253:$P253)","v":16},null,0,{"$nulls":3},0,null,0,4,4,{"$nulls":4},{"$f":"(AD253*'MS-8,9,10 Domain 3 Weights'!$B$2)+(AE253*'MS-8,9,10 Domain 3 Weights'!$B$3)+(AF253*'MS-8,9,10 Domain 3 Weights'!$B$4)+(AG253*'MS-8,9,10 Domain 3 Weights'!$B$5)","v":0},3,3,4,10,"No","NOT SELECTED","NOT SELECTED","Prov"]
[" 2.3","2",4,"MS-4",null,"1.     Proportion of carers of children who are aware of the mechanism for patient complaints and feedback (e.g. suggestion box) in the health facility. (81.05)","Inputs: financing","Providers' awareness on the existing mechanisms for patient feedback","Supporting systems","Input Financing","Both",null,4,4,3,5,4,4,{"$f":"SUM(M254:$P254)","v":16},null,0,{"$nulls":3},0,null,0,5,5,{"$nulls":4},{"$f":"(AD254*'MS-8,9,10 Domain 3 Weights'!$B$2)+(AE254*'MS-8,9,10 Domain 3 Weights'!$B$3)+(AF254*'MS-8,9,10 Domain 3 Weights'!$B$4)+(AG254*'MS-8,9,10 Domain 3 Weights'!$B$5)","v":0},3,3,4,10,"Yes","SELECTED","NOT SELECTED","Client"]
[" 2.3","2",5,"MS-4",null,"2.     Proportion of children and/or their carers who participated in patient satisfaction surveys or provided feedback on the services received in the past 3 months. (82.28)","Inputs: management and oversight","Oversight and management on patient-centered practices","Supporting systems","Input Over&Man","Both",null,4,4,3,5,4,4,{"$f":"SUM(M255:$P255)","v":16},null,0,{"$nulls":3},0,null,0,5,5,{"$nulls":4},{"$f":"(AD255*'MS-8,9,10 Domain 3 Weights'!$B$2)+(AE255*'MS-8,9,10 Domain 3 Weights'!$B$3)+(AF255*'MS-8,9,10 Domain 3 Weights'!$B$4)+(AG255*'MS-8,9,10 Domain 3 Weights'!$B$5)","v":0},3,3,4,10,"Yes","SELECTED","NOT SELECTED","Client"]
[" 2.3","2",6,"MS-4",null,"1.     Proportion of children and/or their carers who are satisfied with the time they spent waiting for care, the procedures and other processes in the health facility. (84.23)","Outcomes: client/career satisfaction","Satisfaction (client/career) ","Supporting systems","Outcome","Both",null,4,4,3,2,4,4,{"$f":"SUM(M256:$P256)","v":13},null,0,{"$nulls":3},0,null,0,4,4,{"$nulls":4},{"$f":"(AD256*'MS-8,9,10 Domain 3 Weights'!$B$2)+(AE256*'MS-8,9,10 Domain 3 Weights'!$B$3)+(AF256*'MS-8,9,10 Domain 3 Weights'!$B$4)+(AG256*'MS-8,9,10 Domain 3 Weights'!$B$5)","v":0},3,3,4,10,"No","NOT SELECTED","NOT SELECTED","Client"]
[" 2.3","2",7,"MS-4",null,"2.     Proportion of all complaints from children and/or their carers received by the health facility in the past 6 months that were reviewed and acted upon. (85.38)","Inputs: management and oversight","Oversight and management on patient-centered practices","Supporting systems","Input Over&Man","Both",null,4,4,3,5,4,4,{"$f":"SUM(M257:$P257)","v":16},null,0,{"$nulls":3},0,null,0,5,5,{"$nulls":4},{"$f":"(AD257*'MS-8,9,10 Domain 3 Weights'!$B$2)+(AE257*'MS-8,9,10 Domain 3 Weights'!$B$3)+(AF257*'MS-8,9,10 Domain 3 Weights'!$B$4)+(AG257*'MS-8,9,10 Domain 3 Weights'!$B$5)","v":0},3,3,4,10,"Yes","SELECTED","NOT SELECTED","InR"]
[" 3.1","3",1,null,null,"1.     The health facility has written, up-to-date clinical protocols and guidelines for prereferral management of all infants, children who require referral. (94.13)","Inputs: Operational Guidelines","Operational guidelines, protocols related to care provision","Supporting systems","Input ClinGuidelin","Both",{"$nulls":7},0,null,0,{"$nulls":3},0,null,0,null,0,{"$nulls":4},{"$f":"(AD258*'MS-8,9,10 Domain 3 Weights'!$B$2)+(AE258*'MS-8,9,10 Domain 3 Weights'!$B$3)+(AF258*'MS-8,9,10 Domain 3 Weights'!$B$4)+(AG258*'MS-8,9,10 Domain 3 Weights'!$B$5)","v":0},{"$nulls":3},0,"No","NOT SELECTED","NOT SELECTED","InR"]
[" 3.1","3",2,"MS-5",null,"2.     The health facility is equipped with age-appropriate medicines and other supplies for stabilization and prereferral treatment of critically ill children who require referral. (94.09)","Inputs: infrastructure, equipment, supplies clinical condition-specific","Clinical condition-specific medicines, supplies and equipment","Supporting systems","Input InfrastMedSupEquip","Both",null,4,3,3,4,3,3,{"$f":"SUM(M259:$P259)","v":14},null,0,{"$nulls":3},{"$f":"SUM(V259:X259)","v":0},null,0,4,4,{"$nulls":4},{"$f":"(AD259*'MS-8,9,10 Domain 3 Weights'!$B$2)+(AE259*'MS-8,9,10 Domain 3 Weights'!$B$3)+(AF259*'MS-8,9,10 Domain 3 Weights'!$B$4)+(AG259*'MS-8,9,10 Domain 3 Weights'!$B$5)","v":0},3,3,4,10,"No","NOT SELECTED","NOT SELECTED","InR"]
[" 3.1","3",3,"MS-5",null,"3.     The health facility has at least one health professional on duty at all times who is trained and competent in first aid, emergency triage, assessment and treatment or basic paediatric life support. (92.90)","Inputs: Human resources","Human resources (specific clinincal training)","Supporting systems","Inputs: Human resources","Both","1 ASB/ETAT/Asses/class/full",4,5,3,5,3,3,{"$f":"SUM(M260:$P260)","v":17},null,0,{"$nulls":3},0,null,{"$f":"Z260","v":0},5,{"$f":"AB260","v":5},{"$nulls":4},{"$f":"(AD260*'MS-8,9,10 Domain 3 Weights'!$B$2)+(AE260*'MS-8,9,10 Domain 3 Weights'!$B$3)+(AF260*'MS-8,9,10 Domain 3 Weights'!$B$4)+(AG260*'MS-8,9,10 Domain 3 Weights'!$B$5)","v":0},3,3,4,{"$f":"SUM(AI260:AK260)","v":10},"Yes","SELECTED","NOT SELECTED","InR",null,"relevant to Standard 1.1. duplicate to Indicator #12"]
[" 3.1","3",4,"MS-5",null,"4.     The professional staff communicate clearly with family members about the condition of their child and about why and where the child will be referred for further care. (82.19)",null,"Organization of care processes (including information exchange, care coordination and referral)","Supporting systems","Process","Both",null,4,5,2,4,4,4,{"$f":"SUM(M261:$P261)","v":15},null,0,{"$nulls":3},0,null,0,5,5,{"$nulls":4},{"$f":"(AD261*'MS-8,9,10 Domain 3 Weights'!$B$2)+(AE261*'MS-8,9,10 Domain 3 Weights'!$B$3)+(AF261*'MS-8,9,10 Domain 3 Weights'!$B$4)+(AG261*'MS-8,9,10 Domain 3 Weights'!$B$5)","v":0},3,3,4,10,{"$f":"IF(OR(U261>=$Q$2,Y261>=$Q$3,AA261>=$Q$4,AC261>=$Q$5,AH261>=$Q$6),\"Yes\",\"No\")","v":"Yes"},{"$f":"IF(AND(S261>=$Q$1,AM261=\"Yes\"),\"SELECTED\",\"NOT SELECTED\")","v":"NOT SELECTED"},{"$f":"IF(AND(AN261=\"SELECTED\",AL261>=$Q$7),\"CORE\",\"NOT SELECTED\")","v":"NOT SELECTED"},"Client"]
[" 3.1","3",5,"MS-5",null,"1.     Proportion of all children who require referral who are given prereferral treatment and transferred within 2 h of arrival at the referring health facility. (88.13)",null,"Organization of care processes (including information exchange, care coordination and referral)","Supporting systems","Process","Both","1 ASB/ETAT/Asses/class/full",4,3,3,4,3,3,{"$f":"SUM(M262:$P262)","v":14},null,0,{"$nulls":3},0,null,0,4,4,{"$nulls":4},{"$f":"(AD262*'MS-8,9,10 Domain 3 Weights'!$B$2)+(AE262*'MS-8,9,10 Domain 3 Weights'!$B$3)+(AF262*'MS-8,9,10 Domain 3 Weights'!$B$4)+(AG262*'MS-8,9,10 Domain 3 Weights'!$B$5)","v":0},3,3,4,10,"No","NOT SELECTED","NOT SELECTED","RIS",null,"Some measures of  3.1. statement are similar to  measures of Quality statement 1.1."]
[" 3.1","3",6,"MS-5",null,"2.     Proportion of all children with surgical emergencies that require referral to a facility with surgical capacity who were transferred within 2 h of arrival at the referring health facility. (86.12)",null,"Organization of care processes (including information exchange, care coordination and referral)","Supporting systems","Process","Both","12 Surg/injur ",4,3,3,4,3,3,{"$f":"SUM(M263:$P263)","v":14},null,0,{"$nulls":3},0,null,0,4,4,{"$nulls":4},{"$f":"(AD263*'MS-8,9,10 Domain 3 Weights'!$B$2)+(AE263*'MS-8,9,10 Domain 3 Weights'!$B$3)+(AF263*'MS-8,9,10 Domain 3 Weights'!$B$4)+(AG263*'MS-8,9,10 Domain 3 Weights'!$B$5)","v":0},3,3,4,10,"No","NOT SELECTED","NOT SELECTED","RIS"]
[" 3.1","3",7,"MS-5",null,"3.     Proportion of all children who require referral who received appropriate prereferral treatment when indicated. (89.40)","Processes: EB care, harmful practices, patient-centered practices","Compliance with EB care practices outpatient","Supporting systems","Process","Outpatient","1 ASB/ETAT/Asses/class/full",4,5,3,5,3,3,{"$f":"SUM(M264:$P264)","v":17},null,0,5,3,5,13,null,0,5,5,{"$nulls":4},{"$f":"(AD264*'MS-8,9,10 Domain 3 Weights'!$B$2)+(AE264*'MS-8,9,10 Domain 3 Weights'!$B$3)+(AF264*'MS-8,9,10 Domain 3 Weights'!$B$4)+(AG264*'MS-8,9,10 Domain 3 Weights'!$B$5)","v":0},3,3,4,10,"Yes","SELECTED","NOT SELECTED","RIS"]
[" 3.1","3",8,"MS-5",null,"1.     Proportion of children seen in the health facility within the past 3 months who fulfilled the facility’s criteria for referral and who were actually transferred to a referral facility. (83.43)","Outcomes: referral","Outcome of the referral (Died before/during referral, reached referral facility, refused referral)","Supporting systems","Process","Both",null,4,3,3,4,3,3,{"$f":"SUM(M265:$P265)","v":14},null,0,{"$nulls":3},0,4,4,4,4,{"$nulls":4},{"$f":"(AD265*'MS-8,9,10 Domain 3 Weights'!$B$2)+(AE265*'MS-8,9,10 Domain 3 Weights'!$B$3)+(AF265*'MS-8,9,10 Domain 3 Weights'!$B$4)+(AG265*'MS-8,9,10 Domain 3 Weights'!$B$5)","v":0},3,3,4,10,"Yes","NOT SELECTED","NOT SELECTED","RIS"]
[" 3.1","3",9,"MS-5",null,"2.     Proportion of all children with an indication that requires referral who died at the health facility. (88.30)","Outcomes: referral","Outcome of the referral (Died before/during referral, reached referral facility, refused referral)","Supporting systems","Outcome","Both",null,4,5,3,5,3,3,{"$f":"SUM(M266:$P266)","v":17},null,0,{"$nulls":3},0,null,0,5,5,{"$nulls":4},{"$f":"(AD266*'MS-8,9,10 Domain 3 Weights'!$B$2)+(AE266*'MS-8,9,10 Domain 3 Weights'!$B$3)+(AF266*'MS-8,9,10 Domain 3 Weights'!$B$4)+(AG266*'MS-8,9,10 Domain 3 Weights'!$B$5)","v":0},3,3,4,10,"Yes","SELECTED","NOT SELECTED","RIS",null,"Indicator #9 and #10 are similar. Suggesting #9 as it is difficult to determine the cause of death without further investigation"]
[" 3.1","3",10,"MS-5",null,"3.     Number of children who died as a result of delayed referral. (83.81)","Outcomes: referral","Outcome of the referral (Died before/during referral, reached referral facility, refused referral)","Supporting systems","Outcome","Both",null,4,5,3,4,3,3,{"$f":"SUM(M267:$P267)","v":16},null,0,{"$nulls":3},0,null,0,4,4,{"$nulls":4},{"$f":"(AD267*'MS-8,9,10 Domain 3 Weights'!$B$2)+(AE267*'MS-8,9,10 Domain 3 Weights'!$B$3)+(AF267*'MS-8,9,10 Domain 3 Weights'!$B$4)+(AG267*'MS-8,9,10 Domain 3 Weights'!$B$5)","v":0},3,3,4,10,"No","NOT SELECTED","NOT SELECTED","RIS"]
[" 3.2","3",1,"MS-5",null,"1.     The health facility is part of a referral network of facilities in the same geographical area with agreed arrangements. (92.92)","Inputs: management and oversight","Oversight and management on  cross-cutting supporting  systems","Supporting systems","Input Over&Man","Both",null,4,4,4,4,3,4,{"$f":"SUM(M268:$P268)","v":16},null,0,{"$nulls":3},0,null,0,3,3,{"$nulls":4},{"$f":"(AD268*'MS-8,9,10 Domain 3 Weights'!$B$2)+(AE268*'MS-8,9,10 Domain 3 Weights'!$B$3)+(AF268*'MS-8,9,10 Domain 3 Weights'!$B$4)+(AG268*'MS-8,9,10 Domain 3 Weights'!$B$5)","v":0},3,3,3,9,"No","NOT SELECTED","NOT SELECTED","InR"]
[" 3.2","3",2,"MS-5",null,"2.     The health facility has local financial arrangements to ensure that children who cannot be managed at the health facility are referred and transferred with their parent or caregiver without delay, 24 h a day, 7 days a week. (86.82) ","Inputs: financing","Financing of cross-cutting supporting systems (energy, fuel for vehicles)","Supporting systems","Input Financing","Both",null,4,4,4,4,3,4,{"$f":"SUM(M269:$P269)","v":16},null,0,{"$nulls":3},0,null,0,4,4,{"$nulls":4},{"$f":"(AD269*'MS-8,9,10 Domain 3 Weights'!$B$2)+(AE269*'MS-8,9,10 Domain 3 Weights'!$B$3)+(AF269*'MS-8,9,10 Domain 3 Weights'!$B$4)+(AG269*'MS-8,9,10 Domain 3 Weights'!$B$5)","v":0},3,3,3,9,"No","NOT SELECTED","NOT SELECTED","InR"]
[" 3.2","3",3,"MS-5",null,"3.     The health facility has a functioning vehicle with fuel or proximate access to a vehicle that is routinely available for emergency transport to referral facilities. (92.78)","Inputs: Infrastructure, equipment, supplies  cross-cutting","Transport","Supporting systems","Input InfrastMedSupEquip","Both",null,4,4,3,4,3,4,{"$f":"SUM(M270:$P270)","v":15},null,0,{"$nulls":3},0,null,0,4,4,{"$nulls":4},{"$f":"(AD270*'MS-8,9,10 Domain 3 Weights'!$B$2)+(AE270*'MS-8,9,10 Domain 3 Weights'!$B$3)+(AF270*'MS-8,9,10 Domain 3 Weights'!$B$4)+(AG270*'MS-8,9,10 Domain 3 Weights'!$B$5)","v":0},3,3,3,9,"No","NOT SELECTED","NOT SELECTED","InR"]
[" 3.2","3",4,"MS-5",null,"4.     The health facility vehicle is regularly maintained, clean and carries basic consumables, medications and equipment suitable for resuscitation and supportive care of children of all ages. (88.68)","Inputs: Infrastructure, equipment, supplies  cross-cutting","Transport","Supporting systems","Input InfrastMedSupEquip","Both",null,4,4,3,4,3,4,{"$f":"SUM(M271:$P271)","v":15},null,0,{"$nulls":3},0,null,0,4,4,{"$nulls":4},{"$f":"(AD271*'MS-8,9,10 Domain 3 Weights'!$B$2)+(AE271*'MS-8,9,10 Domain 3 Weights'!$B$3)+(AF271*'MS-8,9,10 Domain 3 Weights'!$B$4)+(AG271*'MS-8,9,10 Domain 3 Weights'!$B$5)","v":0},3,3,3,9,"No","NOT SELECTED","NOT SELECTED","InR"]
[" 3.2","3",5,"MS-5",null,"1.     Proportion of children who were referred without appropriate emergency transport. (81.24)","Inputs: Infrastructure, equipment, supplies  cross-cutting","Transport","Supporting systems","Input InfrastMedSupEquip","Both",null,4,4,3,5,4,4,{"$f":"SUM(M272:$P272)","v":16},null,0,{"$nulls":3},0,null,0,5,5,{"$nulls":4},{"$f":"(AD272*'MS-8,9,10 Domain 3 Weights'!$B$2)+(AE272*'MS-8,9,10 Domain 3 Weights'!$B$3)+(AF272*'MS-8,9,10 Domain 3 Weights'!$B$4)+(AG272*'MS-8,9,10 Domain 3 Weights'!$B$5)","v":0},3,3,3,9,"Yes","SELECTED","NOT SELECTED","Client"]
[" 3.2","3",6,"MS-5",null,"2.     Proportion of children referred from the health facility whose families or carers contributed financially to their referral transport. (74.52)","Inputs: financing","Financing of cross-cutting supporting systems (energy, fuel for vehicles)","Supporting systems","Input Financing","Both",null,4,4,3,4,4,4,{"$f":"SUM(M273:$P273)","v":15},null,0,{"$nulls":3},0,null,0,4,4,{"$nulls":4},{"$f":"(AD273*'MS-8,9,10 Domain 3 Weights'!$B$2)+(AE273*'MS-8,9,10 Domain 3 Weights'!$B$3)+(AF273*'MS-8,9,10 Domain 3 Weights'!$B$4)+(AG273*'MS-8,9,10 Domain 3 Weights'!$B$5)","v":0},3,3,3,9,"No","NOT SELECTED","NOT SELECTED","Client"]
[" 3.2","3",7,"MS-5",null,"3.     Proportion of all severely ill children who required referral who were transferred to a receiving facility accompanied by a health care professional. (74.12)","Inputs: Organization and availability of health services","Organization of care processes (including information exchange, care coordination and referral)","Supporting systems","Process","Outpatient",null,4,4,3,4,3,4,{"$f":"SUM(M274:$P274)","v":15},null,0,{"$nulls":3},0,null,0,4,4,{"$nulls":4},{"$f":"(AD274*'MS-8,9,10 Domain 3 Weights'!$B$2)+(AE274*'MS-8,9,10 Domain 3 Weights'!$B$3)+(AF274*'MS-8,9,10 Domain 3 Weights'!$B$4)+(AG274*'MS-8,9,10 Domain 3 Weights'!$B$5)","v":0},3,3,3,9,"No","NOT SELECTED","NOT SELECTED","InR"]
[" 3.2","3",8,"MS-5",null,"4.     Proportion of children referred to a referral health facility or their carers who reported receiving immediate attention (within 15 min) on arrival at the referral health facility. (80.07)","Inputs: Organization and availability of health services","Organization of care processes inpatient (including information exchange, care coordination and referral)","Supporting systems","Process","Inpatient",null,4,4,3,5,3,4,{"$f":"SUM(M275:$P275)","v":16},null,0,{"$nulls":3},0,null,0,5,5,{"$nulls":4},{"$f":"(AD275*'MS-8,9,10 Domain 3 Weights'!$B$2)+(AE275*'MS-8,9,10 Domain 3 Weights'!$B$3)+(AF275*'MS-8,9,10 Domain 3 Weights'!$B$4)+(AG275*'MS-8,9,10 Domain 3 Weights'!$B$5)","v":0},3,3,3,9,"Yes","SELECTED","NOT SELECTED","Client"]
[" 3.2","3",9,"MS-5",null,"1.     Proportion of children who died before or during transfer to a higher-level facility for further management. (89.68)","Outcomes: referral","Outcome of the referral (Died before/during referral, reached referral facility, refused referral)","Supporting systems","Outcome","Both",null,4,4,3,5,3,4,{"$f":"SUM(M276:$P276)","v":16},null,0,{"$nulls":3},0,null,0,4,4,{"$nulls":4},{"$f":"(AD276*'MS-8,9,10 Domain 3 Weights'!$B$2)+(AE276*'MS-8,9,10 Domain 3 Weights'!$B$3)+(AF276*'MS-8,9,10 Domain 3 Weights'!$B$4)+(AG276*'MS-8,9,10 Domain 3 Weights'!$B$5)","v":0},3,3,3,9,"No","NOT SELECTED","NOT SELECTED","RIS",null,"This indicator is similar to quality statement 3.1. indicator #9 and #10. suggest to optimyze accordingly"]
[" 3.2","3",10,"MS-5",null,"2.     Proportion of newborns referred from the facility who reached the referral facility. (87.06)","Outcomes: referral","Outcome of the referral (Died before/during referral, reached referral facility, refused referral)","Supporting systems","Outcome","Both",null,4,4,3,5,3,4,{"$f":"SUM(M277:$P277)","v":16},null,0,{"$nulls":3},0,null,0,5,5,{"$nulls":4},{"$f":"(AD277*'MS-8,9,10 Domain 3 Weights'!$B$2)+(AE277*'MS-8,9,10 Domain 3 Weights'!$B$3)+(AF277*'MS-8,9,10 Domain 3 Weights'!$B$4)+(AG277*'MS-8,9,10 Domain 3 Weights'!$B$5)","v":0},3,3,3,9,"Yes","SELECTED","NOT SELECTED","InR",null,"maybe we could add timinng: within 2 hours (if feasible)"]
[" 3.2","3",11,"MS-5",null,"3.     Proportion of all children referred from the health facility who completed their referral. (86.23)","Outcomes: referral","Outcome of the referral (Died before/during referral, reached referral facility, refused referral)","Supporting systems","Outcome","Both",null,4,4,3,5,3,4,{"$f":"SUM(M278:$P278)","v":16},null,{"$f":"IF(D278=\"MS-1\",T278*(VLOOKUP(J278,_tbl.MS1,3,FALSE)),T278)","v":0},{"$nulls":3},0,null,0,4,4,{"$nulls":4},{"$f":"(AD278*'MS-8,9,10 Domain 3 Weights'!$B$2)+(AE278*'MS-8,9,10 Domain 3 Weights'!$B$3)+(AF278*'MS-8,9,10 Domain 3 Weights'!$B$4)+(AG278*'MS-8,9,10 Domain 3 Weights'!$B$5)","v":0},3,3,3,9,"No","NOT SELECTED","NOT SELECTED","InR"]
[" 3.2","3",12,"MS-5",null,"4.     Proportion of all children referred from the health facility whose families refused referral (80.77)","Outcomes: referral","Outcome of the referral (Died before/during referral, reached referral facility, refused referral)","Supporting systems","Outcome","Both",null,4,4,3,5,3,4,{"$f":"SUM(M279:$P279)","v":16},null,0,{"$nulls":3},0,null,0,4,4,{"$nulls":4},{"$f":"(AD279*'MS-8,9,10 Domain 3 Weights'!$B$2)+(AE279*'MS-8,9,10 Domain 3 Weights'!$B$3)+(AF279*'MS-8,9,10 Domain 3 Weights'!$B$4)+(AG279*'MS-8,9,10 Domain 3 Weights'!$B$5)","v":0},3,3,3,9,"No","NOT SELECTED","NOT SELECTED","Client"]
[" 3.3","3",1,"MS-5",null,"1.     The health facility has a standardized referral form to document relevant demographic and clinical information (summary of history, clinical findings, investigations, diagnosis and treatment given) and the reason for referral. (94.99)","Input Heal&Sys","Health Information system (referral note, communication)","Supporting systems","Input Heal&Sys","Both",null,4,3,4,3,4,4,{"$f":"SUM(M280:$P280)","v":14},null,0,{"$nulls":3},0,null,0,4,4,{"$nulls":4},{"$f":"(AD280*'MS-8,9,10 Domain 3 Weights'!$B$2)+(AE280*'MS-8,9,10 Domain 3 Weights'!$B$3)+(AF280*'MS-8,9,10 Domain 3 Weights'!$B$4)+(AG280*'MS-8,9,10 Domain 3 Weights'!$B$5)","v":0},3,3,3,9,"No","NOT SELECTED","NOT SELECTED","InR"]
[" 3.3","3",2,"MS-5",null,"2.     The health facility has reliable methods of communication (mobile phone, landline or radio) that are functioning at all times for facilitating referrals. (93.13)","Inputs: Infrastructure, equipment, supplies  cross-cutting","Supplies and  equipment cross-cutting (essential medicines) ","Supporting systems","Inputs: Infrastructure, equipment, supplies  cross-cutting","Both",null,4,3,4,3,4,4,{"$f":"SUM(M281:$P281)","v":14},null,0,{"$nulls":3},0,null,0,4,4,{"$nulls":4},{"$f":"(AD281*'MS-8,9,10 Domain 3 Weights'!$B$2)+(AE281*'MS-8,9,10 Domain 3 Weights'!$B$3)+(AF281*'MS-8,9,10 Domain 3 Weights'!$B$4)+(AG281*'MS-8,9,10 Domain 3 Weights'!$B$5)","v":0},3,3,3,9,"No","NOT SELECTED","NOT SELECTED","InR"]
[" 3.3","3",3,"MS-5",null,"3.     The health facility has formal agreements, communication arrangements and a feedback system with the network referral facilities. (88.25)","Inputs: Organization and availability of health services","Organization of care processes (including information exchange, care coordination and referral)","Supporting systems",null,"Both",null,4,3,4,3,4,4,{"$f":"SUM(M282:$P282)","v":14},null,0,{"$nulls":3},0,null,0,4,4,{"$nulls":4},{"$f":"(AD282*'MS-8,9,10 Domain 3 Weights'!$B$2)+(AE282*'MS-8,9,10 Domain 3 Weights'!$B$3)+(AF282*'MS-8,9,10 Domain 3 Weights'!$B$4)+(AG282*'MS-8,9,10 Domain 3 Weights'!$B$5)","v":0},3,3,3,9,"No","NOT SELECTED","NOT SELECTED","InR"]
[" 3.3","3",4,"MS-5",null,"1.     Proportion of all children referred by a health facility for whom written counter-referral feedback information was provided by the receiving facility. (84.60)","Input Heal&Sys","Health Information system (referral note, communication)","Supporting systems","Input Heal&Sys","Both",null,4,4,3,5,4,4,{"$f":"SUM(M283:$P283)","v":16},null,0,{"$nulls":3},0,null,0,5,5,{"$nulls":4},{"$f":"(AD283*'MS-8,9,10 Domain 3 Weights'!$B$2)+(AE283*'MS-8,9,10 Domain 3 Weights'!$B$3)+(AF283*'MS-8,9,10 Domain 3 Weights'!$B$4)+(AG283*'MS-8,9,10 Domain 3 Weights'!$B$5)","v":0},3,3,3,9,"Yes","SELECTED","NOT SELECTED","RIS"]
[" 3.3","3",5,"MS-5",null,"2.     Proportion of all children referred for whom there were documented prereferral communications (verbal, written) with the receiving facility. (85.63)","Input Heal&Sys","Health Information system (referral note, communication)","Supporting systems","Input Heal&Sys","Both",null,4,5,3,4,3,4,{"$f":"SUM(M284:$P284)","v":16},null,0,{"$nulls":3},0,null,0,5,5,{"$nulls":4},{"$f":"(AD284*'MS-8,9,10 Domain 3 Weights'!$B$2)+(AE284*'MS-8,9,10 Domain 3 Weights'!$B$3)+(AF284*'MS-8,9,10 Domain 3 Weights'!$B$4)+(AG284*'MS-8,9,10 Domain 3 Weights'!$B$5)","v":0},3,3,3,9,"Yes","SELECTED","NOT SELECTED","RIS"]
[" 3.3","3",6,"MS-5",null,"1.     Proportion of all children referred who had an appropriate referral note. (89.04)","Input Heal&Sys","Health Information system (referral note, communication)","Supporting systems","Input Heal&Sys","Both",null,4,5,3,4,4,3,{"$f":"SUM(M285:$P285)","v":16},null,0,{"$nulls":3},0,null,0,5,5,{"$nulls":4},{"$f":"(AD285*'MS-8,9,10 Domain 3 Weights'!$B$2)+(AE285*'MS-8,9,10 Domain 3 Weights'!$B$3)+(AF285*'MS-8,9,10 Domain 3 Weights'!$B$4)+(AG285*'MS-8,9,10 Domain 3 Weights'!$B$5)","v":0},3,3,3,9,"Yes","SELECTED","NOT SELECTED","RIS",null,"define appropriateness based on presence/absence of following: demographic and clinical information (summary of history, clinical findings, investigations, diagnosis and treatment given) and the reason for referral. "]
[" 4.1","4",1,"MS-8",null,"1.     The health facility has an up-to-date, written policy and provisions to ensure that all staff are identifiable, with name badges, and that they always introduce themselves to children and their carers, state their name and role and use the name of the child or carer when communicating with them. (90.31)","Inputs: Operational Guidelines","Operational guidelines, protocols related to client-centered practices","Experience","Input OperGuide","Both",null,3,4,4,3,4,4,{"$f":"SUM(M286:R286)","v":22},null,0,{"$nulls":3},0,null,0,null,0,0,0,0,5,{"$f":"(AD286*'MS-8,9,10 Domain 3 Weights'!$B$2)+(AE286*'MS-8,9,10 Domain 3 Weights'!$B$3)+(AF286*'MS-8,9,10 Domain 3 Weights'!$B$4)+(AG286*'MS-8,9,10 Domain 3 Weights'!$B$5)","v":1},3,3,3,9,"No","NOT SELECTED","NOT SELECTED","InR"]
[" 4.1","4",2,"MS-8",null,"2.     Health facility policy provides that children and their families are entitled to receive appropriate information about the child’s care and other relevant aspects during their stay in the facility. (92.67)","Inputs: Operational Guidelines","Operational guidelines, protocols related to client-centered practices","Experience","Input OperGuide","Both",null,4,4,4,3,4,4,{"$f":"SUM(M287:P287)","v":15},null,0,{"$nulls":3},0,null,0,null,0,5,0,0,5,{"$f":"(AD287*'MS-8,9,10 Domain 3 Weights'!$B$2)+(AE287*'MS-8,9,10 Domain 3 Weights'!$B$3)+(AF287*'MS-8,9,10 Domain 3 Weights'!$B$4)+(AG287*'MS-8,9,10 Domain 3 Weights'!$B$5)","v":2.5},3,3,3,9,"Yes","NOT SELECTED","NOT SELECTED","InR"]
[" 4.1","4",3,"MS-8",null,"3.     The health facility provides information materials to children and their families to help them understand the opportunities for engagement, how to participate in their care and the roles of the different members of the health care team. (87.00)","Input Heal&Sys","Health Information system (informed consent, information materials)","Experience","Input Heal&Sys","Both",null,4,4,4,3,4,3,15,null,0,{"$nulls":3},0,null,0,null,0,5,0,0,5,{"$f":"(AD288*'MS-8,9,10 Domain 3 Weights'!$B$2)+(AE288*'MS-8,9,10 Domain 3 Weights'!$B$3)+(AF288*'MS-8,9,10 Domain 3 Weights'!$B$4)+(AG288*'MS-8,9,10 Domain 3 Weights'!$B$5)","v":2.5},3,3,3,9,"Yes","NOT SELECTED","NOT SELECTED","InR"]
[" 4.1","4",4,"MS-8",null,"4.     The health facility makes available child-friendly, age-appropriate health information materials that are accessible, in the language(s) relevant to the population and in appropriate formats (e.g audiovisuall or visual material, diagrams, illustrations) to facilitate understanding by children and carers. (88.65)","Input Heal&Sys","Health Information system (informed consent, information materials)","Experience","Input Heal&Sys","Both",null,4,4,4,3,4,3,15,null,0,{"$nulls":3},0,null,0,null,0,5,0,0,5,{"$f":"(AD289*'MS-8,9,10 Domain 3 Weights'!$B$2)+(AE289*'MS-8,9,10 Domain 3 Weights'!$B$3)+(AF289*'MS-8,9,10 Domain 3 Weights'!$B$4)+(AG289*'MS-8,9,10 Domain 3 Weights'!$B$5)","v":2.5},3,3,3,9,"Yes","NOT SELECTED","NOT SELECTED","InR"]
[" 4.1","4",5,"MS-8",null,"5.     The health facility has a system for providing information to patients about their medical conditions and their treatment care plan in a way that is understandable to them and allays their doubts and fears. (85.28)","Inputs: Organization and availability of health services","Organization of processes (including communication with patient/careers, ensuring privacy, education, counselling sessions)","Experience","Input OperGuide","Both",null,4,4,4,3,4,4,15,null,0,{"$nulls":3},0,null,0,null,0,5,0,0,5,{"$f":"(AD290*'MS-8,9,10 Domain 3 Weights'!$B$2)+(AE290*'MS-8,9,10 Domain 3 Weights'!$B$3)+(AF290*'MS-8,9,10 Domain 3 Weights'!$B$4)+(AG290*'MS-8,9,10 Domain 3 Weights'!$B$5)","v":2.5},3,3,3,9,"Yes","NOT SELECTED","NOT SELECTED","InR"]
[" 4.1","4",6,"MS-8",null,"6.     Health care staff receive training and regular mentoring or refresher training at least every 12 months in fully explaining a condition to children and their carers, giving “bad news” and supporting children and parents in coping with the information given. (91.75)","Inputs: Human resources","Human resources: specific non-clinical training","Experience","Input HumRes","Both",null,4,4,4,3,4,4,15,null,0,{"$nulls":3},0,null,0,null,0,5,0,0,5,{"$f":"(AD291*'MS-8,9,10 Domain 3 Weights'!$B$2)+(AE291*'MS-8,9,10 Domain 3 Weights'!$B$3)+(AF291*'MS-8,9,10 Domain 3 Weights'!$B$4)+(AG291*'MS-8,9,10 Domain 3 Weights'!$B$5)","v":2.5},3,3,3,9,"Yes","NOT SELECTED","NOT SELECTED","Prov"]
[" 4.1","4",7,"MS-8",null,"1.     Proportion of health care staff in the health facility wearing identification badges. (84.94)","Inputs: Organization and availability of health services","Organization of processes (including communication with patient/careers, ensuring privacy, education, counselling sessions)","Experience","Input Over&Man","Both",null,3,4,4,3,4,4,14,null,0,{"$nulls":3},0,null,0,null,0,5,0,0,5,{"$f":"(AD292*'MS-8,9,10 Domain 3 Weights'!$B$2)+(AE292*'MS-8,9,10 Domain 3 Weights'!$B$3)+(AF292*'MS-8,9,10 Domain 3 Weights'!$B$4)+(AG292*'MS-8,9,10 Domain 3 Weights'!$B$5)","v":2.5},3,3,3,9,"Yes","NOT SELECTED","NOT SELECTED","Obs"]
[" 4.1","4",8,"MS-8",null,"2.     Proportion of health care staff, by cadre and social professionals who received proper continuous training in communication and counselling. (86.84)","Inputs: Human resources","Human resources: specific non-clinical training","Experience","Input HumRes","Both",null,4,4,4,3,4,4,15,null,0,{"$nulls":3},0,null,0,null,0,5,0,0,5,{"$f":"(AD293*'MS-8,9,10 Domain 3 Weights'!$B$2)+(AE293*'MS-8,9,10 Domain 3 Weights'!$B$3)+(AF293*'MS-8,9,10 Domain 3 Weights'!$B$4)+(AG293*'MS-8,9,10 Domain 3 Weights'!$B$5)","v":2.5},3,3,3,9,"Yes","NOT SELECTED","NOT SELECTED","Prov"]
[" 4.1","4",9,"MS-8",null,"3.     Proportion of health care staff in the health facility who demonstrate good communication skills: asking and listening to children and carers, enabling them to ask questions, explaining with examples to ensure understanding and verifying their understanding. (85.16)","Inputs: Organization and availability of health services","Organization of processes (including communication with patient/careers, ensuring privacy, education, counselling sessions)","Experience","Process","Both",null,4,4,4,4,4,4,16,null,0,{"$nulls":3},0,null,0,null,0,5,0,0,0,{"$f":"(AD294*'MS-8,9,10 Domain 3 Weights'!$B$2)+(AE294*'MS-8,9,10 Domain 3 Weights'!$B$3)+(AF294*'MS-8,9,10 Domain 3 Weights'!$B$4)+(AG294*'MS-8,9,10 Domain 3 Weights'!$B$5)","v":1.5},3,3,3,9,"No","NOT SELECTED","NOT SELECTED","Obs"]
[" 4.1","4",10,"MS-8",null,"4.     Proportion of children and their carers who consider that they were given the information they required in a timely, respectful manner. (85.55)","Outcomes: client/career satisfaction","Satisfaction (client/career) ","Experience","Outcome","Both",null,4,4,3,4,4,4,15,null,0,{"$nulls":3},0,null,0,null,0,5,5,0,0,{"$f":"(AD295*'MS-8,9,10 Domain 3 Weights'!$B$2)+(AE295*'MS-8,9,10 Domain 3 Weights'!$B$3)+(AF295*'MS-8,9,10 Domain 3 Weights'!$B$4)+(AG295*'MS-8,9,10 Domain 3 Weights'!$B$5)","v":2.5},3,3,3,9,"Yes","NOT SELECTED","NOT SELECTED","Client"]
[" 4.1","4",11,"MS-8",null,"1.     Proportion of children and/or carers seen in the outpatient department of the health facility who can correctly state the reason that a particular treatment was given, when to return and how to take the treatment at home. (92.04)","Outcomes: client-centered practices","Knowledge of care provider's name, condition or treatment given outpatient","Experience","Outcome","Outpatient",null,4,4,3,5,4,4,16,null,0,{"$nulls":3},0,null,0,null,0,5,5,0,5,{"$f":"(AD296*'MS-8,9,10 Domain 3 Weights'!$B$2)+(AE296*'MS-8,9,10 Domain 3 Weights'!$B$3)+(AF296*'MS-8,9,10 Domain 3 Weights'!$B$4)+(AG296*'MS-8,9,10 Domain 3 Weights'!$B$5)","v":3.5},5,5,3,13,"Yes","SELECTED","CORE","Client","Quarterly"]
[" 4.1","4",12,"MS-8",null,"2.     Proportion of children discharged from the health facility or their carers who were given written instructions about treatment and care at home and can describe correctly how to take or give the discharge treatment at home. (94.02)","Outcomes: client-centered practices","Written/verbal instructions to discharged patients, transfer forms given, consent forms signed inpatient","Experience","Process","Inpatient",null,4,4,3,5,4,4,16,null,0,{"$nulls":3},0,null,0,null,0,5,5,0,5,{"$f":"(AD297*'MS-8,9,10 Domain 3 Weights'!$B$2)+(AE297*'MS-8,9,10 Domain 3 Weights'!$B$3)+(AF297*'MS-8,9,10 Domain 3 Weights'!$B$4)+(AG297*'MS-8,9,10 Domain 3 Weights'!$B$5)","v":3.5},5,5,3,13,"Yes","SELECTED","CORE","Client","Quarterly"]
[" 4.1","4",13,"MS-8",null,"3.     Proportion of children and/or their carers who reported that they were satisfied with the quality of the health information and support they received from health care staff during their care. (87.79)","Outcomes: client/career satisfaction","Satisfaction (client/career) ","Experience","Outcome","Both",null,4,4,3,5,4,4,16,null,0,{"$nulls":3},0,null,0,null,0,5,5,0,5,{"$f":"(AD298*'MS-8,9,10 Domain 3 Weights'!$B$2)+(AE298*'MS-8,9,10 Domain 3 Weights'!$B$3)+(AF298*'MS-8,9,10 Domain 3 Weights'!$B$4)+(AG298*'MS-8,9,10 Domain 3 Weights'!$B$5)","v":3.5},3,3,3,9,"Yes","SELECTED","NOT SELECTED","Client"]
[" 4.2","4",1,"MS-8",null,"1.     The health facility has a written, up-to-date, structured, standard form to facilitate written hand-over of patients among caring teams at shift changes or during transfer among facilities. (94.89)",null,"Operational guidelines, protocols related to care provision inpatient","Experience","Input Heal&Sys","Inpatient",null,4,4,3,4,4,3,15,null,0,{"$nulls":3},0,null,0,null,0,5,0,0,0,{"$f":"(AD299*'MS-8,9,10 Domain 3 Weights'!$B$2)+(AE299*'MS-8,9,10 Domain 3 Weights'!$B$3)+(AF299*'MS-8,9,10 Domain 3 Weights'!$B$4)+(AG299*'MS-8,9,10 Domain 3 Weights'!$B$5)","v":1.5},3,3,3,9,"No","NOT SELECTED","NOT SELECTED","InR"]
[" 4.2","4",2,"MS-8",null,"2.     The health facility has a functioning communication system for exchanging information among relevant service providers that reaches all critical staff 24 h a day, 7 days a week. (93.20)","Input Heal&Sys","Health Information system (referral note, communication) inpatient","Experience","Input Heal&Sys","Inpatient",null,4,4,3,4,4,3,15,null,0,{"$nulls":3},0,null,0,null,0,5,0,0,0,{"$f":"(AD300*'MS-8,9,10 Domain 3 Weights'!$B$2)+(AE300*'MS-8,9,10 Domain 3 Weights'!$B$3)+(AF300*'MS-8,9,10 Domain 3 Weights'!$B$4)+(AG300*'MS-8,9,10 Domain 3 Weights'!$B$5)","v":1.5},3,3,3,9,"No","NOT SELECTED","NOT SELECTED","Prov"]
[" 4.2","4",3,"MS-8",null,"3.     Staff who care for children receive orientation or refresher sessions in clinical hand-over policy and communication at least once every 12 months. (93.73)","Inputs: Human resources","Human resources: specific non-clinical training","Experience","Input HumRes","Both",null,4,4,3,4,4,3,15,null,0,{"$nulls":3},0,null,0,null,0,5,0,0,0,{"$f":"(AD301*'MS-8,9,10 Domain 3 Weights'!$B$2)+(AE301*'MS-8,9,10 Domain 3 Weights'!$B$3)+(AF301*'MS-8,9,10 Domain 3 Weights'!$B$4)+(AG301*'MS-8,9,10 Domain 3 Weights'!$B$5)","v":1.5},3,3,3,9,"No","NOT SELECTED","NOT SELECTED","InR"]
[" 4.2","4",4,"MS-8",null,"1.     Proportion of clinical records that demonstrate that all correspondence about investigations and clinical interventions received were reviewed by health care staff, signed and acted upon in a timely manner. (89.00)","Input Heal&Sys","Health Information system (referral note, communication) inpatient","Experience","Input Heal&Sys","Inpatient",null,4,4,3,4,4,3,15,null,0,{"$nulls":3},0,null,0,null,0,5,0,0,0,{"$f":"(AD302*'MS-8,9,10 Domain 3 Weights'!$B$2)+(AE302*'MS-8,9,10 Domain 3 Weights'!$B$3)+(AF302*'MS-8,9,10 Domain 3 Weights'!$B$4)+(AG302*'MS-8,9,10 Domain 3 Weights'!$B$5)","v":1.5},3,3,3,9,"No","NOT SELECTED","NOT SELECTED","RIS"]
[" 4.2","4",5,"MS-8",null,"2.     Proportion of children admitted to the health facility for whom there is an up-to-date, appropriately completed monitoring chart that indicates that vital signs were monitored regularly. (97.97)","Input Heal&Sys","Quality documentation inpatient","Experience","Input Heal&Sys","Inpatient","13 Support/Sick",4,4,3,5,4,3,16,null,0,{"$nulls":3},0,null,0,null,0,0,0,5,5,{"$f":"(AD303*'MS-8,9,10 Domain 3 Weights'!$B$2)+(AE303*'MS-8,9,10 Domain 3 Weights'!$B$3)+(AF303*'MS-8,9,10 Domain 3 Weights'!$B$4)+(AG303*'MS-8,9,10 Domain 3 Weights'!$B$5)","v":2.5},3,3,3,9,"Yes","SELECTED","NOT SELECTED","RIS",null,"This indicator is also relevant to standard 1.13 routine monitoring of the sick children in hospital"]
[" 4.2","4",6,"MS-8",null,"3.     Proportion of all children admitted to the health facility or their carers who know their primary health care provider by name. (80.33)","Outcomes: client/career knowledge","Knowledge of care provider's name, condition or treatment given inpatient","Experience","Outcome","Both",null,4,4,3,4,4,3,15,null,0,{"$nulls":3},0,null,0,null,0,0,5,0,5,{"$f":"(AD304*'MS-8,9,10 Domain 3 Weights'!$B$2)+(AE304*'MS-8,9,10 Domain 3 Weights'!$B$3)+(AF304*'MS-8,9,10 Domain 3 Weights'!$B$4)+(AG304*'MS-8,9,10 Domain 3 Weights'!$B$5)","v":2},3,3,3,9,"No","NOT SELECTED","NOT SELECTED","Client"]
[" 4.2","4",7,"MS-8",null,"1.     Proportion of children or their carers who express satisfaction with the information shared and the continuity of care received from different health care providers. (92.19)","Outcomes: client/career satisfaction","Satisfaction (client/career) inpatient","Experience","Outcome","Both",null,4,4,3,4,4,4,{"$f":"SUM(M305:R305)","v":23},null,0,{"$nulls":3},0,null,0,null,0,5,5,0,0,{"$f":"(AD305*'MS-8,9,10 Domain 3 Weights'!$B$2)+(AE305*'MS-8,9,10 Domain 3 Weights'!$B$3)+(AF305*'MS-8,9,10 Domain 3 Weights'!$B$4)+(AG305*'MS-8,9,10 Domain 3 Weights'!$B$5)","v":2.5},3,3,3,9,"Yes","SELECTED","NOT SELECTED","Client"]
[" 4.2","4",8,"MS-8",null,"2.     Proportion of health care staff, by cadre, who are satisfied that the information in daily patient notes ensures understanding of current diagnoses, the treatment plan and planned or pending investigations. (86.84)","Inputs: Human resources","Satisfaction (staff/providers) inpatient","Experience","Input HumRes","Inpatient",null,4,4,3,5,3,4,{"$f":"SUM(M306:R306)","v":23},null,0,{"$nulls":3},0,null,0,null,0,0,0,5,5,{"$f":"(AD306*'MS-8,9,10 Domain 3 Weights'!$B$2)+(AE306*'MS-8,9,10 Domain 3 Weights'!$B$3)+(AF306*'MS-8,9,10 Domain 3 Weights'!$B$4)+(AG306*'MS-8,9,10 Domain 3 Weights'!$B$5)","v":2.5},3,3,3,9,"Yes","SELECTED","NOT SELECTED","Prov"]
[" 4.2","4",9,"MS-8",null,"3.     Proportion of paediatric transfers within the facility for which there is a complete transfer form with clinical notes, including timely reception of diagnostic test results for transferred patients. (91.40)","Input Heal&Sys","Health Information system (informed consent, information materials) inpatient","Experience","Input Heal&Sys","Inpatient",null,4,4,3,5,3,4,{"$f":"SUM(M307:R307)","v":23},null,0,{"$nulls":3},0,null,0,null,0,0,0,5,5,{"$f":"(AD307*'MS-8,9,10 Domain 3 Weights'!$B$2)+(AE307*'MS-8,9,10 Domain 3 Weights'!$B$3)+(AF307*'MS-8,9,10 Domain 3 Weights'!$B$4)+(AG307*'MS-8,9,10 Domain 3 Weights'!$B$5)","v":2.5},3,3,3,9,"Yes","SELECTED","NOT SELECTED","RIS"]
[" 4.3","4",1,"MS-8",null,"1.       The health facility has up-to-date protocols, guidelines and job aides for providing information to children and their carers about the purpose, importance, benefits, risks and possible costs of proposed investigations, referrals or treatments. (88.32)","Inputs: Operational Guidelines","Operational guidelines, protocols related to client-centered practices","Experience","Input OperGuide","Both",null,4,4,4,3,4,4,15,null,0,{"$nulls":3},0,null,0,null,0,5,0,0,0,{"$f":"(AD308*'MS-8,9,10 Domain 3 Weights'!$B$2)+(AE308*'MS-8,9,10 Domain 3 Weights'!$B$3)+(AF308*'MS-8,9,10 Domain 3 Weights'!$B$4)+(AG308*'MS-8,9,10 Domain 3 Weights'!$B$5)","v":1.5},3,3,3,9,"No","NOT SELECTED","NOT SELECTED","InR"]
[" 4.3","4",2,"MS-8",null,"2.       The health facility has an up-to-date “clients’ charter” that states the policies for child- and family-centred care, guidance on confidentiality and the practice and culture of family presence during clinical examinations, procedures and treatment of children. (91.37)","Inputs: Operational Guidelines","Operational guidelines, protocols related to client-centered practices","Experience","Input OperGuide","Both",null,4,4,4,3,4,4,15,null,0,{"$nulls":3},0,null,0,null,0,0,0,0,5,{"$f":"(AD309*'MS-8,9,10 Domain 3 Weights'!$B$2)+(AE309*'MS-8,9,10 Domain 3 Weights'!$B$3)+(AF309*'MS-8,9,10 Domain 3 Weights'!$B$4)+(AG309*'MS-8,9,10 Domain 3 Weights'!$B$5)","v":1},3,3,3,9,"No","NOT SELECTED","NOT SELECTED","InR"]
[" 4.3","4",3,"MS-8",null,"3.       The health facility has appropriate forms for patients, parents or carers to sign in order to give their consent to procedures, investigations and treatment. When consent is given orally, this is registered on the patient’s chart. (92.16)","Input Heal&Sys","Health Information system (informed consent, information materials)","Experience","Input Heal&Sys","Both",null,4,4,4,3,4,4,15,null,0,{"$nulls":3},0,null,0,null,0,5,0,0,5,{"$f":"(AD310*'MS-8,9,10 Domain 3 Weights'!$B$2)+(AE310*'MS-8,9,10 Domain 3 Weights'!$B$3)+(AF310*'MS-8,9,10 Domain 3 Weights'!$B$4)+(AG310*'MS-8,9,10 Domain 3 Weights'!$B$5)","v":2.5},3,3,3,9,"Yes","NOT SELECTED","NOT SELECTED","InR"]
[" 4.3","4",4,"MS-8",null,"4.       The health facility has various visual resources (e.g. models, charts, posters, videos, electronic material) in the consulting room for use by clinical staff and other health professionals to provide explanations to children and their carers. (88.22)","Input Heal&Sys","Health Information system (informed consent, information materials)","Experience","Input Heal&Sys","Both",null,4,4,4,3,4,4,15,null,0,{"$nulls":3},0,null,0,null,0,5,0,0,5,{"$f":"(AD311*'MS-8,9,10 Domain 3 Weights'!$B$2)+(AE311*'MS-8,9,10 Domain 3 Weights'!$B$3)+(AF311*'MS-8,9,10 Domain 3 Weights'!$B$4)+(AG311*'MS-8,9,10 Domain 3 Weights'!$B$5)","v":2.5},3,3,3,9,"Yes","NOT SELECTED","NOT SELECTED","InR"]
[" 4.3","4",5,"MS-8",null,"5.       Staff who care for children receive orientation or training in patient-centred care and legal and medical ethical principles of autonomy, informed consent, confidentiality and privacy at least once every 12 months. (88.70)","Inputs: Human resources","Human resources: specific non-clinical training","Experience","Input HumRes","Both",null,4,4,4,3,4,4,15,null,0,{"$nulls":3},0,null,0,null,0,0,0,5,5,{"$f":"(AD312*'MS-8,9,10 Domain 3 Weights'!$B$2)+(AE312*'MS-8,9,10 Domain 3 Weights'!$B$3)+(AF312*'MS-8,9,10 Domain 3 Weights'!$B$4)+(AG312*'MS-8,9,10 Domain 3 Weights'!$B$5)","v":2.5},3,3,3,9,"Yes","NOT SELECTED","NOT SELECTED","Prov"]
[" 4.3","4",6,"MS-8",null,"1.     Proportion of children or their carers who were informed about their right to express their views and participate in making decisions about their care. (87.20)","Inputs: Organization and availability of health services","Organization of processes (including communication with patient/careers, ensuring privacy, education, counselling sessions)","Experience","Process","Both",null,4,4,4,3,4,4,15,null,0,{"$nulls":3},0,null,0,null,0,0,5,0,5,{"$f":"(AD313*'MS-8,9,10 Domain 3 Weights'!$B$2)+(AE313*'MS-8,9,10 Domain 3 Weights'!$B$3)+(AF313*'MS-8,9,10 Domain 3 Weights'!$B$4)+(AG313*'MS-8,9,10 Domain 3 Weights'!$B$5)","v":2},3,3,3,9,"No","NOT SELECTED","NOT SELECTED","Client"]
[" 4.3","4",7,"MS-8",null,"2.     Proportion of parents or carers in the health facility who were offered the option and were present with their child during medical procedures. (88.63)","Inputs: Organization and availability of health services","Written/verbal instructions to discharged patients, transfer forms given, consent forms signed","Experience","Process","Inpatient",null,4,4,4,3,4,4,15,null,0,{"$nulls":3},0,null,0,null,0,0,5,0,5,{"$f":"(AD314*'MS-8,9,10 Domain 3 Weights'!$B$2)+(AE314*'MS-8,9,10 Domain 3 Weights'!$B$3)+(AF314*'MS-8,9,10 Domain 3 Weights'!$B$4)+(AG314*'MS-8,9,10 Domain 3 Weights'!$B$5)","v":2},3,3,3,9,"No","NOT SELECTED","NOT SELECTED","RIS",null,"This indicator can be combined together with Ind #10 "]
[" 4.3","4",8,"MS-8",null,"1.     Proportion of children and/or their carers who considered that their views had been taken into consideration or sought in making decisions about their care. (83.21) ",null,"Written/verbal instructions to discharged patients, transfer forms given, consent forms signed","Experience","Outcome","Both",null,4,4,4,4,4,4,16,null,0,{"$nulls":3},0,null,0,null,0,5,5,0,5,{"$f":"(AD315*'MS-8,9,10 Domain 3 Weights'!$B$2)+(AE315*'MS-8,9,10 Domain 3 Weights'!$B$3)+(AF315*'MS-8,9,10 Domain 3 Weights'!$B$4)+(AG315*'MS-8,9,10 Domain 3 Weights'!$B$5)","v":3.5},4,3,3,10,"Yes","SELECTED","NOT SELECTED","Client"]
[" 4.3","4",9,"MS-8",null,"2.     Proportion of children of legal age in the health facility who gave documented informed consent for procedures or treatment provided. (88.30)","Outcomes: client/career satisfaction","Satisfaction (client/career) ","Experience","Outcome","Inpatient",null,4,3,4,5,3,3,16,null,0,{"$nulls":3},0,null,0,null,0,5,5,0,5,{"$f":"(AD316*'MS-8,9,10 Domain 3 Weights'!$B$2)+(AE316*'MS-8,9,10 Domain 3 Weights'!$B$3)+(AF316*'MS-8,9,10 Domain 3 Weights'!$B$4)+(AG316*'MS-8,9,10 Domain 3 Weights'!$B$5)","v":3.5},4,3,3,10,"Yes","SELECTED","NOT SELECTED","Client"]
[" 4.3","4",10,"MS-8",null,"3.     Proportion of parents or caregivers who gave their informed, documented consent for procedures and treatment of their children. (91.15)","Inputs: Organization and availability of health services","Written/verbal instructions to discharged patients, transfer forms given, consent forms signed","Experience","Outcome","Both",null,4,4,4,4,4,4,16,null,0,{"$nulls":3},0,null,0,null,0,5,5,0,5,{"$f":"(AD317*'MS-8,9,10 Domain 3 Weights'!$B$2)+(AE317*'MS-8,9,10 Domain 3 Weights'!$B$3)+(AF317*'MS-8,9,10 Domain 3 Weights'!$B$4)+(AG317*'MS-8,9,10 Domain 3 Weights'!$B$5)","v":3.5},4,3,3,10,"Yes","SELECTED","NOT SELECTED","RIS",null,"This indicator can be combined together with Ind #7 "]
[" 4.4","4",1,"MS-8",null,"1.     The health facility has information materials for distribution to children and carers about common conditions, promoting and supporting appropriate feeding and nutrition and promoting disease prevention, including hygiene and sanitation practices. (90.54)","Input Heal&Sys","Health Information system (informed consent, information materials)","Experience","Input Heal&Sys","Both",null,4,3,4,4,3,3,15,null,0,{"$nulls":3},0,null,0,null,0,5,0,0,0,{"$f":"(AD318*'MS-8,9,10 Domain 3 Weights'!$B$2)+(AE318*'MS-8,9,10 Domain 3 Weights'!$B$3)+(AF318*'MS-8,9,10 Domain 3 Weights'!$B$4)+(AG318*'MS-8,9,10 Domain 3 Weights'!$B$5)","v":1.5},4,3,3,10,"No","NOT SELECTED","NOT SELECTED"]
[" 4.4","4",2,"MS-8",null,"2.     The health facility provides a booklet for the health record of each child at birth or at the first visit to the health facility, which is kept by a parent or carer and used by health providers to document relevant information. (95.29)","Input Heal&Sys","Health Information system (informed consent, information materials)","Experience","Input Heal&Sys","Both",null,4,3,4,4,3,4,15,null,0,{"$nulls":3},0,null,0,null,0,5,0,0,0,{"$f":"(AD319*'MS-8,9,10 Domain 3 Weights'!$B$2)+(AE319*'MS-8,9,10 Domain 3 Weights'!$B$3)+(AF319*'MS-8,9,10 Domain 3 Weights'!$B$4)+(AG319*'MS-8,9,10 Domain 3 Weights'!$B$5)","v":1.5},4,3,3,10,"No","NOT SELECTED","NOT SELECTED","Client"]
[" 4.4","4",3,"MS-8",null,"3.     The health facility holds regular “well-being clinics” (e.g. well-child and immunization clinics, counselling services, growth and development monitoring clinics, adolescent clinics), which are used as opportunities for health promotion and preventive care. (94.18)","Inputs: Organization and availability of health services","Organization of processes (including communication with patient/careers, ensuring privacy, education, counselling sessions)","Experience","Input OrgCare","Both",null,4,3,4,4,3,4,15,null,0,{"$nulls":3},0,null,0,null,0,{"$nulls":4},{"$f":"(AD320*'MS-8,9,10 Domain 3 Weights'!$B$2)+(AE320*'MS-8,9,10 Domain 3 Weights'!$B$3)+(AF320*'MS-8,9,10 Domain 3 Weights'!$B$4)+(AG320*'MS-8,9,10 Domain 3 Weights'!$B$5)","v":0},4,3,3,10,"No","NOT SELECTED","NOT SELECTED","InR"]
[" 4.4","4",4,"MS-8",null,"4.     The health facility has a system for detecting whether a child has missed a vaccination and offers “catch-up” vaccination within the national immunization programme, according to WHO guidelines. (91.26)","Inputs: Organization and availability of health services","Organization of care processes  outpatient (including information exchange, care coordination and referral)","Experience","Input OrgCare","Outpatient",null,4,3,4,4,3,4,15,null,0,{"$nulls":3},0,null,0,null,0,{"$nulls":4},{"$f":"(AD321*'MS-8,9,10 Domain 3 Weights'!$B$2)+(AE321*'MS-8,9,10 Domain 3 Weights'!$B$3)+(AF321*'MS-8,9,10 Domain 3 Weights'!$B$4)+(AG321*'MS-8,9,10 Domain 3 Weights'!$B$5)","v":0},4,3,3,10,"No","NOT SELECTED","NOT SELECTED","RIS"]
[" 4.4","4",5,"MS-8",null,"5.     The health facility has an effective system for implementing community-based activities to promote children’s health and well-being. (85.86)","Inputs: management and oversight","Oversight and management on  cross-cutting supporting  systems outpatient","Experience","Input Over&Man","Outpatient",null,4,3,4,4,3,3,15,null,0,{"$nulls":3},0,null,0,null,0,{"$nulls":4},{"$f":"(AD322*'MS-8,9,10 Domain 3 Weights'!$B$2)+(AE322*'MS-8,9,10 Domain 3 Weights'!$B$3)+(AF322*'MS-8,9,10 Domain 3 Weights'!$B$4)+(AG322*'MS-8,9,10 Domain 3 Weights'!$B$5)","v":0},4,3,3,10,"No","NOT SELECTED","NOT SELECTED","InR"]
[" 4.4","4",6,"MS-8",null,"1.     Proportion of children or their parents or carers who attended at least one health education or promotion session at the health facility. (82.46)","Inputs: Organization and availability of health services","Organization of processes  outpatient (including communication with patient/careers, ensuring privacy, education, counselling sessions)","Experience","Process","Outpatient",null,4,3,4,4,4,4,15,null,0,{"$nulls":3},{"$f":"SUM(V323:X323)","v":0},null,0,null,0,{"$nulls":4},{"$f":"(AD323*'MS-8,9,10 Domain 3 Weights'!$B$2)+(AE323*'MS-8,9,10 Domain 3 Weights'!$B$3)+(AF323*'MS-8,9,10 Domain 3 Weights'!$B$4)+(AG323*'MS-8,9,10 Domain 3 Weights'!$B$5)","v":0},4,3,3,10,"No","NOT SELECTED","NOT SELECTED","InR"]
[" 4.4","4",7,"MS-8",null,"2.     Proportion of children under 2 years of age whose parents or carers were counselled and received information about breastfeeding, complementary foods and feeding practices during the current illness. (91.48)","Inputs: Organization and availability of health services","Organization of processes (including communication with patient/careers, ensuring privacy, education, counselling sessions)","Experience","Process","Both",null,4,4,3,4,3,4,15,null,0,{"$nulls":3},0,null,{"$f":"Z324","v":0},null,{"$f":"AB324","v":0},5,5,0,0,{"$f":"(AD324*'MS-8,9,10 Domain 3 Weights'!$B$2)+(AE324*'MS-8,9,10 Domain 3 Weights'!$B$3)+(AF324*'MS-8,9,10 Domain 3 Weights'!$B$4)+(AG324*'MS-8,9,10 Domain 3 Weights'!$B$5)","v":2.5},4,3,3,{"$f":"SUM(AI324:AK324)","v":10},"Yes","NOT SELECTED","NOT SELECTED","Client"]
[" 4.4","4",8,"MS-8",null,"3.     Proportion of children with chronic diseases for whom regular follow-up is routinely scheduled and documented in the health facility records. (90.29)","Inputs: Organization and availability of health services","Organization of processes  outpatient (including communication with patient/careers, ensuring privacy, education, counselling sessions)","Experience","Process","Both","6 RCEB/Nutr/Growth ",3,5,4,4,3,4,16,null,0,{"$nulls":3},0,null,0,null,0,5,0,0,5,{"$f":"(AD325*'MS-8,9,10 Domain 3 Weights'!$B$2)+(AE325*'MS-8,9,10 Domain 3 Weights'!$B$3)+(AF325*'MS-8,9,10 Domain 3 Weights'!$B$4)+(AG325*'MS-8,9,10 Domain 3 Weights'!$B$5)","v":2.5},4,3,3,10,{"$f":"IF(OR(U325>=$Q$2,Y325>=$Q$3,AA325>=$Q$4,AC325>=$Q$5,AH325>=$Q$6),\"Yes\",\"No\")","v":"Yes"},{"$f":"IF(AND(S325>=$Q$1,AM325=\"Yes\"),\"SELECTED\",\"NOT SELECTED\")","v":"SELECTED"},{"$f":"IF(AND(AN325=\"SELECTED\",AL325>=$Q$7),\"CORE\",\"NOT SELECTED\")","v":"NOT SELECTED"},"Client"]
[" 4.4","4",9,"MS-8",null,"4.     Proportion of adolescents seen individually by a health professional without the presence of a parent. (80.13)","Inputs: Organization and availability of health services","Organization of processes (including communication with patient/careers, ensuring privacy, education, counselling sessions)","Experience","Process","Outpatient","10 ASB/Chronic/Con",4,4,3,4,4,4,15,null,0,{"$nulls":3},0,null,0,null,0,0,0,0,5,{"$f":"(AD326*'MS-8,9,10 Domain 3 Weights'!$B$2)+(AE326*'MS-8,9,10 Domain 3 Weights'!$B$3)+(AF326*'MS-8,9,10 Domain 3 Weights'!$B$4)+(AG326*'MS-8,9,10 Domain 3 Weights'!$B$5)","v":1},4,3,3,10,"No","NOT SELECTED","NOT SELECTED","Client"]
[" 4.4","4",10,"MS-8",null,"1.     Proportion of all children whose vaccination card or history indicates that their vaccination is not complete who leave the health facility with all the necessary vaccinations. (92.64)","Impact/No disease-specific care outcomes","Impact  outpatient ( e.g full vaccination)","Experience","Outcome","Both",null,4,4,3,4,4,3,15,null,0,{"$nulls":3},0,null,0,null,0,5,5,0,0,{"$f":"(AD327*'MS-8,9,10 Domain 3 Weights'!$B$2)+(AE327*'MS-8,9,10 Domain 3 Weights'!$B$3)+(AF327*'MS-8,9,10 Domain 3 Weights'!$B$4)+(AG327*'MS-8,9,10 Domain 3 Weights'!$B$5)","v":2.5},5,5,3,13,"Yes","NOT SELECTED","NOT SELECTED","Client","Monthly","let's see if there is any other way to monitor up-to-date on vaccination "]
[" 4.4","4",11,"MS-8",null,"2.     Proportion of children under 5 years whose carers are advised to give them extra fluid and to continue feeding. (80.15)","Processes: EB care, harmful practices, patient-centered practices","Compliance with EB care practices","Experience","Process","Both","6 RCEB/Nutr/Growth ",4,4,3,4,3,3,15,null,0,5,5,3,13,null,0,null,0,5,5,0,0,{"$f":"(AD328*'MS-8,9,10 Domain 3 Weights'!$B$2)+(AE328*'MS-8,9,10 Domain 3 Weights'!$B$3)+(AF328*'MS-8,9,10 Domain 3 Weights'!$B$4)+(AG328*'MS-8,9,10 Domain 3 Weights'!$B$5)","v":2.5},4,4,3,11,"Yes","NOT SELECTED","NOT SELECTED","Obs"]
[" 4.4","4",12,"MS-8",null,"3.     Proportion of children or carers who received targeted health information or counselling for the condition of their child, including malnutrition, obesity, mental health or substance abuse. (85.68)","Inputs: Organization and availability of health services","Written/verbal instructions to discharged patients, transfer forms given, consent forms signed","Experience","Process","Both",null,4,4,3,5,3,3,{"$f":"SUM(M329:P329)","v":16},null,0,{"$nulls":3},0,null,0,null,0,5,5,0,0,{"$f":"(AD329*'MS-8,9,10 Domain 3 Weights'!$B$2)+(AE329*'MS-8,9,10 Domain 3 Weights'!$B$3)+(AF329*'MS-8,9,10 Domain 3 Weights'!$B$4)+(AG329*'MS-8,9,10 Domain 3 Weights'!$B$5)","v":2.5},4,4,3,11,"Yes","SELECTED","NOT SELECTED","Client"]
[" 4.4","4",13,"MS-8",null,"4.     Proportion of all children with diarrhoea whose carers know how to prepare and administer ORS, give extra fluids, continue feeding and recognize danger signs. ","Outcomes: client/career knowledge"," Knowledge to prepare ORS, danger signs etc","Experience","Outcome","Both",null,4,4,3,5,3,3,{"$f":"SUM(M330:P330)","v":16},null,0,{"$nulls":3},0,null,0,null,0,5,5,0,0,{"$f":"(AD330*'MS-8,9,10 Domain 3 Weights'!$B$2)+(AE330*'MS-8,9,10 Domain 3 Weights'!$B$3)+(AF330*'MS-8,9,10 Domain 3 Weights'!$B$4)+(AG330*'MS-8,9,10 Domain 3 Weights'!$B$5)","v":2.5},4,4,3,11,"Yes","SELECTED","NOT SELECTED","Client",null,"Content-specific patient-centered outcome"]
[" 5.1","5",1,"MS-9",null,"1.       The health facility has adopted and implements a policy that guarantees free or affordable health care for all children, in accordance with and as defined by national legal or regulatory frameworks. (94.87)","Inputs: management and oversight","Oversight and management on patient-centered practices","Experience","Input Over&Man","Both",null,3,4,4,3,4,4,{"$f":"SUM(M331:P331)","v":14},null,0,{"$nulls":3},0,null,0,null,0,0,0,0,5,{"$f":"(AD331*'MS-8,9,10 Domain 3 Weights'!$B$2)+(AE331*'MS-8,9,10 Domain 3 Weights'!$B$3)+(AF331*'MS-8,9,10 Domain 3 Weights'!$B$4)+(AG331*'MS-8,9,10 Domain 3 Weights'!$B$5)","v":1},3,3,3,9,"No","NOT SELECTED","NOT SELECTED","InR"]
[" 5.1","5",2,"MS-9",null,"2.       The health facility has adopted and implements a policy that guarantees nondiscrimination of any kind against children or their carers in the provision of care, including poor, vulnerable and disabled children. (90.44)","Inputs: management and oversight","Oversight and management on patient-centered practices","Experience","Input Over&Man","Both",null,3,4,4,3,4,4,14,null,0,{"$nulls":3},0,null,0,null,0,0,0,5,5,{"$f":"(AD332*'MS-8,9,10 Domain 3 Weights'!$B$2)+(AE332*'MS-8,9,10 Domain 3 Weights'!$B$3)+(AF332*'MS-8,9,10 Domain 3 Weights'!$B$4)+(AG332*'MS-8,9,10 Domain 3 Weights'!$B$5)","v":2.5},3,3,3,9,"Yes","NOT SELECTED","NOT SELECTED","InR"]
[" 5.1","5",3,"MS-9",null,"3.       The health facility has measures and facilities in place to ensure that children with disabilities or developmental delay have full physical access to all the facilities and services they require, including sanitation and recreation facilities. (93.40)","Inputs: Infrastructure, equipment client-centered","Infrastructure for client-centered practices","Experience","Input InfrastMedSupEquip","Both",null,4,4,3,5,4,4,16,null,0,{"$nulls":3},0,null,0,null,0,0,0,5,5,{"$f":"(AD333*'MS-8,9,10 Domain 3 Weights'!$B$2)+(AE333*'MS-8,9,10 Domain 3 Weights'!$B$3)+(AF333*'MS-8,9,10 Domain 3 Weights'!$B$4)+(AG333*'MS-8,9,10 Domain 3 Weights'!$B$5)","v":2.5},3,3,3,9,"Yes","SELECTED","NOT SELECTED","InR",null,"similar to indicator # 6"]
[" 5.1","5",4,"MS-9",null,"4.       The health facility staff receive training and periodic refresher courses on nondiscrimination practices, promoting equity and cultural competence. (87.38)","Inputs: Human resources","Human resources: specific non-clinical training","Experience","Input HumRes","Both",null,4,4,4,3,4,4,15,null,0,{"$nulls":3},0,null,0,null,0,0,0,5,5,{"$f":"(AD334*'MS-8,9,10 Domain 3 Weights'!$B$2)+(AE334*'MS-8,9,10 Domain 3 Weights'!$B$3)+(AF334*'MS-8,9,10 Domain 3 Weights'!$B$4)+(AG334*'MS-8,9,10 Domain 3 Weights'!$B$5)","v":2.5},3,3,3,9,"Yes","NOT SELECTED","NOT SELECTED","Prov"]
[" 5.1","5",5,"MS-9",null,"1.       Proportion of children and their parents or carers who were exempted from out-of-pocket payment for treatment, medicines, interventions and other health care-related costs. (91.41)","Outomes: Access to medicines,  services and facilities, financial access to services","Financial access to services","Experience","Outcome","Both",null,4,4,4,3,4,4,15,null,0,{"$nulls":3},0,null,0,null,0,0,0,0,5,{"$f":"(AD335*'MS-8,9,10 Domain 3 Weights'!$B$2)+(AE335*'MS-8,9,10 Domain 3 Weights'!$B$3)+(AF335*'MS-8,9,10 Domain 3 Weights'!$B$4)+(AG335*'MS-8,9,10 Domain 3 Weights'!$B$5)","v":1},3,3,3,9,"No","NOT SELECTED","NOT SELECTED","Client",null,"Outomes: Access to medicines,  services and facilities, financial access to services"]
[" 5.1","5",6,"MS-9",null,"2.       Proportion of children with a disability or their carers who report no physical barriers to accessing services and facilities in the health facility. (90.88)","Inputs: Infrastructure, equipment client-centered","Phisical access to facilities by patients with disabilities","Experience","Input InfrastMedSupEquip","Both",null,4,4,4,4,4,4,16,null,0,{"$nulls":3},0,null,0,null,0,0,5,0,5,{"$f":"(AD336*'MS-8,9,10 Domain 3 Weights'!$B$2)+(AE336*'MS-8,9,10 Domain 3 Weights'!$B$3)+(AF336*'MS-8,9,10 Domain 3 Weights'!$B$4)+(AG336*'MS-8,9,10 Domain 3 Weights'!$B$5)","v":2},3,3,3,9,"No","NOT SELECTED","NOT SELECTED","Client",null,"similar to indicator # 3"]
[" 5.1","5",7,"MS-9",null,"1.       Proportion of children and their carers who report any form of discrimination or refusal of care because of their economic, social, religious, linguistic or other status. (88.85)","Outcomes: client-centered practices","Experienced maltreatment, receiving appropriate support and referral for maltreatment","Experience","Outcome","Both",null,4,4,4,4,4,4,16,null,0,{"$nulls":3},0,null,0,null,0,0,5,5,5,{"$f":"(AD337*'MS-8,9,10 Domain 3 Weights'!$B$2)+(AE337*'MS-8,9,10 Domain 3 Weights'!$B$3)+(AF337*'MS-8,9,10 Domain 3 Weights'!$B$4)+(AG337*'MS-8,9,10 Domain 3 Weights'!$B$5)","v":3.5},5,5,3,13,"Yes","SELECTED","CORE","Client","Quarterly"]
[" 5.1","5",8,"MS-9",null,"2.       Proportion of children in a minority, migrant or other vulnerable group who were satisfied with the services provided. (83.63)","Outcomes: client/career satisfaction","Satisfaction (client/career) ","Experience","Outcome","Both",null,4,4,4,4,4,4,16,null,0,{"$nulls":3},0,null,0,null,0,0,5,0,5,{"$f":"(AD338*'MS-8,9,10 Domain 3 Weights'!$B$2)+(AE338*'MS-8,9,10 Domain 3 Weights'!$B$3)+(AF338*'MS-8,9,10 Domain 3 Weights'!$B$4)+(AG338*'MS-8,9,10 Domain 3 Weights'!$B$5)","v":2},3,3,3,9,"No","NOT SELECTED","NOT SELECTED","Client"]
[" 5.1","5",9,"MS-9",null,"3.       Proportion of children who receive care in the health facility whose financial access is mitigated or covered by health insurance. (88.86)","Outomes: Access to medicines,  services and facilities, financial access to services","Financial access to services","Experience","Outcome","Both",null,4,3,4,4,4,4,15,null,0,{"$nulls":3},0,null,0,null,0,0,0,0,5,{"$f":"(AD339*'MS-8,9,10 Domain 3 Weights'!$B$2)+(AE339*'MS-8,9,10 Domain 3 Weights'!$B$3)+(AF339*'MS-8,9,10 Domain 3 Weights'!$B$4)+(AG339*'MS-8,9,10 Domain 3 Weights'!$B$5)","v":1},3,3,3,9,"No","NOT SELECTED","NOT SELECTED","Client",null,"does not measure the quality of care"]
[" 5.2","5",1,"MS-9",null,"1.     The health facility has an up-to-date charter of children’s rights, in line with the United Nations Convention on the Rights of the Child. (93.49)","Inputs: Operational Guidelines","Operational guidelines, protocols related to client-centered practices","Experience","Input OperGuide","Both",null,4,3,4,4,4,4,{"$f":"SUM(M340:P340)","v":15},null,0,{"$nulls":3},0,null,0,null,0,0,0,0,5,{"$f":"(AD340*'MS-8,9,10 Domain 3 Weights'!$B$2)+(AE340*'MS-8,9,10 Domain 3 Weights'!$B$3)+(AF340*'MS-8,9,10 Domain 3 Weights'!$B$4)+(AG340*'MS-8,9,10 Domain 3 Weights'!$B$5)","v":1},3,3,3,9,"No","NOT SELECTED","NOT SELECTED","InR"]
[" 5.2","5",2,"MS-9",null,"2.     The health facility visibly displays and makes available information about the charter in leaflets and posters, including child-friendly formats, in all areas in which children are cared for (wards, waiting rooms and play areas). (89.91)","Inputs: management and oversight","Oversight and management on patient-centered practices","Experience","Input Over&Man","Both",null,4,4,4,4,4,4,16,null,0,{"$nulls":3},0,null,0,null,0,0,0,5,5,{"$f":"(AD341*'MS-8,9,10 Domain 3 Weights'!$B$2)+(AE341*'MS-8,9,10 Domain 3 Weights'!$B$3)+(AF341*'MS-8,9,10 Domain 3 Weights'!$B$4)+(AG341*'MS-8,9,10 Domain 3 Weights'!$B$5)","v":2.5},4,3,3,10,"Yes","SELECTED","NOT SELECTED","InR"]
[" 5.2","5",3,"MS-9",null,"3.     The health facility promotes awareness-raising events about children’s rights, such as celebrating a children’s day. (82.80)","Inputs: management and oversight","Oversight and management on patient-centered practices","Experience","Input Over&Man","Both",null,3,3,4,4,4,4,14,null,{"$f":"IF(D342=\"MS-1\",T342*(VLOOKUP(J342,_tbl.MS1,3,FALSE)),T342)","v":0},{"$nulls":3},0,null,0,null,0,0,0,0,5,{"$f":"(AD342*'MS-8,9,10 Domain 3 Weights'!$B$2)+(AE342*'MS-8,9,10 Domain 3 Weights'!$B$3)+(AF342*'MS-8,9,10 Domain 3 Weights'!$B$4)+(AG342*'MS-8,9,10 Domain 3 Weights'!$B$5)","v":1},3,3,3,9,"No","NOT SELECTED","NOT SELECTED","InR"]
[" 5.2","5",4,"MS-9",null,"4.     The charter on children’s rights is integrated into the system for improving the quality of care in the health facility. (83.42)","Inputs: management and oversight","Oversight and management on patient-centered practices","Experience","Input Over&Man","Both",null,4,4,4,3,4,4,15,null,0,{"$nulls":3},0,null,0,null,0,0,0,5,5,{"$f":"(AD343*'MS-8,9,10 Domain 3 Weights'!$B$2)+(AE343*'MS-8,9,10 Domain 3 Weights'!$B$3)+(AF343*'MS-8,9,10 Domain 3 Weights'!$B$4)+(AG343*'MS-8,9,10 Domain 3 Weights'!$B$5)","v":2.5},4,3,3,10,"Yes","NOT SELECTED","NOT SELECTED","InR"]
[" 5.2","5",5,"MS-9",null,"5.     The health facility has a team or focal person responsible for overseeing observance of the charter on children’s rights in the health facility. (85.47)","Inputs: management and oversight","Oversight and management on patient-centered practices","Experience","Input Over&Man","Both",null,4,4,4,4,4,4,16,null,0,{"$nulls":3},0,null,0,null,0,0,0,5,5,{"$f":"(AD344*'MS-8,9,10 Domain 3 Weights'!$B$2)+(AE344*'MS-8,9,10 Domain 3 Weights'!$B$3)+(AF344*'MS-8,9,10 Domain 3 Weights'!$B$4)+(AG344*'MS-8,9,10 Domain 3 Weights'!$B$5)","v":2.5},4,3,3,10,"Yes","SELECTED","NOT SELECTED","InR"]
[" 5.2","5",6,"MS-9",null,"1.     Proportion of staff in the health facility who care for children who understand the charter on children’s rights and how to apply it in practice. (84.83)","Inputs: Human resources","Human resources: specific non-clinical training","Experience","Input HumRes","Both",null,4,3,4,4,4,4,15,null,0,{"$nulls":3},0,null,0,null,0,0,0,5,5,{"$f":"(AD345*'MS-8,9,10 Domain 3 Weights'!$B$2)+(AE345*'MS-8,9,10 Domain 3 Weights'!$B$3)+(AF345*'MS-8,9,10 Domain 3 Weights'!$B$4)+(AG345*'MS-8,9,10 Domain 3 Weights'!$B$5)","v":2.5},4,3,3,10,"Yes","NOT SELECTED","NOT SELECTED","Prov"]
[" 5.2","5",7,"MS-9",null,"2.     Proportion of children or their carers who are told about the charter on children's rights as it pertains to the right to care in an appropriate local language at admission. (82.01)","Inputs: Organization and availability of health services","Provision of regular, safe, nutritious meals, educating mothers how to express breast milk, informing about childrens' rights","Experience","Process","Inpatient",null,3,4,4,4,3,3,15,null,0,{"$nulls":3},0,null,0,null,0,0,0,5,5,{"$f":"(AD346*'MS-8,9,10 Domain 3 Weights'!$B$2)+(AE346*'MS-8,9,10 Domain 3 Weights'!$B$3)+(AF346*'MS-8,9,10 Domain 3 Weights'!$B$4)+(AG346*'MS-8,9,10 Domain 3 Weights'!$B$5)","v":2.5},4,3,3,10,"Yes","NOT SELECTED","NOT SELECTED","Client",null,"Indicator 7 and 9 are similar. Best to  measure client-reported outcome"]
[" 5.2","5",9,"MS-9",null,"2.     Proportion of children in the health facility who were admitted appropriately on the basis of clinical findings, diagnosis or the severity of the condition. (85.49)","Outcomes: client-centered practices","Experienced maltreatment, receiving appropriate support and referral for maltreatment  inpatient","Experience","Process","Inpatient",null,3,4,3,3,3,3,13,null,0,{"$nulls":3},0,null,0,null,0,0,0,5,5,{"$f":"(AD347*'MS-8,9,10 Domain 3 Weights'!$B$2)+(AE347*'MS-8,9,10 Domain 3 Weights'!$B$3)+(AF347*'MS-8,9,10 Domain 3 Weights'!$B$4)+(AG347*'MS-8,9,10 Domain 3 Weights'!$B$5)","v":2.5},4,3,3,10,"Yes","NOT SELECTED","NOT SELECTED","RIS"]
[" 5.2","5",8,"MS-9",null,"1.     Proportion of children and their parents or caregivers who consider that they were adequately informed about their rights to care. (85.23)",null,"Provision of regular, safe, nutritious meals, educating mothers how to express breast milk, informing about childrens' rights","Experience","Outcome","Both",null,4,4,4,4,3,3,16,null,0,{"$nulls":3},0,null,0,null,0,0,5,5,5,{"$f":"(AD348*'MS-8,9,10 Domain 3 Weights'!$B$2)+(AE348*'MS-8,9,10 Domain 3 Weights'!$B$3)+(AF348*'MS-8,9,10 Domain 3 Weights'!$B$4)+(AG348*'MS-8,9,10 Domain 3 Weights'!$B$5)","v":3.5},4,3,3,10,"Yes","SELECTED","NOT SELECTED","Client"]
[" 5.3","5",1,"MS-9",null,"1.       The health facility has written, up-to-date policies, guidelines and mechanisms to ensure written and verbal confidentiality. (93.00)","Inputs: Operational Guidelines","Operational guidelines, protocols related to client-centered practices","Experience","Input OperGuide","Both",null,4,4,4,3,3,4,15,null,0,{"$nulls":3},0,null,0,null,0,0,0,5,5,{"$f":"(AD349*'MS-8,9,10 Domain 3 Weights'!$B$2)+(AE349*'MS-8,9,10 Domain 3 Weights'!$B$3)+(AF349*'MS-8,9,10 Domain 3 Weights'!$B$4)+(AG349*'MS-8,9,10 Domain 3 Weights'!$B$5)","v":2.5},3,3,3,9,"Yes","NOT SELECTED","NOT SELECTED","InR"]
[" 5.3","5",2,"MS-9",null,"2.       The health facility has a policy on children’s right to confidential advice and counselling services without the presence of a parent or carer. (89.91)","Inputs: Operational Guidelines","Operational guidelines, protocols related to client-centered practices","Experience","Input OperGuide","Both",null,4,4,4,3,3,4,15,null,0,{"$nulls":3},0,null,0,null,0,5,0,0,5,{"$f":"(AD350*'MS-8,9,10 Domain 3 Weights'!$B$2)+(AE350*'MS-8,9,10 Domain 3 Weights'!$B$3)+(AF350*'MS-8,9,10 Domain 3 Weights'!$B$4)+(AG350*'MS-8,9,10 Domain 3 Weights'!$B$5)","v":2.5},3,3,3,9,"Yes","NOT SELECTED","NOT SELECTED","InR"]
[" 5.3","5",3,"MS-9",null,"3.       The health facility has facilities in which children can be examined with both visual and auditory privacy when required. (93.94)","Inputs: Infrastructure, equipment client-centered","Infrastructure for client-centered practices","Experience","Input InfrastMedSupEquip","Both",null,4,4,4,4,3,4,{"$f":"SUM(M351:R351)","v":23},null,0,{"$nulls":3},0,null,0,null,0,0,0,5,5,{"$f":"(AD351*'MS-8,9,10 Domain 3 Weights'!$B$2)+(AE351*'MS-8,9,10 Domain 3 Weights'!$B$3)+(AF351*'MS-8,9,10 Domain 3 Weights'!$B$4)+(AG351*'MS-8,9,10 Domain 3 Weights'!$B$5)","v":2.5},3,3,3,9,"Yes","SELECTED","NOT SELECTED","InR"]
[" 5.3","5",4,"MS-9",null,"4.       Health facility staff are trained in providing care with respect for dignity and for maintaining confidentiality during the care of children and have received refresher training at least once in the past 12 months. (87.36) ","Inputs: Human resources","Human resources: specific non-clinical training","Experience","Input HumRes","Both",null,4,4,4,3,4,4,15,null,0,{"$nulls":3},0,null,0,null,0,0,0,5,5,{"$f":"(AD352*'MS-8,9,10 Domain 3 Weights'!$B$2)+(AE352*'MS-8,9,10 Domain 3 Weights'!$B$3)+(AF352*'MS-8,9,10 Domain 3 Weights'!$B$4)+(AG352*'MS-8,9,10 Domain 3 Weights'!$B$5)","v":2.5},3,3,3,9,"Yes","NOT SELECTED","NOT SELECTED","Prov"]
[" 5.3","5",5,"MS-9",null,"1.       Proportion of health facility health care providers who have attended training or received orientation in respecting and protecting the dignity of children and their carers. (90.73)","Inputs: Human resources","Human resources: specific non-clinical training","Experience","Input HumRes","Both",null,4,4,4,3,4,4,{"$f":"SUM(M353:P353)","v":15},null,0,{"$nulls":3},0,null,0,null,0,0,0,5,5,{"$f":"(AD353*'MS-8,9,10 Domain 3 Weights'!$B$2)+(AE353*'MS-8,9,10 Domain 3 Weights'!$B$3)+(AF353*'MS-8,9,10 Domain 3 Weights'!$B$4)+(AG353*'MS-8,9,10 Domain 3 Weights'!$B$5)","v":2.5},3,3,3,9,"Yes","NOT SELECTED","NOT SELECTED","Prov"]
[" 5.3","5",6,"MS-9",null,"1.       Proportion of older children cared for in the health facility who were satisfied with the privacy they enjoyed during care. (89.12)","Outcomes: client/career satisfaction","Satisfaction (client/career) ","Experience","Outcome","Both",null,4,4,4,4,4,4,{"$f":"SUM(M354:P354)","v":16},null,0,{"$nulls":3},0,null,0,null,0,0,5,5,5,{"$f":"(AD354*'MS-8,9,10 Domain 3 Weights'!$B$2)+(AE354*'MS-8,9,10 Domain 3 Weights'!$B$3)+(AF354*'MS-8,9,10 Domain 3 Weights'!$B$4)+(AG354*'MS-8,9,10 Domain 3 Weights'!$B$5)","v":3.5},4,4,4,12,"Yes","SELECTED","NOT SELECTED","Client"]
[" 5.3","5",7,"MS-9",null,"2.       Proportion of children and their carers in the health facility who perceived that they were treated with compassion and respect and their dignity was preserved. (90.20)","Outcomes: client/career satisfaction","Satisfaction (client/career) ","Experience","Outcome","Both",null,4,4,4,4,4,4,16,null,0,{"$nulls":3},0,null,0,null,0,0,5,5,5,{"$f":"(AD355*'MS-8,9,10 Domain 3 Weights'!$B$2)+(AE355*'MS-8,9,10 Domain 3 Weights'!$B$3)+(AF355*'MS-8,9,10 Domain 3 Weights'!$B$4)+(AG355*'MS-8,9,10 Domain 3 Weights'!$B$5)","v":3.5},4,5,4,13,"Yes","SELECTED","CORE","Client","Quarterly"]
[" 5.4","5",1,"MS-9",null,"1.       The health facility has clear mechanisms, procedures and up-to-date national protocols that comply and are consistent with the Convention on the Rights of the Child and legal requirements for protecting children subject to suspected maltreatment. (94.88)","Inputs: Operational Guidelines","Operational guidelines, protocols related to client-centered practices","Experience","Input OperGuide","Both",null,4,3,3,4,3,3,{"$f":"SUM(M356:P356)","v":14},null,0,{"$nulls":3},0,null,0,null,0,0,0,5,5,{"$f":"(AD356*'MS-8,9,10 Domain 3 Weights'!$B$2)+(AE356*'MS-8,9,10 Domain 3 Weights'!$B$3)+(AF356*'MS-8,9,10 Domain 3 Weights'!$B$4)+(AG356*'MS-8,9,10 Domain 3 Weights'!$B$5)","v":2.5},3,3,3,9,"Yes","NOT SELECTED","NOT SELECTED","InR"]
[" 5.4","5",2,"MS-9",null,"2.       The health facility has protocols, job aides or checklists that provide guidance for staff on detecting, documenting (taking forensic samples, photographs when allowed and forensic examination) and caring for child victims of maltreatment. (95.12)","Inputs: Operational Guidelines","Operational guidelines, protocols related to client-centered practices","Experience","Input OperGuide","Both",null,4,4,4,4,3,3,{"$f":"SUM(M357:P357)","v":16},null,0,{"$nulls":3},0,null,0,null,0,0,0,5,5,{"$f":"(AD357*'MS-8,9,10 Domain 3 Weights'!$B$2)+(AE357*'MS-8,9,10 Domain 3 Weights'!$B$3)+(AF357*'MS-8,9,10 Domain 3 Weights'!$B$4)+(AG357*'MS-8,9,10 Domain 3 Weights'!$B$5)","v":2.5},3,3,3,9,"Yes","SELECTED","NOT SELECTED","InR"]
[" 5.4","5",3,"MS-9",null,"3.       The health facility has a system for registering and/or monitoring children who have been or are victims of any kind of suspected maltreatment. (92.32)","Input Heal&Sys","Health Information system (registering victims of maltreatment)","Experience","Input Heal&Sys","Both",null,4,3,4,4,3,3,{"$f":"SUM(M358:P358)","v":15},null,0,{"$nulls":3},0,null,0,null,0,0,0,5,5,{"$f":"(AD358*'MS-8,9,10 Domain 3 Weights'!$B$2)+(AE358*'MS-8,9,10 Domain 3 Weights'!$B$3)+(AF358*'MS-8,9,10 Domain 3 Weights'!$B$4)+(AG358*'MS-8,9,10 Domain 3 Weights'!$B$5)","v":2.5},3,3,3,9,"Yes","NOT SELECTED","NOT SELECTED","InR"]
[" 5.4","5",4,"MS-9",null,"4.       The health facility has clear mechanisms and protocols for sharing appropriate information and concerns with relevant agencies. (92.78)","Inputs: Operational Guidelines","Operational guidelines, protocols related to client-centered practices","Experience","Input OperGuide","Both",null,4,3,4,4,3,3,15,null,0,{"$nulls":3},0,null,0,null,0,0,0,5,5,{"$f":"(AD359*'MS-8,9,10 Domain 3 Weights'!$B$2)+(AE359*'MS-8,9,10 Domain 3 Weights'!$B$3)+(AF359*'MS-8,9,10 Domain 3 Weights'!$B$4)+(AG359*'MS-8,9,10 Domain 3 Weights'!$B$5)","v":2.5},3,3,3,9,"Yes","NOT SELECTED","NOT SELECTED","InR"]
[" 5.4","5",5,"MS-9",null,"5.       The health facility has an effective multidisciplinary team and/or responsible person to investigate, care for and provide the necessary appropriate support to children with suspected maltreatment. (90.67) ","Inputs: management and oversight","Oversight and management on patient-centered practices","Experience","Input Over&Man","Both",null,4,4,4,4,null,null,16,null,0,{"$nulls":3},0,null,0,null,0,0,0,5,5,{"$f":"(AD360*'MS-8,9,10 Domain 3 Weights'!$B$2)+(AE360*'MS-8,9,10 Domain 3 Weights'!$B$3)+(AF360*'MS-8,9,10 Domain 3 Weights'!$B$4)+(AG360*'MS-8,9,10 Domain 3 Weights'!$B$5)","v":2.5},3,3,3,9,"Yes","SELECTED","NOT SELECTED","InR"]
[" 5.4","5",6,"MS-9",null,"6.       The health facility staff receive training and orientation in identifying, assessing, communicating with and providing care and support for child victims of any form of maltreatment and on child protection procedures. (92.12)","Inputs: Human resources","Human resources: specific non-clinical training","Experience","Input HumRes","Both",null,4,3,4,4,3,3,15,null,0,{"$nulls":3},0,null,0,null,0,0,0,5,5,{"$f":"(AD361*'MS-8,9,10 Domain 3 Weights'!$B$2)+(AE361*'MS-8,9,10 Domain 3 Weights'!$B$3)+(AF361*'MS-8,9,10 Domain 3 Weights'!$B$4)+(AG361*'MS-8,9,10 Domain 3 Weights'!$B$5)","v":2.5},3,3,3,9,"Yes","NOT SELECTED","NOT SELECTED","Prov",null,"this MEASURE IS SIMILAR TO MEASURE #8. THEREFORE, SELECTING JUST ONE, MORE INCLUSIVE"]
[" 5.4","5",7,"MS-9",null,"1.       Number of cases of suspected child maltreatment identified in the health facility in the past 12 months. (90.68)","Outcomes: client-centered practices","Experienced maltreatment, receiving appropriate support and referral for maltreatment","Experience","Process","Both",null,4,3,4,4,4,4,{"$f":"SUM(M362:P362)","v":15},null,0,{"$nulls":3},0,null,0,null,0,0,0,5,5,{"$f":"(AD362*'MS-8,9,10 Domain 3 Weights'!$B$2)+(AE362*'MS-8,9,10 Domain 3 Weights'!$B$3)+(AF362*'MS-8,9,10 Domain 3 Weights'!$B$4)+(AG362*'MS-8,9,10 Domain 3 Weights'!$B$5)","v":2.5},3,3,3,9,"Yes","NOT SELECTED","NOT SELECTED","RIS"]
[" 5.4","5",8,"MS-9",null,"2.       Proportion of staff who care for children at the health facility who are trained in child protection, care and support. (92.29)","Inputs: Human resources","Human resources: specific non-clinical training","Experience","Input HumRes","Both",null,4,4,4,4,3,3,{"$f":"SUM(M363:P363)","v":16},null,0,{"$nulls":3},0,null,0,null,0,0,0,5,5,{"$f":"(AD363*'MS-8,9,10 Domain 3 Weights'!$B$2)+(AE363*'MS-8,9,10 Domain 3 Weights'!$B$3)+(AF363*'MS-8,9,10 Domain 3 Weights'!$B$4)+(AG363*'MS-8,9,10 Domain 3 Weights'!$B$5)","v":2.5},3,3,3,9,"Yes","SELECTED","NOT SELECTED","Prov"]
[" 5.4","5",9,"MS-9",null,"1.       Proportion of children identified as victims of maltreatment who received protection, psychological support and appropriate referral. (90.56)","Outcomes: client-centered practices","Experienced maltreatment, receiving appropriate support and referral for maltreatment","Experience","Process","Both",null,4,5,3,4,3,3,{"$f":"SUM(M364:P364)","v":16},null,0,{"$nulls":3},0,null,0,null,0,0,0,5,5,{"$f":"(AD364*'MS-8,9,10 Domain 3 Weights'!$B$2)+(AE364*'MS-8,9,10 Domain 3 Weights'!$B$3)+(AF364*'MS-8,9,10 Domain 3 Weights'!$B$4)+(AG364*'MS-8,9,10 Domain 3 Weights'!$B$5)","v":2.5},4,3,3,10,"Yes","SELECTED","NOT SELECTED","RIS"]
[" 5.5","5",1,"MS-9",null,"1.     The health facility has a food and nutrition policy and guidelines to meet children’s nutritional needs, including special needs, consistent with dietary requirements. (94.64)","Inputs: Operational Guidelines","Operational guidelines, protocols related to client-centered practices","Experience","Input OperGuide","Inpatient",null,4,4,4,3,3,3,15,null,0,{"$nulls":3},0,null,0,null,0,0,0,5,5,{"$f":"(AD365*'MS-8,9,10 Domain 3 Weights'!$B$2)+(AE365*'MS-8,9,10 Domain 3 Weights'!$B$3)+(AF365*'MS-8,9,10 Domain 3 Weights'!$B$4)+(AG365*'MS-8,9,10 Domain 3 Weights'!$B$5)","v":2.5},3,3,3,9,"Yes","NOT SELECTED","NOT SELECTED","InR"]
[" 5.5","5",2,"MS-9",null,"2.     The health facility has an up-to-date, written policy on breastfeeding that adheres  to the International Code of Marketing of Breast-milk Substitutes and is routinely communicated to all health care staff. (93.66)","Inputs: Operational Guidelines","Operational guidelines, protocols related to client-centered practices","Experience","Input OperGuide","Inpatient",null,4,4,4,3,3,3,15,null,0,{"$nulls":3},0,null,0,null,0,0,0,5,5,{"$f":"(AD366*'MS-8,9,10 Domain 3 Weights'!$B$2)+(AE366*'MS-8,9,10 Domain 3 Weights'!$B$3)+(AF366*'MS-8,9,10 Domain 3 Weights'!$B$4)+(AG366*'MS-8,9,10 Domain 3 Weights'!$B$5)","v":2.5},3,3,3,9,"Yes","NOT SELECTED","NOT SELECTED","InR"]
[" 5.5","5",3,"MS-9",null,"3.     The health facility has an adequately equipped, designated kitchen (area or room) with facilities for food preparation. (92.64)","Inputs: Infrastructure, equipment client-centered","Infrastructure for client-centered practices inpatient","Experience","Input InfrastMedSupEquip","Inpatient",null,4,4,4,3,3,3,15,null,0,{"$nulls":3},0,null,0,null,0,0,0,5,5,{"$f":"(AD367*'MS-8,9,10 Domain 3 Weights'!$B$2)+(AE367*'MS-8,9,10 Domain 3 Weights'!$B$3)+(AF367*'MS-8,9,10 Domain 3 Weights'!$B$4)+(AG367*'MS-8,9,10 Domain 3 Weights'!$B$5)","v":2.5},3,3,3,9,"Yes","NOT SELECTED","NOT SELECTED","InR"]
[" 5.5","5",4,"MS-9",null,"4.     The health facility has a dedicated staff (or nutrition specialist) responsible for preparing children’s menus. (91.70)","Inputs: Human resources","Human resources (staff availability) inpatient","Experience","Input HumRes","Inpatient",null,5,4,4,3,3,3,16,null,0,{"$nulls":3},0,null,0,null,0,0,0,5,5,{"$f":"(AD368*'MS-8,9,10 Domain 3 Weights'!$B$2)+(AE368*'MS-8,9,10 Domain 3 Weights'!$B$3)+(AF368*'MS-8,9,10 Domain 3 Weights'!$B$4)+(AG368*'MS-8,9,10 Domain 3 Weights'!$B$5)","v":2.5},3,3,3,9,"Yes","SELECTED","NOT SELECTED","InR"]
[" 5.5","5",5,"MS-9",null,"5.     The health facility provides regular, safe, nutritious, appetizing, high-quality meals of sufficient variety to meet the needs of paediatric patients. (87.59)","Inputs: Organization and availability of health services","Provision of regular, safe, nutritious meals inpatient","Experience","Input OrgCare","Inpatient",null,4,4,4,3,3,3,15,null,0,{"$nulls":3},0,null,0,null,0,0,0,5,5,{"$f":"(AD369*'MS-8,9,10 Domain 3 Weights'!$B$2)+(AE369*'MS-8,9,10 Domain 3 Weights'!$B$3)+(AF369*'MS-8,9,10 Domain 3 Weights'!$B$4)+(AG369*'MS-8,9,10 Domain 3 Weights'!$B$5)","v":2.5},3,3,3,9,"Yes","NOT SELECTED","NOT SELECTED","InR"]
[" 5.5","5",6,"MS-9",null,"1.     Proportion of health facility staff who received training or orientation on child nutrition, including counselling on breastfeeding, at least once in the past 12 months. (92.02)","Inputs: Human resources","Human resources: specific non-clinical training","Experience","Input HumRes","Both","6 RCEB/Nutr/Growth ",4,4,4,3,3,3,15,null,0,{"$nulls":3},0,null,0,null,0,0,0,5,5,{"$f":"(AD370*'MS-8,9,10 Domain 3 Weights'!$B$2)+(AE370*'MS-8,9,10 Domain 3 Weights'!$B$3)+(AF370*'MS-8,9,10 Domain 3 Weights'!$B$4)+(AG370*'MS-8,9,10 Domain 3 Weights'!$B$5)","v":2.5},3,3,3,9,"Yes","NOT SELECTED","NOT SELECTED","Prov"]
[" 5.5","5",7,"MS-9",null,"2.     Proportion of breastfeeding mothers who report that they were shown how to express breast milk or who were given written information about expressing breast milk. (91.69)","Inputs: Organization and availability of health services","Provision of regular, safe, nutritious meals, educating mothers how to express breast milk, informing about childrens' rights","Experience","Input OrgCare","Both","13 Support/Sick",4,4,4,4,4,4,16,null,0,{"$nulls":3},0,null,0,null,0,0,0,5,5,{"$f":"(AD371*'MS-8,9,10 Domain 3 Weights'!$B$2)+(AE371*'MS-8,9,10 Domain 3 Weights'!$B$3)+(AF371*'MS-8,9,10 Domain 3 Weights'!$B$4)+(AG371*'MS-8,9,10 Domain 3 Weights'!$B$5)","v":2.5},3,3,3,9,"Yes","SELECTED","NOT SELECTED","Client"]
[" 5.5","5",9,"MS-9",null,"1.     Proportion of children admitted to the health facility who were given food appropriate to their dietary requirements. (87.66)","Inputs: Organization and availability of health services","Provision of regular, safe, nutritious meals inpatient","Experience","Process","Inpatient","13 Support/Sick",4,4,3,4,4,3,15,null,0,{"$nulls":3},0,null,0,null,0,0,0,5,5,{"$f":"(AD372*'MS-8,9,10 Domain 3 Weights'!$B$2)+(AE372*'MS-8,9,10 Domain 3 Weights'!$B$3)+(AF372*'MS-8,9,10 Domain 3 Weights'!$B$4)+(AG372*'MS-8,9,10 Domain 3 Weights'!$B$5)","v":2.5},3,3,3,9,"Yes","NOT SELECTED","NOT SELECTED","RIS"]
[" 5.5","5",8,"MS-9",null,"3.     Proportion of children and their carers in the health facility who are satisfied with the facility meal service in terms of choice, quantity and number of servings per day. (84.92)","Outcomes: client/career satisfaction","Satisfaction (client/career) inpatient","Experience","Outcome","Inpatient",null,4,4,4,4,4,3,16,null,0,{"$nulls":3},0,null,0,null,0,0,0,5,5,{"$f":"(AD373*'MS-8,9,10 Domain 3 Weights'!$B$2)+(AE373*'MS-8,9,10 Domain 3 Weights'!$B$3)+(AF373*'MS-8,9,10 Domain 3 Weights'!$B$4)+(AG373*'MS-8,9,10 Domain 3 Weights'!$B$5)","v":2.5},3,3,3,9,"Yes","SELECTED","NOT SELECTED","Client"]
[" 5.5","5",10,"MS-9",null,"2.     Proportion of young infants under 6 months of age who are exclusively breastfed at discharge from the health facility. (87.53)","Impact/No disease-specific care outcomes","Children under 6 months exclusively breastfed inpatient","Experience","Outcome","Inpatient","13 Support/Sick",4,4,4,3,4,3,{"$f":"SUM(M374:R374)","v":22},null,0,{"$nulls":3},0,null,0,null,0,0,0,5,5,{"$f":"(AD374*'MS-8,9,10 Domain 3 Weights'!$B$2)+(AE374*'MS-8,9,10 Domain 3 Weights'!$B$3)+(AF374*'MS-8,9,10 Domain 3 Weights'!$B$4)+(AG374*'MS-8,9,10 Domain 3 Weights'!$B$5)","v":2.5},4,4,4,12,"Yes","SELECTED","NOT SELECTED","RIS",null,"This can be an impotant measure if we measure it among the babies who were born in the health facility (not discharged yet) or were exclusively breastfed upon admission Indicator # 10 of 5.5.; #6 of of 6.1., #7 of 1.6. and  #15 of 1.2. are the same"]
[" 6.1","6",1,"MS-10",null,"1.     The health facility has an up-to-date, family-centred policy on parents’ and carers’ right to stay with their children at all times, including during medical procedures. (90.75)","Inputs: Operational Guidelines","Operational guidelines, protocols related to client-centered practices","Experience","Input OperGuide","Both","15 Prev/unnes/harm",4,4,4,3,4,4,15,null,0,{"$nulls":3},0,null,0,null,0,5,0,0,5,{"$f":"(AD375*'MS-8,9,10 Domain 3 Weights'!$B$2)+(AE375*'MS-8,9,10 Domain 3 Weights'!$B$3)+(AF375*'MS-8,9,10 Domain 3 Weights'!$B$4)+(AG375*'MS-8,9,10 Domain 3 Weights'!$B$5)","v":2.5},3,3,3,9,"Yes","NOT SELECTED","NOT SELECTED","InR",null,"similar to indicator #2"]
[" 6.1","6",2,"MS-10",null,"2.     The health facility has a rooming-in policy so that parents or carers can stay with their children and provides accommodation close to the child’s bed. (93.06)","Inputs: Operational Guidelines","Operational guidelines, protocols related to client-centered practices inpatient","Experience","Input OperGuide","Both","15 Prev/unnes/harm",4,4,4,3,4,4,15,null,0,{"$nulls":3},0,null,0,null,0,5,0,0,5,{"$f":"(AD376*'MS-8,9,10 Domain 3 Weights'!$B$2)+(AE376*'MS-8,9,10 Domain 3 Weights'!$B$3)+(AF376*'MS-8,9,10 Domain 3 Weights'!$B$4)+(AG376*'MS-8,9,10 Domain 3 Weights'!$B$5)","v":2.5},3,3,3,9,"Yes","NOT SELECTED","NOT SELECTED","InR",null,"similar to indicator #1"]
[" 6.1","6",3,"MS-10",null,"3.     The health facility has areas where parents or carers can breastfeed, prepare special meals for their children or for themselves and meet family and friends. (90.60)","Inputs: Infrastructure, equipment client-centered","Infrastructure for client-centered practices inpatient","Experience","Input InfrastMedSupEquip","Inpatient",null,4,3,4,4,4,4,15,null,0,{"$nulls":3},0,null,0,null,0,5,0,0,5,{"$f":"(AD377*'MS-8,9,10 Domain 3 Weights'!$B$2)+(AE377*'MS-8,9,10 Domain 3 Weights'!$B$3)+(AF377*'MS-8,9,10 Domain 3 Weights'!$B$4)+(AG377*'MS-8,9,10 Domain 3 Weights'!$B$5)","v":2.5},3,3,3,9,"Yes","NOT SELECTED","NOT SELECTED","InR"]
[" 6.1","6",4,"MS-10",null,"4.     The health facility staff receive training and regular mentoring or refresher training in children’s rights, including the right not be separated from their parents, and also in parents' rights and responsibilities. (88.62)","Inputs: Human resources","Human resources: specific non-clinical training","Experience","Input HumRes","Inpatient",null,4,4,4,3,4,4,15,null,0,{"$nulls":3},0,null,0,null,0,5,0,0,5,{"$f":"(AD378*'MS-8,9,10 Domain 3 Weights'!$B$2)+(AE378*'MS-8,9,10 Domain 3 Weights'!$B$3)+(AF378*'MS-8,9,10 Domain 3 Weights'!$B$4)+(AG378*'MS-8,9,10 Domain 3 Weights'!$B$5)","v":2.5},3,3,3,9,"Yes","NOT SELECTED","NOT SELECTED","Prov"]
[" 6.1","6",5,"MS-10",null,"1.     Proportion of parents and/or carers who were given the opportunity to room-in with their children. (88.78)","Outcomes: client-centered practices","Room-in or staying with child during medical procedures inpatient","Experience","Outcome","Inpatient",null,4,3,4,4,4,4,{"$f":"SUM(M379:P379)","v":15},null,0,{"$nulls":3},0,null,0,null,0,5,0,0,5,{"$f":"(AD379*'MS-8,9,10 Domain 3 Weights'!$B$2)+(AE379*'MS-8,9,10 Domain 3 Weights'!$B$3)+(AF379*'MS-8,9,10 Domain 3 Weights'!$B$4)+(AG379*'MS-8,9,10 Domain 3 Weights'!$B$5)","v":2.5},3,3,3,9,"Yes","NOT SELECTED","NOT SELECTED","Client",null,"Similar to indicator #8, which was selected and is more flexible"]
[" 6.1","6",6,"MS-10",null,"2.     Proportion of infants under 6 months of age admitted to the facility who are exclusively breastfeeding or given only expressed breast milk by cup and spoon. (86.42)","Impact/No disease-specific care outcomes","Children under 6 months exclusively breastfed inpatient","Experience","Outcome","Inpatient","13 Support/Sick",3,4,4,4,3,4,{"$f":"SUM(M380:P380)","v":15},null,0,{"$nulls":3},0,null,0,null,0,5,0,0,5,{"$f":"(AD380*'MS-8,9,10 Domain 3 Weights'!$B$2)+(AE380*'MS-8,9,10 Domain 3 Weights'!$B$3)+(AF380*'MS-8,9,10 Domain 3 Weights'!$B$4)+(AG380*'MS-8,9,10 Domain 3 Weights'!$B$5)","v":2.5},4,3,3,10,"Yes","NOT SELECTED","NOT SELECTED","RIS",null,"Indicator # 10 of 5.5.; #6 of of 6.1., #7 of 1.6. and  #15 of 1.2. are the same; I have selected it for Standard 5.5. "]
[" 6.1","6",7,"MS-10",null,"1.     Proportion of children in the health facility whose parents or carers stayed with them during medical procedures. (86.57)","Outcomes: client-centered practices","Room-in or staying with child during medical procedures","Experience","Outcome","Both",null,4,4,4,4,3,4,16,null,0,{"$nulls":3},0,null,0,null,0,5,5,0,5,{"$f":"(AD381*'MS-8,9,10 Domain 3 Weights'!$B$2)+(AE381*'MS-8,9,10 Domain 3 Weights'!$B$3)+(AF381*'MS-8,9,10 Domain 3 Weights'!$B$4)+(AG381*'MS-8,9,10 Domain 3 Weights'!$B$5)","v":3.5},3,3,3,9,"Yes","SELECTED","NOT SELECTED","Client"]
[" 6.1","6",8,"MS-10",null,"2.     Proportion of children admitted to the health facility whose parents or carers were allowed to room-in or were provided with nearby accommodation at night. (88.54)","Outcomes: client-centered practices","Room-in or staying with child during medical procedures inpatient","Experience","Outcome","Inpatient","13 Support/Sick",4,4,4,4,3,4,16,null,0,{"$nulls":3},0,null,0,null,0,5,5,0,5,{"$f":"(AD382*'MS-8,9,10 Domain 3 Weights'!$B$2)+(AE382*'MS-8,9,10 Domain 3 Weights'!$B$3)+(AF382*'MS-8,9,10 Domain 3 Weights'!$B$4)+(AG382*'MS-8,9,10 Domain 3 Weights'!$B$5)","v":3.5},3,3,3,9,"Yes","SELECTED","NOT SELECTED","Client"]
[" 6.1","6",9,"MS-10",null,"3.     Proportion of children admitted to the health facility whose parents or carers were provided with food or had access to facilities to prepare food. (88.16)","Outcomes: client-centered practices","Room-in or staying with child during medical procedures inpatient","Experience","Outcome","Inpatient",null,4,4,4,4,3,4,16,null,0,{"$nulls":3},{"$f":"SUM(V383:X383)","v":0},null,0,null,0,5,5,0,5,{"$f":"(AD383*'MS-8,9,10 Domain 3 Weights'!$B$2)+(AE383*'MS-8,9,10 Domain 3 Weights'!$B$3)+(AF383*'MS-8,9,10 Domain 3 Weights'!$B$4)+(AG383*'MS-8,9,10 Domain 3 Weights'!$B$5)","v":3.5},3,3,3,9,"Yes","SELECTED","NOT SELECTED","Client"]
[" 6.2","6",1,"MS-10",null,"1.     The health facility has a written, up-to-date policy to protect children’s right to play and learn while at the facility. (93.51)","Inputs: Operational Guidelines","Operational guidelines, protocols related to client-centered practices inpatient","Experience","Input OperGuide","Both",null,3,4,4,4,4,4,15,null,0,{"$nulls":3},0,null,{"$f":"Z384","v":0},null,{"$f":"AB384","v":0},0,0,0,5,{"$f":"(AD384*'MS-8,9,10 Domain 3 Weights'!$B$2)+(AE384*'MS-8,9,10 Domain 3 Weights'!$B$3)+(AF384*'MS-8,9,10 Domain 3 Weights'!$B$4)+(AG384*'MS-8,9,10 Domain 3 Weights'!$B$5)","v":1},3,3,3,{"$f":"SUM(AI384:AK384)","v":9},"No","NOT SELECTED","NOT SELECTED","InR"]
[" 6.2","6",2,"MS-10",null,"2.     The health facility has a system for meeting the educational and learning needs of school-aged children. (87.95)","Inputs: Operational Guidelines","Operational guidelines, protocols related to client-centered practices inpatient","Experience","Input OperGuide","Inpatient",null,3,4,4,4,4,4,15,null,0,{"$nulls":3},0,null,0,null,0,0,0,0,5,{"$f":"(AD385*'MS-8,9,10 Domain 3 Weights'!$B$2)+(AE385*'MS-8,9,10 Domain 3 Weights'!$B$3)+(AF385*'MS-8,9,10 Domain 3 Weights'!$B$4)+(AG385*'MS-8,9,10 Domain 3 Weights'!$B$5)","v":1},3,3,3,9,{"$f":"IF(OR(U385>=$Q$2,Y385>=$Q$3,AA385>=$Q$4,AC385>=$Q$5,AH385>=$Q$6),\"Yes\",\"No\")","v":"No"},{"$f":"IF(AND(S385>=$Q$1,AM385=\"Yes\"),\"SELECTED\",\"NOT SELECTED\")","v":"NOT SELECTED"},{"$f":"IF(AND(AN385=\"SELECTED\",AL385>=$Q$7),\"CORE\",\"NOT SELECTED\")","v":"NOT SELECTED"},"InR"]
[" 6.2","6",3,"MS-10",null,"3.     The health facility has dedicated spaces for age-appropriate play, which are accessible to all children, including those with a disability. (93.82)","Inputs: Infrastructure, equipment client-centered","Infrastructure for client-centered practices","Experience","Input InfrastMedSupEquip","Inpatient",null,4,4,4,4,3,4,16,null,0,{"$nulls":3},0,null,0,null,0,5,0,0,5,{"$f":"(AD386*'MS-8,9,10 Domain 3 Weights'!$B$2)+(AE386*'MS-8,9,10 Domain 3 Weights'!$B$3)+(AF386*'MS-8,9,10 Domain 3 Weights'!$B$4)+(AG386*'MS-8,9,10 Domain 3 Weights'!$B$5)","v":2.5},3,3,3,9,"Yes","SELECTED","NOT SELECTED","InR"]
[" 6.2","6",4,"MS-10",null,"4.     The health facility staff are trained in using various forms of play, including sensory stimulation for young infants. (86.53)","Inputs: Human resources","Human resources: specific non-clinical training","Experience","Input HumRes","Inpatient",null,3,4,4,4,4,4,15,null,0,{"$nulls":3},0,null,0,null,0,5,0,0,5,{"$f":"(AD387*'MS-8,9,10 Domain 3 Weights'!$B$2)+(AE387*'MS-8,9,10 Domain 3 Weights'!$B$3)+(AF387*'MS-8,9,10 Domain 3 Weights'!$B$4)+(AG387*'MS-8,9,10 Domain 3 Weights'!$B$5)","v":2.5},3,3,3,9,"Yes","NOT SELECTED","NOT SELECTED","Prov"]
[" 6.2","6",5,"MS-10",null,"1.     Proportion of children in the health facility who were involved in play and recreation provided by the facility within the past 24 h. (75.85)","Inputs: Organization and availability of health services","Organization of processes inpatient (given opportunity to room-in, excluseively reastfeeding/given expressed milk by cup), kids involved in play and recreation","Experience","Process","Inpatient",null,3,4,4,4,3,4,15,null,0,{"$nulls":3},0,null,0,null,0,5,0,0,5,{"$f":"(AD388*'MS-8,9,10 Domain 3 Weights'!$B$2)+(AE388*'MS-8,9,10 Domain 3 Weights'!$B$3)+(AF388*'MS-8,9,10 Domain 3 Weights'!$B$4)+(AG388*'MS-8,9,10 Domain 3 Weights'!$B$5)","v":2.5},3,3,3,9,"Yes","NOT SELECTED","NOT SELECTED","Obs"]
[" 6.2","6",6,"MS-10",null,"2.     Proportion of health providers who routinely use play techniques during medical procedures as part of therapeutic care. (78.72)","Processes: EB care, harmful practices, patient-centered practices","Provision of patient-centered practices","Experience","Process","Inpatient",null,3,4,4,4,3,4,15,null,0,{"$nulls":3},0,null,0,null,0,5,0,0,5,{"$f":"(AD389*'MS-8,9,10 Domain 3 Weights'!$B$2)+(AE389*'MS-8,9,10 Domain 3 Weights'!$B$3)+(AF389*'MS-8,9,10 Domain 3 Weights'!$B$4)+(AG389*'MS-8,9,10 Domain 3 Weights'!$B$5)","v":2.5},3,3,3,9,"Yes","NOT SELECTED","NOT SELECTED","Prov"]
[" 6.2","6",9,"MS-10",null,"3.     Proportion of children who received play therapy during their most recent medical procedure or treatment. (81.91)","Outomes: Access to medicines,  services and facilities","Access to playroom, access to facility's educational program, received play therapy","Experience","Process","Both",null,4,4,4,4,3,4,16,null,0,{"$nulls":3},0,null,0,null,0,5,0,0,5,{"$f":"(AD390*'MS-8,9,10 Domain 3 Weights'!$B$2)+(AE390*'MS-8,9,10 Domain 3 Weights'!$B$3)+(AF390*'MS-8,9,10 Domain 3 Weights'!$B$4)+(AG390*'MS-8,9,10 Domain 3 Weights'!$B$5)","v":2.5},3,3,3,9,"Yes","SELECTED","NOT SELECTED","Obs"]
[" 6.2","6",7,"MS-10",null,"1.     Proportion of children who accessed the playroom during their stay in the health facility. (81.00)","Outomes: Access to medicines,  services and facilities","Access to playroom, access to facility's educational program, received play therapy inpatient","Experience","Outcome","Inpatient",null,4,4,4,4,3,4,16,null,0,{"$nulls":3},0,null,0,null,0,5,5,0,5,{"$f":"(AD391*'MS-8,9,10 Domain 3 Weights'!$B$2)+(AE391*'MS-8,9,10 Domain 3 Weights'!$B$3)+(AF391*'MS-8,9,10 Domain 3 Weights'!$B$4)+(AG391*'MS-8,9,10 Domain 3 Weights'!$B$5)","v":3.5},3,3,3,9,"Yes","SELECTED","NOT SELECTED","Client"]
[" 6.2","6",8,"MS-10",null,"2.     Proportion of children who cannot leave their room who had access to some form of play provided by the health facility or a play therapist. (85.46)","Outomes: Access to medicines,  services and facilities","Access to playroom, access to facility's educational program, received play therapy inpatient","Experience","Outcome","Inpatient",null,4,3,4,4,3,4,15,null,0,{"$nulls":3},0,null,0,null,0,5,5,0,5,{"$f":"(AD392*'MS-8,9,10 Domain 3 Weights'!$B$2)+(AE392*'MS-8,9,10 Domain 3 Weights'!$B$3)+(AF392*'MS-8,9,10 Domain 3 Weights'!$B$4)+(AG392*'MS-8,9,10 Domain 3 Weights'!$B$5)","v":3.5},3,3,3,9,"Yes","NOT SELECTED","NOT SELECTED","Client"]
[" 6.2","6",10,"MS-10",null,"4.     Proportion of school-aged children who accessed and used the facility’s educational programme during their hospitalization. (85.49)","Outomes: Access to medicines,  services and facilities","Access to playroom, access to facility's educational program, received play therapy inpatient","Experience","Outcome","Inpatient",null,4,4,4,4,3,4,16,null,0,{"$nulls":3},0,null,0,null,0,5,5,0,5,{"$f":"(AD393*'MS-8,9,10 Domain 3 Weights'!$B$2)+(AE393*'MS-8,9,10 Domain 3 Weights'!$B$3)+(AF393*'MS-8,9,10 Domain 3 Weights'!$B$4)+(AG393*'MS-8,9,10 Domain 3 Weights'!$B$5)","v":3.5},3,3,3,9,"Yes","SELECTED","NOT SELECTED","Client"]
[" 6.3","6",1,"MS-10",null,"1.     The health facility has an up-to-date policy and protocols for the assessment, recognition, prevention and management of pain in infants, children and young adolescents. (94.38)","Inputs: Operational Guidelines","Operational guidelines, protocols related to client-centered practices","Experience","Input OperGuide","Both","13 Support/Sick",3,4,4,4,3,3,15,null,0,{"$nulls":3},0,null,0,null,0,0,0,5,5,{"$f":"(AD394*'MS-8,9,10 Domain 3 Weights'!$B$2)+(AE394*'MS-8,9,10 Domain 3 Weights'!$B$3)+(AF394*'MS-8,9,10 Domain 3 Weights'!$B$4)+(AG394*'MS-8,9,10 Domain 3 Weights'!$B$5)","v":2.5},3,3,3,9,"Yes","NOT SELECTED","NOT SELECTED","InR"]
[" 6.3","6",2,"MS-10",null,"2.     The health facility has guidelines and tools used by clinical staff in assessing and managing pain in infants, children and young adolescents. (91.91)","Inputs: Clinical Guidelines, protocols, job aides","Clinical condition-specific guidelines, protocols, job aides","Experience","Input ClinGuidelin","Both","13 Support/Sick",3,4,3,4,3,3,14,null,0,{"$nulls":3},0,null,0,null,0,0,0,5,5,{"$f":"(AD395*'MS-8,9,10 Domain 3 Weights'!$B$2)+(AE395*'MS-8,9,10 Domain 3 Weights'!$B$3)+(AF395*'MS-8,9,10 Domain 3 Weights'!$B$4)+(AG395*'MS-8,9,10 Domain 3 Weights'!$B$5)","v":2.5},3,3,3,9,"Yes","NOT SELECTED","NOT SELECTED","InR"]
[" 6.3","6",3,"MS-10",null,"3.     The health facility uses individual plans for pain treatment or non-pharmacological strategies to reduce pain and relieve distressing symptoms, with the active involvement of children. (87.95)",null,"Provision of patient-centered practices","Experience","Input OperGuide","Both","13 Support/Sick",3,4,3,4,3,3,14,null,0,{"$nulls":3},0,null,0,null,0,0,0,5,5,{"$f":"(AD396*'MS-8,9,10 Domain 3 Weights'!$B$2)+(AE396*'MS-8,9,10 Domain 3 Weights'!$B$3)+(AF396*'MS-8,9,10 Domain 3 Weights'!$B$4)+(AG396*'MS-8,9,10 Domain 3 Weights'!$B$5)","v":2.5},3,3,3,9,"Yes","NOT SELECTED","NOT SELECTED","Doc"]
[" 6.3","6",4,"MS-10",null,"4.     The health facility has facilities for providing psychological and spiritual support to children who require palliative care and to their families. (88.83)","Inputs: Infrastructure, equipment client-centered","Infrastructure for client-centered practices inpatient","Experience","Input InfrastMedSupEquip","Inpatient","10 ASB/Chronic/Con",3,4,3,4,3,3,14,null,0,{"$nulls":3},0,null,0,null,0,0,0,5,5,{"$f":"(AD397*'MS-8,9,10 Domain 3 Weights'!$B$2)+(AE397*'MS-8,9,10 Domain 3 Weights'!$B$3)+(AF397*'MS-8,9,10 Domain 3 Weights'!$B$4)+(AG397*'MS-8,9,10 Domain 3 Weights'!$B$5)","v":2.5},3,3,3,9,"Yes","NOT SELECTED","NOT SELECTED","InR"]
[" 6.3","6",5,"MS-10",null,"5.     The health staff receive training and regular refresher courses in assessing, preventing and controlling children’s pain at least once every 12 months. (89.48)","Inputs: Human resources","Human resources (specific clinincal training)","Experience","Input HumRes","Inpatient","13 Support/Sick",3,4,3,4,3,3,14,null,0,{"$nulls":3},0,null,0,null,0,0,0,5,5,{"$f":"(AD398*'MS-8,9,10 Domain 3 Weights'!$B$2)+(AE398*'MS-8,9,10 Domain 3 Weights'!$B$3)+(AF398*'MS-8,9,10 Domain 3 Weights'!$B$4)+(AG398*'MS-8,9,10 Domain 3 Weights'!$B$5)","v":2.5},3,3,3,9,"Yes","NOT SELECTED","NOT SELECTED","Prov"]
[" 6.3","6",6,"MS-10",null,"6.     The health facility has protocols and procedures in place to support the safe storage and use of pain-control medicines and conducts regular audits of pain management. (91.63)","Inputs: management and oversight","Oversight and management on patient-centered practices","Experience","Input Over&Man","Inpatient","13 Support/Sick",3,4,3,4,3,3,14,null,0,{"$nulls":3},0,null,0,null,0,0,0,5,5,{"$f":"(AD399*'MS-8,9,10 Domain 3 Weights'!$B$2)+(AE399*'MS-8,9,10 Domain 3 Weights'!$B$3)+(AF399*'MS-8,9,10 Domain 3 Weights'!$B$4)+(AG399*'MS-8,9,10 Domain 3 Weights'!$B$5)","v":2.5},3,3,3,9,"Yes","NOT SELECTED","NOT SELECTED","InR"]
[" 6.3","6",7,"MS-10",null,"1.     Proportion of health professionals in the facility who are aware of the facility’s protocols and procedures for pain management. (90.09)","Inputs: Human resources","Knowledge on  pain management in children, inclusion of pain scorecards in the medical records, referred to palliative care","Experience","Input HumRes","Inpatient","13 Support/Sick",3,4,3,4,3,3,14,null,0,{"$nulls":3},0,null,0,null,0,0,0,5,5,{"$f":"(AD400*'MS-8,9,10 Domain 3 Weights'!$B$2)+(AE400*'MS-8,9,10 Domain 3 Weights'!$B$3)+(AF400*'MS-8,9,10 Domain 3 Weights'!$B$4)+(AG400*'MS-8,9,10 Domain 3 Weights'!$B$5)","v":2.5},3,3,3,9,"Yes","NOT SELECTED","NOT SELECTED","Prov"]
[" 6.3","6",8,"MS-10",null,"2.     Proportion of staff who have received training or refresher training in children’s pain management and palliative care within the past 12 months. (89.57)","Inputs: Human resources","Human resources (specific clinincal training)","Experience","Input HumRes","Inpatient","13 Support/Sick",3,4,3,4,3,3,14,null,0,{"$nulls":3},0,null,0,null,0,0,0,5,5,{"$f":"(AD401*'MS-8,9,10 Domain 3 Weights'!$B$2)+(AE401*'MS-8,9,10 Domain 3 Weights'!$B$3)+(AF401*'MS-8,9,10 Domain 3 Weights'!$B$4)+(AG401*'MS-8,9,10 Domain 3 Weights'!$B$5)","v":2.5},3,3,3,9,"Yes","NOT SELECTED","NOT SELECTED","Prov"]
[" 6.3","6",9,"MS-10",null,"3.     Proportion of health professionals who know how to perform both pharmacological and non-pharmacological interventions to manage pain in children. (86.26)","Inputs: Human resources","Knowledge on  pain management in children, inclusion of pain scorecards in the medical records, referred to palliative care","Experience","Input HumRes","Inpatient","13 Support/Sick",3,4,3,4,3,3,14,null,0,{"$nulls":3},0,null,0,null,0,0,0,5,5,{"$f":"(AD402*'MS-8,9,10 Domain 3 Weights'!$B$2)+(AE402*'MS-8,9,10 Domain 3 Weights'!$B$3)+(AF402*'MS-8,9,10 Domain 3 Weights'!$B$4)+(AG402*'MS-8,9,10 Domain 3 Weights'!$B$5)","v":2.5},3,3,3,9,"Yes","NOT SELECTED","NOT SELECTED","Prov"]
[" 6.3","6",10,"MS-10",null,"4.     Proportion of children’s clinical records reviewed that include an assessment or a pain score card. (90.92) ","Inputs: Human resources","Knowledge on  pain management in children, inclusion of pain scorecards in the medical records, referred to palliative care inpatient","Experience","Input HumRes","Both","13 Support/Sick",4,4,4,4,4,4,16,null,0,{"$nulls":3},0,null,0,null,0,0,0,5,5,{"$f":"(AD403*'MS-8,9,10 Domain 3 Weights'!$B$2)+(AE403*'MS-8,9,10 Domain 3 Weights'!$B$3)+(AF403*'MS-8,9,10 Domain 3 Weights'!$B$4)+(AG403*'MS-8,9,10 Domain 3 Weights'!$B$5)","v":2.5},3,3,3,9,"Yes","SELECTED","NOT SELECTED","RIS"]
[" 6.3","6",11,"MS-10",null,"5.     Proportion of children seen in the health facility in the past 6 months who required palliative care and who received it or were referred to an appropriate centre. (88.10)","Inputs: Human resources","Knowledge on  pain management in children, inclusion of pain scorecards in the medical records, referred to palliative care","Experience","Input HumRes","Both","10 ASB/Chronic/Con",4,4,4,4,4,4,16,null,0,{"$nulls":3},0,null,0,null,0,0,0,5,5,{"$f":"(AD404*'MS-8,9,10 Domain 3 Weights'!$B$2)+(AE404*'MS-8,9,10 Domain 3 Weights'!$B$3)+(AF404*'MS-8,9,10 Domain 3 Weights'!$B$4)+(AG404*'MS-8,9,10 Domain 3 Weights'!$B$5)","v":2.5},3,3,3,9,"Yes","SELECTED","NOT SELECTED","RIS"]
[" 6.3","6",12,"MS-10",null,"1.     Proportion of children who received adequate analgesia after surgery or a painful medical procedure. (90.48)","Processes: EB care, harmful practices, patient-centered practices","Received analgesia after surgery/medical procedure, % carers reported pain management by health workers","Experience","Process","Inpatient","13 Support/Sick",4,4,4,4,4,3,16,null,0,{"$nulls":3},0,null,0,null,0,0,5,5,5,{"$f":"(AD405*'MS-8,9,10 Domain 3 Weights'!$B$2)+(AE405*'MS-8,9,10 Domain 3 Weights'!$B$3)+(AF405*'MS-8,9,10 Domain 3 Weights'!$B$4)+(AG405*'MS-8,9,10 Domain 3 Weights'!$B$5)","v":3.5},3,3,3,9,"Yes","SELECTED","NOT SELECTED","RIS"]
[" 6.3","6",13,"MS-10",null,"2.     Proportion of parents or carers who reported that their child's pain or symptoms of distress were alleviated by the action of health workers. (84.67)","Patient-centered outcome","Received analgesia after surgery/medical procedure, % carers reported pain management by health workers","Experience","Outcome","Both","13 Support/Sick",4,4,4,4,3,4,16,null,{"$f":"IF(D406=\"MS-1\",T406*(VLOOKUP(J406,_tbl.MS1,3,FALSE)),T406)","v":0},{"$nulls":3},0,null,0,null,0,0,5,5,5,{"$f":"(AD406*'MS-8,9,10 Domain 3 Weights'!$B$2)+(AE406*'MS-8,9,10 Domain 3 Weights'!$B$3)+(AF406*'MS-8,9,10 Domain 3 Weights'!$B$4)+(AG406*'MS-8,9,10 Domain 3 Weights'!$B$5)","v":3.5},3,3,3,9,"Yes","SELECTED","NOT SELECTED","Client",null,"Most of the indicators under 6.3. can be covered under Supportive care of sick babies (standard #1.13) and Standard # 1.10  Chronic conditions (Cancer)"]
[" 7.1","7",1,"MS-6",null,"1.     The health facility has a written, up-to-date staffing policy that defines the staffing criteria and standards, lists the numbers, types and competence (job description) of each staff member and is reviewed regularly according to the work load. (92.50)","Inputs: Operational Guidelines","Operational guidelines, protocols related to cross-cutting supporting systems (management, human resources, health information system, infrastructure, supplies and equipment, health financing, organization of health services)","Supporting systems","Input OperGuide","Both",null,4,4,3,3,3,3,{"$f":"SUM(M407:$P407)","v":14},null,0,{"$nulls":3},0,null,0,4,4,{"$nulls":4},{"$f":"(AD407*'MS-8,9,10 Domain 3 Weights'!$B$2)+(AE407*'MS-8,9,10 Domain 3 Weights'!$B$3)+(AF407*'MS-8,9,10 Domain 3 Weights'!$B$4)+(AG407*'MS-8,9,10 Domain 3 Weights'!$B$5)","v":0},3,3,3,9,"No","NOT SELECTED","NOT SELECTED","InR"]
[" 7.1","7",2,"MS-6",null,"2.     The health facility has standard procedures and plans for recruitment, deployment, motivation (recognition and reward scheme) and retention of all staff. (91.42) ","Inputs: Operational Guidelines","Operational guidelines, protocols related to cross-cutting supporting systems (management, human resources, health information system, infrastructure, supplies and equipment, health financing, organization of health services)","Supporting systems","Input OperGuide","Both",null,4,4,3,3,3,3,{"$f":"SUM(M408:$P408)","v":14},null,0,{"$nulls":3},0,null,0,4,4,{"$nulls":4},{"$f":"(AD408*'MS-8,9,10 Domain 3 Weights'!$B$2)+(AE408*'MS-8,9,10 Domain 3 Weights'!$B$3)+(AF408*'MS-8,9,10 Domain 3 Weights'!$B$4)+(AG408*'MS-8,9,10 Domain 3 Weights'!$B$5)","v":0},3,3,3,9,"No","NOT SELECTED","NOT SELECTED","InR"]
[" 7.1","7",3,"MS-6",null,"3.     The health facility has a written, up-to-date policy on triage and waiting times for emergency and non-emergency consultations and treatment. (91.80)","Inputs: Operational Guidelines","Operational guidelines, protocols related to care provision","Supporting systems","Input OperGuide","Both","1 ASB/ETAT/Asses/class/full",3,4,4,3,4,4,{"$f":"SUM(M409:$P409)","v":14},null,0,{"$nulls":3},0,null,0,4,4,{"$nulls":4},{"$f":"(AD409*'MS-8,9,10 Domain 3 Weights'!$B$2)+(AE409*'MS-8,9,10 Domain 3 Weights'!$B$3)+(AF409*'MS-8,9,10 Domain 3 Weights'!$B$4)+(AG409*'MS-8,9,10 Domain 3 Weights'!$B$5)","v":0},3,3,3,9,"No","NOT SELECTED","NOT SELECTED","InR"]
[" 7.1","7",4,"MS-6",null,"4.     The health facility has a roster displayed in all areas with the names of staff on duty, the times of their shifts and their specific roles and responsibilities. (91.92)","Input Heal&Sys","Health Information system (crosscutting e.g. duty roster displayed)","Supporting systems","Input Heal&Sys","Both",null,4,5,3,4,3,3,{"$f":"SUM(M410:$P410)","v":16},null,0,{"$nulls":3},0,null,0,4,4,{"$nulls":4},{"$f":"(AD410*'MS-8,9,10 Domain 3 Weights'!$B$2)+(AE410*'MS-8,9,10 Domain 3 Weights'!$B$3)+(AF410*'MS-8,9,10 Domain 3 Weights'!$B$4)+(AG410*'MS-8,9,10 Domain 3 Weights'!$B$5)","v":0},3,3,3,9,"No","NOT SELECTED","NOT SELECTED","InR"]
[" 7.1","7",5,"MS-6",null,"5.     The health facility has competent child health care providers available at all times, in sufficient numbers to meet the anticipated work load. (90.60)","Inputs: Human resources","Human resources (staff availability)","Supporting systems","Input HumRes","Both",null,4,5,3,4,3,null,{"$f":"SUM(M411:$P411)","v":16},null,0,{"$nulls":3},0,null,0,4,4,{"$nulls":4},{"$f":"(AD411*'MS-8,9,10 Domain 3 Weights'!$B$2)+(AE411*'MS-8,9,10 Domain 3 Weights'!$B$3)+(AF411*'MS-8,9,10 Domain 3 Weights'!$B$4)+(AG411*'MS-8,9,10 Domain 3 Weights'!$B$5)","v":0},3,3,3,9,"No","NOT SELECTED","NOT SELECTED","InR"]
[" 7.1","7",6,"MS-6",null,"6.     The health facility has a system for access to the staff necessary for the psychosocial, developmental, communication and cultural needs of children at all times. (84.37)","Inputs: management and oversight","Oversight and management  on care provision","Supporting systems","Input Over&Man","Both",null,4,5,3,4,3,3,{"$f":"SUM(M412:$P412)","v":16},null,0,{"$nulls":3},0,null,0,4,4,{"$nulls":4},{"$f":"(AD412*'MS-8,9,10 Domain 3 Weights'!$B$2)+(AE412*'MS-8,9,10 Domain 3 Weights'!$B$3)+(AF412*'MS-8,9,10 Domain 3 Weights'!$B$4)+(AG412*'MS-8,9,10 Domain 3 Weights'!$B$5)","v":0},3,3,3,9,"No","NOT SELECTED","NOT SELECTED","InR"]
[" 7.1","7",7,"MS-6",null,"7.     The health facility has a clear structure and communication channels to reach staff on duty at all times. (92.01)","Inputs: management and oversight","Oversight and management  on care provision","Supporting systems","Input Over&Man","Both",null,4,5,3,4,3,3,{"$f":"SUM(M413:$P413)","v":16},null,0,{"$nulls":3},0,null,0,4,4,{"$nulls":4},{"$f":"(AD413*'MS-8,9,10 Domain 3 Weights'!$B$2)+(AE413*'MS-8,9,10 Domain 3 Weights'!$B$3)+(AF413*'MS-8,9,10 Domain 3 Weights'!$B$4)+(AG413*'MS-8,9,10 Domain 3 Weights'!$B$5)","v":0},3,3,3,9,"No","NOT SELECTED","NOT SELECTED","InR"]
[" 7.1","7",8,"MS-6",null,"1.     Proportion of available posts in the health facility that were filled by staff with the necessary competence for the job description to ensure that the facility can provide 24-h service. (88.86)","Inputs: Human resources","Available  posts filled, staff oriented,  received written job description, mechanism to receive feedback from staff, including performance assessment feedback","Supporting systems","Input HumRes","Both",null,4,5,3,4,3,3,{"$f":"SUM(M414:$P414)","v":16},null,0,{"$nulls":3},0,null,0,4,4,{"$nulls":4},{"$f":"(AD414*'MS-8,9,10 Domain 3 Weights'!$B$2)+(AE414*'MS-8,9,10 Domain 3 Weights'!$B$3)+(AF414*'MS-8,9,10 Domain 3 Weights'!$B$4)+(AG414*'MS-8,9,10 Domain 3 Weights'!$B$5)","v":0},3,3,3,9,"No","NOT SELECTED","NOT SELECTED","InR"]
[" 7.1","7",9,"MS-6",null,"2.     Proportion of staff who have been oriented to their functions, roles and responsibilities in the facility or unit to which they are assigned. (87.90)","Inputs: Human resources","Available  posts filled, staff oriented,  received written job description, mechanism to receive feedback from staff, including performance assessment feedback","Supporting systems","Input HumRes","Both",null,4,4,3,4,3,3,{"$f":"SUM(M415:$P415)","v":15},null,0,{"$nulls":3},0,null,0,4,4,{"$nulls":4},{"$f":"(AD415*'MS-8,9,10 Domain 3 Weights'!$B$2)+(AE415*'MS-8,9,10 Domain 3 Weights'!$B$3)+(AF415*'MS-8,9,10 Domain 3 Weights'!$B$4)+(AG415*'MS-8,9,10 Domain 3 Weights'!$B$5)","v":0},3,3,3,9,"No","NOT SELECTED","NOT SELECTED","Prov"]
[" 7.1","7",10,"MS-6",null,"3.     Proportion of children or carers who attended the health facility who reported being attended to within the appropriate time for their condition as per facility policy on triage and waiting times. (82.65)","Outomes: Access to medicines,  services and facilities","Clients reported prompt access to staff","Supporting systems","Outcome","Both","1 ASB/ETAT/Asses/class/full",4,5,3,5,3,4,{"$f":"SUM(M416:$P416)","v":17},null,0,{"$nulls":3},0,null,0,5,5,{"$nulls":4},{"$f":"(AD416*'MS-8,9,10 Domain 3 Weights'!$B$2)+(AE416*'MS-8,9,10 Domain 3 Weights'!$B$3)+(AF416*'MS-8,9,10 Domain 3 Weights'!$B$4)+(AG416*'MS-8,9,10 Domain 3 Weights'!$B$5)","v":0},4,3,3,10,"Yes","SELECTED","NOT SELECTED","Client",null,"Similar to indicator #13"]
[" 7.1","7",11,"MS-6",null,"4.     Proportion of nurses who care for children admitted to the facility who have had paediatric training or in-service medical education in child care. (92.07)","Inputs: Human resources","Human resources (staff clinincal training) inpatient","Supporting systems","Input HumRes","Inpatient",null,4,4,3,4,3,3,{"$f":"SUM(M417:$P417)","v":15},null,0,{"$nulls":3},0,null,0,4,4,{"$nulls":4},{"$f":"(AD417*'MS-8,9,10 Domain 3 Weights'!$B$2)+(AE417*'MS-8,9,10 Domain 3 Weights'!$B$3)+(AF417*'MS-8,9,10 Domain 3 Weights'!$B$4)+(AG417*'MS-8,9,10 Domain 3 Weights'!$B$5)","v":0},3,3,3,9,"No","NOT SELECTED","NOT SELECTED","Prov"]
[" 7.1","7",12,"MS-6",null,"1.     Proportion of children in the health facility who were attended by health professionals specifically trained in child health care. (85.84)","Inputs: Human resources","Attended by trained professionals","Supporting systems","Input HumRes","Both",null,4,5,3,5,3,4,{"$f":"SUM(M418:$P418)","v":17},null,0,{"$nulls":3},0,null,0,5,5,{"$nulls":4},{"$f":"(AD418*'MS-8,9,10 Domain 3 Weights'!$B$2)+(AE418*'MS-8,9,10 Domain 3 Weights'!$B$3)+(AF418*'MS-8,9,10 Domain 3 Weights'!$B$4)+(AG418*'MS-8,9,10 Domain 3 Weights'!$B$5)","v":0},4,3,3,10,"Yes","SELECTED","NOT SELECTED","Obs",null,"In this indicator, we could unite all nesessary clinical trainings required  for provision of  QoC. We need to think where/how to unite non-clinical trainings"]
[" 7.1","7",13,"MS-6",null,"2.     Proportion of children and their families who attended the health facility who reported satisfactory, prompt access to appropriate medical and support staff when required. (86.48)","Outomes: Access to medicines,  services and facilities","Clients reported prompt access to staff","Supporting systems","Outcome","Both",null,4,4,3,4,3,3,{"$f":"SUM(M419:$P419)","v":15},null,0,{"$nulls":3},0,null,0,4,4,{"$nulls":4},{"$f":"(AD419*'MS-8,9,10 Domain 3 Weights'!$B$2)+(AE419*'MS-8,9,10 Domain 3 Weights'!$B$3)+(AF419*'MS-8,9,10 Domain 3 Weights'!$B$4)+(AG419*'MS-8,9,10 Domain 3 Weights'!$B$5)","v":0},3,3,3,9,"No","NOT SELECTED","NOT SELECTED","Client",null,"Similar to indicator #10"]
[" 7.1","7",14,"MS-6",null,"3.     Proportion of health professional and support staff in the health facility who are satisfied with their workload in terms of their roles and responsibilities in the facility or the unit to which they are assigned. (85.06)","Inputs: Human resources","Satisfaction (staff/providers)","Supporting systems","Input HumRes","Both",null,4,5,3,5,3,4,{"$f":"SUM(M420:$P420)","v":17},null,0,{"$nulls":3},0,null,0,5,5,{"$nulls":4},{"$f":"(AD420*'MS-8,9,10 Domain 3 Weights'!$B$2)+(AE420*'MS-8,9,10 Domain 3 Weights'!$B$3)+(AF420*'MS-8,9,10 Domain 3 Weights'!$B$4)+(AG420*'MS-8,9,10 Domain 3 Weights'!$B$5)","v":0},4,3,3,10,"Yes","SELECTED","NOT SELECTED","Prov"]
[" 7.1","7",15,"MS-6",null,"4.     Proportion of all health professional staff who care for children in the health facility who left the facility or were transferred during the past 12 months. (80.97)","Inputs: Human resources","Staff retention","Supporting systems","Input HumRes","Both",null,4,4,2,4,null,null,{"$f":"SUM(M421:$P421)","v":14},null,0,{"$nulls":3},0,null,0,4,4,{"$nulls":4},{"$f":"(AD421*'MS-8,9,10 Domain 3 Weights'!$B$2)+(AE421*'MS-8,9,10 Domain 3 Weights'!$B$3)+(AF421*'MS-8,9,10 Domain 3 Weights'!$B$4)+(AG421*'MS-8,9,10 Domain 3 Weights'!$B$5)","v":0},3,3,3,9,"No","NOT SELECTED","NOT SELECTED","InR"]
[" 7.2","7",1,"MS-6",null,"1.     The health facility has a programme for continuing professional education and attitude and skills development for all child health care professionals and support staff. (91.01)","Inputs: Operational Guidelines","Operational guidelines, protocols related to cross-cutting supporting systems (management, human resources, health information system, infrastructure, supplies and equipment, health financing, organization of health services)","Supporting systems","Input OperGuide","Both",null,4,4,3,4,3,3,{"$f":"SUM(M422:$P422)","v":15},null,0,{"$nulls":3},0,null,0,4,4,{"$nulls":4},{"$f":"(AD422*'MS-8,9,10 Domain 3 Weights'!$B$2)+(AE422*'MS-8,9,10 Domain 3 Weights'!$B$3)+(AF422*'MS-8,9,10 Domain 3 Weights'!$B$4)+(AG422*'MS-8,9,10 Domain 3 Weights'!$B$5)","v":0},4,3,3,10,"No","NOT SELECTED","NOT SELECTED","InR"]
[" 7.2","7",2,"MS-6",null,"2.     The health facility periodically appraises all staff, has a mechanism for recognizing good performance and has protocols for staff feedback. (88.91)","Inputs: Human resources","Available  posts filled, staff oriented,  received written job description, mechanism to receive feedback from staff, including performance assessment feedback","Supporting systems","Input HumRes","Both",null,4,4,3,4,3,3,{"$f":"SUM(M423:$P423)","v":15},null,0,{"$nulls":3},0,null,0,null,0,{"$nulls":4},{"$f":"(AD423*'MS-8,9,10 Domain 3 Weights'!$B$2)+(AE423*'MS-8,9,10 Domain 3 Weights'!$B$3)+(AF423*'MS-8,9,10 Domain 3 Weights'!$B$4)+(AG423*'MS-8,9,10 Domain 3 Weights'!$B$5)","v":0},4,3,3,10,"No","NOT SELECTED","NOT SELECTED","Prov"]
[" 7.2","7",3,"MS-6",null,"3.     The health facility has sufficient numbers of competent, licensed, motivated, regulated child health professionals, with an appropriate skills mix, working in multidisciplinary teams. (88.22)","Inputs: Human resources","Human resources (staff availability)","Supporting systems","Input HumRes","Both",null,3,4,3,3,2,2,{"$f":"SUM(M424:$P424)","v":13},null,0,{"$nulls":3},0,null,0,4,4,{"$nulls":4},{"$f":"(AD424*'MS-8,9,10 Domain 3 Weights'!$B$2)+(AE424*'MS-8,9,10 Domain 3 Weights'!$B$3)+(AF424*'MS-8,9,10 Domain 3 Weights'!$B$4)+(AG424*'MS-8,9,10 Domain 3 Weights'!$B$5)","v":0},4,3,3,10,"No","NOT SELECTED","NOT SELECTED","InR"]
[" 7.2","7",4,"MS-6",null,"4.     Health professionals and staff who care for children in the health facility receive in-service training and supportive supervision with regard to the legal entitlements and rights of children in relation to health care. (87.34)","Inputs: Human resources","Human resources: specific non-clinical training","Supporting systems","Input HumRes","Both",null,4,4,3,4,3,3,{"$f":"SUM(M425:$P425)","v":15},null,0,{"$nulls":3},0,null,0,4,4,{"$nulls":4},{"$f":"(AD425*'MS-8,9,10 Domain 3 Weights'!$B$2)+(AE425*'MS-8,9,10 Domain 3 Weights'!$B$3)+(AF425*'MS-8,9,10 Domain 3 Weights'!$B$4)+(AG425*'MS-8,9,10 Domain 3 Weights'!$B$5)","v":0},4,3,3,10,"No","NOT SELECTED","NOT SELECTED","Prov",null,"This indicator is repeating"]
[" 7.2","7",5,"MS-6",null,"5.     The health facility provides an enabling, supportive environment for professional staff development, with regular supervision and mentoring. (86.75)","Inputs: QI structures and supporting processes","Clinical supervision","Supporting systems","Input Over&Man","Both",null,4,4,3,4,3,3,{"$f":"SUM(M426:$P426)","v":15},null,0,{"$nulls":3},0,null,0,4,4,{"$nulls":4},{"$f":"(AD426*'MS-8,9,10 Domain 3 Weights'!$B$2)+(AE426*'MS-8,9,10 Domain 3 Weights'!$B$3)+(AF426*'MS-8,9,10 Domain 3 Weights'!$B$4)+(AG426*'MS-8,9,10 Domain 3 Weights'!$B$5)","v":0},4,3,3,10,"No","NOT SELECTED","NOT SELECTED","Prov"]
[" 7.2","7",6,"MS-6",null,"6.     The health facility facilitates interprofessional collaborative practice, with clear roles and responsibilities for quality improvement according to the professional scope of practice and the needs for child health care. (81.69)","Inputs: QI structures and supporting processes","Structures, regular meetings and implementation plan for QI","Supporting systems","Input QI","Both",null,4,4,4,3,4,4,{"$f":"SUM(M427:$P427)","v":15},null,0,{"$nulls":3},0,null,0,4,4,{"$nulls":4},{"$f":"(AD427*'MS-8,9,10 Domain 3 Weights'!$B$2)+(AE427*'MS-8,9,10 Domain 3 Weights'!$B$3)+(AF427*'MS-8,9,10 Domain 3 Weights'!$B$4)+(AG427*'MS-8,9,10 Domain 3 Weights'!$B$5)","v":0},4,3,3,10,"No","NOT SELECTED","NOT SELECTED","InR"]
[" 7.2","7",7,"MS-6",null,"1.     Proportion of clinical and nonclinical health care staff at the health facility who received a written job description on deployment to the facility. (88.99)","Inputs: Human resources","Available  posts filled, staff oriented,  received written job description, mechanism to receive feedback from staff, including performance assessment feedback","Supporting systems","Input HumRes","Both",null,4,4,3,4,4,4,4,null,0,{"$nulls":3},0,null,0,4,4,{"$nulls":4},{"$f":"(AD428*'MS-8,9,10 Domain 3 Weights'!$B$2)+(AE428*'MS-8,9,10 Domain 3 Weights'!$B$3)+(AF428*'MS-8,9,10 Domain 3 Weights'!$B$4)+(AG428*'MS-8,9,10 Domain 3 Weights'!$B$5)","v":0},4,3,3,10,"No","NOT SELECTED","NOT SELECTED","Prov"]
[" 7.2","7",8,"MS-6",null,"2.     Evidence that the health facility has a mechanism in place for soliciting feedback from staff on issues that might affect or improve staff performance. (87.28)","Inputs: Human resources","Available  posts filled, staff oriented,  received written job description, mechanism to receive feedback from staff, including performance assessment feedback","Supporting systems","Input HumRes","Both",null,4,4,3,4,3,3,{"$f":"SUM(M429:$P429)","v":15},null,0,{"$nulls":3},0,null,0,4,4,{"$nulls":4},{"$f":"(AD429*'MS-8,9,10 Domain 3 Weights'!$B$2)+(AE429*'MS-8,9,10 Domain 3 Weights'!$B$3)+(AF429*'MS-8,9,10 Domain 3 Weights'!$B$4)+(AG429*'MS-8,9,10 Domain 3 Weights'!$B$5)","v":0},4,3,3,10,"No","NOT SELECTED","NOT SELECTED","InR"]
[" 7.2","7",9,"MS-6",null,"3.     Proportion of health professionals who care for children who received in-service training and/or refresher sessions within the past 12 months. (90.93)","Inputs: Human resources","Human resources (specific clinincal training)","Supporting systems","Input HumRes","Both",null,4,5,3,5,3,3,{"$f":"SUM(M430:$P430)","v":17},null,0,{"$nulls":3},0,null,0,5,5,{"$nulls":4},{"$f":"(AD430*'MS-8,9,10 Domain 3 Weights'!$B$2)+(AE430*'MS-8,9,10 Domain 3 Weights'!$B$3)+(AF430*'MS-8,9,10 Domain 3 Weights'!$B$4)+(AG430*'MS-8,9,10 Domain 3 Weights'!$B$5)","v":0},4,3,3,10,"Yes","SELECTED","NOT SELECTED","Prov",null,"This should be non-clinical training  on all respective components highlighted throughout the standards (classified as staff non-clinical training). Clinical training will be in standard 7.1. non-clinical in Standard 7.2"]
[" 7.2","7",10,"MS-6",null,"4.     Number of supervisory visits to the health facility to improve clinical competence and performance in the past 12 months. (89.89)","Inputs: QI structures and supporting processes","Clinical supervision","Supporting systems","Input QI","Both",null,4,5,4,4,4,4,{"$f":"SUM(M431:$P431)","v":17},null,0,{"$nulls":3},0,null,0,5,5,{"$nulls":4},{"$f":"(AD431*'MS-8,9,10 Domain 3 Weights'!$B$2)+(AE431*'MS-8,9,10 Domain 3 Weights'!$B$3)+(AF431*'MS-8,9,10 Domain 3 Weights'!$B$4)+(AG431*'MS-8,9,10 Domain 3 Weights'!$B$5)","v":0},4,3,3,10,"Yes","SELECTED","NOT SELECTED","InR",null,"we could specify that we speak here on on-site clinical mentorship and coaching"]
[" 7.2","7",11,"MS-6",null,"5.     Proportion of staff at the health facility who had a performance assessment with feedback at least once in the past 12 months.","Inputs: QI structures and supporting processes","Clinical supervision","Supporting systems","Input Over&Man","Both",null,4,4,3,4,3,3,{"$f":"SUM(M432:$P432)","v":15},null,0,{"$nulls":3},0,null,0,4,4,{"$nulls":4},{"$f":"(AD432*'MS-8,9,10 Domain 3 Weights'!$B$2)+(AE432*'MS-8,9,10 Domain 3 Weights'!$B$3)+(AF432*'MS-8,9,10 Domain 3 Weights'!$B$4)+(AG432*'MS-8,9,10 Domain 3 Weights'!$B$5)","v":0},4,3,3,10,"No","NOT SELECTED","NOT SELECTED","Prov"]
[" 7.2","7",12,"MS-6",null,"6.     Proportion of staff who had interactions with professional mentors to ensure clinical competence and improve performance in the past 3 months. (89.94)","Inputs: QI structures and supporting processes","Clinical supervision","Supporting systems","Input QI","Both",null,4,5,4,4,4,4,{"$f":"SUM(M433:$P433)","v":17},null,0,{"$nulls":3},0,null,0,5,5,{"$nulls":4},{"$f":"(AD433*'MS-8,9,10 Domain 3 Weights'!$B$2)+(AE433*'MS-8,9,10 Domain 3 Weights'!$B$3)+(AF433*'MS-8,9,10 Domain 3 Weights'!$B$4)+(AG433*'MS-8,9,10 Domain 3 Weights'!$B$5)","v":0},4,3,3,10,"Yes","SELECTED","NOT SELECTED","Prov"]
[" 7.2","7",13,"MS-6",null,"1.     Proportion of all staff at the health facility who could identify and report on at least one activity for improving clinical quality in which they were personally involved in the past 6 months. (82.80)","Inputs: QI structures and supporting processes","Adressing gaps in QoC","Supporting systems","Process","Both",null,4,4,3,4,4,4,{"$f":"SUM(M434:$P434)","v":15},null,0,{"$nulls":3},0,null,0,4,4,{"$nulls":4},{"$f":"(AD434*'MS-8,9,10 Domain 3 Weights'!$B$2)+(AE434*'MS-8,9,10 Domain 3 Weights'!$B$3)+(AF434*'MS-8,9,10 Domain 3 Weights'!$B$4)+(AG434*'MS-8,9,10 Domain 3 Weights'!$B$5)","v":0},4,3,3,10,"No","NOT SELECTED","NOT SELECTED","Prov",null,"This is the same as  indicator #7.3. # 12"]
[" 7.2","7",14,"MS-6",null,"2.     Proportion of health professionals and support staff who care for children at the health facility whose preceding performance appraisal was satisfactory. (82.44)","Inputs: QI structures and supporting processes","Staff's satisfactory performance","Supporting systems","Outcome","Both",null,4,4,3,4,4,4,{"$f":"SUM(M435:$P435)","v":15},null,0,{"$nulls":3},0,null,0,4,4,{"$nulls":4},{"$f":"(AD435*'MS-8,9,10 Domain 3 Weights'!$B$2)+(AE435*'MS-8,9,10 Domain 3 Weights'!$B$3)+(AF435*'MS-8,9,10 Domain 3 Weights'!$B$4)+(AG435*'MS-8,9,10 Domain 3 Weights'!$B$5)","v":0},3,3,3,9,"No","NOT SELECTED","NOT SELECTED","InR"]
[" 7.2","7",15,"MS-6",null,"3.     Proportion of all children and their carers at the health facility who were satisfied with the care and support they received from facility staff. (86.62)","Outcomes: client/career satisfaction","Satisfaction (client/career) ","Supporting systems","Outcome","Both",null,3,5,4,3,4,4,{"$f":"SUM(M436:$P436)","v":15},null,0,{"$nulls":3},0,null,0,4,4,{"$nulls":4},{"$f":"(AD436*'MS-8,9,10 Domain 3 Weights'!$B$2)+(AE436*'MS-8,9,10 Domain 3 Weights'!$B$3)+(AF436*'MS-8,9,10 Domain 3 Weights'!$B$4)+(AG436*'MS-8,9,10 Domain 3 Weights'!$B$5)","v":0},3,3,3,9,"No","NOT SELECTED","NOT SELECTED","InR",null,"The same as indicator 7.3. #10"]
[" 7.2","7",16,"MS-6",null,"4.     Proportion of all staff at the health facility who reported that they were “highly satisfied” with their job. (84.80)","Inputs: Human resources","Satisfaction (staff/providers)","Supporting systems","Input HumRes","Both",null,4,4,3,4,4,4,{"$f":"SUM(M437:$P437)","v":15},null,0,{"$nulls":3},0,null,0,4,4,{"$nulls":4},{"$f":"(AD437*'MS-8,9,10 Domain 3 Weights'!$B$2)+(AE437*'MS-8,9,10 Domain 3 Weights'!$B$3)+(AF437*'MS-8,9,10 Domain 3 Weights'!$B$4)+(AG437*'MS-8,9,10 Domain 3 Weights'!$B$5)","v":0},3,3,3,9,"No","NOT SELECTED","NOT SELECTED","Prov"]
[" 7.2","7",17,"MS-6",null,"5.     Number of improvement projects completed in the past 6 months. (82.39)","Inputs: QI structures and supporting processes","Adressing gaps in QoC","Supporting systems","Input QI","Both",null,3,3,4,3,3,4,{"$f":"SUM(M438:$P438)","v":13},null,0,{"$nulls":3},0,null,0,4,4,{"$nulls":4},{"$f":"(AD438*'MS-8,9,10 Domain 3 Weights'!$B$2)+(AE438*'MS-8,9,10 Domain 3 Weights'!$B$3)+(AF438*'MS-8,9,10 Domain 3 Weights'!$B$4)+(AG438*'MS-8,9,10 Domain 3 Weights'!$B$5)","v":0},3,3,3,9,"No","NOT SELECTED","NOT SELECTED","InR"]
[" 7.3","7",1,"MS-6",null,"1.     The health facility has a written, up-to-date leadership structure, with defined roles and responsibilities, standard governing policies and protocols and lines for reporting and accountability. (92.86)","Inputs: Operational Guidelines","Operational guidelines, protocols related to cross-cutting supporting systems (management, human resources, health information system, infrastructure, supplies and equipment, health financing, organization of health services)","Supporting systems","Input OperGuide","Both",null,4,4,4,3,3,4,{"$f":"SUM(M439:$P439)","v":15},null,0,{"$nulls":3},0,null,0,4,4,{"$nulls":4},{"$f":"(AD439*'MS-8,9,10 Domain 3 Weights'!$B$2)+(AE439*'MS-8,9,10 Domain 3 Weights'!$B$3)+(AF439*'MS-8,9,10 Domain 3 Weights'!$B$4)+(AG439*'MS-8,9,10 Domain 3 Weights'!$B$5)","v":0},3,3,3,9,"No","NOT SELECTED","NOT SELECTED","InR"]
[" 7.3","7",2,"MS-6",null,"2.     The health facility has a written, up-to-date plan for ensuring patient safety and improvement of the quality of care. (91.91)","Inputs: QI structures and supporting processes","Structures, regular meetings and implementation plan for QI","Supporting systems","Input QI","Both",null,4,4,4,3,3,4,{"$f":"SUM(M440:$P440)","v":15},null,0,{"$nulls":3},0,null,0,4,4,{"$nulls":4},{"$f":"(AD440*'MS-8,9,10 Domain 3 Weights'!$B$2)+(AE440*'MS-8,9,10 Domain 3 Weights'!$B$3)+(AF440*'MS-8,9,10 Domain 3 Weights'!$B$4)+(AG440*'MS-8,9,10 Domain 3 Weights'!$B$5)","v":0},3,3,3,9,"No","NOT SELECTED","NOT SELECTED","InR"]
[" 7.3","7",3,"MS-6",null,"3.     The health facility has a system of regular meetings between administrators and health professionals to exchange feedback on the performance of staff and of the facility leadership to ensure quality improvement. (90.44)","Inputs: QI structures and supporting processes","Structures, regular meetings and implementation plan for QI","Supporting systems","Input Over&Man","Both",null,4,4,4,3,3,4,{"$f":"SUM(M441:$P441)","v":15},null,0,{"$nulls":3},0,null,0,4,4,{"$nulls":4},{"$f":"(AD441*'MS-8,9,10 Domain 3 Weights'!$B$2)+(AE441*'MS-8,9,10 Domain 3 Weights'!$B$3)+(AF441*'MS-8,9,10 Domain 3 Weights'!$B$4)+(AG441*'MS-8,9,10 Domain 3 Weights'!$B$5)","v":0},3,3,3,9,"No","NOT SELECTED","NOT SELECTED","InR"]
[" 7.3","7",4,"MS-6",null,"4.     The health facility has a team or at least one person designated to champion or lead initiatives for improving the quality of care in the facility. (89.30)","Inputs: QI structures and supporting processes","Structures, regular meetings and implementation plan for QI","Supporting systems","Input QI","Both",null,4,4,4,3,3,4,{"$f":"SUM(M442:$P442)","v":15},null,0,{"$nulls":3},0,null,0,4,4,{"$nulls":4},{"$f":"(AD442*'MS-8,9,10 Domain 3 Weights'!$B$2)+(AE442*'MS-8,9,10 Domain 3 Weights'!$B$3)+(AF442*'MS-8,9,10 Domain 3 Weights'!$B$4)+(AG442*'MS-8,9,10 Domain 3 Weights'!$B$5)","v":0},3,3,3,9,"No","NOT SELECTED","NOT SELECTED","InR"]
[" 7.3","7",5,"MS-6",null,"5.     The health facility has a costed, budgeted plan and established mechanisms to support identified activities for quality improvement. (90.88)","Inputs: QI structures and supporting processes","Structures, regular meetings and implementation plan for QI","Supporting systems","Input Over&Man","Both",null,4,4,4,3,3,4,{"$f":"SUM(M443:$P443)","v":15},null,0,{"$nulls":3},0,null,0,4,4,{"$nulls":4},{"$f":"(AD443*'MS-8,9,10 Domain 3 Weights'!$B$2)+(AE443*'MS-8,9,10 Domain 3 Weights'!$B$3)+(AF443*'MS-8,9,10 Domain 3 Weights'!$B$4)+(AG443*'MS-8,9,10 Domain 3 Weights'!$B$5)","v":0},3,3,3,9,"No","NOT SELECTED","NOT SELECTED","InR"]
[" 7.3","7",8,"MS-6",null,"1.     Proportion of health facility leaders trained in quality improvement leadership and management, data use and leading change (use of information, enabling behaviour, continuous learning). (89.35)","Inputs: Human resources","Human resources: specific non-clinical training","Supporting systems","Input HumRes","Both",null,4,4,4,3,3,3,{"$f":"SUM(M444:$P444)","v":15},null,0,{"$nulls":3},0,null,0,4,4,{"$nulls":4},{"$f":"(AD444*'MS-8,9,10 Domain 3 Weights'!$B$2)+(AE444*'MS-8,9,10 Domain 3 Weights'!$B$3)+(AF444*'MS-8,9,10 Domain 3 Weights'!$B$4)+(AG444*'MS-8,9,10 Domain 3 Weights'!$B$5)","v":0},3,3,3,9,"No","NOT SELECTED","NOT SELECTED","InR",null,"This is above-sote indicator. Would not work at facility level"]
[" 7.3","7",6,"MS-6",null,"6.     The health facility holds at least one meeting a month to review data, monitor performance, make recommendations to address any problems, honour good performance and encourage staff or teams who are struggling to improve quality. (91.36)","Inputs: QI structures and supporting processes","Structures, regular meetings and implementation plan for QI","Supporting systems","Process","Both",null,4,5,3,5,3,3,{"$f":"SUM(M445:$P445)","v":17},null,0,{"$nulls":3},0,null,0,5,5,{"$nulls":4},{"$f":"(AD445*'MS-8,9,10 Domain 3 Weights'!$B$2)+(AE445*'MS-8,9,10 Domain 3 Weights'!$B$3)+(AF445*'MS-8,9,10 Domain 3 Weights'!$B$4)+(AG445*'MS-8,9,10 Domain 3 Weights'!$B$5)","v":0},4,3,3,10,"Yes","SELECTED","NOT SELECTED","InR"]
[" 7.3","7",7,"MS-6",null,"7.     The health facility holds at least two meetings a year with stakeholders (e.g. the community, service users, partners) to review its performance, identify problems and make recommendations for joint actions to improve quality. (89.06)","Inputs: QI structures and supporting processes","Structures, regular meetings and implementation plan for QI","Supporting systems","Process","Both",null,4,4,4,3,3,3,{"$f":"SUM(M446:$P446)","v":15},null,0,{"$nulls":3},{"$f":"SUM(V446:X446)","v":0},null,0,4,4,{"$nulls":4},{"$f":"(AD446*'MS-8,9,10 Domain 3 Weights'!$B$2)+(AE446*'MS-8,9,10 Domain 3 Weights'!$B$3)+(AF446*'MS-8,9,10 Domain 3 Weights'!$B$4)+(AG446*'MS-8,9,10 Domain 3 Weights'!$B$5)","v":0},4,3,3,10,"No","NOT SELECTED","NOT SELECTED","InR"]
[" 7.3","7",9,"MS-6",null,"2.     Evidence that the health facility regularly tracks and monitors performance to improve the quality of care from up-to-date dashboards or performance charts. (91.45)","Inputs: QI structures and supporting processes","Routine monitoring of the quality of care","Supporting systems","Process","Both",null,4,4,4,5,3,3,{"$f":"SUM(M447:$P447)","v":17},null,0,{"$nulls":3},0,null,{"$f":"Z447","v":0},5,{"$f":"AB447","v":5},{"$nulls":4},{"$f":"(AD447*'MS-8,9,10 Domain 3 Weights'!$B$2)+(AE447*'MS-8,9,10 Domain 3 Weights'!$B$3)+(AF447*'MS-8,9,10 Domain 3 Weights'!$B$4)+(AG447*'MS-8,9,10 Domain 3 Weights'!$B$5)","v":0},4,3,3,{"$f":"SUM(AI447:AK447)","v":10},"Yes","SELECTED","NOT SELECTED","InR"]
[" 7.3","7",12,"MS-6",null,"3.     Proportion of health professionals who actively participated in a quality improvement activity (meeting, audit, project) in the health facility in the past 12 months (88.59)","Inputs: QI structures and supporting processes","Adressing gaps in QoC","Supporting systems","Process","Both",null,4,4,4,5,3,3,{"$f":"SUM(M448:$P448)","v":17},null,0,{"$nulls":3},0,null,0,5,5,{"$nulls":4},{"$f":"(AD448*'MS-8,9,10 Domain 3 Weights'!$B$2)+(AE448*'MS-8,9,10 Domain 3 Weights'!$B$3)+(AF448*'MS-8,9,10 Domain 3 Weights'!$B$4)+(AG448*'MS-8,9,10 Domain 3 Weights'!$B$5)","v":0},4,3,3,10,{"$f":"IF(OR(U448>=$Q$2,Y448>=$Q$3,AA448>=$Q$4,AC448>=$Q$5,AH448>=$Q$6),\"Yes\",\"No\")","v":"Yes"},{"$f":"IF(AND(S448>=$Q$1,AM448=\"Yes\"),\"SELECTED\",\"NOT SELECTED\")","v":"SELECTED"},{"$f":"IF(AND(AN448=\"SELECTED\",AL448>=$Q$7),\"CORE\",\"NOT SELECTED\")","v":"NOT SELECTED"},"Prov",null,"This is the same as  indicator #7.2. # 13"]
[" 7.3","7",10,"MS-6",null,"1.     Proportion of all children and their families who were satisfied with the care and support received from facility staff. (86.53)","Outcomes: client/career satisfaction","Satisfaction (client/career) ","Supporting systems","Outcome","Both",null,4,4,4,3,3,3,{"$f":"SUM(M449:$P449)","v":15},null,0,{"$nulls":3},0,null,0,4,4,{"$nulls":4},{"$f":"(AD449*'MS-8,9,10 Domain 3 Weights'!$B$2)+(AE449*'MS-8,9,10 Domain 3 Weights'!$B$3)+(AF449*'MS-8,9,10 Domain 3 Weights'!$B$4)+(AG449*'MS-8,9,10 Domain 3 Weights'!$B$5)","v":0},3,3,4,10,"No","NOT SELECTED","NOT SELECTED","Client",null,"The same as indicator 7.2 #15"]
[" 7.3","7",11,"MS-6",null,"2.     Proportion of staff members who gave positive feedback about internal policies and activities for continuous quality improvement, including on-the-job training and personal mentoring. (83.45)","Inputs: Human resources","Satisfaction (staff/providers)","Supporting systems","Outcome","Both",null,4,4,4,3,3,3,{"$f":"SUM(M450:$P450)","v":15},null,0,{"$nulls":3},0,null,0,4,4,{"$nulls":4},{"$f":"(AD450*'MS-8,9,10 Domain 3 Weights'!$B$2)+(AE450*'MS-8,9,10 Domain 3 Weights'!$B$3)+(AF450*'MS-8,9,10 Domain 3 Weights'!$B$4)+(AG450*'MS-8,9,10 Domain 3 Weights'!$B$5)","v":0},3,3,3,9,"No","NOT SELECTED","NOT SELECTED","Prov"]
[" 8.1","8",1,"MS-7",null,"1.     The health facility is designed to provide child-friendly, seamless access to dedicated areas for the care of children (neonates, children and young adolescents), which are separate from reception, emergency care, outpatient and inpatient areas or wards. (91.27) ","Inputs: Infrastructure, equipment client-centered","Infrastructure for client-centered practices inpatient","Supporting systems","Input InfrastMedSupEquip","Both",null,4,4,4,4,3,4,{"$f":"SUM(M451:P451)","v":16},null,0,{"$nulls":3},0,null,0,4,4,{"$nulls":4},{"$f":"(AD451*'MS-8,9,10 Domain 3 Weights'!$B$2)+(AE451*'MS-8,9,10 Domain 3 Weights'!$B$3)+(AF451*'MS-8,9,10 Domain 3 Weights'!$B$4)+(AG451*'MS-8,9,10 Domain 3 Weights'!$B$5)","v":0},3,3,3,9,"No","NOT SELECTED","NOT SELECTED","InR"]
[" 8.1","8",2,"MS-7",null,"2.     The health facility areas dedicated for children (outpatients and inpatients) are furnished and decorated appropriately for the children’s age and educational and play needs. (91.43) ","Inputs: Infrastructure, equipment client-centered","Infrastructure for client-centered practices","Supporting systems","Input InfrastMedSupEquip","Both",null,4,4,4,4,3,4,{"$f":"SUM(M452:P452)","v":16},null,0,{"$nulls":3},0,null,0,4,4,{"$nulls":4},{"$f":"(AD452*'MS-8,9,10 Domain 3 Weights'!$B$2)+(AE452*'MS-8,9,10 Domain 3 Weights'!$B$3)+(AF452*'MS-8,9,10 Domain 3 Weights'!$B$4)+(AG452*'MS-8,9,10 Domain 3 Weights'!$B$5)","v":0},3,3,3,9,"No","NOT SELECTED","NOT SELECTED","InR"]
[" 8.1","8",3,"MS-7",null,"3.     The health facility has a room or a screened-off area in the outpatient department and on wards that is sufficient to ensure normal conversation without being overheard and for examination of children unobserved by other patients. (90.23)","Inputs: Infrastructure, equipment client-centered","Infrastructure for client-centered practices","Supporting systems","Input InfrastMedSupEquip","Both",null,4,4,4,4,3,4,16,null,0,{"$nulls":3},0,null,0,4,4,{"$nulls":4},{"$f":"(AD453*'MS-8,9,10 Domain 3 Weights'!$B$2)+(AE453*'MS-8,9,10 Domain 3 Weights'!$B$3)+(AF453*'MS-8,9,10 Domain 3 Weights'!$B$4)+(AG453*'MS-8,9,10 Domain 3 Weights'!$B$5)","v":0},3,3,3,9,"No","NOT SELECTED","NOT SELECTED","InR"]
[" 8.1","8",4,"MS-7",null,"4.     The surgical services of the health facility have dedicated recovery and hospitalization areas for children located close to the children’s ward. (89.57)","Inputs: infrastructure, equipment, supplies clinical condition-specific","Clinical condition-specific infrastructure","Supporting systems","Input InfrastMedSupEquip","Inpatient",null,4,4,4,4,3,4,16,null,0,{"$nulls":3},0,null,0,4,4,{"$nulls":4},{"$f":"(AD454*'MS-8,9,10 Domain 3 Weights'!$B$2)+(AE454*'MS-8,9,10 Domain 3 Weights'!$B$3)+(AF454*'MS-8,9,10 Domain 3 Weights'!$B$4)+(AG454*'MS-8,9,10 Domain 3 Weights'!$B$5)","v":0},3,3,3,9,"No","NOT SELECTED","NOT SELECTED","InR"]
[" 8.1","8",5,"MS-7",null,"5.     The health facility practises and has facilities for rooming-in for mothers or carers with their children 24 h a day. (94.88)","Inputs: Infrastructure, equipment client-centered","Infrastructure for client-centered practices","Supporting systems","Input InfrastMedSupEquip","Inpatient",null,3,4,4,4,3,4,15,null,0,{"$nulls":3},0,null,0,5,5,{"$nulls":4},{"$f":"(AD455*'MS-8,9,10 Domain 3 Weights'!$B$2)+(AE455*'MS-8,9,10 Domain 3 Weights'!$B$3)+(AF455*'MS-8,9,10 Domain 3 Weights'!$B$4)+(AG455*'MS-8,9,10 Domain 3 Weights'!$B$5)","v":0},4,4,4,12,"Yes","NOT SELECTED","NOT SELECTED","InR",null,"This indicator is being reflected in Standard 6.1. as it is more relevant there"]
[" 8.1","8",6,"MS-7",null,"6.     The health facility is adequately maintained, safe, clean, appropriately lit and well ventilated and ensures privacy for children and their families when required. (93.57)","Inputs: Infrastructure, equipment client-centered","Infrastructure for client-centered practices","Supporting systems","Input InfrastMedSupEquip","Both",null,4,4,4,4,3,4,{"$f":"SUM(M456:P456)","v":16},null,0,{"$nulls":3},0,null,0,4,4,{"$nulls":4},{"$f":"(AD456*'MS-8,9,10 Domain 3 Weights'!$B$2)+(AE456*'MS-8,9,10 Domain 3 Weights'!$B$3)+(AF456*'MS-8,9,10 Domain 3 Weights'!$B$4)+(AG456*'MS-8,9,10 Domain 3 Weights'!$B$5)","v":0},3,3,3,9,"No","NOT SELECTED","NOT SELECTED","InR"]
[" 8.1","8",7,"MS-7",null,"7.     The health facility has a power source (e.g. solar, generator, grid) that can meet all the demands of the facility and associated infrastructure for electricity at all times, with a back-up power source. (95.16)","Inputs: Infrastructure, equipment, supplies  cross-cutting","Infrastructure cross-cutting (power source)","Supporting systems","Input InfrastMedSupEquip","both",null,4,3,4,5,3,4,16,null,0,{"$nulls":3},0,null,0,5,5,{"$nulls":4},{"$f":"(AD457*'MS-8,9,10 Domain 3 Weights'!$B$2)+(AE457*'MS-8,9,10 Domain 3 Weights'!$B$3)+(AF457*'MS-8,9,10 Domain 3 Weights'!$B$4)+(AG457*'MS-8,9,10 Domain 3 Weights'!$B$5)","v":0},3,3,3,9,"Yes","SELECTED","NOT SELECTED","InR"]
[" 8.1","8",8,"MS-7",null,"8.     The heath facility has an energy management plan supported by an adequate budget, maintained by appropriately trained staff and regulated by a competent authority. (86.97)","Inputs: Operational Guidelines","Operational guidelines, protocols related to cross-cutting supporting systems (management, human resources, health information system, infrastructure, supplies and equipment, health financing, organization of health services)","Supporting systems","Input OperGuide","both",null,4,4,4,4,3,4,16,null,0,{"$nulls":3},0,null,0,4,4,{"$nulls":4},{"$f":"(AD458*'MS-8,9,10 Domain 3 Weights'!$B$2)+(AE458*'MS-8,9,10 Domain 3 Weights'!$B$3)+(AF458*'MS-8,9,10 Domain 3 Weights'!$B$4)+(AG458*'MS-8,9,10 Domain 3 Weights'!$B$5)","v":0},3,3,3,9,"No","NOT SELECTED","NOT SELECTED","InR"]
[" 8.1","8",9,"MS-7",null,"9.     The heath facility has a fuel management plan and a local buffer stock, supported by an adequate budget for all the fuel needs for vehicles, cooking and heating, as relevant and as required, at all times. (88.95)","Inputs: Operational Guidelines","Operational guidelines, protocols related to cross-cutting supporting systems (management, human resources, health information system, infrastructure, supplies and equipment, health financing, organization of health services)","Supporting systems","Input OperGuide","both",null,4,4,4,4,3,4,16,null,0,{"$nulls":3},0,null,0,4,4,{"$nulls":4},{"$f":"(AD459*'MS-8,9,10 Domain 3 Weights'!$B$2)+(AE459*'MS-8,9,10 Domain 3 Weights'!$B$3)+(AF459*'MS-8,9,10 Domain 3 Weights'!$B$4)+(AG459*'MS-8,9,10 Domain 3 Weights'!$B$5)","v":0},3,3,3,9,"No","NOT SELECTED","NOT SELECTED","InR"]
[" 8.1","8",10,"MS-7",null,"10.  The health facility has sufficient funds and staff for rehabilitation, improvement and continuous operation and maintenance of the facility infrastructure. (88.76)","Inputs: financing","Financing of cross-cutting supporting systems (energy, fuel for vehicles)","Supporting systems","Input Financing","both",null,4,4,4,4,3,4,16,null,0,{"$nulls":3},0,null,0,4,4,{"$nulls":4},{"$f":"(AD460*'MS-8,9,10 Domain 3 Weights'!$B$2)+(AE460*'MS-8,9,10 Domain 3 Weights'!$B$3)+(AF460*'MS-8,9,10 Domain 3 Weights'!$B$4)+(AG460*'MS-8,9,10 Domain 3 Weights'!$B$5)","v":0},3,3,3,9,"No","NOT SELECTED","NOT SELECTED","InR"]
[" 8.1","8",11,"MS-7",null,"11.  The health facility has sufficient safety measures, including safe windows and doors, operational fire extinguishers for each area and floor, a clearly designed plan of evacuation in case of emergency and sufficient external barriers. (92.21)","Inputs: Infrastructure, equipment, supplies  cross-cutting","Infrastructure cross-cutting (power source)","Supporting systems","Input InfrastMedSupEquip","both",null,4,4,4,4,3,4,16,null,0,{"$nulls":3},0,null,0,4,4,{"$nulls":4},{"$f":"(AD461*'MS-8,9,10 Domain 3 Weights'!$B$2)+(AE461*'MS-8,9,10 Domain 3 Weights'!$B$3)+(AF461*'MS-8,9,10 Domain 3 Weights'!$B$4)+(AG461*'MS-8,9,10 Domain 3 Weights'!$B$5)","v":0},3,3,3,9,"No","NOT SELECTED","NOT SELECTED","InR"]
[" 8.1","8",12,"MS-7",null,"1.     Number of power failures lasting > 2 h during the past month. (86.03)","Inputs: Infrastructure, equipment, supplies  cross-cutting","Availability of essential medicines, equipment, power, water and WASH supplies ","Supporting systems","Outcome","both",null,4,4,4,4,3,4,16,null,0,{"$nulls":3},0,null,0,4,4,{"$nulls":4},{"$f":"(AD462*'MS-8,9,10 Domain 3 Weights'!$B$2)+(AE462*'MS-8,9,10 Domain 3 Weights'!$B$3)+(AF462*'MS-8,9,10 Domain 3 Weights'!$B$4)+(AG462*'MS-8,9,10 Domain 3 Weights'!$B$5)","v":0},3,3,3,9,"No","NOT SELECTED","NOT SELECTED","InR"]
[" 8.1","8",13,"MS-7",null,"1.     Proportion of all children and their families who attended the health facility who were satisfied with its cleanliness. (85.85)","",null,"Supporting systems","Outcome","both",null,4,4,4,4,3,4,16,null,0,{"$nulls":3},0,null,0,4,4,{"$nulls":4},{"$f":"(AD463*'MS-8,9,10 Domain 3 Weights'!$B$2)+(AE463*'MS-8,9,10 Domain 3 Weights'!$B$3)+(AF463*'MS-8,9,10 Domain 3 Weights'!$B$4)+(AG463*'MS-8,9,10 Domain 3 Weights'!$B$5)","v":0},3,3,3,9,"No","NOT SELECTED","NOT SELECTED","Client"]
[" 8.1","8",14,"MS-7",null,"2.     Proportion of all children and their families who attended the health facility who were satisfied with the availability of child-friendly amenities for education and play. (84.64)","Outcomes: client/career satisfaction","Clients's satisfaction with WASH, cleanliness, child-friendliness, reccomends  the facility to others","Supporting systems","Outcome","both",null,3,4,4,3,4,4,14,null,0,{"$nulls":3},0,null,0,5,5,{"$nulls":4},{"$f":"(AD464*'MS-8,9,10 Domain 3 Weights'!$B$2)+(AE464*'MS-8,9,10 Domain 3 Weights'!$B$3)+(AF464*'MS-8,9,10 Domain 3 Weights'!$B$4)+(AG464*'MS-8,9,10 Domain 3 Weights'!$B$5)","v":0},3,3,3,9,"Yes","NOT SELECTED","NOT SELECTED","Client"]
[" 8.1","8",15,"MS-7",null,"3.     Proportion of children and their families who attended the health facility who would recommend the health facility to friends and family. (82.79)","Outcomes: client/career satisfaction","Clients's satisfaction with WASH, cleanliness, child-friendliness, reccomends  the facility to others","Supporting systems","Outcome","both",null,4,4,4,4,4,4,16,null,0,{"$nulls":3},0,null,0,5,5,{"$nulls":4},{"$f":"(AD465*'MS-8,9,10 Domain 3 Weights'!$B$2)+(AE465*'MS-8,9,10 Domain 3 Weights'!$B$3)+(AF465*'MS-8,9,10 Domain 3 Weights'!$B$4)+(AG465*'MS-8,9,10 Domain 3 Weights'!$B$5)","v":0},3,3,3,9,"Yes","SELECTED","NOT SELECTED","Client"]
[" 8.2","8",1,"MS-7",null,"1.     The health facility has written, up-to-date protocols and awareness-raising materials (e.g. posters) on cleaning, disinfection, hand hygiene, maintenance of water, sanitation and hygiene facilities and safe waste management. (93.65)","Inputs: Operational Guidelines","Operational guidelines, protocols related to cross-cutting supporting systems (management, human resources, health information system, infrastructure, supplies and equipment, health financing, organization of health services)","Supporting systems","Input OperGuide","both","14 IPC/WASH",4,4,4,3,3,4,{"$f":"SUM(M466:P466)","v":15},null,0,{"$nulls":3},0,null,0,4,4,{"$nulls":4},{"$f":"(AD466*'MS-8,9,10 Domain 3 Weights'!$B$2)+(AE466*'MS-8,9,10 Domain 3 Weights'!$B$3)+(AF466*'MS-8,9,10 Domain 3 Weights'!$B$4)+(AG466*'MS-8,9,10 Domain 3 Weights'!$B$5)","v":0},3,3,3,9,"No","NOT SELECTED","NOT SELECTED","Client"]
[" 8.2","8",2,"MS-7",null,"2.     The health facility has a functioning source of safe water located on the premises that is adequate to meet all demands (according to WHO standards), for drinking, personal hygiene, medical interventions (formula, ORS, nutritional supplements and medicines), cleaning, laundry and cooking for use by staff, children and their families. (94.47)","Inputs: Infrastructure, equipment, supplies  cross-cutting","Infrastructure/equipment cross-cutting (e.g. WASH)","Supporting systems","Input InfrastMedSupEquip","both","14 IPC/WASH",4,4,4,4,3,4,{"$f":"SUM(M467:P467)","v":16},null,0,{"$nulls":3},0,null,0,5,5,{"$nulls":4},{"$f":"(AD467*'MS-8,9,10 Domain 3 Weights'!$B$2)+(AE467*'MS-8,9,10 Domain 3 Weights'!$B$3)+(AF467*'MS-8,9,10 Domain 3 Weights'!$B$4)+(AG467*'MS-8,9,10 Domain 3 Weights'!$B$5)","v":0},3,3,3,9,"Yes","SELECTED","NOT SELECTED","InR",null,"Note: Meg Suggested following revisions: The health facility has a functioning source of improvedsafe water located on the premises that is adequate to meet all demands needs (according to WHO standards), for drinking, personal hygiene, medical interventions (formula, ORS, nutritional supplements and medicines), cleaning, laundry and cooking for use by staff, children and their families. (94.47)"]
[" 8.2","8",3,"MS-7",null,"3.     The health facility has drinking-water stations that are either low or have a stool for easy reach, and small cups are available for children. (87.25)","Inputs: Infrastructure, equipment client-centered","Infrastructure for client-centered practices","Supporting systems","Input InfrastMedSupEquip","both","14 IPC/WASH",4,4,4,3,3,4,15,null,0,{"$nulls":3},0,null,0,4,4,{"$nulls":4},{"$f":"(AD468*'MS-8,9,10 Domain 3 Weights'!$B$2)+(AE468*'MS-8,9,10 Domain 3 Weights'!$B$3)+(AF468*'MS-8,9,10 Domain 3 Weights'!$B$4)+(AG468*'MS-8,9,10 Domain 3 Weights'!$B$5)","v":0},3,3,3,9,"No","NOT SELECTED","NOT SELECTED","InR"]
[" 8.2","8",4,"MS-7",null,"4.     The health facility has leak-proof, covered, labelled waste bins and impermeable sharps containers in every treatment area to allow segregation of waste into three categories: sharps, non-sharps infectious waste and general non-infectious waste. (93.39)","Inputs: Infrastructure, equipment, supplies  cross-cutting","Infrastructure/equipment cross-cutting (e.g. WASH)","Supporting systems","Input InfrastMedSupEquip","both","14 IPC/WASH",4,4,4,3,3,4,15,null,0,{"$nulls":3},0,null,0,4,4,{"$nulls":4},{"$f":"(AD469*'MS-8,9,10 Domain 3 Weights'!$B$2)+(AE469*'MS-8,9,10 Domain 3 Weights'!$B$3)+(AF469*'MS-8,9,10 Domain 3 Weights'!$B$4)+(AG469*'MS-8,9,10 Domain 3 Weights'!$B$5)","v":0},3,3,3,9,"No","NOT SELECTED","NOT SELECTED","InR"]
[" 8.2","8",5,"MS-7",null,"5.     The health facility has at least one functioning hand hygiene station per 10 beds, with soap and water or alcohol-based hand rubs, in all wards, at least one of which is accessible to children (i.e. lower or with a stool to reach taps). (92.70)","Inputs: Infrastructure, equipment, supplies  cross-cutting","Infrastructure/equipment cross-cutting (e.g. WASH)","Supporting systems","Input InfrastMedSupEquip","Inpatient","14 IPC/WASH",4,4,4,3,4,4,{"$f":"SUM(M470:R470)","v":23},null,{"$f":"IF(D470=\"MS-1\",T470*(VLOOKUP(J470,_tbl.MS1,3,FALSE)),T470)","v":0},{"$nulls":3},0,null,0,5,5,{"$nulls":4},{"$f":"(AD470*'MS-8,9,10 Domain 3 Weights'!$B$2)+(AE470*'MS-8,9,10 Domain 3 Weights'!$B$3)+(AF470*'MS-8,9,10 Domain 3 Weights'!$B$4)+(AG470*'MS-8,9,10 Domain 3 Weights'!$B$5)","v":0},3,3,3,9,"Yes","SELECTED","NOT SELECTED","InR",null,"reflected in standard 1.14"]
[" 8.2","8",6,"MS-7",null,"6.     The health facility has baths and other hygiene facilities on the premises that are appropriately lit, accessible to people with limited mobility, adapted for use by young children and segregated by sex for older children and carers. (92.01)","Inputs: Infrastructure, equipment client-centered","Infrastructure for client-centered practices","Supporting systems","Input InfrastMedSupEquip","both","14 IPC/WASH",4,4,4,4,3,4,16,null,0,{"$nulls":3},0,null,0,4,4,{"$nulls":4},{"$f":"(AD471*'MS-8,9,10 Domain 3 Weights'!$B$2)+(AE471*'MS-8,9,10 Domain 3 Weights'!$B$3)+(AF471*'MS-8,9,10 Domain 3 Weights'!$B$4)+(AG471*'MS-8,9,10 Domain 3 Weights'!$B$5)","v":0},3,3,3,9,"No","NOT SELECTED","NOT SELECTED","InR"]
[" 8.2","8",7,"MS-7",null,"7.     The health facility has sanitation facilities (e.g. pans, toilets, latrines) on the premises for infants, children and young adolescents that are adapted for their use (with, e.g. smaller seats or latrines, child-sized bed pans), segregated by sex for older children, appropriately lit and accessible to people with limited mobility. (91.44)","Inputs: Infrastructure, equipment client-centered","Infrastructure for client-centered practices","Supporting systems","Input InfrastMedSupEquip","both","14 IPC/WASH",4,4,4,4,3,4,16,null,0,{"$nulls":3},0,null,0,5,5,{"$nulls":4},{"$f":"(AD472*'MS-8,9,10 Domain 3 Weights'!$B$2)+(AE472*'MS-8,9,10 Domain 3 Weights'!$B$3)+(AF472*'MS-8,9,10 Domain 3 Weights'!$B$4)+(AG472*'MS-8,9,10 Domain 3 Weights'!$B$5)","v":0},3,3,3,9,"Yes","SELECTED","NOT SELECTED","InR",null,"Note: Meg suggested following revision of the measure: The health facility has usable sanitation facilities (e.g. pans, toilets, latrines) on the premises for infants, children and young adolescents that are adapted for their use (with, e.g. smaller seats and step stools to reach seat or latrines with smaller drop hole, child-sized bed pans), segregated by sex for older children, appropriately lit and accessible to people with limited mobility. (91.44)"]
[" 8.2","8",8,"MS-7",null,"8.     The health facility that offers surgery has a designated station for preoperative hand scrubbing and adequate supplies of appropriate surgical scrub materials. (95.35)","Inputs: Infrastructure, equipment, supplies  cross-cutting","Infrastructure/equipment cross-cutting inpatient (e.g. WASH)","Supporting systems","Input InfrastMedSupEquip","Inpatient","14 IPC/WASH",4,4,4,3,3,4,15,null,0,{"$nulls":3},0,null,0,4,4,{"$nulls":4},{"$f":"(AD473*'MS-8,9,10 Domain 3 Weights'!$B$2)+(AE473*'MS-8,9,10 Domain 3 Weights'!$B$3)+(AF473*'MS-8,9,10 Domain 3 Weights'!$B$4)+(AG473*'MS-8,9,10 Domain 3 Weights'!$B$5)","v":0},3,3,3,9,"No","NOT SELECTED","NOT SELECTED","InR"]
[" 8.2","8",9,"MS-7",null,"9.     The health facility has a dedicated nappy-changing station, with appropriate waste disposal and hand-washing facilities nearby. (88.93)","Inputs: Infrastructure, equipment, supplies  cross-cutting","Infrastructure/equipment cross-cutting (e.g. WASH)","Supporting systems","Input InfrastMedSupEquip","both","14 IPC/WASH",4,4,4,3,3,4,15,null,0,{"$nulls":3},0,null,0,4,4,{"$nulls":4},{"$f":"(AD474*'MS-8,9,10 Domain 3 Weights'!$B$2)+(AE474*'MS-8,9,10 Domain 3 Weights'!$B$3)+(AF474*'MS-8,9,10 Domain 3 Weights'!$B$4)+(AG474*'MS-8,9,10 Domain 3 Weights'!$B$5)","v":0},3,3,3,9,"No","NOT SELECTED","NOT SELECTED","InR"]
[" 8.2","8",10,"MS-7",null,"10.  The health facility has sufficient trained, competent staff for cleaning, operating and maintaining water, sanitation, hygiene and health care waste facilities, on site when needed, and clear descriptions of their responsibilities. (91.96)","Inputs: Human resources","Human resources: specific non-clinical training","Supporting systems","Input HumRes","both","14 IPC/WASH",4,4,4,3,3,4,15,null,0,{"$nulls":3},0,null,0,4,4,{"$nulls":4},{"$f":"(AD475*'MS-8,9,10 Domain 3 Weights'!$B$2)+(AE475*'MS-8,9,10 Domain 3 Weights'!$B$3)+(AF475*'MS-8,9,10 Domain 3 Weights'!$B$4)+(AG475*'MS-8,9,10 Domain 3 Weights'!$B$5)","v":0},3,3,3,9,"No","NOT SELECTED","NOT SELECTED","InR"]
[" 8.2","8",11,"MS-7",null,"11.  The health facility has sufficient funds for rehabilitation, improvement and continuous operation and maintenance of water, sanitation, hygiene and waste management infrastructure. (87.86)","Inputs: financing","Financing of cross-cutting supporting systems (energy, fuel for vehicles)","Supporting systems","Input Financing","Both","14 IPC/WASH",4,4,4,3,3,4,15,null,0,{"$nulls":3},0,null,0,4,4,{"$nulls":4},{"$f":"(AD476*'MS-8,9,10 Domain 3 Weights'!$B$2)+(AE476*'MS-8,9,10 Domain 3 Weights'!$B$3)+(AF476*'MS-8,9,10 Domain 3 Weights'!$B$4)+(AG476*'MS-8,9,10 Domain 3 Weights'!$B$5)","v":0},3,3,3,9,"No","NOT SELECTED","NOT SELECTED","InR"]
[" 8.2","8",12,"MS-7",null,"12.  The health facility has adequate laundry facilities, including water, detergent and space for drying. (91.70) ","Inputs: Infrastructure, equipment, supplies  cross-cutting","Infrastructure/equipment cross-cutting (e.g. WASH)","Supporting systems","Input InfrastMedSupEquip","Both","14 IPC/WASH",4,4,4,3,3,4,15,null,0,{"$nulls":3},0,null,0,4,4,{"$nulls":4},{"$f":"(AD477*'MS-8,9,10 Domain 3 Weights'!$B$2)+(AE477*'MS-8,9,10 Domain 3 Weights'!$B$3)+(AF477*'MS-8,9,10 Domain 3 Weights'!$B$4)+(AG477*'MS-8,9,10 Domain 3 Weights'!$B$5)","v":0},3,3,3,9,"No","NOT SELECTED","NOT SELECTED","InR"]
[" 8.2","8",13,"MS-7",null,"13.  Health facility professionals and support staff and carers are educated and trained in good hygiene, including regular hand-washing after changing nappies, before feeding and after using toilets. (90.87) ","Inputs: Human resources","Human resources: specific non-clinical training","Supporting systems","Input HumRes","Both","14 IPC/WASH",4,4,4,3,3,4,15,null,0,{"$nulls":3},0,null,0,4,4,{"$nulls":4},{"$f":"(AD478*'MS-8,9,10 Domain 3 Weights'!$B$2)+(AE478*'MS-8,9,10 Domain 3 Weights'!$B$3)+(AF478*'MS-8,9,10 Domain 3 Weights'!$B$4)+(AG478*'MS-8,9,10 Domain 3 Weights'!$B$5)","v":0},3,3,3,9,"No","NOT SELECTED","NOT SELECTED","Prov"]
[" 8.2","8",14,"MS-7",null,"14.  The health facility has an environmental health management risk plan, with an adequate budget, for managing and improving water, sanitation, hygiene and waste management services, including infection prevention and control. (89.53)","Inputs: Operational Guidelines","Operational guidelines, protocols related to cross-cutting supporting systems (management, human resources, health information system, infrastructure, supplies and equipment, health financing, organization of health services)","Supporting systems","Input OperGuide","Both","14 IPC/WASH",4,4,4,3,3,4,15,null,0,{"$nulls":3},0,null,0,4,4,{"$nulls":4},{"$f":"(AD479*'MS-8,9,10 Domain 3 Weights'!$B$2)+(AE479*'MS-8,9,10 Domain 3 Weights'!$B$3)+(AF479*'MS-8,9,10 Domain 3 Weights'!$B$4)+(AG479*'MS-8,9,10 Domain 3 Weights'!$B$5)","v":0},3,3,3,9,"No","NOT SELECTED","NOT SELECTED","InR"]
[" 8.2","8",15,"MS-7",null,"15.  Health facility staff promote safe hygiene practices in caring for infants, children and young adolescents, including safe disposal and management of children’s faeces (88.40)","Inputs: Infrastructure, equipment, supplies  cross-cutting","Availability of essential medicines, equipment, power, water and WASH supplies ","Supporting systems","Input InfrastMedSupEquip","Both","14 IPC/WASH",4,4,4,3,3,4,15,null,0,{"$nulls":3},0,null,0,4,4,{"$nulls":4},{"$f":"(AD480*'MS-8,9,10 Domain 3 Weights'!$B$2)+(AE480*'MS-8,9,10 Domain 3 Weights'!$B$3)+(AF480*'MS-8,9,10 Domain 3 Weights'!$B$4)+(AG480*'MS-8,9,10 Domain 3 Weights'!$B$5)","v":0},3,3,3,9,"No","NOT SELECTED","NOT SELECTED","Obs"]
[" 8.2","8",16,"MS-7",null,"1.     Proportion of days in the past 3 months when water from an improved source was not available on the premises. (87.27)","Inputs: Infrastructure, equipment, supplies  cross-cutting","Availability of essential medicines, equipment, power, water and WASH supplies ","Supporting systems","Input InfrastMedSupEquip","Both","14 IPC/WASH",4,4,3,4,3,4,15,null,0,{"$nulls":3},0,null,0,4,4,{"$nulls":4},{"$f":"(AD481*'MS-8,9,10 Domain 3 Weights'!$B$2)+(AE481*'MS-8,9,10 Domain 3 Weights'!$B$3)+(AF481*'MS-8,9,10 Domain 3 Weights'!$B$4)+(AG481*'MS-8,9,10 Domain 3 Weights'!$B$5)","v":0},3,3,3,9,"No","NOT SELECTED","NOT SELECTED","InR"]
[" 8.2","8",17,"MS-7",null,"2.     Proportion of days in the past 3 months when soap or hand disinfectant were not available. (86.82)","Inputs: Infrastructure, equipment, supplies  cross-cutting","Availability of essential medicines, equipment, power, water and WASH supplies ","Supporting systems","Input InfrastMedSupEquip","Both","14 IPC/WASH",4,4,3,4,3,4,15,null,0,{"$nulls":3},0,null,0,4,4,{"$nulls":4},{"$f":"(AD482*'MS-8,9,10 Domain 3 Weights'!$B$2)+(AE482*'MS-8,9,10 Domain 3 Weights'!$B$3)+(AF482*'MS-8,9,10 Domain 3 Weights'!$B$4)+(AG482*'MS-8,9,10 Domain 3 Weights'!$B$5)","v":0},3,3,3,9,"No","NOT SELECTED","NOT SELECTED","InR"]
[" 8.2","8",18,"MS-7",null,"3.     Proportion of days per calendar year on which wastes were not safely segregated into at least three bins in the consultation area and sharps and infectious wastes were not treated and disposed of safely. (77.53)","Inputs: Infrastructure, equipment, supplies  cross-cutting","Availability of essential medicines, equipment, power, water and WASH supplies ","Supporting systems","Input InfrastMedSupEquip","Both","14 IPC/WASH",4,4,3,4,3,4,15,null,0,{"$nulls":3},0,null,0,4,4,{"$nulls":4},{"$f":"(AD483*'MS-8,9,10 Domain 3 Weights'!$B$2)+(AE483*'MS-8,9,10 Domain 3 Weights'!$B$3)+(AF483*'MS-8,9,10 Domain 3 Weights'!$B$4)+(AG483*'MS-8,9,10 Domain 3 Weights'!$B$5)","v":0},3,3,3,9,"No","NOT SELECTED","NOT SELECTED","InR"]
[" 8.2","8",19,"MS-7",null,"4.     Proportion of health facility health professionals and support staff who received training or mentoring in sanitation, hand hygiene and infection prevention and control in the past 6 months. (89.66)","Inputs: Human resources","Human resources: specific non-clinical training","Supporting systems","Input HumRes","Both","14 IPC/WASH",4,4,3,4,3,4,15,null,0,{"$nulls":3},0,null,0,4,4,{"$nulls":4},{"$f":"(AD484*'MS-8,9,10 Domain 3 Weights'!$B$2)+(AE484*'MS-8,9,10 Domain 3 Weights'!$B$3)+(AF484*'MS-8,9,10 Domain 3 Weights'!$B$4)+(AG484*'MS-8,9,10 Domain 3 Weights'!$B$5)","v":0},3,3,3,9,"No","NOT SELECTED","NOT SELECTED","Prov"]
[" 8.2","8",21,"MS-7",null,"2.     Proportion of all health care staff at the health facility who are satisfied with the water, sanitation and waste management services. (86.02)","Inputs: Human resources","Satisfaction (staff/providers)","Supporting systems","Input HumRes","Both","14 IPC/WASH",4,4,4,3,3,4,15,null,0,{"$nulls":3},0,null,0,4,4,{"$nulls":4},{"$f":"(AD485*'MS-8,9,10 Domain 3 Weights'!$B$2)+(AE485*'MS-8,9,10 Domain 3 Weights'!$B$3)+(AF485*'MS-8,9,10 Domain 3 Weights'!$B$4)+(AG485*'MS-8,9,10 Domain 3 Weights'!$B$5)","v":0},3,3,3,9,"No","NOT SELECTED","NOT SELECTED","Prov"]
[" 8.2","8",22,"MS-7",null,"3.     Proportion of children and their families who attended the health facility who observed that the health providers washed their hands or used an alcohol rub before examining them. (77.06)","Outcomes: client-centered practices","Care providers washed hands confirmed by observation from careers","Supporting systems","Process","Both","14 IPC/WASH",4,4,4,4,3,4,16,null,0,{"$nulls":3},0,null,0,5,5,{"$nulls":4},{"$f":"(AD486*'MS-8,9,10 Domain 3 Weights'!$B$2)+(AE486*'MS-8,9,10 Domain 3 Weights'!$B$3)+(AF486*'MS-8,9,10 Domain 3 Weights'!$B$4)+(AG486*'MS-8,9,10 Domain 3 Weights'!$B$5)","v":0},3,3,3,9,"Yes","SELECTED","NOT SELECTED","Client"]
[" 8.2","8",20,"MS-7",null,"1.     Proportion of children and their families at the health facility who are satisfied with the water, sanitation and waste management services. (83.67)","Outcomes: client/career satisfaction","Clients's satisfaction with WASH, cleanliness, child-friendliness, reccomends  the facility to others","Supporting systems","Outcome","Both","14 IPC/WASH",4,4,4,3,3,4,15,null,0,{"$nulls":3},0,null,0,4,4,{"$nulls":4},{"$f":"(AD487*'MS-8,9,10 Domain 3 Weights'!$B$2)+(AE487*'MS-8,9,10 Domain 3 Weights'!$B$3)+(AF487*'MS-8,9,10 Domain 3 Weights'!$B$4)+(AG487*'MS-8,9,10 Domain 3 Weights'!$B$5)","v":0},3,3,3,9,"No","NOT SELECTED","NOT SELECTED","Client"]
[" 8.3","8",1,"MS-7",null,"1.     The health facility has functioning, clean, age-appropriate essential equipment and supplies for routine care and management of complications at all times in all areas for child care. (94.01)","Inputs: Infrastructure, equipment, supplies  cross-cutting","Supplies and  equipment cross-cutting (essential medicines) ","Supporting systems","Input InfrastMedSupEquip","Both",null,4,4,3,5,3,3,{"$f":"SUM(M488:P488)","v":16},null,0,{"$nulls":3},0,null,0,5,5,{"$nulls":4},{"$f":"(AD488*'MS-8,9,10 Domain 3 Weights'!$B$2)+(AE488*'MS-8,9,10 Domain 3 Weights'!$B$3)+(AF488*'MS-8,9,10 Domain 3 Weights'!$B$4)+(AG488*'MS-8,9,10 Domain 3 Weights'!$B$5)","v":0},4,3,3,10,"Yes","SELECTED","NOT SELECTED","InR",null,"shell we include laboratory here as well. This is similar to indicator #5 in the same standard"]
[" 8.3","8",2,"MS-7",null,"2.     Equipment user manuals and instructions are available, with laminated job aids on how to operate and use the equipment. (89.57)","Inputs: Operational Guidelines","Operational guidelines, protocols related to care provision","Supporting systems","Input OperGuide","Both",null,4,4,3,5,3,null,{"$f":"SUM(M489:P489)","v":16},null,0,{"$nulls":3},0,null,0,4,4,{"$nulls":4},{"$f":"(AD489*'MS-8,9,10 Domain 3 Weights'!$B$2)+(AE489*'MS-8,9,10 Domain 3 Weights'!$B$3)+(AF489*'MS-8,9,10 Domain 3 Weights'!$B$4)+(AG489*'MS-8,9,10 Domain 3 Weights'!$B$5)","v":0},4,3,3,10,"No","NOT SELECTED","NOT SELECTED","InR"]
[" 8.3","8",3,"MS-7",null,"3.     The health facility has a functioning, well-equipped resuscitation trolley for paediatric emergency resuscitation and care with readily accessible and identifiable age-appropriate medicines, resuscitation equipment and supplies (e.g. suction device, pulse oximeter, laryngoscope, endotracheal tubes, bag valve masks, infusion sets) available at all times in areas designated for emergency care in outpatient areas and inpatient wards. (89.57)","Inputs: Infrastructure, equipment, supplies  cross-cutting","Supplies and  equipment cross-cutting (essential medicines) ","Supporting systems","Input InfrastMedSupEquip","Both",null,4,3,5,4,3,null,16,null,0,{"$nulls":3},0,null,0,5,5,{"$nulls":4},{"$f":"(AD490*'MS-8,9,10 Domain 3 Weights'!$B$2)+(AE490*'MS-8,9,10 Domain 3 Weights'!$B$3)+(AF490*'MS-8,9,10 Domain 3 Weights'!$B$4)+(AG490*'MS-8,9,10 Domain 3 Weights'!$B$5)","v":0},4,3,3,10,"Yes","SELECTED","NOT SELECTED","InR",null,"this is similar to Standard 1.1. "]
[" 8.3","8",4,"MS-7",null,"4.     The health facility has a safe, uninterrupted source of oxygen and equipment for delivery (age-appropriate nasal prongs, catheters and face masks) available at all times in children’s wards and emergency areas. (95.72)","Inputs: Infrastructure, equipment, supplies  cross-cutting","Supplies and  equipment cross-cutting (essential medicines) inpatient","Supporting systems","Input InfrastMedSupEquip","Inpatient",null,4,4,3,5,3,4,16,null,0,{"$nulls":3},0,null,0,4,4,{"$nulls":4},{"$f":"(AD491*'MS-8,9,10 Domain 3 Weights'!$B$2)+(AE491*'MS-8,9,10 Domain 3 Weights'!$B$3)+(AF491*'MS-8,9,10 Domain 3 Weights'!$B$4)+(AG491*'MS-8,9,10 Domain 3 Weights'!$B$5)","v":0},4,3,3,10,"No","NOT SELECTED","NOT SELECTED","InR"]
[" 8.3","8",5,"MS-7",null,"5.     The health facility has basic equipment (X-ray, ultrasound and basic laboratory equipment) for diagnosis and management of common childhood illnesses and conditions. (94.30)","Inputs: Infrastructure, equipment, supplies  cross-cutting","Supplies and  equipment cross-cutting (essential medicines) ","Supporting systems","Input InfrastMedSupEquip","Both",null,4,4,3,5,3,3,16,null,0,{"$nulls":3},0,null,0,4,4,{"$nulls":4},{"$f":"(AD492*'MS-8,9,10 Domain 3 Weights'!$B$2)+(AE492*'MS-8,9,10 Domain 3 Weights'!$B$3)+(AF492*'MS-8,9,10 Domain 3 Weights'!$B$4)+(AG492*'MS-8,9,10 Domain 3 Weights'!$B$5)","v":0},4,3,3,10,"No","NOT SELECTED","NOT SELECTED","InR"]
[" 8.3","8",6,"MS-7",null,"6.     The health facility has culturally and age-appropriate toys, games, books and facilities for play and entertainment of children on wards and in play and recreational areas. 85.25)","Inputs: Infrastructure, equipment client-centered","Supplies and  equipment for client-centered practices inpatient","Supporting systems","Input InfrastMedSupEquip","Inpatient",null,4,4,4,5,3,3,17,null,0,{"$nulls":3},0,null,0,4,4,{"$nulls":4},{"$f":"(AD493*'MS-8,9,10 Domain 3 Weights'!$B$2)+(AE493*'MS-8,9,10 Domain 3 Weights'!$B$3)+(AF493*'MS-8,9,10 Domain 3 Weights'!$B$4)+(AG493*'MS-8,9,10 Domain 3 Weights'!$B$5)","v":0},4,3,3,10,"No","NOT SELECTED","NOT SELECTED","InR"]
[" 8.3","8",7,"MS-7",null,"7.     The health facility has a dedicated budget for essential equipment and its maintenance. (89.19)","Inputs: financing","Financing of cross-cutting supporting systems (energy, fuel for vehicles)","Supporting systems","Input Financing","Both",null,4,4,3,5,3,3,16,null,0,{"$nulls":3},0,null,0,4,4,{"$nulls":4},{"$f":"(AD494*'MS-8,9,10 Domain 3 Weights'!$B$2)+(AE494*'MS-8,9,10 Domain 3 Weights'!$B$3)+(AF494*'MS-8,9,10 Domain 3 Weights'!$B$4)+(AG494*'MS-8,9,10 Domain 3 Weights'!$B$5)","v":0},4,3,3,10,"No","NOT SELECTED","NOT SELECTED","InR"]
[" 8.3","8",8,"MS-7",null,"8.     The health facility has the minimum requirements for an adequate cold chain, with a functioning refrigerator and a temperature monitoring device, and the temperature has been maintained between 2 and 8 ªC for the past 30 days. (95.09)","Inputs: management and oversight","Oversight and management on  cross-cutting supporting  systems","Supporting systems","Input Over&Man","Both",null,4,4,2,4,3,3,14,null,0,{"$nulls":3},0,null,0,4,4,{"$nulls":4},{"$f":"(AD495*'MS-8,9,10 Domain 3 Weights'!$B$2)+(AE495*'MS-8,9,10 Domain 3 Weights'!$B$3)+(AF495*'MS-8,9,10 Domain 3 Weights'!$B$4)+(AG495*'MS-8,9,10 Domain 3 Weights'!$B$5)","v":0},4,3,3,10,"No","NOT SELECTED","NOT SELECTED","InR"]
[" 8.3","8",9,"MS-7",null,"9.     The health facility has an updated inventory of medical equipment, with documentation of breakage or malfunction and dates of repair or replacement. (91.18)","Inputs: management and oversight","Oversight and management on  cross-cutting supporting  systems","Supporting systems","Input Over&Man","Both",null,4,4,3,5,3,3,16,null,0,{"$nulls":3},0,null,0,5,5,{"$nulls":4},{"$f":"(AD496*'MS-8,9,10 Domain 3 Weights'!$B$2)+(AE496*'MS-8,9,10 Domain 3 Weights'!$B$3)+(AF496*'MS-8,9,10 Domain 3 Weights'!$B$4)+(AG496*'MS-8,9,10 Domain 3 Weights'!$B$5)","v":0},4,3,3,10,"Yes","SELECTED","NOT SELECTED","InR"]
[" 8.3","8",10,"MS-7",null,"10.  The health facility has functioning age- and size-appropriate beds and furnishings (chairs, tables) on paediatric wards or areas designated for child care. (90.81)","Inputs: Infrastructure, equipment client-centered","Supplies and  equipment for client-centered practices","Supporting systems","Input InfrastMedSupEquip","Inpatient",null,4,4,3,4,3,3,15,null,0,{"$nulls":3},0,null,0,4,4,{"$nulls":4},{"$f":"(AD497*'MS-8,9,10 Domain 3 Weights'!$B$2)+(AE497*'MS-8,9,10 Domain 3 Weights'!$B$3)+(AF497*'MS-8,9,10 Domain 3 Weights'!$B$4)+(AG497*'MS-8,9,10 Domain 3 Weights'!$B$5)","v":0},4,3,3,10,"No","NOT SELECTED","NOT SELECTED","InR"]
[" 8.3","8",11,"MS-7",null,"1.     Proportion of all children admitted to the health facility who received age-appropriate play and entertainment materials during the last 3 days of their stay. (78.23)","Inputs: Infrastructure, equipment client-centered","Supplies and  equipment for client-centered practices inpatient","Supporting systems","Process","Inpatient",null,4,4,3,4,3,3,15,null,0,{"$nulls":3},0,null,0,4,4,{"$nulls":4},{"$f":"(AD498*'MS-8,9,10 Domain 3 Weights'!$B$2)+(AE498*'MS-8,9,10 Domain 3 Weights'!$B$3)+(AF498*'MS-8,9,10 Domain 3 Weights'!$B$4)+(AG498*'MS-8,9,10 Domain 3 Weights'!$B$5)","v":0},4,3,3,10,"No","NOT SELECTED","NOT SELECTED","Client",null,"Similar indicator exist in Standard #6"]
[" 8.3","8",12,"MS-7",null,"2.     Proportion of days per calendar year during which one or more essential item of equipment was not available. (81.28)","Inputs: Infrastructure, equipment, supplies  cross-cutting","Availability of essential medicines, equipment, power, water and WASH supplies ","Supporting systems","Input InfrastMedSupEquip","Inpatient","1 ASB/ETAT/Asses/class/full",4,4,3,5,3,3,16,null,0,{"$nulls":3},0,null,0,4,4,{"$nulls":4},{"$f":"(AD499*'MS-8,9,10 Domain 3 Weights'!$B$2)+(AE499*'MS-8,9,10 Domain 3 Weights'!$B$3)+(AF499*'MS-8,9,10 Domain 3 Weights'!$B$4)+(AG499*'MS-8,9,10 Domain 3 Weights'!$B$5)","v":0},4,3,3,10,"No","NOT SELECTED","NOT SELECTED","InR"]
[" 8.3","8",13,"MS-7",null,"1.     Proportion of days per calendar year during which an oxygen source and delivery were not available. (87.19)","Inputs: Organization and availability of health services","Availability of essential medicines, equipment, power, water and WASH supplies inpatient","Supporting systems","Input InfrastMedSupEquip","Inpatient",null,4,4,3,5,3,3,16,null,0,{"$nulls":3},0,null,0,5,5,{"$nulls":4},{"$f":"(AD500*'MS-8,9,10 Domain 3 Weights'!$B$2)+(AE500*'MS-8,9,10 Domain 3 Weights'!$B$3)+(AF500*'MS-8,9,10 Domain 3 Weights'!$B$4)+(AG500*'MS-8,9,10 Domain 3 Weights'!$B$5)","v":0},4,3,3,10,"Yes","SELECTED","NOT SELECTED","InR",null,"similar indicator exist in Standard 8.4"]
[" 8.3","8",14,"MS-7",null,"2.     Proportion of patients who did not receive essential care to the normal standard because one or more items of essential equipment was unavailable. (81.82)","Outomes: Access to medicines,  services and facilities, financial access to services","Access to medications and supplies in the  health facility","Supporting systems","Input InfrastMedSupEquip","Both",null,4,4,2,5,3,3,15,null,0,{"$nulls":3},0,null,0,4,4,{"$nulls":4},{"$f":"(AD501*'MS-8,9,10 Domain 3 Weights'!$B$2)+(AE501*'MS-8,9,10 Domain 3 Weights'!$B$3)+(AF501*'MS-8,9,10 Domain 3 Weights'!$B$4)+(AG501*'MS-8,9,10 Domain 3 Weights'!$B$5)","v":0},4,3,3,10,"No","NOT SELECTED","NOT SELECTED","InR"]
[" 8.3","8",15,"MS-7",null,"3.     Proportion of reviewed child deaths in which the child did not receive appropriate care because of lack of essential age-appropriate equipment. (90.28)","Outomes: Access to medicines,  services and facilities, financial access to services","Access to supplies, medicines, equipment inpatient","Supporting systems","Input InfrastMedSupEquip","Inpatient",null,4,4,3,5,3,3,16,null,0,{"$nulls":3},0,null,0,4,4,{"$nulls":4},{"$f":"(AD502*'MS-8,9,10 Domain 3 Weights'!$B$2)+(AE502*'MS-8,9,10 Domain 3 Weights'!$B$3)+(AF502*'MS-8,9,10 Domain 3 Weights'!$B$4)+(AG502*'MS-8,9,10 Domain 3 Weights'!$B$5)","v":0},4,3,3,10,"No","NOT SELECTED","NOT SELECTED","RIS"]
[" 8.4","8",1,"MS-7",null,"1.     The health facility has up-to-date, written protocols and guidance for safe storage of medicines in designated pharmacy cupboards or stores and for safe administration. (93.00)","Inputs: Operational Guidelines","Operational guidelines, protocols related to cross-cutting supporting systems (management, human resources, health information system, infrastructure, supplies and equipment, health financing, organization of health services)","Supporting systems","Input OperGuide","Both",null,4,4,4,4,3,3,16,null,0,{"$nulls":3},0,null,0,4,4,{"$nulls":4},{"$f":"(AD503*'MS-8,9,10 Domain 3 Weights'!$B$2)+(AE503*'MS-8,9,10 Domain 3 Weights'!$B$3)+(AF503*'MS-8,9,10 Domain 3 Weights'!$B$4)+(AG503*'MS-8,9,10 Domain 3 Weights'!$B$5)","v":0},3,3,3,9,"No","NOT SELECTED","NOT SELECTED","InR"]
[" 8.4","8",2,"MS-7",null,"2.     The health facility has an on-site pharmacy with trained pharmacists or dispensers available during all facility operating hours, who maintain an essential list of child-appropriate medicines and supplies, adequate stocks and an efficient stock management system. (95.08)","Inputs: Organization and availability of health services","Health Care Services (availability)","Supporting systems","Input Ser Avail","Both",null,4,4,4,4,3,3,16,null,0,{"$nulls":3},0,null,0,5,5,{"$nulls":4},{"$f":"(AD504*'MS-8,9,10 Domain 3 Weights'!$B$2)+(AE504*'MS-8,9,10 Domain 3 Weights'!$B$3)+(AF504*'MS-8,9,10 Domain 3 Weights'!$B$4)+(AG504*'MS-8,9,10 Domain 3 Weights'!$B$5)","v":0},4,3,3,10,"Yes","SELECTED","NOT SELECTED","InR"]
[" 8.4","8",3,"MS-7",null,"3.     The health facility has supplies of emergency and prereferral medicines that are readily accessible for severely ill children. (94.22)","Inputs: Infrastructure, equipment, supplies  cross-cutting","Availability of essential medicines, equipment, power, water and WASH supplies ","Supporting systems","Input InfrastMedSupEquip","Both",null,4,4,3,5,3,3,16,null,0,{"$nulls":3},0,null,0,5,5,{"$nulls":4},{"$f":"(AD505*'MS-8,9,10 Domain 3 Weights'!$B$2)+(AE505*'MS-8,9,10 Domain 3 Weights'!$B$3)+(AF505*'MS-8,9,10 Domain 3 Weights'!$B$4)+(AG505*'MS-8,9,10 Domain 3 Weights'!$B$5)","v":0},4,3,3,10,"Yes","SELECTED","NOT SELECTED","InR"]
[" 8.4","8",4,"MS-7",null,"4.     The health facility has supplies of first- and second-line injectable antibiotics, antimalarial agents and other essential medicines available at all times for the management of children. (94.70)","Inputs: Infrastructure, equipment, supplies  cross-cutting","Availability of essential medicines, equipment, power, water and WASH supplies ","Supporting systems","Input InfrastMedSupEquip","Both",null,4,4,3,5,3,3,16,null,0,{"$nulls":3},0,null,0,4,4,{"$nulls":4},{"$f":"(AD506*'MS-8,9,10 Domain 3 Weights'!$B$2)+(AE506*'MS-8,9,10 Domain 3 Weights'!$B$3)+(AF506*'MS-8,9,10 Domain 3 Weights'!$B$4)+(AG506*'MS-8,9,10 Domain 3 Weights'!$B$5)","v":0},3,3,3,9,"No","NOT SELECTED","NOT SELECTED","InR"]
[" 8.4","8",5,"MS-7",null,"5.     The health facility has supplies of essential vaccines available at all times for vaccination of children and young adolescents. (94.52)","Inputs: Infrastructure, equipment, supplies  cross-cutting","Availability of essential medicines, equipment, power, water and WASH supplies ","Supporting systems","Input InfrastMedSupEquip","Both",null,3,4,4,3,3,3,14,null,0,{"$nulls":3},0,null,0,4,4,{"$nulls":4},{"$f":"(AD507*'MS-8,9,10 Domain 3 Weights'!$B$2)+(AE507*'MS-8,9,10 Domain 3 Weights'!$B$3)+(AF507*'MS-8,9,10 Domain 3 Weights'!$B$4)+(AG507*'MS-8,9,10 Domain 3 Weights'!$B$5)","v":0},3,3,3,9,"No","NOT SELECTED","NOT SELECTED","InR",null,"This is reflected in standard  1.9"]
[" 8.4","8",6,"MS-7",null,"6.     The health facility has supplies of thermometers, age-appropriate weighing scales and wooden boards or metal beams with a mounted rule that permit measurement of crown-to-heel length (infants < 2 years lying down) or height (older children standing up) in centimetres. (95.36)","Inputs: Infrastructure, equipment, supplies  cross-cutting","Availability of essential medicines, equipment, power, water and WASH supplies ","Supporting systems","Input InfrastMedSupEquip","Both",null,3,4,3,3,3,3,13,null,0,{"$nulls":3},0,null,0,4,4,{"$nulls":4},{"$f":"(AD508*'MS-8,9,10 Domain 3 Weights'!$B$2)+(AE508*'MS-8,9,10 Domain 3 Weights'!$B$3)+(AF508*'MS-8,9,10 Domain 3 Weights'!$B$4)+(AG508*'MS-8,9,10 Domain 3 Weights'!$B$5)","v":0},3,3,3,9,"No","NOT SELECTED","NOT SELECTED","InR",null,"This belongs to Standard 8.3. "]
[" 8.4","8",7,"MS-7",null,"7.     The health facility has adequate essential child-friendly equipment and medical supplies, including an oxygen source, to support routine and emergency management of children. (94.04)","Inputs: Infrastructure, equipment, supplies  cross-cutting","Availability of essential medicines, equipment, power, water and WASH supplies ","Supporting systems","Input InfrastMedSupEquip","Both",null,3,4,3,3,3,3,13,null,0,{"$nulls":3},{"$f":"SUM(V509:X509)","v":0},null,0,4,4,{"$nulls":4},{"$f":"(AD509*'MS-8,9,10 Domain 3 Weights'!$B$2)+(AE509*'MS-8,9,10 Domain 3 Weights'!$B$3)+(AF509*'MS-8,9,10 Domain 3 Weights'!$B$4)+(AG509*'MS-8,9,10 Domain 3 Weights'!$B$5)","v":0},3,3,3,9,"No","NOT SELECTED","NOT SELECTED","InR"]
[" 8.4","8",8,"MS-7",null,"8.     The health facility has essential laboratory supplies (e.g. needles, reagents, specimen bottles) to support routine and emergency management of children. (94.88)","Inputs: Infrastructure, equipment, supplies  cross-cutting","Availability of essential medicines, equipment, power, water and WASH supplies ","Supporting systems","Input InfrastMedSupEquip","Both",null,4,4,3,5,3,3,16,null,0,{"$nulls":3},0,null,{"$f":"Z510","v":0},5,{"$f":"AB510","v":5},{"$nulls":4},{"$f":"(AD510*'MS-8,9,10 Domain 3 Weights'!$B$2)+(AE510*'MS-8,9,10 Domain 3 Weights'!$B$3)+(AF510*'MS-8,9,10 Domain 3 Weights'!$B$4)+(AG510*'MS-8,9,10 Domain 3 Weights'!$B$5)","v":0},4,3,3,{"$f":"SUM(AI510:AK510)","v":10},"Yes","SELECTED","NOT SELECTED","InR",null,"need consistency. Supplies is noted in standard 8.3. We need to agree whether we want laboratory in Standar 8.3 or 8.4. "]
[" 8.4","8",9,"MS-7",null,"9.     The facility has a system for the storage and distribution of all vaccines and their diluents in a cold-chain system maintained in the WHO-recommended temperature ranges at all times. (95.87)","Inputs: management and oversight","Oversight and management on  cross-cutting supporting  systems","Supporting systems","Input Over&Man","Both",null,4,4,3,5,3,3,16,null,0,{"$nulls":3},0,null,0,4,4,{"$nulls":4},{"$f":"(AD511*'MS-8,9,10 Domain 3 Weights'!$B$2)+(AE511*'MS-8,9,10 Domain 3 Weights'!$B$3)+(AF511*'MS-8,9,10 Domain 3 Weights'!$B$4)+(AG511*'MS-8,9,10 Domain 3 Weights'!$B$5)","v":0},3,3,3,9,{"$f":"IF(OR(U511>=$Q$2,Y511>=$Q$3,AA511>=$Q$4,AC511>=$Q$5,AH511>=$Q$6),\"Yes\",\"No\")","v":"No"},{"$f":"IF(AND(S511>=$Q$1,AM511=\"Yes\"),\"SELECTED\",\"NOT SELECTED\")","v":"NOT SELECTED"},{"$f":"IF(AND(AN511=\"SELECTED\",AL511>=$Q$7),\"CORE\",\"NOT SELECTED\")","v":"NOT SELECTED"},"InR"]
[" 8.4","8",10,"MS-7",null,"1.     Proportion of health professionals who provide child health services who have received training in appropriate child medication. (88.67)","Inputs: Human resources","Human resources (specific clinincal training)","Supporting systems","Input HumRes","Both",null,4,4,3,5,3,3,16,null,0,{"$nulls":3},0,null,0,4,4,{"$nulls":4},{"$f":"(AD512*'MS-8,9,10 Domain 3 Weights'!$B$2)+(AE512*'MS-8,9,10 Domain 3 Weights'!$B$3)+(AF512*'MS-8,9,10 Domain 3 Weights'!$B$4)+(AG512*'MS-8,9,10 Domain 3 Weights'!$B$5)","v":0},3,3,3,9,"No","NOT SELECTED","NOT SELECTED","Prov"]
[" 8.4","8",11,"MS-7",null,"1.     Proportion of days in the past 3 months when there were stock outs of one or more essential medicines. (90.74)","Inputs: Infrastructure, equipment, supplies  cross-cutting","Availability of essential medicines, equipment, power, water and WASH supplies ","Supporting systems","Input InfrastMedSupEquip","Both",null,4,4,3,5,3,3,16,null,0,{"$nulls":3},0,null,0,5,5,{"$nulls":4},{"$f":"(AD513*'MS-8,9,10 Domain 3 Weights'!$B$2)+(AE513*'MS-8,9,10 Domain 3 Weights'!$B$3)+(AF513*'MS-8,9,10 Domain 3 Weights'!$B$4)+(AG513*'MS-8,9,10 Domain 3 Weights'!$B$5)","v":0},4,3,3,10,"Yes","SELECTED","NOT SELECTED","InR"]
[" 8.4","8",12,"MS-7",null,"2.     Proportion of days in the past 3 months when there was a stock out of blood. (90.98)","Inputs: Organization and availability of health services","Availability of essential medicines, equipment, power, water and WASH supplies inpatient","Supporting systems","Input InfrastMedSupEquip","Inpatient",null,4,4,3,5,4,4,16,null,0,{"$nulls":3},0,null,0,5,5,{"$nulls":4},{"$f":"(AD514*'MS-8,9,10 Domain 3 Weights'!$B$2)+(AE514*'MS-8,9,10 Domain 3 Weights'!$B$3)+(AF514*'MS-8,9,10 Domain 3 Weights'!$B$4)+(AG514*'MS-8,9,10 Domain 3 Weights'!$B$5)","v":0},4,3,3,10,"Yes","SELECTED","NOT SELECTED","InR"]
[" 8.4","8",13,"MS-7",null,"3.     Proportion of days in the past 3 months when oxygen was not available in the health facility in areas in which children are cared for. (91.40)","Inputs: Organization and availability of health services","Availability of essential medicines, equipment, power, water and WASH supplies inpatient","Supporting systems","Input InfrastMedSupEquip","Inpatient",null,4,4,3,5,4,4,16,null,0,{"$nulls":3},0,null,0,4,4,{"$nulls":4},{"$f":"(AD515*'MS-8,9,10 Domain 3 Weights'!$B$2)+(AE515*'MS-8,9,10 Domain 3 Weights'!$B$3)+(AF515*'MS-8,9,10 Domain 3 Weights'!$B$4)+(AG515*'MS-8,9,10 Domain 3 Weights'!$B$5)","v":0},3,3,3,9,"No","NOT SELECTED","NOT SELECTED","InR"]
[" 8.4","8",14,"MS-7",null,"4.     Proportion of reviewed child deaths in which the child did not receive appropriate care due to lack of essential medicines or supplies. (91.23)","Outomes: Access to medicines,  services and facilities, financial access to services","Access to supplies, medicines, equipment inpatient","Supporting systems","Input InfrastMedSupEquip","Inpatient",null,4,4,3,5,3,3,16,null,0,{"$nulls":3},0,null,0,4,4,{"$nulls":4},{"$f":"(AD516*'MS-8,9,10 Domain 3 Weights'!$B$2)+(AE516*'MS-8,9,10 Domain 3 Weights'!$B$3)+(AF516*'MS-8,9,10 Domain 3 Weights'!$B$4)+(AG516*'MS-8,9,10 Domain 3 Weights'!$B$5)","v":0},3,3,3,9,"No","NOT SELECTED","NOT SELECTED","Doc"]
[null,null,15,"MS-7",null,"The health facility has all clinical guidelines nesessary for care of newborns, children and young adolescents relevant to the level of care (inpatient and/or outpaitnet)","Inputs: Clinical Guidelines, protocols, job aides","All clinical guidelines","Supporting systems","Input ClinGuidelin","Both",null,4,4,3,5,3,3,16,null,0,{"$nulls":3},0,null,0,5,5,{"$nulls":4},{"$f":"(AD517*'MS-8,9,10 Domain 3 Weights'!$B$2)+(AE517*'MS-8,9,10 Domain 3 Weights'!$B$3)+(AF517*'MS-8,9,10 Domain 3 Weights'!$B$4)+(AG517*'MS-8,9,10 Domain 3 Weights'!$B$5)","v":0},4,3,3,10,"Yes","SELECTED","NOT SELECTED","InR",null,"as discussed, we need  to have one measure that collectively describes all relevant paediatric  clinical guidelines to be available in health facilities. Therefore, adding this measure was proposed. "]
[null,null,16,"MS-7",null,"The health facility has all operational guidelines to provide care of newborns, children and young adolescents relevant to the level of care","Inputs: Operational Guidelines","All operational guidelines","Supporting systems","Input OperGuide","Both",null,4,4,3,5,3,3,16,null,{"$f":"IF(D518=\"MS-1\",T518*(VLOOKUP(J518,_tbl.MS1,3,FALSE)),T518)","v":0},{"$nulls":3},0,null,0,5,5,{"$nulls":4},{"$f":"(AD518*'MS-8,9,10 Domain 3 Weights'!$B$2)+(AE518*'MS-8,9,10 Domain 3 Weights'!$B$3)+(AF518*'MS-8,9,10 Domain 3 Weights'!$B$4)+(AG518*'MS-8,9,10 Domain 3 Weights'!$B$5)","v":0},4,3,3,10,"Yes","SELECTED","NOT SELECTED","InR",null,"as discussed, we need  to have one measure that collectively describes all relevant paediatric  non-clinical guidelines to be available in health facilities. Therefore, adding this measure was proposed. "]

{"sheet":"Metadata_core","index":2,"n_rows":27,"n_cols":15,"rows_kept":27}
[]
[null,null,"Associated quality standard","Associated quality statement","Indicator name","Indicator – detailed definition ","Numerator ","Denominator","Proposed disaggregation ","Classification (input, process, outcome, impact)","Proposed service level (inpatient & outpatient)","Proposed measurement method ","Proposed data source ","Proposed measurement frequency ","Additional information "]
[null,1,"N/A","N/A","Institutional Child Mortality Rate","Number of inpatient child deaths per 1000 sick children who presented to the health facility for medical care (includes death in emergency ward but does not include: children who died upon arrival at the hospital, child deaths during outpatient visits, and institutional neonatal deaths)","Number of children who presented to the health facility for medical care and died during the reporting period (includes death in emergency ward but does not include children who died upon arrival at the hospital, child deaths during outpatient visits, and institutional neonatal deaths), multiplied by 1000","Number of inpatient sick children who were presented to the health facility for medical care during reporting period (includes children treated at emergency ward and children admitted to the health facility; does not include newborns who are at emergency or inpatient ward after childbirth/before discharge; does not include outpatient visits of children and children who died before arrival to the health facility)","Major causes of death (Preterm birth complications, Intrapartum-related complications, Sepsis, pneumonia, Diarrhoea, Malaria, meningitis, AIDS, Measles, Severe Acute Malnutrition (SAM), other, cause of death could not be determined), sex, types of inpatient facilities (e.g. General hospital, Referral Hospital)  age groups (0-7 days, 8-27, 28-59 days, 60 days-<1 year, 1-<5 y, 5-<10, 10-<15 y); Death within and after 24hours of admission to the hospital  ","Impact","Inpatient","Review of paediatric ward register or patient medical records, paediatric death audit and triangulation of information if possible.","Routine HMIS","Monthly","If disaggregation by cause of death is difficult, disaggregate by main clinical diagnosis"]
[null,2,"#1: Every child receives evidence-based care and management of illness according to WHO guidelines","N/A","Paediatric case fatality rate from common paediatric conditions","% of inpatient children who presented to the health facility for medical care and died due to Sepsis, Pneumonia, Malaria, Meningitis or SAM during the reporting period (includes death in emergency ward but does not include: children who died upon arrival at the hospital, child deaths during outpatient visits, and institutional neonatal deaths) ","Number of children who presented to the health facility for medical care during the reporting period and died due to Sepsis, Pneumonia, Malaria, Meningitis and SAM during the reporting period (includes death in emergency ward but does not include: children who died upon arrival at the hospital, child deaths during outpatient visits,  and institutional neonatal deaths), multiplied by 100","Number of inpatient  sick children who were presented  to the health facility for medical care during the reporting period and correspondingly had the following diagnosis: Sepsis, Pneumonia (or severe pneumonia), Malaria (or severe Malaria), Meningitis and SAM (complicated or uncomplicated)  (includes children treated at emergency ward and children admitted to the health facility; does not include newborns who are at emergency or inpatient ward after childbirth/before discharge; does not include outpatient visits of children and children who died before arrival at the health facility)","Conditions, levels of health facilities, age groups (0-7 days, 8-27, 28-59 days, 60 days-<1 year, 1-<5 y, 5-<10, 10-<15 y); and death within and after 24 hours of admission","Outcome/impact","Inpatient","Review of paediatric ward register or patient medical records, paediatric death audit and triangulation of information if possible.","Routine HMIS"," Monthly","If cause of death is difficult to measure, consider disaggregating by main clinical diagnosis. For case fatality by each abovementioned clinical condition, the numerator will be: # of children who presented to the health facility for medical care during the reporting period and died due to this condition. Denominator will be: # of children treated in the facility with these diagnosis "]
[null,9,"#1: Every child receives evidence-based care and management of illness according to WHO guidelines","#1.6. All infants and young children are assessed for growth, breast-feeding and nutrition, and their carers receive appropriate nutritional support and counselling according to WHO guidelines.","Management of uncomplicated Severe Acute Malnutrition ","% of children aged between 6 month and 5 years who were diagnosed with uncomplicated severe acute malnutrition in a health facility and received or were prescribed oral amoxicillin and RUTF during the reporting period ","# of children aged between 6 month and 5 years who were diagnosed with uncomplicated severe acute malnutrition in a health facility and received or were prescribed oral amoxicillin and RUTF during the reporting period ","# of children aged between 6 month and 5 years who were diagnosed with uncomplicated severe acute malnutrition in a health facility during the reporting period","By sex","Outcome","Outpatient","Review of health facility registry or medical record review","Facility registry or medical records","Monthly","Uncomplicated Severe Acute Malnutrition (SAM) in children aged between 6 month and 5 years is defined as Weight for Height or length less than -3 zscores OR MUAC less than 115 mm AND able to finish RUTF."]
[null,3,"#1: Every child receives evidence-based care and management of illness according to WHO guidelines","#1.1. All children are triaged and promptly assessed for emergency and priority signs, resuscitated and receive appropriate care according to WHO guidelines.","Essential IMNCI assessment of for the sick child","% of sick children under 5 years of age who visited the health facility for medical care and were assessed per essential IMNCI assessment criteria:  they were checked for danger signs (ability to drink or breastfeed; vomits everything; convulsions, lethargy), and received rapid physical and clinical assessment including, weight, Z-score or MUAC, respiratory rate, temperature, cough, difficult breathing/chest indrawing, diarrhoea/dehydration status, vaccination status and palmar pallor. ","# of sick children under 5 years of age who visited the health facility for medical care during the reporting period and were assessed for essential IMNCI assessment criteria.  ","# of sick children under 5 years of age who visited the health facility during the reporting period","Facility type (e.g.  health center, policlinic, general hospital, referral hospital) , by IMNCI assessment components, sex, age (0- <2month, 2 month-<5 years)","Process","Both","Review of medical records, periodic health facility assessments, quality of care assessments, etc.","Facility registry or medical records","Monthly","The indicator emphasizes the need for appropriate and comprehensive documentation of the process of care which would improve the availability of denominator data for other indicators (pneumonia, cough or cold, Malaria, etc.) "]
[null,4,"#1: Every child receives evidence-based care and management of illness according to WHO guidelines","#1.1. All newborns especially small babies and sick young infants are thoroughly assessed for possible serious bacterial infection or disease and receive appropriate care according to WHO guidelines.","Treatment of PSBI at outpatient ","% of sick young infants (< 2months old) classified as having PSBI or any child with any one of the following signs: movement only when stimulated or no movement at all, not feeding well on observation, temperature greater than or equal to 38°C or less than 35.5°C, severe chest in-drawing, convulsions, fast breathing (60 breaths per minute or more) in infants less than 7 days old, or very severe disease or sepsis - who were prescribed appropriate antibiotics according to WHO guidelines","#  of sick young infants  (< 2months old) classified as having PSBI or very severe disease or sepsis or any child with any one of the aforementioned signs (movement only when stimulated or no movement at all, not feeding well on observation, temperature greater than or equal to 38°C or less than 35.5°C, severe chest in-drawing, convulsions, fast breathing (60 breaths per minute or more) in infants less than 7 days old, or very severe disease or sepsis, who were treated with a) Inj. Ampicillin or benzyl penicillin and Inj. Gentamycin and referred to higher level or b) treated with any of the following: Inj penicillin and Inj. Gentamycin or IV cloxacillin and gentamicin or a third-generation cephalosporin (e.g. ceftriaxone or cefotaxime) and inj gentamicin (Inpatient) in the health facility during the reporting period ","#  of sick young infants  (< 2months old) classified as having PSBI or very severe disease or sepsis or any child with any one of the aforementioned signs who received care in the health facility during the reporting period.","Inpatient/outpatient, sex, by <2000g, >= 2000g.  ","Process","Both","Review of medical records, periodic health facility assessments, quality of care assessments, etc.","Facility registry or medical records","Monthly or quarterly ","Complete indicator for facility survey:  % of sick young infants classified as having PSBI or any child with any one of the following signs (movement only when stimulated or no movement at all, not feeding well on observation, temperature greater than or equal to 38°C or less than 35.5°C,  severe chest in-drawing, convulsions, Fast breathing (60 breaths per minute or more) in infants less than 7 days old),  or very severe disease or sepsis  who was treated with a) Pre-referral treatment-Inj. Ampicillin or benzyl penicillin  and Inj. Gentamycin  ((Ampicillin 50mg/kg or benzyl penicillin (50 000 units/kg per dose) and Gentamycin 5mg/kg(below 7days), 7.5mg/kg(above 7days), 3-4 mg/kg(low-birth-weight infants) and referred to higher level (outpatient) or b) Inj penicillin  and Inj. Gentamycin  ((Ampicillin 50mg/kg or benzyl penicillin (50 000 units/kg per dose) and Gentamycin 5mg/kg(below 7days), 7.5mg/kg(above 7days), 3-4 mg/kg(low-birth-weight infants) for 3 weeks  or IV cloxacillin and gentamicin for 3 weeks or  a third-generation cephalosporin (e.g. ceftriaxone (50 mg/kg every 12 h if < 7 days of age and 75 mg/kg after 1 week) or cefotaxime (50 mg/kg every 12 h if < 7 days or every 6–8 h if > 7 days of age), and gentamicin for 3 weeks (Inpatient) Note: Currently, there are practically no classification of PSBI made by care providers in LMICs. If we use children with PSBI as a denominator, we may not have cases at all.. That's respective symptoms were added. \nPSBI: Young infant < 2 months with any one or more of the following signs: • Not able to feed at all or not feeding well or • Convulsions or • Severe chest indrawing or • High body temperature (38°C* or above) or • Low body temperature (less than 35.5°C*) or • Movement only when stimulated or no movement at all or • Fast breathing (60 breaths per minute or more) in infants less than 7 days old"]
[null,5,"#1: Every child receives evidence-based care and management of illness according to WHO guidelines","#1.2. All newborns especially small babies and sick young infants are thoroughly assessed for possible serious bacterial infection or disease and receive appropriate care according to WHO guidelines.","KMC initiation for pre-term and/or small infants weighing 2000 g or less ","% of pre-term and/or small infants weighing 2000 or less who were initiated on Kangaroo mother care in a health facility (defined as care of small infants weighing 2000 g or less carried skin-to-skin with the mother. Its key features include early, continuous and prolonged skin to-skin contact between the mother and the baby, and exclusive breastfeeding (ideally) or feeding with expressed breastmilk) or referred to hospital (if outpatient facility)","# of pre-term and/or small infants weighing 2000 g or less who were initiated on Kangaroo Mother Care in the health facility or referred to hospital during the reporting period ","# of pre-term and/or small infants weighing 2000 g or less in a health facility or admitted to health facility during the reporting period ","Facility types, sex, by weight <= 1500g and 1500-<2000g","Process","Both","Review of ward registers or patient medical records","Facility registry or medical records","Monthly","This core indicator makes provision for measurement of KMC initiation after discharge or after home delivery, unlike its MNH equivalent. KMC is defined as care of small infants weighing 2000 g or less carried skin-to-skin with the mother. Its key features include early, continuous and prolonged skin to-skin contact between the mother and the baby, and exclusive breastfeeding (ideally) or feeding with breastmilk)"]
[null,6,"#1: Every child receives evidence-based care and management of illness according to WHO guidelines","#1.3 All children with cough or difficult breathing are correctly assessed, classified, investigated, and receive appropriate care and/or antibiotics for pneumonia according to WHO guidelines.","1st Choice antibiotic treatment for Pneumonia","% of children aged between 7 days and 5 years who were diagnosed with pneumonia or showed signs of fast breathing and/or chest indrawing in the health facility and received or were prescribed oral amoxicillin during the reporting period","# of children aged between 7 days and 5 years who were diagnosed with pneumonia or showed signs of fast breathing and/or chest indrawing and received or were prescribed oral amoxicillin in the health facility during the reporting period","# of children aged between 7 days and 5 years with pneumonia or fast breathing and/or chest indrawing pneumonia who received care at the health facility during the same reporting period (includes children with suspected pneumonia)","By sex, facility types (or inpatient/outpatient, 7-59 days, 2 month-<5 years. Other age groups?","Process","Both","Review of ward/facility registers or patient medical records","Facility registry or medical records","Monthly","Complete indicator for facility survey: % of children aged between 7 days and 5 years with pneumonia or fast breathing and/or chest indrawing who received or prescribed with oral amoxicillin (twice daily 40 mg/kg per dose for 3 days (low HIV prevalence settings), 5 days in high HIV prevalence settings; for children 7-59 days old between 1.5-3.9 kg: 125 mg per dose 2X daily for 7 days; for children weighting 4-5.9 kg: 250 mg per dose 2X daily for 7 days"]
[null,7,"#1: Every child receives evidence-based care and management of illness according to WHO guidelines","#1.4 All children with diarrhoea are correctly assessed, classified and receive appropriate rehydration plan and care including continued feeding according to WHO guidelines","Management of diarrhoea among children <5 years old","% of under 5 children in a health facility who were diagnosed with diarrhea (with some or no dehydration) and were prescribed or received ORS, Zinc supplementation (if 2months- <5 years) and ciprofloxacin only if blood was present in the stool (or Dysentery was diagnosed)","# of under 5 children in a health facility who were diagnosed with diarrhea (with some or no dehydration) and were prescribed or received ORS, Zinc supplementation (if 2months- <5 years) and ciprofloxacin only if blood was present in the stool (or dysentery was diagnosed) ","# of children under 5 years old with diagnosis of diarrhea, with some or no dehydration","Age (0-59 days, 2months-<5 years), sex, facility type","Process","Both","Review of health facility registry or medical record review","Facility registry or medical records","Monthly","Complete Indicator for Facility Survey: % of children under 5 years old  with diagnosis of diarrhea, with some or no dehydration, who were prescribed  or received ORS (no dehydration: children <2 years 50 to 100 ml after each loose stool, 2 years or more 100 to 200 ml after each loose stool, some dehydration: 75 low osmolarity ORS: 75 ml/kg),  Zinc supplementation   (10 mg/day for 10-14 days for children 2 to 6 months of age and 20 mg/day for infants and children > 6 month for 10-14 days (if 2months- <5 years) and ciprofloxacin for 3 days only if blood in stool (or diagnosis of Dysentery). \nDiarrhea, with some or no dehydration is child’s condition with diarrhea and two or less of following symptoms: Restless and irritable, Sunken eyes, Skin pinch goes back or slowly."]
[null,8,"1: Every child receives evidence-based care and management of illness according to WHO guidelines","1.5 All children with fever are correctly assessed, investigated, classified, and receive appropriate care according to WHO guidelines.","Malaria diagnosis in high prevalence settings","% of children under 15 years old who presented to the health facility with fever without severe comorbidities (e.g. severe pneumonia, very severe disease, or very severe febrile disease) for whom malaria test results are available (results from microscopy or malaria Rapid Diagnostic Test) ","# of children under 15 years old who presented to the health facility with fever without severe comorbidities (e.g. severe pneumonia, very severe disease, or very severe febrile disease) during the reporting, for whom malaria test results are available (results from microscopy or malaria Rapid Diagnostic Test) ","# of children under 15 years old who presented to the health facility with fever without severe comorbidities (e.g. severe pneumonia, very severe disease, or very severe febrile disease) during the reporting period. ","Facility types, sex, diagnosis, by age (<5 years old, 5-<10 years old, 10-<15 years old)","Process","Both","Review of health facility registry or medical record review","Facility registry or medical records","Monthly","The indicator is suggested  in settings with high Malaria incidence/prevalence"]
[null,10,"#1: Every child receives evidence-based care and management of illness according to WHO guidelines","#1.7 All children at risk of acute malnutrition and anaemia are correctly assessed, classified, and receive appropriate care according to WHO guidelines.","Management of childhood anemia","Proxy: % of children >2 months -<15 years old of age who were classified or diagnosed with anaemia in a health facility and treated/prescribed with Iron and mebendazole (if 1 year or older and not given mebendazole for last 6 months) during the reporting period[1] ","# of children > 2 months- <15 years old of age who were classified or diagnosed with anaemia in a health facility and treated/prescribed with Iron and mebendazole (if 1 year or older and not given mebendazole for last 6 months) during the reporting period","# of children over 2 months of age were classified or diagnosed with anaemia","By sex, by age groups","Process","Both","Review of health facility registry or medical record review","Facility registry or medical records","Monthly","Complete Indicator for Facility Survey: % of all children over 2 months classified or diagnosed with anaemia, who was treated/prescribed  with Iron (2months-4 months- 1ml Iron syrup (Ferrous Fumerate 20 mg per ml, 4 month=12 months-1.25 ml, 12months-3 years 2ml  syrup or or ½ tablet of 60 Mg elemental iron), 3-5 years 2,5ml or ½ tablet of 60 Mg elemental iron),  children 5-<15 years old:30-60 elemental Iron for 14 days  and Mebendazole (for children 1 year or older), if not given during last 6 months\nAnemia (some pallor or haemoglobin under 8 gm among children over 1 month-<6 months, Children of 6 to 59 months (both sexes) < 11.0 g/dl;  Children of 5 to 11 years (both sexes) <11.5g/dl Children of 12 to 14 years (both sexes) 12.0. g/dl "]
[null,11,"#1: Every child receives evidence-based care and management of illness according to WHO guidelines","#1.8. All children at risk of tuberculosis and/or HIV infections are correctly assessed, investigated and receive appropriate management according to WHO guidelines.","Assessment of HIV status of mother and/or child","% of children who visited/were admitted to a health facility during the reporting period for whom the HIV status of mother and/or child is known (positive or negative) ","# of children who visited/were admitted to a health facility during the reporting period for whom the HIV status of mother and/or child is known (positive or negative) ","# of children who visited/were admitted to the health facility during the reporting period ","Age groups (<1 years, 1-< 5, over 5-<15, sex)","Process","Both","Review of health facility registry or medical record review","Facility registry or medical records","Monthly","Although important, this indicator has some measurement limitations in general settings"]
[null,12,"#1: Every child receives evidence-based care and management of illness according to WHO guidelines","#1.8. All children at risk of tuberculosis and/or HIV infections are correctly assessed, investigated and receive appropriate management according to WHO guidelines.","TB detection rate among children","% of sick children who received care at the health facility during the reporting period and reported a cough duration >14 days or were diagnosed with SAM or had confirmed HIV infection, and were referred for or further assessed for TB","# of sick children who received care at the health facility during the reporting period and reported a cough duration >14 days or were diagnosed with SAM or had confirmed HIV infection, and were referred for or further assessed for TB","# of sick children with SAM or confirmed HIV infection or cough duration >14 days who received care at the health facility during the reporting period","By sex, by age groups","Process","Both","Review of health facility registry or medical record review","Facility registry or medical records","Monthly","If child has cough and duration is not noted, it is considered as poor performance. However, this indicator does not measure this (denominator does not include children with cough). Assessment of cough duration will be included in catalogue indicators"]
[null,13,"#1: Every child receives evidence-based care and management of illness according to WHO guidelines","#1.9 All children are assessed and checked for immunization and vitamin A status and receive appropriate vaccinations according to expanded programme for immunization guidelines.","Missed opportunity for vaccination ","% of children visiting the health facility for routine/acute care during the reporting period who had incomplete vaccination and were administered all catch-up immunizations","# of children visiting the health facility for routine/acute care during the reporting period who had incomplete vaccination and were administered all catch-up immunizations","# of children visited health facility for routine/acute care","By sex, by age (<1 year, 1-5 years, 5-15 years)","Process","Both","RHIS, facility registry or medical record review or Facility survey or caregiver exit interview","Facility registry or medical records or caregiver card","Monthly"]
[null,14,"#1: Every child receives evidence-based care and management of illness according to WHO guidelines","#1.15 All children are appropriately screened for risk factors and protected from unnecessary or harmful practices during their care","Unjustified antibiotic prescriptions for common conditions","% of children in a health facility with cough or cold or any of the following unspecified RTI diagnosis (No pneumonia, RTI, URTI); diarrhoea or dehydration with no dysentery, malaria, measles (except eye ointment); moderate malnutrition and anemia and no other diagnosis (E.g. Pneumonia, Severe Pneumonia, SAM, Very Severe Disease, Sepsis, Meningitis, Dysentery, Cholera, HIV+); to whom an antibiotic was prescribed","# of children in a health facility with cough or cold or any of the following unspecified RTI diagnosis (No pneumonia, RTI, URTI); diarrhoea or dehydration with no dysentery, malaria, measles (except eye ointment); moderate malnutrition and anemia and no other diagnosis (E.g. Pneumonia, Severe Pneumonia, SAM, Very Severe Disease, Sepsis, Meningitis, Dysentery, Cholera, HIV+) to whom an antibiotic was prescribed during the reporting period ","# of children in a health facility with cough or cold or any of the following unspecified RTI diagnosis (No pneumonia, RTI, URTI); diarrhoea or dehydration with no dysentery, malaria, measles (except eye ointment); moderate malnutrition and anemia and no other diagnosis (E.g. Pneumonia, Severe Pneumonia, SAM, Very Severe Disease, Sepsis, Meningitis, Dysentery, Cholera, HIV+)","Facility types, sex, by diagnosis","Process","Both","Review of ward registers or patient medical records","Facility registry or medical records","Monthly","The diagnosis of cough or cold, as correct IMCI classification is very rare in most LMICs. Instead, we have wide variety of diagnosis (such as unspecified RTI diagnosis that does not comply with IMCI classification (No Pneumonia, RTI, URTI). These conditions with no specific mention of Pneumonia symptoms, do not require antibiotics."]
[null,15,"#2: The health information system ensures the collection, analysis and use of data to ensure early, appropriate action to improve the care of every child.","#2.1 Every child has a complete, accurate, standardized up-to-date medical record, which is accessible during the process of care, on discharge and follow-up","Completion of medical documentation","% of medical records of children who received care in the health facility during the reporting period which include completed information on patient demographics (age, sex), assessment findings, classification/diagnosis, treatment, counselling and care outcomes","# of medical records of children who received care in the health facility during the reporting period which include completed information on following: 1) patient demographics (age, sex), 2) assessment findings (a) presence or absence of danger signs (unable to drink or breastfeed, vomiting, convulsions, lethargy); physical assessment: b) child's weight, c) Z-score or MUAC, d) respiratory rate, e) temperature,  f) vaccination status and presence or absence of g) cough, h) difficult breathing/chest indrawing, i) diarrhoea/dehydration status, j) palmar pallor); 3) classification/diagnosis, 4) treatment (including dose, frequency, duration of each medication), 5) counselling and 6) care outcome (e.g. discharged home, referred, died)","# of medical records of sick children who received care in health facility during reporting period ","Inpatient/outpatient, registry/individual records","Inputs","Both","Facility registry or medical record review","Facility registry or medical records","Monthly"]
[null,16,"#2: The health information system ensures the collection, analysis and use of data to ensure early, appropriate action to improve the care of every child.","#2.2. Every health facility has a mechanism for data collection, analysis and feedback as part of its activities for monitoring and improving performance","Death and QoC indicator data review","Proportion of health facilities that have conducted paediatric deaths review and/or monthly paediatric QoC indicator data review during the last 3 months","# of health facilities that have conducted paediatric deaths review and/or monthly paediatric QoC indicator data review during the last 3 months","Total number of facilities","Type of death review (neonatal, stillbirth, paediatric), type of health facilities","Process","Both","Periodic health facility survey: review of facility documentation","Facility documentation","Quarterly","This measure will allow to see whether the reviews are happening but does not address the quality of the review nor the response thereof. "]
[null,17,"4: Communication with children and their families is effective, with meaningful participation, and responds to their needs and preferences.","4.1 All children and/or their caregivers have effective interactions with staff, are given information about their illness and care offered to enable them understand and cope with their condition and the treatment needed.  ","Child/caregiver’s understanding of the condition and treatment","% of sick children and/or their caregivers seen in the health facility during the reporting period who were given written instructions about treatment and/or care, can say the reason that a particular treatment was given (or child’s condition) and how to take the treatment","# of sick children and/or their caregivers seen in the health facility during the reporting period who were given written instructions about treatment and/or care, can say the reason that a particular treatment was given (or child’s condition) and how to take the treatment","# of sick children and/or caregivers seen in (or discharged from) the health facility during the reporting period","child vs caregiver, inpatient vs outpatient, sex","Process","Both","Facility Survey: Exit interviews","Client Exit interview","Quarterly"," The interviewing procedures and the recommended age of children being interviewed will be defined according to the local regulations.  "]
[null,18,"#4: Communication with children and their families is effective, with meaningful participation, and responds to their needs and preferences.","#4.3 All children and their caregivers are enabled to actively participate in the process of their care, in decision making, in exercising the right to informed consent and choice in accordance with their evolving capacities.  ","Participation and shared care decision making","% of children and/or their caregivers who reported that their views were taken into consideration or sought in making decisions about their care during the reporting period ","# of children and/or their caregivers who reported that their views were taken into consideration or sought in making decisions about their care during the reporting","# of sick children and/or caregivers who received care in the health facility during the reporting period","By type of health facilities, ownership, children/caregivers","Patient-reported outcome","Both","Facility Survey, of client exit interviews","Client Exit interview","Quarterly","The interviewing procedures and the recommended age of children being interviewed will be defined according to the local regulations.  "]
[null,19,"#4: Communication with children and their families is effective, with meaningful participation, and responds to their needs and preferences.","#4.4 All children based on their capacities, and their caregivers receive appropriate counselling and health education about their current illness, and on promotion of their health and wellbeing.","Counselling on danger signs and feeding during illness","% of caregivers of children who visited the health facility during the reporting  periodand reported being aware of the danger signs of their children, where to seek care and how to feed their children during the illness (giving extra fluids and continue feeding) ","# of caregivers of children who visted the health facility during the reporting period and reported being aware of the danger signs of their children, where to seek care and how to feed their children during the illness (giving extra fluids and continue feeding) ","# of sick children and/or caregivers who visited or were discharged from the health facility during the reporting period","by age <2 months, 2-<5 years, 5-<15 years, by type of facility","Process","Both","Facility Survey, of client exit interviews","Client Exit interview","Quarterly"]
[null,20,"#5. Every child’s rights are respected, protected and fulfilled at all times during care, without discrimination","#5.2 All children and their carers are made aware of and provided information about their rights to health and healthcare. ","Awareness of child care rights ","% of children or their caregivers in the health facility during the reporting period who reported being adequately informed about their rights to care (free treatment, medication, food, bedding, room-in etc) ","#of children or their caregivers in the health facility during the reporting period who reported being adequately informed about their rights to care (free treatment, medication, food, bedding, room-in etc) ","# of sick children and/or caregivers who visited or were discharged from the health facility during the reporting period ","by age <2 months, 2-<5 years, 5-<15 years, by type of facility","Process","Both","Facility Survey, of client exit interviews","Client Exit interview","Quarterly","Specific rights will be defined and measures according to local regulations"]
[null,21,"#5. Every child’s rights are respected, protected and fulfilled at all times during care, without discrimination","#5.3 All children and their carers are cared for with respect and dignity, and their right to privacy and confidentiality is respected. ","Disrespect and abuse of child or caregiver","% of children and/or their caregivers in a health facility during the reporting period who reported experiencing physical or verbal abuse in the health facility (felt that they were being yelled at, or screamed at (verbal), or being hit, or pinched (physical abuse)","# of children and/or their caregivers in a health facility during the reporting  period who reported experiencing physical or verbal abuse in the health facility (felt that they were being yelled at, or screamed at (verbal), or being hit, or pinched (physical abuse)","# of sick children and/or caregivers who visited or discharged from the health facility during the reporting period ","by age <5 years, 5-<15 years, by type of facility, by type of abuse physical, verbal, by child or caregiver","Client-reported outcome","Both","Facility Survey, of client exit interviews","Client Exit interview","Quarterly"]
[null,22,"#6. All children and their families are provided with educational, emotional and psychosocial support that is sensitive to their needs and strengthens their capability","#6.1 Every child is allowed to be with their caregivers, and the role of caregivers is recognized and supported at all times during the process of care, including rooming in during the course of admission.","Companion during medical procedure","% of children in the health facility during the reporting period whose caregivers stayed with them during medical procedures  ","# of children in the health facility during the reporting period whose caregivers stayed with them during medical procedures  ","# of sick children and/or caregivers who visited or were discharged from the health facility during the reporting period ","by age <5 years, 5-<15 years, by type of facility","Process","Both","Facility Survey, of client exit interviews","Client Exit interview","Quarterly"]
[null,23,"#6. All children and their families are provided with educational, emotional and psychosocial support that is sensitive to their needs and strengthens their capability","#6.2 Every child and their families are provided with emotional support that is sensitive to their needs with opportunities for play, education and learning that stimulates and strengthens their capabilities","Access to play and educational materials during hospitalization ","% of school-aged children in the health facility during the reporting period who were able to play and accessed educational materials during their hospitalization.","of school-aged children in the health facility during the reporting period who were able to play and accessed educational materials during their hospitalization.","# of school age sick children and/or caregivers who were seen or discharged from the hospital during the reporting period ","by age <5 years, 5-<15 years, by type of facility, by play/educational materials","Inputs","Inpatient","Facility Survey, of client exit interviews","Client Exit interview","Quarterly"]
[null,24,"7: For every child, competent, motivated, empathic staff are consistently available to provide routine care and management of common childhood illnesses","7.2 Health professionals and support staff have appropriate set of skills mix to meet the special health, psychological, developmental, communication, and cultural needs of children ","Clinical mentorship and training","% of health workers providing care for children who had interactions with professional mentors or participated in continuous professional development to ensure clinical competence and improve performance in the past 3 months","# of staff who had reported interactions with professional mentors or participated in continuous professional development to ensure clinical competence and improve performance in the past 3 months","# of childcare providers ","By provider cadre, by facility type, by mentorship/training","Inputs","Both","Facility Survey: Provider interviews ","Provider interviews","Quarterly"]
[null,25,"#8. The health facility has an appropriate, child-friendly physical environment, with adequate water, sanitation, waste management, energy supply, medicines, medical supplies and equipment for routine care and management of common childhood illnesses.","#8.4 Adequate and child-friendly stock of medicines and medical supplies are available for the routine care and management acute and chronic childhood illnesses or conditions. ","Stockouts of essential child health medications","# of days in the past 3 months when there were stock outs of one or more essential medicines (see annex 1 for list of essential child health medications)","Total number of days with stock outs of one or more essential medicines. For outpatient facilities, essential medicines include: 19 medications; for inpatient facilities, essential medications include 9 additional essential medications","N/A","By types of medications, by inpatient/outpatient, ownership","Inputs","Both","N/A","Facility documentation, Inventory review or facility-in charge interview","Quarterly","Note: detailed list of medications, formulations and doses are provided on the annex 1"]

{"sheet":"Metadata_Catalogue","index":3,"n_rows":174,"n_cols":19,"rows_kept":174,"merged":[[0,3,0,4],[150,3,150,4],[151,3,151,4],[152,3,152,4],[153,3,153,4],[154,3,154,4],[155,3,155,4],[156,3,156,4],[157,3,157,4],[158,3,158,4],[159,3,159,4],[160,3,160,4],[161,3,161,4],[162,3,162,4],[163,3,163,4],[164,3,164,4],[165,3,165,4],[166,3,166,4],[167,3,167,4],[168,3,168,4],[169,3,169,4],[170,3,170,4],[171,3,171,4],[172,3,172,4],[173,3,173,4]]}
["Stat","St","N","Subdomain",null,"Clinical Areas","Core/Catalogue","Core Number ","Indicator Name","Indicator  – detailed definition ","Numerator ","Denominator","Proposed disaggregation ","Classification (input, process, outcome, impact)","Proposed service level (inpatient & outpatient)","Proposed measurement method ","Proposed data source ","Proposed measurement frequency ","Additional information "]
[1.1,1,2,"MS-1",null,"1 ASB/ETAT/Asses/class/full","Catalogue",null," Availability of essential equipment and supplies for assessing and monitoring paediatric emergencies ","The health facility had the essential equipment and supplies for assessing and monitoring paediatric emergencies during the reporting period (e.g. weighing scales, thermometer, blood pressure measuring device, blood glucose and oxygen saturation tests)","The health facility had following  essential equipment and supplies for assessing and monitoring paediatric emergencies during the reporting period: 1) Mid Upper Arm Circumference (MUAC) measuring tape  2) CHILD WEIGHING SCALE (250GRAM GRADATION), 3) INFANT WEIGHING SCALE (100 GRAM GRADATION), 4) Sphygmomanometer, 5) Stethoscope, 6) Thermometer (clinical, digital 32-43 °C),  7) Respiratory Rate timer or watch with second hand or other device (cell phone) that can measure seconds,  8) Cup and 9) spoon, 10) ORS (to assess severity of dehydration, 11) RUTF (to assess severity of malnutrition ), 12) urine analysis, 13) pulsoxymeter, In addition, for inpatient: 14)  X-ray system (chest X-ray), mobile, with accessories; 15) X-ray, viewer (negatoscope), 1 to 3 bodies, 16) blood glucose measurement, 17) full blood count (including HB and haematocrit),  18) blood sodium measurement (in children with severe dehydration or diarrhoea);  19) cerebrospinal fluid microscopy, 20) lumbar puncture in febrile children with signs of meningitis, 21) Neuroimaging computerized tomography (CT) or magnetic resonance imaging (MRI)] 22)  ultrasound, 23) blood grouping and cross-matching, 24) blood culture","Not applicable","Facility types, ownership","Input InfrastMedSupEquip","Both (inpatient and Outpatient)","Facility Survey:  Inventory Review","Inventory Review","Quarterly","The list is based on IMNCI and ETAT clinical recommendations; availability of specific essential equipment per type of health facilities need to be adapted to local regulations"]
[1.1,1,5,"MS-1",null,"1 ASB/ETAT/Asses/class/full","Catalogue",null,"Availability of designated emergency care area, room or trolley in the outpatient area and wards equipped with appropriate paediatric equipment, supplies and essential medicines for emergency resuscitation and initial treatment","The health facility had a designated emergency care area, room or trolley in the outpatient area and wards equipped with appropriate paediatric equipment, supplies and essential medicines for emergency resuscitation and initial treatment during the reporting period ","The health facility had a 1)  designated emergency care area, room or trolley in the outpatient area and wards equipped with following paediatric equipment, supplies and essential medicines for emergency resuscitation and initial treatment during the reporting period: 2)  Resuscitation table, light, 3)  Continuous Positive Airway Pressure (CPAP) system; 4) Defibrillator 5) Incubator, newborn; 6) Infusion pump,;7)  Laryngoscope, newborn and 8) child, set; 9) Endotracheal tubes (newborn and 10) child sizes), 11) Nebulizer, 12)Syringe pump; 13) Oxygen. 14) Oxygen concentrator,  15) flow splitter for newborn/child, 16)  Pulse oximeter, 17) Pump, suction; 18) Suction, bulb; 19) Resuscitator, hand-operated, child, set; 20) Resuscitator, hand-operated, newborn, set,  21) Ventilator medical, child/newborn, with Continuous Positive Airway Pressure (CPAP) and accessories;  22) Radiant Warmer/ heating pad; well-stocked neonatal, 23)  child  resuscitation trolley,  24) Self-inflating ventilation bag (240-500 mL);  25) Neonatal mask Size 1 and 0, 26) infusion sets, 27) intravenous fluids","Not applicable","Facility types, ownership","Input InfrastMedSupEquip","Both (inpatient and Outpatient)","Facility Survey:  Inventory Review","Inventory Review","Quarterly","availability of specific essential equipment per type of health facilities need to be adapted to local regulations; essential medicines  is a separate indicator and  suggest to keep it as a stand alone  indicator. "]
[1.1,1,11,"MS-2",null,"1 ASB/ETAT/Asses/class/full","Core",3,"Essential IMNCI assessment of for the sick child"," % of sick children under 5 years of age who visited the health facility for medical care and were assessed per essential IMNCI assessment criteria:  they were checked for danger signs (ability to drink or breastfeed; vomits everything; convulsions, lethargy), and received rapid physical and clinical assessment including, weight, Z-score or MUAC, respiratory rate, temperature, cough, difficult breathing/chest indrawing, diarrhoea/dehydration status, vaccination status and palmar pallor. ","# of sick children under 5 years of age who visited the health facility for medical care during the reporting period and were assessed for essential IMNCI assessment criteria.  ","# of sick children under 5 years of age who visited the health facility during the reporting period","Facility type (e.g.  health center, policlinic, general hospital, referral hospital[1]) , by IMNCI assessment components, sex, age (0- <2month, 2 month-<5 years)","Process","Both (inpatient and outpatient) (inpatient and outpatient)","Review of medical records, periodic health facility assessments, quality of care assessments, etc.","Patient medical records ","Monthly","The indicator emphasizes the need for appropriate and comprehensive documentation of the process of care which would improve the availability of denominator data for other indicators (pneumonia, cough or cold, Malaria, etc.) "]
[1.1,1,18,"MS-3",null,"18 Undefined","Core",1,"Institutional Child Mortality Rate ","Number of inpatient child deaths per 1000 sick children who presented to the health facility for medical care (includes death in emergency ward but does not include: children who died upon arrival at the hospital, child deaths during outpatient visits, and institutional neonatal deaths)","Number of children who presented to the health facility for medical care and died during the reporting period (includes death in emergency ward but does not include children who died upon arrival at the hospital, child deaths during outpatient visits, and institutional neonatal deaths), multiplied by 1000","Number of inpatient sick children who were presented to the health facility for medical care during the reporting period (includes children treated at emergency ward and children admitted to the health facility; does not include newborns who are at emergency or inpatient ward after childbirth/before discharge; does not include outpatient visits of children and children who died before arrival to the health facility)","Major causes of death (Preterm birth complications, Intrapartum-related complications, Sepsis, pneumonia, Diarrhoea, Malaria, meningitis, AIDS, Measles, Severe Acute Malnutrition (SAM), other, cause of death could not be determined), sex, types of inpatient facilities (e.g. General hospital, Referral Hospital)  age groups (0-7 days, 8-27, 28-59 days, 60 days-<1 year, 1-<5 y, 5-<10, 10-<15 y); Death within and after 24hours of admission to the hospital  ","Impact","Inpatient","Review of paediatric ward register or patient medical records, paediatric death audit and triangulation of information if possible.","Routine HMIS","Monthly","If disaggregation by cause of death is difficult, disaggregate by main clinical diagnosis"]
[null,1,"new","MS-3",null,"18 Undefined","Core",2,"Paediatric case fatality rate from common paediatric conditions ","% of inpatient children who presented to the health facility for medical care and died due to Sepsis, Pneumonia, Malaria, Meningitis or SAM during the reporting period (includes death in emergency ward but does not include: children who died upon arrival at the hospital, child deaths during outpatient visits, and institutional neonatal deaths) ","Number of children who presented to the health facility for medical care during the reporting period and died due to Sepsis, Pneumonia, Malaria, Meningitis and SAM during the reporting period (includes death in emergency ward but does not include: children who died upon arrival at the hospital, child deaths during outpatient visits,  and institutional neonatal deaths), multiplied by 100","Number of inpatient  sick children who were presented  to the health facility for medical care during the reporting period and correspondingly had the following diagnosis: Sepsis, Pneumonia (or severe pneumonia), Malaria (or severe Malaria), Meningitis and SAM (complicated or uncomplicated)  (includes children treated at emergency ward and children admitted to the health facility; does not include newborns who are at emergency or inpatient ward after childbirth/before discharge; does not include outpatient visits of children and children who died before arrival at the health facility)","Conditions, levels of health facilities, age groups (0-7 days, 8-27, 28-59 days, 60 days-<1 year, 1-<5 y, 5-<10, 10-<15 y); and death within and after 24 hours of admission","Outcome/impact","Inpatient","Review of paediatric ward register or patient medical records, paediatric death audit and triangulation of information if possible.","Routine HMIS"," Monthly","If cause of death is difficult to measure, consider disaggregating by main clinical diagnosis. For case fatality by each abovementioned clinical condition, the numerator will be: # of children who presented to the health facility for medical care during the reporting period and died due to this condition. Denominator will be: # of children treated in the facility with these diagnosis "]
[1.2,1,2,"MS-1",null,"2 Sickies/Pret/Small","Catalogue",null,"Availability of antibiotics (first- and second-line) for prereferral treatment and/or full treatment of neonatal sepsis and meningitis"," The health facility has supplies of antibiotics (first- and second-line) for prereferral treatment and/or full treatment of neonatal sepsis and meningitis that are adequate for the expected case load without stock outs. "," The health facility had following antibiotics (first- and second-line) for prereferral treatment and/or full treatment of neonatal sepsis and meningitis that are adequate for the expected case load without stock outs  during the reporting period:  1st choice for sepsis 1) amoxicillin  (Powder for injection: 250 mg; 500 mg; 1 g (as sodium) in vial (second choice for AB meningitis), 2) ampicillin Powder for injection: 500 mg; 1 g (as sodium salt) in vial (second choice for AB meningitis); 3) benzylpenicillin Powder for injection: 600 mg (= 1 million IU); 3 g (= 5 million IU) (sodium or potassium salt) in vial  (second choice for AB meningitis) 4) gentamicin Injection: 10 mg; 40 mg (as sulfate)/ mL in 2- mL vial; 2nd choice for sepsis: 5) amikacin (250 mg (as sulfate)/mL in 2- mL vial); 6) cloxacillin Capsule: 500 mg; 1 g (as sodium salt) or  Powder for oral liquid: 125 mg (as sodium salt)/5 mL; 7) cefotaxime Powder for injection: 250 mg per vial (as sodium salt) (1st choice for AB Meningitis) ; 8) ceftriaxone (Powder for injection: 250 mg; 1 g (as sodium salt) in vial) (1st choice for AB Meningitis) ; 9) chloramphenicol ( Capsule: 250 mg. or Oily suspension for injection, (for Meningitis only); 10) meropenem Powder for injection: 500 mg (as trihydrate); 1 g (as trihydrate) in vial (for AB meningitis only)","Not applicable","Facility types, ownership","Input InfrastMedSupEquip","Both (inpatient and outpatient) ","Facility Survey:  Inventory Review","Inventory Review","Quarterly","Availability of specific essential equipment per type of health facilities need to be adapted to local regulations, however, it is highly recommended that lower level health facilities have at least 1st choice antibiotics for initial treatment and referral (1st 4 medications); the list of 1st and 2nd choice antibiotics is developed based on the WHO Model List of essential medicines for children (7th edition, 2019)"]
[1.2,1,5,"MS-1",null,"2 Sickies/Pret/Small","Catalogue",null," Availability of materials to provide optimal thermal care to preterm and small infants, including facilities for Kangaroo mother care in referral receiving facility","The referral receiving facility had adequate materials to provide optimal thermal care to preterm and small infants during the reporting period","The referral receiving facility had adequate material to provide optimal thermal care to preterm and small infants during the reporting period, including:  1) facilities for Kangaroo mother care 2) Binders/blankets, baby hats  and socks;  3) Warmers 4) Phototherapy lamps;  5)  Infant formula 6) Breast pumps; 7) Milk-storage facilities and pasteurizers; 8) Milk banks, 9) Intravenous fluids; 10) Nasogastric tubes; 11) incubators; 12) Feeding cups and spoons","Not applicable","Facility types, ownership","Input InfrastMedSupEquip","Inpatient","Facility Survey:  Inventory Review","Inventory Review","Quarterly"]
[1.2,1,10,"MS-2",null,"2 Sickies/Pret/Small","Core",4,"Treatment of PSBI ","% of sick young infants classified as having PSBI or any child with any one of the following signs: movement only when stimulated or no movement at all, not feeding well on observation, temperature greater than or equal to 38°C or less than 35.5°C, severe chest in-drawing, convulsions, fast breathing (60 breaths per minute or more) in infants less than 7 days old, or very severe disease or sepsis - who were prescribed appropriate antibiotics according to WHO guidelines","#  of sick young infants classified as having PSBI or very severe disease or sepsis or any child with any one of the aforementioned signs (movement only when stimulated or no movement at all, not feeding well on observation, temperature greater than or equal to 38°C or less than 35.5°C, severe chest in-drawing, convulsions, fast breathing (60 breaths per minute or more) in infants less than 7 days old, or very severe disease or sepsis, who were treated with a) Inj. Ampicillin or benzyl penicillin and Inj. Gentamycin and referred to higher level or b) treated with any of the following: Inj penicillin and Inj. Gentamycin or IV cloxacillin and gentamicin or a third-generation cephalosporin (e.g. ceftriaxone or cefotaxime) and inj gentamicin (Inpatient) in the health facility during the reporting period ","#  of sick young infants classified as having PSBI or very severe disease or sepsis or any child with any one of the aforementioned signs who received care in the health facility during the reporting period.","Inpatient/outpatient, sex, by <2000g, >= 2000g.  ","Process","Both (inpatient and outpatient) (inpatient and outpatient) (inpatient and outpatient)","Review of medical records, periodic health facility assessments, quality of care assessments, etc.","Patient medical records ","Monthly or quarterly ","Complete indicator for facility survey:  % of sick young infants classified as having PSBI or any child with any one of the following signs (movement only when stimulated or no movement at all, not feeding well on observation, temperature greater than or equal to 38°C or less than 35.5°C,  severe chest in-drawing, convulsions, Fast breathing (60 breaths per minute or more) in infants less than 7 days old),  or very severe disease or sepsis  who was treated with a) Pre-referral treatment-Inj. Ampicillin or benzyl penicillin  and Inj. Gentamycin  ((Ampicillin 50mg/kg or benzyl penicillin (50 000 units/kg per dose) and Gentamycin 5mg/kg(below 7days), 7.5mg/kg(above 7days), 3-4 mg/kg(low-birth-weight infants) and referred to higher level (outpatient) or b) Inj penicillin  and Inj. Gentamycin  ((Ampicillin 50mg/kg or benzyl penicillin (50 000 units/kg per dose) and Gentamycin 5mg/kg(below 7days), 7.5mg/kg(above 7days), 3-4 mg/kg(low-birth-weight infants) for 3 weeks  or IV cloxacillin and gentamicin for 3 weeks or  a third-generation cephalosporin (e.g. ceftriaxone (50 mg/kg every 12 h if < 7 days of age and 75 mg/kg after 1 week) or cefotaxime (50 mg/kg every 12 h if < 7 days or every 6–8 h if > 7 days of age), and gentamicin for 3 weeks (Inpatient) Note: Currently, there are practically no classification of PSBI made by care providers in LMICs. If we use children with PSBI as a denominator, we may not have cases at all.. That's respective symptoms were added. \nPSBI: Young infant < 2 months with any one or more of the following signs: • Not able to feed at all or not feeding well or • Convulsions or • Severe chest indrawing or • High body temperature (38°C* or above) or • Low body temperature (less than 35.5°C*) or • Movement only when stimulated or no movement at all or • Fast breathing (60 breaths per minute or more) in infants less than 7 days old"]
[1.2,1,14,"MS-2",null,"2 Sickies/Pret/Small","Core",5,"KMC initiation for pre-term and/or small infants weighing 2000 g or less  ","% of pre-term and/or small infants weighing 2000 or less who were initiated on Kangaroo mother care in a health facility (defined as care of small infants weighing 2000 g or less carried skin-to-skin with the mother. Its key features include early, continuous and prolonged skin to-skin contact between the mother and the baby, and exclusive breastfeeding (ideally) or feeding with expressed breastmilk) or referred to hospital (if outpatient facility)","# of pre-term and/or small infants weighing 2000 g or less who were initiated on Kangaroo Mother Care in the health facility or referred to hospital during the reporting period ","# of pre-term and/or small infants weighing 2000 g or less in a health facility or admitted to health facility during the reporting period ","Facility types, sex, by weight <= 1500g and 1500-<2000g","Process","Both (inpatient and outpatient) (inpatient and outpatient)","Review of ward registers or patient medical records","Routine HMIS","Monthly","This core indicator makes provision for measurement of KMC initiation after discharge or after home delivery, unlike its MNH equivalent. KMC is defined as care of small infants weighing 2000 g or less carried skin-to-skin with the mother. Its key features include early, continuous and prolonged skin to-skin contact between the mother and the baby, and exclusive breastfeeding (ideally) or feeding with breastmilk)"]
[1.2,1,16,"MS-3",null,"2 Sickies/Pret/Small","Catalogue",null,"Case fatality rate among sick young infants treated for PSBI or sepsis ","% of all sick young infants treated for PSBI or sepsis who died in the health facility ","Number  of sick young infants treated for PSBI or sepsis  during the reporting period who died in the health facility (case fatality rate)","Number  of sick young infants treated for PSBI or sepsis  during reporting","Facility types, sex, age","Outcome","Inpatient","Review of health facility registry or medical record review","Routine HMIS","Monthly"]
[1.2,1,19,"MS-3",null,"2 Sickies/Pret/Small","Catalogue",null,"Case fatality rate among low-birth-weight infants ","  % of low-birth-weight infants  weighing 2500 g or less) who died in the health facility during the reporting period","Number  of  low-birth-weight infants  weighing 2500 g or less born or treated  in the health facility during reporting period who died in the health facility","Number  of  low-birth-weight infants  weighing 2500 g or less born or treated  in the health facility during reporting period","By facility types, birth weight: 2000–2499 g, 1500–1999 g, < 1500 g","Outcome","Outpatient","Review of health facility registry or medical record review","Routine HMIS","Monthly"]
[1.3,1,3,"MS-1",null,"3 ASB/Cough/Breath","Catalogue",null,"Availability of supplies of antibiotics (first- and second-line) for treatment of severe pneumonia and pneumonia "," The health facility has adequate supplies of antibiotics (first- and second-line) for treatment of severe pneumonia and pneumonia for the expected case load with no stock outs. "," The health facility had antibiotics (first- and second-line) for treatment of severe pneumonia and pneumonia with no stock outs during the reporting period. Specifically: 1st choice antibiotics: 1) amoxicillin (Powder for oral liquid: 125 mg (as trihydrate)/5 mL; 250 mg (as trihydrate)/5 mL  or Solid oral dosage form: 250 mg; 500 mg (as trihydrate). Or Powder for injection: 250 mg; 500 mg; 1 g (as sodium) in vial) 2) amoxicillin + clavulanic acid (Oral liquid: 125 mg amoxicillin + 31.25 mg clavulanic acid/5 mL AND 250 mg amoxicillin + 62.5 mg clavulanic acid/5 mL  or  tablet: 500 mg (as trihydrate) + 125 mg (as potassium salt) or Powder for injection: 500 mg (as sodium) + 100 mg (as potassium salt); 1000 mg (as sodium) + 200 mg (as potassium salt) in vial) 3) ampicillin (Powder for injection: 500 mg; 1 g (as sodium salt) in vial); 4) benzylpenicillin (Powder for injection: 600 mg (= 1 million IU); 3 g (= 5 million IU) (sodium or potassium salt) in vial) 5) gentamicin  (Injection: 10 mg; 40 mg (as sulfate)/ mL in 2- mL vial); 6) phenoxymethylpenicillin  (Powder for oral liquid: 250 mg (as potassium salt)/5 mL. or Tablet: 250 mg (as potassium salt). 7) cefotaxime  (Powder for injection: 250 mg per vial (as sodium salt) ; 8) ceftriaxone ( Powder for injection: 250 mg; 1 g (as sodium salt) in vial)  2nd choice: 9) doxycycline (Oral liquid: 25 mg/5 mL ; 50 mg/5 mL (anhydrous) . or Solid oral dosage form: 50 mg ; 100 mg (ashyclate) or Powder for injection: 100 mg in vial)","Not applicable","Facility types, ownership","Input InfrastMedSupEquip","Both (inpatient and Outpatient)","Facility Survey:  Inventory Review","Inventory Review","Quarterly","The availability of specific antibiotics  by type of health facilities depend on local regulations, however, it is highly recommended to have 1st 5 antibiotics at the lower level health facilities; The list of 1st and 2nd choice antibiotics is developed based on the WHO Model List of essential medicines for children (7th edition, 2019)"]
[1.3,1,5,"MS-1",null,"3 ASB/Cough/Breath","Catalogue",null,"Availability of  pulse oximeters and a reliable, functioning oxygen supply"," The health facility has an adequate supply of pulse oximeters and a reliable, functioning oxygen supply at all times for the expected case load with no stock outs. ","The health facility had an adequate supply of pulse oximeters and a reliable, functioning oxygen supply at all times for the expected case load with no stock outs during the reporting period","Not applicable","Facility types, ownership","Input InfrastMedSupEquip","Both (inpatient and Outpatient)","Facility Survey:  Inventory Review","Inventory Review","Quarterly"]
[1.3,1,7,"MS-2",null,"3 ASB/Cough/Breath","Catalogue",null,"Correct assessment and classification of children  with cough or difficult breathing ","  % of children 2 months or older with cough or difficult breathing who are correctly assessed, investigated, classified according to severity of disease in accordance with WHO guidelines","Number  of all children two months or older with cough or difficult breathing to whom presence or absence of  general danger signs, cough duration, RR, breathing difficulty and wheezing was assessed and classified as  1) severe pneumonia or very severe disease, if  any general danger sign or stridor was noted; 2) pneumonia if chest indrawing and fast breathing (≥50 breaths per minute if 2months-12 months; ≥40 breath per minute  if 12 months  and up) was documented  and 3) cough or cold if no above signs of pneumonia or very severe disease was noted","Number  of all children two months or older with cough or difficult breathing who were treated/visited health facility during the reporting period","Facility types, by age","Process","Both (inpatient and Outpatient)","Review of health facility registry or medical record review or direct observation","Routine HMIS or direct observation","Monthly","Number 7 and Number 8 are similar indicators. I suggest to  chose one. Since Number 7 covers Both (inpatient and Outpatient) levels, suggest to use Number 7 but delated  term \"according  to severity of pneumonia\" and instead use  term \"severity of disease\""]
[1.3,1,9,"MS-2",null,"3 ASB/Cough/Breath","Core",6,"1st Choice antibiotic treatment for Pneumonia"," % of children aged between 7 days and 5 years who were diagnosed with pneumonia or showed signs of fast breathing and/or chest indrawing in the health facility and received or were prescribed oral amoxicillin during the reporting period","# of children aged between 7 days and 5 years who were diagnosed with pneumonia or showed signs of fast breathing and/or chest indrawing and received or were prescribed oral amoxicillin in the health facility during the reporting period","# of children aged between 7 days and 5 years with pneumonia or fast breathing and/or chest indrawing pneumonia who received care at the health facility during the same reporting period (includes children with suspected pneumonia)","By sex, facility types (or inpatient/outpatient, 7-59 days, 2 month-<5 years. Other age groups?","Process","Both (inpatient and outpatient) (inpatient and outpatient)","Review of ward/facility registers or patient medical records","Routine HMIS","Monthly","Complete indicator for facility survey: % of children aged between 7 days and 5 years with pneumonia or fast breathing and/or chest indrawing who received or prescribed with oral amoxicillin (twice daily 40 mg/kg per dose for 3 days (low HIV prevalence settings), 5 days in high HIV prevalence settings; for children 7-59 days old between 1.5-3.9 kg: 125 mg per dose 2X daily for 7 days; for children weighting 4-5.9 kg: 250 mg per dose 2X daily for 7 days"]
[1.3,1,10,"MS-2",null,"3 ASB/Cough/Breath","Catalogue",null,"Administration of inhalation bronchodilator among children with asthma"," % of all children with asthma who were appropriately administered inhalation bronchodilator treatment.","Number  of children with asthma and active symptoms (wheezing) to whom inhaled bronchodilator was given   with age-appropriate delivery mechanism ","Number  of children with Asthma and active symptoms (wheezing) seen in the health facility during the reporting period","Facility types, by age","Process","Both (inpatient and Outpatient)","Review of health facility registry or medical record review or observation","Routine HMIS or observation","Monthly","3 or 4: suggest to move this indicator under 1.10 (chronic conditions)"]
[1.3,1,11,"MS-2",null,"3 ASB/Cough/Breath","Catalogue",null,"Correct administration of Oxygen among children with Pneumonia ","% of children  with pneumonia to whom oxygen was appropriately administered for the clinical indication (signs of hypoxaemia or oxygen saturation  ≤ 90%).","Number  of children with Pneumonia to whom Oxygen was given if 1) oxygen saturation is ≤ 90%  (or SpO2≤ 87%, for children living >2500m above sea level) and/or 2) any of the clinical signs: a) central cyanosis, b) nasal flaring, c) inability to drink or feed (due to respiratory distress), d)  grunting with every breath, e) depressed mental state (i.e. drowsy, lethargic) and/or 3) any ETAT emergency signs (obstructed or absent breathing,  severe respiratory distress,  signs of shock (cold hands, capillary refill time longer than 3 s, high heart rate with weak pulse, and low or unmeasurable blood pressure),  coma (or seriously reduced level of consciousness),  convulsions, signs of severe dehydration in a child with diarrhoea (lethargy, sunken eyes, very slow return after pinching the skin or any two of these) with or without respiratory distress if SpO2 is < 94%.","Number  of children with Pneumonia","Facility types, ownership, by age","Process","Inpatient","Review of health facility registry or medical record review","Routine HMIS","Monthly","Note: oxygen administration for  emergency ETAT signs  goes beyond children with Pneumonia, although could be appeared among children with Pneumonia. Therefore, the denominator could be expanded to include children with Pneumonia and/or  ETAT emergency signs"]
[1.3,1,13,"MS-2",null,"3 ASB/Cough/Breath","Catalogue",null,"TB detection rate among children  with cough","% of sick children with cough who received care at the health facility during the reporting period  to whom cough duration was assessed and if duration >14 days, were referred for or further assessed for TB","Number  of sick children with cough who received care at the health facility during the reporting period  to whom cough duration was assessed and if duration >14 days, were referred for or further assessed for TB","Number  of sick children with cough who received care at the health facility during the reporting period","By sex, by age groups","Process","Both (inpatient and Outpatient)","Review of health facility registry or medical record review","Routine HMIS","Monthly","If child has cough and duration is not noted, it is considered as poor performance. Given a previous discussion, assessment of cough duration is considered in this catalogue indicator"]
[1.3,1,14,"MS-2",null,"3 ASB/Cough/Breath","Catalogue",null,"Unjustified antibiotic treatment for cough or cold","% of children 2 months-<5 years with diagnosis of  cough and cold or any following unspecified RTI diagnosis (No Pneumonia, RTI, URTI) and no fast breathing or chest indrawing) or no other concurrent disease (E.g. Pneumonia, Severe Pneumonia, Very Severe Disease, Dysentery, HIV+) to whom  antibiotic was prescribed","Number  of  children 2 months-<5 years with diagnosis of  cough and cold or any following unspecified RTI diagnosis (No Pneumonia, RTI, URTI) and no fast breathing or chest indrawing) or no other concurrent disease (E.g. Pneumonia, Severe Pneumonia, Very Severe Disease, Dysentery, HIV+) to whom  antibiotic was prescribed","Number  of children 2 months-<5 years  with diagnosis of  cough and cold or any following unspecified RTI diagnosis that does not comply with IMCI classification (No Pneumonia, RTI, URTI) and no fast breathing or chest indrawing) or no other concurrent disease (E.g. Pneumonia, Severe Pneumonia, Very Severe Disease, Dysentery, HIV+)","By facility types, sex, type of antibiotic ","Process","Both (inpatient and Outpatient)","Review of health facility registry or medical record review","Routine HMIS","Monthly"]
[1.3,1,15,"MS-3",null,"3 ASB/Cough/Breath","Catalogue",null,"Case fatality rate from Pneumonia"," % of all children managed for pneumonia in the health facility who died of pneumonia","Number  of all children managed for pneumonia in the health facility during the reporting period who died of pneumonia in the health facility","Number  of all children managed for pneumonia in the health facility during the reporting period ","By facility types, sex, by severity","Outcome","Inpatient","Review of health facility registry or medical record review","Routine HMIS","Monthly"]
[1.3,1,18,"MS-3",null,"3 ASB/Cough/Breath","Catalogue",null," Case fatality rate from wheeze or asthma "," % of all children managed for wheeze or asthma in the health facility who died of wheeze or asthma","Number  of all children managed for wheeze or asthma in the health facility  during the reporting period who died of wheeze or asthma","Number  of all children managed for wheeze or asthma in the health facility  during the reporting period ","By facility types, sex, by classification","Outcome","Inpatient","Review of health facility registry or medical record review","Routine HMIS","Monthly"]
[1.4,1,5,"MS-1",null,"4 ASB/Diarrhoea","Catalogue",null,"Availability of designated space with safe, clean water and adequate supplies for preparing ORS for children with diarrhea and dehydration.","The health facility has an appropriate designated space with safe, clean water and adequate supplies for preparing ORS for children with diarrhea and dehydration. ","The health facility had an appropriate designated space with safe, clean water and adequate supplies (cup, spoon and low osmolarity (245 mOsm/L) ORS powder packs  for dilution in 200 mL; 500 mL; 1 L.s)  for preparing ORS for children with diarrhea and dehydration during the reporting period. ","Not applicable","Facility types, ownership","Input InfrastMedSupEquip","Both (inpatient and Outpatient)","Facility Survey:  Inventory Review","Inventory Review","Quarterly"]
[1.4,1,16,"MS-1",null,"4 ASB/Diarrhoea","Catalogue",null,"Availability of medicines or supplies to treat diarrhoea ","Number of days on which the health facilities did not have medicines or supplies to treat diarrhoea (ORS, zinc, IV fluids and supplies, antibiotics) in the past 3 months.","Number of days on which the health facility did not have medicines: 1) low osmolarity  (245 mOsm/L) ORS powder packs, 2) zinc sulfate (Solid oral dosage form: 20 mg) or combined package,  3) ciprofloxacin  (1st choice) or sulfamethoxazole + trimethoprim, or azithromycin or cefixime (2nd choice), 4) spoon and cup  (if outpatient)  and in addition,  5) IV fluids (Ringer's Lactate or normal saline)   and/or 6) naso-gastric tube, if inpatient to treat diarrhoea","Not applicable","Facility types, ownership","Input InfrastMedSupEquip","Both (inpatient and Outpatient)","Facility Survey:  Inventory Review","Inventory Review","Quarterly"]
[1.4,1,7,"MS-2",null,"4 ASB/Diarrhoea","Catalogue",null,"Rehydration treatment for children with  diarrhoea"," % of all children with appropriately classified diarrhoea who were documented as having received an appropriate rehydration treatment plan (A, B or C) according to WHO guidelines. ","Number  of children  with diarrhoea symptoms with or without dehydration  who received appropriate rehydration treatment.  Specifically: if Diarrhoea symptoms <14 days, severe dehydration and no blood in stool,_ Plan C; if Diarrhoea symptoms <14 days, some dehydration and no blood in stool, _ Plan B;  if Diarrhoea symptoms and blood in stool, _ give ciprofloxacin for 3 days  ","Number  of children  with diarrhoea symptoms with or without dehydration for <14 days","By facility types, by Diarrhoea classification","Process","Both (inpatient and Outpatient)","Review of health facility registry or medical record review","Routine HMIS","Monthly","Indicator Number 7 and Number 9 are similar. I suggest using Number 7 as it assesses treatment at Both (inpatient and Outpatient)  at inpatient and outpatient; Indicator Number 7  of 1.4. is inclusive to indicator Number  9 and Number 10. We can have one indicator  for inpatient level (Plan c) and Number 7 at outpatient level and remove ind Number 9 (Tit is part of ind. Number 7)"]
[1.4,1,10,"MS-2",null,"4 ASB/Diarrhoea","Core",7,"Management of diarrhoea among children <5 years old ","% of under 5 children in a health facility who were diagnosed with diarrhea (with some or no dehydration) and were prescribed or received ORS, Zinc supplementation (if 2months- <5 years) and ciprofloxacin only if blood was present in the stool (or Dysentery was diagnosed)","# of under 5 children in a health facility who were diagnosed with diarrhea (with some or no dehydration) and were prescribed or received ORS, Zinc supplementation (if 2months- <5 years) and ciprofloxacin only if blood was present in the stool (or dysentery was diagnosed);   if Diarrhoea symptoms 14 days and more and dehydration, _ treat dehydration with ORS or breastfeeding  and refer to hospital,  if   Diarrhoea symptoms 14 days and more and no dehydration, _ referral to hospital, some dehydration and no blood in stool, _ Plan B;  ","# of children under 5 years old with diagnosis of diarrhea, with some or no dehydration","Age (0-59 days, 2months-<5 years), sex, facility type","Process","Both (inpatient and outpatient) (inpatient and outpatient)","Review of health facility registry or medical record review","Routine HMIS","Monthly","Complete Indicator for Facility Survey: % of children under 5 years old  with diagnosis of diarrhea, with some or no dehydration, who were prescribed  or received ORS (no dehydration: children <2 years 50 to 100 ml after each loose stool, 2 years or more 100 to 200 ml after each loose stool, some dehydration: 75 low osmolarity ORS: 75 ml/kg),  Zinc supplementation   (10 mg/day for 10-14 days for children 2 to 6 months of age and 20 mg/day for infants and children > 6 month for 10-14 days (if 2months- <5 years) and ciprofloxacin for 3 days only if blood in stool (or diagnosis of Dysentery). \nDiarrhea, with some or no dehydration is child’s condition with diarrhea and two or less of following symptoms: Restless and irritable, Sunken eyes, Skin pinch goes back or slowly."]
[1.4,1,15,"MS-2",null,"4 ASB/Diarrhoea","Catalogue",null,"Assessment of persistent diarrhoea for dehydration and nutritional status ","% of all children with persistent diarrhoea who were correctly assessed for dehydration and nutritional status ","Number   of all children with diagnosis of  persistent diarrhoea to whom 1) symptom duration and 2) dehydration status was assessed and 3) classified as severe persistent Diarrhoea if dehydration presented or persistent Diarrhoea if no dehydration and 4) provided with initial dehydration treatment (with ORS or breastfeeding) and referral if severe persistent diarrhoea  or  prescribed/treated with multivitamins and minerals (including Zinc) for 14 days  and counselled on feeding during illness   (if persistent Diarrhoea)","Number   of all children with diagnosis of  persistent diarrhoea ","By facility type, sex, disease severity","Process","Outpatient","Review of health facility registry or medical record review","Routine HMIS","Monthly"]
[1.4,1,17,"MS-3",null,"4 ASB/Diarrhoea","Catalogue",null,"Successful rehydration of children with  some dehydration "," % of all children with some dehydration who were successfully rehydrated and discharged for home treatment","Number  of children with some dehydration who were successfully rehydrated and discharged for home treatment","Number  of children with some dehydration  seeking care in health care facility during the reporting period","By facility types, sex","Outcome","Outpatient","Review of health facility registry or medical record review","Routine HMIS","Monthly"]
[1.4,1,18,"MS-3",null,"4 ASB/Diarrhoea","Catalogue",null,"Case fatality rate from diarrhoea"," % of all children managed for diarrhoea who died of diarrhoea","Number  of children managed for diarrhoea in the health facility during the reporting period who died of diarrhoea","Number  of children managed for diarrhoea in the health facility during the reporting period","By facility types, sex, disease severity","Outcome","Inpatient","Review of health facility registry or medical record review","Routine HMIS","Monthly","I took out severe dehydration from the indicator definition, however, the indicator can be disaggregated by disease severity"]
[1.5,1,2,"MS-1",null,"5 ASB/Asses/Class/Man/Fever","Catalogue",null,"Availability of basic laboratory and diagnostic tests and supplies for appropriate assessment of children with fever."," The health facility has basic laboratory and diagnostic tests and supplies available for appropriate assessment of children with fever. "," The health facility  had availability of basic laboratory and diagnostic tests and supplies for appropriate assessment of children with fever during the reporting period. Specifically:  (1) otoscopes,  2) malaria smear and/or rapid diagnostic tests, 3)  urinalysis with microscopy,4)  full blood count, 5)  pulse oximetry, 6) blood glucose tests, 7) blood culture) ","Not applicable","Facility types, ownership","Input InfrastMedSupEquip","Outpatient","Facility Survey:  Inventory Review","Inventory Review","Quarterly","The availability of specific diagnostic  tests (e.g. blood culture)  by type of health facility need to be specified in line with the local  regulations "]
[1.5,1,4,"MS-1",null,"5 ASB/Asses/Class/Man/Fever","Catalogue",null,"Availability of first- and second-line antibiotics for treatment of bacterial infections and antimalarial agents for treatment of malaria","The health facility had adequate supplies of first- and second-line antibiotics for treatment of bacterial infections and antimalarial agents for treatment of malaria in sufficient quantities for the expected case load with no stock outs during the reporting period. ","diagnostic test, full blood count, blood culture, urinalysis with microscopy, cerebrospinal fluid","Not applicable","Facility types, ownership","Input InfrastMedSupEquip","Both (inpatient and Outpatient)","Facility Survey:  Inventory Review","Inventory Review","Quarterly"]
[1.5,1,6,"MS-2",null,"5 ASB/Asses/Class/Man/Fever","Catalogue",null,"Assessment of fever, as main symptom"," % of sick children seen in the health facility for whom temperature was  documented in their medical record","microscopy, ultrasound, chest X-ray, blood glucose test, pulse oximetry).","Number  of sick children seen in the health facility ","Facility types, ownership","Process","Both (inpatient and Outpatient)","Review of health facility registry or medical record review","Routine HMIS","Monthly","changed the indicator from % of  children seen in the health facility for whom raised temperature was documented to % of sick children to whom  temperature was documented in their medical record"]
[1.5,1,"new","MS-2",null,"5 ASB/Asses/Class/Man/Fever","Core",8,"Malaria diagnosis in high prevalence settings ","% of children under 15 years old who presented to the health facility with fever without severe comorbidities (e.g. severe pneumonia, very severe disease, or very severe febrile disease) for whom malaria test results are available (results from microscopy or malaria Rapid Diagnostic Test) ","# of children under 15 years old who presented to the health facility with fever without severe comorbidities (e.g. severe pneumonia, very severe disease, or very severe febrile disease) during the reporting, for whom malaria test results are available (results from microscopy or malaria Rapid Diagnostic Test) ","# of children under 15 years old who presented to the health facility with fever without severe comorbidities (e.g. severe pneumonia, very severe disease, or very severe febrile disease) during the reporting period. ","Facility types, sex, diagnosis, by age (<5 years old, 5-<10 years old, 10-<15 years old)","Process","Both (inpatient and outpatient) (inpatient and outpatient) ","Review of health facility registry or medical record review","Routine HMIS","Monthly","The indicator is suggested  in settings with high Malaria incidence/prevalence"]
[1.5,1,10,"MS-2",null,"5 ASB/Asses/Class/Man/Fever","Catalogue",null,"Treatment of  Malaria according to WHO guidelines"," % of  children  under 5  children with diagnosis of malaria and no severe classification to whom antimalarial medication was prescribed (Artemether-Lumefantrine (AL) 2X daily for 3 days or Artesunate Amodiaquine (AS+AQ) 1X a day for 3 days ","Number  of  children  under 5  children with diagnosis of malaria and no severe classification to whom antimalarial medication was prescribed (Artemether-Lumefantrine (AL) 2X daily for 3 days or Artesunate Amodiaquine (AS+AQ) 1X a day for 3 days ","Number  of  children  under 5  children with diagnosis of malaria and no severe classification  seen in the health facility during the reporting period","by facility types, sex, Malaria test (microscopy or malaria RDT) administered/not administered","Process","Both (inpatient and Outpatient)","Review of health facility registry or medical record review","Routine HMIS","Monthly","suggest to use the definition of 100 core indicator for Malaria treatment"]
[1.5,1,13,"MS-2",null,"5 ASB/Asses/Class/Man/Fever","Catalogue",null,"Monitoring of children with severe febrile illness (e.g. malaria, meningitis, septicaemia, dengue)","% of  children with severe febrile illness (e.g. malaria, meningitis, septicaemia, dengue) who were monitored at least hourly for vital signs ( heart rate, RR, BP, T, urine output) and level of consciousness  until resolution of emergency signs (difficulty of breathing, severe respiratory distress, central cyanosis,  signs of shock (cold hands, capillary refill time longer than 3s, high heart rate with weak pulse, and low or unmeasurable blood pressure), coma (or reduced level of consciousness), convulsions, or signs of severe dehydration (lethargy, sunken eyes, very slow return after pinching the skin or any two or these)","Number  of  children with severe febrile illness (e.g. malaria, meningitis, septicaemia, dengue)  treated in the health facility during the reporting period who were monitored at least hourly for vital signs ( heart rate, RR, BP, T, urine output) and level of consciousness  until resolution of emergency signs (difficulty of breathing, severe respiratory distress, central cyanosis,  signs of shock (cold hands, capillary refill time longer than 3s, high heart rate with weak pulse, and low or unmeasurable blood pressure), coma (or reduced level of consciousness), convulsions, or signs of severe dehydration (lethargy, sunken eyes, very slow return after pinching the skin or any two or these) ","Number  of  children with severe febrile illness (e.g. malaria, meningitis, septicaemia, dengue)  treated in the health facility during the reporting period","Facility types, sex, diagnosis, ","Process","Inpatient","Review of health facility registry or medical record review","Routine HMIS","Monthly"]
[1.5,1,17,"MS-3",null,"5 ASB/Asses/Class/Man/Fever","Catalogue",null,"Case fatality  rate from Malaria","%  of children who presented  to the health facility for medical care and died due to Malaria","Number   of children who presented  to the health facility for medical care and died due to Malaria","Number  of inpatient  sick children with Malaria who were presented  to the health facility for medical care during the reporting period ","Facility types, sex, disease severity, age","Outcome","Inpatient","Review of health facility registry or medical record review","Routine HMIS","Monthly"]
[1.5,1,19,"MS-3",null,"5 ASB/Asses/Class/Man/Fever","Catalogue",null,"Case fatality  rate from septicaemia","%  of children who presented  to the health facility for medical care and died due to septicaemia ","Number   of children who presented  to the health facility for medical care and died due to Septicemia","Number  of inpatient  sick children presented  to the health facility for medical care with diagnosis of Septicemia during the reporting period ","Facility types, sex, age","Outcome","Inpatient","Review of health facility registry or medical record review","Routine HMIS","Monthly"]
[1.6,1,4,"MS-1",null,"6 RCEB/Nutr/Growth ","Catalogue",null," Availability of supplies and materials to support breastfeeding and  alternative feeding (when appropriate)"," The health facility has the necessary supplies and materials to support breastfeeding and, when appropriate, alternative feeding "," The health facility has the necessary supplies and materials to support breastfeeding and, when appropriate, alternative feeding. Specifically: 1) feeding cups and 2)  spoons, 3) infant formula, 4) nasogastric tubes, 5) syringe drivers, 6) IV fluids 7)  Nasogastric tubes 8) Breast pumps 9) Milk-storage facilities and pasteurizers, 10) Milk banks and 11) educational materials to promote breastfeeding","Not applicable","Facility types, ownership","Input InfrastMedSupEquip","Both (inpatient and Outpatient)","Facility Survey:  Inventory Review","Inventory Review","Quarterly"]
[1.6,1,8,"MS-2",null,"6 RCEB/Nutr/Growth ","Catalogue",null,"Assessment of child's routine growth ","  % of all children < 5 years in the health facility who have been assessed for  growth  ","Number  of children <5 years old whose growth (weight, height) was measured and plotted on respective growth  chart and classified as normal growth,  obese, overweight, possible risk of overweight, stunted, underweight, wasted, severely stunted, severely underweight or  severely wasted ","Number  of children <5 years  visited health facility for well-baby care or non-urgent medical condition"," Ownership , age, sex","Process","Outpatient","Facility Survey:  Client interview","Client Interview","Quarterly","Because of complexity, the indicator was split on two, _ growth and developmental monitoring "]
[1.6,1,"new","MS-2",null,"6 RCEB/Nutr/Growth ","Catalogue",null,"Assessment of child's  neuro development  ","% of children ≤5 years old attending health facility for well-baby care or non-urgent medical conditions,  who were appropriately monitored or screened for development at their age","Number  of children ≤5 years old attending health facility for well-baby care or non-urgent medical conditions,  who were appropriately monitored or screened for development at their age specifically: 1) head circumference was measured, plotted and classified 2) assessed for developmental risk factors 3) assessed for phenotypical alterations  4) assessed reflexes, skills, positions and behaviors appropriate to child's age group and 5) classified  as suspected developmental delay, normal development with risk factors, developmental alert or normal development","Number  of children <5 years  visited health facility for well-baby care or non-urgent medical condition"," Ownership , age, sex","Process","Outpatient","Facility Survey:  Client interview","Client Interview","Quarterly"]
[1.6,1,12,"MS-2",null,"6 RCEB/Nutr/Growth ","Catalogue",null,"Counselling on breastfeeding and infant feeding/nutrition","% of parents or caregivers of children < 2 years old who were counselled and received information about BF and  complementary foods   \n Proportion of children discharged from and can describe correctly when and how to introduce complementary food.","Number  of parents or caregivers of sick children < 2 years visited or discharged from the health facility who were counselled on breastfeeding and complementary feeding of their child","Number  of parents or caregivers of sick children < 2 years visited or discharged from the health facility "," Ownership ,  age, sex","Process","Both (inpatient and Outpatient)","Facility Survey:  Client interview","Client Interview","Quarterly","Revised based on the expert feedback on catalogue indicators"]
[1.6,1,11,"MS-3",null,"6 RCEB/Nutr/Growth ","Catalogue",null,"Breastfeeding  at the time of discharge. "," % of newborns born in the health facility  who  were  breastfeeding at the time of discharge","Number  of newborns born in the health facility  who  were  breastfeeding at the time of discharge","Number  of newborns born in the health facility  ","Facility types, ownership, by weight","Outcome","Inpatient","Facility Survey:  Client interview","Client Interview","Quarterly","Fully established breastfeeding is difficult to measure without observation. Because of low feasibility, the indicator was revised to measure breastfeeding at discharge"]
[1.6,1,"new","MS-3",null,"6 RCEB/Nutr/Growth ","Catalogue",null,"Knowledge on positioning the baby during the breastfeeding","% of breastfeeding mothers of term infants who are able to demonstrate how to position their baby for breastfeeding and that the baby can suckle and transfer milk","# of breastfeeding mothers of term infants who are able to demonstrate how to position their baby for breastfeeding and that the baby can suckle and transfer milk","# of breastfeeding mothers of term infants seen in the health facility","Facility types, ownership, by weight","Outcome","Both (inpatient and Outpatient)","Facility Survey:  Client interview","Client Interview","Quarterly","This indicator is added based on BFHI guidance (advancing nutrition)"]
[1.7,1,2,"MS-1",null,"7 ASB/Malnut/Anem","Catalogue",null,"Availability of equipment and supplies for assessing acute malnutrition","The health facility has adequate, functioning equipment (e.g. weighing scales, length and height boards, mid-upper arm circumference tapes) and other supplies for assessing acute malnutrition for the expected case load without stock outs. ","The health facility with  availability of  functioning equipment for assessing acute malnutrition for the expected case load without stock outs during the reporting period. Specifically: 1) weighing scales for newborns and 2) older children, 3)  length and height boards, 4)  mid-upper arm circumference tapes,  5) RUTF  and 6) cup and spoons to assess severity of the disease 7) growth charts to classify z-score ","Not applicable","Facility types, ownership","Input InfrastMedSupEquip","Outpatient","Facility Survey:  Inventory Review","Inventory Review","Quarterly","Given that the next indicator is focused on management, this indicator was modified to measure assessment of acute malnutrition"]
[1.7,1,4,"MS-1",null,"7 ASB/Malnut/Anem","Catalogue",null,"Availability of equipment and supplies for managing complicated acute malnutrition","The health facility that is managing children with complicated severe acute malnutrition has adequate medical and nutrition supplies available for the expected case load without stocks-outs."," The health facility that is managing children with complicated severe acute malnutrition with availability of  adequate medical and nutrition supplies for the expected case load without stocks-outs during the reporting period. Specifically: 1) 10% glucose or sucrose, 2)  F-75  or F-100 therapeutic milk, 3) ready-to-use therapeutic food packets, 4)  ReSoMal,  5) IV fluids (either Ringer’s lactate solution with 5%, dextrose or half-strength Darrow’s solution with 5% dextrose or .45% saline with 5% dextrose), 6) 1.5% zinc acetate solution,  7) 50% magnesium sulfate solution, 8) 10% stock solution of potassium chloride, 9) oral amoxicillin, 10) benzylpenicillin or ampicillin and 11)  gentamicin  injectable (IM or IV), 12)  IV line, 13) nasogastric tube, 14) warm blankets, 15) heater or warmer","Not applicable","Facility types, ownership","Input InfrastMedSupEquip","Inpatient","Facility Survey:  Inventory Review","Inventory Review","Quarterly"]
[1.7,1,8,"MS-2",null,"7 ASB/Malnut/Anem","Catalogue",null,"Assessment and classification of nutritional  status ","% of all sick children aged < 5 years seen in the health facility whose nutritional status was assessed and classified according to the IMCI guidelines.","Number  of all sick children aged < 5 years seen in the health facility  to whom 1)  oedema on feet, 2) weight for height/length (WFH/L)/Z-score (if <6 months) or MUAC (if≥6 months), 3) absence or presence of any general danger signs, 4)  severe classification and/or 5) chest indrawing, 6)  ability  to finish RUTF (if older than 6 months), 7) feeding /breastfeeding status (if less than 6 months) was assessed  and classified as 1) complicated severe malnutrition, if oedema on Both (inpatient and Outpatient) feet WFH/L is less than -3 z-score or MUAC less than 115 mm and any of the following: medical complication, not able to finish RUTF or breastfeeding problem); 2)  uncomplicated severe acute malnutrition if  WFH/L less than -3 zscores OR MUAC less than 115 mm AND Able to finish RUTF; 3) moderate acute malnutrition if WFH/L between -3 and - 2 z-scores OR MUAC 115 up to 125 mm","Number  of all sick children aged < 5 years seen/receiving care in the health facility  ","Facility types, ownership, age, sex","Process","Outpatient","Review of health facility registry or medical record review","Routine HMIS","Monthly","Given that assessment  and classification of Malnutrition and Anemia is complex,  the indicator was split into two consecutive indicators"]
[1.7,1,10,"MS-2",null,"7 ASB/Malnut/Anem","Core",9,"Management of uncomplicated Severe Acute Malnutrition "," % of children aged between 6 month and 5 years who were diagnosed with uncomplicated severe acute malnutrition in a health facility and received or were prescribed oral amoxicillin and RUTF during the reporting period ","# of children aged between 6 month and 5 years who were diagnosed with uncomplicated severe acute malnutrition in a health facility and received or were prescribed oral amoxicillin and RUTF during the reporting period ","# of children aged between 6 month and 5 years who were diagnosed with uncomplicated severe acute malnutrition in a health facility during the reporting period","By sex","Outcome","Outpatient","Review of health facility registry or medical record review","Routine HMIS","Monthly","Uncomplicated Severe Acute Malnutrition (SAM) in children aged between 6 month and 5 years is defined as Weight for Height or length less than -3 zscores OR MUAC less than 115 mm AND able to finish RUTF."]
[1.7,1,15,"MS-2",null,"7 ASB/Malnut/Anem","Core",10,"Management of childhood anemia"," Proxy: % of children >2 months -<15 years old of age who were classified or diagnosed with anaemia in a health facility and treated/prescribed with Iron and mebendazole (if 1 year or older and not given mebendazole for last 6 months) during the reporting period","# of children > 2 months- <15 years old of age who were classified or diagnosed with anaemia in a health facility and treated/prescribed with Iron and mebendazole (if 1 year or older and not given mebendazole for last 6 months) during the reporting period","# of children over 2 months of age were classified or diagnosed with anaemia","By sex, by age groups","Process","Both (inpatient and outpatient) (inpatient and outpatient)","Review of health facility registry or medical record review","Routine HMIS","Monthly","Complete Indicator for Facility Survey: % of all children over 2 months classified or diagnosed with anaemia, who was treated/prescribed  with Iron (2months-4 months- 1ml Iron syrup (Ferrous Fumerate 20 mg per ml, 4 month=12 months-1.25 ml, 12months-3 years 2ml  syrup or  ½ tablet of 60 Mg elemental iron), 3-5 years 2,5ml or ½ tablet of 60 Mg elemental iron),  children 5-<15 years old:30-60 elemental Iron for 14 days  and Mebendazole (for children 1 year or older), if not given during last 6 months\nAnemia (some pallor or haemoglobin under 8 gm among children over 1 month-<6 months, Children of 6 to 59 months (Both (inpatient and outpatient) (inpatient and outpatient) sexes) < 11.0 g/dl;  Children of 5 to 11 years (Both (inpatient and outpatient) (inpatient and outpatient) sexes) <11.5g/dl Children of 12 to 14 years (Both (inpatient and outpatient) (inpatient and outpatient) sexes) 12.0. g/dl "]
[1.7,1,16,"MS-3",null,"7 ASB/Malnut/Anem","Catalogue",null,"Case fatality rate from severe acute malnutrition (SAM)","% of children who were treated in the health facility for severe acute malnutrition  during the reporting period and died from SAM ","Number  of children who were treated in the health facility for severe acute malnutrition  during the reporting period and died from SAM ","Number  of children who were treated in the health facility for severe acute malnutrition  ","By age, complicated/uncomplicated","Outcome","Inpatient","Review of health facility registry or medical record review","Routine HMIS","Monthly","This indicator is inpatient. Do we want something on caregiver reported outcome?"]
[1.7,1,"new",{"$nulls":3},"Catalogue",null,"Assessment of anaemia status w according to the IMCI guidelines.","% of all sick children aged < 5 years seen in the health facility whose anaemia status was assessed and classified according to the IMCI guidelines.","Number  of all sick children aged < 5 years seen in the health facility  to whom palmar pallor and child's feeding  was assessed and classified as 1) severe anaemia, if severe palmar pallor and 2)  anaemia, if some pallor","Number  of all sick children aged < 5 years seen/receiving care in the health facility  ","Facility types, ownership, age, sex","Process","Outpatient","Review of health facility registry or medical record review","Routine HMIS","Monthly"]
[1.8,1,4,"MS-1",null,"8 ASB/TB/HIV","Catalogue",null,"Availability of child-friendly single or fixed-dose formulations of anti-TB medicines "," The health facility has child-friendly single or fixed-dose formulations of anti-TB medicines available at all times in adequate quantities without stock outs. "," The health facility with availability of child-friendly single or fixed-dose formulations of anti-TB medicines s in adequate quantities without stock outs during the reporting period. Specifically: 1) ethambutol (Oral liquid: 25 mg/mL or Tablet: 100 mg; 400 mg (hydrochloride) or Tablet (dispersible): 100 mg); 2) isoniazid (Oral liquid: 50 mg/5 mL or Tablet: 100 mg to 300 mg or Tablet (scored): 50 mg or Tablet (dispersible): 100 mg); 3) isoniazid + pyrazinamide + rifampicin (Tablet (dispersible): 50 mg + 150 mg + 75 mg.) 4) isoniazid + rifampicin (Tablet (dispersible): 50 mg + 75 mg.) 5) pyrazinamide (Oral liquid: 30 mg/mL.  or Tablet: 400 mg; or  Tablet (dispersible): 150 mg; or Tablet (scored): 150 mg.) 6) rifampicin (Oral liquid: 20 mg/mL.  or Solid oral dosage form: 150 mg; 300 mg.) and 7) rifapentine Tablet: 150 mg","Not applicable","Facility types, ownership","Input InfrastMedSupEquip","Both (inpatient and Outpatient)","Facility Survey:  Inventory Review","Inventory Review","Quarterly","The availability of medicines for the treatment of multidrug-resistant tuberculosis (MDR-TB) such as amikacin, amoxicillin + clavulanic acid, bedaquiline or  clofazimine is not included in the list as they should be used in specialized centers adhering to WHO standards for TB control"]
[1.8,1,5,"MS-1",null,"8 ASB/TB/HIV","Catalogue",null,"Availability of antiretroviral therapy and preventive therapy (co-trimoxazole)  for infants and children exposed to and/or infected with HIV. ","The health facility has adequate supplies of antiretroviral therapy and preventive therapy  available at all times for infants and children exposed to and/or infected with HIV.","The health facility with availability of supplies of antiretroviral therapy and preventive therapy (co-trimoxazole)  for infants and children exposed to and/or infected with HIV  during the reporting period. Specifically: 1)  abacavir (ABC) or lamivudine (3TC) or zidovudine (ZDV or AZT), 2) efavirenz (EFV or EFZ), 3)  nevirapine (NVP), 4) atazanavir, 5) darunavir,  6) lopinavir + ritonavir (LPV/r) or ritonavir, 7) dolutegravir,8)  raltegravir, 9) abacavir + lamivudine, 10) lamivudine + nevirapine + zidovudine, 11) lamivudine + zidovudine, 12)  isoniazid + pyridoxine + sulfamethoxazole + trimethoprim, 13) ribavirin and  14)co-trimoxazole","Not applicable","Facility types, ownership","Input InfrastMedSupEquip","Both (inpatient and Outpatient)","Facility Survey:  Inventory Review","Inventory Review","Quarterly"]
[1.8,1,9,"MS-2",null,"8 ASB/TB/HIV","Catalogue",null,"Treatment of children diagnosed with TB  infection","  % of children  with diagnosed TB who received correct, appropriate treatment (i.e. formulation, combination, dose and duration of treatment)","Number  of children with diagnosed TB who received correct, appropriate treatment (i.e. formulation, combination, dose and duration of treatment). Specifically,1) isoniazid (H) 10 mg/kg (range 7–15 mg/kg); maximum dose 300 mg/day  and 2) rifampicin (R) 15 mg/kg (range 10–20 mg/kg); maximum dose 600 mg/day   and  3) pyrazinamide (Z) 35 mg/kg (range 30–40 mg/kg)  or adult dose of above medications (if child's body weight is ≥ 25 kg) or 3 Fixed dose combination (FDC) for 2 months (intensive phase)  and 2) isoniazid (H) 10 mg/kg (range 7–15 mg/kg); maximum dose 300 mg/day  and 2) rifampicin (R) 15 mg/kg (range 10–20 mg/kg) or adult dose of above medications (if child's body weight is ≥ 25 kg) or 2 FDC  for 4-7 months (Continuation phase) ","Number  of children with diagnosed TB","By weight, age, facility type","Process","Both (inpatient and Outpatient)","Review of health facility registry or medical record review","Routine HMIS","Monthly"]
[1.8,1,11,"MS-2",null,"8 ASB/TB/HIV","Catalogue",null,"Successful completion of TB treatment "," % of children  started on TB treatment in the health facility who successfully completed the full course. ","Number   of children started on TB treatment in the health facility who successfully completed the full course (2 months of intensive phase and 4-7 months of continuation phase)","Number  of children  started on TB treatment ","By weight, age, facility type","Process","Both (inpatient and Outpatient)","Review of health facility registry or medical record review","Routine HMIS","Monthly or quarterly ","Suggest to use standard WHO Indicator: TB treatment success rate"]
[1.8,1,12,"MS-2",null,"8 ASB/TB/HIV","Core",11,"Assessment of HIV status of mother and/or child ","% of children who visited/were admitted to a health facility during the reporting period for whom the HIV status of mother and/or child is known (positive or negative) ","# of children who visited/were admitted to a health facility during the reporting period for whom the HIV status of mother and/or child is known (positive or negative) ","# of children who visited/were admitted to the health facility during the reporting period ","Age groups (<1 years, 1-< 5, over 5-<15, sex)","Process","Both (inpatient and outpatient) (inpatient and outpatient)","Review of health facility registry or medical record review","Routine HMIS","Monthly","Although important, this indicator has some measurement limitations in general settings"]
[1.8,1,16,"MS-3",null,"8 ASB/TB/HIV","Catalogue",null,"Paediatric TB treatment success rate ","% of paediatric TB cases successfully treated (cured plus treatment completed) among TB cases treated in the health facility during the reporting period","Number  of paediatric TB patients  successfully treated (cured plus treatment completed) among paediatric  TB cases treated in the health facility during the reporting period","Number  of paediatric TB cases treated in the health facility during the reporting period","Bacteriological confirmation status; drug resistance status (drug-susceptible and treated with first-line drugs, drug-resistant and treated with a second-line regimen); HIV status; treatment history (new and relapse, previously treated excluding relapse)","Outcome","Outpatient","Review of health facility registry or medical record review","Routine HMIS","Quarterly","Can be standardized as TB treatment success rate as standard 100 core measure"]
[1.8,1,"new","MS-3",null,"8 ASB/TB/HIV","Core",12,"TB detection rate among children ","% of sick children who received care at the health facility during the reporting period and reported a cough duration >14 days or were diagnosed with SAM or had confirmed HIV infection, and were referred for or further assessed for TB","# of sick children who received care at the health facility during the reporting period and reported a cough duration >14 days or were diagnosed with SAM or had confirmed HIV infection, and were referred for or further assessed for TB","# of sick children with SAM or confirmed HIV infection or cough duration >14 days who received care at the health facility during the reporting period","By sex, by age groups","Process","Both (inpatient and outpatient) (inpatient and outpatient)","Review of health facility registry or medical record review","Routine HMIS","Monthly","If child has cough and duration is not noted, it is considered as poor performance. However, this indicator does not measure this (denominator does not include children with cough). Assessment of cough duration will be included in catalogue indicators"]
[1.9,1,2,"MS-1",null,"9 RCEB/Vaccin/VitA","Catalogue",null,"Availability of functioning refrigerator with a temperature monitoring device and sufficient storage capacity to accommodate all the vaccines"," The health facility has a functioning refrigerator with a temperature monitoring device and sufficient storage capacity to accommodate all the vaccines required","The health facility had a functioning refrigerator with a temperature monitoring device and sufficient storage capacity to accommodate all the vaccines required for the expected case load during the reporting period","Not applicable","Facility types, ownership","Input InfrastMedSupEquip","Outpatient","Facility Survey:  Inventory Review","Inventory Review","Quarterly"]
[1.9,1,4,"MS-1",null,"9 RCEB/Vaccin/VitA","Catalogue",null,"Availability of age-appropriate primary vaccines and human papillomavirus vaccine ","Number  of days with stock outs of any of the paediatric vaccine(s), required  by the national immunization calendar (including HPV, if applicable)","Number  of days with stock outs of any of the paediatric vaccine(s), required  by national immunization calendar (including HPV, if applicable)","Not applicable","Facility types, by Vaccine types","Input InfrastMedSupEquip","Both (inpatient and Outpatient)","Facility Survey:  Inventory Review","Inventory Review","Quarterly","specific vaccines will be determined according to the national immunization calendar  (e.g. Panta vs DPT3), however, WHO recommends following childhood vaccines for all countries/geographies: BCG vaccine, diphtheria vaccine, Haemophilus influenzae type b, hepatitis B vaccine, HPV vaccine, measles vaccine, pertussis vaccine, pneumococcal vaccine, poliomyelitis vaccine, rotavirus vaccine, rubella vaccine, tetanus vaccine "]
[1.8,1,14,"MS-2",null,"8 ASB/TB/HIV","Catalogue",null,"HIV testing among infants of  HIV-infected mothers"," % of all children born to HIV-infected mothers who were tested for HIV infection within 8 weeks of birth ","Number  of children born to HIV-infected mothers who were tested for HIV infection within 8 weeks of birth","Number  of children born to HIV-infected mothers","Types of health facility,  sex","Process","Outpatient","Review of health facility registry or medical record review","Routine HMIS","Monthly"," This indicator focused on 1st two targets, but this may be difficult to measure and act upon (given that it includes Both (inpatient and Outpatient) testing and treatment).  Based on the expert feedback, the indicator was split into testing and treatment (see  the indicator below)"]
[1.8,1,15,"MS-2",null,"8 ASB/TB/HIV","Catalogue",null,"Antiretroviral therapy for children with confirmed HIV infection ","% of all children with confirmed HIV infection who have started antiretroviral therapy according to WHO guidelines ","Number  of children with confirmed HIV infection who have started antiretroviral therapy according to WHO guidelines: Children <3  years of age: the NRTI backbone for an ART regimen should be  ABC or AZT + 3TC; Where viral load monitoring is available, consideration can be given to substituting LPV/r with EFV at 3 years of age after viral suppression is sustained; After failure of a first-line LPV/r-based regimen, switch to a RAL-based second-line. children 3 to less than 10 years of age: the NRTI backbone for an ART regimen should be: 1)  ABC + 3TC  or 2)  AZT or TDF + 3TC (or FTC); Where viral load monitoring is available, consideration can be given to substituting LPV/r with EFV at 3 years of age after viral suppression is sustained; After failure of a first-line LPV/r-based regimen, switch to a second-line regimen containing two NRTIs plus EFV or RAL; After failure of a first-line NNRTI-based regimen, children should be switched to a boosted. PI-based regimen. LPV/r or ATV/r are preferred","Number  of children with confirmed HIV infection","Age groups (<1 years, 1-< 5, over 5-<15, sex)","Process","Outpatient","Review of health facility registry or medical record review","Routine HMIS","Monthly","Note: indicator Number 14 includes Number 15. therefore, it is not selected separately. Alternatively,  we can focus Number 14 on testing and Number 15 on treatment. Note: 100 core monitors AIDS related mortality and Viral load suppression (3rd 95 target). This one focuses on 1st two targets, but may be difficult to measure"]
[1.8,1,17,"MS-3",null,"8 ASB/TB/HIV","Catalogue",null,"Case fatality rate among children with HIV infection in the facility","% of children with confirmed HIV status  treated in the health facility who died from HIV infection","Number  of children with confirmed HIV status  treated in the health facility who died from HIV infection","Number  of children with confirmed HIV status  treated in the health facility during the reporting period","Types of health facility,  sex, age","Outcome","Inpatient","Review of health facility registry or medical record review","Routine HMIS","Monthly"]
[1.9,1,9,"MS-2",null,"9 RCEB/Vaccin/VitA","Catalogue",null,"Vitamin A supplementation among children 6 months-under 5 years old "," % of all children 6 months- under 5 years of age who attended the health facility and received vitamin A supplementation in the past 6 months","Number  of all children 6 months-under 5 years of age who attended the health facility and received vitamin A supplementation in the past 6 months","Number  of  children 6 month- under 5 years of age who attended the health facility during the reporting period","Facility types, sex, age (<1 year, 1-5 years)","Process","Outpatient","Review of health facility registry,  or medical record or child card review","Routine HMIS or child card review","Monthly"]
[1.9,1,11,"MS-3",null,"9 RCEB/Vaccin/VitA","Core",13,"Missed opportunity for vaccination  ","% of children visiting the health facility for routine/acute care during the reporting period who had incomplete vaccination and were administered all catch-up immunizations","# of children visiting the health facility for routine/acute care during the reporting period who had incomplete vaccination and were administered all catch-up immunizations","# of children visited health facility for routine/acute care","By sex, by age (<1 year, 1-5 years, 5-15 years)","Process","Both (inpatient and outpatient) (inpatient and outpatient)","RHIS, facility registry or medical record review or Facility survey or caregiver exit interview","Medical documentation or care giver (+child card)","Monthly"]
[1.9,1,12,"MS-3",null,"9 RCEB/Vaccin/VitA","Catalogue",null,"Missed opportunity to vaccinate in hospital settings"," % of all children admitted to the health facility for more than 24 h who were not fully vaccinated for their age."," Number  of all children admitted to the health facility for more than 24 h who were not fully vaccinated for their age at a time of discharge"," Number  of all children admitted to the health facility for more than 24 h during the reporting period  with documented vaccination status at discharge","Sex, by age (<1 year, 1-5 years, 5-15 years)","Process","Inpatient","Facility Survey:  Client interview","Client Interview","Quarterly","Similar to indicator Number 11. Suggest to use the measure Number 11 above with proposed modification"]
[1.1,1,8,"MS-2",null,"10 ASB/Chronic/Con","Catalogue",null,"Physical and emotional care of children who require palliative care"," % of children in long term care facilities/departments whose physical and emotional care, including pain, side-effects and other symptoms, is assessed and documented."," Number  of children in long term care facilities/departments whose physical and emotional care, including pain, side-effects and other symptoms, is assessed and documented."," Number  of children receiving care in long term care facilities/departments during the reporting period","Facility types, ownership","Process","Both (inpatient and Outpatient)","Review of health facility registry or medical record review","Routine HMIS","Monthly","NCD preventive measures: physical activity, sugar intake are not included in the standards "]
[1.1,1,null,"MS-3",null,"10 ASB/Chronic/Con","Catalogue",null,"Uncontrolled asthma","% patients with asthma  requiring treatment for exacerbation in the  last six months","Number  of patients with asthma  followed in clinic treated  or referred for exacerbation in  the last 6 months ","Total Number  of children followed for asthma in the health facility during the reporting period","Facility types, ownership","Outcome","Both (inpatient and Outpatient)","Facility Survey:  Client interview","Client Interview","Quarterly","This is outcome measure. NCD preventive measures: physical activity, sugar intake are not included in the standards; There are no process measures for chronic conditions: suggest to include 1-2 process measures for Asthma detection and management.  "]
[1.1,1,"new","MS-3",null,"10 ASB/Chronic/Con","Catalogue",null,"Assessment of risk-factors and triggers among children with chronic conditions ","% of patients with chronic conditions (asthma, diabetes, Epilepsy)   to whom risk factors (BMI, Diet) and triggers (pets, viral infections, dust, smoking environment), assessed & modification plan developed during the visit or before the discharge","Number  of patients with chronic conditions (asthma, diabetes, Epilepsy)   to whom risk factors (BMI, Diet) and triggers (pets, viral infections, dust, smoking environment), assessed & modification plan developed during the visit or before the discharge","Number  of patients with chronic conditions (asthma, diabetes, Epilepsy)  received treatment in the health facility during the reporting period","Facility types, ownership, by conditions","Outcome","Both (inpatient and Outpatient)","Facility Survey:  Client interview","Client Interview","Quarterly","This is outcome measure. NCD preventive measures: physical activity, sugar intake are not included in the standards; There are no process measures for chronic conditions: suggest to include 1-2 process measures for Asthma detection and management.  "]
[1.1,1,10,"MS-3",null,"10 ASB/Chronic/Con","Catalogue",null,"Knowledge of alert signs and symptoms  to seek care among children with chronic conditions.","% of children with a chronic condition who know and can correctly describe the signs and symptoms that alert them to seek care for their condition. ","Number  of children with a chronic condition who know and can correctly describe the signs and symptoms that alert them to seek care for their condition. Specifically: in case of asthma (1) severe breathlessness or 2) wheezing, especially at night or in the early morning), in case of epilepsy: 1)  Jerking movements of the arms and legs; 2) Stiffening of the body and 3) loss of consciousness; in case of Diabetes, 1))  unexplained weight loss,2b) Hungry, even after eating\n 3) Dry mouth, Excessive Thirst 4) Peeing a lot and/or bed wetting, 5) excessive fatigue, 6) Blurred vision, 7)  fruity-smelling breath; 9) nausea and vomiting\n","Number  of patients with chronic conditions (asthma, diabetes, Epilepsy)  received treatment in the health facility during the reporting period","Facility types, ownership, by conditions","Outcome","Both (inpatient and Outpatient)","Facility Survey:  Client interview","Client Interview","Quarterly"]
[1.1,1,12,"MS-3",null,"10 ASB/Chronic/Con","Catalogue",null,"Child/caregiver’s understanding of the chronic condition and treatment","% of children  with chronic conditions and/or their caregivers seen in the health facility during the reporting period who were given written instructions about treatment and/or care, can say the reason that a particular treatment was given (or child’s condition) and how to take the treatment","Number  of sick children with chronic conditions ( e.g. chronic respiratory diseases, such as Asthma, epilepsy, tuberculosis, HIV infection, heart diseases and diabetes)  and/or their caregivers seen in the health facility during the reporting period who were given written  instructions about treatment and/or care, can say the reason that a particular treatment was given (or child’s condition) and how to take the treatment","Number  of sick children with chronic conditions ( e.g. chronic respiratory diseases, such as Asthma, epilepsy, tuberculosis, HIV infection, heart diseases and diabetes)  and/or their caregivers receiving care/seen in the health facility ","Child vs caregiver, inpatient vs outpatient, sex","Process","Both (inpatient and Outpatient)","Facility Survey: Exit interviews","Client Exit interview","Quarterly"," The interviewing procedures and the recommended age of children being interviewed will be defined according to the local regulations.  "]
[1.1,1,7,"MS-1",null,null,"Catalogue",null,"Availability of supplies and materials to provide optimal, coordinated care to children with suspected maltreatment.","The health facility has the facilities, supplies and materials to provide optimal, coordinated care to children with suspected maltreatment.","The health facility had the facilities where child can remain safe, has written  protocol to report abuse or maltreatment and provided multi-disciplinary care or referral to such services for children with suspected maltreatment during the reporting period","Not applicable","Facility types, ownership","Input InfrastMedSupEquip","Both (inpatient and Outpatient)","Facility Survey:  Inventory Review","Inventory Review","Quarterly","standard 1.11 can be incorporated in  non-clinical specific standards, such as  standard 7"]
[1.11,1,3,"MS-2",null,null,"Catalogue",null,"Psychological services  for children with suspected maltreatment "," % of children attending the health facility with suspected maltreatment who received psychological services ","Number  of children attending the health facility with suspected maltreatment who received psychological services ","Number  of children attending the health facility with suspected maltreatment ","Facility types, ownership, age, sex","Process","Both (inpatient and Outpatient)","Review of health facility registry or medical record review","Routine HMIS","Quarterly","standard 1.11 can be incorporated in  non-clinical specific standards, such as  standard 9"]
[1.11,1,5,"MS-2",null,null,"Catalogue",null,"Coordinated care  of children with suspected maltreatment","% of maltreatment events in which coordination was sought with other agencies or organizations (e.g. social services, police, judiciary) according to national laws and policies. ","Number  of maltreatment events that were coordinated  with other agencies or organizations (e.g. social services, police, judiciary) according to national laws and policies. ","Number  of maltreatment events documented in the health facility during the reporting period",null,"Process","Both (inpatient and Outpatient)","Facility Survey:  Documentation Review","Documentation Review","Quarterly","standard 1.11 can be incorporated in  non-clinical specific standards, such as  standard 11"]
[1.11,1,7,"MS-1",null,"12 Surg/injur ","Catalogue",null,"Availability of  a designated area for the management of children with surgical problems by health professionals who are trained or who have knowledge and skills in child care. "," The health facility has a designated area for the management of children with surgical problems by health professionals who are trained or who have knowledge and skills in child care. ","The health facility had a designated area for the management of children with surgical problems, staffed with at least one health professional per shift  who is trained or who have knowledge and skills in child care during the reporting period","Not applicable","Facility types, ownership","Input InfrastMedSupEquip","Inpatient","Facility Survey:  Inventory Review","Inventory Review","Quarterly"]
[1.12,1,4,"MS-2",null,"12 Surg/injur ","Catalogue",null,"Perioperative antibiotic prophylaxis among children who underwent surgery  "," % of children who underwent surgery during the reporting period and received   perioperative antibiotic prophylaxis with  first or second-generation cephalosporins within 30 min of incision"," Number  of children who underwent surgery during the reporting period and received   perioperative antibiotic prophylaxis with  first or second-generation cephalosporins within 30 min of incision"," Number  of children who underwent surgery during the reporting period ","Facility types, ownership","Process","Inpatient","Review of health facility registry or medical record review","Routine HMIS","Monthly","Source: Bratzler DW, Houck PM, The Surgical Infection Prevention Guidelines Writers Workgroup Antimicrobial prophylaxis for surgery: an advisory statement from the National Surgical Infection Prevention Project. Clin Infect Dis. 2004;38:1706–1715. doi: 10.1086/421095. "]
[1.12,1,6,"MS-2",null,"12 Surg/injur ","Catalogue",null,"Timely assessment of children with trauma or injuries","  % of all children with trauma or injuries who were assessed within 15 min of arrival at the health facility.","Number  of  children with trauma or injuries who were assessed within 15 min of arrival at the health facility"," Number of all children with trauma or injuries receiving care in the health facility","Facility types, ownership","Process","Both (inpatient and Outpatient)","Review of health facility registry or medical record review or client interview","Routine HMIS or client interview","Monthly","This indicator is also relevant to Standard 1.1."]
[1.12,1,8,"MS-3",null,"12 Surg/injur ","Catalogue",null,"Complication rates for patients who underwent surgery","% of complications among  paediatric patients who underwent surgery during the reporting period","Number  of  paediatric patients  with complications who underwent surgery during the reporting period","Number  of  paediatric patients  who underwent surgery during the reporting period","By facility types, by major types of  complications","Outcome","Inpatient","Review of health facility registry or medical record review","Routine HMIS","Monthly"]
[1.12,1,10,"MS-3",null,"12 Surg/injur ","Catalogue",null,"Perioperative mortality rate among children who underwent surgery  "," All cause death rate prior to discharge among  children who underwent surgery during the reporting period","Number  of death prior to discharge among paediatric patients who underwent surgery during the reporting period","Number  of  paediatric patients  who underwent surgery during the reporting period","by facility types, by age (<5, 5 and above)","Outcome","Inpatient","Review of health facility registry or medical record review","Routine HMIS","Monthly","In 100 core, there is a standardized indicator, which is named as Perioperative mortality. I suggest to use this term"]
[1.12,1,11,"MS-1",null,"13 Support/Sick","Catalogue",null,"Availability of a designated area for managing seriously sick children "," The health facility has a designated area for managing seriously sick children that is close and easily visible to the nursing staff on the ward"," The health facility had a designated area for managing seriously sick children that is close and easily visible to the nursing staff on the ward during the reporting period","Not applicable","Facility types, ownership","Input InfrastMedSupEquip","Inpatient","Facility Survey:  Inventory Review","Inventory Review","Quarterly"]
[1.13,1,3,"MS-2",null,"13 Support/Sick","Catalogue",null,"Correct treatment of convulsions ","  % of children   with convulsions  who were correctly managed with anticonvulsant treatment (appropriate choice and dose)","Number  of children with convulsions who were  correctly prescribed anticonvulsant treatment. Specifically,  at outpatient settings children ≥2 weeks of age were given Diazepam rectally 10 mg/2 ml solution per  0.1 ml/kg  and referred to higher level . At inpatient settings: children ≥2 weeks of age, were given Diazepam rectally 10 mg/2 ml solution per  0.1 ml/kg (inpatient . If convulsions continue after 10 min, was  given a second dose of diazepam (or give diazepam IV at 0.05 ml/kg = 0.25 mg/kg if IV infusion is running); If convulsions continue after another 10 min, give phenobarbital IM or IV at 15 mg/kg over 15 min; or Phenytoin at 15–18 mg/kg IV (through a different line from diazepam) over 60 min; infants <2 weeks of age were given phenobarbital (200 mg/ml solution at a dose of 20 ,g/kg  and repeated 0.5 ml/kg after 30 mins if convulsions continue). ","Number  of children with convulsions ","Facility types, ownership","Process","Inpatient","Review of health facility registry or medical record review","Routine HMIS","Monthly","Because of complexity, the indicator was focused on correct treatment of convulsion"]
[1.13,1,10,"MS-2",null,"13 Support/Sick","Catalogue",null,"Correct analgesic treatment ","% of children  in pain for whom analgesic treatment was correctly prescribed (appropriate choice, dose and frequency). ","Number  of children whose pain was assessed using pain score and if classified as mild, moderate or severe pain, children were given appropriate analgesic treatment: 1) for  Mild pain,   children > 3 months  was given  paracetamol at 10–15 mg/kg every 4–6 h  or ibuprofen at 5–10 mg/kg every 6–8 h.  children < 3 months of age were given  paracetamol at 10–15 mg/kg every 4–6 h; \n2) for Moderate-to-severe pain and pain that does not respond to the above treatment, child was given  a) morphine orally or IV every 4–6 h or by continuous IV infusion or  fentanyl or hydromorphone, If morphine does not adequately relieve the pain","Number  of children whose pain was assessed with pain score and had mild, moderate or severe pain ","Facility types, ownership, by severity of pain","Process","Inpatient","Review of health facility registry or medical record review","Routine HMIS","Monthly"]
[1.13,1,12,"MS-3",null,"13 Support/Sick","Catalogue",null,"Death rate due to aspiration","% of children  receiving care in intensive care unit  during the reporting period (or other relevant unit)  who died in the health facility due to aspiration","Number  of children  receiving care in intensive care unit during the reporting period  (or other relevant unit)  who died in the health facility due to aspiration","Number  of children  receiving care in intensive care unit (or other relevant unit) during the reporting period ","Facility types, ownership","Outcome","Inpatient","Review of health facility registry or medical record review","Routine HMIS","Monthly"]
[1.13,1,14,"MS-1",null,"14 IPC/WASH","Catalogue",null,"Availability of a functioning improved water source and hand-washing stations with soap and single-use hand towels and/or alcohol-based hand rub in all wards and consulting rooms.","The health facility has a functioning improved water source and hand-washing stations with soap and single-use hand towels and/or alcohol-based hand rub in all wards and consulting rooms. ","The health facility has a functioning improved water source and hand-washing stations with soap and single-use hand towels and/or alcohol-based hand rub in all wards and consulting rooms","Not applicable","Facility types, ownership","Input InfrastMedSupEquip","Both (inpatient and Outpatient)","Facility Survey:  Inventory Review","Inventory Review","Quarterly","Suggested revision from Meg: The health facility has  a functioning improved water source and has functional hand-washing stations with soap and water or and  single-use hand towels and/or alcohol-based hand rub in all wards,  and consulting rooms and near toilets. (95.82) 1.14 statement can be incorporated in  quality statement 8.2. Inputs are not paediatric QoC relevant: they are cross-cutting"]
[1.14,1,4,"MS-1",null,"14 IPC/WASH","Catalogue",null,"Availability of an appropriate sterilizing facilities and disinfectants for medical materials.","The health facility has appropriate sterilizing facilities and disinfectants for medical materials.","The health facility had appropriate sterilizing facilities and disinfectants for medical materials without stock outs during the reporting period. Specifically, 1) dry heat sterilizer or an autoclave; 2)  Drum, sterilizing Number  sizes; 3) Indicator, TST control, spot & tape; 4) Masking tape, for sterilization pack; 5) Paper sheet, crepe, for sterilization pack; 6) Timer, 60 min, mechanical 7)  Chlorine-based or other country specific  disinfectants for medical materials  ","Not applicable","Facility types, ownership","Input InfrastMedSupEquip","Both (inpatient and Outpatient)","Facility Survey:  Inventory Review","Inventory Review","Quarterly"]
[1.14,1,5,"MS-1",null,"14 IPC/WASH","Catalogue",null,"Availability of a functioning incinerator or other appropriate method for treatment of infectious waste and used instruments.","The health facility has a functioning incinerator or other appropriate method for treatment of infectious waste and used instruments. ","The health facility had a functioning incinerator or other appropriate method for treatment of infectious waste and used instrument available during the reporting period. Specifically: 1) functioning incinerator or other methods of safe final disposal of infectious waste, such as use open burning in protected area, or duming  without burning in protected area, or removing offsite with protected storage; 2) Waste receptacle (pedal bin) with lid and plastic bin liner; 3) Single use —standard disposable or auto-disable syringes and 4) A puncture-resistant, rigid, leakresistant sharp container designed to hold used sharps safely during collection, disposal and destruction, clearly marked with the international biohazard warning not less than\n50mm diameter, printed in black or red on each of the front and\nback faces of the box. .","Not applicable","Facility types, ownership","Input InfrastMedSupEquip","Both (inpatient and Outpatient)","Facility Survey:  Inventory Review","Inventory Review","Quarterly","Suggested revision from Meg: The health facility has a functioning incinerator or other appropriate method for treatment of health care waste  1.14 statement can be incorporated in  quality statement 8.2. Inputs are not paediatric QoC relevant: they are cross-cutting"]
[1.14,1,13,"MS-3",null,"14 IPC/WASH","Catalogue",null,"Complication rate of IV infusions "," % of children  who received IV infusions who had an episode of phlebitis. ","Number  of children  who received IV infusions who had an episode of phlebitis. ","Number  of children  who received IV infusions in the health facility","Facility types, ownership","Outcome","Inpatient","Review of health facility registry or medical record review","Routine HMIS","Monthly","1.14 statement can be incorporated in  quality statement 8.2."]
[1.14,1,12,"MS-3",null,"14 IPC/WASH","Catalogue",null," Hospital-acquired infections among admitted children"," % of children admitted to the health facility who had proven hospital-acquired infections.","Number  of children admitted to the health facility who had proven hospital-acquired infections.","Number  of children admitted to the health facility during the reporting period","Facility types, ownership","Outcome","Inpatient","Review of health facility registry or medical record review","Routine HMIS","Quarterly","1.14 statement can be incorporated in  quality statement 8.2."]
[1.14,1,14,"MS-2",null,"15 Prev/unnes/harm","Catalogue",null,"Unjustified use of cough remedies for children with cough or cold","   % of children up to 5 years seen at the health facility with cough or cold (or any diagnosis of unspecified respiratory  tract infections, such as RTI, URTI) who receive cough remedies for respiratory tract infections"," Number  of children ≤ 5 years of age seen at the health facility with cough or cold or any diagnosis of unspecified respiratory  tract infections (such as RTI, URTI) who were prescribed/ received cough remedies (including over the counter cough suppressants, expectorants) "," Number  of children ≤ 5 years of age seen at the health facility with cough or cold or any diagnosis of unspecified respiratory  tract infections (such as RTI, URTI)","Facility types, ownership, by age","Process","Both (inpatient and Outpatient)","Review of health facility registry or medical record review","Routine HMIS","Monthly"]
[1.15,1,9,"MS-2",null,"15 Prev/unnes/harm","Core",14,"Unjustified antibiotic prescriptions for common conditions ","% of children in a health facility with cough or cold or any of the following unspecified RTI diagnosis (No pneumonia, RTI, URTI); diarrhoea or dehydration with no dysentery, malaria, measles (except eye ointment); moderate malnutrition and anemia and no other diagnosis (E.g. Pneumonia, Severe Pneumonia, SAM, Very Severe Disease, Sepsis, Meningitis, Dysentery, Cholera, HIV+); to whom an antibiotic was prescribed","# of children in a health facility with cough or cold or any of the following unspecified RTI diagnosis (No pneumonia, RTI, URTI); diarrhoea or dehydration with no dysentery, malaria, measles (except eye ointment); moderate malnutrition and anemia and no other diagnosis (E.g. Pneumonia, Severe Pneumonia, SAM, Very Severe Disease, Sepsis, Meningitis, Dysentery, Cholera, HIV+) to whom an antibiotic was prescribed during the reporting period ","# of children in a health facility with cough or cold or any of the following unspecified RTI diagnosis (No pneumonia, RTI, URTI); diarrhoea or dehydration with no dysentery, malaria, measles (except eye ointment); moderate malnutrition and anemia and no other diagnosis (E.g. Pneumonia, Severe Pneumonia, SAM, Very Severe Disease, Sepsis, Meningitis, Dysentery, Cholera, HIV+)","Facility types, sex, by diagnosis","Process","Both (inpatient and outpatient) (inpatient and outpatient)","Review of ward registers or patient medical records","Routine HMIS","Monthly","The diagnosis of cough or cold, as correct IMCI classification is very rare in most LMICs. Instead, we have wide variety of diagnosis (such as unspecified RTI diagnosis that does not comply with IMCI classification (No Pneumonia, RTI, URTI). These conditions with no specific mention of Pneumonia symptoms, do not require antibiotics."]
[1.15,1,12,"MS-4",null,null,"Catalogue",null,"The health facility with standardized, age-appropriate child care registers, clinical records, observation charts and patient cards in place at all times for recording and monitoring all care processes and outcomes.","The health facility has standardized, age-appropriate child care registers, clinical records, observation charts and patient cards in place at all times for recording and monitoring all care processes and outcomes. ","The health facility has standardized, age-appropriate child care registers, clinical records, observation charts and patient cards in place at all times ","Not applicable","Facility types, ownership","Input Heal&Sys","Both (inpatient and Outpatient)","Facility Survey:  Inventory Review","Inventory Review","Quarterly"]
[2.1,2,1,"MS-4",null,null,"Catalogue",null,"Accurately completed discharge summary ","% of children discharged from the health facility within the past 24 h who had completed discharge summary with diagnosis (condition,  with ICD codes if possible),  care provided, care outcome and time/place of the next  visit ","Number  of children discharged from the health facility within the past 24 h who had completed discharge summary of the diagnosis (condition,  with ICD codes if possible),  care provided, care outcome and time/place of the next  visit ","Number  of children discharged from the health facility within the past 24 h","Facility types, ownership","Input Heal&Sys","Inpatient","Review of health facility registry or medical record review","Routine HMIS","Quarterly"]
[2.1,2,10,"MS-4",null,null,"Catalogue",null,"Birth and death reporting by the health facility","% of all births and deaths occurring in the health facility that were appropriately reported according to local regulations","Number  of births and deaths occurring in the health facility that were  appropriately reported   according to the local regulations","Number  of births and deaths occurring in the health facility during the reporting period","Facility types, ownership, by births and deaths","Input Heal&Sys","Both (inpatient and Outpatient)","Review of health facility registry or medical record review","Routine HMIS","Quarterly","This indicator can be separated for death and births. Death and birth registration is ultimate objective, but  facility may only be responsible for death and birth reporting and counselling client for birth registration"]
[2.1,2,11,"MS-4",null,null,"Core",15,"Completion of medical documentation ","% of medical records of children who received care in the health facility during the reporting period which include completed information on patient demographics (age, sex), assessment findings, classification/diagnosis, treatment, counselling and care outcomes","# of medical records of children who received care in the health facility during the reporting period which include completed information on following: 1) patient demographics (age, sex), 2) assessment findings (a) presence or absence of danger signs (unable to drink or breastfeed, vomiting, convulsions, lethargy); physical assessment: b) child's weight, c) Z-score or MUAC, d) respiratory rate, e) temperature,  f) vaccination status and presence or absence of g) cough, h) difficult breathing/chest indrawing, i) diarrhoea/dehydration status, j) palmar pallor); 3) classification/diagnosis, 4) treatment (including dose, frequency, duration of each medication), 5) counselling and 6) care outcome (e.g. discharged home, referred, died)","# of medical records of sick children who received care in health facility during the reporting period ","Inpatient/outpatient, registry/individual records","Inputs","Both (inpatient and outpatient) (inpatient and outpatient)","Review of health facility registry or medical record review","Routine HMIS","Monthly"]
[2.1,2,12,"MS-4",null,null,"Catalogue",null,"Regular meetings to review patient care and outcomes for decision-making and monitoring performance.","Managers, health professionals and support staff in the health facility meet regularly (at least once a month) to review patient care and outcomes for decision-making and monitoring performance.","Documented  evidence that Managers, health professionals and support staff in the health facility meet regularly (at least once a month) to review patient care and outcomes for decision-making and monitor performance.","Not applicable","Facility types, ownership","Input QI","Both (inpatient and Outpatient)","Facility Survey:  Documentation Review","Documentation Review","Quarterly","Statement 2.2. and Statement 7.3. have similar measures and can be optimized "]
[2.2,2,2,"MS-4",null,null,"Catalogue",null,"Evidence that the health facility analyses and produces monthly visual charts and reports for monitoring performance.","Evidence that the health facility analyses and produces monthly visual charts and reports for monitoring performance. ","Documented evidence that the health facility analyses and produces monthly visual charts and reports for monitoring performance","Not applicable","Facility types, ownership","Input Heal&Sys","Both (inpatient and Outpatient)","Facility Survey:  Documentation Review","Documentation Review","Quarterly"]
[2.2,2,5,"MS-4",null,null,"Core",16,"Death and QoC indicator data review ","% of health facilities that have conducted paediatric deaths review and/or monthly paediatric QoC indicator data review during the last 3 months","# of health facilities that have conducted paediatric deaths review and/or monthly paediatric QoC indicator data review during the last 3 months","Total number of facilities","Type of death review (neonatal, stillbirth, paediatric), type of health facilities","Process","Both (inpatient and outpatient) (inpatient and outpatient)","Periodic health facility survey: review of facility documentation","Facility documentation","Quarterly","This measure will allow to see whether the reviews are happening but does not address the quality of the review nor the response thereof. "]
[2.2,2,7,"MS-4",null,null,"Catalogue",null,"Implementation of the recommendations of paediatric death reviews in the health facility","% of all recommendations from paediatric death reviews conducted at the health facility in the past 3 months that were fully implemented.","Number  of recommendations from paediatric death reviews conducted at the health facility in the past 3 months that were fully implemented","Number  of recommendations from paediatric death reviews conducted at the health facility in the past 6 months","Facility types, ownership","Input QI","Both (inpatient and Outpatient)","Facility Survey:  Documentation Review","Documentation Review","Quarterly"]
[2.2,2,8,"MS-4",null,null,"Catalogue",null,"Awareness of the mechanism for patient complaints and feedback in the health facility","% of caregivers of children who are aware of the mechanism for patient complaints and feedback (e.g. suggestion box) in the health facility. ","Number  of caregivers of children seeking care in the health facility who are aware of the mechanism for patient complaints and feedback (e.g. suggestion box) in the health facility","Number  of caregivers of children seeking care in the health facility","Facility types, ownership","Input Over&Man","Both (inpatient and Outpatient)","Facility Survey, of client interviews","Client  Interview","Quarterly"]
[2.3,2,4,"MS-4",null,null,"Catalogue",null,"Children and/or their caregivers who participated in patient satisfaction surveys or provided feedback on the services received in the past 3 months","% of children and/or their caregivers who participated in patient satisfaction surveys or provided feedback on the services received  ","Number  of caregivers and/or children who participated in patient satisfaction surveys or provided feedback on the services received ","Number  of caregivers and/or children seeking care in the health facility","Facility types, ownership","Input Over&Man","Both (inpatient and Outpatient)","Facility Survey, of client interviews","Client  Interview","Quarterly"]
[2.3,2,5,"MS-4",null,null,"Catalogue",null,"Review of  and response to the complaints from children and/or their caregivers","  % of all complaints from children and/or their caregivers received by the health facility in the past 3 months that were reviewed and acted upon","Number  of complaints from children and/or their caregivers received by the health facility in the past 6 months that were reviewed and acted upon in the past 3 months","Number   of all complaints from children and/or their caregivers received by the health facility in the past 3 months","Facility types, ownership","Input Over&Man","Both (inpatient and Outpatient)","Facility Survey:  Documentation Review","Documentation Review","Quarterly"]
[2.3,2,7,"MS-5",null,"1 ASB/ETAT/Asses/class/full","Catalogue",null,"Availability of a health professional on duty who is trained and competent in first aid, emergency triage, assessment and treatment or basic paediatric life support.","The health facility has at least one health professional on duty at all times who is trained and competent in first aid, emergency triage, assessment and treatment or basic paediatric life support. ","The health facility had at least one health professional on duty at all times who is trained and competent in first aid, emergency triage, assessment and treatment or basic paediatric life support during the reporting period","Not applicable","Facility types, ownership, urban/rural","Inputs: Human resources","Both (inpatient and Outpatient)","Facility Survey:  Provider Interview","Provider Interview","Quarterly","Relevant to Standard 1.1. duplicate to Indicator Number 12"]
[3.1,3,3,"MS-5",null,"1 ASB/ETAT/Asses/class/full","Catalogue",null,"Appropriate prereferral treatment for children requiring referral"," % of all children who require referral who received appropriate prereferral treatment when indicated","Number   of  children with  a condition/diagnosis requiring referral who received appropriate pre-referral treatment nt. Specifically, 1) if PSBI or very severe disease,  was given 1st dose of -Inj. Ampicillin or benzyl penicillin  and Inj. Gentamycin 2) If severe Jaundice or weight <2 kg in infants <7 days or any general danger signs, was treated to prevent low blood sugar (breastfeed or give expressed breastmilk or  sugar water (4 level teaspoons of sugar (20 g) in a 200-mL cup of clean water) by cup or nasogastric tube 3) If meningitis, was given  Ampicillin and Gentamicin 4) if  very severe febrile disease, was given the  first dose of artesunate or quinine for severe malaria 5) If severe Pneumonia, was given 1st dose of oral amoxicillin 6) If severe dehydration, was  given Plan C or  ORS on the way to hospital 7) If severe complicated measles, was given Vit A and Penicillin or streptomycin  8) If mastoiditis, was give Vancomycin  or Ceftriaxone 9) If complicated SAM,  was given amoxicillin and Treat to prevent low blood sugar (breastfeed or give expressed breastmilk or  sugar water (4 level teaspoons of sugar (20 g) in a 200-mL cup of clean water) by cup or nasogastric tube 11) if convulsions,  was give diazepam","Number   of  children with  a condition/diagnosis requiring referral  ( 1) PSBI or very severe disease,2) severe jaundice  3) meningitis, 4) very severe febrile disease, 5) severe Pneumonia, 6) severe dehydration,  7) severe complicated measles, 8) mastoiditis, 9) complicated SAM and 10) severe Anemia, 11) LBW (<2 kg) infants less than 7 days  12) convulsions or other general danger signs (vomiting, lethargy, not feeding well)  during the reporting period","Facility types, ownership, urban/rural","Process","Outpatient","Review of health facility registry or medical record review","Routine HMIS","Monthly"]
[3.1,3,7,"MS-5",null,null,"Catalogue",null,"Institutional death among children requiring referral ","  % of all children with an indication that requires referral who died at the health facility.","Number   of  children with  an indication that requires referral (1) with any general danger signs (convulsions, vomiting, lethargy, not feeding well) or severe condition, such as 2) PSBI or very severe disease, 3) meningitis, 4) very severe febrile disease, 5) severe Pneumonia, 6) severe dehydration,  7) severe complicated measles, 8) mastoiditis, 9) complicated SAM and 10) severe Anemia or 11) severe Jaundice, 12) LBW (<2 kg) infants less than 7 days   who died at the health facility","Number   of  children  with  an indication that requires referral (1) with any general danger signs (convulsions, vomiting, lethargy, not feeding well) or severe condition, such as 2) PSBI or very severe disease, 3) meningitis, 4) very severe febrile disease, 5) severe Pneumonia, 6) severe dehydration,  7) severe complicated measles, 8) mastoiditis, 9) complicated SAM,  10) severe Anemia and 11) severe jaundice, 12) LBW (<2 kg) infants less than 7 days  ","Facility types, by urban/rural","Outcome","Outpatient","Review of health facility registry or medical record review","Routine HMIS","Monthly","Indicator Number 9 and Number 10 are similar. Suggesting Number 9 as it is difficult to determine the cause of death without further investigation"]
[3.1,3,9,"MS-5",null,null,"Catalogue",null,"Availability of emergency transportation during referral"," % of children who were referred without appropriate emergency transport.","Number  of  children who were referred without appropriate emergency transport during the reporting period","Number  of children who were referred  during the reporting period","Facility types, ownership, by urban/rural","Input InfrastMedSupEquip","Both (inpatient and Outpatient)","Facility Survey:  Client interview","Client Interview","Quarterly"]
[3.2,3,5,"MS-5",null,null,"Catalogue",null," Immediate triage of referred  children on arrival at the referral health facility.","% of children referred to a referral health facility or their caregivers who reported receiving immediate triage (assessment of emergency and priority signs, including vital signs) within 15 min on arrival at the referral health facility. ","Number  of children referred to a referral health facility or their caregivers who reported receiving immediate triage (assessment of emergency and priority signs, including vital signs) within 15 min on arrival at the referral health facility. ","Number  of children  referred to a referral health facility or their caregivers ","Facility types, ownership, urban/rural","Process","Inpatient","Facility Survey:  Client interview","Client Interview","Quarterly"]
[3.2,3,8,"MS-5",null,null,"Catalogue",null,"Successful referral","% of children referred from the facility who reached the referral facility.","Number  of children referred from the facility who reached the referral facility.","Number  of children referred from the facility","Facility types, ownership, urban/rural","Outcome","Both (inpatient and Outpatient)","Review of health facility registry or medical record review","Routine HMIS","Monthly","This indicator is difficult to collect without electronic/ integrated medical records. Whenever feasible, suggestion is to add average time required to reach the referral health facility and ask  this to caregivers of admitted children  in referral receiving health facility"]
[3.2,3,10,"MS-5",null,null,"Catalogue",null,"Completion of counter-referral information by the receiving facility","  % of all children referred by a health facility for whom written counter-referral feedback information was provided by the receiving facility","Number  of children referred by a health facility for whom written counter-referral feedback information is documented in child card (medical record)","Number  of children referred during the reporting period","Facility types, ownership, urban/rural","Input Heal&Sys","Inpatient","Facility Survey: Documentation Review or client interview  ","RIS or client interview","Quarterly"]
[3.3,3,4,"MS-5",null,null,"Catalogue",null,"Documented prereferral communications (verbal, written) with the referral  receiving facility","% of children referred for whom there were documented prereferral communications (verbal, written) with the receiving facility.","Number  of children referred for whom there were documented prereferral communications (verbal, written) with the receiving facility","Number  of children referred  during the reporting period","Facility types, ownership, urban/rural","Input Heal&Sys","Both (inpatient and Outpatient)","Facility Survey:  Documentation Review","Routine HMIS","Quarterly"]
[3.3,3,5,"MS-5",null,null,"Catalogue",null," Referral note for   children who referred to  other health facility "," % of children referred who had an appropriate referral note with summary of history, clinical findings, investigations, diagnosis, treatment given and the reason for referral","Number  of children referred who had an appropriate referral note with summary of history, clinical findings, investigations, diagnosis, treatment given and the reason for referral","Number  of children referred  during the reporting period","Facility types, ownership, urban/rural","Input Heal&Sys","Both (inpatient and Outpatient)","Facility Survey:  Documentation Review","Routine HMIS","Quarterly","Define appropriateness based on presence/absence of following: demographic and clinical information (summary of history, clinical findings, investigations, diagnosis and treatment given) and the reason for referral. "]
[3.3,3,6,"MS-8",null,null,"Core",17,"Child/caregiver’s understanding of the condition and treatment"," % of sick children and/or their caregivers seen in the health facility during the reporting period who were given written instructions about treatment and/or care, can say the reason that a particular treatment was given (or child’s condition) and how to take the treatment","# of sick children and/or their caregivers seen in the health facility during the reporting period who were given written instructions about treatment and/or care, can say the reason that a particular treatment was given (or child’s condition) and how to take the treatment","# of sick children and/or caregivers seen in (or discharged from) the health facility during the reporting period","Child vs caregiver, inpatient vs outpatient, sex","Process","Both (inpatient and outpatient) (inpatient and outpatient)","Facility Survey: Exit interviews","Client Exit interview","Quarterly"," The interviewing procedures and the recommended age of children being interviewed will be defined according to the local regulations.  "]
[4.1,4,11,"MS-8",null,null,"Catalogue",null,"Caregivers' and children's understanding of instructions about treatment and care at home ","% of children discharged from the health facility or their carers who were given written instructions about treatment and care at home and can describe correctly how to take or give the discharge treatment at home. ","Number  of children discharged from the health facility or their carers who were given written instructions about treatment and care at home and can describe correctly how to take or give the discharge treatment at home. ","Number  of children discharged from the health facility or their caregivers","Facility types, ownership","Process","Inpatient","Facility Survey:  Client interview","Client Interview","Quarterly"]
[4.1,4,12,"MS-8",null,null,"Catalogue",null,"Satisfaction with  the quality of the health information and support received from health care staff "," % of children and/or their caregivers who reported that they were satisfied with the quality of the health information and support they received from health care staff during their care. ","Number  of children and/or their caregivers who reported that they were satisfied with the quality of the health information and support they received from health care staff during their care. ","Number  of children or their caregivers who received care/seen in the health facility ","Facility types, ownership","Outcome","Both (inpatient and Outpatient)","Facility Survey:  Client interview","Client Interview","Quarterly"]
[4.1,4,13,"MS-8",null,"13 Support/Sick","Catalogue",null,"Completion of vital signs monitoring chart   for children admitted to the hospital"," % of children admitted to the health facility for whom there is an up-to-date, appropriately completed monitoring chart that indicates that vital signs (HR, BP, RR, T, urine output) were monitored regularly. ","Number  of children admitted to the health facility for whom there is an up-to-date, appropriately completed monitoring chart that indicates that vital signs were monitored regularly (at least every 6 hours if the patient is stable)","Number  of children admitted to the health facility  during the reporting period","Facility types, ownership","Input Heal&Sys","Inpatient","Facility Survey:  Documentation Review","Routine HMIS","Quarterly","This indicator is also relevant to standard 1.13 routine monitoring of the sick children in hospital"]
[4.2,4,5,"MS-8",null,null,"Catalogue",null,"Children or their caregivers' satisfaction with the information shared and the continuity of care received from different health care providers","% of children or their caregivers who express satisfaction with the information shared and the continuity of care received from different health care providers.","Number  of children or their caregivers who express satisfaction with the information shared and the continuity of care received from different health care providers.","Number  of children or their caregivers who received care/seen in the health facility ","Facility types, ownership","Outcome","Both (inpatient and Outpatient)","Facility Survey:  Client interview","Client Interview","Quarterly"]
[4.2,4,7,"MS-8",null,null,"Catalogue",null,"Staff's satisfaction with the information in daily patient notes  to support clinical decision-making","% of health care staff,  who are satisfied that the information in daily patient notes ensures understanding of current diagnoses, the treatment plan and planned or pending investigations.","Number   of health care staff,  who are satisfied that the information in daily patient notes ensures understanding of current diagnoses, the treatment plan and planned or pending investigations. (86.84)","Number   of health care staff providing care for paediatric patients","Facility types, by  provider cadre","Input HumRes","Inpatient","Facility Survey:  Provider Interview","Provider Interview","Quarterly"]
[4.2,4,8,"MS-8",null,null,"Catalogue",null,"Documented information sharing during the paediatric transfers ","% of paediatric transfers within the facility for which there is a complete transfer form with clinical notes, including timely reception of diagnostic test results for transferred patients. ","Number  of paediatric transfers within the facility for which there is a complete transfer form with clinical notes, including diagnostic test results for transferred patients","Number of paediatric transfers within the facility during the reporting period","Facility types, ownership","Input Heal&Sys","Inpatient","Review of health facility registry or medical record review","Routine HMIS","Quarterly"]
[4.2,4,9,"MS-8",null,null,"Core",18,"Participation and shared care decision making ","% of children and/or their caregivers who reported that their views were taken into consideration or sought in making decisions about their care during the reporting period ","# of children and/or their caregivers who reported that their views were taken into consideration or sought in making decisions about their care during the reporting","# of sick children and/or caregivers who received care in the health facility during the reporting period","By type of health facilities, ownership, children/caregivers","Patient-reported outcome","Both (inpatient and outpatient) (inpatient and outpatient)","Facility Survey, of client exit interviews","Survey or interview records ","Quarterly","The interviewing procedures and the recommended age of children being interviewed will be defined according to the local regulations.  "]
[4.3,4,8,"MS-8",null,null,"Catalogue",null,"Legal age child's informed consent","% of children of legal age in the health facility who gave documented informed consent for procedures or treatment provided. ","Number  of children of legal age in the health facility who gave documented informed consent for procedures or treatment provided. ","Number  of children of legal age in the health facility who gave documented informed consent for procedures or treatment provided. ","Facility types, ownership, by age","Outcome","Inpatient","Facility Survey:  Client interview","Client Interview","Quarterly","Child's legal age is determined by local rules and regulations"]
[4.3,4,9,"MS-8",null,null,"Catalogue",null,"Parental informed, documented consent for procedures and treatment","% of parents or caregivers who gave their informed, documented consent for procedures and treatment of their children. ","Number  of parents or caregivers who gave their informed, documented consent for procedures and treatment of their children. ","Number  of parents or caregivers whose child received medical procedure in the health facility ","Facility types, ownership","Outcome","Both (inpatient and Outpatient)","Review of health facility registry or medical record review or client interview","Routine HMIS or client interview","Quarterly"]
[4.3,4,10,"MS-8",null,"6 RCEB/Nutr/Growth ","Catalogue",null,"Regular follow-up of children with chronic conditions ","% of children with chronic diseases (e.g. chronic respiratory diseases, such as Asthma, tuberculosis, HIV infection, heart diseases and diabetes) for whom regular follow-up is routinely scheduled and documented in the health facility records. ","Number  of children with chronic diseases (e.g. chronic respiratory diseases, such as Asthma, epilepsy tuberculosis, HIV infection, heart diseases and diabetes) for whom regular follow-up is routinely scheduled and documented in the health facility records. ","Number  of children with chronic diseases (e.g. chronic respiratory diseases, such as Asthma, epilepsy, tuberculosis, HIV infection, heart diseases and diabetes) who received care in the health facility during the reporting period","Facility types, ownership, by chronic condition","Process","Both (inpatient and Outpatient)","Facility Survey:  Client interview","Client Interview","Quarterly"]
[4.4,4,8,"MS-8",null,null,"Catalogue",null,"Targeted health information or counselling for the condition of their child","  % of children or caregivers who received  health information or counselling for the condition of their child, including malnutrition, obesity, mental health or substance abuse.","Number  of children above 5 years old or their caregivers who know health condition they were treated for and received health information or counselling for the condition of their child ( including malnutrition, obesity, mental health or substance abuse, as applicable)","Number  of children above 5 years old and their caregivers receiving(ed) care/seen in the health facility  ","Facility types, ownership, by age","Process","Both (inpatient and Outpatient)","Facility Survey:  Client interview","Client Interview","Quarterly"]
[4.4,4,12,"MS-8",null,null,"Core",19," Counselling on danger signs and feeding during illness ","% of caregivers of children who visited the health facility during the reporting  period and reported being aware of the danger signs of their children, where to seek care and how to feed their children during the illness (giving extra fluids and continue feeding) ","# of caregivers of children who visited the health facility during the reporting period and reported being aware of the danger signs of their children, where to seek care and how to feed their children during the illness (giving extra fluids and continue feeding) ","# of sick children and/or caregivers who visited or were discharged from the health facility during the reporting period","by age <2 months, 2-<5 years, 5-<15 years, by type of facility","Process","Both (inpatient and outpatient) (inpatient and outpatient)","Facility Survey, of client exit interviews","Survey or interview records ","Quarterly"]
[4.4,4,13,"MS-9",null,null,"Catalogue",null," Physical access to the facilities and services for  children with disabilities or developmental delay "," The health facility has measures and facilities in place to ensure that children with disabilities or developmental delay have full physical access to all the facilities and services they require, including sanitation and recreation facilities."," The health facility infrastructure in place to ensure that children with disabilities or developmental delay have full physical access to all the facilities and services they require, including sanitation and recreation facilities","Not applicable","Facility types, ownership","Input InfrastMedSupEquip","Both (inpatient and Outpatient)","Facility Survey:  Inventory/infrastructure review or client interview","Client Interview or inventory /infrastructure review","Quarterly","similar to indicator Number  6"]
[5.1,5,3,"MS-9",null,null,"Catalogue",null,"Discrimination or refusal of care ","  % of children and their caregivers who report any form of discrimination or refusal of care because of their economic, social, religious, linguistic or other status","Number  of children over 5 years old and their caregivers who report that they were treated differently due to a personal attribute such as ethnicity, language, income, education or other factor","Number  of children and their caregivers receiving(ed) care/seen in the health facility  ","Facility types, ownership","Outcome","Both (inpatient and Outpatient)","Facility Survey:  Client interview","Client Interview","Quarterly"]
[5.1,5,7,"MS-9",null,null,"Catalogue",null,"Availability of information about the patient  charter in the health facility","The health facility visibly displays and makes available information about the patients' charter in leaflets and posters, including child-friendly formats, in all areas in which children are cared for (wards, waiting rooms and play areas).","The health facility visibly displayed information about the patients' (child) charter in leaflets and posters in all areas in which children are cared for (wards, waiting rooms and play areas) during the reporting period","Not applicable","Facility types, ownership","Input Over&Man","Both (inpatient and Outpatient)","Facility Survey:  Inventory/infrastructure review or client interview","Client Interview or inventory /infrastructure review","Quarterly"]
[5.2,5,2,"MS-9",null,null,"Catalogue",null,"Availability of team or focal person responsible for overseeing observance of the charter on children’s rights","The health facility has a team or focal person responsible for overseeing observance of the charter on children’s rights in the health facility. "," The health facility had a team or focal person responsible for overseeing observance of the charter on children’s rights in the health facility during the reporting period","Not applicable","Facility types, ownership","Input Over&Man","Both (inpatient and Outpatient)","Facility Survey:  Inventory Review","Inventory Review","Quarterly"]
[5.2,5,5,"MS-9",null,null,"Core",20,"Awareness of child care rights "," % of children or their caregivers in the health facility during the reporting period who reported being adequately informed about their rights to care (free treatment, medication, food, bedding, room-in etc.) ","#of children or their caregivers in the health facility during the reporting period who reported being adequately informed about their rights to care (free treatment, medication, food, bedding, room-in etc.) ","# of sick children and/or caregivers who visited or were discharged from the health facility during the reporting period ","by age <2 months, 2-<5 years, 5-<15 years, by type of facility","Process","Both (inpatient and outpatient) (inpatient and outpatient)","Facility Survey, of client exit interviews","Survey or interview records ","Quarterly","Specific rights will be defined and measures according to local regulations"]
[5.2,5,8,"MS-9",null,null,"Catalogue",null,"Visual and auditory privacy "," The health facility has facilities in which children can be examined with Both (inpatient and Outpatient) visual and auditory privacy when required. "," The health facility has facilities (outpatient visit consultations, inpatient wards, in which children can be examined with Both (inpatient and Outpatient) visual and auditory privacy ","Not applicable","Facility types, ownership","Input InfrastMedSupEquip","Both (inpatient and Outpatient)","Facility Survey:  Inventory Review","Inventory Review","Quarterly"]
[5.3,5,3,"MS-9",null,null,"Catalogue",null,"Privacy of older children","% of children above 5 years old cared for in the health facility who were satisfied with the privacy they enjoyed during care. ","Number  of children above 5 years old cared for in the health facility who were satisfied with the privacy they enjoyed during care. ","Number  of children above 5 years old cared for in the health facility","Facility types, ownership, by age (5-<10 years, 10-<15 years)","Outcome","Both (inpatient and Outpatient)","Facility Survey:  Client interview","Client Interview","Quarterly"]
[5.3,5,6,"MS-9",null,null,"Catalogue",null,"Compassionate and dignified care","% of children and their caregivers in the health facility who perceived that they were treated with compassion and respect and their dignity was preserved. ","Number  of children and their caregivers in the health facility who perceived that they were treated with compassion and respect and their dignity was preserved. ","Number  of children and their caregivers receiving(ed) care/seen in the health facility  ","Facility types, ownership","Outcome","Both (inpatient and Outpatient)","Facility Survey:  Client interview","Client Interview","Quarterly"]
[5.3,5,7,"MS-9",null,null,"Core",21,"Disrespect and abuse of child or caregiver ","% of children and/or their caregivers in a health facility during the reporting period who reported experiencing physical or verbal abuse in the health facility (felt that they were being yelled at, or screamed at (verbal), or being hit, or pinched (physical abuse)","# of children and/or their caregivers in a health facility who reported experiencing physical or verbal abuse in the health facility (felt that they were being yelled at, or screamed at (verbal), or being hit, or pinched (physical abuse)","# of sick children and/or caregivers who visited or discharged from the health facility ","by age <5 years, 5-<15 years, by type of facility, by type of abuse physical, verbal, by child or caregiver","Client-reported outcome","Both (inpatient and outpatient) (inpatient and outpatient)","Facility Survey, of client exit interviews","Survey or interview records ","Quarterly"]
[5.3,null,"new","MS-9",null,null,"Catalogue",null,"Availability of protocols, job aides or checklists for detecting, documenting and caring for child victims of maltreatment. ","The health facility has protocols, job aides or checklists that provide guidance for staff on detecting, documenting (taking forensic samples, photographs when allowed and forensic examination) and caring for child victims of maltreatment. ","The health facility has protocols, job aides or checklists that provide guidance for staff on detecting, documenting (taking forensic samples, photographs when allowed and forensic examination) and caring for child victims of maltreatment.","Not applicable","Facility types, ownership","Input OperGuide","Both (inpatient and Outpatient)","Facility Survey:  Inventory Review","Inventory Review","Quarterly"]
[5.4,5,2,"MS-9",null,null,"Catalogue",null,"Availability of an effective multidisciplinary team and/or responsible person to investigate, care for and provide the necessary appropriate support to children with suspected maltreatment. ","The health facility has an effective multidisciplinary team and/or responsible person to investigate, care for and provide the necessary appropriate support to children with suspected maltreatment. "," The health facility has an  multidisciplinary team and/or responsible person to investigate, care for and provide the necessary appropriate support to children with suspected maltreatment. ","Not applicable","Facility types, ownership","Input Over&Man","Both (inpatient and Outpatient)","Facility Survey:  Inventory Review","Inventory Review","Quarterly"]
[5.4,5,5,"MS-9",null,null,"Catalogue",null,"Staff training in child protection, care and support"," % of staff who care for children at the health facility who are trained in child protection, care and support","Number  of staff who care for children at the health facility who are trained in child protection, care and support. ","Number   of staff who care for children at the health facility ","Facility types, ownership, by age","Input HumRes","Both (inpatient and Outpatient)","Facility Survey:  Provider Interview","Provider Interview","Quarterly"]
[5.4,5,8,"MS-9",null,null,"Catalogue",null,"Care and referral  of  victims of maltreatment"," % of children identified as victims of maltreatment who received protection, psychological support and appropriate referral. ","Number  of children identified as victims of maltreatment who received protection, psychological support and appropriate referral. ","Number  of children identified as victims of maltreatment ","Facility types, ownership","Process","Both (inpatient and Outpatient)","Review of health facility registry or medical record review","Routine HMIS","Monthly"]
[5.4,5,9,"MS-9",null,null,"Catalogue",null,"Availability of dedicated staff (or nutrition specialist) responsible for preparing children’s menus.","The health facility has a dedicated staff (or nutrition specialist) responsible for preparing children’s menus.","The health facility has a dedicated staff (or nutrition specialist) responsible for preparing children’s menus","Not applicable","Facility types, ownership","Input HumRes","Inpatient","Facility Survey:  Inventory Review","Inventory Review","Quarterly"]
[5.5,5,4,"MS-9",null,"13 Support/Sick","Catalogue",null,"Counselling on  or written information about expressing breast milk "," % of breastfeeding mothers who report that they were shown how to express breast milk or who were given written information about expressing breast milk.","Number  of breastfeeding mothers who report that they were shown how to express breast milk or who were given written information about expressing breast milk","Number  of breastfeeding mothers seen in health facility during the reporting period","Facility types, ownership","Input OrgCare","Both (inpatient and Outpatient)","Facility Survey:  Client interview","Client Interview","Quarterly"]
[5.5,5,7,"MS-9",null,null,"Catalogue",null,"Satisfaction with the facility meal service ","% of children and their caregivers in the health facility who are satisfied with the facility meal service in terms of choice, quantity and number of servings per day. ","Number  of children and their caregivers in the health facility who are satisfied with the facility meal service in terms of choice, quantity and number of servings per day. ","Number  of children and their caregivers  receiving care in the health facility during the reporting period","Facility types, ownership","Outcome","Inpatient","Facility Survey:  Client interview","Client Interview","Quarterly"]
[5.5,5,8,"MS-9",null,"13 Support/Sick","Catalogue",null,"Exclusive breastfeeding among children < 6 months ","Proportion of  children aged < 6 months visited or discharged from the facility for routine or acute care (outpatient or inpatient) who were exclusively breastfed  or given only expressed breast milk before and during their stay in health facility","Number  of all children aged < 6 months visited or discharged from the facility for routine or acute care (outpatient or inpatient) who are exclusively breastfed or given only expressed breast milk (meaning that No other liquids or solids are given – not even water – except for oral rehydration solution, or drops/syrups of vitamins, minerals or medicines) before and during their stay in health facility)","Number  of all children aged < 6 months visited or discharged from the facility for routine or acute care ","Levels of care/facility types, by age groups (0-6, 7-27, 28-59 days, 2months-<6 months), by weights","Outcome","Inpatient","Review of health facility registry or medical record review or client interview","Routine HMIS or client interview","Monthly","This can be an important measure if we measure it among the babies who were born in the health facility (not discharged yet) or were exclusively breastfed upon admission. Indicator Number  10 of 5.5.; Number 6 of  6.1., Number 7 of 1.6. and  Number 15 of 1.2. are the same"]
[5.5,5,10,"MS-10",null,null,"Core",22,"Companion during medical procedure ","% of children in the health facility during the reporting period whose caregivers stayed with them during medical procedures  ","# of children in the health facility during the reporting period whose caregivers stayed with them during medical procedures  ","# of sick children and/or caregivers who visited or were discharged from the health facility during the reporting period ","By age <5 years, 5-<15 years, by type of facility","Process","Both (inpatient and outpatient) (inpatient and outpatient)","Facility Survey, of client exit interviews","Survey or interview records ","Quarterly"]
[6.1,6,7,"MS-10",null,"13 Support/Sick","Catalogue",null,"Room-in or accommodation for caregivers of admitted children","  % of children admitted to the health facility whose parents or caregivers were allowed to room-in or were provided with nearby accommodation at night","Number  of children admitted to the health facility whose parents or caregivers were allowed to room-in or were provided with nearby accommodation at night","Number  of parents or caregivers of admitted children in the health facility ","Facility types, ownership, urban/rural","Outcome","Inpatient","Facility Survey:  Client interview","Client Interview","Quarterly"]
[6.1,6,8,"MS-10",null,null,"Catalogue",null,"Caregivers' access to food or to facilities to prepare the food. "," % of children admitted to the health facility whose parents or caregivers were provided with food or had access to facilities to prepare food. ","Number  of children admitted to the health facility whose parents or caregivers provided with food or had access to facilities to prepare food. ","Number  of parents or caregivers of admitted children in the health facility ","Facility types, ownership","Outcome","Inpatient","Facility Survey:  Client interview","Client Interview","Quarterly"]
[6.1,6,9,"MS-10",null,null,"Catalogue",null,"Availability and accessibility of dedicated spaces for age-appropriate play","The health facility has dedicated spaces for age-appropriate play, which are accessible to all children, including those with a disability. ","The health facility has dedicated spaces for age-appropriate play, which are accessible to all children, including those with a disability","Not applicable","Facility types, ownership","Input InfrastMedSupEquip","Inpatient","Facility Survey:  Inventory/infrastructure review ","Inventory/infrastructure Review","Quarterly"]
[6.2,6,3,"MS-10",null,null,"Catalogue",null,"Play therapy during the medical procedure or treatment."," % of children who received play therapy during their most recent medical procedure or treatment.","Number  of children who received play therapy during their most recent medical procedure or treatment. ","Number  of children who received care in the health facility","Facility types, ownership","Process","Both (inpatient and outpatient)","Facility survey: observation on care processes ","Observation on care processes ","Quarterly"]
[6.2,6,9,"MS-10",null,null,"Catalogue",null,"Access to the playroom during the hospital stay","% of children who accessed the playroom during their stay in the health facility. ","Number   of children who accessed the playroom during their stay in the health facility.","Number  of children who were admitted/seen to the health facility  during the reporting period","Facility types, ownership","Outcome","Inpatient","Facility Survey:  Client interview","Client Interview","Quarterly"]
[6.2,6,7,"MS-10",null,null,"Core",23,"Accessibility to play and educational materials during the hospitalization."," % of school-aged children in the health facility during the reporting period who were able to play and accessed educational materials during their hospitalization","# of school-aged children in the health facility during the reporting period who were able to play and accessed educational materials during their hospitalization.","# of sick children and/or caregivers who were seen or discharged from the hospital during the reporting period ","By age <5 years, 5-<15 years, by type of facility, by play/educational materials","Inputs","Inpatient","Facility Survey:  Inventory Review","Survey or interview records ","Quarterly"]
[6.2,6,10,"MS-10",null,"13 Support/Sick","Catalogue",null,"Assessment of pain","% of children receiving care in the health facility whose clinical records include an assessment of pain or a pain score card","Number  of children receiving care in the health facility whose clinical records include an assessment or a pain score card","Number  of children receiving care in the health facility during the reporting period ","Facility types, ownership","Input HumRes","Inpatient","Review of health facility registry or medical record review","Routine HMIS","Quarterly"]
[6.3,6,10,"MS-10",null,"10 ASB/Chronic/Con","Catalogue",null," Provision of palliative care"," % of children seen in the health facility during the reporting period who required palliative care and who received it or were referred to an appropriate center. ","Number  of children seen required palliative care in the health facility during the reporting period   and   who received it or were referred to an appropriate center","Number  of children seen in the health facility during the reporting period  and required palliative care ","Facility types, ownership","Input HumRes","Both (inpatient and outpatient) ","Review of health facility registry or medical record review","Routine HMIS","Quarterly"]
[6.3,6,11,"MS-10",null,"13 Support/Sick","Catalogue",null,"Analgesia after surgery or a painful medical procedure. "," % of children who received adequate analgesia after surgery or a painful medical procedure.","Number  of children who underwent surgery or painful medical procedure, whose pain was assessed using pain score  and if classified with mild, moderate or severe pain, child was  given appropriate analgesic treatment:  1) for  Mild pain,   children > 3 months  was given  paracetamol at 10–15 mg/kg every 4–6 h  or ibuprofen at 5–10 mg/kg every 6–8 h.  children < 3 months of age were given  paracetamol at 10–15 mg/kg every 4–6 h; 2) for Moderate-to-severe pain and pain that does not respond to the above treatment, child was given  a) morphine orally or IV every 4–6 h or by continuous IV infusion or  fentanyl or hydromorphone, If morphine does not adequately relieve the pain","Number  of children who underwent surgery or painful medical procedure","Facility types, ownership, by severity of pain","Process","Inpatient","Review of health facility registry or medical record review","Routine HMIS","Monthly"]
[6.3,6,12,"MS-10",null,"13 Support/Sick","Catalogue",null,"Client-reported pain management  ","% of parents or caregivers who reported that their child's pain were alleviated by the action of health workers.","Number  of parents or caregivers who reported that their child's pain were alleviated by the action of health workers.","Number  of parents or caregivers whose child suffered from pain when presenting in the health facility and/or received painful medical procedure in the health facility ","Facility types, ownership","Outcome","Both (inpatient and outpatient) ","Facility Survey:  Client interview","Client Interview","Quarterly","Most of the indicators under 6.3. can be covered under Supportive care of sick babies (standard Number 1.13) and Standard Number  1.10  Chronic conditions (Cancer)"]
[6.3,6,13,"MS-6",null,"1 ASB/ETAT/Asses/class/full","Catalogue",null," Timeliness of paediatric care"," % of children or caregivers who reported of being triaged within 15 minutes of arrival in health facility  and were satisfied with  overall timeliness of care ","Number   of children or their caregivers  who reported of being triaged within 15 minutes of arrival in the health facility  and were satisfied with overall timeliness of care ","Number   of children or caregivers seen/received care in the health facility  ","Facility types, ownership","Outcome","Both (inpatient and outpatient) ","Facility Survey:  Client interview","Client Interview","Quarterly","Similar to indicator Number 13"]
[7.1,7,10,"MS-6",null,null,"Catalogue",null,"Provision of paediatric services by  health professionals specifically trained in child health care"," % of children in the health facility who were attended by health professionals specifically trained in child health care. ","Number  of children in the health facility who were attended by health professionals specifically trained in child health care","Number  of children received care  in the health facility ","Facility types, ownership","Input HumRes","Both (inpatient and Outpatient)","Facility Survey:  Provider Interview","Provider Interview","Quarterly","In this indicator, we could unite all necessary clinical trainings required  for provision of  QoC. We need to think where/how to unite non-clinical trainings"]
[7.1,7,12,"MS-6",null,null,"Catalogue",null,"Satisfaction of health professional and support staff  with their workload ","  % of health professional and support staff in the health facility who are satisfied with their workload in terms of their roles and responsibilities in the facility or the unit to which they are assigned","Number  of health professional and support staff in the health facility who are satisfied with their workload in terms of their roles and responsibilities in the facility or the unit to which they are assigned","Number  of health professional and support staff in the health facility providing care and support of children ","Facility types, ownership, by provider/support cadre","Input HumRes","Both (inpatient and Outpatient)","Facility Survey:  Provider Interview","Provider Interview","Quarterly"]
[7.1,7,14,"MS-6",null,null,"Catalogue",null,"In-service training and/or refresher sessions by paediatric  care providers","  % of health professionals who care for children who received in-service training and/or refresher sessions within the past 12 months","Number  of health professionals who care for children who received in-service training and/or refresher sessions within the past 12 months","Number  of health professionals who care for children","Facility types, ownership","Input HumRes","Both (inpatient and Outpatient)","Facility Survey:  Provider Interview","Provider Interview","Quarterly"," Clinical training will be in standard 7.1. non-clinical in Standard 7.2"]
[7.2,7,9,"MS-6",null,null,"Catalogue",null,"Frequency of supervision in the health facility ","Number of supervisory visits to the health facility to improve clinical competence and performance in the past 12 months"," Number of supervisory visits to the health facility to improve clinical competence and performance in the past 12 months","Not applicable","Facility types, ownership","Input QI","Both (inpatient and Outpatient)","Facility Survey:  Provider Interview","Provider interviews","Quarterly","We could specify that we speak here on on-site clinical mentorship and coaching"]
[7.2,7,10,"MS-6",null,null,"Core",24,"Clinical mentorship and training ","% of health workers providing care for children who had interactions with professional mentors or participated in continuous professional development to ensure clinical competence and improve performance in the past 3 months","# of staff who had reported interactions with professional mentors or participated in continuous professional development to ensure clinical competence and improve performance in the past 3 months","# of childcare providers ","By provider cadre, by facility type, by mentorship/training","Inputs","Both (inpatient and outpatient) (inpatient and outpatient)","Facility Survey:  Provider Interview","Provider interviews","Quarterly"]
[7.2,7,12,"MS-6",null,null,"Catalogue",null,"Continuous Quality Improvement (QI) process in the health facility ","The health facility holds at least one meeting a month to  1) review data, 2)  monitor performance, 3)  make recommendations to address any problems, 4) honor good performance and 5)  encourage staff or teams who are struggling to improve quality","The health facility holds at least one meeting a month to  1) review data, 2)  monitor performance, 3)  make recommendations to address any problems, 4) honor good performance and 5)  encourage staff or teams who are struggling to improve quality","Not applicable","Facility types, ownership","Process","Both (inpatient and Outpatient)","Facility Survey:  Documentation Review","Documentation Review","Quarterly"]
[7.3,7,6,"MS-6",null,null,"Catalogue",null,"Routine monitoring of performance  to improve Quality of Care (QoC)","Evidence (written, visual) that the health facility regularly tracked and monitored the performance to improve the quality of care using up-to-date dashboards or time-series run charts during the reporting period","Evidence (written, visual) that the health facility regularly tracked and monitored the performance to improve the quality of care using up-to-date dashboards or time-series run charts during the reporting period","Not applicable","Facility types, ownership","Process","Both (inpatient and Outpatient)","Facility Survey:  Documentation Review","Documentation Review","Quarterly"]
[7.3,7,9,"MS-6",null,null,"Catalogue",null," Staff participation in a QI activity ","of  paediatric care providers who participated in a quality improvement activity (meeting, audit, project) in the health facility during the reporting period","Number  of  paediatric care providers who participated in a quality improvement activity (meeting, audit, project) in the health facility  during the reporting period","Number  of  paediatric care providers in the health facility","Facility types, ownership","Process","Both (inpatient and Outpatient)","Facility Survey:  Provider Interview","Provider interviews","Quarterly","This is the same as  indicator Number 7.2. Number  13"]
[7.3,7,12,"MS-7",null,null,"Catalogue",null,"Availability of a power source  and back-up power source","The health facility has a power source (e.g. solar, generator, grid) that can meet all the demands of the facility and associated infrastructure for electricity at all times, with a back-up power source. (95.16)","The health facility had a power source (e.g. solar, generator, grid) that met all the demands of the facility and associated infrastructure for electricity at all times during the reporting period, with a back-up power source ","Not applicable","Facility types, ownership","Input InfrastMedSupEquip","Both (inpatient and Outpatient)","Facility Survey:  Inventory Review","Inventory Review","Quarterly","Alternatively, facility can measure Number  of days when the health facility had a power outage  and was not able to back-up power source"]
[8.1,8,7,"MS-7",null,null,"Catalogue",null,"Children and their families who would recommend the health facility to friends and family. ","  % of children and their families who attended the health facility who would recommend the health facility to friends and family.","The health facility has a functioning source of safe water located on the premises that is adequate to meet all demands (according to WHO standards), for drinking, personal hygiene, medical interventions (formula, ORS, nutritional supplements and medicines), cleaning, laundry and cooking for use by staff, children and their families.","Not applicable","Facility types, ownership","Outcome","Both (inpatient and Outpatient)","Facility Survey:  Client interview","Client Interview","Quarterly"]
[8.1,8,15,"MS-7",null,"14 IPC/WASH","Catalogue",null,"Availability of a safe water for drinking, personal hygiene, medical interventions, cleaning, laundry and cooking for use by staff, children and their families.","The health facility has a functioning source of safe water located on the premises that is adequate to meet all demands (according to WHO standards), for drinking, personal hygiene, medical interventions (formula, ORS, nutritional supplements and medicines), cleaning, laundry and cooking for use by staff, children and their families. (94.47)","The health facility had a functioning source of safe water located on the premises that is adequate to meet all demands for drinking, personal hygiene, medical interventions (formula, ORS, nutritional supplements and medicines), cleaning, laundry and cooking for use by staff, children and their families","Not applicable","Facility types, ownership","Input InfrastMedSupEquip","Both (inpatient and Outpatient)","Facility Survey:  Inventory Review, client interview","Inventory Review, client interview","Quarterly"," Meg Suggested following revisions: The health facility has a functioning source of improved safe water located on the premises that is adequate to meet all demands needs (according to WHO standards), for drinking, personal hygiene, medical interventions (formula, ORS, nutritional supplements and medicines), cleaning, laundry and cooking for use by staff, children and their families. (94.47)"]
[8.2,8,2,"MS-7",null,"14 IPC/WASH","Catalogue",null,"Availability  and accessibility of hand hygiene stations, soap and water or alcohol-based hand rubs"," The health facility has at least one functioning hand hygiene station per 10 beds, with soap and water or alcohol-based hand rubs, in all wards, at least one of which is accessible to children (i.e. lower or with a stool to reach taps).","The health facility had at least one functioning hand hygiene station per 10 beds, with soap and water or alcohol-based hand rubs, in all wards, at least one of which  was accessible to children (i.e. lower or with a stool to reach taps) during the reporting period","Not applicable","Facility types, ownership","Input InfrastMedSupEquip","Inpatient","Facility Survey:  Inventory Review","Inventory Review","Quarterly","Reflected in standard 1.14"]
[8.2,8,5,"MS-7",null,"14 IPC/WASH","Catalogue",null,"Availability  and accessibility of sanitation facilities  for infants, children and young adolescents that are adapted for their use, segregated by sex for older children, appropriately lit and accessible to people with limited mobility"," The health facility has sanitation facilities (e.g. pans, toilets, latrines) on the premises for infants, children and young adolescents that are adapted for their use (with, e.g. smaller seats or latrines, child-sized bed pans), segregated by sex for older children, appropriately lit and accessible to people with limited mobility. ","The health facility had sanitation facilities (e.g. pans, toilets, latrines) on the premises for infants, children and young adolescents that are adapted for their use (with, e.g. smaller seats or latrines, child-sized bed pans), segregated by sex for older children, appropriately lit and accessible to people with limited mobility during reporting period","Not applicable","Facility types, ownership","Input InfrastMedSupEquip","Both (inpatient and Outpatient)","Facility Survey:  Inventory Review","Inventory Review","Quarterly"," Meg  suggested following revision of the measure: The health facility has usable sanitation facilities (e.g. pans, toilets, latrines) on the premises for infants, children and young adolescents that are adapted for their use (with, e.g. smaller seats and step stools to reach seat or latrines with smaller drop hole, child-sized bed pans), segregated by sex for older children, appropriately lit and accessible to people with limited mobility. (91.44)"]
[8.2,8,7,"MS-7",null,"14 IPC/WASH","Catalogue",null,"Hand-washing practices  among paediatric care providers"," % of children and their families who attended/received care in the health facility who observed that the health providers washed their hands or used an alcohol rub before examining them","Number  of children and their families who attended/received care the health facility who observed that the health providers washed their hands or used an alcohol rub before examining them","Number  of children and their families who attended/received care in the health facility during the reporting period","Facility types, ownership","Process","Both (inpatient and Outpatient)","Facility Survey:  Client interview","Client Interview","Quarterly"]
[8.2,8,22,"MS-7",null,null,"Catalogue",null,"The health facility with functioning, clean, age-appropriate essential equipment and supplies for routine care and management of complications at all times in all areas for child care."," The health facility has functioning, clean, age-appropriate essential equipment and supplies for routine care and management of complications at all times in all areas for child care. ","The health facility had an inventory of medical equipment, with documentation of breakage or malfunction and dates of repair or replacement  updated during the last 3 months ","Not applicable","Facility types, ownership","Input InfrastMedSupEquip","Both (inpatient and Outpatient)","Facility Survey:  Inventory Review","Inventory Review","Quarterly","Shell we include laboratory here as well. This is similar to indicator Number 5 in the same standard"]
[8.3,8,1,"MS-7",null,null,"Catalogue",null,"Availability of an updated inventory of medical equipment","The health facility has an updated inventory of medical equipment, with documentation of breakage or malfunction and dates of repair or replacement. ","The health facility had a list of inventory of medical equipment, with documentation of breakage or malfunction and dates of repair or replacement updated during the last 3 months","Not applicable","Facility types, ownership","Input Over&Man","Both (inpatient and Outpatient)","Facility Survey:  Inventory Review","Inventory Review","Quarterly"]
[8.3,8,9,"MS-7",null,null,"Catalogue",null,"Availability of oxygen source and delivery method","Number  of days  during the last 3 months per calendar year during which an oxygen source and delivery were not available. ","Number  of days  during which an 1)  oxygen source, 2) oxygen  concentrator and 3)  nasal prongs and/or nasal or nasopharyngeal catheters  were not available during the last 3 months","Not applicable","Facility types, ownership","Input InfrastMedSupEquip","Inpatient","Facility Survey:  Inventory Review","Inventory Review","Quarterly","Similar indicator exists in Standard 8.4"]
[8.3,8,13,"MS-7",null,null,"Catalogue",null,"Availability of an on-site pharmacy with trained pharmacists or dispensers, who maintain an essential list of child-appropriate medicines and supplies, adequate stocks and an efficient stock management system. ","The health facility has an on-site pharmacy with trained pharmacists or dispensers available during all facility operating hours, who maintain an essential list of child-appropriate medicines and supplies, adequate stocks and an efficient stock management system. (95.08)","The health facility has an on-site pharmacy with trained pharmacists or dispensers available during all facility operating hours, who maintain an essential list of child-appropriate medicines and supplies, adequate stocks and an efficient stock management system","Not applicable","Facility types, ownership","Input Ser Avail","Both (inpatient and Outpatient)","Facility Survey:  Inventory Review","Inventory Review","Quarterly"]
[8.4,8,2,"MS-7",null,null,"Catalogue",null,"Availability of supplies of emergency and prereferral medicines for severely ill children. ","The health facility has supplies of emergency and prereferral medicines that are readily accessible for severely ill children.","The health facility had supplies of emergency and prereferral medicines  without stock outs during the reporting period: For Outpatient facilities:  1)  Inj. Ampicillin or benzyl penicillin , 2) Inj. Gentamycin 3)  amoxicillin   ciprofloxacin 4)  Ceftriaxone 5) artesunate or quinine 6) cup and spoons 7) nasogastric tube, 8) ORS 9) zinc sulfate, 10) Vit A,  11) diazepam 12) RUTF; 13) Budesonide Inhalation (aerosol);  14) ibuprofen 15) Paracetamol  In addition, for inpatient facilities:16) Oxygen, 17)  Oxygen  concentrator and nasal prongs, 18) Morphine, 19) Salbutamol Injection, 20) Epinephrine (adrenaline), 21) Dexamethasone Injection, 22) benzyl penicillin, 23) Ceftriaxone 24)  Artemether, 25) Artesunate, 26) intravenous fluids, 27) infusion sets","Not applicable","Facility types, ownership","Input InfrastMedSupEquip","Both (inpatient and Outpatient)","Facility Survey:  Inventory Review","Inventory Review","Quarterly"]
[8.4,8,3,"MS-7",null,null,"Catalogue",null,"Availability of essential laboratory supplies to support routine and emergency management of children","The health facility has essential laboratory supplies (e.g. needles, reagents, specimen bottles) to support routine and emergency management of children. ","The health facility has essential laboratory supplies for routine and emergency management of children without stock outs during the reporting period: Outpatient settings: 1) Container, sample, 50 ml; 2) Lancet, blood, safety, sterile (Sizes*) 3)  Swab, cotton-tip, tube, sterile 4) Hemoglobinometer, with accessories 5) Haemoglobin color scale (refill kit) 6) Haemoglobin color scale (starter kit) 7) Rapid Diagnostic Test (RDT) for HIV, kit; 8) Rapid Plasma Reagin (RPR), syphilis, kit, 9)  Treponema Pallidum Haemagglutination Assay (TPHA), syphilis, kit 10) blood glucometer, 11) RDT Malaria kit 12) Test strip, urinalysis (10 parameter)  in addition, for inpatient settings: 13) needle holder, vacuum tubes, sterile, 14) needle vacuum tube, sterile, 15)  paper, dry blood spot, 16)  Tube, capillary, Ethylene Diamine Tetra-acetic Acid (EDTA), 17) Tube, capillary, heparin, 18) Tube, vacuum, EDTA, sterile (capacity),19)  Tube, vacuum, plain/dry, sterile, 20) Analyzer, blood gas; 21) blood glucometer, 22) Hemoglobinometer, 23) Enzyme Immuno Assay HIV,  24) full blood count (including HB and haematocrit),  25) blood sodium measurement  26) cerebrospinal fluid microscopy, 27) blood grouping and cross-matching, 28) blood culture","Not applicable","Facility types, ownership","Input InfrastMedSupEquip","Both (inpatient and Outpatient)","Facility Survey:  Inventory Review","Inventory Review","Quarterly"," Supplies is noted in standard 8.3. We need to agree whether we want laboratory in Standar 8.3 or 8.4. "]
[8.4,8,8,"MS-7",null,null,"Core",25,"Stockouts of essential child health medications ","# of days in the past 3 months when there were stock outs of one or more essential medicines (see annex 1 for list of essential child health medications)","Total number of days with stock outs of one or more essential medicines. For outpatient facilities, essential medicines include:  Specifically: Outpatient: 1) Vitamin A, 2) Ferrous salt, 3) Mebendazole Tablet, 4) zinc sulfate,  5) Low osmolarity ORS (245 mOsm/L), 6) RUTF, 7)  Ibuprofen, 8) paracetamol, 9) diazepam,  10) Budesonide Inhalation (aerosol), 11) amoxicillin, 12) inj ampicillin, 13) gentamicin 14) ciprofloxacin, 15) amodiaquine,16) Artesunate  tablet and 17) rectal capsules, 18) artemether + lumefantrine. In addition, for inpatient settings: 20) oxygen and 21) pulse oximeter, 22) Morphine, 23) Salbutamol Injection, 24) Epinephrine (adrenaline) inj, 25) Dexamethasone Injection or oral, 26) Benzylpenicillin; 27) Ceftriaxone, 28) Artemether, 29) Artesunate inj, 30) IV solutions ","N/A","By types of medications, by inpatient/outpatient, ownership","Inputs","Both (inpatient and outpatient) (inpatient and outpatient)","Facility Survey:  Inventory Review","Inventory review or facility-in charge interview","Quarterly","Note: detailed list of medications, formulations and doses are provided on the annex 1"]
[8.4,8,11,"MS-7",null,null,"Catalogue",null," Days in the past 3 months when there was a stock out of blood. ","Number  of days with stock outs of blood in health facility during the reporting period","Number  of days with stock outs of blood in health facility during the reporting period","Not applicable","Facility types, ownership","Input InfrastMedSupEquip","Inpatient","Facility Survey:  Inventory Review","Inventory Review","Quarterly"]
[8.4,8,"new","MS-7",null,null,"Catalogue",null,"Availability of clinical guidelines nesessary for care of newborns, children and young adolescents ","The health facility has all clinical guidelines nesessary for care of newborns, children and young adolescents relevant to the level of care (inpatient and/or outpaitnet)"," The health facility has written, up-to-date clinical protocols for assessing, identifying and appropriately managing 1) newborns and young infants with PSBI, 2) local infections, 3)  jaundice, 4) identifying and managing children with cough or difficult breathing,5)  identifying and managing childrren with diarrhoe, and dehydration or dysentery, 6)  have rehydration algorithms and plan A, B and C charts, 7) identifying and managing children with fever, 8) identification and management of children with acute malnutrition and 9) anaemia, 10) assessing and managing children with suspected TB infection, 11)  HIV infection, 11) guidelines for providing routine child immunization services, 12) screening, managing and ensuring the continuity of care in the community for children with common chronic condition (e.g. Asthma), 13) emergency triage and assessment and 14) appropriate case management of paediatric trauma and 15) surgical conditions , consistent with WHO guideline","Not applicable","Inpatient/outpatient, ownership","Input ClinGuidelin","Both (inpatient and Outpatient)","Facility Survey:  Inventory Review","Inventory Review","Quarterly","As discussed, we need  to have one measure that collectively describes all relevant paediatric  clinical guidelines to be available in health facilities. Therefore, adding this measure was proposed. "]

{"sheet":"Lists","index":4,"n_rows":76,"n_cols":30,"rows_kept":76,"hidden":true}
["Clinical Areas","Full Name",{"$nulls":7},"Proposed service level (inpatient & outpatient)",null,"Proposed data source ",{"$nulls":3},"Faiclity level",null,"Ownership",null,"Location",null,"Level of services",null,null,"is the medication available at a day of the assessment? ",{"$nulls":4},"Type of interview"]
["1 ASB/ETAT/Asses/class/full","All sick babies (ASB): ETAT and full assessment &classification",{"$nulls":7},"Inpatient",null,"Routine HMIS",{"$nulls":3},"Health center/clinic",null,"Public/Govnt",null,"Urban",null,"Inpatient and outpatient",null,null,"yes, reported by faclity- incharge"]
["2 SickYI/Pret/Small","Care of preterm, small and sick young infants (Sick YI) (after childbirth-59 days)",{"$nulls":7},"Both",null,"Facility registry or medical records",{"$nulls":3},"Referral Hospital",null,"Private Not for Profit",null,"Rural",null,"Outpatient only",null,null,"yes, verified by  data collector",{"$nulls":4},"Inpatient exit interview with caregiver"]
["3 ASB/Cough/Breath","Cough or difficulty breathing (assessment, classification and treatment)",{"$nulls":7},"Outpatient",null,"Facility registry or medical records or caregiver card",{"$nulls":3},"General Hospital",null,"Private for Profit",{"$nulls":6},"Available but not in reccomended dose",{"$nulls":4},"Outpatient exit interview with caregiver"]
["4 ASB/Diarrhoea","Diarroea (assessment, classification and treatment)",{"$nulls":9},"Facility documentation",{"$nulls":3},"Health Post",null,"Mission or Faith based",{"$nulls":6},"Not available",{"$nulls":4},"Inpatient exit interview with child"]
["5 ASB/Asses/Clas/Man/Fever","Fever: assessment, classification and treatment",{"$nulls":9},"Client Exit interview",{"$nulls":3},"Maternal-child health clinic",null,"other",{"$nulls":11},"Outpatient exit interview with child"]
["6 RCEB/Nutr/Growth ","Routine care of every baby (RCEB): nutrition/feeding assessment, growth monitoring and counselling",{"$nulls":9},"Provider interviews",{"$nulls":3},"Other"]
["7 ASB/Malnut/Anem","Acute malnutrition and Anemia: assessment, classification and treatment",{"$nulls":9},"Facility documentation, Inventory review or facility-in charge interview"]
["8 ASB/TB/HIV","TB and HIV"]
["9 RCEB/Vaccin/VitA","Routine care of every baby: Vaccination and VIt A assessment and provision"]
["10 ASB/Chronic/Con","Children with chronic conditions (Asthma, Diabetes, cardiac disease, epilepsy, sickle cel disease, cerebral pulsy)"]
["12 Surg/injur ","Surgical care (assessment and treatment)"]
["13 Support/Sick","Supportive care of sick babies"]
["14 IPC/WASH","Infection Prevention and Control/Water, Sanitation and Hygiene "]
["15 Prev/unnes/harm","Cross-cutting: Prevention of unnecessary and harmful practices"]
["16 Other/Local/Inf","Other Infectious diseases and local infections"]
["17 IMNCI","Integrated Management of Newborn and Childhood Illness"]
[]
[]
[]
[]
[]
["Service Settings"]
["Inpatient"]
["Outpatient"]
["Both"]
[]
[]
["Measurement Domains","Full Name"]
["Provision Of Care","  EB practices for routine care of children and management of illness (Standard 1)"]
["Supporting systems","  Supporting facility level health systems relevant to paediatric care (Standard 2, 3, 7 and 8)"]
["Experience"," Child and family-centered practices/experience of care (Standard 4, 5 and 6)"]
[]
[]
[]
[]
["SystemCategories","Full Name"]
["Input InfrastMedSupEquip","Medicines, supplies and equipment, infrastructure"]
["Input ClinGuidelin","Clinical guidelines, protocols, job aides"]
["Input OperGuide","Operational guidelines, protocols in place"]
["Input HumRes","Human resources"]
["Input Ser Avail","Health Care Services (availability)"]
["Input Financing","Health Financing"]
["Input Heal&Sys","Health Information system"]
["Input OrgCare","Organization of care processes (including information exchange, care coordination and referral)"]
["Input Over&Man","Oversight and management"]
["Input QI","Team Problem Solving/QI"]
["Process","Adherence with EB practices, non-EB, harmful practices"]
["Outcome","Care outcome"]
["Impact","No disease specific Impact"]
[]
["Preferred Data Source","Full Name"]
["InR","Input Review through Informant Interview  or observation ",{"$nulls":5},"InRInI"]
["Prov","Provider Interview",{"$nulls":5},"Prov"]
["Client","Client Interview",{"$nulls":5},"Pat"]
["RIS","Routine Information Systems",{"$nulls":5},"Doc"]
["Obs "," Clinical Observation",{"$nulls":5},"Obs"]
[]
[]
["Subdomains","Full Name"]
["Inputs","Inputs"]
["Adherence","Adherence with EB practices, non-EB, harmful practices"]
["Outcomes","Care outcomes"]
["InfSyst","Actionable information systems"]
["Referral","Functioning referral"]
["HR","Human resources"]
["PhysRes","Physical resources"]
["Communication","Effective communication and meaningful participation (St 4)"]
["RespRights","Respect, protection and fulfillment of child rights (St 5)"]
["EmotPsych","Emotional and psychological support (St 6)"]
[]
[]
["Measurement Frequency","Full Name"]
["Monthly","Monthly"]
["Quarterly","Quarterly"]
["Annually","Annually"]

{"sheet":"MS-1 Domain 1 Weights","index":5,"n_rows":11,"n_cols":3,"rows_kept":11,"hidden":true}
["System Categories","Subdomain","Proposed Weights"]
["Input InfrastMedSupEquip","MS-1",1]
["Input ClinGuidelin","MS-1",0.3]
["Input OperGuide","MS-1",0.3]
["Input HumRes","MS-1",0.7]
["Input Ser Avail","MS-1",1]
["Input Financing","MS-1",0.3]
["Input Heal&Sys","MS-1",0.4]
["Input OrgCare","MS-1",0.7]
["Input Over&Man","MS-1",0.5]
["Input QI","MS-1",0.7]

{"sheet":"MS-8,9,10 Domain 3 Weights","index":6,"n_rows":5,"n_cols":2,"rows_kept":5,"hidden":true}
["Domain 3 Importance Sub Criteria","Proposed Weights"]
["Participation",0.3]
["Patient Reported",0.2]
["No Harm",0.3]
["Patient's Right",0.2]

{"sheet":"list of QSs and Quality Statem","index":7,"n_rows":44,"n_cols":4,"rows_kept":44}
["Quality standards: statements by standards and domains"]
["Domain","Standard","Code","Quality Statement"]
["Provision of care","Standard 1"," 1.1","All children are triaged and promptly assessed for emergency and priority signs, resuscitated and receive appropriate care according to WHO guidelines."]
["Provision of care","Standard 1"," 1.2","All newborns especially small babies and sick young infants are thoroughly assessed for possible serious bacterial infection or disease, and receive appropriate care according to WHO guidelines."]
[]
["Provision of care","Standard 1"," 1.3","All children with cough or difficult breathing are correctly assessed, classified, investigated, and receive appropriate care and/or antibiotics for pneumonia according to WHO guidelines."]
["Provision of care","Standard 1"," 1.4","All children with diarrhoea are correctly assessed, classified and receive appropriate rehydration plan and care including continued feeding according to WHO guidelines"]
["Provision of care","Standard 1"," 1.5","All children with fever are correctly assessed, investigated, classified, and receive appropriate care according to WHO guidelines."]
["Provision of care","Standard 1"," 1.6","All infants and young children are assessed for growth, breast-feeding and nutrition, and their carers receive appropriate nutritional support and counselling according to WHO guidelines."]
["Provision of care","Standard 1"," 1.7","All children at risk of acute malnutrition and anaemia are correctly assessed, classified, and receive appropriate care according to WHO guidelines."]
["Provision of care","Standard 1"," 1.8","All children at risk of tuberculosis and/or HIV infections are correctly assessed, investigated and receive appropriate management according to WHO guidelines."]
[]
["Provision of care","Standard 1"," 1.9","All children are assessed and checked for immunization and vitamin A status and receive appropriate vaccinations according to expanded programme for immunization guidelines."]
["Provision of care","Standard 1"," 1.10","All children with chronic conditions receive appropriate care, are sufficiently informed about their condition(s), and they and their families are supported to optimize their health, development, and quality of life."]
["Provision of care","Standard 1"," 1.11","All children are screened for risk factors of maltreatment including neglect and violence, and receive appropriate prevention, protection, and care."]
["Provision of care","Standard 1"," 1.12","All children are screened for surgical emergencies and injury and receive appropriate surgical care."]
["Provision of care","Standard 1"," 1.13","All sick children receive adequate monitoring, periodic clinical reassessment, and supportive care according to WHO guidelines with attention directed to the most seriously ill."]
["Provision of care","Standard 1"," 1.14","All children receive care according to standard precautions for preventing health-care associated infections."]
["Provision of care","Standard 1"," 1.15","All children are appropriately screened for risk factors and protected from unnecessary or harmful practices during their care"]
["Provision of care","Standard 2"," 2.1","Every child has a complete, accurate, standardized up-to-date medical record, which is accessible during the process of care, on discharge and follow-up"]
["Provision of care","Standard 2"," 2.2","Every health facility has a mechanism for data collection, analysis and feedback as part of its activities for monitoring and improving performance"]
["Provision of care","Standard 2"," 2.3","Every health facility has a mechanism in place to collect, analyze and provide feedback on services provided and the care as perceived by the child and their families"]
["Provision of care","Standard 3"," 3.1","Every child is appropriately assessed to determine whether referral is required, and the decision to refer is made without delay"]
["Provision of care","Standard 3"," 3.2","Every child who requires referral receives seamless coordinated care and the referral follows a plan that can be implemented in a timely manner."]
["Provision of care","Standard 3"," 3.3","For every child referred and/ counter referred within or between health facilities, there is appropriate information exchange, and feedback to relevant health care staff"]
["Experience of care","Standard 4"," 4.1","All children and their carers have effective interactions with staff, are given information about their illness and care offered to enable them understand and cope with their condition and the treatment needed."]
["Experience of care","Standard 4"," 4.2","All children and their carers experience coordinated care, with clear, accurate information exchange between relevant health and social care professionals, and other staff."]
["Experience of care","Standard 4","Indicator 1","All children and their carers are enabled to actively participate in the process of their care, in decision making, in exercising the right to informed consent and choice in accordance with their evolving capacities."]
["Experience of care","Standard 4"," 4.4","All children based on their capacities, and their carers receive appropriate counselling and health education about their current illness, and on promotion of their health and wellbeing."]
["Experience of care","Standard 5"," 5.1","All children have the right to access health care and services without discrimination of any kind."]
["Experience of care","Standard 5"," 5.2","All children and their carers are made aware of and provided information about their rights to health and healthcare."]
["Experience of care","Standard 5"," 5.3","All children and their carers are cared for with respect and dignity, and their right to privacy and confidentiality is respected."]
["Experience of care","Standard 5"," 5.4","All children are protected from any human rights violations, physical or mental violence, injury, abuse, neglect or any other form of maltreatment."]
["Experience of care","Standard 5"," 5.5","All children have access to safe and adequate nutrition during their care in the facility, that is appropriate for both their age and health condition."]
["Experience of care","Standard 6"," 6.1","Every child is allowed to be with their carers, and the role of carers is recognised and supported at all times during the process of care, including rooming in during the course of admission."]
["Experience of care","Standard 6"," 6.2","Every child and their families are provided with emotional support that is sensitive to their needs with opportunities for play, education and learning that stimulates and strengthens their capabilities."]
["Experience of care","Standard 6"," 6.3","Every child is routinely assessed for any presence of pain and distressing symptoms, and receives appropriate management according to WHO guidelines."]
["Cross-cutting","Standard 7"," 7.1","Every child has access at all times to sufficient medical and support staff for routine care and management of sick children"]
["Cross-cutting","Standard 7"," 7.2","Health professionals and support staff have appropriate set of skills mix to meet the special health, psychological, developmental, communication, and cultural needs of children"]
["Cross-cutting","Standard 7"," 7.3","Every health facility has managerial leadership that collectively develops, implements, and monitors appropriate policies and legal entitlements that foster an environment that supports continuous quality improvement."]
["Cross-cutting","Standard 8"," 8.1","Children are cared for in a well-maintained, safe, secure physical environment with adequate energy supply and appropriately designed, furnished and decorated to meet their needs, preferences and child’s developmental age."]
["Cross-cutting","Standard 8"," 8.2","Water, sanitation, hand hygiene and waste disposal facilities are child-friendly, easily accessible, functional, reliable, safe and sufficient to meet the needs of staff, children and their families."]
["Cross-cutting","Standard 8"," 8.3","Children and young adolescents are cared for utilizing equipment that is specifically designed to meet their needs, size, development age, learning, recreational and play needs."]
["Cross-cutting","Standard 8"," 8.4","Adequate and child-friendly stock of medicines and medical supplies are available for the routine care and management acute and chronic childhood illnesses or conditions."]